{"text_format":"1","workbook":"xlsx","n_sheets":14,"sheets":["Resumo","Cronograma","Medição","Planilha de Orçamento","Relatorio de Composicoes","Curva ABC - Insumos","Curva ABC - Composições","Total Por Tipo","Relatorio de Composições","Composições por Tipo","Composições","Insumos","Tipos","Sobre"],"not_rendered":{"charts":0,"images":1,"macros":1,"external_links":4,"defined_names":30,"comments":0,"pivot_tables":7},"unopened":[],"bounds":{"document_bytes":16777216,"sheet_cells":100000,"rows_first":2000,"rows_last":500,"rows_between":2000,"halvings":0,"cell_chars":16384,"cell_head_chars":4096},"cells_cut":0,"cells_raw":0,"read":"whole","date_system":"1900"}

{"sheet":"Resumo","index":0,"n_rows":26,"n_cols":3,"rows_kept":26,"cut":false,"hidden":false,"merged":[]}
[]
["Unid.","(vazio)"]
[]
["Total Por Macro "]
["Cód. Tarefa","Descrição","Total"]
["001","CASA TERREA A = 52,57 m²",61614.045262992018]
["001.01","SERVIÇOS PRELIMINARES",2369.6295316000001]
["001.02","FUNDACOES",3849.1523804000012]
["001.03","ESTRUTURA",6371.5980191999997]
["001.04","ALVENARIA",9506.4795080000004]
["001.05","COBERTURA",7330.9157287999988]
["001.06","ESQUADRIAS",2961.5169467999999]
["001.07","IMPERMEABILIZACAO",584.98912859999996]
["001.08","REVESTIMENTO",9293.3770842999984]
["001.08.01","REVESTIMENTO INTERNO",5178.8108063]
["001.08.02","REVESTIMENTO EXTERNO",4114.5662779999993]
["001.09","REVESTIMENTO DE PISO",3073.865452]
["001.10","PINTURA",2710.0742066000003]
["001.11","VIDROS",594.78060000000005]
["001.12","INSTALACOES ELETRICAS",2424.9905000000008]
["001.13","INSTALACOES HIDRAULICAS",1429.6271068000001]
["001.14","INSTALACOES SANITARIAS",1278.8357526000004]
["001.15","INSTALACOES P/ AGUA PLUVIAL",2130.5460273999997]
["001.16","LOUCAS",1146.4154599999999]
["001.17","SERVIÇOS COMPLEMENTARES",4557.2518298920004]
["001.17.05","CALCADA EXTERNA",679.53884159999996]

{"sheet":"Cronograma","index":1,"n_rows":46,"n_cols":16,"rows_kept":46,"cut":false,"hidden":false,"merged":[[8,0,9,0],[8,1,9,1],[8,2,9,2],[14,0,15,0],[14,1,15,1],[14,2,15,2],[12,0,13,0],[12,1,13,1],[12,2,13,2],[10,0,11,0],[10,1,11,1],[10,2,11,2],[18,0,19,0],[18,1,19,1],[18,2,19,2],[16,0,17,0],[16,1,17,1],[16,2,17,2],[22,0,23,0],[22,1,23,1],[22,2,23,2],[20,0,21,0],[20,1,21,1],[20,2,21,2],[26,0,27,0],[26,1,27,1],[26,2,27,2],[24,0,25,0],[24,1,25,1],[24,2,25,2],[30,0,31,0],[30,1,31,1],[30,2,31,2],[28,0,29,0],[28,1,29,1],[28,2,29,2],[34,0,35,0],[34,1,35,1],[34,2,35,2],[32,0,33,0],[32,1,33,1],[32,2,33,2],[38,0,39,0],[38,1,39,1],[38,2,39,2],[36,0,37,0],[36,1,37,1],[36,2,37,2],[44,15,45,15],[42,15,43,15],[40,0,41,0],[40,1,41,1],[40,2,41,2]]}
[null,"Planilha de Obras - Cronograma"]
[null,"Projeto: "]
[null,"Total = ",{"$f":"C43","v":61614.045262992004}]
[null,"Data Inicial",41974]
[null,"Mascara do Codigo","???.??"]
[null,"Valor","S/ BDI"]
[]
["Codigo","Descrição",{"$f":"IF($C$6=\"S/ BDI\",\"TotalPor Macro\",\"TotalPor Macro - BDI\")","v":"TotalPor Macro"},{"$f":"C4","v":"2014-12-01"},{"$f":"DATE(YEAR(D8),MONTH(D8)+1,1)","v":"2015-01-01"},{"$f":"DATE(YEAR(E8),MONTH(E8)+1,1)","v":"2015-02-01"},"2015-03-01","2015-04-01","2015-05-01","2015-06-01","2015-07-01","2015-08-01","2015-09-01","2015-10-01","2015-11-01","TOTAIS"]
["001.01",{"$f":"VLOOKUP(A9,'Planilha de Orçamento'!$B:$P,3,FALSE)","v":"SERVIÇOS PRELIMINARES"},{"$f":"VLOOKUP(A9,'Planilha de Orçamento'!$B:$P,IF(Cronograma!$C$6=\"S/ BDI\",10,15),FALSE)","v":2369.6295316000001},{"$f":"$C9*D10","v":1184.8147658},{"$f":"$C9*E10","v":1184.8147658},0,0,0,0,0,0,0,0,0,0,{"$f":"SUM(D9:O9)","v":2369.6295316000001}]
[null,null,null,0.5,0.5,null,null,null,null,null,null,null,null,null,null,1]
["001.02",{"$f":"VLOOKUP(A11,'Planilha de Orçamento'!$B:$P,3,FALSE)","v":"FUNDACOES"},{"$f":"VLOOKUP(A11,'Planilha de Orçamento'!$B:$P,IF(Cronograma!$C$6=\"S/ BDI\",10,15),FALSE)","v":3849.1523804000012},{"$f":"$C11*D12","v":0},1924.5761902000006,1924.5761902000006,0,0,0,0,0,0,0,0,0,{"$f":"SUM(D11:O11)","v":3849.1523804000012}]
[null,null,null,null,0.5,0.5,null,null,null,null,null,null,null,null,null,1]
["001.03",{"$f":"VLOOKUP(A13,'Planilha de Orçamento'!$B:$P,3,FALSE)","v":"ESTRUTURA"},{"$f":"VLOOKUP(A13,'Planilha de Orçamento'!$B:$P,IF(Cronograma!$C$6=\"S/ BDI\",10,15),FALSE)","v":6371.5980191999997},{"$f":"$C13*D14","v":0},0,1911.4794057599997,1911.4794057599997,2548.6392076800003,0,0,0,0,0,0,0,6371.5980191999997]
[null,null,null,null,null,0.3,0.3,0.4,null,null,null,null,null,null,null,1]
["001.04",{"$f":"VLOOKUP(A15,'Planilha de Orçamento'!$B:$P,3,FALSE)","v":"ALVENARIA"},{"$f":"VLOOKUP(A15,'Planilha de Orçamento'!$B:$P,IF(Cronograma!$C$6=\"S/ BDI\",10,15),FALSE)","v":9506.4795080000004},{"$f":"$C15*D16","v":0},0,0,2376.6198770000001,2376.6198770000001,2376.6198770000001,2376.6198770000001,0,0,0,0,0,9506.4795080000004]
[null,null,null,null,null,null,0.25,0.25,0.25,0.25,null,null,null,null,null,1]
["001.05",{"$f":"VLOOKUP(A17,'Planilha de Orçamento'!$B:$P,3,FALSE)","v":"COBERTURA"},{"$f":"VLOOKUP(A17,'Planilha de Orçamento'!$B:$P,IF(Cronograma!$C$6=\"S/ BDI\",10,15),FALSE)","v":7330.9157287999988},{"$f":"$C17*D18","v":0},0,0,0,0,0,0,0,0,0,3665.4578643999994,3665.4578643999994,7330.9157287999988]
[null,null,null,null,null,null,null,null,null,null,null,null,null,0.5,0.5,1]
["001.06",{"$f":"VLOOKUP(A19,'Planilha de Orçamento'!$B:$P,3,FALSE)","v":"ESQUADRIAS"},{"$f":"VLOOKUP(A19,'Planilha de Orçamento'!$B:$P,IF(Cronograma!$C$6=\"S/ BDI\",10,15),FALSE)","v":2961.5169467999999},{"$f":"$C19*D20","v":0},0,0,0,740.37923669999998,740.37923669999998,740.37923669999998,740.37923669999998,0,0,0,0,2961.5169467999999]
[null,null,null,null,null,null,null,0.25,0.25,0.25,0.25,null,null,null,null,1]
["001.07",{"$f":"VLOOKUP(A21,'Planilha de Orçamento'!$B:$P,3,FALSE)","v":"IMPERMEABILIZACAO"},{"$f":"VLOOKUP(A21,'Planilha de Orçamento'!$B:$P,IF(Cronograma!$C$6=\"S/ BDI\",10,15),FALSE)","v":584.98912859999996},{"$f":"$C21*D22","v":146.24728214999999},146.24728214999999,0,116.99782571999999,116.99782571999999,58.498912859999997,0,0,0,0,0,0,584.98912859999996]
[null,null,null,0.25,0.25,null,0.2,0.2,0.1,null,null,null,null,null,null,0.99999999999999989]
["001.08",{"$f":"VLOOKUP(A23,'Planilha de Orçamento'!$B:$P,3,FALSE)","v":"REVESTIMENTO"},{"$f":"VLOOKUP(A23,'Planilha de Orçamento'!$B:$P,IF(Cronograma!$C$6=\"S/ BDI\",10,15),FALSE)","v":9293.3770842999984},{"$f":"$C23*D24","v":0},0,0,0,0,2788.0131252899996,2788.0131252899996,3717.3508337199996,0,0,0,0,9293.3770842999984]
[null,null,null,null,null,null,null,null,0.3,0.3,0.4,null,null,null,null,1]
["001.09",{"$f":"VLOOKUP(A25,'Planilha de Orçamento'!$B:$P,3,FALSE)","v":"REVESTIMENTO DE PISO"},{"$f":"VLOOKUP(A25,'Planilha de Orçamento'!$B:$P,IF(Cronograma!$C$6=\"S/ BDI\",10,15),FALSE)","v":3073.865452},{"$f":"$C25*D26","v":0},0,0,0,0,0,768.466363,768.466363,1536.932726,0,0,0,3073.865452]
[null,null,null,null,null,null,null,null,null,0.25,0.25,0.5,null,null,null,1]
["001.10",{"$f":"VLOOKUP(A27,'Planilha de Orçamento'!$B:$P,3,FALSE)","v":"PINTURA"},{"$f":"VLOOKUP(A27,'Planilha de Orçamento'!$B:$P,IF(Cronograma!$C$6=\"S/ BDI\",10,15),FALSE)","v":2710.0742066000003},{"$f":"$C27*D28","v":0},0,0,0,0,0,0,0,0,1355.0371033000001,1355.0371033000001,0,2710.0742066000003]
[null,null,null,null,null,null,null,null,null,null,null,null,0.5,0.5,null,1]
["001.11",{"$f":"VLOOKUP(A29,'Planilha de Orçamento'!$B:$P,3,FALSE)","v":"VIDROS"},{"$f":"VLOOKUP(A29,'Planilha de Orçamento'!$B:$P,IF(Cronograma!$C$6=\"S/ BDI\",10,15),FALSE)","v":594.78060000000005},{"$f":"$C29*D30","v":0},0,0,0,0,0,0,0,0,297.39030000000002,297.39030000000002,0,594.78060000000005]
[null,null,null,null,null,null,null,null,null,null,null,null,0.5,0.5,null,1]
["001.12",{"$f":"VLOOKUP(A31,'Planilha de Orçamento'!$B:$P,3,FALSE)","v":"INSTALACOES ELETRICAS"},{"$f":"VLOOKUP(A31,'Planilha de Orçamento'!$B:$P,IF(Cronograma!$C$6=\"S/ BDI\",10,15),FALSE)","v":2424.9905000000008},{"$f":"$C31*D32","v":0},0,0,242.4990500000001,242.4990500000001,484.99810000000019,484.99810000000019,727.49715000000026,0,242.4990500000001,0,0,2424.9905000000008]
[null,null,null,null,null,null,0.1,0.1,0.2,0.2,0.3,null,0.1,null,null,1.0000000000000002]
["001.13",{"$f":"VLOOKUP(A33,'Planilha de Orçamento'!$B:$P,3,FALSE)","v":"INSTALACOES HIDRAULICAS"},{"$f":"VLOOKUP(A33,'Planilha de Orçamento'!$B:$P,IF(Cronograma!$C$6=\"S/ BDI\",10,15),FALSE)","v":1429.6271068000001},{"$f":"$C33*D34","v":0},0,0,142.96271068000001,142.96271068000001,285.92542136000003,285.92542136000003,428.88813204000002,0,142.96271068000001,0,0,1429.6271068000003]
[null,null,null,null,null,null,0.1,0.1,0.2,0.2,0.3,null,0.1,null,null,1.0000000000000002]
["001.14",{"$f":"VLOOKUP(A35,'Planilha de Orçamento'!$B:$P,3,FALSE)","v":"INSTALACOES SANITARIAS"},{"$f":"VLOOKUP(A35,'Planilha de Orçamento'!$B:$P,IF(Cronograma!$C$6=\"S/ BDI\",10,15),FALSE)","v":1278.8357526000004},{"$f":"$C35*D36","v":0},0,0,127.88357526000004,127.88357526000004,255.76715052000009,255.76715052000009,383.65072578000013,0,127.88357526000004,0,0,1278.8357526000004]
[null,null,null,null,null,null,0.1,0.1,0.2,0.2,0.3,null,0.1,null,null,1.0000000000000002]
["001.15",{"$f":"VLOOKUP(A37,'Planilha de Orçamento'!$B:$P,3,FALSE)","v":"INSTALACOES P/ AGUA PLUVIAL"},{"$f":"VLOOKUP(A37,'Planilha de Orçamento'!$B:$P,IF(Cronograma!$C$6=\"S/ BDI\",10,15),FALSE)","v":2130.5460273999997},{"$f":"$C37*D38","v":0},0,0,213.05460273999998,213.05460273999998,426.10920547999996,426.10920547999996,639.16380821999985,0,213.05460273999998,0,0,2130.5460273999997]
[null,null,null,null,null,null,0.1,0.1,0.2,0.2,0.3,null,0.1,null,null,1.0000000000000002]
["001.16",{"$f":"VLOOKUP(A39,'Planilha de Orçamento'!$B:$P,3,FALSE)","v":"LOUCAS"},{"$f":"VLOOKUP(A39,'Planilha de Orçamento'!$B:$P,IF(Cronograma!$C$6=\"S/ BDI\",10,15),FALSE)","v":1146.4154599999999},{"$f":"$C39*D40","v":0},0,0,0,0,0,0,0,0,573.20772999999997,573.20772999999997,0,1146.4154599999999]
[null,null,null,null,null,null,null,null,null,null,null,null,0.5,0.5,null,1]
["001.17",{"$f":"VLOOKUP(A41,'Planilha de Orçamento'!$B:$P,3,FALSE)","v":"SERVIÇOS COMPLEMENTARES"},{"$f":"VLOOKUP(A41,'Planilha de Orçamento'!$B:$P,IF(Cronograma!$C$6=\"S/ BDI\",10,15),FALSE)","v":4557.2518298920004},{"$f":"$C41*D42","v":0},0,0,0,0,0,0,0,0,0,4557.2518298920004,0,4557.2518298920004]
[null,null,null,null,null,null,null,null,null,null,null,null,null,1,null,1]
[null,"Total",{"$f":"SUMIF($A:$A,$C$5,C:C)","v":61614.045262992004},1331.0620479500001,3255.6382381500007,3836.0555959600006,5131.49704716,6509.0360857799997,7416.31102921,8126.2784793500005,7405.39624946,1536.932726,2952.0350719800003,10448.344827592,3665.4578643999994,{"$f":"O44","v":61614.045262991996}]
[null,null,"Total Acumulada",{"$f":"SUM(D43:$D43)","v":1331.0620479500001},{"$f":"SUM($D43:E43)","v":4586.700286100001},{"$f":"SUM($D43:F43)","v":8422.7558820600025},{"$f":"SUM($D43:G43)","v":13554.252929220002},{"$f":"SUM($D43:H43)","v":20063.289015000002},{"$f":"SUM($D43:I43)","v":27479.600044210001},{"$f":"SUM($D43:J43)","v":35605.878523560001},{"$f":"SUM($D43:K43)","v":43011.274773019999},{"$f":"SUM($D43:L43)","v":44548.207499019998},{"$f":"SUM($D43:M43)","v":47500.242570999995},{"$f":"SUM($D43:N43)","v":57948.587398591997},{"$f":"SUM($D43:O43)","v":61614.045262991996}]
[null,null,"Porcentagem",{"$f":"D43/$C43","v":2.1603224431515976E-2},{"$f":"E43/$C43","v":5.2839222359994505E-2},{"$f":"F43/$C43","v":6.2259434185602765E-2},{"$f":"G43/$C43","v":8.3284533993131488E-2},0.10564208303475249,{"$f":"I43/$C43","v":0.12036721493539963},0.13189003326536955,{"$f":"K43/$C43","v":0.12019006734342752},2.494451905307939E-2,{"$f":"M43/$C43","v":4.7911723039440121E-2},0.16957732255680535,{"$f":"O43/$C43","v":5.9490621801481167E-2},{"$f":"O46","v":0.99999999999999989}]
[null,null,"Porcentagem Acumulada",{"$f":"SUM(D45:$D45)","v":2.1603224431515976E-2},{"$f":"SUM($D45:E45)","v":7.4442446791510478E-2},{"$f":"SUM($D45:F45)","v":0.13670188097711325},{"$f":"SUM($D45:G45)","v":0.21998641497024474},{"$f":"SUM($D45:H45)","v":0.32562849800499721},{"$f":"SUM($D45:I45)","v":0.44599571294039686},{"$f":"SUM($D45:J45)","v":0.57788574620576638},{"$f":"SUM($D45:K45)","v":0.6980758135491939},{"$f":"SUM($D45:L45)","v":0.72302033260227327},{"$f":"SUM($D45:M45)","v":0.77093205564171341},{"$f":"SUM($D45:N45)","v":0.94050937819851876},{"$f":"SUM($D45:O45)","v":0.99999999999999989}]

{"sheet":"Medição","index":2,"n_rows":109,"n_cols":10,"rows_kept":109,"cut":false,"hidden":false,"merged":[[4,3,4,4],[1,3,1,4],[1,5,1,6],[2,3,2,4],[2,5,2,6],[3,3,3,4],[3,5,3,6]]}
[null,"Planilha de Obras - Medição"]
[null,"Projeto: ",null,"Previsto",null,{"$f":"HLOOKUP(DATE(YEAR($C$4),MONTH($C$4),1),INDIRECT(\"Cronograma!8:\"&MATCH(\"Porcentagem Acumulada\",Cronograma!C:C,0)),MATCH(\"Porcentagem Acumulada\",Cronograma!C:C,0)-7,FALSE)*$C$3","v":1331.0620479500003},null,{"$f":"F2/$C$3","v":2.1603224431515976E-2}]
[null,"Total = ",{"$f":"IF(Medição!C$5=\"S/ BDI\",'Planilha de Orçamento'!H4,'Planilha de Orçamento'!H5)","v":61614.045262992018},"Executado",null,{"$f":"SUM(MEDICAO[Valor Parc.])","v":0},null,{"$f":"F3/$C$3","v":0}]
[null,"Data Med",41980,"Á Executar",null,{"$f":"C3-F3","v":61614.045262992018},null,{"$f":"F4/$C$3","v":1}]
[null,"Valor","S/ BDI"]
[]
["Cód. Tarefa","Comp.","Descrição","%\nExecutada","Quant.","Unid.","Valor Unit.","Valor Parc.","Total","%"]
["001",0,"CASA TERREA A = 52,57 m²",null,{"$f":"VLOOKUP(A8,PLANILHA_TAREFA[[Cód. Tarefa]:[Total\nPor Macro - BDI]],4,FALSE)","v":1},0,{"$f":"IF(Medição!C$5=\"S/ BDI\",VLOOKUP(A8,'Planilha de Orçamento'!B:P,6,FALSE),(1+VLOOKUP(A8,'Planilha de Orçamento'!B:P,13,FALSE))*VLOOKUP(A8,'Planilha de Orçamento'!B:P,6,FALSE))","v":0},{"$f":"G8*IF(AND(D8*E8=0,F8=\"\"),1,(D8)*E8)*SUMIF(A:A,MID(A8,1,IF(ISERR(FIND(\".\",A8,1))=TRUE,LEN(A8),FIND(\".\",A8,1)-1)),E:E)","v":0},{"$f":"IF(F8=0,SUMIF(MEDICAO[Cód. Tarefa],\"=\"&A8&\".\"&\"*\",MEDICAO[Valor Parc.]),0)","v":0},{"$f":"IF(F8=\"\",I8/SUMIF(A:A,\"=\"&MID(A8,1,IF(ISEVEN(LEN(A8)),LEN(A8)-3,LEN(A8)-2))&\"*\",H:H),H8/SUMIF(A:A,\"=\"&MID(A8,1,IF(ISEVEN(LEN(A8)),LEN(A8)-3,LEN(A8)-2))&\"*\",H:H))","v":{"$error":"#DIV/0!"}}]
["001.01",0,"SERVIÇOS PRELIMINARES",null,{"$f":"VLOOKUP(A9,PLANILHA_TAREFA[[Cód. Tarefa]:[Total\nPor Macro - BDI]],4,FALSE)","v":0},0,{"$f":"IF(Medição!C$5=\"S/ BDI\",VLOOKUP(A9,'Planilha de Orçamento'!B:P,6,FALSE),(1+VLOOKUP(A9,'Planilha de Orçamento'!B:P,13,FALSE))*VLOOKUP(A9,'Planilha de Orçamento'!B:P,6,FALSE))","v":0},0,{"$f":"IF(F9=0,SUMIF(MEDICAO[Cód. Tarefa],\"=\"&A9&\".\"&\"*\",MEDICAO[Valor Parc.]),0)","v":0},{"$error":"#DIV/0!"}]
["001.01.01","000020","LOCACAO DA OBRA",null,{"$f":"VLOOKUP(A10,PLANILHA_TAREFA[[Cód. Tarefa]:[Total\nPor Macro - BDI]],4,FALSE)","v":52.57},"M2",{"$f":"IF(Medição!C$5=\"S/ BDI\",VLOOKUP(A10,'Planilha de Orçamento'!B:P,6,FALSE),(1+VLOOKUP(A10,'Planilha de Orçamento'!B:P,13,FALSE))*VLOOKUP(A10,'Planilha de Orçamento'!B:P,6,FALSE))","v":4.5118800000000006},0,{"$f":"IF(F10=0,SUMIF(MEDICAO[Cód. Tarefa],\"=\"&A10&\".\"&\"*\",MEDICAO[Valor Parc.]),0)","v":0},{"$error":"#DIV/0!"}]
["001.01.02","300574","TERRAPLENAGEM - LIMPEZA,BEM COMO,REMOCAO DO SOLO VEGETAL NA ESP.MEDIA DE 10CM,CARGA E TRAN",null,{"$f":"VLOOKUP(A11,PLANILHA_TAREFA[[Cód. Tarefa]:[Total\nPor Macro - BDI]],4,FALSE)","v":125},"M2",{"$f":"IF(Medição!C$5=\"S/ BDI\",VLOOKUP(A11,'Planilha de Orçamento'!B:P,6,FALSE),(1+VLOOKUP(A11,'Planilha de Orçamento'!B:P,13,FALSE))*VLOOKUP(A11,'Planilha de Orçamento'!B:P,6,FALSE))","v":2},0,{"$f":"IF(F11=0,SUMIF(MEDICAO[Cód. Tarefa],\"=\"&A11&\".\"&\"*\",MEDICAO[Valor Parc.]),0)","v":0},{"$error":"#DIV/0!"}]
["001.01.03","300571","TERRAPLENAGEM - CORTE DE MATERIAL DE 1ª CATEGORIA",null,{"$f":"VLOOKUP(A12,PLANILHA_TAREFA[[Cód. Tarefa]:[Total\nPor Macro - BDI]],4,FALSE)","v":63},"M3",{"$f":"IF(Medição!C$5=\"S/ BDI\",VLOOKUP(A12,'Planilha de Orçamento'!B:P,6,FALSE),(1+VLOOKUP(A12,'Planilha de Orçamento'!B:P,13,FALSE))*VLOOKUP(A12,'Planilha de Orçamento'!B:P,6,FALSE))","v":4.58},0,{"$f":"IF(F12=0,SUMIF(MEDICAO[Cód. Tarefa],\"=\"&A12&\".\"&\"*\",MEDICAO[Valor Parc.]),0)","v":0},{"$error":"#DIV/0!"}]
["001.01.04","300573","TERRAPLENAGEM - FORNEC. DE MAT. P/ ATERRO, INCLUINDO CORTE,CARGA,TRANS",null,{"$f":"VLOOKUP(A13,PLANILHA_TAREFA[[Cód. Tarefa]:[Total\nPor Macro - BDI]],4,FALSE)","v":63},"M3",{"$f":"IF(Medição!C$5=\"S/ BDI\",VLOOKUP(A13,'Planilha de Orçamento'!B:P,6,FALSE),(1+VLOOKUP(A13,'Planilha de Orçamento'!B:P,13,FALSE))*VLOOKUP(A13,'Planilha de Orçamento'!B:P,6,FALSE))","v":25.3},0,{"$f":"IF(F13=0,SUMIF(MEDICAO[Cód. Tarefa],\"=\"&A13&\".\"&\"*\",MEDICAO[Valor Parc.]),0)","v":0},{"$error":"#DIV/0!"}]
["001.02",0,"FUNDACOES",null,{"$f":"VLOOKUP(A14,PLANILHA_TAREFA[[Cód. Tarefa]:[Total\nPor Macro - BDI]],4,FALSE)","v":0},0,{"$f":"IF(Medição!C$5=\"S/ BDI\",VLOOKUP(A14,'Planilha de Orçamento'!B:P,6,FALSE),(1+VLOOKUP(A14,'Planilha de Orçamento'!B:P,13,FALSE))*VLOOKUP(A14,'Planilha de Orçamento'!B:P,6,FALSE))","v":0},0,{"$f":"IF(F14=0,SUMIF(MEDICAO[Cód. Tarefa],\"=\"&A14&\".\"&\"*\",MEDICAO[Valor Parc.]),0)","v":0},{"$error":"#DIV/0!"}]
["001.02.01","500001","RADIER",null,{"$f":"VLOOKUP(A15,PLANILHA_TAREFA[[Cód. Tarefa]:[Total\nPor Macro - BDI]],4,FALSE)","v":69.37},"M2",{"$f":"IF(Medição!C$5=\"S/ BDI\",VLOOKUP(A15,'Planilha de Orçamento'!B:P,6,FALSE),(1+VLOOKUP(A15,'Planilha de Orçamento'!B:P,13,FALSE))*VLOOKUP(A15,'Planilha de Orçamento'!B:P,6,FALSE))","v":53.412920000000014},0,{"$f":"IF(F15=0,SUMIF(MEDICAO[Cód. Tarefa],\"=\"&A15&\".\"&\"*\",MEDICAO[Valor Parc.]),0)","v":0},{"$error":"#DIV/0!"}]
["001.02.02","500015","ARMACAO ACO CA-50 MEDIA",null,{"$f":"VLOOKUP(A16,PLANILHA_TAREFA[[Cód. Tarefa]:[Total\nPor Macro - BDI]],4,FALSE)","v":23},"KG",{"$f":"IF(Medição!C$5=\"S/ BDI\",VLOOKUP(A16,'Planilha de Orçamento'!B:P,6,FALSE),(1+VLOOKUP(A16,'Planilha de Orçamento'!B:P,13,FALSE))*VLOOKUP(A16,'Planilha de Orçamento'!B:P,6,FALSE))","v":6.2564399999999996},0,{"$f":"IF(F16=0,SUMIF(MEDICAO[Cód. Tarefa],\"=\"&A16&\".\"&\"*\",MEDICAO[Valor Parc.]),0)","v":0},{"$error":"#DIV/0!"}]
["001.03",0,"ESTRUTURA",null,{"$f":"VLOOKUP(A17,PLANILHA_TAREFA[[Cód. Tarefa]:[Total\nPor Macro - BDI]],4,FALSE)","v":0},0,{"$f":"IF(Medição!C$5=\"S/ BDI\",VLOOKUP(A17,'Planilha de Orçamento'!B:P,6,FALSE),(1+VLOOKUP(A17,'Planilha de Orçamento'!B:P,13,FALSE))*VLOOKUP(A17,'Planilha de Orçamento'!B:P,6,FALSE))","v":0},0,{"$f":"IF(F17=0,SUMIF(MEDICAO[Cód. Tarefa],\"=\"&A17&\".\"&\"*\",MEDICAO[Valor Parc.]),0)","v":0},{"$error":"#DIV/0!"}]
["001.03.01","002953","CONCRETO USINADO 20,0 MPA SLUMP CONVENCIONAL C/ LANCAMENTO",null,{"$f":"VLOOKUP(A18,PLANILHA_TAREFA[[Cód. Tarefa]:[Total\nPor Macro - BDI]],4,FALSE)","v":1.92},"M3",{"$f":"IF(Medição!C$5=\"S/ BDI\",VLOOKUP(A18,'Planilha de Orçamento'!B:P,6,FALSE),(1+VLOOKUP(A18,'Planilha de Orçamento'!B:P,13,FALSE))*VLOOKUP(A18,'Planilha de Orçamento'!B:P,6,FALSE))","v":337.45949999999999},0,{"$f":"IF(F18=0,SUMIF(MEDICAO[Cód. Tarefa],\"=\"&A18&\".\"&\"*\",MEDICAO[Valor Parc.]),0)","v":0},{"$error":"#DIV/0!"}]
["001.03.02","500015","ARMACAO ACO CA-50 MEDIA",null,{"$f":"VLOOKUP(A19,PLANILHA_TAREFA[[Cód. Tarefa]:[Total\nPor Macro - BDI]],4,FALSE)","v":221},"KG",{"$f":"IF(Medição!C$5=\"S/ BDI\",VLOOKUP(A19,'Planilha de Orçamento'!B:P,6,FALSE),(1+VLOOKUP(A19,'Planilha de Orçamento'!B:P,13,FALSE))*VLOOKUP(A19,'Planilha de Orçamento'!B:P,6,FALSE))","v":6.2564399999999996},0,{"$f":"IF(F19=0,SUMIF(MEDICAO[Cód. Tarefa],\"=\"&A19&\".\"&\"*\",MEDICAO[Valor Parc.]),0)","v":0},{"$error":"#DIV/0!"}]
["001.03.03","500016","LAJE DE FORRO PRE-FABRICADA",null,{"$f":"VLOOKUP(A20,PLANILHA_TAREFA[[Cód. Tarefa]:[Total\nPor Macro - BDI]],4,FALSE)","v":52.57},"M2",{"$f":"IF(Medição!C$5=\"S/ BDI\",VLOOKUP(A20,'Planilha de Orçamento'!B:P,6,FALSE),(1+VLOOKUP(A20,'Planilha de Orçamento'!B:P,13,FALSE))*VLOOKUP(A20,'Planilha de Orçamento'!B:P,6,FALSE))","v":59.888160000000006},0,{"$f":"IF(F20=0,SUMIF(MEDICAO[Cód. Tarefa],\"=\"&A20&\".\"&\"*\",MEDICAO[Valor Parc.]),0)","v":0},{"$error":"#DIV/0!"}]
["001.03.04","402485","FORMA DE COMPENSADO PLASTIFICADO 18,0 MM\n",null,{"$f":"VLOOKUP(A21,PLANILHA_TAREFA[[Cód. Tarefa]:[Total\nPor Macro - BDI]],4,FALSE)","v":23.83},"M2",{"$f":"IF(Medição!C$5=\"S/ BDI\",VLOOKUP(A21,'Planilha de Orçamento'!B:P,6,FALSE),(1+VLOOKUP(A21,'Planilha de Orçamento'!B:P,13,FALSE))*VLOOKUP(A21,'Planilha de Orçamento'!B:P,6,FALSE))","v":50.049599999999998},0,{"$f":"IF(F21=0,SUMIF(MEDICAO[Cód. Tarefa],\"=\"&A21&\".\"&\"*\",MEDICAO[Valor Parc.]),0)","v":0},{"$error":"#DIV/0!"}]
["001.04",0,"ALVENARIA",null,{"$f":"VLOOKUP(A22,PLANILHA_TAREFA[[Cód. Tarefa]:[Total\nPor Macro - BDI]],4,FALSE)","v":0},0,{"$f":"IF(Medição!C$5=\"S/ BDI\",VLOOKUP(A22,'Planilha de Orçamento'!B:P,6,FALSE),(1+VLOOKUP(A22,'Planilha de Orçamento'!B:P,13,FALSE))*VLOOKUP(A22,'Planilha de Orçamento'!B:P,6,FALSE))","v":0},0,{"$f":"IF(F22=0,SUMIF(MEDICAO[Cód. Tarefa],\"=\"&A22&\".\"&\"*\",MEDICAO[Valor Parc.]),0)","v":0},{"$error":"#DIV/0!"}]
["001.04.01","000780","ALVENARIA BLOCO DE CONCRETO VEDACAO - E=14,0 CM - C=39,0 CM - 03,0 MPA",null,{"$f":"VLOOKUP(A23,PLANILHA_TAREFA[[Cód. Tarefa]:[Total\nPor Macro - BDI]],4,FALSE)","v":175.64},"M2",{"$f":"IF(Medição!C$5=\"S/ BDI\",VLOOKUP(A23,'Planilha de Orçamento'!B:P,6,FALSE),(1+VLOOKUP(A23,'Planilha de Orçamento'!B:P,13,FALSE))*VLOOKUP(A23,'Planilha de Orçamento'!B:P,6,FALSE))","v":50.716300000000004},0,{"$f":"IF(F23=0,SUMIF(MEDICAO[Cód. Tarefa],\"=\"&A23&\".\"&\"*\",MEDICAO[Valor Parc.]),0)","v":0},{"$error":"#DIV/0!"}]
["001.04.02","000820","ALVENARIA BLOCO DE CONCRETO CANALETA VEDACAO - E=14,0 CM - C=39,0 CM - 03,0 MPA",null,{"$f":"VLOOKUP(A24,PLANILHA_TAREFA[[Cód. Tarefa]:[Total\nPor Macro - BDI]],4,FALSE)","v":10.38},"M2",{"$f":"IF(Medição!C$5=\"S/ BDI\",VLOOKUP(A24,'Planilha de Orçamento'!B:P,6,FALSE),(1+VLOOKUP(A24,'Planilha de Orçamento'!B:P,13,FALSE))*VLOOKUP(A24,'Planilha de Orçamento'!B:P,6,FALSE))","v":57.675200000000004},0,{"$f":"IF(F24=0,SUMIF(MEDICAO[Cód. Tarefa],\"=\"&A24&\".\"&\"*\",MEDICAO[Valor Parc.]),0)","v":0},{"$error":"#DIV/0!"}]
["001.05",0,"COBERTURA",null,{"$f":"VLOOKUP(A25,PLANILHA_TAREFA[[Cód. Tarefa]:[Total\nPor Macro - BDI]],4,FALSE)","v":0},0,{"$f":"IF(Medição!C$5=\"S/ BDI\",VLOOKUP(A25,'Planilha de Orçamento'!B:P,6,FALSE),(1+VLOOKUP(A25,'Planilha de Orçamento'!B:P,13,FALSE))*VLOOKUP(A25,'Planilha de Orçamento'!B:P,6,FALSE))","v":0},0,{"$f":"IF(F25=0,SUMIF(MEDICAO[Cód. Tarefa],\"=\"&A25&\".\"&\"*\",MEDICAO[Valor Parc.]),0)","v":0},{"$error":"#DIV/0!"}]
["001.05.01","611154","ESTRUTURA METALICA P/ TELHA  CERAMICA (EQUIP. COMUNITARIOS)",null,{"$f":"VLOOKUP(A26,PLANILHA_TAREFA[[Cód. Tarefa]:[Total\nPor Macro - BDI]],4,FALSE)","v":56.03},"M2",{"$f":"IF(Medição!C$5=\"S/ BDI\",VLOOKUP(A26,'Planilha de Orçamento'!B:P,6,FALSE),(1+VLOOKUP(A26,'Planilha de Orçamento'!B:P,13,FALSE))*VLOOKUP(A26,'Planilha de Orçamento'!B:P,6,FALSE))","v":80},0,{"$f":"IF(F26=0,SUMIF(MEDICAO[Cód. Tarefa],\"=\"&A26&\".\"&\"*\",MEDICAO[Valor Parc.]),0)","v":0},{"$error":"#DIV/0!"}]
["001.05.02","402096","TELHA DE FIBROCIMENTO ONDULADA - E = 05,0 MM",null,{"$f":"VLOOKUP(A27,PLANILHA_TAREFA[[Cód. Tarefa]:[Total\nPor Macro - BDI]],4,FALSE)","v":56.03},"M2",{"$f":"IF(Medição!C$5=\"S/ BDI\",VLOOKUP(A27,'Planilha de Orçamento'!B:P,6,FALSE),(1+VLOOKUP(A27,'Planilha de Orçamento'!B:P,13,FALSE))*VLOOKUP(A27,'Planilha de Orçamento'!B:P,6,FALSE))","v":19.238959999999999},0,{"$f":"IF(F27=0,SUMIF(MEDICAO[Cód. Tarefa],\"=\"&A27&\".\"&\"*\",MEDICAO[Valor Parc.]),0)","v":0},{"$error":"#DIV/0!"}]
["001.05.04","500468","CALHA DE CHAPA GALVANIZADA Nº 26 D = 050 CM",null,{"$f":"VLOOKUP(A28,PLANILHA_TAREFA[[Cód. Tarefa]:[Total\nPor Macro - BDI]],4,FALSE)","v":14.71},"MT",{"$f":"IF(Medição!C$5=\"S/ BDI\",VLOOKUP(A28,'Planilha de Orçamento'!B:P,6,FALSE),(1+VLOOKUP(A28,'Planilha de Orçamento'!B:P,13,FALSE))*VLOOKUP(A28,'Planilha de Orçamento'!B:P,6,FALSE))","v":26.469000000000001},0,{"$f":"IF(F28=0,SUMIF(MEDICAO[Cód. Tarefa],\"=\"&A28&\".\"&\"*\",MEDICAO[Valor Parc.]),0)","v":0},{"$error":"#DIV/0!"}]
["001.05.05","500027","CALHA TIPO RUFO EM CHAPA GALVANIZADA Nº 26 D = 030 CM",null,{"$f":"VLOOKUP(A29,PLANILHA_TAREFA[[Cód. Tarefa]:[Total\nPor Macro - BDI]],4,FALSE)","v":39.6},"MT",{"$f":"IF(Medição!C$5=\"S/ BDI\",VLOOKUP(A29,'Planilha de Orçamento'!B:P,6,FALSE),(1+VLOOKUP(A29,'Planilha de Orçamento'!B:P,13,FALSE))*VLOOKUP(A29,'Planilha de Orçamento'!B:P,6,FALSE))","v":16.187900000000003},0,{"$f":"IF(F29=0,SUMIF(MEDICAO[Cód. Tarefa],\"=\"&A29&\".\"&\"*\",MEDICAO[Valor Parc.]),0)","v":0},{"$error":"#DIV/0!"}]
["001.05.06","600226","CALHA TIPO PINGADEIRA EM CHAPA GALVANIZADA Nº 26 D = 030 CM",null,{"$f":"VLOOKUP(A30,PLANILHA_TAREFA[[Cód. Tarefa]:[Total\nPor Macro - BDI]],4,FALSE)","v":39.14},"MT",{"$f":"IF(Medição!C$5=\"S/ BDI\",VLOOKUP(A30,'Planilha de Orçamento'!B:P,6,FALSE),(1+VLOOKUP(A30,'Planilha de Orçamento'!B:P,13,FALSE))*VLOOKUP(A30,'Planilha de Orçamento'!B:P,6,FALSE))","v":18.910499999999999},0,{"$f":"IF(F30=0,SUMIF(MEDICAO[Cód. Tarefa],\"=\"&A30&\".\"&\"*\",MEDICAO[Valor Parc.]),0)","v":0},{"$error":"#DIV/0!"}]
["001.06",0,"ESQUADRIAS",null,{"$f":"VLOOKUP(A31,PLANILHA_TAREFA[[Cód. Tarefa]:[Total\nPor Macro - BDI]],4,FALSE)","v":0},0,{"$f":"IF(Medição!C$5=\"S/ BDI\",VLOOKUP(A31,'Planilha de Orçamento'!B:P,6,FALSE),(1+VLOOKUP(A31,'Planilha de Orçamento'!B:P,13,FALSE))*VLOOKUP(A31,'Planilha de Orçamento'!B:P,6,FALSE))","v":0},0,{"$f":"IF(F31=0,SUMIF(MEDICAO[Cód. Tarefa],\"=\"&A31&\".\"&\"*\",MEDICAO[Valor Parc.]),0)","v":0},{"$error":"#DIV/0!"}]
["001.06.01","500148","PORTA DE MADEIRA C/ MIOLO SEMI-OCO - 0,70 X 2,10 M - 1F S/ BATENTE",null,{"$f":"VLOOKUP(A32,PLANILHA_TAREFA[[Cód. Tarefa]:[Total\nPor Macro - BDI]],4,FALSE)","v":1},"UN",{"$f":"IF(Medição!C$5=\"S/ BDI\",VLOOKUP(A32,'Planilha de Orçamento'!B:P,6,FALSE),(1+VLOOKUP(A32,'Planilha de Orçamento'!B:P,13,FALSE))*VLOOKUP(A32,'Planilha de Orçamento'!B:P,6,FALSE))","v":79.219520000000003},0,{"$f":"IF(F32=0,SUMIF(MEDICAO[Cód. Tarefa],\"=\"&A32&\".\"&\"*\",MEDICAO[Valor Parc.]),0)","v":0},{"$error":"#DIV/0!"}]
["001.06.02","500149","PORTA DE MADEIRA C/ MIOLO SEMI-OCO - 0,80 X 2,10 M - 1F S/ BATENTE",null,{"$f":"VLOOKUP(A33,PLANILHA_TAREFA[[Cód. Tarefa]:[Total\nPor Macro - BDI]],4,FALSE)","v":4},"UN",{"$f":"IF(Medição!C$5=\"S/ BDI\",VLOOKUP(A33,'Planilha de Orçamento'!B:P,6,FALSE),(1+VLOOKUP(A33,'Planilha de Orçamento'!B:P,13,FALSE))*VLOOKUP(A33,'Planilha de Orçamento'!B:P,6,FALSE))","v":84.219520000000003},0,{"$f":"IF(F33=0,SUMIF(MEDICAO[Cód. Tarefa],\"=\"&A33&\".\"&\"*\",MEDICAO[Valor Parc.]),0)","v":0},{"$error":"#DIV/0!"}]
["001.06.03","500147","BATENTE EM MADEIRA - 0,70 X 2,10 M - REQUADRO 055 MM",null,{"$f":"VLOOKUP(A34,PLANILHA_TAREFA[[Cód. Tarefa]:[Total\nPor Macro - BDI]],4,FALSE)","v":1},"UN",{"$f":"IF(Medição!C$5=\"S/ BDI\",VLOOKUP(A34,'Planilha de Orçamento'!B:P,6,FALSE),(1+VLOOKUP(A34,'Planilha de Orçamento'!B:P,13,FALSE))*VLOOKUP(A34,'Planilha de Orçamento'!B:P,6,FALSE))","v":86.807000000000002},0,{"$f":"IF(F34=0,SUMIF(MEDICAO[Cód. Tarefa],\"=\"&A34&\".\"&\"*\",MEDICAO[Valor Parc.]),0)","v":0},{"$error":"#DIV/0!"}]
["001.06.04","500146","BATENTE EM MADEIRA - 0,80 X 2,10 M - REQUADRO 055 MM",null,{"$f":"VLOOKUP(A35,PLANILHA_TAREFA[[Cód. Tarefa]:[Total\nPor Macro - BDI]],4,FALSE)","v":4},"UN",{"$f":"IF(Medição!C$5=\"S/ BDI\",VLOOKUP(A35,'Planilha de Orçamento'!B:P,6,FALSE),(1+VLOOKUP(A35,'Planilha de Orçamento'!B:P,13,FALSE))*VLOOKUP(A35,'Planilha de Orçamento'!B:P,6,FALSE))","v":84.028660000000002},0,{"$f":"IF(F35=0,SUMIF(MEDICAO[Cód. Tarefa],\"=\"&A35&\".\"&\"*\",MEDICAO[Valor Parc.]),0)","v":0},{"$error":"#DIV/0!"}]
["001.06.05","002684","FECHADURA P/ PORTA EXTERNA - YALE",null,{"$f":"VLOOKUP(A36,PLANILHA_TAREFA[[Cód. Tarefa]:[Total\nPor Macro - BDI]],4,FALSE)","v":1},"UN",{"$f":"IF(Medição!C$5=\"S/ BDI\",VLOOKUP(A36,'Planilha de Orçamento'!B:P,6,FALSE),(1+VLOOKUP(A36,'Planilha de Orçamento'!B:P,13,FALSE))*VLOOKUP(A36,'Planilha de Orçamento'!B:P,6,FALSE))","v":52.586440000000003},0,{"$f":"IF(F36=0,SUMIF(MEDICAO[Cód. Tarefa],\"=\"&A36&\".\"&\"*\",MEDICAO[Valor Parc.]),0)","v":0},{"$error":"#DIV/0!"}]
["001.06.06","002685","FECHADURA P/ PORTA DO BANHEIRO",null,{"$f":"VLOOKUP(A37,PLANILHA_TAREFA[[Cód. Tarefa]:[Total\nPor Macro - BDI]],4,FALSE)","v":1},"UN",{"$f":"IF(Medição!C$5=\"S/ BDI\",VLOOKUP(A37,'Planilha de Orçamento'!B:P,6,FALSE),(1+VLOOKUP(A37,'Planilha de Orçamento'!B:P,13,FALSE))*VLOOKUP(A37,'Planilha de Orçamento'!B:P,6,FALSE))","v":40.186439999999997},0,{"$f":"IF(F37=0,SUMIF(MEDICAO[Cód. Tarefa],\"=\"&A37&\".\"&\"*\",MEDICAO[Valor Parc.]),0)","v":0},{"$error":"#DIV/0!"}]
["001.06.07","002687","FECHADURA P/ PORTA INTERNA - GORGES",null,{"$f":"VLOOKUP(A38,PLANILHA_TAREFA[[Cód. Tarefa]:[Total\nPor Macro - BDI]],4,FALSE)","v":2},"UN",{"$f":"IF(Medição!C$5=\"S/ BDI\",VLOOKUP(A38,'Planilha de Orçamento'!B:P,6,FALSE),(1+VLOOKUP(A38,'Planilha de Orçamento'!B:P,13,FALSE))*VLOOKUP(A38,'Planilha de Orçamento'!B:P,6,FALSE))","v":40.086439999999996},0,{"$f":"IF(F38=0,SUMIF(MEDICAO[Cód. Tarefa],\"=\"&A38&\".\"&\"*\",MEDICAO[Valor Parc.]),0)","v":0},{"$error":"#DIV/0!"}]
["001.06.08","500069","VITRO DE CORRER METALICO 1,50 X 1,10 M",null,{"$f":"VLOOKUP(A39,PLANILHA_TAREFA[[Cód. Tarefa]:[Total\nPor Macro - BDI]],4,FALSE)","v":1},"UN",{"$f":"IF(Medição!C$5=\"S/ BDI\",VLOOKUP(A39,'Planilha de Orçamento'!B:P,6,FALSE),(1+VLOOKUP(A39,'Planilha de Orçamento'!B:P,13,FALSE))*VLOOKUP(A39,'Planilha de Orçamento'!B:P,6,FALSE))","v":221.85085000000001},0,{"$f":"IF(F39=0,SUMIF(MEDICAO[Cód. Tarefa],\"=\"&A39&\".\"&\"*\",MEDICAO[Valor Parc.]),0)","v":0},{"$error":"#DIV/0!"}]
["001.06.09","601051","VITRO MAXIM-AR EM ACO GALVANIZADO 1 FOLHA MOVEL (0,80X0,60M)",null,{"$f":"VLOOKUP(A40,PLANILHA_TAREFA[[Cód. Tarefa]:[Total\nPor Macro - BDI]],4,FALSE)","v":1},"UN",{"$f":"IF(Medição!C$5=\"S/ BDI\",VLOOKUP(A40,'Planilha de Orçamento'!B:P,6,FALSE),(1+VLOOKUP(A40,'Planilha de Orçamento'!B:P,13,FALSE))*VLOOKUP(A40,'Planilha de Orçamento'!B:P,6,FALSE))","v":137.24995999999999},{"$f":"G40*IF(AND(D40*E40=0,F40=\"\"),1,(D40)*E40)*SUMIF(A:A,MID(A40,1,IF(ISERR(FIND(\".\",A40,1))=TRUE,LEN(A40),FIND(\".\",A40,1)-1)),E:E)","v":0},{"$f":"IF(F40=0,SUMIF(MEDICAO[Cód. Tarefa],\"=\"&A40&\".\"&\"*\",MEDICAO[Valor Parc.]),0)","v":0},{"$f":"IF(F40=\"\",I40/SUMIF(A:A,\"=\"&MID(A40,1,IF(ISEVEN(LEN(A40)),LEN(A40)-3,LEN(A40)-2))&\"*\",H:H),H40/SUMIF(A:A,\"=\"&MID(A40,1,IF(ISEVEN(LEN(A40)),LEN(A40)-3,LEN(A40)-2))&\"*\",H:H))","v":{"$error":"#DIV/0!"}}]
["001.06.10","600961","VENEZIANA EM ACO GALVANIZADO DE CORRER LATERAL 1,80 X 1,10 M",null,{"$f":"VLOOKUP(A41,PLANILHA_TAREFA[[Cód. Tarefa]:[Total\nPor Macro - BDI]],4,FALSE)","v":1},"UN",{"$f":"IF(Medição!C$5=\"S/ BDI\",VLOOKUP(A41,'Planilha de Orçamento'!B:P,6,FALSE),(1+VLOOKUP(A41,'Planilha de Orçamento'!B:P,13,FALSE))*VLOOKUP(A41,'Planilha de Orçamento'!B:P,6,FALSE))","v":275.13437600000003},0,{"$f":"IF(F41=0,SUMIF(MEDICAO[Cód. Tarefa],\"=\"&A41&\".\"&\"*\",MEDICAO[Valor Parc.]),0)","v":0},{"$error":"#DIV/0!"}]
["001.06.11","611364","VITRO ACO GALVANIZADO DE CORRER LATERAL 2,00 X 1,10 M",null,{"$f":"VLOOKUP(A42,PLANILHA_TAREFA[[Cód. Tarefa]:[Total\nPor Macro - BDI]],4,FALSE)","v":1},"UN",{"$f":"IF(Medição!C$5=\"S/ BDI\",VLOOKUP(A42,'Planilha de Orçamento'!B:P,6,FALSE),(1+VLOOKUP(A42,'Planilha de Orçamento'!B:P,13,FALSE))*VLOOKUP(A42,'Planilha de Orçamento'!B:P,6,FALSE))","v":180.168092},0,{"$f":"IF(F42=0,SUMIF(MEDICAO[Cód. Tarefa],\"=\"&A42&\".\"&\"*\",MEDICAO[Valor Parc.]),0)","v":0},{"$error":"#DIV/0!"}]
["001.06.12","400131","ALCAPAO METALICO 0,60 X 0,60 M",null,{"$f":"VLOOKUP(A43,PLANILHA_TAREFA[[Cód. Tarefa]:[Total\nPor Macro - BDI]],4,FALSE)","v":1},"UN",{"$f":"IF(Medição!C$5=\"S/ BDI\",VLOOKUP(A43,'Planilha de Orçamento'!B:P,6,FALSE),(1+VLOOKUP(A43,'Planilha de Orçamento'!B:P,13,FALSE))*VLOOKUP(A43,'Planilha de Orçamento'!B:P,6,FALSE))","v":95.840818799999994},0,{"$f":"IF(F43=0,SUMIF(MEDICAO[Cód. Tarefa],\"=\"&A43&\".\"&\"*\",MEDICAO[Valor Parc.]),0)","v":0},{"$error":"#DIV/0!"}]
["001.06.13","500090","PORTAO METALON 30 X 20",null,{"$f":"VLOOKUP(A44,PLANILHA_TAREFA[[Cód. Tarefa]:[Total\nPor Macro - BDI]],4,FALSE)","v":3.75},"M2",{"$f":"IF(Medição!C$5=\"S/ BDI\",VLOOKUP(A44,'Planilha de Orçamento'!B:P,6,FALSE),(1+VLOOKUP(A44,'Planilha de Orçamento'!B:P,13,FALSE))*VLOOKUP(A44,'Planilha de Orçamento'!B:P,6,FALSE))","v":277.14875999999998},0,{"$f":"IF(F44=0,SUMIF(MEDICAO[Cód. Tarefa],\"=\"&A44&\".\"&\"*\",MEDICAO[Valor Parc.]),0)","v":0},{"$error":"#DIV/0!"}]
["001.07",0,"IMPERMEABILIZACAO",null,{"$f":"VLOOKUP(A45,PLANILHA_TAREFA[[Cód. Tarefa]:[Total\nPor Macro - BDI]],4,FALSE)","v":0},0,{"$f":"IF(Medição!C$5=\"S/ BDI\",VLOOKUP(A45,'Planilha de Orçamento'!B:P,6,FALSE),(1+VLOOKUP(A45,'Planilha de Orçamento'!B:P,13,FALSE))*VLOOKUP(A45,'Planilha de Orçamento'!B:P,6,FALSE))","v":0},0,{"$f":"IF(F45=0,SUMIF(MEDICAO[Cód. Tarefa],\"=\"&A45&\".\"&\"*\",MEDICAO[Valor Parc.]),0)","v":0},{"$error":"#DIV/0!"}]
["001.07.01","500142","ASSENTAMENTO DAS PRIMEIRAS FIADAS C/ ARGAMASSA C/ IMPERMEABILIZANTE",null,{"$f":"VLOOKUP(A46,PLANILHA_TAREFA[[Cód. Tarefa]:[Total\nPor Macro - BDI]],4,FALSE)","v":51.86},"MT",{"$f":"IF(Medição!C$5=\"S/ BDI\",VLOOKUP(A46,'Planilha de Orçamento'!B:P,6,FALSE),(1+VLOOKUP(A46,'Planilha de Orçamento'!B:P,13,FALSE))*VLOOKUP(A46,'Planilha de Orçamento'!B:P,6,FALSE))","v":6.3271700000000006},0,{"$f":"IF(F46=0,SUMIF(MEDICAO[Cód. Tarefa],\"=\"&A46&\".\"&\"*\",MEDICAO[Valor Parc.]),0)","v":0},{"$error":"#DIV/0!"}]
["001.07.02","600681","BARRADO IMPERMEABILIZADO EXTERNO COM IGOFLEX",null,{"$f":"VLOOKUP(A47,PLANILHA_TAREFA[[Cód. Tarefa]:[Total\nPor Macro - BDI]],4,FALSE)","v":19.87},"M2",{"$f":"IF(Medição!C$5=\"S/ BDI\",VLOOKUP(A47,'Planilha de Orçamento'!B:P,6,FALSE),(1+VLOOKUP(A47,'Planilha de Orçamento'!B:P,13,FALSE))*VLOOKUP(A47,'Planilha de Orçamento'!B:P,6,FALSE))","v":5.9497199999999992},0,{"$f":"IF(F47=0,SUMIF(MEDICAO[Cód. Tarefa],\"=\"&A47&\".\"&\"*\",MEDICAO[Valor Parc.]),0)","v":0},{"$error":"#DIV/0!"}]
["001.07.03","600627","IMPERMEABILIZACAO C/ SIKATOP",null,{"$f":"VLOOKUP(A48,PLANILHA_TAREFA[[Cód. Tarefa]:[Total\nPor Macro - BDI]],4,FALSE)","v":31.12},"M2",{"$f":"IF(Medição!C$5=\"S/ BDI\",VLOOKUP(A48,'Planilha de Orçamento'!B:P,6,FALSE),(1+VLOOKUP(A48,'Planilha de Orçamento'!B:P,13,FALSE))*VLOOKUP(A48,'Planilha de Orçamento'!B:P,6,FALSE))","v":4.45505},0,{"$f":"IF(F48=0,SUMIF(MEDICAO[Cód. Tarefa],\"=\"&A48&\".\"&\"*\",MEDICAO[Valor Parc.]),0)","v":0},{"$error":"#DIV/0!"}]
["001.08",0,"REVESTIMENTO",null,{"$f":"VLOOKUP(A49,PLANILHA_TAREFA[[Cód. Tarefa]:[Total\nPor Macro - BDI]],4,FALSE)","v":0},0,{"$f":"IF(Medição!C$5=\"S/ BDI\",VLOOKUP(A49,'Planilha de Orçamento'!B:P,6,FALSE),(1+VLOOKUP(A49,'Planilha de Orçamento'!B:P,13,FALSE))*VLOOKUP(A49,'Planilha de Orçamento'!B:P,6,FALSE))","v":0},0,{"$f":"IF(F49=0,SUMIF(MEDICAO[Cód. Tarefa],\"=\"&A49&\".\"&\"*\",MEDICAO[Valor Parc.]),0)","v":0},{"$error":"#DIV/0!"}]
["001.08.01",0,"REVESTIMENTO INTERNO",null,{"$f":"VLOOKUP(A50,PLANILHA_TAREFA[[Cód. Tarefa]:[Total\nPor Macro - BDI]],4,FALSE)","v":0},0,{"$f":"IF(Medição!C$5=\"S/ BDI\",VLOOKUP(A50,'Planilha de Orçamento'!B:P,6,FALSE),(1+VLOOKUP(A50,'Planilha de Orçamento'!B:P,13,FALSE))*VLOOKUP(A50,'Planilha de Orçamento'!B:P,6,FALSE))","v":0},0,{"$f":"IF(F50=0,SUMIF(MEDICAO[Cód. Tarefa],\"=\"&A50&\".\"&\"*\",MEDICAO[Valor Parc.]),0)","v":0},{"$error":"#DIV/0!"}]
["001.08.01.01","500031","CHAPISCO",null,{"$f":"VLOOKUP(A51,PLANILHA_TAREFA[[Cód. Tarefa]:[Total\nPor Macro - BDI]],4,FALSE)","v":224.96},"M2",{"$f":"IF(Medição!C$5=\"S/ BDI\",VLOOKUP(A51,'Planilha de Orçamento'!B:P,6,FALSE),(1+VLOOKUP(A51,'Planilha de Orçamento'!B:P,13,FALSE))*VLOOKUP(A51,'Planilha de Orçamento'!B:P,6,FALSE))","v":2.2457500000000001},0,{"$f":"IF(F51=0,SUMIF(MEDICAO[Cód. Tarefa],\"=\"&A51&\".\"&\"*\",MEDICAO[Valor Parc.]),0)","v":0},{"$error":"#DIV/0!"}]
["001.08.01.02","500033","EMBOCO",null,{"$f":"VLOOKUP(A52,PLANILHA_TAREFA[[Cód. Tarefa]:[Total\nPor Macro - BDI]],4,FALSE)","v":224.96},"M2",{"$f":"IF(Medição!C$5=\"S/ BDI\",VLOOKUP(A52,'Planilha de Orçamento'!B:P,6,FALSE),(1+VLOOKUP(A52,'Planilha de Orçamento'!B:P,13,FALSE))*VLOOKUP(A52,'Planilha de Orçamento'!B:P,6,FALSE))","v":18.736229999999999},0,{"$f":"IF(F52=0,SUMIF(MEDICAO[Cód. Tarefa],\"=\"&A52&\".\"&\"*\",MEDICAO[Valor Parc.]),0)","v":0},{"$error":"#DIV/0!"}]
["001.08.01.03","003017","AZULEJO BRANCO 15,0 X 15,0 CM",null,{"$f":"VLOOKUP(A53,PLANILHA_TAREFA[[Cód. Tarefa]:[Total\nPor Macro - BDI]],4,FALSE)","v":15.37},"M2",{"$f":"IF(Medição!C$5=\"S/ BDI\",VLOOKUP(A53,'Planilha de Orçamento'!B:P,6,FALSE),(1+VLOOKUP(A53,'Planilha de Orçamento'!B:P,13,FALSE))*VLOOKUP(A53,'Planilha de Orçamento'!B:P,6,FALSE))","v":29.844150000000003},0,{"$f":"IF(F53=0,SUMIF(MEDICAO[Cód. Tarefa],\"=\"&A53&\".\"&\"*\",MEDICAO[Valor Parc.]),0)","v":0},{"$error":"#DIV/0!"}]
["001.08.02",0,"REVESTIMENTO EXTERNO",null,{"$f":"VLOOKUP(A54,PLANILHA_TAREFA[[Cód. Tarefa]:[Total\nPor Macro - BDI]],4,FALSE)","v":0},0,{"$f":"IF(Medição!C$5=\"S/ BDI\",VLOOKUP(A54,'Planilha de Orçamento'!B:P,6,FALSE),(1+VLOOKUP(A54,'Planilha de Orçamento'!B:P,13,FALSE))*VLOOKUP(A54,'Planilha de Orçamento'!B:P,6,FALSE))","v":0},0,{"$f":"IF(F54=0,SUMIF(MEDICAO[Cód. Tarefa],\"=\"&A54&\".\"&\"*\",MEDICAO[Valor Parc.]),0)","v":0},{"$error":"#DIV/0!"}]
["001.08.02.01","500031","CHAPISCO",null,{"$f":"VLOOKUP(A55,PLANILHA_TAREFA[[Cód. Tarefa]:[Total\nPor Macro - BDI]],4,FALSE)","v":196.1},"M2",{"$f":"IF(Medição!C$5=\"S/ BDI\",VLOOKUP(A55,'Planilha de Orçamento'!B:P,6,FALSE),(1+VLOOKUP(A55,'Planilha de Orçamento'!B:P,13,FALSE))*VLOOKUP(A55,'Planilha de Orçamento'!B:P,6,FALSE))","v":2.2457500000000001},0,{"$f":"IF(F55=0,SUMIF(MEDICAO[Cód. Tarefa],\"=\"&A55&\".\"&\"*\",MEDICAO[Valor Parc.]),0)","v":0},{"$error":"#DIV/0!"}]
["001.08.02.02","500033","EMBOCO",null,{"$f":"VLOOKUP(A56,PLANILHA_TAREFA[[Cód. Tarefa]:[Total\nPor Macro - BDI]],4,FALSE)","v":196.1},"M2",{"$f":"IF(Medição!C$5=\"S/ BDI\",VLOOKUP(A56,'Planilha de Orçamento'!B:P,6,FALSE),(1+VLOOKUP(A56,'Planilha de Orçamento'!B:P,13,FALSE))*VLOOKUP(A56,'Planilha de Orçamento'!B:P,6,FALSE))","v":18.736229999999999},0,{"$f":"IF(F56=0,SUMIF(MEDICAO[Cód. Tarefa],\"=\"&A56&\".\"&\"*\",MEDICAO[Valor Parc.]),0)","v":0},{"$error":"#DIV/0!"}]
["001.09",0,"REVESTIMENTO DE PISO",null,{"$f":"VLOOKUP(A57,PLANILHA_TAREFA[[Cód. Tarefa]:[Total\nPor Macro - BDI]],4,FALSE)","v":0},0,{"$f":"IF(Medição!C$5=\"S/ BDI\",VLOOKUP(A57,'Planilha de Orçamento'!B:P,6,FALSE),(1+VLOOKUP(A57,'Planilha de Orçamento'!B:P,13,FALSE))*VLOOKUP(A57,'Planilha de Orçamento'!B:P,6,FALSE))","v":0},0,{"$f":"IF(F57=0,SUMIF(MEDICAO[Cód. Tarefa],\"=\"&A57&\".\"&\"*\",MEDICAO[Valor Parc.]),0)","v":0},{"$error":"#DIV/0!"}]
["001.09.01","001780","REGULARIZACAO PISO 1:3 DESEMPENADO E=3CM",null,{"$f":"VLOOKUP(A58,PLANILHA_TAREFA[[Cód. Tarefa]:[Total\nPor Macro - BDI]],4,FALSE)","v":45.6},"M2",{"$f":"IF(Medição!C$5=\"S/ BDI\",VLOOKUP(A58,'Planilha de Orçamento'!B:P,6,FALSE),(1+VLOOKUP(A58,'Planilha de Orçamento'!B:P,13,FALSE))*VLOOKUP(A58,'Planilha de Orçamento'!B:P,6,FALSE))","v":17.515090000000001},0,{"$f":"IF(F58=0,SUMIF(MEDICAO[Cód. Tarefa],\"=\"&A58&\".\"&\"*\",MEDICAO[Valor Parc.]),0)","v":0},{"$error":"#DIV/0!"}]
["001.09.02","401646","PISO CERAMICO 30,0 X 30,0 CM C/ REJUNTE",null,{"$f":"VLOOKUP(A59,PLANILHA_TAREFA[[Cód. Tarefa]:[Total\nPor Macro - BDI]],4,FALSE)","v":45.6},"M2",{"$f":"IF(Medição!C$5=\"S/ BDI\",VLOOKUP(A59,'Planilha de Orçamento'!B:P,6,FALSE),(1+VLOOKUP(A59,'Planilha de Orçamento'!B:P,13,FALSE))*VLOOKUP(A59,'Planilha de Orçamento'!B:P,6,FALSE))","v":30.383620000000001},0,{"$f":"IF(F59=0,SUMIF(MEDICAO[Cód. Tarefa],\"=\"&A59&\".\"&\"*\",MEDICAO[Valor Parc.]),0)","v":0},{"$error":"#DIV/0!"}]
["001.09.03","500154","RODAPE CERAMICO H = 05,0 CM",null,{"$f":"VLOOKUP(A60,PLANILHA_TAREFA[[Cód. Tarefa]:[Total\nPor Macro - BDI]],4,FALSE)","v":60.58},"MT",{"$f":"IF(Medição!C$5=\"S/ BDI\",VLOOKUP(A60,'Planilha de Orçamento'!B:P,6,FALSE),(1+VLOOKUP(A60,'Planilha de Orçamento'!B:P,13,FALSE))*VLOOKUP(A60,'Planilha de Orçamento'!B:P,6,FALSE))","v":1.71515},0,{"$f":"IF(F60=0,SUMIF(MEDICAO[Cód. Tarefa],\"=\"&A60&\".\"&\"*\",MEDICAO[Valor Parc.]),0)","v":0},{"$error":"#DIV/0!"}]
["001.09.04","601077","BIT DE ARDOSIA E=2CM L=4CM",null,{"$f":"VLOOKUP(A61,PLANILHA_TAREFA[[Cód. Tarefa]:[Total\nPor Macro - BDI]],4,FALSE)","v":2.0499999999999998},"MT",{"$f":"IF(Medição!C$5=\"S/ BDI\",VLOOKUP(A61,'Planilha de Orçamento'!B:P,6,FALSE),(1+VLOOKUP(A61,'Planilha de Orçamento'!B:P,13,FALSE))*VLOOKUP(A61,'Planilha de Orçamento'!B:P,6,FALSE))","v":12.723220000000001},0,{"$f":"IF(F61=0,SUMIF(MEDICAO[Cód. Tarefa],\"=\"&A61&\".\"&\"*\",MEDICAO[Valor Parc.]),0)","v":0},{"$error":"#DIV/0!"}]
["001.09.05","601063","SOLEIRA DE ARDOSIA E=2CM L=15CM",null,{"$f":"VLOOKUP(A62,PLANILHA_TAREFA[[Cód. Tarefa]:[Total\nPor Macro - BDI]],4,FALSE)","v":1.6},"MT",{"$f":"IF(Medição!C$5=\"S/ BDI\",VLOOKUP(A62,'Planilha de Orçamento'!B:P,6,FALSE),(1+VLOOKUP(A62,'Planilha de Orçamento'!B:P,13,FALSE))*VLOOKUP(A62,'Planilha de Orçamento'!B:P,6,FALSE))","v":21.51662},0,{"$f":"IF(F62=0,SUMIF(MEDICAO[Cód. Tarefa],\"=\"&A62&\".\"&\"*\",MEDICAO[Valor Parc.]),0)","v":0},{"$error":"#DIV/0!"}]
["001.09.06","500038","CALÇADA EXTERNA 7CM",null,{"$f":"VLOOKUP(A63,PLANILHA_TAREFA[[Cód. Tarefa]:[Total\nPor Macro - BDI]],4,FALSE)","v":20.92},"M2",{"$f":"IF(Medição!C$5=\"S/ BDI\",VLOOKUP(A63,'Planilha de Orçamento'!B:P,6,FALSE),(1+VLOOKUP(A63,'Planilha de Orçamento'!B:P,13,FALSE))*VLOOKUP(A63,'Planilha de Orçamento'!B:P,6,FALSE))","v":34.668799999999997},0,{"$f":"IF(F63=0,SUMIF(MEDICAO[Cód. Tarefa],\"=\"&A63&\".\"&\"*\",MEDICAO[Valor Parc.]),0)","v":0},{"$error":"#DIV/0!"}]
["001.10",0,"PINTURA",null,{"$f":"VLOOKUP(A64,PLANILHA_TAREFA[[Cód. Tarefa]:[Total\nPor Macro - BDI]],4,FALSE)","v":0},0,{"$f":"IF(Medição!C$5=\"S/ BDI\",VLOOKUP(A64,'Planilha de Orçamento'!B:P,6,FALSE),(1+VLOOKUP(A64,'Planilha de Orçamento'!B:P,13,FALSE))*VLOOKUP(A64,'Planilha de Orçamento'!B:P,6,FALSE))","v":0},0,{"$f":"IF(F64=0,SUMIF(MEDICAO[Cód. Tarefa],\"=\"&A64&\".\"&\"*\",MEDICAO[Valor Parc.]),0)","v":0},{"$error":"#DIV/0!"}]
["001.10.01","002481","PINTURA ESMALTE SOBRE ESQUADRIA DE MADEIRA - 2 DEMAOS",null,{"$f":"VLOOKUP(A65,PLANILHA_TAREFA[[Cód. Tarefa]:[Total\nPor Macro - BDI]],4,FALSE)","v":20.5},"M2",{"$f":"IF(Medição!C$5=\"S/ BDI\",VLOOKUP(A65,'Planilha de Orçamento'!B:P,6,FALSE),(1+VLOOKUP(A65,'Planilha de Orçamento'!B:P,13,FALSE))*VLOOKUP(A65,'Planilha de Orçamento'!B:P,6,FALSE))","v":9.723980000000001},0,{"$f":"IF(F65=0,SUMIF(MEDICAO[Cód. Tarefa],\"=\"&A65&\".\"&\"*\",MEDICAO[Valor Parc.]),0)","v":0},{"$error":"#DIV/0!"}]
["001.10.02","400132","PINTURA ESMALTE SOBRE ESQUADRIA METALICA (PREDIO)",null,{"$f":"VLOOKUP(A66,PLANILHA_TAREFA[[Cód. Tarefa]:[Total\nPor Macro - BDI]],4,FALSE)","v":24.19},"M2",{"$f":"IF(Medição!C$5=\"S/ BDI\",VLOOKUP(A66,'Planilha de Orçamento'!B:P,6,FALSE),(1+VLOOKUP(A66,'Planilha de Orçamento'!B:P,13,FALSE))*VLOOKUP(A66,'Planilha de Orçamento'!B:P,6,FALSE))","v":13.312339999999999},0,{"$f":"IF(F66=0,SUMIF(MEDICAO[Cód. Tarefa],\"=\"&A66&\".\"&\"*\",MEDICAO[Valor Parc.]),0)","v":0},{"$error":"#DIV/0!"}]
["001.10.03","500049","LATEX ACRILICO",null,{"$f":"VLOOKUP(A67,PLANILHA_TAREFA[[Cód. Tarefa]:[Total\nPor Macro - BDI]],4,FALSE)","v":204.2},"M2",{"$f":"IF(Medição!C$5=\"S/ BDI\",VLOOKUP(A67,'Planilha de Orçamento'!B:P,6,FALSE),(1+VLOOKUP(A67,'Planilha de Orçamento'!B:P,13,FALSE))*VLOOKUP(A67,'Planilha de Orçamento'!B:P,6,FALSE))","v":5.5057600000000004},0,{"$f":"IF(F67=0,SUMIF(MEDICAO[Cód. Tarefa],\"=\"&A67&\".\"&\"*\",MEDICAO[Valor Parc.]),0)","v":0},{"$error":"#DIV/0!"}]
["001.10.04","500048","LATEX PVA",null,{"$f":"VLOOKUP(A68,PLANILHA_TAREFA[[Cód. Tarefa]:[Total\nPor Macro - BDI]],4,FALSE)","v":202},"M2",{"$f":"IF(Medição!C$5=\"S/ BDI\",VLOOKUP(A68,'Planilha de Orçamento'!B:P,6,FALSE),(1+VLOOKUP(A68,'Planilha de Orçamento'!B:P,13,FALSE))*VLOOKUP(A68,'Planilha de Orçamento'!B:P,6,FALSE))","v":5.2694599999999996},0,{"$f":"IF(F68=0,SUMIF(MEDICAO[Cód. Tarefa],\"=\"&A68&\".\"&\"*\",MEDICAO[Valor Parc.]),0)","v":0},{"$error":"#DIV/0!"}]
["001.11",0,"VIDROS",null,{"$f":"VLOOKUP(A69,PLANILHA_TAREFA[[Cód. Tarefa]:[Total\nPor Macro - BDI]],4,FALSE)","v":0},0,{"$f":"IF(Medição!C$5=\"S/ BDI\",VLOOKUP(A69,'Planilha de Orçamento'!B:P,6,FALSE),(1+VLOOKUP(A69,'Planilha de Orçamento'!B:P,13,FALSE))*VLOOKUP(A69,'Planilha de Orçamento'!B:P,6,FALSE))","v":0},0,{"$f":"IF(F69=0,SUMIF(MEDICAO[Cód. Tarefa],\"=\"&A69&\".\"&\"*\",MEDICAO[Valor Parc.]),0)","v":0},{"$error":"#DIV/0!"}]
["001.11.01","500054","VIDRO LISO",null,{"$f":"VLOOKUP(A70,PLANILHA_TAREFA[[Cód. Tarefa]:[Total\nPor Macro - BDI]],4,FALSE)","v":6.31},"M2",{"$f":"IF(Medição!C$5=\"S/ BDI\",VLOOKUP(A70,'Planilha de Orçamento'!B:P,6,FALSE),(1+VLOOKUP(A70,'Planilha de Orçamento'!B:P,13,FALSE))*VLOOKUP(A70,'Planilha de Orçamento'!B:P,6,FALSE))","v":94.26},0,{"$f":"IF(F70=0,SUMIF(MEDICAO[Cód. Tarefa],\"=\"&A70&\".\"&\"*\",MEDICAO[Valor Parc.]),0)","v":0},{"$error":"#DIV/0!"}]
["001.12",0,"INSTALACOES ELETRICAS",null,{"$f":"VLOOKUP(A71,PLANILHA_TAREFA[[Cód. Tarefa]:[Total\nPor Macro - BDI]],4,FALSE)","v":0},0,{"$f":"IF(Medição!C$5=\"S/ BDI\",VLOOKUP(A71,'Planilha de Orçamento'!B:P,6,FALSE),(1+VLOOKUP(A71,'Planilha de Orçamento'!B:P,13,FALSE))*VLOOKUP(A71,'Planilha de Orçamento'!B:P,6,FALSE))","v":0},0,{"$f":"IF(F71=0,SUMIF(MEDICAO[Cód. Tarefa],\"=\"&A71&\".\"&\"*\",MEDICAO[Valor Parc.]),0)","v":0},{"$error":"#DIV/0!"}]
["001.12.01","600237","INSTALACAO ELETRICA - ENTRADA DE ENERGIA",null,{"$f":"VLOOKUP(A72,PLANILHA_TAREFA[[Cód. Tarefa]:[Total\nPor Macro - BDI]],4,FALSE)","v":1},"UN",{"$f":"IF(Medição!C$5=\"S/ BDI\",VLOOKUP(A72,'Planilha de Orçamento'!B:P,6,FALSE),(1+VLOOKUP(A72,'Planilha de Orçamento'!B:P,13,FALSE))*VLOOKUP(A72,'Planilha de Orçamento'!B:P,6,FALSE))","v":644.46800000000007},{"$f":"G72*IF(AND(D72*E72=0,F72=\"\"),1,(D72)*E72)*SUMIF(A:A,MID(A72,1,IF(ISERR(FIND(\".\",A72,1))=TRUE,LEN(A72),FIND(\".\",A72,1)-1)),E:E)","v":0},{"$f":"IF(F72=0,SUMIF(MEDICAO[Cód. Tarefa],\"=\"&A72&\".\"&\"*\",MEDICAO[Valor Parc.]),0)","v":0},{"$f":"IF(F72=\"\",I72/SUMIF(A:A,\"=\"&MID(A72,1,IF(ISEVEN(LEN(A72)),LEN(A72)-3,LEN(A72)-2))&\"*\",H:H),H72/SUMIF(A:A,\"=\"&MID(A72,1,IF(ISEVEN(LEN(A72)),LEN(A72)-3,LEN(A72)-2))&\"*\",H:H))","v":{"$error":"#DIV/0!"}}]
["001.12.02","600238","INSTALACAO ELETRICA - TUBULACAO + CAIXAS",null,{"$f":"VLOOKUP(A73,PLANILHA_TAREFA[[Cód. Tarefa]:[Total\nPor Macro - BDI]],4,FALSE)","v":1},"UN",{"$f":"IF(Medição!C$5=\"S/ BDI\",VLOOKUP(A73,'Planilha de Orçamento'!B:P,6,FALSE),(1+VLOOKUP(A73,'Planilha de Orçamento'!B:P,13,FALSE))*VLOOKUP(A73,'Planilha de Orçamento'!B:P,6,FALSE))","v":490.42920000000004},0,{"$f":"IF(F73=0,SUMIF(MEDICAO[Cód. Tarefa],\"=\"&A73&\".\"&\"*\",MEDICAO[Valor Parc.]),0)","v":0},{"$error":"#DIV/0!"}]
["001.12.03","600239","INSTALACAO ELETRICA - FIACAO",null,{"$f":"VLOOKUP(A74,PLANILHA_TAREFA[[Cód. Tarefa]:[Total\nPor Macro - BDI]],4,FALSE)","v":1},"UN",{"$f":"IF(Medição!C$5=\"S/ BDI\",VLOOKUP(A74,'Planilha de Orçamento'!B:P,6,FALSE),(1+VLOOKUP(A74,'Planilha de Orçamento'!B:P,13,FALSE))*VLOOKUP(A74,'Planilha de Orçamento'!B:P,6,FALSE))","v":553},0,{"$f":"IF(F74=0,SUMIF(MEDICAO[Cód. Tarefa],\"=\"&A74&\".\"&\"*\",MEDICAO[Valor Parc.]),0)","v":0},{"$error":"#DIV/0!"}]
["001.12.04","600240","INSTALACAO ELETRICA - ILUMINACAO, TOMADAS E INTERRUPTORES",null,{"$f":"VLOOKUP(A75,PLANILHA_TAREFA[[Cód. Tarefa]:[Total\nPor Macro - BDI]],4,FALSE)","v":1},"UN",{"$f":"IF(Medição!C$5=\"S/ BDI\",VLOOKUP(A75,'Planilha de Orçamento'!B:P,6,FALSE),(1+VLOOKUP(A75,'Planilha de Orçamento'!B:P,13,FALSE))*VLOOKUP(A75,'Planilha de Orçamento'!B:P,6,FALSE))","v":444.01900000000023},0,{"$f":"IF(F75=0,SUMIF(MEDICAO[Cód. Tarefa],\"=\"&A75&\".\"&\"*\",MEDICAO[Valor Parc.]),0)","v":0},{"$error":"#DIV/0!"}]
["001.12.05","600241","INSTALACAO ELETRICA - QUADRO DE DISTRIBUICAO",null,{"$f":"VLOOKUP(A76,PLANILHA_TAREFA[[Cód. Tarefa]:[Total\nPor Macro - BDI]],4,FALSE)","v":1},"UN",{"$f":"IF(Medição!C$5=\"S/ BDI\",VLOOKUP(A76,'Planilha de Orçamento'!B:P,6,FALSE),(1+VLOOKUP(A76,'Planilha de Orçamento'!B:P,13,FALSE))*VLOOKUP(A76,'Planilha de Orçamento'!B:P,6,FALSE))","v":293.07430000000005},0,{"$f":"IF(F76=0,SUMIF(MEDICAO[Cód. Tarefa],\"=\"&A76&\".\"&\"*\",MEDICAO[Valor Parc.]),0)","v":0},{"$error":"#DIV/0!"}]
["001.13",0,"INSTALACOES HIDRAULICAS",null,{"$f":"VLOOKUP(A77,PLANILHA_TAREFA[[Cód. Tarefa]:[Total\nPor Macro - BDI]],4,FALSE)","v":0},0,{"$f":"IF(Medição!C$5=\"S/ BDI\",VLOOKUP(A77,'Planilha de Orçamento'!B:P,6,FALSE),(1+VLOOKUP(A77,'Planilha de Orçamento'!B:P,13,FALSE))*VLOOKUP(A77,'Planilha de Orçamento'!B:P,6,FALSE))","v":0},0,{"$f":"IF(F77=0,SUMIF(MEDICAO[Cód. Tarefa],\"=\"&A77&\".\"&\"*\",MEDICAO[Valor Parc.]),0)","v":0},{"$error":"#DIV/0!"}]
["001.13.01","600242","INSTALACAO HIDRAULICA - ENTRADA DE AGUA FRIA",null,{"$f":"VLOOKUP(A78,PLANILHA_TAREFA[[Cód. Tarefa]:[Total\nPor Macro - BDI]],4,FALSE)","v":1},"UN",{"$f":"IF(Medição!C$5=\"S/ BDI\",VLOOKUP(A78,'Planilha de Orçamento'!B:P,6,FALSE),(1+VLOOKUP(A78,'Planilha de Orçamento'!B:P,13,FALSE))*VLOOKUP(A78,'Planilha de Orçamento'!B:P,6,FALSE))","v":558.10456600000009},0,{"$f":"IF(F78=0,SUMIF(MEDICAO[Cód. Tarefa],\"=\"&A78&\".\"&\"*\",MEDICAO[Valor Parc.]),0)","v":0},{"$error":"#DIV/0!"}]
["001.13.02","600243","INSTALACAO HIDRAULICA - DISTRIBUICAO DE AGUA",null,{"$f":"VLOOKUP(A79,PLANILHA_TAREFA[[Cód. Tarefa]:[Total\nPor Macro - BDI]],4,FALSE)","v":1},"UN",{"$f":"IF(Medição!C$5=\"S/ BDI\",VLOOKUP(A79,'Planilha de Orçamento'!B:P,6,FALSE),(1+VLOOKUP(A79,'Planilha de Orçamento'!B:P,13,FALSE))*VLOOKUP(A79,'Planilha de Orçamento'!B:P,6,FALSE))","v":214.75680000000008},0,{"$f":"IF(F79=0,SUMIF(MEDICAO[Cód. Tarefa],\"=\"&A79&\".\"&\"*\",MEDICAO[Valor Parc.]),0)","v":0},{"$error":"#DIV/0!"}]
["001.13.03","600244","INSTALACAO HIDRAULICA - CAIXA D'AGUA",null,{"$f":"VLOOKUP(A80,PLANILHA_TAREFA[[Cód. Tarefa]:[Total\nPor Macro - BDI]],4,FALSE)","v":1},"UN",{"$f":"IF(Medição!C$5=\"S/ BDI\",VLOOKUP(A80,'Planilha de Orçamento'!B:P,6,FALSE),(1+VLOOKUP(A80,'Planilha de Orçamento'!B:P,13,FALSE))*VLOOKUP(A80,'Planilha de Orçamento'!B:P,6,FALSE))","v":275.79111999999998},0,{"$f":"IF(F80=0,SUMIF(MEDICAO[Cód. Tarefa],\"=\"&A80&\".\"&\"*\",MEDICAO[Valor Parc.]),0)","v":0},{"$error":"#DIV/0!"}]
["001.13.04","500466","ABRIGO PARA HIDROMETRO C/ TAMPA",null,{"$f":"VLOOKUP(A81,PLANILHA_TAREFA[[Cód. Tarefa]:[Total\nPor Macro - BDI]],4,FALSE)","v":1},"UN",{"$f":"IF(Medição!C$5=\"S/ BDI\",VLOOKUP(A81,'Planilha de Orçamento'!B:P,6,FALSE),(1+VLOOKUP(A81,'Planilha de Orçamento'!B:P,13,FALSE))*VLOOKUP(A81,'Planilha de Orçamento'!B:P,6,FALSE))","v":273.28322079999998},0,{"$f":"IF(F81=0,SUMIF(MEDICAO[Cód. Tarefa],\"=\"&A81&\".\"&\"*\",MEDICAO[Valor Parc.]),0)","v":0},{"$error":"#DIV/0!"}]
["001.13.05","611365","LIGACAO DOMICILIAR - AGUA POTAVEL",null,{"$f":"VLOOKUP(A82,PLANILHA_TAREFA[[Cód. Tarefa]:[Total\nPor Macro - BDI]],4,FALSE)","v":1},"UN",{"$f":"IF(Medição!C$5=\"S/ BDI\",VLOOKUP(A82,'Planilha de Orçamento'!B:P,6,FALSE),(1+VLOOKUP(A82,'Planilha de Orçamento'!B:P,13,FALSE))*VLOOKUP(A82,'Planilha de Orçamento'!B:P,6,FALSE))","v":107.69139999999999},0,{"$f":"IF(F82=0,SUMIF(MEDICAO[Cód. Tarefa],\"=\"&A82&\".\"&\"*\",MEDICAO[Valor Parc.]),0)","v":0},{"$error":"#DIV/0!"}]
["001.14",0,"INSTALACOES SANITARIAS",null,{"$f":"VLOOKUP(A83,PLANILHA_TAREFA[[Cód. Tarefa]:[Total\nPor Macro - BDI]],4,FALSE)","v":0},0,{"$f":"IF(Medição!C$5=\"S/ BDI\",VLOOKUP(A83,'Planilha de Orçamento'!B:P,6,FALSE),(1+VLOOKUP(A83,'Planilha de Orçamento'!B:P,13,FALSE))*VLOOKUP(A83,'Planilha de Orçamento'!B:P,6,FALSE))","v":0},0,{"$f":"IF(F83=0,SUMIF(MEDICAO[Cód. Tarefa],\"=\"&A83&\".\"&\"*\",MEDICAO[Valor Parc.]),0)","v":0},{"$error":"#DIV/0!"}]
["001.14.01","600246","INSTALACAO HIDRAULICA - ESGOTO INTERNO - PADRAO HABITACIONAL HM H02 (HM44)",null,{"$f":"VLOOKUP(A84,PLANILHA_TAREFA[[Cód. Tarefa]:[Total\nPor Macro - BDI]],4,FALSE)","v":1},"UN",{"$f":"IF(Medição!C$5=\"S/ BDI\",VLOOKUP(A84,'Planilha de Orçamento'!B:P,6,FALSE),(1+VLOOKUP(A84,'Planilha de Orçamento'!B:P,13,FALSE))*VLOOKUP(A84,'Planilha de Orçamento'!B:P,6,FALSE))","v":301.86535000000003},0,{"$f":"IF(F84=0,SUMIF(MEDICAO[Cód. Tarefa],\"=\"&A84&\".\"&\"*\",MEDICAO[Valor Parc.]),0)","v":0},{"$error":"#DIV/0!"}]
["001.14.02","600245","INSTALACAO HIDRAULICA - ESGOTO EXTERNO - PADRAO HABITACIONAL HM H02 (HM44)",null,{"$f":"VLOOKUP(A85,PLANILHA_TAREFA[[Cód. Tarefa]:[Total\nPor Macro - BDI]],4,FALSE)","v":1},"UN",{"$f":"IF(Medição!C$5=\"S/ BDI\",VLOOKUP(A85,'Planilha de Orçamento'!B:P,6,FALSE),(1+VLOOKUP(A85,'Planilha de Orçamento'!B:P,13,FALSE))*VLOOKUP(A85,'Planilha de Orçamento'!B:P,6,FALSE))","v":675.56245460000025},0,{"$f":"IF(F85=0,SUMIF(MEDICAO[Cód. Tarefa],\"=\"&A85&\".\"&\"*\",MEDICAO[Valor Parc.]),0)","v":0},{"$error":"#DIV/0!"}]
["001.14.03","611366","LIGACAO DOMICILIAR - ESGOTO SANITARIO",null,{"$f":"VLOOKUP(A86,PLANILHA_TAREFA[[Cód. Tarefa]:[Total\nPor Macro - BDI]],4,FALSE)","v":1},0,{"$f":"IF(Medição!C$5=\"S/ BDI\",VLOOKUP(A86,'Planilha de Orçamento'!B:P,6,FALSE),(1+VLOOKUP(A86,'Planilha de Orçamento'!B:P,13,FALSE))*VLOOKUP(A86,'Planilha de Orçamento'!B:P,6,FALSE))","v":301.40794800000003},0,{"$f":"IF(F86=0,SUMIF(MEDICAO[Cód. Tarefa],\"=\"&A86&\".\"&\"*\",MEDICAO[Valor Parc.]),0)","v":0},{"$error":"#DIV/0!"}]
["001.15",0,"INSTALACOES P/ AGUA PLUVIAL",null,{"$f":"VLOOKUP(A87,PLANILHA_TAREFA[[Cód. Tarefa]:[Total\nPor Macro - BDI]],4,FALSE)","v":0},0,{"$f":"IF(Medição!C$5=\"S/ BDI\",VLOOKUP(A87,'Planilha de Orçamento'!B:P,6,FALSE),(1+VLOOKUP(A87,'Planilha de Orçamento'!B:P,13,FALSE))*VLOOKUP(A87,'Planilha de Orçamento'!B:P,6,FALSE))","v":0},0,{"$f":"IF(F87=0,SUMIF(MEDICAO[Cód. Tarefa],\"=\"&A87&\".\"&\"*\",MEDICAO[Valor Parc.]),0)","v":0},{"$error":"#DIV/0!"}]
["001.15.01","152030","TUBO PVC BRANCO 100 MM - ESGOTO",null,{"$f":"VLOOKUP(A88,PLANILHA_TAREFA[[Cód. Tarefa]:[Total\nPor Macro - BDI]],4,FALSE)","v":43.75},"MT",{"$f":"IF(Medição!C$5=\"S/ BDI\",VLOOKUP(A88,'Planilha de Orçamento'!B:P,6,FALSE),(1+VLOOKUP(A88,'Planilha de Orçamento'!B:P,13,FALSE))*VLOOKUP(A88,'Planilha de Orçamento'!B:P,6,FALSE))","v":13.23902},0,{"$f":"IF(F88=0,SUMIF(MEDICAO[Cód. Tarefa],\"=\"&A88&\".\"&\"*\",MEDICAO[Valor Parc.]),0)","v":0},{"$error":"#DIV/0!"}]
["001.15.02","400843","CAIXA DE INSPECAO EM ALVENARIA DE TIJOLO COMUM - 060 X 060 X 070 CM - ESGOTO / AGUAS PLUVIAIS",null,{"$f":"VLOOKUP(A89,PLANILHA_TAREFA[[Cód. Tarefa]:[Total\nPor Macro - BDI]],4,FALSE)","v":4},"UN",{"$f":"IF(Medição!C$5=\"S/ BDI\",VLOOKUP(A89,'Planilha de Orçamento'!B:P,6,FALSE),(1+VLOOKUP(A89,'Planilha de Orçamento'!B:P,13,FALSE))*VLOOKUP(A89,'Planilha de Orçamento'!B:P,6,FALSE))","v":387.83472559999996},0,{"$f":"IF(F89=0,SUMIF(MEDICAO[Cód. Tarefa],\"=\"&A89&\".\"&\"*\",MEDICAO[Valor Parc.]),0)","v":0},{"$error":"#DIV/0!"}]
["001.16",0,"LOUCAS",null,{"$f":"VLOOKUP(A90,PLANILHA_TAREFA[[Cód. Tarefa]:[Total\nPor Macro - BDI]],4,FALSE)","v":0},0,{"$f":"IF(Medição!C$5=\"S/ BDI\",VLOOKUP(A90,'Planilha de Orçamento'!B:P,6,FALSE),(1+VLOOKUP(A90,'Planilha de Orçamento'!B:P,13,FALSE))*VLOOKUP(A90,'Planilha de Orçamento'!B:P,6,FALSE))","v":0},0,{"$f":"IF(F90=0,SUMIF(MEDICAO[Cód. Tarefa],\"=\"&A90&\".\"&\"*\",MEDICAO[Valor Parc.]),0)","v":0},{"$error":"#DIV/0!"}]
["001.16.01","151290","BACIA SANITARIA C/ CAIXA ACOPLADA - PADRAO BAIXO",null,{"$f":"VLOOKUP(A91,PLANILHA_TAREFA[[Cód. Tarefa]:[Total\nPor Macro - BDI]],4,FALSE)","v":1},"UN",{"$f":"IF(Medição!C$5=\"S/ BDI\",VLOOKUP(A91,'Planilha de Orçamento'!B:P,6,FALSE),(1+VLOOKUP(A91,'Planilha de Orçamento'!B:P,13,FALSE))*VLOOKUP(A91,'Planilha de Orçamento'!B:P,6,FALSE))","v":307.81562999999994},0,{"$f":"IF(F91=0,SUMIF(MEDICAO[Cód. Tarefa],\"=\"&A91&\".\"&\"*\",MEDICAO[Valor Parc.]),0)","v":0},{"$error":"#DIV/0!"}]
["001.16.02","155281","LAVATORIO DE LOUCA C/ COLUNA - BRANCO",null,{"$f":"VLOOKUP(A92,PLANILHA_TAREFA[[Cód. Tarefa]:[Total\nPor Macro - BDI]],4,FALSE)","v":1},"UN",{"$f":"IF(Medição!C$5=\"S/ BDI\",VLOOKUP(A92,'Planilha de Orçamento'!B:P,6,FALSE),(1+VLOOKUP(A92,'Planilha de Orçamento'!B:P,13,FALSE))*VLOOKUP(A92,'Planilha de Orçamento'!B:P,6,FALSE))","v":140.50563000000002},0,{"$f":"IF(F92=0,SUMIF(MEDICAO[Cód. Tarefa],\"=\"&A92&\".\"&\"*\",MEDICAO[Valor Parc.]),0)","v":0},{"$error":"#DIV/0!"}]
["001.16.03","500262","TANQUE DE MARMORE SINTETICO",null,{"$f":"VLOOKUP(A93,PLANILHA_TAREFA[[Cód. Tarefa]:[Total\nPor Macro - BDI]],4,FALSE)","v":1},"UN",{"$f":"IF(Medição!C$5=\"S/ BDI\",VLOOKUP(A93,'Planilha de Orçamento'!B:P,6,FALSE),(1+VLOOKUP(A93,'Planilha de Orçamento'!B:P,13,FALSE))*VLOOKUP(A93,'Planilha de Orçamento'!B:P,6,FALSE))","v":210.11699999999999},0,{"$f":"IF(F93=0,SUMIF(MEDICAO[Cód. Tarefa],\"=\"&A93&\".\"&\"*\",MEDICAO[Valor Parc.]),0)","v":0},{"$error":"#DIV/0!"}]
["001.16.04","500058","PIA DE GRANITO 1,20 X 0,60 M C/ CUBA DE INOX",null,{"$f":"VLOOKUP(A94,PLANILHA_TAREFA[[Cód. Tarefa]:[Total\nPor Macro - BDI]],4,FALSE)","v":1},"UN",{"$f":"IF(Medição!C$5=\"S/ BDI\",VLOOKUP(A94,'Planilha de Orçamento'!B:P,6,FALSE),(1+VLOOKUP(A94,'Planilha de Orçamento'!B:P,13,FALSE))*VLOOKUP(A94,'Planilha de Orçamento'!B:P,6,FALSE))","v":300.19049999999999},0,{"$f":"IF(F94=0,SUMIF(MEDICAO[Cód. Tarefa],\"=\"&A94&\".\"&\"*\",MEDICAO[Valor Parc.]),0)","v":0},{"$error":"#DIV/0!"}]
["001.16.05","401514","TORNEIRA P/LAVATORIO CROMADA",null,{"$f":"VLOOKUP(A95,PLANILHA_TAREFA[[Cód. Tarefa]:[Total\nPor Macro - BDI]],4,FALSE)","v":1},"UN",{"$f":"IF(Medição!C$5=\"S/ BDI\",VLOOKUP(A95,'Planilha de Orçamento'!B:P,6,FALSE),(1+VLOOKUP(A95,'Planilha de Orçamento'!B:P,13,FALSE))*VLOOKUP(A95,'Planilha de Orçamento'!B:P,6,FALSE))","v":23.765699999999999},0,{"$f":"IF(F95=0,SUMIF(MEDICAO[Cód. Tarefa],\"=\"&A95&\".\"&\"*\",MEDICAO[Valor Parc.]),0)","v":0},{"$error":"#DIV/0!"}]
["001.16.06","401702","TORNEIRA CROMADA CURTA P/TANQUE 3/4''",null,{"$f":"VLOOKUP(A96,PLANILHA_TAREFA[[Cód. Tarefa]:[Total\nPor Macro - BDI]],4,FALSE)","v":1},"UN",{"$f":"IF(Medição!C$5=\"S/ BDI\",VLOOKUP(A96,'Planilha de Orçamento'!B:P,6,FALSE),(1+VLOOKUP(A96,'Planilha de Orçamento'!B:P,13,FALSE))*VLOOKUP(A96,'Planilha de Orçamento'!B:P,6,FALSE))","v":19.765699999999999},0,{"$f":"IF(F96=0,SUMIF(MEDICAO[Cód. Tarefa],\"=\"&A96&\".\"&\"*\",MEDICAO[Valor Parc.]),0)","v":0},{"$error":"#DIV/0!"}]
["001.16.07","401513","TORNEIRA CROMADA P/ PIA DE COZINHA 1/2''",null,{"$f":"VLOOKUP(A97,PLANILHA_TAREFA[[Cód. Tarefa]:[Total\nPor Macro - BDI]],4,FALSE)","v":1},"UN",{"$f":"IF(Medição!C$5=\"S/ BDI\",VLOOKUP(A97,'Planilha de Orçamento'!B:P,6,FALSE),(1+VLOOKUP(A97,'Planilha de Orçamento'!B:P,13,FALSE))*VLOOKUP(A97,'Planilha de Orçamento'!B:P,6,FALSE))","v":31.715699999999998},0,{"$f":"IF(F97=0,SUMIF(MEDICAO[Cód. Tarefa],\"=\"&A97&\".\"&\"*\",MEDICAO[Valor Parc.]),0)","v":0},{"$error":"#DIV/0!"}]
["001.16.08","403204","TORNEIRA P/ JARDIM AMARELA 1\"",null,{"$f":"VLOOKUP(A98,PLANILHA_TAREFA[[Cód. Tarefa]:[Total\nPor Macro - BDI]],4,FALSE)","v":1},"UN",{"$f":"IF(Medição!C$5=\"S/ BDI\",VLOOKUP(A98,'Planilha de Orçamento'!B:P,6,FALSE),(1+VLOOKUP(A98,'Planilha de Orçamento'!B:P,13,FALSE))*VLOOKUP(A98,'Planilha de Orçamento'!B:P,6,FALSE))","v":29.088500000000003},0,{"$f":"IF(F98=0,SUMIF(MEDICAO[Cód. Tarefa],\"=\"&A98&\".\"&\"*\",MEDICAO[Valor Parc.]),0)","v":0},{"$error":"#DIV/0!"}]
["001.16.09","151040","REGISTRO DE PRESSAO 3/4'' CROMADO C/ CANOPLA",null,{"$f":"VLOOKUP(A99,PLANILHA_TAREFA[[Cód. Tarefa]:[Total\nPor Macro - BDI]],4,FALSE)","v":1},"UN",{"$f":"IF(Medição!C$5=\"S/ BDI\",VLOOKUP(A99,'Planilha de Orçamento'!B:P,6,FALSE),(1+VLOOKUP(A99,'Planilha de Orçamento'!B:P,13,FALSE))*VLOOKUP(A99,'Planilha de Orçamento'!B:P,6,FALSE))","v":29.002100000000002},0,{"$f":"IF(F99=0,SUMIF(MEDICAO[Cód. Tarefa],\"=\"&A99&\".\"&\"*\",MEDICAO[Valor Parc.]),0)","v":0},{"$error":"#DIV/0!"}]
["001.16.10","155468","REGISTRO DE GAVETA 3/4'' CROMADO C/ CANOPLA",null,{"$f":"VLOOKUP(A100,PLANILHA_TAREFA[[Cód. Tarefa]:[Total\nPor Macro - BDI]],4,FALSE)","v":2},"UN",{"$f":"IF(Medição!C$5=\"S/ BDI\",VLOOKUP(A100,'Planilha de Orçamento'!B:P,6,FALSE),(1+VLOOKUP(A100,'Planilha de Orçamento'!B:P,13,FALSE))*VLOOKUP(A100,'Planilha de Orçamento'!B:P,6,FALSE))","v":27.224500000000003},0,{"$f":"IF(F100=0,SUMIF(MEDICAO[Cód. Tarefa],\"=\"&A100&\".\"&\"*\",MEDICAO[Valor Parc.]),0)","v":0},{"$error":"#DIV/0!"}]
["001.17",0,"SERVIÇOS COMPLEMENTARES",null,{"$f":"VLOOKUP(A101,PLANILHA_TAREFA[[Cód. Tarefa]:[Total\nPor Macro - BDI]],4,FALSE)","v":0},0,{"$f":"IF(Medição!C$5=\"S/ BDI\",VLOOKUP(A101,'Planilha de Orçamento'!B:P,6,FALSE),(1+VLOOKUP(A101,'Planilha de Orçamento'!B:P,13,FALSE))*VLOOKUP(A101,'Planilha de Orçamento'!B:P,6,FALSE))","v":0},0,{"$f":"IF(F101=0,SUMIF(MEDICAO[Cód. Tarefa],\"=\"&A101&\".\"&\"*\",MEDICAO[Valor Parc.]),0)","v":0},{"$error":"#DIV/0!"}]
["001.17.01","500488","MURO DE DIVISA PADRAO EM ALVENARIA - H = 1,50 M",null,{"$f":"VLOOKUP(A102,PLANILHA_TAREFA[[Cód. Tarefa]:[Total\nPor Macro - BDI]],4,FALSE)","v":12.4},"MT",{"$f":"IF(Medição!C$5=\"S/ BDI\",VLOOKUP(A102,'Planilha de Orçamento'!B:P,6,FALSE),(1+VLOOKUP(A102,'Planilha de Orçamento'!B:P,13,FALSE))*VLOOKUP(A102,'Planilha de Orçamento'!B:P,6,FALSE))","v":274.59675663000002},0,{"$f":"IF(F102=0,SUMIF(MEDICAO[Cód. Tarefa],\"=\"&A102&\".\"&\"*\",MEDICAO[Valor Parc.]),0)","v":0},{"$error":"#DIV/0!"}]
["001.17.02","002330","LIMPEZA DA OBRA",null,{"$f":"VLOOKUP(A103,PLANILHA_TAREFA[[Cód. Tarefa]:[Total\nPor Macro - BDI]],4,FALSE)","v":52.57},"M2",{"$f":"IF(Medição!C$5=\"S/ BDI\",VLOOKUP(A103,'Planilha de Orçamento'!B:P,6,FALSE),(1+VLOOKUP(A103,'Planilha de Orçamento'!B:P,13,FALSE))*VLOOKUP(A103,'Planilha de Orçamento'!B:P,6,FALSE))","v":3.9312},0,{"$f":"IF(F103=0,SUMIF(MEDICAO[Cód. Tarefa],\"=\"&A103&\".\"&\"*\",MEDICAO[Valor Parc.]),0)","v":0},{"$error":"#DIV/0!"}]
["001.17.03","600216","PLACA DE IDENTIFICACAO - NUMERACAO DAS CASAS",null,{"$f":"VLOOKUP(A104,PLANILHA_TAREFA[[Cód. Tarefa]:[Total\nPor Macro - BDI]],4,FALSE)","v":1},"UN",{"$f":"IF(Medição!C$5=\"S/ BDI\",VLOOKUP(A104,'Planilha de Orçamento'!B:P,6,FALSE),(1+VLOOKUP(A104,'Planilha de Orçamento'!B:P,13,FALSE))*VLOOKUP(A104,'Planilha de Orçamento'!B:P,6,FALSE))","v":11.08108},{"$f":"G104*IF(AND(D104*E104=0,F104=\"\"),1,(D104)*E104)*SUMIF(A:A,MID(A104,1,IF(ISERR(FIND(\".\",A104,1))=TRUE,LEN(A104),FIND(\".\",A104,1)-1)),E:E)","v":0},{"$f":"IF(F104=0,SUMIF(MEDICAO[Cód. Tarefa],\"=\"&A104&\".\"&\"*\",MEDICAO[Valor Parc.]),0)","v":0},{"$f":"IF(F104=\"\",I104/SUMIF(A:A,\"=\"&MID(A104,1,IF(ISEVEN(LEN(A104)),LEN(A104)-3,LEN(A104)-2))&\"*\",H:H),H104/SUMIF(A:A,\"=\"&MID(A104,1,IF(ISEVEN(LEN(A104)),LEN(A104)-3,LEN(A104)-2))&\"*\",H:H))","v":{"$error":"#DIV/0!"}}]
["001.17.04","500139","PAISAGISMO - PLANTIO DE GRAMA EM PLACAS (JARDINS)",null,{"$f":"VLOOKUP(A105,PLANILHA_TAREFA[[Cód. Tarefa]:[Total\nPor Macro - BDI]],4,FALSE)","v":34.659999999999997},"M2",{"$f":"IF(Medição!C$5=\"S/ BDI\",VLOOKUP(A105,'Planilha de Orçamento'!B:P,6,FALSE),(1+VLOOKUP(A105,'Planilha de Orçamento'!B:P,13,FALSE))*VLOOKUP(A105,'Planilha de Orçamento'!B:P,6,FALSE))","v":7.3562879999999993},0,{"$f":"IF(F105=0,SUMIF(MEDICAO[Cód. Tarefa],\"=\"&A105&\".\"&\"*\",MEDICAO[Valor Parc.]),0)","v":0},{"$error":"#DIV/0!"}]
["001.17.05",0,"CALCADA EXTERNA",null,{"$f":"VLOOKUP(A106,PLANILHA_TAREFA[[Cód. Tarefa]:[Total\nPor Macro - BDI]],4,FALSE)","v":0},0,{"$f":"IF(Medição!C$5=\"S/ BDI\",VLOOKUP(A106,'Planilha de Orçamento'!B:P,6,FALSE),(1+VLOOKUP(A106,'Planilha de Orçamento'!B:P,13,FALSE))*VLOOKUP(A106,'Planilha de Orçamento'!B:P,6,FALSE))","v":0},0,{"$f":"IF(F106=0,SUMIF(MEDICAO[Cód. Tarefa],\"=\"&A106&\".\"&\"*\",MEDICAO[Valor Parc.]),0)","v":0},{"$error":"#DIV/0!"}]
["001.17.05.01","500038","CALÇADA EXTERNA 7CM",null,{"$f":"VLOOKUP(A107,PLANILHA_TAREFA[[Cód. Tarefa]:[Total\nPor Macro - BDI]],4,FALSE)","v":16.8},"M2",{"$f":"IF(Medição!C$5=\"S/ BDI\",VLOOKUP(A107,'Planilha de Orçamento'!B:P,6,FALSE),(1+VLOOKUP(A107,'Planilha de Orçamento'!B:P,13,FALSE))*VLOOKUP(A107,'Planilha de Orçamento'!B:P,6,FALSE))","v":34.668799999999997},0,{"$f":"IF(F107=0,SUMIF(MEDICAO[Cód. Tarefa],\"=\"&A107&\".\"&\"*\",MEDICAO[Valor Parc.]),0)","v":0},{"$error":"#DIV/0!"}]
["001.17.05.02","500139","PAISAGISMO - PLANTIO DE GRAMA EM PLACAS (JARDINS)",null,{"$f":"VLOOKUP(A108,PLANILHA_TAREFA[[Cód. Tarefa]:[Total\nPor Macro - BDI]],4,FALSE)","v":13.2},"M2",{"$f":"IF(Medição!C$5=\"S/ BDI\",VLOOKUP(A108,'Planilha de Orçamento'!B:P,6,FALSE),(1+VLOOKUP(A108,'Planilha de Orçamento'!B:P,13,FALSE))*VLOOKUP(A108,'Planilha de Orçamento'!B:P,6,FALSE))","v":7.3562879999999993},0,{"$f":"IF(F108=0,SUMIF(MEDICAO[Cód. Tarefa],\"=\"&A108&\".\"&\"*\",MEDICAO[Valor Parc.]),0)","v":0},{"$error":"#DIV/0!"}]
["Total",null,null,null,null,null,null,{"$f":"SUBTOTAL(109,MEDICAO[Valor Parc.])","v":0}]

{"sheet":"Planilha de Orçamento","index":3,"n_rows":117,"n_cols":16,"rows_kept":117,"cut":false,"hidden":false,"merged":[]}
[null,null,"Planilha de Orçamento"]
[null,null,"Projeto:"]
[null,null,"Proprietário: "]
[null,null,"Endereço: ",null,null,null,"Total s/ BDI",{"$f":"PLANILHA_TAREFA[[#Totals],[Valor Parc.\nTotal]]","v":61614.045262992018}]
[null,null,null,null,null,null,"Total c/ BDI",{"$f":"PLANILHA_TAREFA[[#Totals],[Valor Parc.\nTotal - BDI]]","v":75785.275673480181}]
[]
[]
[]
[]
["Ativo","Cód. Tarefa","Comp.","Descrição","Quant.","Unid.","Valor Unit.","Valor\n Cotado","Valor Parc.\nUnitário","Valor Parc.\nTotal","Total\nPor Macro","Qte Total","%","BDI","Valor Parc.\nTotal - BDI","Total\nPor Macro - BDI"]
[true,"001",null,"CASA TERREA A = 52,57 m²",1,null,0,0,{"$f":"IF(AND(J11>=0,E11<>\"\"),IF(K11=0,J11/SUMIF(PLANILHA_TAREFA[Cód. Tarefa],MID(B11,1,IF(ISERR(FIND(\".\",B11,1))=TRUE,LEN(B11),FIND(\".\",B11,1)-1)),PLANILHA_TAREFA[Quant.]),K11/E11),K11/SUMIF(PLANILHA_TAREFA[Cód. Tarefa],MID(B11,1,IF(ISERR(FIND(\".\",B11,1))=TRUE,LEN(B11),FIND(\".\",B11,1)-1)),PLANILHA_TAREFA[Quant.]))","v":61614.045262992018},{"$f":"IF(A11=TRUE,1,0)*IF(H11>0,H11,G11)*IF(AND(E11=0,F11=\"\"),1,E11)*SUMIF(PLANILHA_TAREFA[Cód. Tarefa],MID(B11,1,IF(ISERR(FIND(\".\",B11,1))=TRUE,LEN(B11),FIND(\".\",B11,1)-1)),PLANILHA_TAREFA[Quant.])","v":0},{"$f":"IF(F11=\"\",SUMIF(PLANILHA_TAREFA[Cód. Tarefa],\"=\"&B11&\".\"&\"*\",PLANILHA_TAREFA[Valor Parc.\nTotal]),0)","v":61614.045262992018},{"$f":"SUMIF(PLANILHA_TAREFA[Cód. Tarefa],MID(B11,1,IF(ISERR(FIND(\".\",B11,1))=TRUE,LEN(B11),FIND(\".\",B11,1)-1)),PLANILHA_TAREFA[Quant.])","v":1},{"$f":"IF(F11=\"\",IF(SUMIF(PLANILHA_TAREFA[Cód. Tarefa],\"=\"&MID(B11,1,IF(ISEVEN(LEN(B11)),LEN(B11)-3,LEN(B11)-2))&\"*\",PLANILHA_TAREFA[Valor Parc.\nTotal])=0,0,K11/SUMIF(PLANILHA_TAREFA[Cód. Tarefa],\"=\"&MID(B11,1,IF(ISEVEN(LEN(B11)),LEN(B11)-3,LEN(B11)-2))&\"*\",PLANILHA_TAREFA[Valor Parc.\nTotal])),IF(SUMIF(PLANILHA_TAREFA[Cód. Tarefa],\"=\"&MID(B11,1,IF(ISEVEN(LEN(B11)),LEN(B11)-3,LEN(B11)-2))&\"*\",PLANILHA_TAREFA[Valor Parc.\nTotal])=0,0,J11/SUMIF(PLANILHA_TAREFA[Cód. Tarefa],\"=\"&MID(B11,1,IF(ISEVEN(LEN(B11)),LEN(B11)-3,LEN(B11)-2))&\"*\",PLANILHA_TAREFA[Valor Parc.\nTotal])))","v":1},0.23,{"$f":"J11*(1+N11)","v":0},{"$f":"IF(F11=\"\",SUMIF(PLANILHA_TAREFA[Cód. Tarefa],\"=\"&B11&\".\"&\"*\",PLANILHA_TAREFA[Valor Parc.\nTotal - BDI]),0)","v":75785.275673480181}]
[true,"001.01",null,"SERVIÇOS PRELIMINARES",null,null,0,0,{"$f":"IF(AND(J12>=0,E12<>\"\"),IF(K12=0,J12/SUMIF(PLANILHA_TAREFA[Cód. Tarefa],MID(B12,1,IF(ISERR(FIND(\".\",B12,1))=TRUE,LEN(B12),FIND(\".\",B12,1)-1)),PLANILHA_TAREFA[Quant.]),K12/E12),K12/SUMIF(PLANILHA_TAREFA[Cód. Tarefa],MID(B12,1,IF(ISERR(FIND(\".\",B12,1))=TRUE,LEN(B12),FIND(\".\",B12,1)-1)),PLANILHA_TAREFA[Quant.]))","v":2369.6295316000001},{"$f":"IF(A12=TRUE,1,0)*IF(H12>0,H12,G12)*IF(AND(E12=0,F12=\"\"),1,E12)*SUMIF(PLANILHA_TAREFA[Cód. Tarefa],MID(B12,1,IF(ISERR(FIND(\".\",B12,1))=TRUE,LEN(B12),FIND(\".\",B12,1)-1)),PLANILHA_TAREFA[Quant.])","v":0},{"$f":"IF(F12=\"\",SUMIF(PLANILHA_TAREFA[Cód. Tarefa],\"=\"&B12&\".\"&\"*\",PLANILHA_TAREFA[Valor Parc.\nTotal]),0)","v":2369.6295316000001},{"$f":"SUMIF(PLANILHA_TAREFA[Cód. Tarefa],MID(B12,1,IF(ISERR(FIND(\".\",B12,1))=TRUE,LEN(B12),FIND(\".\",B12,1)-1)),PLANILHA_TAREFA[Quant.])","v":1},{"$f":"IF(F12=\"\",IF(SUMIF(PLANILHA_TAREFA[Cód. Tarefa],\"=\"&MID(B12,1,IF(ISEVEN(LEN(B12)),LEN(B12)-3,LEN(B12)-2))&\"*\",PLANILHA_TAREFA[Valor Parc.\nTotal])=0,0,K12/SUMIF(PLANILHA_TAREFA[Cód. Tarefa],\"=\"&MID(B12,1,IF(ISEVEN(LEN(B12)),LEN(B12)-3,LEN(B12)-2))&\"*\",PLANILHA_TAREFA[Valor Parc.\nTotal])),IF(SUMIF(PLANILHA_TAREFA[Cód. Tarefa],\"=\"&MID(B12,1,IF(ISEVEN(LEN(B12)),LEN(B12)-3,LEN(B12)-2))&\"*\",PLANILHA_TAREFA[Valor Parc.\nTotal])=0,0,J12/SUMIF(PLANILHA_TAREFA[Cód. Tarefa],\"=\"&MID(B12,1,IF(ISEVEN(LEN(B12)),LEN(B12)-3,LEN(B12)-2))&\"*\",PLANILHA_TAREFA[Valor Parc.\nTotal])))","v":3.8459242880183021E-2},0.23,0,{"$f":"IF(F12=\"\",SUMIF(PLANILHA_TAREFA[Cód. Tarefa],\"=\"&B12&\".\"&\"*\",PLANILHA_TAREFA[Valor Parc.\nTotal - BDI]),0)","v":2914.6443238680004}]
[true,"001.01.01","000020","LOCACAO DA OBRA",52.57,"M2",4.5118800000000006,0,{"$f":"IF(AND(J13>=0,E13<>\"\"),IF(K13=0,J13/SUMIF(PLANILHA_TAREFA[Cód. Tarefa],MID(B13,1,IF(ISERR(FIND(\".\",B13,1))=TRUE,LEN(B13),FIND(\".\",B13,1)-1)),PLANILHA_TAREFA[Quant.]),K13/E13),K13/SUMIF(PLANILHA_TAREFA[Cód. Tarefa],MID(B13,1,IF(ISERR(FIND(\".\",B13,1))=TRUE,LEN(B13),FIND(\".\",B13,1)-1)),PLANILHA_TAREFA[Quant.]))","v":237.18953160000004},{"$f":"IF(A13=TRUE,1,0)*IF(H13>0,H13,G13)*IF(AND(E13=0,F13=\"\"),1,E13)*SUMIF(PLANILHA_TAREFA[Cód. Tarefa],MID(B13,1,IF(ISERR(FIND(\".\",B13,1))=TRUE,LEN(B13),FIND(\".\",B13,1)-1)),PLANILHA_TAREFA[Quant.])","v":237.18953160000004},{"$f":"IF(F13=\"\",SUMIF(PLANILHA_TAREFA[Cód. Tarefa],\"=\"&B13&\".\"&\"*\",PLANILHA_TAREFA[Valor Parc.\nTotal]),0)","v":0},{"$f":"SUMIF(PLANILHA_TAREFA[Cód. Tarefa],MID(B13,1,IF(ISERR(FIND(\".\",B13,1))=TRUE,LEN(B13),FIND(\".\",B13,1)-1)),PLANILHA_TAREFA[Quant.])","v":1},{"$f":"IF(F13=\"\",IF(SUMIF(PLANILHA_TAREFA[Cód. Tarefa],\"=\"&MID(B13,1,IF(ISEVEN(LEN(B13)),LEN(B13)-3,LEN(B13)-2))&\"*\",PLANILHA_TAREFA[Valor Parc.\nTotal])=0,0,K13/SUMIF(PLANILHA_TAREFA[Cód. Tarefa],\"=\"&MID(B13,1,IF(ISEVEN(LEN(B13)),LEN(B13)-3,LEN(B13)-2))&\"*\",PLANILHA_TAREFA[Valor Parc.\nTotal])),IF(SUMIF(PLANILHA_TAREFA[Cód. Tarefa],\"=\"&MID(B13,1,IF(ISEVEN(LEN(B13)),LEN(B13)-3,LEN(B13)-2))&\"*\",PLANILHA_TAREFA[Valor Parc.\nTotal])=0,0,J13/SUMIF(PLANILHA_TAREFA[Cód. Tarefa],\"=\"&MID(B13,1,IF(ISEVEN(LEN(B13)),LEN(B13)-3,LEN(B13)-2))&\"*\",PLANILHA_TAREFA[Valor Parc.\nTotal])))","v":0.10009561766384935},0.23,291.74312386800005,{"$f":"IF(F13=\"\",SUMIF(PLANILHA_TAREFA[Cód. Tarefa],\"=\"&B13&\".\"&\"*\",PLANILHA_TAREFA[Valor Parc.\nTotal - BDI]),0)","v":0}]
[true,"001.01.02","300574","TERRAPLENAGEM - LIMPEZA,BEM COMO,REMOCAO DO SOLO VEGETAL NA ESP.MEDIA DE 10CM,CARGA E TRAN",125,"M2",2,0,{"$f":"IF(AND(J14>=0,E14<>\"\"),IF(K14=0,J14/SUMIF(PLANILHA_TAREFA[Cód. Tarefa],MID(B14,1,IF(ISERR(FIND(\".\",B14,1))=TRUE,LEN(B14),FIND(\".\",B14,1)-1)),PLANILHA_TAREFA[Quant.]),K14/E14),K14/SUMIF(PLANILHA_TAREFA[Cód. Tarefa],MID(B14,1,IF(ISERR(FIND(\".\",B14,1))=TRUE,LEN(B14),FIND(\".\",B14,1)-1)),PLANILHA_TAREFA[Quant.]))","v":250},{"$f":"IF(A14=TRUE,1,0)*IF(H14>0,H14,G14)*IF(AND(E14=0,F14=\"\"),1,E14)*SUMIF(PLANILHA_TAREFA[Cód. Tarefa],MID(B14,1,IF(ISERR(FIND(\".\",B14,1))=TRUE,LEN(B14),FIND(\".\",B14,1)-1)),PLANILHA_TAREFA[Quant.])","v":250},{"$f":"IF(F14=\"\",SUMIF(PLANILHA_TAREFA[Cód. Tarefa],\"=\"&B14&\".\"&\"*\",PLANILHA_TAREFA[Valor Parc.\nTotal]),0)","v":0},{"$f":"SUMIF(PLANILHA_TAREFA[Cód. Tarefa],MID(B14,1,IF(ISERR(FIND(\".\",B14,1))=TRUE,LEN(B14),FIND(\".\",B14,1)-1)),PLANILHA_TAREFA[Quant.])","v":1},{"$f":"IF(F14=\"\",IF(SUMIF(PLANILHA_TAREFA[Cód. Tarefa],\"=\"&MID(B14,1,IF(ISEVEN(LEN(B14)),LEN(B14)-3,LEN(B14)-2))&\"*\",PLANILHA_TAREFA[Valor Parc.\nTotal])=0,0,K14/SUMIF(PLANILHA_TAREFA[Cód. Tarefa],\"=\"&MID(B14,1,IF(ISEVEN(LEN(B14)),LEN(B14)-3,LEN(B14)-2))&\"*\",PLANILHA_TAREFA[Valor Parc.\nTotal])),IF(SUMIF(PLANILHA_TAREFA[Cód. Tarefa],\"=\"&MID(B14,1,IF(ISEVEN(LEN(B14)),LEN(B14)-3,LEN(B14)-2))&\"*\",PLANILHA_TAREFA[Valor Parc.\nTotal])=0,0,J14/SUMIF(PLANILHA_TAREFA[Cód. Tarefa],\"=\"&MID(B14,1,IF(ISEVEN(LEN(B14)),LEN(B14)-3,LEN(B14)-2))&\"*\",PLANILHA_TAREFA[Valor Parc.\nTotal])))","v":0.10550172365179684},0.23,307.5,{"$f":"IF(F14=\"\",SUMIF(PLANILHA_TAREFA[Cód. Tarefa],\"=\"&B14&\".\"&\"*\",PLANILHA_TAREFA[Valor Parc.\nTotal - BDI]),0)","v":0}]
[true,"001.01.03","300571","TERRAPLENAGEM - CORTE DE MATERIAL DE 1ª CATEGORIA",63,"M3",4.58,0,{"$f":"IF(AND(J15>=0,E15<>\"\"),IF(K15=0,J15/SUMIF(PLANILHA_TAREFA[Cód. Tarefa],MID(B15,1,IF(ISERR(FIND(\".\",B15,1))=TRUE,LEN(B15),FIND(\".\",B15,1)-1)),PLANILHA_TAREFA[Quant.]),K15/E15),K15/SUMIF(PLANILHA_TAREFA[Cód. Tarefa],MID(B15,1,IF(ISERR(FIND(\".\",B15,1))=TRUE,LEN(B15),FIND(\".\",B15,1)-1)),PLANILHA_TAREFA[Quant.]))","v":288.54000000000002},{"$f":"IF(A15=TRUE,1,0)*IF(H15>0,H15,G15)*IF(AND(E15=0,F15=\"\"),1,E15)*SUMIF(PLANILHA_TAREFA[Cód. Tarefa],MID(B15,1,IF(ISERR(FIND(\".\",B15,1))=TRUE,LEN(B15),FIND(\".\",B15,1)-1)),PLANILHA_TAREFA[Quant.])","v":288.54000000000002},{"$f":"IF(F15=\"\",SUMIF(PLANILHA_TAREFA[Cód. Tarefa],\"=\"&B15&\".\"&\"*\",PLANILHA_TAREFA[Valor Parc.\nTotal]),0)","v":0},{"$f":"SUMIF(PLANILHA_TAREFA[Cód. Tarefa],MID(B15,1,IF(ISERR(FIND(\".\",B15,1))=TRUE,LEN(B15),FIND(\".\",B15,1)-1)),PLANILHA_TAREFA[Quant.])","v":1},{"$f":"IF(F15=\"\",IF(SUMIF(PLANILHA_TAREFA[Cód. Tarefa],\"=\"&MID(B15,1,IF(ISEVEN(LEN(B15)),LEN(B15)-3,LEN(B15)-2))&\"*\",PLANILHA_TAREFA[Valor Parc.\nTotal])=0,0,K15/SUMIF(PLANILHA_TAREFA[Cód. Tarefa],\"=\"&MID(B15,1,IF(ISEVEN(LEN(B15)),LEN(B15)-3,LEN(B15)-2))&\"*\",PLANILHA_TAREFA[Valor Parc.\nTotal])),IF(SUMIF(PLANILHA_TAREFA[Cód. Tarefa],\"=\"&MID(B15,1,IF(ISEVEN(LEN(B15)),LEN(B15)-3,LEN(B15)-2))&\"*\",PLANILHA_TAREFA[Valor Parc.\nTotal])=0,0,J15/SUMIF(PLANILHA_TAREFA[Cód. Tarefa],\"=\"&MID(B15,1,IF(ISEVEN(LEN(B15)),LEN(B15)-3,LEN(B15)-2))&\"*\",PLANILHA_TAREFA[Valor Parc.\nTotal])))","v":0.12176586936995785},0.23,354.9042,{"$f":"IF(F15=\"\",SUMIF(PLANILHA_TAREFA[Cód. Tarefa],\"=\"&B15&\".\"&\"*\",PLANILHA_TAREFA[Valor Parc.\nTotal - BDI]),0)","v":0}]
[true,"001.01.04","300573","TERRAPLENAGEM - FORNEC. DE MAT. P/ ATERRO, INCLUINDO CORTE,CARGA,TRANS",63,"M3",25.3,0,{"$f":"IF(AND(J16>=0,E16<>\"\"),IF(K16=0,J16/SUMIF(PLANILHA_TAREFA[Cód. Tarefa],MID(B16,1,IF(ISERR(FIND(\".\",B16,1))=TRUE,LEN(B16),FIND(\".\",B16,1)-1)),PLANILHA_TAREFA[Quant.]),K16/E16),K16/SUMIF(PLANILHA_TAREFA[Cód. Tarefa],MID(B16,1,IF(ISERR(FIND(\".\",B16,1))=TRUE,LEN(B16),FIND(\".\",B16,1)-1)),PLANILHA_TAREFA[Quant.]))","v":1593.9},{"$f":"IF(A16=TRUE,1,0)*IF(H16>0,H16,G16)*IF(AND(E16=0,F16=\"\"),1,E16)*SUMIF(PLANILHA_TAREFA[Cód. Tarefa],MID(B16,1,IF(ISERR(FIND(\".\",B16,1))=TRUE,LEN(B16),FIND(\".\",B16,1)-1)),PLANILHA_TAREFA[Quant.])","v":1593.9},{"$f":"IF(F16=\"\",SUMIF(PLANILHA_TAREFA[Cód. Tarefa],\"=\"&B16&\".\"&\"*\",PLANILHA_TAREFA[Valor Parc.\nTotal]),0)","v":0},{"$f":"SUMIF(PLANILHA_TAREFA[Cód. Tarefa],MID(B16,1,IF(ISERR(FIND(\".\",B16,1))=TRUE,LEN(B16),FIND(\".\",B16,1)-1)),PLANILHA_TAREFA[Quant.])","v":1},{"$f":"IF(F16=\"\",IF(SUMIF(PLANILHA_TAREFA[Cód. Tarefa],\"=\"&MID(B16,1,IF(ISEVEN(LEN(B16)),LEN(B16)-3,LEN(B16)-2))&\"*\",PLANILHA_TAREFA[Valor Parc.\nTotal])=0,0,K16/SUMIF(PLANILHA_TAREFA[Cód. Tarefa],\"=\"&MID(B16,1,IF(ISEVEN(LEN(B16)),LEN(B16)-3,LEN(B16)-2))&\"*\",PLANILHA_TAREFA[Valor Parc.\nTotal])),IF(SUMIF(PLANILHA_TAREFA[Cód. Tarefa],\"=\"&MID(B16,1,IF(ISEVEN(LEN(B16)),LEN(B16)-3,LEN(B16)-2))&\"*\",PLANILHA_TAREFA[Valor Parc.\nTotal])=0,0,J16/SUMIF(PLANILHA_TAREFA[Cód. Tarefa],\"=\"&MID(B16,1,IF(ISEVEN(LEN(B16)),LEN(B16)-3,LEN(B16)-2))&\"*\",PLANILHA_TAREFA[Valor Parc.\nTotal])))","v":0.67263678931439597},0.23,1960.4970000000001,{"$f":"IF(F16=\"\",SUMIF(PLANILHA_TAREFA[Cód. Tarefa],\"=\"&B16&\".\"&\"*\",PLANILHA_TAREFA[Valor Parc.\nTotal - BDI]),0)","v":0}]
[true,"001.02",null,"FUNDACOES",null,null,0,0,{"$f":"IF(AND(J17>=0,E17<>\"\"),IF(K17=0,J17/SUMIF(PLANILHA_TAREFA[Cód. Tarefa],MID(B17,1,IF(ISERR(FIND(\".\",B17,1))=TRUE,LEN(B17),FIND(\".\",B17,1)-1)),PLANILHA_TAREFA[Quant.]),K17/E17),K17/SUMIF(PLANILHA_TAREFA[Cód. Tarefa],MID(B17,1,IF(ISERR(FIND(\".\",B17,1))=TRUE,LEN(B17),FIND(\".\",B17,1)-1)),PLANILHA_TAREFA[Quant.]))","v":3849.1523804000012},{"$f":"IF(A17=TRUE,1,0)*IF(H17>0,H17,G17)*IF(AND(E17=0,F17=\"\"),1,E17)*SUMIF(PLANILHA_TAREFA[Cód. Tarefa],MID(B17,1,IF(ISERR(FIND(\".\",B17,1))=TRUE,LEN(B17),FIND(\".\",B17,1)-1)),PLANILHA_TAREFA[Quant.])","v":0},{"$f":"IF(F17=\"\",SUMIF(PLANILHA_TAREFA[Cód. Tarefa],\"=\"&B17&\".\"&\"*\",PLANILHA_TAREFA[Valor Parc.\nTotal]),0)","v":3849.1523804000012},{"$f":"SUMIF(PLANILHA_TAREFA[Cód. Tarefa],MID(B17,1,IF(ISERR(FIND(\".\",B17,1))=TRUE,LEN(B17),FIND(\".\",B17,1)-1)),PLANILHA_TAREFA[Quant.])","v":1},{"$f":"IF(F17=\"\",IF(SUMIF(PLANILHA_TAREFA[Cód. Tarefa],\"=\"&MID(B17,1,IF(ISEVEN(LEN(B17)),LEN(B17)-3,LEN(B17)-2))&\"*\",PLANILHA_TAREFA[Valor Parc.\nTotal])=0,0,K17/SUMIF(PLANILHA_TAREFA[Cód. Tarefa],\"=\"&MID(B17,1,IF(ISEVEN(LEN(B17)),LEN(B17)-3,LEN(B17)-2))&\"*\",PLANILHA_TAREFA[Valor Parc.\nTotal])),IF(SUMIF(PLANILHA_TAREFA[Cód. Tarefa],\"=\"&MID(B17,1,IF(ISEVEN(LEN(B17)),LEN(B17)-3,LEN(B17)-2))&\"*\",PLANILHA_TAREFA[Valor Parc.\nTotal])=0,0,J17/SUMIF(PLANILHA_TAREFA[Cód. Tarefa],\"=\"&MID(B17,1,IF(ISEVEN(LEN(B17)),LEN(B17)-3,LEN(B17)-2))&\"*\",PLANILHA_TAREFA[Valor Parc.\nTotal])))","v":6.2471995856957042E-2},0.23,0,{"$f":"IF(F17=\"\",SUMIF(PLANILHA_TAREFA[Cód. Tarefa],\"=\"&B17&\".\"&\"*\",PLANILHA_TAREFA[Valor Parc.\nTotal - BDI]),0)","v":4734.4574278920018}]
[true,"001.02.01","500001","RADIER",69.37,"M2",53.412920000000014,0,{"$f":"IF(AND(J18>=0,E18<>\"\"),IF(K18=0,J18/SUMIF(PLANILHA_TAREFA[Cód. Tarefa],MID(B18,1,IF(ISERR(FIND(\".\",B18,1))=TRUE,LEN(B18),FIND(\".\",B18,1)-1)),PLANILHA_TAREFA[Quant.]),K18/E18),K18/SUMIF(PLANILHA_TAREFA[Cód. Tarefa],MID(B18,1,IF(ISERR(FIND(\".\",B18,1))=TRUE,LEN(B18),FIND(\".\",B18,1)-1)),PLANILHA_TAREFA[Quant.]))","v":3705.2542604000014},{"$f":"IF(A18=TRUE,1,0)*IF(H18>0,H18,G18)*IF(AND(E18=0,F18=\"\"),1,E18)*SUMIF(PLANILHA_TAREFA[Cód. Tarefa],MID(B18,1,IF(ISERR(FIND(\".\",B18,1))=TRUE,LEN(B18),FIND(\".\",B18,1)-1)),PLANILHA_TAREFA[Quant.])","v":3705.2542604000014},{"$f":"IF(F18=\"\",SUMIF(PLANILHA_TAREFA[Cód. Tarefa],\"=\"&B18&\".\"&\"*\",PLANILHA_TAREFA[Valor Parc.\nTotal]),0)","v":0},{"$f":"SUMIF(PLANILHA_TAREFA[Cód. Tarefa],MID(B18,1,IF(ISERR(FIND(\".\",B18,1))=TRUE,LEN(B18),FIND(\".\",B18,1)-1)),PLANILHA_TAREFA[Quant.])","v":1},{"$f":"IF(F18=\"\",IF(SUMIF(PLANILHA_TAREFA[Cód. Tarefa],\"=\"&MID(B18,1,IF(ISEVEN(LEN(B18)),LEN(B18)-3,LEN(B18)-2))&\"*\",PLANILHA_TAREFA[Valor Parc.\nTotal])=0,0,K18/SUMIF(PLANILHA_TAREFA[Cód. Tarefa],\"=\"&MID(B18,1,IF(ISEVEN(LEN(B18)),LEN(B18)-3,LEN(B18)-2))&\"*\",PLANILHA_TAREFA[Valor Parc.\nTotal])),IF(SUMIF(PLANILHA_TAREFA[Cód. Tarefa],\"=\"&MID(B18,1,IF(ISEVEN(LEN(B18)),LEN(B18)-3,LEN(B18)-2))&\"*\",PLANILHA_TAREFA[Valor Parc.\nTotal])=0,0,J18/SUMIF(PLANILHA_TAREFA[Cód. Tarefa],\"=\"&MID(B18,1,IF(ISEVEN(LEN(B18)),LEN(B18)-3,LEN(B18)-2))&\"*\",PLANILHA_TAREFA[Valor Parc.\nTotal])))","v":0.96261563435816844},0.23,4557.4627402920014,{"$f":"IF(F18=\"\",SUMIF(PLANILHA_TAREFA[Cód. Tarefa],\"=\"&B18&\".\"&\"*\",PLANILHA_TAREFA[Valor Parc.\nTotal - BDI]),0)","v":0}]
[true,"001.02.02","500015","ARMACAO ACO CA-50 MEDIA",23,"KG",6.2564399999999996,0,{"$f":"IF(AND(J19>=0,E19<>\"\"),IF(K19=0,J19/SUMIF(PLANILHA_TAREFA[Cód. Tarefa],MID(B19,1,IF(ISERR(FIND(\".\",B19,1))=TRUE,LEN(B19),FIND(\".\",B19,1)-1)),PLANILHA_TAREFA[Quant.]),K19/E19),K19/SUMIF(PLANILHA_TAREFA[Cód. Tarefa],MID(B19,1,IF(ISERR(FIND(\".\",B19,1))=TRUE,LEN(B19),FIND(\".\",B19,1)-1)),PLANILHA_TAREFA[Quant.]))","v":143.89811999999998},{"$f":"IF(A19=TRUE,1,0)*IF(H19>0,H19,G19)*IF(AND(E19=0,F19=\"\"),1,E19)*SUMIF(PLANILHA_TAREFA[Cód. Tarefa],MID(B19,1,IF(ISERR(FIND(\".\",B19,1))=TRUE,LEN(B19),FIND(\".\",B19,1)-1)),PLANILHA_TAREFA[Quant.])","v":143.89811999999998},{"$f":"IF(F19=\"\",SUMIF(PLANILHA_TAREFA[Cód. Tarefa],\"=\"&B19&\".\"&\"*\",PLANILHA_TAREFA[Valor Parc.\nTotal]),0)","v":0},{"$f":"SUMIF(PLANILHA_TAREFA[Cód. Tarefa],MID(B19,1,IF(ISERR(FIND(\".\",B19,1))=TRUE,LEN(B19),FIND(\".\",B19,1)-1)),PLANILHA_TAREFA[Quant.])","v":1},{"$f":"IF(F19=\"\",IF(SUMIF(PLANILHA_TAREFA[Cód. Tarefa],\"=\"&MID(B19,1,IF(ISEVEN(LEN(B19)),LEN(B19)-3,LEN(B19)-2))&\"*\",PLANILHA_TAREFA[Valor Parc.\nTotal])=0,0,K19/SUMIF(PLANILHA_TAREFA[Cód. Tarefa],\"=\"&MID(B19,1,IF(ISEVEN(LEN(B19)),LEN(B19)-3,LEN(B19)-2))&\"*\",PLANILHA_TAREFA[Valor Parc.\nTotal])),IF(SUMIF(PLANILHA_TAREFA[Cód. Tarefa],\"=\"&MID(B19,1,IF(ISEVEN(LEN(B19)),LEN(B19)-3,LEN(B19)-2))&\"*\",PLANILHA_TAREFA[Valor Parc.\nTotal])=0,0,J19/SUMIF(PLANILHA_TAREFA[Cód. Tarefa],\"=\"&MID(B19,1,IF(ISEVEN(LEN(B19)),LEN(B19)-3,LEN(B19)-2))&\"*\",PLANILHA_TAREFA[Valor Parc.\nTotal])))","v":3.7384365641831563E-2},0.23,176.99468759999996,{"$f":"IF(F19=\"\",SUMIF(PLANILHA_TAREFA[Cód. Tarefa],\"=\"&B19&\".\"&\"*\",PLANILHA_TAREFA[Valor Parc.\nTotal - BDI]),0)","v":0}]
[true,"001.03",null,"ESTRUTURA",null,null,0,0,{"$f":"IF(AND(J20>=0,E20<>\"\"),IF(K20=0,J20/SUMIF(PLANILHA_TAREFA[Cód. Tarefa],MID(B20,1,IF(ISERR(FIND(\".\",B20,1))=TRUE,LEN(B20),FIND(\".\",B20,1)-1)),PLANILHA_TAREFA[Quant.]),K20/E20),K20/SUMIF(PLANILHA_TAREFA[Cód. Tarefa],MID(B20,1,IF(ISERR(FIND(\".\",B20,1))=TRUE,LEN(B20),FIND(\".\",B20,1)-1)),PLANILHA_TAREFA[Quant.]))","v":6371.5980191999997},{"$f":"IF(A20=TRUE,1,0)*IF(H20>0,H20,G20)*IF(AND(E20=0,F20=\"\"),1,E20)*SUMIF(PLANILHA_TAREFA[Cód. Tarefa],MID(B20,1,IF(ISERR(FIND(\".\",B20,1))=TRUE,LEN(B20),FIND(\".\",B20,1)-1)),PLANILHA_TAREFA[Quant.])","v":0},{"$f":"IF(F20=\"\",SUMIF(PLANILHA_TAREFA[Cód. Tarefa],\"=\"&B20&\".\"&\"*\",PLANILHA_TAREFA[Valor Parc.\nTotal]),0)","v":6371.5980191999997},{"$f":"SUMIF(PLANILHA_TAREFA[Cód. Tarefa],MID(B20,1,IF(ISERR(FIND(\".\",B20,1))=TRUE,LEN(B20),FIND(\".\",B20,1)-1)),PLANILHA_TAREFA[Quant.])","v":1},{"$f":"IF(F20=\"\",IF(SUMIF(PLANILHA_TAREFA[Cód. Tarefa],\"=\"&MID(B20,1,IF(ISEVEN(LEN(B20)),LEN(B20)-3,LEN(B20)-2))&\"*\",PLANILHA_TAREFA[Valor Parc.\nTotal])=0,0,K20/SUMIF(PLANILHA_TAREFA[Cód. Tarefa],\"=\"&MID(B20,1,IF(ISEVEN(LEN(B20)),LEN(B20)-3,LEN(B20)-2))&\"*\",PLANILHA_TAREFA[Valor Parc.\nTotal])),IF(SUMIF(PLANILHA_TAREFA[Cód. Tarefa],\"=\"&MID(B20,1,IF(ISEVEN(LEN(B20)),LEN(B20)-3,LEN(B20)-2))&\"*\",PLANILHA_TAREFA[Valor Parc.\nTotal])=0,0,J20/SUMIF(PLANILHA_TAREFA[Cód. Tarefa],\"=\"&MID(B20,1,IF(ISEVEN(LEN(B20)),LEN(B20)-3,LEN(B20)-2))&\"*\",PLANILHA_TAREFA[Valor Parc.\nTotal])))","v":0.1034114541904141},0.23,0,{"$f":"IF(F20=\"\",SUMIF(PLANILHA_TAREFA[Cód. Tarefa],\"=\"&B20&\".\"&\"*\",PLANILHA_TAREFA[Valor Parc.\nTotal - BDI]),0)","v":7837.0655636159991}]
[true,"001.03.01","002953","CONCRETO USINADO 20,0 MPA SLUMP CONVENCIONAL C/ LANCAMENTO",1.92,"M3",337.45949999999999,0,{"$f":"IF(AND(J21>=0,E21<>\"\"),IF(K21=0,J21/SUMIF(PLANILHA_TAREFA[Cód. Tarefa],MID(B21,1,IF(ISERR(FIND(\".\",B21,1))=TRUE,LEN(B21),FIND(\".\",B21,1)-1)),PLANILHA_TAREFA[Quant.]),K21/E21),K21/SUMIF(PLANILHA_TAREFA[Cód. Tarefa],MID(B21,1,IF(ISERR(FIND(\".\",B21,1))=TRUE,LEN(B21),FIND(\".\",B21,1)-1)),PLANILHA_TAREFA[Quant.]))","v":647.92223999999999},{"$f":"IF(A21=TRUE,1,0)*IF(H21>0,H21,G21)*IF(AND(E21=0,F21=\"\"),1,E21)*SUMIF(PLANILHA_TAREFA[Cód. Tarefa],MID(B21,1,IF(ISERR(FIND(\".\",B21,1))=TRUE,LEN(B21),FIND(\".\",B21,1)-1)),PLANILHA_TAREFA[Quant.])","v":647.92223999999999},{"$f":"IF(F21=\"\",SUMIF(PLANILHA_TAREFA[Cód. Tarefa],\"=\"&B21&\".\"&\"*\",PLANILHA_TAREFA[Valor Parc.\nTotal]),0)","v":0},{"$f":"SUMIF(PLANILHA_TAREFA[Cód. Tarefa],MID(B21,1,IF(ISERR(FIND(\".\",B21,1))=TRUE,LEN(B21),FIND(\".\",B21,1)-1)),PLANILHA_TAREFA[Quant.])","v":1},{"$f":"IF(F21=\"\",IF(SUMIF(PLANILHA_TAREFA[Cód. Tarefa],\"=\"&MID(B21,1,IF(ISEVEN(LEN(B21)),LEN(B21)-3,LEN(B21)-2))&\"*\",PLANILHA_TAREFA[Valor Parc.\nTotal])=0,0,K21/SUMIF(PLANILHA_TAREFA[Cód. Tarefa],\"=\"&MID(B21,1,IF(ISEVEN(LEN(B21)),LEN(B21)-3,LEN(B21)-2))&\"*\",PLANILHA_TAREFA[Valor Parc.\nTotal])),IF(SUMIF(PLANILHA_TAREFA[Cód. Tarefa],\"=\"&MID(B21,1,IF(ISEVEN(LEN(B21)),LEN(B21)-3,LEN(B21)-2))&\"*\",PLANILHA_TAREFA[Valor Parc.\nTotal])=0,0,J21/SUMIF(PLANILHA_TAREFA[Cód. Tarefa],\"=\"&MID(B21,1,IF(ISEVEN(LEN(B21)),LEN(B21)-3,LEN(B21)-2))&\"*\",PLANILHA_TAREFA[Valor Parc.\nTotal])))","v":0.10168912697373073},0.23,796.94435520000002,{"$f":"IF(F21=\"\",SUMIF(PLANILHA_TAREFA[Cód. Tarefa],\"=\"&B21&\".\"&\"*\",PLANILHA_TAREFA[Valor Parc.\nTotal - BDI]),0)","v":0}]
[true,"001.03.02","500015","ARMACAO ACO CA-50 MEDIA",221,"KG",6.2564399999999996,0,{"$f":"IF(AND(J22>=0,E22<>\"\"),IF(K22=0,J22/SUMIF(PLANILHA_TAREFA[Cód. Tarefa],MID(B22,1,IF(ISERR(FIND(\".\",B22,1))=TRUE,LEN(B22),FIND(\".\",B22,1)-1)),PLANILHA_TAREFA[Quant.]),K22/E22),K22/SUMIF(PLANILHA_TAREFA[Cód. Tarefa],MID(B22,1,IF(ISERR(FIND(\".\",B22,1))=TRUE,LEN(B22),FIND(\".\",B22,1)-1)),PLANILHA_TAREFA[Quant.]))","v":1382.6732399999999},{"$f":"IF(A22=TRUE,1,0)*IF(H22>0,H22,G22)*IF(AND(E22=0,F22=\"\"),1,E22)*SUMIF(PLANILHA_TAREFA[Cód. Tarefa],MID(B22,1,IF(ISERR(FIND(\".\",B22,1))=TRUE,LEN(B22),FIND(\".\",B22,1)-1)),PLANILHA_TAREFA[Quant.])","v":1382.6732399999999},{"$f":"IF(F22=\"\",SUMIF(PLANILHA_TAREFA[Cód. Tarefa],\"=\"&B22&\".\"&\"*\",PLANILHA_TAREFA[Valor Parc.\nTotal]),0)","v":0},{"$f":"SUMIF(PLANILHA_TAREFA[Cód. Tarefa],MID(B22,1,IF(ISERR(FIND(\".\",B22,1))=TRUE,LEN(B22),FIND(\".\",B22,1)-1)),PLANILHA_TAREFA[Quant.])","v":1},{"$f":"IF(F22=\"\",IF(SUMIF(PLANILHA_TAREFA[Cód. Tarefa],\"=\"&MID(B22,1,IF(ISEVEN(LEN(B22)),LEN(B22)-3,LEN(B22)-2))&\"*\",PLANILHA_TAREFA[Valor Parc.\nTotal])=0,0,K22/SUMIF(PLANILHA_TAREFA[Cód. Tarefa],\"=\"&MID(B22,1,IF(ISEVEN(LEN(B22)),LEN(B22)-3,LEN(B22)-2))&\"*\",PLANILHA_TAREFA[Valor Parc.\nTotal])),IF(SUMIF(PLANILHA_TAREFA[Cód. Tarefa],\"=\"&MID(B22,1,IF(ISEVEN(LEN(B22)),LEN(B22)-3,LEN(B22)-2))&\"*\",PLANILHA_TAREFA[Valor Parc.\nTotal])=0,0,J22/SUMIF(PLANILHA_TAREFA[Cód. Tarefa],\"=\"&MID(B22,1,IF(ISEVEN(LEN(B22)),LEN(B22)-3,LEN(B22)-2))&\"*\",PLANILHA_TAREFA[Valor Parc.\nTotal])))","v":0.21700572381269032},0.23,1700.6880851999997,{"$f":"IF(F22=\"\",SUMIF(PLANILHA_TAREFA[Cód. Tarefa],\"=\"&B22&\".\"&\"*\",PLANILHA_TAREFA[Valor Parc.\nTotal - BDI]),0)","v":0}]
[true,"001.03.03","500016","LAJE DE FORRO PRE-FABRICADA",52.57,"M2",59.888160000000006,0,{"$f":"IF(AND(J23>=0,E23<>\"\"),IF(K23=0,J23/SUMIF(PLANILHA_TAREFA[Cód. Tarefa],MID(B23,1,IF(ISERR(FIND(\".\",B23,1))=TRUE,LEN(B23),FIND(\".\",B23,1)-1)),PLANILHA_TAREFA[Quant.]),K23/E23),K23/SUMIF(PLANILHA_TAREFA[Cód. Tarefa],MID(B23,1,IF(ISERR(FIND(\".\",B23,1))=TRUE,LEN(B23),FIND(\".\",B23,1)-1)),PLANILHA_TAREFA[Quant.]))","v":3148.3205712000004},{"$f":"IF(A23=TRUE,1,0)*IF(H23>0,H23,G23)*IF(AND(E23=0,F23=\"\"),1,E23)*SUMIF(PLANILHA_TAREFA[Cód. Tarefa],MID(B23,1,IF(ISERR(FIND(\".\",B23,1))=TRUE,LEN(B23),FIND(\".\",B23,1)-1)),PLANILHA_TAREFA[Quant.])","v":3148.3205712000004},{"$f":"IF(F23=\"\",SUMIF(PLANILHA_TAREFA[Cód. Tarefa],\"=\"&B23&\".\"&\"*\",PLANILHA_TAREFA[Valor Parc.\nTotal]),0)","v":0},{"$f":"SUMIF(PLANILHA_TAREFA[Cód. Tarefa],MID(B23,1,IF(ISERR(FIND(\".\",B23,1))=TRUE,LEN(B23),FIND(\".\",B23,1)-1)),PLANILHA_TAREFA[Quant.])","v":1},{"$f":"IF(F23=\"\",IF(SUMIF(PLANILHA_TAREFA[Cód. Tarefa],\"=\"&MID(B23,1,IF(ISEVEN(LEN(B23)),LEN(B23)-3,LEN(B23)-2))&\"*\",PLANILHA_TAREFA[Valor Parc.\nTotal])=0,0,K23/SUMIF(PLANILHA_TAREFA[Cód. Tarefa],\"=\"&MID(B23,1,IF(ISEVEN(LEN(B23)),LEN(B23)-3,LEN(B23)-2))&\"*\",PLANILHA_TAREFA[Valor Parc.\nTotal])),IF(SUMIF(PLANILHA_TAREFA[Cód. Tarefa],\"=\"&MID(B23,1,IF(ISEVEN(LEN(B23)),LEN(B23)-3,LEN(B23)-2))&\"*\",PLANILHA_TAREFA[Valor Parc.\nTotal])=0,0,J23/SUMIF(PLANILHA_TAREFA[Cód. Tarefa],\"=\"&MID(B23,1,IF(ISEVEN(LEN(B23)),LEN(B23)-3,LEN(B23)-2))&\"*\",PLANILHA_TAREFA[Valor Parc.\nTotal])))","v":0.49411789031777226},0.23,3872.4343025760004,{"$f":"IF(F23=\"\",SUMIF(PLANILHA_TAREFA[Cód. Tarefa],\"=\"&B23&\".\"&\"*\",PLANILHA_TAREFA[Valor Parc.\nTotal - BDI]),0)","v":0}]
[true,"001.03.04","402485","FORMA DE COMPENSADO PLASTIFICADO 18,0 MM\n",23.83,"M2",50.049599999999998,0,{"$f":"IF(AND(J24>=0,E24<>\"\"),IF(K24=0,J24/SUMIF(PLANILHA_TAREFA[Cód. Tarefa],MID(B24,1,IF(ISERR(FIND(\".\",B24,1))=TRUE,LEN(B24),FIND(\".\",B24,1)-1)),PLANILHA_TAREFA[Quant.]),K24/E24),K24/SUMIF(PLANILHA_TAREFA[Cód. Tarefa],MID(B24,1,IF(ISERR(FIND(\".\",B24,1))=TRUE,LEN(B24),FIND(\".\",B24,1)-1)),PLANILHA_TAREFA[Quant.]))","v":1192.6819679999999},{"$f":"IF(A24=TRUE,1,0)*IF(H24>0,H24,G24)*IF(AND(E24=0,F24=\"\"),1,E24)*SUMIF(PLANILHA_TAREFA[Cód. Tarefa],MID(B24,1,IF(ISERR(FIND(\".\",B24,1))=TRUE,LEN(B24),FIND(\".\",B24,1)-1)),PLANILHA_TAREFA[Quant.])","v":1192.6819679999999},{"$f":"IF(F24=\"\",SUMIF(PLANILHA_TAREFA[Cód. Tarefa],\"=\"&B24&\".\"&\"*\",PLANILHA_TAREFA[Valor Parc.\nTotal]),0)","v":0},{"$f":"SUMIF(PLANILHA_TAREFA[Cód. Tarefa],MID(B24,1,IF(ISERR(FIND(\".\",B24,1))=TRUE,LEN(B24),FIND(\".\",B24,1)-1)),PLANILHA_TAREFA[Quant.])","v":1},{"$f":"IF(F24=\"\",IF(SUMIF(PLANILHA_TAREFA[Cód. Tarefa],\"=\"&MID(B24,1,IF(ISEVEN(LEN(B24)),LEN(B24)-3,LEN(B24)-2))&\"*\",PLANILHA_TAREFA[Valor Parc.\nTotal])=0,0,K24/SUMIF(PLANILHA_TAREFA[Cód. Tarefa],\"=\"&MID(B24,1,IF(ISEVEN(LEN(B24)),LEN(B24)-3,LEN(B24)-2))&\"*\",PLANILHA_TAREFA[Valor Parc.\nTotal])),IF(SUMIF(PLANILHA_TAREFA[Cód. Tarefa],\"=\"&MID(B24,1,IF(ISEVEN(LEN(B24)),LEN(B24)-3,LEN(B24)-2))&\"*\",PLANILHA_TAREFA[Valor Parc.\nTotal])=0,0,J24/SUMIF(PLANILHA_TAREFA[Cód. Tarefa],\"=\"&MID(B24,1,IF(ISEVEN(LEN(B24)),LEN(B24)-3,LEN(B24)-2))&\"*\",PLANILHA_TAREFA[Valor Parc.\nTotal])))","v":0.18718725889580676},0.23,1466.9988206399998,{"$f":"IF(F24=\"\",SUMIF(PLANILHA_TAREFA[Cód. Tarefa],\"=\"&B24&\".\"&\"*\",PLANILHA_TAREFA[Valor Parc.\nTotal - BDI]),0)","v":0}]
[true,"001.04",null,"ALVENARIA",null,null,0,0,{"$f":"IF(AND(J25>=0,E25<>\"\"),IF(K25=0,J25/SUMIF(PLANILHA_TAREFA[Cód. Tarefa],MID(B25,1,IF(ISERR(FIND(\".\",B25,1))=TRUE,LEN(B25),FIND(\".\",B25,1)-1)),PLANILHA_TAREFA[Quant.]),K25/E25),K25/SUMIF(PLANILHA_TAREFA[Cód. Tarefa],MID(B25,1,IF(ISERR(FIND(\".\",B25,1))=TRUE,LEN(B25),FIND(\".\",B25,1)-1)),PLANILHA_TAREFA[Quant.]))","v":9506.4795080000004},{"$f":"IF(A25=TRUE,1,0)*IF(H25>0,H25,G25)*IF(AND(E25=0,F25=\"\"),1,E25)*SUMIF(PLANILHA_TAREFA[Cód. Tarefa],MID(B25,1,IF(ISERR(FIND(\".\",B25,1))=TRUE,LEN(B25),FIND(\".\",B25,1)-1)),PLANILHA_TAREFA[Quant.])","v":0},{"$f":"IF(F25=\"\",SUMIF(PLANILHA_TAREFA[Cód. Tarefa],\"=\"&B25&\".\"&\"*\",PLANILHA_TAREFA[Valor Parc.\nTotal]),0)","v":9506.4795080000004},{"$f":"SUMIF(PLANILHA_TAREFA[Cód. Tarefa],MID(B25,1,IF(ISERR(FIND(\".\",B25,1))=TRUE,LEN(B25),FIND(\".\",B25,1)-1)),PLANILHA_TAREFA[Quant.])","v":1},{"$f":"IF(F25=\"\",IF(SUMIF(PLANILHA_TAREFA[Cód. Tarefa],\"=\"&MID(B25,1,IF(ISEVEN(LEN(B25)),LEN(B25)-3,LEN(B25)-2))&\"*\",PLANILHA_TAREFA[Valor Parc.\nTotal])=0,0,K25/SUMIF(PLANILHA_TAREFA[Cód. Tarefa],\"=\"&MID(B25,1,IF(ISEVEN(LEN(B25)),LEN(B25)-3,LEN(B25)-2))&\"*\",PLANILHA_TAREFA[Valor Parc.\nTotal])),IF(SUMIF(PLANILHA_TAREFA[Cód. Tarefa],\"=\"&MID(B25,1,IF(ISEVEN(LEN(B25)),LEN(B25)-3,LEN(B25)-2))&\"*\",PLANILHA_TAREFA[Valor Parc.\nTotal])=0,0,J25/SUMIF(PLANILHA_TAREFA[Cód. Tarefa],\"=\"&MID(B25,1,IF(ISEVEN(LEN(B25)),LEN(B25)-3,LEN(B25)-2))&\"*\",PLANILHA_TAREFA[Valor Parc.\nTotal])))","v":0.15429078657995518},0.23,0,{"$f":"IF(F25=\"\",SUMIF(PLANILHA_TAREFA[Cód. Tarefa],\"=\"&B25&\".\"&\"*\",PLANILHA_TAREFA[Valor Parc.\nTotal - BDI]),0)","v":11692.969794839999}]
[true,"001.04.01","000780","ALVENARIA BLOCO DE CONCRETO VEDACAO - E=14,0 CM - C=39,0 CM - 03,0 MPA",175.64,"M2",50.716300000000004,0,{"$f":"IF(AND(J26>=0,E26<>\"\"),IF(K26=0,J26/SUMIF(PLANILHA_TAREFA[Cód. Tarefa],MID(B26,1,IF(ISERR(FIND(\".\",B26,1))=TRUE,LEN(B26),FIND(\".\",B26,1)-1)),PLANILHA_TAREFA[Quant.]),K26/E26),K26/SUMIF(PLANILHA_TAREFA[Cód. Tarefa],MID(B26,1,IF(ISERR(FIND(\".\",B26,1))=TRUE,LEN(B26),FIND(\".\",B26,1)-1)),PLANILHA_TAREFA[Quant.]))","v":8907.8109320000003},{"$f":"IF(A26=TRUE,1,0)*IF(H26>0,H26,G26)*IF(AND(E26=0,F26=\"\"),1,E26)*SUMIF(PLANILHA_TAREFA[Cód. Tarefa],MID(B26,1,IF(ISERR(FIND(\".\",B26,1))=TRUE,LEN(B26),FIND(\".\",B26,1)-1)),PLANILHA_TAREFA[Quant.])","v":8907.8109320000003},{"$f":"IF(F26=\"\",SUMIF(PLANILHA_TAREFA[Cód. Tarefa],\"=\"&B26&\".\"&\"*\",PLANILHA_TAREFA[Valor Parc.\nTotal]),0)","v":0},{"$f":"SUMIF(PLANILHA_TAREFA[Cód. Tarefa],MID(B26,1,IF(ISERR(FIND(\".\",B26,1))=TRUE,LEN(B26),FIND(\".\",B26,1)-1)),PLANILHA_TAREFA[Quant.])","v":1},{"$f":"IF(F26=\"\",IF(SUMIF(PLANILHA_TAREFA[Cód. Tarefa],\"=\"&MID(B26,1,IF(ISEVEN(LEN(B26)),LEN(B26)-3,LEN(B26)-2))&\"*\",PLANILHA_TAREFA[Valor Parc.\nTotal])=0,0,K26/SUMIF(PLANILHA_TAREFA[Cód. Tarefa],\"=\"&MID(B26,1,IF(ISEVEN(LEN(B26)),LEN(B26)-3,LEN(B26)-2))&\"*\",PLANILHA_TAREFA[Valor Parc.\nTotal])),IF(SUMIF(PLANILHA_TAREFA[Cód. Tarefa],\"=\"&MID(B26,1,IF(ISEVEN(LEN(B26)),LEN(B26)-3,LEN(B26)-2))&\"*\",PLANILHA_TAREFA[Valor Parc.\nTotal])=0,0,J26/SUMIF(PLANILHA_TAREFA[Cód. Tarefa],\"=\"&MID(B26,1,IF(ISEVEN(LEN(B26)),LEN(B26)-3,LEN(B26)-2))&\"*\",PLANILHA_TAREFA[Valor Parc.\nTotal])))","v":0.93702520733398709},0.23,10956.60744636,{"$f":"IF(F26=\"\",SUMIF(PLANILHA_TAREFA[Cód. Tarefa],\"=\"&B26&\".\"&\"*\",PLANILHA_TAREFA[Valor Parc.\nTotal - BDI]),0)","v":0}]
[true,"001.04.02","000820","ALVENARIA BLOCO DE CONCRETO CANALETA VEDACAO - E=14,0 CM - C=39,0 CM - 03,0 MPA",10.38,"M2",57.675200000000004,0,{"$f":"IF(AND(J27>=0,E27<>\"\"),IF(K27=0,J27/SUMIF(PLANILHA_TAREFA[Cód. Tarefa],MID(B27,1,IF(ISERR(FIND(\".\",B27,1))=TRUE,LEN(B27),FIND(\".\",B27,1)-1)),PLANILHA_TAREFA[Quant.]),K27/E27),K27/SUMIF(PLANILHA_TAREFA[Cód. Tarefa],MID(B27,1,IF(ISERR(FIND(\".\",B27,1))=TRUE,LEN(B27),FIND(\".\",B27,1)-1)),PLANILHA_TAREFA[Quant.]))","v":598.66857600000003},{"$f":"IF(A27=TRUE,1,0)*IF(H27>0,H27,G27)*IF(AND(E27=0,F27=\"\"),1,E27)*SUMIF(PLANILHA_TAREFA[Cód. Tarefa],MID(B27,1,IF(ISERR(FIND(\".\",B27,1))=TRUE,LEN(B27),FIND(\".\",B27,1)-1)),PLANILHA_TAREFA[Quant.])","v":598.66857600000003},{"$f":"IF(F27=\"\",SUMIF(PLANILHA_TAREFA[Cód. Tarefa],\"=\"&B27&\".\"&\"*\",PLANILHA_TAREFA[Valor Parc.\nTotal]),0)","v":0},{"$f":"SUMIF(PLANILHA_TAREFA[Cód. Tarefa],MID(B27,1,IF(ISERR(FIND(\".\",B27,1))=TRUE,LEN(B27),FIND(\".\",B27,1)-1)),PLANILHA_TAREFA[Quant.])","v":1},{"$f":"IF(F27=\"\",IF(SUMIF(PLANILHA_TAREFA[Cód. Tarefa],\"=\"&MID(B27,1,IF(ISEVEN(LEN(B27)),LEN(B27)-3,LEN(B27)-2))&\"*\",PLANILHA_TAREFA[Valor Parc.\nTotal])=0,0,K27/SUMIF(PLANILHA_TAREFA[Cód. Tarefa],\"=\"&MID(B27,1,IF(ISEVEN(LEN(B27)),LEN(B27)-3,LEN(B27)-2))&\"*\",PLANILHA_TAREFA[Valor Parc.\nTotal])),IF(SUMIF(PLANILHA_TAREFA[Cód. Tarefa],\"=\"&MID(B27,1,IF(ISEVEN(LEN(B27)),LEN(B27)-3,LEN(B27)-2))&\"*\",PLANILHA_TAREFA[Valor Parc.\nTotal])=0,0,J27/SUMIF(PLANILHA_TAREFA[Cód. Tarefa],\"=\"&MID(B27,1,IF(ISEVEN(LEN(B27)),LEN(B27)-3,LEN(B27)-2))&\"*\",PLANILHA_TAREFA[Valor Parc.\nTotal])))","v":6.2974792666012872E-2},0.23,736.36234848000004,{"$f":"IF(F27=\"\",SUMIF(PLANILHA_TAREFA[Cód. Tarefa],\"=\"&B27&\".\"&\"*\",PLANILHA_TAREFA[Valor Parc.\nTotal - BDI]),0)","v":0}]
[true,"001.05",null,"COBERTURA",null,null,0,0,{"$f":"IF(AND(J28>=0,E28<>\"\"),IF(K28=0,J28/SUMIF(PLANILHA_TAREFA[Cód. Tarefa],MID(B28,1,IF(ISERR(FIND(\".\",B28,1))=TRUE,LEN(B28),FIND(\".\",B28,1)-1)),PLANILHA_TAREFA[Quant.]),K28/E28),K28/SUMIF(PLANILHA_TAREFA[Cód. Tarefa],MID(B28,1,IF(ISERR(FIND(\".\",B28,1))=TRUE,LEN(B28),FIND(\".\",B28,1)-1)),PLANILHA_TAREFA[Quant.]))","v":7330.9157287999988},{"$f":"IF(A28=TRUE,1,0)*IF(H28>0,H28,G28)*IF(AND(E28=0,F28=\"\"),1,E28)*SUMIF(PLANILHA_TAREFA[Cód. Tarefa],MID(B28,1,IF(ISERR(FIND(\".\",B28,1))=TRUE,LEN(B28),FIND(\".\",B28,1)-1)),PLANILHA_TAREFA[Quant.])","v":0},{"$f":"IF(F28=\"\",SUMIF(PLANILHA_TAREFA[Cód. Tarefa],\"=\"&B28&\".\"&\"*\",PLANILHA_TAREFA[Valor Parc.\nTotal]),0)","v":7330.9157287999988},{"$f":"SUMIF(PLANILHA_TAREFA[Cód. Tarefa],MID(B28,1,IF(ISERR(FIND(\".\",B28,1))=TRUE,LEN(B28),FIND(\".\",B28,1)-1)),PLANILHA_TAREFA[Quant.])","v":1},{"$f":"IF(F28=\"\",IF(SUMIF(PLANILHA_TAREFA[Cód. Tarefa],\"=\"&MID(B28,1,IF(ISEVEN(LEN(B28)),LEN(B28)-3,LEN(B28)-2))&\"*\",PLANILHA_TAREFA[Valor Parc.\nTotal])=0,0,K28/SUMIF(PLANILHA_TAREFA[Cód. Tarefa],\"=\"&MID(B28,1,IF(ISEVEN(LEN(B28)),LEN(B28)-3,LEN(B28)-2))&\"*\",PLANILHA_TAREFA[Valor Parc.\nTotal])),IF(SUMIF(PLANILHA_TAREFA[Cód. Tarefa],\"=\"&MID(B28,1,IF(ISEVEN(LEN(B28)),LEN(B28)-3,LEN(B28)-2))&\"*\",PLANILHA_TAREFA[Valor Parc.\nTotal])=0,0,J28/SUMIF(PLANILHA_TAREFA[Cód. Tarefa],\"=\"&MID(B28,1,IF(ISEVEN(LEN(B28)),LEN(B28)-3,LEN(B28)-2))&\"*\",PLANILHA_TAREFA[Valor Parc.\nTotal])))","v":0.11898124360296231},0.23,0,{"$f":"IF(F28=\"\",SUMIF(PLANILHA_TAREFA[Cód. Tarefa],\"=\"&B28&\".\"&\"*\",PLANILHA_TAREFA[Valor Parc.\nTotal - BDI]),0)","v":9017.0263464239997}]
[true,"001.05.01","611154","ESTRUTURA METALICA P/ TELHA  CERAMICA (EQUIP. COMUNITARIOS)",56.03,"M2",80,0,{"$f":"IF(AND(J29>=0,E29<>\"\"),IF(K29=0,J29/SUMIF(PLANILHA_TAREFA[Cód. Tarefa],MID(B29,1,IF(ISERR(FIND(\".\",B29,1))=TRUE,LEN(B29),FIND(\".\",B29,1)-1)),PLANILHA_TAREFA[Quant.]),K29/E29),K29/SUMIF(PLANILHA_TAREFA[Cód. Tarefa],MID(B29,1,IF(ISERR(FIND(\".\",B29,1))=TRUE,LEN(B29),FIND(\".\",B29,1)-1)),PLANILHA_TAREFA[Quant.]))","v":4482.3999999999996},{"$f":"IF(A29=TRUE,1,0)*IF(H29>0,H29,G29)*IF(AND(E29=0,F29=\"\"),1,E29)*SUMIF(PLANILHA_TAREFA[Cód. Tarefa],MID(B29,1,IF(ISERR(FIND(\".\",B29,1))=TRUE,LEN(B29),FIND(\".\",B29,1)-1)),PLANILHA_TAREFA[Quant.])","v":4482.3999999999996},{"$f":"IF(F29=\"\",SUMIF(PLANILHA_TAREFA[Cód. Tarefa],\"=\"&B29&\".\"&\"*\",PLANILHA_TAREFA[Valor Parc.\nTotal]),0)","v":0},{"$f":"SUMIF(PLANILHA_TAREFA[Cód. Tarefa],MID(B29,1,IF(ISERR(FIND(\".\",B29,1))=TRUE,LEN(B29),FIND(\".\",B29,1)-1)),PLANILHA_TAREFA[Quant.])","v":1},{"$f":"IF(F29=\"\",IF(SUMIF(PLANILHA_TAREFA[Cód. Tarefa],\"=\"&MID(B29,1,IF(ISEVEN(LEN(B29)),LEN(B29)-3,LEN(B29)-2))&\"*\",PLANILHA_TAREFA[Valor Parc.\nTotal])=0,0,K29/SUMIF(PLANILHA_TAREFA[Cód. Tarefa],\"=\"&MID(B29,1,IF(ISEVEN(LEN(B29)),LEN(B29)-3,LEN(B29)-2))&\"*\",PLANILHA_TAREFA[Valor Parc.\nTotal])),IF(SUMIF(PLANILHA_TAREFA[Cód. Tarefa],\"=\"&MID(B29,1,IF(ISEVEN(LEN(B29)),LEN(B29)-3,LEN(B29)-2))&\"*\",PLANILHA_TAREFA[Valor Parc.\nTotal])=0,0,J29/SUMIF(PLANILHA_TAREFA[Cód. Tarefa],\"=\"&MID(B29,1,IF(ISEVEN(LEN(B29)),LEN(B29)-3,LEN(B29)-2))&\"*\",PLANILHA_TAREFA[Valor Parc.\nTotal])))","v":0.61143793842706273},0.23,5513.3519999999999,{"$f":"IF(F29=\"\",SUMIF(PLANILHA_TAREFA[Cód. Tarefa],\"=\"&B29&\".\"&\"*\",PLANILHA_TAREFA[Valor Parc.\nTotal - BDI]),0)","v":0}]
[true,"001.05.02","402096","TELHA DE FIBROCIMENTO ONDULADA - E = 05,0 MM",56.03,"M2",19.238959999999999,0,{"$f":"IF(AND(J30>=0,E30<>\"\"),IF(K30=0,J30/SUMIF(PLANILHA_TAREFA[Cód. Tarefa],MID(B30,1,IF(ISERR(FIND(\".\",B30,1))=TRUE,LEN(B30),FIND(\".\",B30,1)-1)),PLANILHA_TAREFA[Quant.]),K30/E30),K30/SUMIF(PLANILHA_TAREFA[Cód. Tarefa],MID(B30,1,IF(ISERR(FIND(\".\",B30,1))=TRUE,LEN(B30),FIND(\".\",B30,1)-1)),PLANILHA_TAREFA[Quant.]))","v":1077.9589288},{"$f":"IF(A30=TRUE,1,0)*IF(H30>0,H30,G30)*IF(AND(E30=0,F30=\"\"),1,E30)*SUMIF(PLANILHA_TAREFA[Cód. Tarefa],MID(B30,1,IF(ISERR(FIND(\".\",B30,1))=TRUE,LEN(B30),FIND(\".\",B30,1)-1)),PLANILHA_TAREFA[Quant.])","v":1077.9589288},{"$f":"IF(F30=\"\",SUMIF(PLANILHA_TAREFA[Cód. Tarefa],\"=\"&B30&\".\"&\"*\",PLANILHA_TAREFA[Valor Parc.\nTotal]),0)","v":0},{"$f":"SUMIF(PLANILHA_TAREFA[Cód. Tarefa],MID(B30,1,IF(ISERR(FIND(\".\",B30,1))=TRUE,LEN(B30),FIND(\".\",B30,1)-1)),PLANILHA_TAREFA[Quant.])","v":1},{"$f":"IF(F30=\"\",IF(SUMIF(PLANILHA_TAREFA[Cód. Tarefa],\"=\"&MID(B30,1,IF(ISEVEN(LEN(B30)),LEN(B30)-3,LEN(B30)-2))&\"*\",PLANILHA_TAREFA[Valor Parc.\nTotal])=0,0,K30/SUMIF(PLANILHA_TAREFA[Cód. Tarefa],\"=\"&MID(B30,1,IF(ISEVEN(LEN(B30)),LEN(B30)-3,LEN(B30)-2))&\"*\",PLANILHA_TAREFA[Valor Parc.\nTotal])),IF(SUMIF(PLANILHA_TAREFA[Cód. Tarefa],\"=\"&MID(B30,1,IF(ISEVEN(LEN(B30)),LEN(B30)-3,LEN(B30)-2))&\"*\",PLANILHA_TAREFA[Valor Parc.\nTotal])=0,0,J30/SUMIF(PLANILHA_TAREFA[Cód. Tarefa],\"=\"&MID(B30,1,IF(ISEVEN(LEN(B30)),LEN(B30)-3,LEN(B30)-2))&\"*\",PLANILHA_TAREFA[Valor Parc.\nTotal])))","v":0.14704287549850906},0.23,1325.8894824239999,{"$f":"IF(F30=\"\",SUMIF(PLANILHA_TAREFA[Cód. Tarefa],\"=\"&B30&\".\"&\"*\",PLANILHA_TAREFA[Valor Parc.\nTotal - BDI]),0)","v":0}]
[true,"001.05.04","500468","CALHA DE CHAPA GALVANIZADA Nº 26 D = 050 CM",14.71,"MT",26.469000000000001,0,{"$f":"IF(AND(J31>=0,E31<>\"\"),IF(K31=0,J31/SUMIF(PLANILHA_TAREFA[Cód. Tarefa],MID(B31,1,IF(ISERR(FIND(\".\",B31,1))=TRUE,LEN(B31),FIND(\".\",B31,1)-1)),PLANILHA_TAREFA[Quant.]),K31/E31),K31/SUMIF(PLANILHA_TAREFA[Cód. Tarefa],MID(B31,1,IF(ISERR(FIND(\".\",B31,1))=TRUE,LEN(B31),FIND(\".\",B31,1)-1)),PLANILHA_TAREFA[Quant.]))","v":389.35899000000006},{"$f":"IF(A31=TRUE,1,0)*IF(H31>0,H31,G31)*IF(AND(E31=0,F31=\"\"),1,E31)*SUMIF(PLANILHA_TAREFA[Cód. Tarefa],MID(B31,1,IF(ISERR(FIND(\".\",B31,1))=TRUE,LEN(B31),FIND(\".\",B31,1)-1)),PLANILHA_TAREFA[Quant.])","v":389.35899000000006},{"$f":"IF(F31=\"\",SUMIF(PLANILHA_TAREFA[Cód. Tarefa],\"=\"&B31&\".\"&\"*\",PLANILHA_TAREFA[Valor Parc.\nTotal]),0)","v":0},{"$f":"SUMIF(PLANILHA_TAREFA[Cód. Tarefa],MID(B31,1,IF(ISERR(FIND(\".\",B31,1))=TRUE,LEN(B31),FIND(\".\",B31,1)-1)),PLANILHA_TAREFA[Quant.])","v":1},{"$f":"IF(F31=\"\",IF(SUMIF(PLANILHA_TAREFA[Cód. Tarefa],\"=\"&MID(B31,1,IF(ISEVEN(LEN(B31)),LEN(B31)-3,LEN(B31)-2))&\"*\",PLANILHA_TAREFA[Valor Parc.\nTotal])=0,0,K31/SUMIF(PLANILHA_TAREFA[Cód. Tarefa],\"=\"&MID(B31,1,IF(ISEVEN(LEN(B31)),LEN(B31)-3,LEN(B31)-2))&\"*\",PLANILHA_TAREFA[Valor Parc.\nTotal])),IF(SUMIF(PLANILHA_TAREFA[Cód. Tarefa],\"=\"&MID(B31,1,IF(ISEVEN(LEN(B31)),LEN(B31)-3,LEN(B31)-2))&\"*\",PLANILHA_TAREFA[Valor Parc.\nTotal])=0,0,J31/SUMIF(PLANILHA_TAREFA[Cód. Tarefa],\"=\"&MID(B31,1,IF(ISEVEN(LEN(B31)),LEN(B31)-3,LEN(B31)-2))&\"*\",PLANILHA_TAREFA[Valor Parc.\nTotal])))","v":5.3111917310736077E-2},0.23,478.91155770000006,{"$f":"IF(F31=\"\",SUMIF(PLANILHA_TAREFA[Cód. Tarefa],\"=\"&B31&\".\"&\"*\",PLANILHA_TAREFA[Valor Parc.\nTotal - BDI]),0)","v":0}]
[true,"001.05.05","500027","CALHA TIPO RUFO EM CHAPA GALVANIZADA Nº 26 D = 030 CM",39.6,"MT",16.187900000000003,0,{"$f":"IF(AND(J32>=0,E32<>\"\"),IF(K32=0,J32/SUMIF(PLANILHA_TAREFA[Cód. Tarefa],MID(B32,1,IF(ISERR(FIND(\".\",B32,1))=TRUE,LEN(B32),FIND(\".\",B32,1)-1)),PLANILHA_TAREFA[Quant.]),K32/E32),K32/SUMIF(PLANILHA_TAREFA[Cód. Tarefa],MID(B32,1,IF(ISERR(FIND(\".\",B32,1))=TRUE,LEN(B32),FIND(\".\",B32,1)-1)),PLANILHA_TAREFA[Quant.]))","v":641.04084000000012},{"$f":"IF(A32=TRUE,1,0)*IF(H32>0,H32,G32)*IF(AND(E32=0,F32=\"\"),1,E32)*SUMIF(PLANILHA_TAREFA[Cód. Tarefa],MID(B32,1,IF(ISERR(FIND(\".\",B32,1))=TRUE,LEN(B32),FIND(\".\",B32,1)-1)),PLANILHA_TAREFA[Quant.])","v":641.04084000000012},{"$f":"IF(F32=\"\",SUMIF(PLANILHA_TAREFA[Cód. Tarefa],\"=\"&B32&\".\"&\"*\",PLANILHA_TAREFA[Valor Parc.\nTotal]),0)","v":0},{"$f":"SUMIF(PLANILHA_TAREFA[Cód. Tarefa],MID(B32,1,IF(ISERR(FIND(\".\",B32,1))=TRUE,LEN(B32),FIND(\".\",B32,1)-1)),PLANILHA_TAREFA[Quant.])","v":1},{"$f":"IF(F32=\"\",IF(SUMIF(PLANILHA_TAREFA[Cód. Tarefa],\"=\"&MID(B32,1,IF(ISEVEN(LEN(B32)),LEN(B32)-3,LEN(B32)-2))&\"*\",PLANILHA_TAREFA[Valor Parc.\nTotal])=0,0,K32/SUMIF(PLANILHA_TAREFA[Cód. Tarefa],\"=\"&MID(B32,1,IF(ISEVEN(LEN(B32)),LEN(B32)-3,LEN(B32)-2))&\"*\",PLANILHA_TAREFA[Valor Parc.\nTotal])),IF(SUMIF(PLANILHA_TAREFA[Cód. Tarefa],\"=\"&MID(B32,1,IF(ISEVEN(LEN(B32)),LEN(B32)-3,LEN(B32)-2))&\"*\",PLANILHA_TAREFA[Valor Parc.\nTotal])=0,0,J32/SUMIF(PLANILHA_TAREFA[Cód. Tarefa],\"=\"&MID(B32,1,IF(ISEVEN(LEN(B32)),LEN(B32)-3,LEN(B32)-2))&\"*\",PLANILHA_TAREFA[Valor Parc.\nTotal])))","v":8.7443487787157034E-2},0.23,788.48023320000016,{"$f":"IF(F32=\"\",SUMIF(PLANILHA_TAREFA[Cód. Tarefa],\"=\"&B32&\".\"&\"*\",PLANILHA_TAREFA[Valor Parc.\nTotal - BDI]),0)","v":0}]
[true,"001.05.06","600226","CALHA TIPO PINGADEIRA EM CHAPA GALVANIZADA Nº 26 D = 030 CM",39.14,"MT",18.910499999999999,0,{"$f":"IF(AND(J33>=0,E33<>\"\"),IF(K33=0,J33/SUMIF(PLANILHA_TAREFA[Cód. Tarefa],MID(B33,1,IF(ISERR(FIND(\".\",B33,1))=TRUE,LEN(B33),FIND(\".\",B33,1)-1)),PLANILHA_TAREFA[Quant.]),K33/E33),K33/SUMIF(PLANILHA_TAREFA[Cód. Tarefa],MID(B33,1,IF(ISERR(FIND(\".\",B33,1))=TRUE,LEN(B33),FIND(\".\",B33,1)-1)),PLANILHA_TAREFA[Quant.]))","v":740.15697},{"$f":"IF(A33=TRUE,1,0)*IF(H33>0,H33,G33)*IF(AND(E33=0,F33=\"\"),1,E33)*SUMIF(PLANILHA_TAREFA[Cód. Tarefa],MID(B33,1,IF(ISERR(FIND(\".\",B33,1))=TRUE,LEN(B33),FIND(\".\",B33,1)-1)),PLANILHA_TAREFA[Quant.])","v":740.15697},{"$f":"IF(F33=\"\",SUMIF(PLANILHA_TAREFA[Cód. Tarefa],\"=\"&B33&\".\"&\"*\",PLANILHA_TAREFA[Valor Parc.\nTotal]),0)","v":0},{"$f":"SUMIF(PLANILHA_TAREFA[Cód. Tarefa],MID(B33,1,IF(ISERR(FIND(\".\",B33,1))=TRUE,LEN(B33),FIND(\".\",B33,1)-1)),PLANILHA_TAREFA[Quant.])","v":1},{"$f":"IF(F33=\"\",IF(SUMIF(PLANILHA_TAREFA[Cód. Tarefa],\"=\"&MID(B33,1,IF(ISEVEN(LEN(B33)),LEN(B33)-3,LEN(B33)-2))&\"*\",PLANILHA_TAREFA[Valor Parc.\nTotal])=0,0,K33/SUMIF(PLANILHA_TAREFA[Cód. Tarefa],\"=\"&MID(B33,1,IF(ISEVEN(LEN(B33)),LEN(B33)-3,LEN(B33)-2))&\"*\",PLANILHA_TAREFA[Valor Parc.\nTotal])),IF(SUMIF(PLANILHA_TAREFA[Cód. Tarefa],\"=\"&MID(B33,1,IF(ISEVEN(LEN(B33)),LEN(B33)-3,LEN(B33)-2))&\"*\",PLANILHA_TAREFA[Valor Parc.\nTotal])=0,0,J33/SUMIF(PLANILHA_TAREFA[Cód. Tarefa],\"=\"&MID(B33,1,IF(ISEVEN(LEN(B33)),LEN(B33)-3,LEN(B33)-2))&\"*\",PLANILHA_TAREFA[Valor Parc.\nTotal])))","v":0.1009637809765352},0.23,910.39307310000004,{"$f":"IF(F33=\"\",SUMIF(PLANILHA_TAREFA[Cód. Tarefa],\"=\"&B33&\".\"&\"*\",PLANILHA_TAREFA[Valor Parc.\nTotal - BDI]),0)","v":0}]
[true,"001.06",null,"ESQUADRIAS",null,null,0,0,{"$f":"IF(AND(J34>=0,E34<>\"\"),IF(K34=0,J34/SUMIF(PLANILHA_TAREFA[Cód. Tarefa],MID(B34,1,IF(ISERR(FIND(\".\",B34,1))=TRUE,LEN(B34),FIND(\".\",B34,1)-1)),PLANILHA_TAREFA[Quant.]),K34/E34),K34/SUMIF(PLANILHA_TAREFA[Cód. Tarefa],MID(B34,1,IF(ISERR(FIND(\".\",B34,1))=TRUE,LEN(B34),FIND(\".\",B34,1)-1)),PLANILHA_TAREFA[Quant.]))","v":2961.5169467999999},{"$f":"IF(A34=TRUE,1,0)*IF(H34>0,H34,G34)*IF(AND(E34=0,F34=\"\"),1,E34)*SUMIF(PLANILHA_TAREFA[Cód. Tarefa],MID(B34,1,IF(ISERR(FIND(\".\",B34,1))=TRUE,LEN(B34),FIND(\".\",B34,1)-1)),PLANILHA_TAREFA[Quant.])","v":0},{"$f":"IF(F34=\"\",SUMIF(PLANILHA_TAREFA[Cód. Tarefa],\"=\"&B34&\".\"&\"*\",PLANILHA_TAREFA[Valor Parc.\nTotal]),0)","v":2961.5169467999999},{"$f":"SUMIF(PLANILHA_TAREFA[Cód. Tarefa],MID(B34,1,IF(ISERR(FIND(\".\",B34,1))=TRUE,LEN(B34),FIND(\".\",B34,1)-1)),PLANILHA_TAREFA[Quant.])","v":1},{"$f":"IF(F34=\"\",IF(SUMIF(PLANILHA_TAREFA[Cód. Tarefa],\"=\"&MID(B34,1,IF(ISEVEN(LEN(B34)),LEN(B34)-3,LEN(B34)-2))&\"*\",PLANILHA_TAREFA[Valor Parc.\nTotal])=0,0,K34/SUMIF(PLANILHA_TAREFA[Cód. Tarefa],\"=\"&MID(B34,1,IF(ISEVEN(LEN(B34)),LEN(B34)-3,LEN(B34)-2))&\"*\",PLANILHA_TAREFA[Valor Parc.\nTotal])),IF(SUMIF(PLANILHA_TAREFA[Cód. Tarefa],\"=\"&MID(B34,1,IF(ISEVEN(LEN(B34)),LEN(B34)-3,LEN(B34)-2))&\"*\",PLANILHA_TAREFA[Valor Parc.\nTotal])=0,0,J34/SUMIF(PLANILHA_TAREFA[Cód. Tarefa],\"=\"&MID(B34,1,IF(ISEVEN(LEN(B34)),LEN(B34)-3,LEN(B34)-2))&\"*\",PLANILHA_TAREFA[Valor Parc.\nTotal])))","v":4.8065614490318348E-2},0.23,0,{"$f":"IF(F34=\"\",SUMIF(PLANILHA_TAREFA[Cód. Tarefa],\"=\"&B34&\".\"&\"*\",PLANILHA_TAREFA[Valor Parc.\nTotal - BDI]),0)","v":3642.6658445640001}]
[true,"001.06.01","500148","PORTA DE MADEIRA C/ MIOLO SEMI-OCO - 0,70 X 2,10 M - 1F S/ BATENTE",1,"UN",79.219520000000003,0,{"$f":"IF(AND(J35>=0,E35<>\"\"),IF(K35=0,J35/SUMIF(PLANILHA_TAREFA[Cód. Tarefa],MID(B35,1,IF(ISERR(FIND(\".\",B35,1))=TRUE,LEN(B35),FIND(\".\",B35,1)-1)),PLANILHA_TAREFA[Quant.]),K35/E35),K35/SUMIF(PLANILHA_TAREFA[Cód. Tarefa],MID(B35,1,IF(ISERR(FIND(\".\",B35,1))=TRUE,LEN(B35),FIND(\".\",B35,1)-1)),PLANILHA_TAREFA[Quant.]))","v":79.219520000000003},{"$f":"IF(A35=TRUE,1,0)*IF(H35>0,H35,G35)*IF(AND(E35=0,F35=\"\"),1,E35)*SUMIF(PLANILHA_TAREFA[Cód. Tarefa],MID(B35,1,IF(ISERR(FIND(\".\",B35,1))=TRUE,LEN(B35),FIND(\".\",B35,1)-1)),PLANILHA_TAREFA[Quant.])","v":79.219520000000003},{"$f":"IF(F35=\"\",SUMIF(PLANILHA_TAREFA[Cód. Tarefa],\"=\"&B35&\".\"&\"*\",PLANILHA_TAREFA[Valor Parc.\nTotal]),0)","v":0},{"$f":"SUMIF(PLANILHA_TAREFA[Cód. Tarefa],MID(B35,1,IF(ISERR(FIND(\".\",B35,1))=TRUE,LEN(B35),FIND(\".\",B35,1)-1)),PLANILHA_TAREFA[Quant.])","v":1},{"$f":"IF(F35=\"\",IF(SUMIF(PLANILHA_TAREFA[Cód. Tarefa],\"=\"&MID(B35,1,IF(ISEVEN(LEN(B35)),LEN(B35)-3,LEN(B35)-2))&\"*\",PLANILHA_TAREFA[Valor Parc.\nTotal])=0,0,K35/SUMIF(PLANILHA_TAREFA[Cód. Tarefa],\"=\"&MID(B35,1,IF(ISEVEN(LEN(B35)),LEN(B35)-3,LEN(B35)-2))&\"*\",PLANILHA_TAREFA[Valor Parc.\nTotal])),IF(SUMIF(PLANILHA_TAREFA[Cód. Tarefa],\"=\"&MID(B35,1,IF(ISEVEN(LEN(B35)),LEN(B35)-3,LEN(B35)-2))&\"*\",PLANILHA_TAREFA[Valor Parc.\nTotal])=0,0,J35/SUMIF(PLANILHA_TAREFA[Cód. Tarefa],\"=\"&MID(B35,1,IF(ISEVEN(LEN(B35)),LEN(B35)-3,LEN(B35)-2))&\"*\",PLANILHA_TAREFA[Valor Parc.\nTotal])))","v":2.6749642640268821E-2},0.23,97.440009599999996,{"$f":"IF(F35=\"\",SUMIF(PLANILHA_TAREFA[Cód. Tarefa],\"=\"&B35&\".\"&\"*\",PLANILHA_TAREFA[Valor Parc.\nTotal - BDI]),0)","v":0}]
[true,"001.06.02","500149","PORTA DE MADEIRA C/ MIOLO SEMI-OCO - 0,80 X 2,10 M - 1F S/ BATENTE",4,"UN",84.219520000000003,0,{"$f":"IF(AND(J36>=0,E36<>\"\"),IF(K36=0,J36/SUMIF(PLANILHA_TAREFA[Cód. Tarefa],MID(B36,1,IF(ISERR(FIND(\".\",B36,1))=TRUE,LEN(B36),FIND(\".\",B36,1)-1)),PLANILHA_TAREFA[Quant.]),K36/E36),K36/SUMIF(PLANILHA_TAREFA[Cód. Tarefa],MID(B36,1,IF(ISERR(FIND(\".\",B36,1))=TRUE,LEN(B36),FIND(\".\",B36,1)-1)),PLANILHA_TAREFA[Quant.]))","v":336.87808000000001},{"$f":"IF(A36=TRUE,1,0)*IF(H36>0,H36,G36)*IF(AND(E36=0,F36=\"\"),1,E36)*SUMIF(PLANILHA_TAREFA[Cód. Tarefa],MID(B36,1,IF(ISERR(FIND(\".\",B36,1))=TRUE,LEN(B36),FIND(\".\",B36,1)-1)),PLANILHA_TAREFA[Quant.])","v":336.87808000000001},{"$f":"IF(F36=\"\",SUMIF(PLANILHA_TAREFA[Cód. Tarefa],\"=\"&B36&\".\"&\"*\",PLANILHA_TAREFA[Valor Parc.\nTotal]),0)","v":0},{"$f":"SUMIF(PLANILHA_TAREFA[Cód. Tarefa],MID(B36,1,IF(ISERR(FIND(\".\",B36,1))=TRUE,LEN(B36),FIND(\".\",B36,1)-1)),PLANILHA_TAREFA[Quant.])","v":1},{"$f":"IF(F36=\"\",IF(SUMIF(PLANILHA_TAREFA[Cód. Tarefa],\"=\"&MID(B36,1,IF(ISEVEN(LEN(B36)),LEN(B36)-3,LEN(B36)-2))&\"*\",PLANILHA_TAREFA[Valor Parc.\nTotal])=0,0,K36/SUMIF(PLANILHA_TAREFA[Cód. Tarefa],\"=\"&MID(B36,1,IF(ISEVEN(LEN(B36)),LEN(B36)-3,LEN(B36)-2))&\"*\",PLANILHA_TAREFA[Valor Parc.\nTotal])),IF(SUMIF(PLANILHA_TAREFA[Cód. Tarefa],\"=\"&MID(B36,1,IF(ISEVEN(LEN(B36)),LEN(B36)-3,LEN(B36)-2))&\"*\",PLANILHA_TAREFA[Valor Parc.\nTotal])=0,0,J36/SUMIF(PLANILHA_TAREFA[Cód. Tarefa],\"=\"&MID(B36,1,IF(ISEVEN(LEN(B36)),LEN(B36)-3,LEN(B36)-2))&\"*\",PLANILHA_TAREFA[Valor Parc.\nTotal])))","v":0.11375186637510415},0.23,414.36003840000001,{"$f":"IF(F36=\"\",SUMIF(PLANILHA_TAREFA[Cód. Tarefa],\"=\"&B36&\".\"&\"*\",PLANILHA_TAREFA[Valor Parc.\nTotal - BDI]),0)","v":0}]
[true,"001.06.03","500147","BATENTE EM MADEIRA - 0,70 X 2,10 M - REQUADRO 055 MM",1,"UN",86.807000000000002,0,{"$f":"IF(AND(J37>=0,E37<>\"\"),IF(K37=0,J37/SUMIF(PLANILHA_TAREFA[Cód. Tarefa],MID(B37,1,IF(ISERR(FIND(\".\",B37,1))=TRUE,LEN(B37),FIND(\".\",B37,1)-1)),PLANILHA_TAREFA[Quant.]),K37/E37),K37/SUMIF(PLANILHA_TAREFA[Cód. Tarefa],MID(B37,1,IF(ISERR(FIND(\".\",B37,1))=TRUE,LEN(B37),FIND(\".\",B37,1)-1)),PLANILHA_TAREFA[Quant.]))","v":86.807000000000002},{"$f":"IF(A37=TRUE,1,0)*IF(H37>0,H37,G37)*IF(AND(E37=0,F37=\"\"),1,E37)*SUMIF(PLANILHA_TAREFA[Cód. Tarefa],MID(B37,1,IF(ISERR(FIND(\".\",B37,1))=TRUE,LEN(B37),FIND(\".\",B37,1)-1)),PLANILHA_TAREFA[Quant.])","v":86.807000000000002},{"$f":"IF(F37=\"\",SUMIF(PLANILHA_TAREFA[Cód. Tarefa],\"=\"&B37&\".\"&\"*\",PLANILHA_TAREFA[Valor Parc.\nTotal]),0)","v":0},{"$f":"SUMIF(PLANILHA_TAREFA[Cód. Tarefa],MID(B37,1,IF(ISERR(FIND(\".\",B37,1))=TRUE,LEN(B37),FIND(\".\",B37,1)-1)),PLANILHA_TAREFA[Quant.])","v":1},{"$f":"IF(F37=\"\",IF(SUMIF(PLANILHA_TAREFA[Cód. Tarefa],\"=\"&MID(B37,1,IF(ISEVEN(LEN(B37)),LEN(B37)-3,LEN(B37)-2))&\"*\",PLANILHA_TAREFA[Valor Parc.\nTotal])=0,0,K37/SUMIF(PLANILHA_TAREFA[Cód. Tarefa],\"=\"&MID(B37,1,IF(ISEVEN(LEN(B37)),LEN(B37)-3,LEN(B37)-2))&\"*\",PLANILHA_TAREFA[Valor Parc.\nTotal])),IF(SUMIF(PLANILHA_TAREFA[Cód. Tarefa],\"=\"&MID(B37,1,IF(ISEVEN(LEN(B37)),LEN(B37)-3,LEN(B37)-2))&\"*\",PLANILHA_TAREFA[Valor Parc.\nTotal])=0,0,J37/SUMIF(PLANILHA_TAREFA[Cód. Tarefa],\"=\"&MID(B37,1,IF(ISEVEN(LEN(B37)),LEN(B37)-3,LEN(B37)-2))&\"*\",PLANILHA_TAREFA[Valor Parc.\nTotal])))","v":2.9311667486420209E-2},0.23,106.77261,{"$f":"IF(F37=\"\",SUMIF(PLANILHA_TAREFA[Cód. Tarefa],\"=\"&B37&\".\"&\"*\",PLANILHA_TAREFA[Valor Parc.\nTotal - BDI]),0)","v":0}]
[true,"001.06.04","500146","BATENTE EM MADEIRA - 0,80 X 2,10 M - REQUADRO 055 MM",4,"UN",84.028660000000002,0,{"$f":"IF(AND(J38>=0,E38<>\"\"),IF(K38=0,J38/SUMIF(PLANILHA_TAREFA[Cód. Tarefa],MID(B38,1,IF(ISERR(FIND(\".\",B38,1))=TRUE,LEN(B38),FIND(\".\",B38,1)-1)),PLANILHA_TAREFA[Quant.]),K38/E38),K38/SUMIF(PLANILHA_TAREFA[Cód. Tarefa],MID(B38,1,IF(ISERR(FIND(\".\",B38,1))=TRUE,LEN(B38),FIND(\".\",B38,1)-1)),PLANILHA_TAREFA[Quant.]))","v":336.11464000000001},{"$f":"IF(A38=TRUE,1,0)*IF(H38>0,H38,G38)*IF(AND(E38=0,F38=\"\"),1,E38)*SUMIF(PLANILHA_TAREFA[Cód. Tarefa],MID(B38,1,IF(ISERR(FIND(\".\",B38,1))=TRUE,LEN(B38),FIND(\".\",B38,1)-1)),PLANILHA_TAREFA[Quant.])","v":336.11464000000001},{"$f":"IF(F38=\"\",SUMIF(PLANILHA_TAREFA[Cód. Tarefa],\"=\"&B38&\".\"&\"*\",PLANILHA_TAREFA[Valor Parc.\nTotal]),0)","v":0},{"$f":"SUMIF(PLANILHA_TAREFA[Cód. Tarefa],MID(B38,1,IF(ISERR(FIND(\".\",B38,1))=TRUE,LEN(B38),FIND(\".\",B38,1)-1)),PLANILHA_TAREFA[Quant.])","v":1},{"$f":"IF(F38=\"\",IF(SUMIF(PLANILHA_TAREFA[Cód. Tarefa],\"=\"&MID(B38,1,IF(ISEVEN(LEN(B38)),LEN(B38)-3,LEN(B38)-2))&\"*\",PLANILHA_TAREFA[Valor Parc.\nTotal])=0,0,K38/SUMIF(PLANILHA_TAREFA[Cód. Tarefa],\"=\"&MID(B38,1,IF(ISEVEN(LEN(B38)),LEN(B38)-3,LEN(B38)-2))&\"*\",PLANILHA_TAREFA[Valor Parc.\nTotal])),IF(SUMIF(PLANILHA_TAREFA[Cód. Tarefa],\"=\"&MID(B38,1,IF(ISEVEN(LEN(B38)),LEN(B38)-3,LEN(B38)-2))&\"*\",PLANILHA_TAREFA[Valor Parc.\nTotal])=0,0,J38/SUMIF(PLANILHA_TAREFA[Cód. Tarefa],\"=\"&MID(B38,1,IF(ISEVEN(LEN(B38)),LEN(B38)-3,LEN(B38)-2))&\"*\",PLANILHA_TAREFA[Valor Parc.\nTotal])))","v":0.11349407956729103},0.23,413.42100720000002,{"$f":"IF(F38=\"\",SUMIF(PLANILHA_TAREFA[Cód. Tarefa],\"=\"&B38&\".\"&\"*\",PLANILHA_TAREFA[Valor Parc.\nTotal - BDI]),0)","v":0}]
[true,"001.06.05","002684","FECHADURA P/ PORTA EXTERNA - YALE",1,"UN",52.586440000000003,null,{"$f":"IF(AND(J39>=0,E39<>\"\"),IF(K39=0,J39/SUMIF(PLANILHA_TAREFA[Cód. Tarefa],MID(B39,1,IF(ISERR(FIND(\".\",B39,1))=TRUE,LEN(B39),FIND(\".\",B39,1)-1)),PLANILHA_TAREFA[Quant.]),K39/E39),K39/SUMIF(PLANILHA_TAREFA[Cód. Tarefa],MID(B39,1,IF(ISERR(FIND(\".\",B39,1))=TRUE,LEN(B39),FIND(\".\",B39,1)-1)),PLANILHA_TAREFA[Quant.]))","v":52.586440000000003},{"$f":"IF(A39=TRUE,1,0)*IF(H39>0,H39,G39)*IF(AND(E39=0,F39=\"\"),1,E39)*SUMIF(PLANILHA_TAREFA[Cód. Tarefa],MID(B39,1,IF(ISERR(FIND(\".\",B39,1))=TRUE,LEN(B39),FIND(\".\",B39,1)-1)),PLANILHA_TAREFA[Quant.])","v":52.586440000000003},{"$f":"IF(F39=\"\",SUMIF(PLANILHA_TAREFA[Cód. Tarefa],\"=\"&B39&\".\"&\"*\",PLANILHA_TAREFA[Valor Parc.\nTotal]),0)","v":0},{"$f":"SUMIF(PLANILHA_TAREFA[Cód. Tarefa],MID(B39,1,IF(ISERR(FIND(\".\",B39,1))=TRUE,LEN(B39),FIND(\".\",B39,1)-1)),PLANILHA_TAREFA[Quant.])","v":1},{"$f":"IF(F39=\"\",IF(SUMIF(PLANILHA_TAREFA[Cód. Tarefa],\"=\"&MID(B39,1,IF(ISEVEN(LEN(B39)),LEN(B39)-3,LEN(B39)-2))&\"*\",PLANILHA_TAREFA[Valor Parc.\nTotal])=0,0,K39/SUMIF(PLANILHA_TAREFA[Cód. Tarefa],\"=\"&MID(B39,1,IF(ISEVEN(LEN(B39)),LEN(B39)-3,LEN(B39)-2))&\"*\",PLANILHA_TAREFA[Valor Parc.\nTotal])),IF(SUMIF(PLANILHA_TAREFA[Cód. Tarefa],\"=\"&MID(B39,1,IF(ISEVEN(LEN(B39)),LEN(B39)-3,LEN(B39)-2))&\"*\",PLANILHA_TAREFA[Valor Parc.\nTotal])=0,0,J39/SUMIF(PLANILHA_TAREFA[Cód. Tarefa],\"=\"&MID(B39,1,IF(ISEVEN(LEN(B39)),LEN(B39)-3,LEN(B39)-2))&\"*\",PLANILHA_TAREFA[Valor Parc.\nTotal])))","v":1.775658925633402E-2},0.23,64.681321199999999,{"$f":"IF(F39=\"\",SUMIF(PLANILHA_TAREFA[Cód. Tarefa],\"=\"&B39&\".\"&\"*\",PLANILHA_TAREFA[Valor Parc.\nTotal - BDI]),0)","v":0}]
[true,"001.06.06","002685","FECHADURA P/ PORTA DO BANHEIRO",1,"UN",40.186439999999997,null,{"$f":"IF(AND(J40>=0,E40<>\"\"),IF(K40=0,J40/SUMIF(PLANILHA_TAREFA[Cód. Tarefa],MID(B40,1,IF(ISERR(FIND(\".\",B40,1))=TRUE,LEN(B40),FIND(\".\",B40,1)-1)),PLANILHA_TAREFA[Quant.]),K40/E40),K40/SUMIF(PLANILHA_TAREFA[Cód. Tarefa],MID(B40,1,IF(ISERR(FIND(\".\",B40,1))=TRUE,LEN(B40),FIND(\".\",B40,1)-1)),PLANILHA_TAREFA[Quant.]))","v":40.186439999999997},{"$f":"IF(A40=TRUE,1,0)*IF(H40>0,H40,G40)*IF(AND(E40=0,F40=\"\"),1,E40)*SUMIF(PLANILHA_TAREFA[Cód. Tarefa],MID(B40,1,IF(ISERR(FIND(\".\",B40,1))=TRUE,LEN(B40),FIND(\".\",B40,1)-1)),PLANILHA_TAREFA[Quant.])","v":40.186439999999997},{"$f":"IF(F40=\"\",SUMIF(PLANILHA_TAREFA[Cód. Tarefa],\"=\"&B40&\".\"&\"*\",PLANILHA_TAREFA[Valor Parc.\nTotal]),0)","v":0},{"$f":"SUMIF(PLANILHA_TAREFA[Cód. Tarefa],MID(B40,1,IF(ISERR(FIND(\".\",B40,1))=TRUE,LEN(B40),FIND(\".\",B40,1)-1)),PLANILHA_TAREFA[Quant.])","v":1},{"$f":"IF(F40=\"\",IF(SUMIF(PLANILHA_TAREFA[Cód. Tarefa],\"=\"&MID(B40,1,IF(ISEVEN(LEN(B40)),LEN(B40)-3,LEN(B40)-2))&\"*\",PLANILHA_TAREFA[Valor Parc.\nTotal])=0,0,K40/SUMIF(PLANILHA_TAREFA[Cód. Tarefa],\"=\"&MID(B40,1,IF(ISEVEN(LEN(B40)),LEN(B40)-3,LEN(B40)-2))&\"*\",PLANILHA_TAREFA[Valor Parc.\nTotal])),IF(SUMIF(PLANILHA_TAREFA[Cód. Tarefa],\"=\"&MID(B40,1,IF(ISEVEN(LEN(B40)),LEN(B40)-3,LEN(B40)-2))&\"*\",PLANILHA_TAREFA[Valor Parc.\nTotal])=0,0,J40/SUMIF(PLANILHA_TAREFA[Cód. Tarefa],\"=\"&MID(B40,1,IF(ISEVEN(LEN(B40)),LEN(B40)-3,LEN(B40)-2))&\"*\",PLANILHA_TAREFA[Valor Parc.\nTotal])))","v":1.3569545851636116E-2},0.23,49.429321199999997,{"$f":"IF(F40=\"\",SUMIF(PLANILHA_TAREFA[Cód. Tarefa],\"=\"&B40&\".\"&\"*\",PLANILHA_TAREFA[Valor Parc.\nTotal - BDI]),0)","v":0}]
[true,"001.06.07","002687","FECHADURA P/ PORTA INTERNA - GORGES",2,"UN",40.086439999999996,null,{"$f":"IF(AND(J41>=0,E41<>\"\"),IF(K41=0,J41/SUMIF(PLANILHA_TAREFA[Cód. Tarefa],MID(B41,1,IF(ISERR(FIND(\".\",B41,1))=TRUE,LEN(B41),FIND(\".\",B41,1)-1)),PLANILHA_TAREFA[Quant.]),K41/E41),K41/SUMIF(PLANILHA_TAREFA[Cód. Tarefa],MID(B41,1,IF(ISERR(FIND(\".\",B41,1))=TRUE,LEN(B41),FIND(\".\",B41,1)-1)),PLANILHA_TAREFA[Quant.]))","v":80.172879999999992},{"$f":"IF(A41=TRUE,1,0)*IF(H41>0,H41,G41)*IF(AND(E41=0,F41=\"\"),1,E41)*SUMIF(PLANILHA_TAREFA[Cód. Tarefa],MID(B41,1,IF(ISERR(FIND(\".\",B41,1))=TRUE,LEN(B41),FIND(\".\",B41,1)-1)),PLANILHA_TAREFA[Quant.])","v":80.172879999999992},{"$f":"IF(F41=\"\",SUMIF(PLANILHA_TAREFA[Cód. Tarefa],\"=\"&B41&\".\"&\"*\",PLANILHA_TAREFA[Valor Parc.\nTotal]),0)","v":0},{"$f":"SUMIF(PLANILHA_TAREFA[Cód. Tarefa],MID(B41,1,IF(ISERR(FIND(\".\",B41,1))=TRUE,LEN(B41),FIND(\".\",B41,1)-1)),PLANILHA_TAREFA[Quant.])","v":1},{"$f":"IF(F41=\"\",IF(SUMIF(PLANILHA_TAREFA[Cód. Tarefa],\"=\"&MID(B41,1,IF(ISEVEN(LEN(B41)),LEN(B41)-3,LEN(B41)-2))&\"*\",PLANILHA_TAREFA[Valor Parc.\nTotal])=0,0,K41/SUMIF(PLANILHA_TAREFA[Cód. Tarefa],\"=\"&MID(B41,1,IF(ISEVEN(LEN(B41)),LEN(B41)-3,LEN(B41)-2))&\"*\",PLANILHA_TAREFA[Valor Parc.\nTotal])),IF(SUMIF(PLANILHA_TAREFA[Cód. Tarefa],\"=\"&MID(B41,1,IF(ISEVEN(LEN(B41)),LEN(B41)-3,LEN(B41)-2))&\"*\",PLANILHA_TAREFA[Valor Parc.\nTotal])=0,0,J41/SUMIF(PLANILHA_TAREFA[Cód. Tarefa],\"=\"&MID(B41,1,IF(ISEVEN(LEN(B41)),LEN(B41)-3,LEN(B41)-2))&\"*\",PLANILHA_TAREFA[Valor Parc.\nTotal])))","v":2.7071558745131945E-2},0.23,98.612642399999984,{"$f":"IF(F41=\"\",SUMIF(PLANILHA_TAREFA[Cód. Tarefa],\"=\"&B41&\".\"&\"*\",PLANILHA_TAREFA[Valor Parc.\nTotal - BDI]),0)","v":0}]
[true,"001.06.08","500069","VITRO DE CORRER METALICO 1,50 X 1,10 M",1,"UN",221.85085000000001,0,{"$f":"IF(AND(J42>=0,E42<>\"\"),IF(K42=0,J42/SUMIF(PLANILHA_TAREFA[Cód. Tarefa],MID(B42,1,IF(ISERR(FIND(\".\",B42,1))=TRUE,LEN(B42),FIND(\".\",B42,1)-1)),PLANILHA_TAREFA[Quant.]),K42/E42),K42/SUMIF(PLANILHA_TAREFA[Cód. Tarefa],MID(B42,1,IF(ISERR(FIND(\".\",B42,1))=TRUE,LEN(B42),FIND(\".\",B42,1)-1)),PLANILHA_TAREFA[Quant.]))","v":221.85085000000001},{"$f":"IF(A42=TRUE,1,0)*IF(H42>0,H42,G42)*IF(AND(E42=0,F42=\"\"),1,E42)*SUMIF(PLANILHA_TAREFA[Cód. Tarefa],MID(B42,1,IF(ISERR(FIND(\".\",B42,1))=TRUE,LEN(B42),FIND(\".\",B42,1)-1)),PLANILHA_TAREFA[Quant.])","v":221.85085000000001},{"$f":"IF(F42=\"\",SUMIF(PLANILHA_TAREFA[Cód. Tarefa],\"=\"&B42&\".\"&\"*\",PLANILHA_TAREFA[Valor Parc.\nTotal]),0)","v":0},{"$f":"SUMIF(PLANILHA_TAREFA[Cód. Tarefa],MID(B42,1,IF(ISERR(FIND(\".\",B42,1))=TRUE,LEN(B42),FIND(\".\",B42,1)-1)),PLANILHA_TAREFA[Quant.])","v":1},{"$f":"IF(F42=\"\",IF(SUMIF(PLANILHA_TAREFA[Cód. Tarefa],\"=\"&MID(B42,1,IF(ISEVEN(LEN(B42)),LEN(B42)-3,LEN(B42)-2))&\"*\",PLANILHA_TAREFA[Valor Parc.\nTotal])=0,0,K42/SUMIF(PLANILHA_TAREFA[Cód. Tarefa],\"=\"&MID(B42,1,IF(ISEVEN(LEN(B42)),LEN(B42)-3,LEN(B42)-2))&\"*\",PLANILHA_TAREFA[Valor Parc.\nTotal])),IF(SUMIF(PLANILHA_TAREFA[Cód. Tarefa],\"=\"&MID(B42,1,IF(ISEVEN(LEN(B42)),LEN(B42)-3,LEN(B42)-2))&\"*\",PLANILHA_TAREFA[Valor Parc.\nTotal])=0,0,J42/SUMIF(PLANILHA_TAREFA[Cód. Tarefa],\"=\"&MID(B42,1,IF(ISEVEN(LEN(B42)),LEN(B42)-3,LEN(B42)-2))&\"*\",PLANILHA_TAREFA[Valor Parc.\nTotal])))","v":7.4911220832187347E-2},0.23,272.87654550000002,{"$f":"IF(F42=\"\",SUMIF(PLANILHA_TAREFA[Cód. Tarefa],\"=\"&B42&\".\"&\"*\",PLANILHA_TAREFA[Valor Parc.\nTotal - BDI]),0)","v":0}]
[true,"001.06.09","601051","VITRO MAXIM-AR EM ACO GALVANIZADO 1 FOLHA MOVEL (0,80X0,60M)",1,"UN",137.24995999999999,0,{"$f":"IF(AND(J43>=0,E43<>\"\"),IF(K43=0,J43/SUMIF(PLANILHA_TAREFA[Cód. Tarefa],MID(B43,1,IF(ISERR(FIND(\".\",B43,1))=TRUE,LEN(B43),FIND(\".\",B43,1)-1)),PLANILHA_TAREFA[Quant.]),K43/E43),K43/SUMIF(PLANILHA_TAREFA[Cód. Tarefa],MID(B43,1,IF(ISERR(FIND(\".\",B43,1))=TRUE,LEN(B43),FIND(\".\",B43,1)-1)),PLANILHA_TAREFA[Quant.]))","v":137.24995999999999},{"$f":"IF(A43=TRUE,1,0)*IF(H43>0,H43,G43)*IF(AND(E43=0,F43=\"\"),1,E43)*SUMIF(PLANILHA_TAREFA[Cód. Tarefa],MID(B43,1,IF(ISERR(FIND(\".\",B43,1))=TRUE,LEN(B43),FIND(\".\",B43,1)-1)),PLANILHA_TAREFA[Quant.])","v":137.24995999999999},{"$f":"IF(F43=\"\",SUMIF(PLANILHA_TAREFA[Cód. Tarefa],\"=\"&B43&\".\"&\"*\",PLANILHA_TAREFA[Valor Parc.\nTotal]),0)","v":0},{"$f":"SUMIF(PLANILHA_TAREFA[Cód. Tarefa],MID(B43,1,IF(ISERR(FIND(\".\",B43,1))=TRUE,LEN(B43),FIND(\".\",B43,1)-1)),PLANILHA_TAREFA[Quant.])","v":1},{"$f":"IF(F43=\"\",IF(SUMIF(PLANILHA_TAREFA[Cód. Tarefa],\"=\"&MID(B43,1,IF(ISEVEN(LEN(B43)),LEN(B43)-3,LEN(B43)-2))&\"*\",PLANILHA_TAREFA[Valor Parc.\nTotal])=0,0,K43/SUMIF(PLANILHA_TAREFA[Cód. Tarefa],\"=\"&MID(B43,1,IF(ISEVEN(LEN(B43)),LEN(B43)-3,LEN(B43)-2))&\"*\",PLANILHA_TAREFA[Valor Parc.\nTotal])),IF(SUMIF(PLANILHA_TAREFA[Cód. Tarefa],\"=\"&MID(B43,1,IF(ISEVEN(LEN(B43)),LEN(B43)-3,LEN(B43)-2))&\"*\",PLANILHA_TAREFA[Valor Parc.\nTotal])=0,0,J43/SUMIF(PLANILHA_TAREFA[Cód. Tarefa],\"=\"&MID(B43,1,IF(ISEVEN(LEN(B43)),LEN(B43)-3,LEN(B43)-2))&\"*\",PLANILHA_TAREFA[Valor Parc.\nTotal])))","v":4.6344479017181493E-2},0.23,{"$f":"J43*(1+N43)","v":168.81745079999999},{"$f":"IF(F43=\"\",SUMIF(PLANILHA_TAREFA[Cód. Tarefa],\"=\"&B43&\".\"&\"*\",PLANILHA_TAREFA[Valor Parc.\nTotal - BDI]),0)","v":0}]
[true,"001.06.10","600961","VENEZIANA EM ACO GALVANIZADO DE CORRER LATERAL 1,80 X 1,10 M",1,"UN",275.13437600000003,0,{"$f":"IF(AND(J44>=0,E44<>\"\"),IF(K44=0,J44/SUMIF(PLANILHA_TAREFA[Cód. Tarefa],MID(B44,1,IF(ISERR(FIND(\".\",B44,1))=TRUE,LEN(B44),FIND(\".\",B44,1)-1)),PLANILHA_TAREFA[Quant.]),K44/E44),K44/SUMIF(PLANILHA_TAREFA[Cód. Tarefa],MID(B44,1,IF(ISERR(FIND(\".\",B44,1))=TRUE,LEN(B44),FIND(\".\",B44,1)-1)),PLANILHA_TAREFA[Quant.]))","v":275.13437600000003},{"$f":"IF(A44=TRUE,1,0)*IF(H44>0,H44,G44)*IF(AND(E44=0,F44=\"\"),1,E44)*SUMIF(PLANILHA_TAREFA[Cód. Tarefa],MID(B44,1,IF(ISERR(FIND(\".\",B44,1))=TRUE,LEN(B44),FIND(\".\",B44,1)-1)),PLANILHA_TAREFA[Quant.])","v":275.13437600000003},{"$f":"IF(F44=\"\",SUMIF(PLANILHA_TAREFA[Cód. Tarefa],\"=\"&B44&\".\"&\"*\",PLANILHA_TAREFA[Valor Parc.\nTotal]),0)","v":0},{"$f":"SUMIF(PLANILHA_TAREFA[Cód. Tarefa],MID(B44,1,IF(ISERR(FIND(\".\",B44,1))=TRUE,LEN(B44),FIND(\".\",B44,1)-1)),PLANILHA_TAREFA[Quant.])","v":1},{"$f":"IF(F44=\"\",IF(SUMIF(PLANILHA_TAREFA[Cód. Tarefa],\"=\"&MID(B44,1,IF(ISEVEN(LEN(B44)),LEN(B44)-3,LEN(B44)-2))&\"*\",PLANILHA_TAREFA[Valor Parc.\nTotal])=0,0,K44/SUMIF(PLANILHA_TAREFA[Cód. Tarefa],\"=\"&MID(B44,1,IF(ISEVEN(LEN(B44)),LEN(B44)-3,LEN(B44)-2))&\"*\",PLANILHA_TAREFA[Valor Parc.\nTotal])),IF(SUMIF(PLANILHA_TAREFA[Cód. Tarefa],\"=\"&MID(B44,1,IF(ISEVEN(LEN(B44)),LEN(B44)-3,LEN(B44)-2))&\"*\",PLANILHA_TAREFA[Valor Parc.\nTotal])=0,0,J44/SUMIF(PLANILHA_TAREFA[Cód. Tarefa],\"=\"&MID(B44,1,IF(ISEVEN(LEN(B44)),LEN(B44)-3,LEN(B44)-2))&\"*\",PLANILHA_TAREFA[Valor Parc.\nTotal])))","v":9.2903191486812281E-2},0.23,338.41528248000003,{"$f":"IF(F44=\"\",SUMIF(PLANILHA_TAREFA[Cód. Tarefa],\"=\"&B44&\".\"&\"*\",PLANILHA_TAREFA[Valor Parc.\nTotal - BDI]),0)","v":0}]
[true,"001.06.11","611364","VITRO ACO GALVANIZADO DE CORRER LATERAL 2,00 X 1,10 M",1,"UN",180.168092,0,{"$f":"IF(AND(J45>=0,E45<>\"\"),IF(K45=0,J45/SUMIF(PLANILHA_TAREFA[Cód. Tarefa],MID(B45,1,IF(ISERR(FIND(\".\",B45,1))=TRUE,LEN(B45),FIND(\".\",B45,1)-1)),PLANILHA_TAREFA[Quant.]),K45/E45),K45/SUMIF(PLANILHA_TAREFA[Cód. Tarefa],MID(B45,1,IF(ISERR(FIND(\".\",B45,1))=TRUE,LEN(B45),FIND(\".\",B45,1)-1)),PLANILHA_TAREFA[Quant.]))","v":180.168092},{"$f":"IF(A45=TRUE,1,0)*IF(H45>0,H45,G45)*IF(AND(E45=0,F45=\"\"),1,E45)*SUMIF(PLANILHA_TAREFA[Cód. Tarefa],MID(B45,1,IF(ISERR(FIND(\".\",B45,1))=TRUE,LEN(B45),FIND(\".\",B45,1)-1)),PLANILHA_TAREFA[Quant.])","v":180.168092},{"$f":"IF(F45=\"\",SUMIF(PLANILHA_TAREFA[Cód. Tarefa],\"=\"&B45&\".\"&\"*\",PLANILHA_TAREFA[Valor Parc.\nTotal]),0)","v":0},{"$f":"SUMIF(PLANILHA_TAREFA[Cód. Tarefa],MID(B45,1,IF(ISERR(FIND(\".\",B45,1))=TRUE,LEN(B45),FIND(\".\",B45,1)-1)),PLANILHA_TAREFA[Quant.])","v":1},{"$f":"IF(F45=\"\",IF(SUMIF(PLANILHA_TAREFA[Cód. Tarefa],\"=\"&MID(B45,1,IF(ISEVEN(LEN(B45)),LEN(B45)-3,LEN(B45)-2))&\"*\",PLANILHA_TAREFA[Valor Parc.\nTotal])=0,0,K45/SUMIF(PLANILHA_TAREFA[Cód. Tarefa],\"=\"&MID(B45,1,IF(ISEVEN(LEN(B45)),LEN(B45)-3,LEN(B45)-2))&\"*\",PLANILHA_TAREFA[Valor Parc.\nTotal])),IF(SUMIF(PLANILHA_TAREFA[Cód. Tarefa],\"=\"&MID(B45,1,IF(ISEVEN(LEN(B45)),LEN(B45)-3,LEN(B45)-2))&\"*\",PLANILHA_TAREFA[Valor Parc.\nTotal])=0,0,J45/SUMIF(PLANILHA_TAREFA[Cód. Tarefa],\"=\"&MID(B45,1,IF(ISEVEN(LEN(B45)),LEN(B45)-3,LEN(B45)-2))&\"*\",PLANILHA_TAREFA[Valor Parc.\nTotal])))","v":6.0836421076258418E-2},0.23,221.60675316000001,{"$f":"IF(F45=\"\",SUMIF(PLANILHA_TAREFA[Cód. Tarefa],\"=\"&B45&\".\"&\"*\",PLANILHA_TAREFA[Valor Parc.\nTotal - BDI]),0)","v":0}]
[true,"001.06.12","400131","ALCAPAO METALICO 0,60 X 0,60 M",1,"UN",95.840818799999994,0,{"$f":"IF(AND(J46>=0,E46<>\"\"),IF(K46=0,J46/SUMIF(PLANILHA_TAREFA[Cód. Tarefa],MID(B46,1,IF(ISERR(FIND(\".\",B46,1))=TRUE,LEN(B46),FIND(\".\",B46,1)-1)),PLANILHA_TAREFA[Quant.]),K46/E46),K46/SUMIF(PLANILHA_TAREFA[Cód. Tarefa],MID(B46,1,IF(ISERR(FIND(\".\",B46,1))=TRUE,LEN(B46),FIND(\".\",B46,1)-1)),PLANILHA_TAREFA[Quant.]))","v":95.840818799999994},{"$f":"IF(A46=TRUE,1,0)*IF(H46>0,H46,G46)*IF(AND(E46=0,F46=\"\"),1,E46)*SUMIF(PLANILHA_TAREFA[Cód. Tarefa],MID(B46,1,IF(ISERR(FIND(\".\",B46,1))=TRUE,LEN(B46),FIND(\".\",B46,1)-1)),PLANILHA_TAREFA[Quant.])","v":95.840818799999994},{"$f":"IF(F46=\"\",SUMIF(PLANILHA_TAREFA[Cód. Tarefa],\"=\"&B46&\".\"&\"*\",PLANILHA_TAREFA[Valor Parc.\nTotal]),0)","v":0},{"$f":"SUMIF(PLANILHA_TAREFA[Cód. Tarefa],MID(B46,1,IF(ISERR(FIND(\".\",B46,1))=TRUE,LEN(B46),FIND(\".\",B46,1)-1)),PLANILHA_TAREFA[Quant.])","v":1},{"$f":"IF(F46=\"\",IF(SUMIF(PLANILHA_TAREFA[Cód. Tarefa],\"=\"&MID(B46,1,IF(ISEVEN(LEN(B46)),LEN(B46)-3,LEN(B46)-2))&\"*\",PLANILHA_TAREFA[Valor Parc.\nTotal])=0,0,K46/SUMIF(PLANILHA_TAREFA[Cód. Tarefa],\"=\"&MID(B46,1,IF(ISEVEN(LEN(B46)),LEN(B46)-3,LEN(B46)-2))&\"*\",PLANILHA_TAREFA[Valor Parc.\nTotal])),IF(SUMIF(PLANILHA_TAREFA[Cód. Tarefa],\"=\"&MID(B46,1,IF(ISEVEN(LEN(B46)),LEN(B46)-3,LEN(B46)-2))&\"*\",PLANILHA_TAREFA[Valor Parc.\nTotal])=0,0,J46/SUMIF(PLANILHA_TAREFA[Cód. Tarefa],\"=\"&MID(B46,1,IF(ISEVEN(LEN(B46)),LEN(B46)-3,LEN(B46)-2))&\"*\",PLANILHA_TAREFA[Valor Parc.\nTotal])))","v":3.2362070020756972E-2},0.23,117.88420712399999,{"$f":"IF(F46=\"\",SUMIF(PLANILHA_TAREFA[Cód. Tarefa],\"=\"&B46&\".\"&\"*\",PLANILHA_TAREFA[Valor Parc.\nTotal - BDI]),0)","v":0}]
[true,"001.06.13","500090","PORTAO METALON 30 X 20",{"$f":"2.5*1.5","v":3.75},"M2",277.14875999999998,0,{"$f":"IF(AND(J47>=0,E47<>\"\"),IF(K47=0,J47/SUMIF(PLANILHA_TAREFA[Cód. Tarefa],MID(B47,1,IF(ISERR(FIND(\".\",B47,1))=TRUE,LEN(B47),FIND(\".\",B47,1)-1)),PLANILHA_TAREFA[Quant.]),K47/E47),K47/SUMIF(PLANILHA_TAREFA[Cód. Tarefa],MID(B47,1,IF(ISERR(FIND(\".\",B47,1))=TRUE,LEN(B47),FIND(\".\",B47,1)-1)),PLANILHA_TAREFA[Quant.]))","v":1039.3078499999999},{"$f":"IF(A47=TRUE,1,0)*IF(H47>0,H47,G47)*IF(AND(E47=0,F47=\"\"),1,E47)*SUMIF(PLANILHA_TAREFA[Cód. Tarefa],MID(B47,1,IF(ISERR(FIND(\".\",B47,1))=TRUE,LEN(B47),FIND(\".\",B47,1)-1)),PLANILHA_TAREFA[Quant.])","v":1039.3078499999999},{"$f":"IF(F47=\"\",SUMIF(PLANILHA_TAREFA[Cód. Tarefa],\"=\"&B47&\".\"&\"*\",PLANILHA_TAREFA[Valor Parc.\nTotal]),0)","v":0},{"$f":"SUMIF(PLANILHA_TAREFA[Cód. Tarefa],MID(B47,1,IF(ISERR(FIND(\".\",B47,1))=TRUE,LEN(B47),FIND(\".\",B47,1)-1)),PLANILHA_TAREFA[Quant.])","v":1},{"$f":"IF(F47=\"\",IF(SUMIF(PLANILHA_TAREFA[Cód. Tarefa],\"=\"&MID(B47,1,IF(ISEVEN(LEN(B47)),LEN(B47)-3,LEN(B47)-2))&\"*\",PLANILHA_TAREFA[Valor Parc.\nTotal])=0,0,K47/SUMIF(PLANILHA_TAREFA[Cód. Tarefa],\"=\"&MID(B47,1,IF(ISEVEN(LEN(B47)),LEN(B47)-3,LEN(B47)-2))&\"*\",PLANILHA_TAREFA[Valor Parc.\nTotal])),IF(SUMIF(PLANILHA_TAREFA[Cód. Tarefa],\"=\"&MID(B47,1,IF(ISEVEN(LEN(B47)),LEN(B47)-3,LEN(B47)-2))&\"*\",PLANILHA_TAREFA[Valor Parc.\nTotal])=0,0,J47/SUMIF(PLANILHA_TAREFA[Cód. Tarefa],\"=\"&MID(B47,1,IF(ISEVEN(LEN(B47)),LEN(B47)-3,LEN(B47)-2))&\"*\",PLANILHA_TAREFA[Valor Parc.\nTotal])))","v":0.3509376676446172},0.23,1278.3486554999999,{"$f":"IF(F47=\"\",SUMIF(PLANILHA_TAREFA[Cód. Tarefa],\"=\"&B47&\".\"&\"*\",PLANILHA_TAREFA[Valor Parc.\nTotal - BDI]),0)","v":0}]
[true,"001.07",null,"IMPERMEABILIZACAO",null,null,0,0,{"$f":"IF(AND(J48>=0,E48<>\"\"),IF(K48=0,J48/SUMIF(PLANILHA_TAREFA[Cód. Tarefa],MID(B48,1,IF(ISERR(FIND(\".\",B48,1))=TRUE,LEN(B48),FIND(\".\",B48,1)-1)),PLANILHA_TAREFA[Quant.]),K48/E48),K48/SUMIF(PLANILHA_TAREFA[Cód. Tarefa],MID(B48,1,IF(ISERR(FIND(\".\",B48,1))=TRUE,LEN(B48),FIND(\".\",B48,1)-1)),PLANILHA_TAREFA[Quant.]))","v":584.98912859999996},{"$f":"IF(A48=TRUE,1,0)*IF(H48>0,H48,G48)*IF(AND(E48=0,F48=\"\"),1,E48)*SUMIF(PLANILHA_TAREFA[Cód. Tarefa],MID(B48,1,IF(ISERR(FIND(\".\",B48,1))=TRUE,LEN(B48),FIND(\".\",B48,1)-1)),PLANILHA_TAREFA[Quant.])","v":0},{"$f":"IF(F48=\"\",SUMIF(PLANILHA_TAREFA[Cód. Tarefa],\"=\"&B48&\".\"&\"*\",PLANILHA_TAREFA[Valor Parc.\nTotal]),0)","v":584.98912859999996},{"$f":"SUMIF(PLANILHA_TAREFA[Cód. Tarefa],MID(B48,1,IF(ISERR(FIND(\".\",B48,1))=TRUE,LEN(B48),FIND(\".\",B48,1)-1)),PLANILHA_TAREFA[Quant.])","v":1},{"$f":"IF(F48=\"\",IF(SUMIF(PLANILHA_TAREFA[Cód. Tarefa],\"=\"&MID(B48,1,IF(ISEVEN(LEN(B48)),LEN(B48)-3,LEN(B48)-2))&\"*\",PLANILHA_TAREFA[Valor Parc.\nTotal])=0,0,K48/SUMIF(PLANILHA_TAREFA[Cód. Tarefa],\"=\"&MID(B48,1,IF(ISEVEN(LEN(B48)),LEN(B48)-3,LEN(B48)-2))&\"*\",PLANILHA_TAREFA[Valor Parc.\nTotal])),IF(SUMIF(PLANILHA_TAREFA[Cód. Tarefa],\"=\"&MID(B48,1,IF(ISEVEN(LEN(B48)),LEN(B48)-3,LEN(B48)-2))&\"*\",PLANILHA_TAREFA[Valor Parc.\nTotal])=0,0,J48/SUMIF(PLANILHA_TAREFA[Cód. Tarefa],\"=\"&MID(B48,1,IF(ISEVEN(LEN(B48)),LEN(B48)-3,LEN(B48)-2))&\"*\",PLANILHA_TAREFA[Valor Parc.\nTotal])))","v":9.4944119656978441E-3},0.23,0,{"$f":"IF(F48=\"\",SUMIF(PLANILHA_TAREFA[Cód. Tarefa],\"=\"&B48&\".\"&\"*\",PLANILHA_TAREFA[Valor Parc.\nTotal - BDI]),0)","v":719.536628178}]
[true,"001.07.01","500142","ASSENTAMENTO DAS PRIMEIRAS FIADAS C/ ARGAMASSA C/ IMPERMEABILIZANTE",51.86,"MT",6.3271700000000006,0,{"$f":"IF(AND(J49>=0,E49<>\"\"),IF(K49=0,J49/SUMIF(PLANILHA_TAREFA[Cód. Tarefa],MID(B49,1,IF(ISERR(FIND(\".\",B49,1))=TRUE,LEN(B49),FIND(\".\",B49,1)-1)),PLANILHA_TAREFA[Quant.]),K49/E49),K49/SUMIF(PLANILHA_TAREFA[Cód. Tarefa],MID(B49,1,IF(ISERR(FIND(\".\",B49,1))=TRUE,LEN(B49),FIND(\".\",B49,1)-1)),PLANILHA_TAREFA[Quant.]))","v":328.12703620000002},{"$f":"IF(A49=TRUE,1,0)*IF(H49>0,H49,G49)*IF(AND(E49=0,F49=\"\"),1,E49)*SUMIF(PLANILHA_TAREFA[Cód. Tarefa],MID(B49,1,IF(ISERR(FIND(\".\",B49,1))=TRUE,LEN(B49),FIND(\".\",B49,1)-1)),PLANILHA_TAREFA[Quant.])","v":328.12703620000002},{"$f":"IF(F49=\"\",SUMIF(PLANILHA_TAREFA[Cód. Tarefa],\"=\"&B49&\".\"&\"*\",PLANILHA_TAREFA[Valor Parc.\nTotal]),0)","v":0},{"$f":"SUMIF(PLANILHA_TAREFA[Cód. Tarefa],MID(B49,1,IF(ISERR(FIND(\".\",B49,1))=TRUE,LEN(B49),FIND(\".\",B49,1)-1)),PLANILHA_TAREFA[Quant.])","v":1},{"$f":"IF(F49=\"\",IF(SUMIF(PLANILHA_TAREFA[Cód. Tarefa],\"=\"&MID(B49,1,IF(ISEVEN(LEN(B49)),LEN(B49)-3,LEN(B49)-2))&\"*\",PLANILHA_TAREFA[Valor Parc.\nTotal])=0,0,K49/SUMIF(PLANILHA_TAREFA[Cód. Tarefa],\"=\"&MID(B49,1,IF(ISEVEN(LEN(B49)),LEN(B49)-3,LEN(B49)-2))&\"*\",PLANILHA_TAREFA[Valor Parc.\nTotal])),IF(SUMIF(PLANILHA_TAREFA[Cód. Tarefa],\"=\"&MID(B49,1,IF(ISEVEN(LEN(B49)),LEN(B49)-3,LEN(B49)-2))&\"*\",PLANILHA_TAREFA[Valor Parc.\nTotal])=0,0,J49/SUMIF(PLANILHA_TAREFA[Cód. Tarefa],\"=\"&MID(B49,1,IF(ISEVEN(LEN(B49)),LEN(B49)-3,LEN(B49)-2))&\"*\",PLANILHA_TAREFA[Valor Parc.\nTotal])))","v":0.56091134032742784},0.23,403.596254526,{"$f":"IF(F49=\"\",SUMIF(PLANILHA_TAREFA[Cód. Tarefa],\"=\"&B49&\".\"&\"*\",PLANILHA_TAREFA[Valor Parc.\nTotal - BDI]),0)","v":0}]
[true,"001.07.02","600681","BARRADO IMPERMEABILIZADO EXTERNO COM IGOFLEX",19.87,"M2",5.9497199999999992,0,{"$f":"IF(AND(J50>=0,E50<>\"\"),IF(K50=0,J50/SUMIF(PLANILHA_TAREFA[Cód. Tarefa],MID(B50,1,IF(ISERR(FIND(\".\",B50,1))=TRUE,LEN(B50),FIND(\".\",B50,1)-1)),PLANILHA_TAREFA[Quant.]),K50/E50),K50/SUMIF(PLANILHA_TAREFA[Cód. Tarefa],MID(B50,1,IF(ISERR(FIND(\".\",B50,1))=TRUE,LEN(B50),FIND(\".\",B50,1)-1)),PLANILHA_TAREFA[Quant.]))","v":118.22093639999999},{"$f":"IF(A50=TRUE,1,0)*IF(H50>0,H50,G50)*IF(AND(E50=0,F50=\"\"),1,E50)*SUMIF(PLANILHA_TAREFA[Cód. Tarefa],MID(B50,1,IF(ISERR(FIND(\".\",B50,1))=TRUE,LEN(B50),FIND(\".\",B50,1)-1)),PLANILHA_TAREFA[Quant.])","v":118.22093639999999},{"$f":"IF(F50=\"\",SUMIF(PLANILHA_TAREFA[Cód. Tarefa],\"=\"&B50&\".\"&\"*\",PLANILHA_TAREFA[Valor Parc.\nTotal]),0)","v":0},{"$f":"SUMIF(PLANILHA_TAREFA[Cód. Tarefa],MID(B50,1,IF(ISERR(FIND(\".\",B50,1))=TRUE,LEN(B50),FIND(\".\",B50,1)-1)),PLANILHA_TAREFA[Quant.])","v":1},{"$f":"IF(F50=\"\",IF(SUMIF(PLANILHA_TAREFA[Cód. Tarefa],\"=\"&MID(B50,1,IF(ISEVEN(LEN(B50)),LEN(B50)-3,LEN(B50)-2))&\"*\",PLANILHA_TAREFA[Valor Parc.\nTotal])=0,0,K50/SUMIF(PLANILHA_TAREFA[Cód. Tarefa],\"=\"&MID(B50,1,IF(ISEVEN(LEN(B50)),LEN(B50)-3,LEN(B50)-2))&\"*\",PLANILHA_TAREFA[Valor Parc.\nTotal])),IF(SUMIF(PLANILHA_TAREFA[Cód. Tarefa],\"=\"&MID(B50,1,IF(ISEVEN(LEN(B50)),LEN(B50)-3,LEN(B50)-2))&\"*\",PLANILHA_TAREFA[Valor Parc.\nTotal])=0,0,J50/SUMIF(PLANILHA_TAREFA[Cód. Tarefa],\"=\"&MID(B50,1,IF(ISEVEN(LEN(B50)),LEN(B50)-3,LEN(B50)-2))&\"*\",PLANILHA_TAREFA[Valor Parc.\nTotal])))","v":0.20209082634223843},0.23,145.41175177199997,{"$f":"IF(F50=\"\",SUMIF(PLANILHA_TAREFA[Cód. Tarefa],\"=\"&B50&\".\"&\"*\",PLANILHA_TAREFA[Valor Parc.\nTotal - BDI]),0)","v":0}]
[true,"001.07.03","600627","IMPERMEABILIZACAO C/ SIKATOP",31.12,"M2",4.45505,0,{"$f":"IF(AND(J51>=0,E51<>\"\"),IF(K51=0,J51/SUMIF(PLANILHA_TAREFA[Cód. Tarefa],MID(B51,1,IF(ISERR(FIND(\".\",B51,1))=TRUE,LEN(B51),FIND(\".\",B51,1)-1)),PLANILHA_TAREFA[Quant.]),K51/E51),K51/SUMIF(PLANILHA_TAREFA[Cód. Tarefa],MID(B51,1,IF(ISERR(FIND(\".\",B51,1))=TRUE,LEN(B51),FIND(\".\",B51,1)-1)),PLANILHA_TAREFA[Quant.]))","v":138.641156},{"$f":"IF(A51=TRUE,1,0)*IF(H51>0,H51,G51)*IF(AND(E51=0,F51=\"\"),1,E51)*SUMIF(PLANILHA_TAREFA[Cód. Tarefa],MID(B51,1,IF(ISERR(FIND(\".\",B51,1))=TRUE,LEN(B51),FIND(\".\",B51,1)-1)),PLANILHA_TAREFA[Quant.])","v":138.641156},{"$f":"IF(F51=\"\",SUMIF(PLANILHA_TAREFA[Cód. Tarefa],\"=\"&B51&\".\"&\"*\",PLANILHA_TAREFA[Valor Parc.\nTotal]),0)","v":0},{"$f":"SUMIF(PLANILHA_TAREFA[Cód. Tarefa],MID(B51,1,IF(ISERR(FIND(\".\",B51,1))=TRUE,LEN(B51),FIND(\".\",B51,1)-1)),PLANILHA_TAREFA[Quant.])","v":1},{"$f":"IF(F51=\"\",IF(SUMIF(PLANILHA_TAREFA[Cód. Tarefa],\"=\"&MID(B51,1,IF(ISEVEN(LEN(B51)),LEN(B51)-3,LEN(B51)-2))&\"*\",PLANILHA_TAREFA[Valor Parc.\nTotal])=0,0,K51/SUMIF(PLANILHA_TAREFA[Cód. Tarefa],\"=\"&MID(B51,1,IF(ISEVEN(LEN(B51)),LEN(B51)-3,LEN(B51)-2))&\"*\",PLANILHA_TAREFA[Valor Parc.\nTotal])),IF(SUMIF(PLANILHA_TAREFA[Cód. Tarefa],\"=\"&MID(B51,1,IF(ISEVEN(LEN(B51)),LEN(B51)-3,LEN(B51)-2))&\"*\",PLANILHA_TAREFA[Valor Parc.\nTotal])=0,0,J51/SUMIF(PLANILHA_TAREFA[Cód. Tarefa],\"=\"&MID(B51,1,IF(ISEVEN(LEN(B51)),LEN(B51)-3,LEN(B51)-2))&\"*\",PLANILHA_TAREFA[Valor Parc.\nTotal])))","v":0.23699783333033381},0.23,170.52862188,{"$f":"IF(F51=\"\",SUMIF(PLANILHA_TAREFA[Cód. Tarefa],\"=\"&B51&\".\"&\"*\",PLANILHA_TAREFA[Valor Parc.\nTotal - BDI]),0)","v":0}]
[true,"001.08",null,"REVESTIMENTO",null,null,0,0,{"$f":"IF(AND(J52>=0,E52<>\"\"),IF(K52=0,J52/SUMIF(PLANILHA_TAREFA[Cód. Tarefa],MID(B52,1,IF(ISERR(FIND(\".\",B52,1))=TRUE,LEN(B52),FIND(\".\",B52,1)-1)),PLANILHA_TAREFA[Quant.]),K52/E52),K52/SUMIF(PLANILHA_TAREFA[Cód. Tarefa],MID(B52,1,IF(ISERR(FIND(\".\",B52,1))=TRUE,LEN(B52),FIND(\".\",B52,1)-1)),PLANILHA_TAREFA[Quant.]))","v":9293.3770842999984},{"$f":"IF(A52=TRUE,1,0)*IF(H52>0,H52,G52)*IF(AND(E52=0,F52=\"\"),1,E52)*SUMIF(PLANILHA_TAREFA[Cód. Tarefa],MID(B52,1,IF(ISERR(FIND(\".\",B52,1))=TRUE,LEN(B52),FIND(\".\",B52,1)-1)),PLANILHA_TAREFA[Quant.])","v":0},{"$f":"IF(F52=\"\",SUMIF(PLANILHA_TAREFA[Cód. Tarefa],\"=\"&B52&\".\"&\"*\",PLANILHA_TAREFA[Valor Parc.\nTotal]),0)","v":9293.3770842999984},{"$f":"SUMIF(PLANILHA_TAREFA[Cód. Tarefa],MID(B52,1,IF(ISERR(FIND(\".\",B52,1))=TRUE,LEN(B52),FIND(\".\",B52,1)-1)),PLANILHA_TAREFA[Quant.])","v":1},{"$f":"IF(F52=\"\",IF(SUMIF(PLANILHA_TAREFA[Cód. Tarefa],\"=\"&MID(B52,1,IF(ISEVEN(LEN(B52)),LEN(B52)-3,LEN(B52)-2))&\"*\",PLANILHA_TAREFA[Valor Parc.\nTotal])=0,0,K52/SUMIF(PLANILHA_TAREFA[Cód. Tarefa],\"=\"&MID(B52,1,IF(ISEVEN(LEN(B52)),LEN(B52)-3,LEN(B52)-2))&\"*\",PLANILHA_TAREFA[Valor Parc.\nTotal])),IF(SUMIF(PLANILHA_TAREFA[Cód. Tarefa],\"=\"&MID(B52,1,IF(ISEVEN(LEN(B52)),LEN(B52)-3,LEN(B52)-2))&\"*\",PLANILHA_TAREFA[Valor Parc.\nTotal])=0,0,J52/SUMIF(PLANILHA_TAREFA[Cód. Tarefa],\"=\"&MID(B52,1,IF(ISEVEN(LEN(B52)),LEN(B52)-3,LEN(B52)-2))&\"*\",PLANILHA_TAREFA[Valor Parc.\nTotal])))","v":0.15083212025167889},0.23,0,{"$f":"IF(F52=\"\",SUMIF(PLANILHA_TAREFA[Cód. Tarefa],\"=\"&B52&\".\"&\"*\",PLANILHA_TAREFA[Valor Parc.\nTotal - BDI]),0)","v":11430.853813689}]
[true,"001.08.01",null,"REVESTIMENTO INTERNO",null,null,0,0,{"$f":"IF(AND(J53>=0,E53<>\"\"),IF(K53=0,J53/SUMIF(PLANILHA_TAREFA[Cód. Tarefa],MID(B53,1,IF(ISERR(FIND(\".\",B53,1))=TRUE,LEN(B53),FIND(\".\",B53,1)-1)),PLANILHA_TAREFA[Quant.]),K53/E53),K53/SUMIF(PLANILHA_TAREFA[Cód. Tarefa],MID(B53,1,IF(ISERR(FIND(\".\",B53,1))=TRUE,LEN(B53),FIND(\".\",B53,1)-1)),PLANILHA_TAREFA[Quant.]))","v":5178.8108063},{"$f":"IF(A53=TRUE,1,0)*IF(H53>0,H53,G53)*IF(AND(E53=0,F53=\"\"),1,E53)*SUMIF(PLANILHA_TAREFA[Cód. Tarefa],MID(B53,1,IF(ISERR(FIND(\".\",B53,1))=TRUE,LEN(B53),FIND(\".\",B53,1)-1)),PLANILHA_TAREFA[Quant.])","v":0},{"$f":"IF(F53=\"\",SUMIF(PLANILHA_TAREFA[Cód. Tarefa],\"=\"&B53&\".\"&\"*\",PLANILHA_TAREFA[Valor Parc.\nTotal]),0)","v":5178.8108063},{"$f":"SUMIF(PLANILHA_TAREFA[Cód. Tarefa],MID(B53,1,IF(ISERR(FIND(\".\",B53,1))=TRUE,LEN(B53),FIND(\".\",B53,1)-1)),PLANILHA_TAREFA[Quant.])","v":1},{"$f":"IF(F53=\"\",IF(SUMIF(PLANILHA_TAREFA[Cód. Tarefa],\"=\"&MID(B53,1,IF(ISEVEN(LEN(B53)),LEN(B53)-3,LEN(B53)-2))&\"*\",PLANILHA_TAREFA[Valor Parc.\nTotal])=0,0,K53/SUMIF(PLANILHA_TAREFA[Cód. Tarefa],\"=\"&MID(B53,1,IF(ISEVEN(LEN(B53)),LEN(B53)-3,LEN(B53)-2))&\"*\",PLANILHA_TAREFA[Valor Parc.\nTotal])),IF(SUMIF(PLANILHA_TAREFA[Cód. Tarefa],\"=\"&MID(B53,1,IF(ISEVEN(LEN(B53)),LEN(B53)-3,LEN(B53)-2))&\"*\",PLANILHA_TAREFA[Valor Parc.\nTotal])=0,0,J53/SUMIF(PLANILHA_TAREFA[Cód. Tarefa],\"=\"&MID(B53,1,IF(ISEVEN(LEN(B53)),LEN(B53)-3,LEN(B53)-2))&\"*\",PLANILHA_TAREFA[Valor Parc.\nTotal])))","v":0.55725822371384837},0.23,0,{"$f":"IF(F53=\"\",SUMIF(PLANILHA_TAREFA[Cód. Tarefa],\"=\"&B53&\".\"&\"*\",PLANILHA_TAREFA[Valor Parc.\nTotal - BDI]),0)","v":6369.9372917490009}]
[true,"001.08.01.01","500031","CHAPISCO",224.96,"M2",2.2457500000000001,0,{"$f":"IF(AND(J54>=0,E54<>\"\"),IF(K54=0,J54/SUMIF(PLANILHA_TAREFA[Cód. Tarefa],MID(B54,1,IF(ISERR(FIND(\".\",B54,1))=TRUE,LEN(B54),FIND(\".\",B54,1)-1)),PLANILHA_TAREFA[Quant.]),K54/E54),K54/SUMIF(PLANILHA_TAREFA[Cód. Tarefa],MID(B54,1,IF(ISERR(FIND(\".\",B54,1))=TRUE,LEN(B54),FIND(\".\",B54,1)-1)),PLANILHA_TAREFA[Quant.]))","v":505.20392000000004},{"$f":"IF(A54=TRUE,1,0)*IF(H54>0,H54,G54)*IF(AND(E54=0,F54=\"\"),1,E54)*SUMIF(PLANILHA_TAREFA[Cód. Tarefa],MID(B54,1,IF(ISERR(FIND(\".\",B54,1))=TRUE,LEN(B54),FIND(\".\",B54,1)-1)),PLANILHA_TAREFA[Quant.])","v":505.20392000000004},{"$f":"IF(F54=\"\",SUMIF(PLANILHA_TAREFA[Cód. Tarefa],\"=\"&B54&\".\"&\"*\",PLANILHA_TAREFA[Valor Parc.\nTotal]),0)","v":0},{"$f":"SUMIF(PLANILHA_TAREFA[Cód. Tarefa],MID(B54,1,IF(ISERR(FIND(\".\",B54,1))=TRUE,LEN(B54),FIND(\".\",B54,1)-1)),PLANILHA_TAREFA[Quant.])","v":1},{"$f":"IF(F54=\"\",IF(SUMIF(PLANILHA_TAREFA[Cód. Tarefa],\"=\"&MID(B54,1,IF(ISEVEN(LEN(B54)),LEN(B54)-3,LEN(B54)-2))&\"*\",PLANILHA_TAREFA[Valor Parc.\nTotal])=0,0,K54/SUMIF(PLANILHA_TAREFA[Cód. Tarefa],\"=\"&MID(B54,1,IF(ISEVEN(LEN(B54)),LEN(B54)-3,LEN(B54)-2))&\"*\",PLANILHA_TAREFA[Valor Parc.\nTotal])),IF(SUMIF(PLANILHA_TAREFA[Cód. Tarefa],\"=\"&MID(B54,1,IF(ISEVEN(LEN(B54)),LEN(B54)-3,LEN(B54)-2))&\"*\",PLANILHA_TAREFA[Valor Parc.\nTotal])=0,0,J54/SUMIF(PLANILHA_TAREFA[Cód. Tarefa],\"=\"&MID(B54,1,IF(ISEVEN(LEN(B54)),LEN(B54)-3,LEN(B54)-2))&\"*\",PLANILHA_TAREFA[Valor Parc.\nTotal])))","v":9.7552109720907693E-2},0.23,621.40082160000009,{"$f":"IF(F54=\"\",SUMIF(PLANILHA_TAREFA[Cód. Tarefa],\"=\"&B54&\".\"&\"*\",PLANILHA_TAREFA[Valor Parc.\nTotal - BDI]),0)","v":0}]
[true,"001.08.01.02","500033","EMBOCO",224.96,"M2",18.736229999999999,0,{"$f":"IF(AND(J55>=0,E55<>\"\"),IF(K55=0,J55/SUMIF(PLANILHA_TAREFA[Cód. Tarefa],MID(B55,1,IF(ISERR(FIND(\".\",B55,1))=TRUE,LEN(B55),FIND(\".\",B55,1)-1)),PLANILHA_TAREFA[Quant.]),K55/E55),K55/SUMIF(PLANILHA_TAREFA[Cód. Tarefa],MID(B55,1,IF(ISERR(FIND(\".\",B55,1))=TRUE,LEN(B55),FIND(\".\",B55,1)-1)),PLANILHA_TAREFA[Quant.]))","v":4214.9023008000004},{"$f":"IF(A55=TRUE,1,0)*IF(H55>0,H55,G55)*IF(AND(E55=0,F55=\"\"),1,E55)*SUMIF(PLANILHA_TAREFA[Cód. Tarefa],MID(B55,1,IF(ISERR(FIND(\".\",B55,1))=TRUE,LEN(B55),FIND(\".\",B55,1)-1)),PLANILHA_TAREFA[Quant.])","v":4214.9023008000004},{"$f":"IF(F55=\"\",SUMIF(PLANILHA_TAREFA[Cód. Tarefa],\"=\"&B55&\".\"&\"*\",PLANILHA_TAREFA[Valor Parc.\nTotal]),0)","v":0},{"$f":"SUMIF(PLANILHA_TAREFA[Cód. Tarefa],MID(B55,1,IF(ISERR(FIND(\".\",B55,1))=TRUE,LEN(B55),FIND(\".\",B55,1)-1)),PLANILHA_TAREFA[Quant.])","v":1},{"$f":"IF(F55=\"\",IF(SUMIF(PLANILHA_TAREFA[Cód. Tarefa],\"=\"&MID(B55,1,IF(ISEVEN(LEN(B55)),LEN(B55)-3,LEN(B55)-2))&\"*\",PLANILHA_TAREFA[Valor Parc.\nTotal])=0,0,K55/SUMIF(PLANILHA_TAREFA[Cód. Tarefa],\"=\"&MID(B55,1,IF(ISEVEN(LEN(B55)),LEN(B55)-3,LEN(B55)-2))&\"*\",PLANILHA_TAREFA[Valor Parc.\nTotal])),IF(SUMIF(PLANILHA_TAREFA[Cód. Tarefa],\"=\"&MID(B55,1,IF(ISEVEN(LEN(B55)),LEN(B55)-3,LEN(B55)-2))&\"*\",PLANILHA_TAREFA[Valor Parc.\nTotal])=0,0,J55/SUMIF(PLANILHA_TAREFA[Cód. Tarefa],\"=\"&MID(B55,1,IF(ISEVEN(LEN(B55)),LEN(B55)-3,LEN(B55)-2))&\"*\",PLANILHA_TAREFA[Valor Parc.\nTotal])))","v":0.8138745473521819},0.23,5184.3298299840008,{"$f":"IF(F55=\"\",SUMIF(PLANILHA_TAREFA[Cód. Tarefa],\"=\"&B55&\".\"&\"*\",PLANILHA_TAREFA[Valor Parc.\nTotal - BDI]),0)","v":0}]
[true,"001.08.01.03","003017","AZULEJO BRANCO 15,0 X 15,0 CM",15.37,"M2",29.844150000000003,0,{"$f":"IF(AND(J56>=0,E56<>\"\"),IF(K56=0,J56/SUMIF(PLANILHA_TAREFA[Cód. Tarefa],MID(B56,1,IF(ISERR(FIND(\".\",B56,1))=TRUE,LEN(B56),FIND(\".\",B56,1)-1)),PLANILHA_TAREFA[Quant.]),K56/E56),K56/SUMIF(PLANILHA_TAREFA[Cód. Tarefa],MID(B56,1,IF(ISERR(FIND(\".\",B56,1))=TRUE,LEN(B56),FIND(\".\",B56,1)-1)),PLANILHA_TAREFA[Quant.]))","v":458.70458550000001},{"$f":"IF(A56=TRUE,1,0)*IF(H56>0,H56,G56)*IF(AND(E56=0,F56=\"\"),1,E56)*SUMIF(PLANILHA_TAREFA[Cód. Tarefa],MID(B56,1,IF(ISERR(FIND(\".\",B56,1))=TRUE,LEN(B56),FIND(\".\",B56,1)-1)),PLANILHA_TAREFA[Quant.])","v":458.70458550000001},{"$f":"IF(F56=\"\",SUMIF(PLANILHA_TAREFA[Cód. Tarefa],\"=\"&B56&\".\"&\"*\",PLANILHA_TAREFA[Valor Parc.\nTotal]),0)","v":0},{"$f":"SUMIF(PLANILHA_TAREFA[Cód. Tarefa],MID(B56,1,IF(ISERR(FIND(\".\",B56,1))=TRUE,LEN(B56),FIND(\".\",B56,1)-1)),PLANILHA_TAREFA[Quant.])","v":1},{"$f":"IF(F56=\"\",IF(SUMIF(PLANILHA_TAREFA[Cód. Tarefa],\"=\"&MID(B56,1,IF(ISEVEN(LEN(B56)),LEN(B56)-3,LEN(B56)-2))&\"*\",PLANILHA_TAREFA[Valor Parc.\nTotal])=0,0,K56/SUMIF(PLANILHA_TAREFA[Cód. Tarefa],\"=\"&MID(B56,1,IF(ISEVEN(LEN(B56)),LEN(B56)-3,LEN(B56)-2))&\"*\",PLANILHA_TAREFA[Valor Parc.\nTotal])),IF(SUMIF(PLANILHA_TAREFA[Cód. Tarefa],\"=\"&MID(B56,1,IF(ISEVEN(LEN(B56)),LEN(B56)-3,LEN(B56)-2))&\"*\",PLANILHA_TAREFA[Valor Parc.\nTotal])=0,0,J56/SUMIF(PLANILHA_TAREFA[Cód. Tarefa],\"=\"&MID(B56,1,IF(ISEVEN(LEN(B56)),LEN(B56)-3,LEN(B56)-2))&\"*\",PLANILHA_TAREFA[Valor Parc.\nTotal])))","v":8.8573342926910548E-2},0.23,564.20664016499995,{"$f":"IF(F56=\"\",SUMIF(PLANILHA_TAREFA[Cód. Tarefa],\"=\"&B56&\".\"&\"*\",PLANILHA_TAREFA[Valor Parc.\nTotal - BDI]),0)","v":0}]
[true,"001.08.02",null,"REVESTIMENTO EXTERNO",null,null,0,0,{"$f":"IF(AND(J57>=0,E57<>\"\"),IF(K57=0,J57/SUMIF(PLANILHA_TAREFA[Cód. Tarefa],MID(B57,1,IF(ISERR(FIND(\".\",B57,1))=TRUE,LEN(B57),FIND(\".\",B57,1)-1)),PLANILHA_TAREFA[Quant.]),K57/E57),K57/SUMIF(PLANILHA_TAREFA[Cód. Tarefa],MID(B57,1,IF(ISERR(FIND(\".\",B57,1))=TRUE,LEN(B57),FIND(\".\",B57,1)-1)),PLANILHA_TAREFA[Quant.]))","v":4114.5662779999993},{"$f":"IF(A57=TRUE,1,0)*IF(H57>0,H57,G57)*IF(AND(E57=0,F57=\"\"),1,E57)*SUMIF(PLANILHA_TAREFA[Cód. Tarefa],MID(B57,1,IF(ISERR(FIND(\".\",B57,1))=TRUE,LEN(B57),FIND(\".\",B57,1)-1)),PLANILHA_TAREFA[Quant.])","v":0},{"$f":"IF(F57=\"\",SUMIF(PLANILHA_TAREFA[Cód. Tarefa],\"=\"&B57&\".\"&\"*\",PLANILHA_TAREFA[Valor Parc.\nTotal]),0)","v":4114.5662779999993},{"$f":"SUMIF(PLANILHA_TAREFA[Cód. Tarefa],MID(B57,1,IF(ISERR(FIND(\".\",B57,1))=TRUE,LEN(B57),FIND(\".\",B57,1)-1)),PLANILHA_TAREFA[Quant.])","v":1},{"$f":"IF(F57=\"\",IF(SUMIF(PLANILHA_TAREFA[Cód. Tarefa],\"=\"&MID(B57,1,IF(ISEVEN(LEN(B57)),LEN(B57)-3,LEN(B57)-2))&\"*\",PLANILHA_TAREFA[Valor Parc.\nTotal])=0,0,K57/SUMIF(PLANILHA_TAREFA[Cód. Tarefa],\"=\"&MID(B57,1,IF(ISEVEN(LEN(B57)),LEN(B57)-3,LEN(B57)-2))&\"*\",PLANILHA_TAREFA[Valor Parc.\nTotal])),IF(SUMIF(PLANILHA_TAREFA[Cód. Tarefa],\"=\"&MID(B57,1,IF(ISEVEN(LEN(B57)),LEN(B57)-3,LEN(B57)-2))&\"*\",PLANILHA_TAREFA[Valor Parc.\nTotal])=0,0,J57/SUMIF(PLANILHA_TAREFA[Cód. Tarefa],\"=\"&MID(B57,1,IF(ISEVEN(LEN(B57)),LEN(B57)-3,LEN(B57)-2))&\"*\",PLANILHA_TAREFA[Valor Parc.\nTotal])))","v":0.4427417762861518},0.23,0,{"$f":"IF(F57=\"\",SUMIF(PLANILHA_TAREFA[Cód. Tarefa],\"=\"&B57&\".\"&\"*\",PLANILHA_TAREFA[Valor Parc.\nTotal - BDI]),0)","v":5060.9165219399993}]
[true,"001.08.02.01","500031","CHAPISCO",196.1,"M2",2.2457500000000001,0,{"$f":"IF(AND(J58>=0,E58<>\"\"),IF(K58=0,J58/SUMIF(PLANILHA_TAREFA[Cód. Tarefa],MID(B58,1,IF(ISERR(FIND(\".\",B58,1))=TRUE,LEN(B58),FIND(\".\",B58,1)-1)),PLANILHA_TAREFA[Quant.]),K58/E58),K58/SUMIF(PLANILHA_TAREFA[Cód. Tarefa],MID(B58,1,IF(ISERR(FIND(\".\",B58,1))=TRUE,LEN(B58),FIND(\".\",B58,1)-1)),PLANILHA_TAREFA[Quant.]))","v":440.39157499999999},{"$f":"IF(A58=TRUE,1,0)*IF(H58>0,H58,G58)*IF(AND(E58=0,F58=\"\"),1,E58)*SUMIF(PLANILHA_TAREFA[Cód. Tarefa],MID(B58,1,IF(ISERR(FIND(\".\",B58,1))=TRUE,LEN(B58),FIND(\".\",B58,1)-1)),PLANILHA_TAREFA[Quant.])","v":440.39157499999999},{"$f":"IF(F58=\"\",SUMIF(PLANILHA_TAREFA[Cód. Tarefa],\"=\"&B58&\".\"&\"*\",PLANILHA_TAREFA[Valor Parc.\nTotal]),0)","v":0},{"$f":"SUMIF(PLANILHA_TAREFA[Cód. Tarefa],MID(B58,1,IF(ISERR(FIND(\".\",B58,1))=TRUE,LEN(B58),FIND(\".\",B58,1)-1)),PLANILHA_TAREFA[Quant.])","v":1},{"$f":"IF(F58=\"\",IF(SUMIF(PLANILHA_TAREFA[Cód. Tarefa],\"=\"&MID(B58,1,IF(ISEVEN(LEN(B58)),LEN(B58)-3,LEN(B58)-2))&\"*\",PLANILHA_TAREFA[Valor Parc.\nTotal])=0,0,K58/SUMIF(PLANILHA_TAREFA[Cód. Tarefa],\"=\"&MID(B58,1,IF(ISEVEN(LEN(B58)),LEN(B58)-3,LEN(B58)-2))&\"*\",PLANILHA_TAREFA[Valor Parc.\nTotal])),IF(SUMIF(PLANILHA_TAREFA[Cód. Tarefa],\"=\"&MID(B58,1,IF(ISEVEN(LEN(B58)),LEN(B58)-3,LEN(B58)-2))&\"*\",PLANILHA_TAREFA[Valor Parc.\nTotal])=0,0,J58/SUMIF(PLANILHA_TAREFA[Cód. Tarefa],\"=\"&MID(B58,1,IF(ISEVEN(LEN(B58)),LEN(B58)-3,LEN(B58)-2))&\"*\",PLANILHA_TAREFA[Valor Parc.\nTotal])))","v":0.10703232011468891},0.23,541.68163724999999,{"$f":"IF(F58=\"\",SUMIF(PLANILHA_TAREFA[Cód. Tarefa],\"=\"&B58&\".\"&\"*\",PLANILHA_TAREFA[Valor Parc.\nTotal - BDI]),0)","v":0}]
[true,"001.08.02.02","500033","EMBOCO",196.1,"M2",18.736229999999999,0,{"$f":"IF(AND(J59>=0,E59<>\"\"),IF(K59=0,J59/SUMIF(PLANILHA_TAREFA[Cód. Tarefa],MID(B59,1,IF(ISERR(FIND(\".\",B59,1))=TRUE,LEN(B59),FIND(\".\",B59,1)-1)),PLANILHA_TAREFA[Quant.]),K59/E59),K59/SUMIF(PLANILHA_TAREFA[Cód. Tarefa],MID(B59,1,IF(ISERR(FIND(\".\",B59,1))=TRUE,LEN(B59),FIND(\".\",B59,1)-1)),PLANILHA_TAREFA[Quant.]))","v":3674.1747029999997},{"$f":"IF(A59=TRUE,1,0)*IF(H59>0,H59,G59)*IF(AND(E59=0,F59=\"\"),1,E59)*SUMIF(PLANILHA_TAREFA[Cód. Tarefa],MID(B59,1,IF(ISERR(FIND(\".\",B59,1))=TRUE,LEN(B59),FIND(\".\",B59,1)-1)),PLANILHA_TAREFA[Quant.])","v":3674.1747029999997},{"$f":"IF(F59=\"\",SUMIF(PLANILHA_TAREFA[Cód. Tarefa],\"=\"&B59&\".\"&\"*\",PLANILHA_TAREFA[Valor Parc.\nTotal]),0)","v":0},{"$f":"SUMIF(PLANILHA_TAREFA[Cód. Tarefa],MID(B59,1,IF(ISERR(FIND(\".\",B59,1))=TRUE,LEN(B59),FIND(\".\",B59,1)-1)),PLANILHA_TAREFA[Quant.])","v":1},{"$f":"IF(F59=\"\",IF(SUMIF(PLANILHA_TAREFA[Cód. Tarefa],\"=\"&MID(B59,1,IF(ISEVEN(LEN(B59)),LEN(B59)-3,LEN(B59)-2))&\"*\",PLANILHA_TAREFA[Valor Parc.\nTotal])=0,0,K59/SUMIF(PLANILHA_TAREFA[Cód. Tarefa],\"=\"&MID(B59,1,IF(ISEVEN(LEN(B59)),LEN(B59)-3,LEN(B59)-2))&\"*\",PLANILHA_TAREFA[Valor Parc.\nTotal])),IF(SUMIF(PLANILHA_TAREFA[Cód. Tarefa],\"=\"&MID(B59,1,IF(ISEVEN(LEN(B59)),LEN(B59)-3,LEN(B59)-2))&\"*\",PLANILHA_TAREFA[Valor Parc.\nTotal])=0,0,J59/SUMIF(PLANILHA_TAREFA[Cód. Tarefa],\"=\"&MID(B59,1,IF(ISEVEN(LEN(B59)),LEN(B59)-3,LEN(B59)-2))&\"*\",PLANILHA_TAREFA[Valor Parc.\nTotal])))","v":0.89296767988531123},0.23,4519.2348846899995,{"$f":"IF(F59=\"\",SUMIF(PLANILHA_TAREFA[Cód. Tarefa],\"=\"&B59&\".\"&\"*\",PLANILHA_TAREFA[Valor Parc.\nTotal - BDI]),0)","v":0}]
[true,"001.09",null,"REVESTIMENTO DE PISO",null,null,0,0,{"$f":"IF(AND(J60>=0,E60<>\"\"),IF(K60=0,J60/SUMIF(PLANILHA_TAREFA[Cód. Tarefa],MID(B60,1,IF(ISERR(FIND(\".\",B60,1))=TRUE,LEN(B60),FIND(\".\",B60,1)-1)),PLANILHA_TAREFA[Quant.]),K60/E60),K60/SUMIF(PLANILHA_TAREFA[Cód. Tarefa],MID(B60,1,IF(ISERR(FIND(\".\",B60,1))=TRUE,LEN(B60),FIND(\".\",B60,1)-1)),PLANILHA_TAREFA[Quant.]))","v":3073.865452},{"$f":"IF(A60=TRUE,1,0)*IF(H60>0,H60,G60)*IF(AND(E60=0,F60=\"\"),1,E60)*SUMIF(PLANILHA_TAREFA[Cód. Tarefa],MID(B60,1,IF(ISERR(FIND(\".\",B60,1))=TRUE,LEN(B60),FIND(\".\",B60,1)-1)),PLANILHA_TAREFA[Quant.])","v":0},{"$f":"IF(F60=\"\",SUMIF(PLANILHA_TAREFA[Cód. Tarefa],\"=\"&B60&\".\"&\"*\",PLANILHA_TAREFA[Valor Parc.\nTotal]),0)","v":3073.865452},{"$f":"SUMIF(PLANILHA_TAREFA[Cód. Tarefa],MID(B60,1,IF(ISERR(FIND(\".\",B60,1))=TRUE,LEN(B60),FIND(\".\",B60,1)-1)),PLANILHA_TAREFA[Quant.])","v":1},{"$f":"IF(F60=\"\",IF(SUMIF(PLANILHA_TAREFA[Cód. Tarefa],\"=\"&MID(B60,1,IF(ISEVEN(LEN(B60)),LEN(B60)-3,LEN(B60)-2))&\"*\",PLANILHA_TAREFA[Valor Parc.\nTotal])=0,0,K60/SUMIF(PLANILHA_TAREFA[Cód. Tarefa],\"=\"&MID(B60,1,IF(ISEVEN(LEN(B60)),LEN(B60)-3,LEN(B60)-2))&\"*\",PLANILHA_TAREFA[Valor Parc.\nTotal])),IF(SUMIF(PLANILHA_TAREFA[Cód. Tarefa],\"=\"&MID(B60,1,IF(ISEVEN(LEN(B60)),LEN(B60)-3,LEN(B60)-2))&\"*\",PLANILHA_TAREFA[Valor Parc.\nTotal])=0,0,J60/SUMIF(PLANILHA_TAREFA[Cód. Tarefa],\"=\"&MID(B60,1,IF(ISEVEN(LEN(B60)),LEN(B60)-3,LEN(B60)-2))&\"*\",PLANILHA_TAREFA[Valor Parc.\nTotal])))","v":4.9889038106158766E-2},0.23,0,{"$f":"IF(F60=\"\",SUMIF(PLANILHA_TAREFA[Cód. Tarefa],\"=\"&B60&\".\"&\"*\",PLANILHA_TAREFA[Valor Parc.\nTotal - BDI]),0)","v":3780.8545059600001}]
[true,"001.09.01","001780","REGULARIZACAO PISO 1:3 DESEMPENADO E=3CM",45.6,"M2",17.515090000000001,0,{"$f":"IF(AND(J61>=0,E61<>\"\"),IF(K61=0,J61/SUMIF(PLANILHA_TAREFA[Cód. Tarefa],MID(B61,1,IF(ISERR(FIND(\".\",B61,1))=TRUE,LEN(B61),FIND(\".\",B61,1)-1)),PLANILHA_TAREFA[Quant.]),K61/E61),K61/SUMIF(PLANILHA_TAREFA[Cód. Tarefa],MID(B61,1,IF(ISERR(FIND(\".\",B61,1))=TRUE,LEN(B61),FIND(\".\",B61,1)-1)),PLANILHA_TAREFA[Quant.]))","v":798.68810400000007},{"$f":"IF(A61=TRUE,1,0)*IF(H61>0,H61,G61)*IF(AND(E61=0,F61=\"\"),1,E61)*SUMIF(PLANILHA_TAREFA[Cód. Tarefa],MID(B61,1,IF(ISERR(FIND(\".\",B61,1))=TRUE,LEN(B61),FIND(\".\",B61,1)-1)),PLANILHA_TAREFA[Quant.])","v":798.68810400000007},{"$f":"IF(F61=\"\",SUMIF(PLANILHA_TAREFA[Cód. Tarefa],\"=\"&B61&\".\"&\"*\",PLANILHA_TAREFA[Valor Parc.\nTotal]),0)","v":0},{"$f":"SUMIF(PLANILHA_TAREFA[Cód. Tarefa],MID(B61,1,IF(ISERR(FIND(\".\",B61,1))=TRUE,LEN(B61),FIND(\".\",B61,1)-1)),PLANILHA_TAREFA[Quant.])","v":1},{"$f":"IF(F61=\"\",IF(SUMIF(PLANILHA_TAREFA[Cód. Tarefa],\"=\"&MID(B61,1,IF(ISEVEN(LEN(B61)),LEN(B61)-3,LEN(B61)-2))&\"*\",PLANILHA_TAREFA[Valor Parc.\nTotal])=0,0,K61/SUMIF(PLANILHA_TAREFA[Cód. Tarefa],\"=\"&MID(B61,1,IF(ISEVEN(LEN(B61)),LEN(B61)-3,LEN(B61)-2))&\"*\",PLANILHA_TAREFA[Valor Parc.\nTotal])),IF(SUMIF(PLANILHA_TAREFA[Cód. Tarefa],\"=\"&MID(B61,1,IF(ISEVEN(LEN(B61)),LEN(B61)-3,LEN(B61)-2))&\"*\",PLANILHA_TAREFA[Valor Parc.\nTotal])=0,0,J61/SUMIF(PLANILHA_TAREFA[Cód. Tarefa],\"=\"&MID(B61,1,IF(ISEVEN(LEN(B61)),LEN(B61)-3,LEN(B61)-2))&\"*\",PLANILHA_TAREFA[Valor Parc.\nTotal])))","v":0.25983183599670456},0.23,982.38636792000011,{"$f":"IF(F61=\"\",SUMIF(PLANILHA_TAREFA[Cód. Tarefa],\"=\"&B61&\".\"&\"*\",PLANILHA_TAREFA[Valor Parc.\nTotal - BDI]),0)","v":0}]
[true,"001.09.02","401646","PISO CERAMICO 30,0 X 30,0 CM C/ REJUNTE",45.6,"M2",30.383620000000001,0,{"$f":"IF(AND(J62>=0,E62<>\"\"),IF(K62=0,J62/SUMIF(PLANILHA_TAREFA[Cód. Tarefa],MID(B62,1,IF(ISERR(FIND(\".\",B62,1))=TRUE,LEN(B62),FIND(\".\",B62,1)-1)),PLANILHA_TAREFA[Quant.]),K62/E62),K62/SUMIF(PLANILHA_TAREFA[Cód. Tarefa],MID(B62,1,IF(ISERR(FIND(\".\",B62,1))=TRUE,LEN(B62),FIND(\".\",B62,1)-1)),PLANILHA_TAREFA[Quant.]))","v":1385.493072},{"$f":"IF(A62=TRUE,1,0)*IF(H62>0,H62,G62)*IF(AND(E62=0,F62=\"\"),1,E62)*SUMIF(PLANILHA_TAREFA[Cód. Tarefa],MID(B62,1,IF(ISERR(FIND(\".\",B62,1))=TRUE,LEN(B62),FIND(\".\",B62,1)-1)),PLANILHA_TAREFA[Quant.])","v":1385.493072},{"$f":"IF(F62=\"\",SUMIF(PLANILHA_TAREFA[Cód. Tarefa],\"=\"&B62&\".\"&\"*\",PLANILHA_TAREFA[Valor Parc.\nTotal]),0)","v":0},{"$f":"SUMIF(PLANILHA_TAREFA[Cód. Tarefa],MID(B62,1,IF(ISERR(FIND(\".\",B62,1))=TRUE,LEN(B62),FIND(\".\",B62,1)-1)),PLANILHA_TAREFA[Quant.])","v":1},{"$f":"IF(F62=\"\",IF(SUMIF(PLANILHA_TAREFA[Cód. Tarefa],\"=\"&MID(B62,1,IF(ISEVEN(LEN(B62)),LEN(B62)-3,LEN(B62)-2))&\"*\",PLANILHA_TAREFA[Valor Parc.\nTotal])=0,0,K62/SUMIF(PLANILHA_TAREFA[Cód. Tarefa],\"=\"&MID(B62,1,IF(ISEVEN(LEN(B62)),LEN(B62)-3,LEN(B62)-2))&\"*\",PLANILHA_TAREFA[Valor Parc.\nTotal])),IF(SUMIF(PLANILHA_TAREFA[Cód. Tarefa],\"=\"&MID(B62,1,IF(ISEVEN(LEN(B62)),LEN(B62)-3,LEN(B62)-2))&\"*\",PLANILHA_TAREFA[Valor Parc.\nTotal])=0,0,J62/SUMIF(PLANILHA_TAREFA[Cód. Tarefa],\"=\"&MID(B62,1,IF(ISEVEN(LEN(B62)),LEN(B62)-3,LEN(B62)-2))&\"*\",PLANILHA_TAREFA[Valor Parc.\nTotal])))","v":0.45073315460132896},0.23,1704.1564785599999,{"$f":"IF(F62=\"\",SUMIF(PLANILHA_TAREFA[Cód. Tarefa],\"=\"&B62&\".\"&\"*\",PLANILHA_TAREFA[Valor Parc.\nTotal - BDI]),0)","v":0}]
[true,"001.09.03","500154","RODAPE CERAMICO H = 05,0 CM",60.58,"MT",1.71515,0,{"$f":"IF(AND(J63>=0,E63<>\"\"),IF(K63=0,J63/SUMIF(PLANILHA_TAREFA[Cód. Tarefa],MID(B63,1,IF(ISERR(FIND(\".\",B63,1))=TRUE,LEN(B63),FIND(\".\",B63,1)-1)),PLANILHA_TAREFA[Quant.]),K63/E63),K63/SUMIF(PLANILHA_TAREFA[Cód. Tarefa],MID(B63,1,IF(ISERR(FIND(\".\",B63,1))=TRUE,LEN(B63),FIND(\".\",B63,1)-1)),PLANILHA_TAREFA[Quant.]))","v":103.90378699999999},{"$f":"IF(A63=TRUE,1,0)*IF(H63>0,H63,G63)*IF(AND(E63=0,F63=\"\"),1,E63)*SUMIF(PLANILHA_TAREFA[Cód. Tarefa],MID(B63,1,IF(ISERR(FIND(\".\",B63,1))=TRUE,LEN(B63),FIND(\".\",B63,1)-1)),PLANILHA_TAREFA[Quant.])","v":103.90378699999999},{"$f":"IF(F63=\"\",SUMIF(PLANILHA_TAREFA[Cód. Tarefa],\"=\"&B63&\".\"&\"*\",PLANILHA_TAREFA[Valor Parc.\nTotal]),0)","v":0},{"$f":"SUMIF(PLANILHA_TAREFA[Cód. Tarefa],MID(B63,1,IF(ISERR(FIND(\".\",B63,1))=TRUE,LEN(B63),FIND(\".\",B63,1)-1)),PLANILHA_TAREFA[Quant.])","v":1},{"$f":"IF(F63=\"\",IF(SUMIF(PLANILHA_TAREFA[Cód. Tarefa],\"=\"&MID(B63,1,IF(ISEVEN(LEN(B63)),LEN(B63)-3,LEN(B63)-2))&\"*\",PLANILHA_TAREFA[Valor Parc.\nTotal])=0,0,K63/SUMIF(PLANILHA_TAREFA[Cód. Tarefa],\"=\"&MID(B63,1,IF(ISEVEN(LEN(B63)),LEN(B63)-3,LEN(B63)-2))&\"*\",PLANILHA_TAREFA[Valor Parc.\nTotal])),IF(SUMIF(PLANILHA_TAREFA[Cód. Tarefa],\"=\"&MID(B63,1,IF(ISEVEN(LEN(B63)),LEN(B63)-3,LEN(B63)-2))&\"*\",PLANILHA_TAREFA[Valor Parc.\nTotal])=0,0,J63/SUMIF(PLANILHA_TAREFA[Cód. Tarefa],\"=\"&MID(B63,1,IF(ISEVEN(LEN(B63)),LEN(B63)-3,LEN(B63)-2))&\"*\",PLANILHA_TAREFA[Valor Parc.\nTotal])))","v":3.3802321091313661E-2},0.23,127.80165801,{"$f":"IF(F63=\"\",SUMIF(PLANILHA_TAREFA[Cód. Tarefa],\"=\"&B63&\".\"&\"*\",PLANILHA_TAREFA[Valor Parc.\nTotal - BDI]),0)","v":0}]
[true,"001.09.04","601077","BIT DE ARDOSIA E=2CM L=4CM",2.0499999999999998,"MT",12.723220000000001,0,{"$f":"IF(AND(J64>=0,E64<>\"\"),IF(K64=0,J64/SUMIF(PLANILHA_TAREFA[Cód. Tarefa],MID(B64,1,IF(ISERR(FIND(\".\",B64,1))=TRUE,LEN(B64),FIND(\".\",B64,1)-1)),PLANILHA_TAREFA[Quant.]),K64/E64),K64/SUMIF(PLANILHA_TAREFA[Cód. Tarefa],MID(B64,1,IF(ISERR(FIND(\".\",B64,1))=TRUE,LEN(B64),FIND(\".\",B64,1)-1)),PLANILHA_TAREFA[Quant.]))","v":26.082601},{"$f":"IF(A64=TRUE,1,0)*IF(H64>0,H64,G64)*IF(AND(E64=0,F64=\"\"),1,E64)*SUMIF(PLANILHA_TAREFA[Cód. Tarefa],MID(B64,1,IF(ISERR(FIND(\".\",B64,1))=TRUE,LEN(B64),FIND(\".\",B64,1)-1)),PLANILHA_TAREFA[Quant.])","v":26.082601},{"$f":"IF(F64=\"\",SUMIF(PLANILHA_TAREFA[Cód. Tarefa],\"=\"&B64&\".\"&\"*\",PLANILHA_TAREFA[Valor Parc.\nTotal]),0)","v":0},{"$f":"SUMIF(PLANILHA_TAREFA[Cód. Tarefa],MID(B64,1,IF(ISERR(FIND(\".\",B64,1))=TRUE,LEN(B64),FIND(\".\",B64,1)-1)),PLANILHA_TAREFA[Quant.])","v":1},{"$f":"IF(F64=\"\",IF(SUMIF(PLANILHA_TAREFA[Cód. Tarefa],\"=\"&MID(B64,1,IF(ISEVEN(LEN(B64)),LEN(B64)-3,LEN(B64)-2))&\"*\",PLANILHA_TAREFA[Valor Parc.\nTotal])=0,0,K64/SUMIF(PLANILHA_TAREFA[Cód. Tarefa],\"=\"&MID(B64,1,IF(ISEVEN(LEN(B64)),LEN(B64)-3,LEN(B64)-2))&\"*\",PLANILHA_TAREFA[Valor Parc.\nTotal])),IF(SUMIF(PLANILHA_TAREFA[Cód. Tarefa],\"=\"&MID(B64,1,IF(ISEVEN(LEN(B64)),LEN(B64)-3,LEN(B64)-2))&\"*\",PLANILHA_TAREFA[Valor Parc.\nTotal])=0,0,J64/SUMIF(PLANILHA_TAREFA[Cód. Tarefa],\"=\"&MID(B64,1,IF(ISEVEN(LEN(B64)),LEN(B64)-3,LEN(B64)-2))&\"*\",PLANILHA_TAREFA[Valor Parc.\nTotal])))","v":8.4852773835723504E-3},0.23,32.081599230000002,{"$f":"IF(F64=\"\",SUMIF(PLANILHA_TAREFA[Cód. Tarefa],\"=\"&B64&\".\"&\"*\",PLANILHA_TAREFA[Valor Parc.\nTotal - BDI]),0)","v":0}]
[true,"001.09.05","601063","SOLEIRA DE ARDOSIA E=2CM L=15CM",1.6,"MT",21.51662,0,{"$f":"IF(AND(J65>=0,E65<>\"\"),IF(K65=0,J65/SUMIF(PLANILHA_TAREFA[Cód. Tarefa],MID(B65,1,IF(ISERR(FIND(\".\",B65,1))=TRUE,LEN(B65),FIND(\".\",B65,1)-1)),PLANILHA_TAREFA[Quant.]),K65/E65),K65/SUMIF(PLANILHA_TAREFA[Cód. Tarefa],MID(B65,1,IF(ISERR(FIND(\".\",B65,1))=TRUE,LEN(B65),FIND(\".\",B65,1)-1)),PLANILHA_TAREFA[Quant.]))","v":34.426591999999999},{"$f":"IF(A65=TRUE,1,0)*IF(H65>0,H65,G65)*IF(AND(E65=0,F65=\"\"),1,E65)*SUMIF(PLANILHA_TAREFA[Cód. Tarefa],MID(B65,1,IF(ISERR(FIND(\".\",B65,1))=TRUE,LEN(B65),FIND(\".\",B65,1)-1)),PLANILHA_TAREFA[Quant.])","v":34.426591999999999},{"$f":"IF(F65=\"\",SUMIF(PLANILHA_TAREFA[Cód. Tarefa],\"=\"&B65&\".\"&\"*\",PLANILHA_TAREFA[Valor Parc.\nTotal]),0)","v":0},{"$f":"SUMIF(PLANILHA_TAREFA[Cód. Tarefa],MID(B65,1,IF(ISERR(FIND(\".\",B65,1))=TRUE,LEN(B65),FIND(\".\",B65,1)-1)),PLANILHA_TAREFA[Quant.])","v":1},{"$f":"IF(F65=\"\",IF(SUMIF(PLANILHA_TAREFA[Cód. Tarefa],\"=\"&MID(B65,1,IF(ISEVEN(LEN(B65)),LEN(B65)-3,LEN(B65)-2))&\"*\",PLANILHA_TAREFA[Valor Parc.\nTotal])=0,0,K65/SUMIF(PLANILHA_TAREFA[Cód. Tarefa],\"=\"&MID(B65,1,IF(ISEVEN(LEN(B65)),LEN(B65)-3,LEN(B65)-2))&\"*\",PLANILHA_TAREFA[Valor Parc.\nTotal])),IF(SUMIF(PLANILHA_TAREFA[Cód. Tarefa],\"=\"&MID(B65,1,IF(ISEVEN(LEN(B65)),LEN(B65)-3,LEN(B65)-2))&\"*\",PLANILHA_TAREFA[Valor Parc.\nTotal])=0,0,J65/SUMIF(PLANILHA_TAREFA[Cód. Tarefa],\"=\"&MID(B65,1,IF(ISEVEN(LEN(B65)),LEN(B65)-3,LEN(B65)-2))&\"*\",PLANILHA_TAREFA[Valor Parc.\nTotal])))","v":1.1199771928078523E-2},0.23,42.344708159999996,{"$f":"IF(F65=\"\",SUMIF(PLANILHA_TAREFA[Cód. Tarefa],\"=\"&B65&\".\"&\"*\",PLANILHA_TAREFA[Valor Parc.\nTotal - BDI]),0)","v":0}]
[true,"001.09.06","500038","CALÇADA EXTERNA 7CM",20.92,"M2",34.668799999999997,0,{"$f":"IF(AND(J66>=0,E66<>\"\"),IF(K66=0,J66/SUMIF(PLANILHA_TAREFA[Cód. Tarefa],MID(B66,1,IF(ISERR(FIND(\".\",B66,1))=TRUE,LEN(B66),FIND(\".\",B66,1)-1)),PLANILHA_TAREFA[Quant.]),K66/E66),K66/SUMIF(PLANILHA_TAREFA[Cód. Tarefa],MID(B66,1,IF(ISERR(FIND(\".\",B66,1))=TRUE,LEN(B66),FIND(\".\",B66,1)-1)),PLANILHA_TAREFA[Quant.]))","v":725.27129600000001},{"$f":"IF(A66=TRUE,1,0)*IF(H66>0,H66,G66)*IF(AND(E66=0,F66=\"\"),1,E66)*SUMIF(PLANILHA_TAREFA[Cód. Tarefa],MID(B66,1,IF(ISERR(FIND(\".\",B66,1))=TRUE,LEN(B66),FIND(\".\",B66,1)-1)),PLANILHA_TAREFA[Quant.])","v":725.27129600000001},{"$f":"IF(F66=\"\",SUMIF(PLANILHA_TAREFA[Cód. Tarefa],\"=\"&B66&\".\"&\"*\",PLANILHA_TAREFA[Valor Parc.\nTotal]),0)","v":0},{"$f":"SUMIF(PLANILHA_TAREFA[Cód. Tarefa],MID(B66,1,IF(ISERR(FIND(\".\",B66,1))=TRUE,LEN(B66),FIND(\".\",B66,1)-1)),PLANILHA_TAREFA[Quant.])","v":1},{"$f":"IF(F66=\"\",IF(SUMIF(PLANILHA_TAREFA[Cód. Tarefa],\"=\"&MID(B66,1,IF(ISEVEN(LEN(B66)),LEN(B66)-3,LEN(B66)-2))&\"*\",PLANILHA_TAREFA[Valor Parc.\nTotal])=0,0,K66/SUMIF(PLANILHA_TAREFA[Cód. Tarefa],\"=\"&MID(B66,1,IF(ISEVEN(LEN(B66)),LEN(B66)-3,LEN(B66)-2))&\"*\",PLANILHA_TAREFA[Valor Parc.\nTotal])),IF(SUMIF(PLANILHA_TAREFA[Cód. Tarefa],\"=\"&MID(B66,1,IF(ISEVEN(LEN(B66)),LEN(B66)-3,LEN(B66)-2))&\"*\",PLANILHA_TAREFA[Valor Parc.\nTotal])=0,0,J66/SUMIF(PLANILHA_TAREFA[Cód. Tarefa],\"=\"&MID(B66,1,IF(ISEVEN(LEN(B66)),LEN(B66)-3,LEN(B66)-2))&\"*\",PLANILHA_TAREFA[Valor Parc.\nTotal])))","v":0.23594763899900198},0.23,892.08369407999999,{"$f":"IF(F66=\"\",SUMIF(PLANILHA_TAREFA[Cód. Tarefa],\"=\"&B66&\".\"&\"*\",PLANILHA_TAREFA[Valor Parc.\nTotal - BDI]),0)","v":0}]
[true,"001.10",null,"PINTURA",null,null,0,0,{"$f":"IF(AND(J67>=0,E67<>\"\"),IF(K67=0,J67/SUMIF(PLANILHA_TAREFA[Cód. Tarefa],MID(B67,1,IF(ISERR(FIND(\".\",B67,1))=TRUE,LEN(B67),FIND(\".\",B67,1)-1)),PLANILHA_TAREFA[Quant.]),K67/E67),K67/SUMIF(PLANILHA_TAREFA[Cód. Tarefa],MID(B67,1,IF(ISERR(FIND(\".\",B67,1))=TRUE,LEN(B67),FIND(\".\",B67,1)-1)),PLANILHA_TAREFA[Quant.]))","v":2710.0742066000003},{"$f":"IF(A67=TRUE,1,0)*IF(H67>0,H67,G67)*IF(AND(E67=0,F67=\"\"),1,E67)*SUMIF(PLANILHA_TAREFA[Cód. Tarefa],MID(B67,1,IF(ISERR(FIND(\".\",B67,1))=TRUE,LEN(B67),FIND(\".\",B67,1)-1)),PLANILHA_TAREFA[Quant.])","v":0},{"$f":"IF(F67=\"\",SUMIF(PLANILHA_TAREFA[Cód. Tarefa],\"=\"&B67&\".\"&\"*\",PLANILHA_TAREFA[Valor Parc.\nTotal]),0)","v":2710.0742066000003},{"$f":"SUMIF(PLANILHA_TAREFA[Cód. Tarefa],MID(B67,1,IF(ISERR(FIND(\".\",B67,1))=TRUE,LEN(B67),FIND(\".\",B67,1)-1)),PLANILHA_TAREFA[Quant.])","v":1},{"$f":"IF(F67=\"\",IF(SUMIF(PLANILHA_TAREFA[Cód. Tarefa],\"=\"&MID(B67,1,IF(ISEVEN(LEN(B67)),LEN(B67)-3,LEN(B67)-2))&\"*\",PLANILHA_TAREFA[Valor Parc.\nTotal])=0,0,K67/SUMIF(PLANILHA_TAREFA[Cód. Tarefa],\"=\"&MID(B67,1,IF(ISEVEN(LEN(B67)),LEN(B67)-3,LEN(B67)-2))&\"*\",PLANILHA_TAREFA[Valor Parc.\nTotal])),IF(SUMIF(PLANILHA_TAREFA[Cód. Tarefa],\"=\"&MID(B67,1,IF(ISEVEN(LEN(B67)),LEN(B67)-3,LEN(B67)-2))&\"*\",PLANILHA_TAREFA[Valor Parc.\nTotal])=0,0,J67/SUMIF(PLANILHA_TAREFA[Cód. Tarefa],\"=\"&MID(B67,1,IF(ISEVEN(LEN(B67)),LEN(B67)-3,LEN(B67)-2))&\"*\",PLANILHA_TAREFA[Valor Parc.\nTotal])))","v":4.3984682307944237E-2},0.23,0,{"$f":"IF(F67=\"\",SUMIF(PLANILHA_TAREFA[Cód. Tarefa],\"=\"&B67&\".\"&\"*\",PLANILHA_TAREFA[Valor Parc.\nTotal - BDI]),0)","v":3333.3912741180002}]
[true,"001.10.01","002481","PINTURA ESMALTE SOBRE ESQUADRIA DE MADEIRA - 2 DEMAOS",20.5,"M2",9.723980000000001,0,{"$f":"IF(AND(J68>=0,E68<>\"\"),IF(K68=0,J68/SUMIF(PLANILHA_TAREFA[Cód. Tarefa],MID(B68,1,IF(ISERR(FIND(\".\",B68,1))=TRUE,LEN(B68),FIND(\".\",B68,1)-1)),PLANILHA_TAREFA[Quant.]),K68/E68),K68/SUMIF(PLANILHA_TAREFA[Cód. Tarefa],MID(B68,1,IF(ISERR(FIND(\".\",B68,1))=TRUE,LEN(B68),FIND(\".\",B68,1)-1)),PLANILHA_TAREFA[Quant.]))","v":199.34159000000002},{"$f":"IF(A68=TRUE,1,0)*IF(H68>0,H68,G68)*IF(AND(E68=0,F68=\"\"),1,E68)*SUMIF(PLANILHA_TAREFA[Cód. Tarefa],MID(B68,1,IF(ISERR(FIND(\".\",B68,1))=TRUE,LEN(B68),FIND(\".\",B68,1)-1)),PLANILHA_TAREFA[Quant.])","v":199.34159000000002},{"$f":"IF(F68=\"\",SUMIF(PLANILHA_TAREFA[Cód. Tarefa],\"=\"&B68&\".\"&\"*\",PLANILHA_TAREFA[Valor Parc.\nTotal]),0)","v":0},{"$f":"SUMIF(PLANILHA_TAREFA[Cód. Tarefa],MID(B68,1,IF(ISERR(FIND(\".\",B68,1))=TRUE,LEN(B68),FIND(\".\",B68,1)-1)),PLANILHA_TAREFA[Quant.])","v":1},{"$f":"IF(F68=\"\",IF(SUMIF(PLANILHA_TAREFA[Cód. Tarefa],\"=\"&MID(B68,1,IF(ISEVEN(LEN(B68)),LEN(B68)-3,LEN(B68)-2))&\"*\",PLANILHA_TAREFA[Valor Parc.\nTotal])=0,0,K68/SUMIF(PLANILHA_TAREFA[Cód. Tarefa],\"=\"&MID(B68,1,IF(ISEVEN(LEN(B68)),LEN(B68)-3,LEN(B68)-2))&\"*\",PLANILHA_TAREFA[Valor Parc.\nTotal])),IF(SUMIF(PLANILHA_TAREFA[Cód. Tarefa],\"=\"&MID(B68,1,IF(ISEVEN(LEN(B68)),LEN(B68)-3,LEN(B68)-2))&\"*\",PLANILHA_TAREFA[Valor Parc.\nTotal])=0,0,J68/SUMIF(PLANILHA_TAREFA[Cód. Tarefa],\"=\"&MID(B68,1,IF(ISEVEN(LEN(B68)),LEN(B68)-3,LEN(B68)-2))&\"*\",PLANILHA_TAREFA[Valor Parc.\nTotal])))","v":7.3555768146323058E-2},0.23,245.19015570000002,{"$f":"IF(F68=\"\",SUMIF(PLANILHA_TAREFA[Cód. Tarefa],\"=\"&B68&\".\"&\"*\",PLANILHA_TAREFA[Valor Parc.\nTotal - BDI]),0)","v":0}]
[true,"001.10.02","400132","PINTURA ESMALTE SOBRE ESQUADRIA METALICA (PREDIO)",24.19,"M2",13.312339999999999,0,{"$f":"IF(AND(J69>=0,E69<>\"\"),IF(K69=0,J69/SUMIF(PLANILHA_TAREFA[Cód. Tarefa],MID(B69,1,IF(ISERR(FIND(\".\",B69,1))=TRUE,LEN(B69),FIND(\".\",B69,1)-1)),PLANILHA_TAREFA[Quant.]),K69/E69),K69/SUMIF(PLANILHA_TAREFA[Cód. Tarefa],MID(B69,1,IF(ISERR(FIND(\".\",B69,1))=TRUE,LEN(B69),FIND(\".\",B69,1)-1)),PLANILHA_TAREFA[Quant.]))","v":322.02550459999998},{"$f":"IF(A69=TRUE,1,0)*IF(H69>0,H69,G69)*IF(AND(E69=0,F69=\"\"),1,E69)*SUMIF(PLANILHA_TAREFA[Cód. Tarefa],MID(B69,1,IF(ISERR(FIND(\".\",B69,1))=TRUE,LEN(B69),FIND(\".\",B69,1)-1)),PLANILHA_TAREFA[Quant.])","v":322.02550459999998},{"$f":"IF(F69=\"\",SUMIF(PLANILHA_TAREFA[Cód. Tarefa],\"=\"&B69&\".\"&\"*\",PLANILHA_TAREFA[Valor Parc.\nTotal]),0)","v":0},{"$f":"SUMIF(PLANILHA_TAREFA[Cód. Tarefa],MID(B69,1,IF(ISERR(FIND(\".\",B69,1))=TRUE,LEN(B69),FIND(\".\",B69,1)-1)),PLANILHA_TAREFA[Quant.])","v":1},{"$f":"IF(F69=\"\",IF(SUMIF(PLANILHA_TAREFA[Cód. Tarefa],\"=\"&MID(B69,1,IF(ISEVEN(LEN(B69)),LEN(B69)-3,LEN(B69)-2))&\"*\",PLANILHA_TAREFA[Valor Parc.\nTotal])=0,0,K69/SUMIF(PLANILHA_TAREFA[Cód. Tarefa],\"=\"&MID(B69,1,IF(ISEVEN(LEN(B69)),LEN(B69)-3,LEN(B69)-2))&\"*\",PLANILHA_TAREFA[Valor Parc.\nTotal])),IF(SUMIF(PLANILHA_TAREFA[Cód. Tarefa],\"=\"&MID(B69,1,IF(ISEVEN(LEN(B69)),LEN(B69)-3,LEN(B69)-2))&\"*\",PLANILHA_TAREFA[Valor Parc.\nTotal])=0,0,J69/SUMIF(PLANILHA_TAREFA[Cód. Tarefa],\"=\"&MID(B69,1,IF(ISEVEN(LEN(B69)),LEN(B69)-3,LEN(B69)-2))&\"*\",PLANILHA_TAREFA[Valor Parc.\nTotal])))","v":0.11882534574726872},0.23,396.09137065799996,{"$f":"IF(F69=\"\",SUMIF(PLANILHA_TAREFA[Cód. Tarefa],\"=\"&B69&\".\"&\"*\",PLANILHA_TAREFA[Valor Parc.\nTotal - BDI]),0)","v":0}]
[true,"001.10.03","500049","LATEX ACRILICO",204.2,"M2",5.5057600000000004,0,{"$f":"IF(AND(J70>=0,E70<>\"\"),IF(K70=0,J70/SUMIF(PLANILHA_TAREFA[Cód. Tarefa],MID(B70,1,IF(ISERR(FIND(\".\",B70,1))=TRUE,LEN(B70),FIND(\".\",B70,1)-1)),PLANILHA_TAREFA[Quant.]),K70/E70),K70/SUMIF(PLANILHA_TAREFA[Cód. Tarefa],MID(B70,1,IF(ISERR(FIND(\".\",B70,1))=TRUE,LEN(B70),FIND(\".\",B70,1)-1)),PLANILHA_TAREFA[Quant.]))","v":1124.276192},{"$f":"IF(A70=TRUE,1,0)*IF(H70>0,H70,G70)*IF(AND(E70=0,F70=\"\"),1,E70)*SUMIF(PLANILHA_TAREFA[Cód. Tarefa],MID(B70,1,IF(ISERR(FIND(\".\",B70,1))=TRUE,LEN(B70),FIND(\".\",B70,1)-1)),PLANILHA_TAREFA[Quant.])","v":1124.276192},{"$f":"IF(F70=\"\",SUMIF(PLANILHA_TAREFA[Cód. Tarefa],\"=\"&B70&\".\"&\"*\",PLANILHA_TAREFA[Valor Parc.\nTotal]),0)","v":0},{"$f":"SUMIF(PLANILHA_TAREFA[Cód. Tarefa],MID(B70,1,IF(ISERR(FIND(\".\",B70,1))=TRUE,LEN(B70),FIND(\".\",B70,1)-1)),PLANILHA_TAREFA[Quant.])","v":1},{"$f":"IF(F70=\"\",IF(SUMIF(PLANILHA_TAREFA[Cód. Tarefa],\"=\"&MID(B70,1,IF(ISEVEN(LEN(B70)),LEN(B70)-3,LEN(B70)-2))&\"*\",PLANILHA_TAREFA[Valor Parc.\nTotal])=0,0,K70/SUMIF(PLANILHA_TAREFA[Cód. Tarefa],\"=\"&MID(B70,1,IF(ISEVEN(LEN(B70)),LEN(B70)-3,LEN(B70)-2))&\"*\",PLANILHA_TAREFA[Valor Parc.\nTotal])),IF(SUMIF(PLANILHA_TAREFA[Cód. Tarefa],\"=\"&MID(B70,1,IF(ISEVEN(LEN(B70)),LEN(B70)-3,LEN(B70)-2))&\"*\",PLANILHA_TAREFA[Valor Parc.\nTotal])=0,0,J70/SUMIF(PLANILHA_TAREFA[Cód. Tarefa],\"=\"&MID(B70,1,IF(ISEVEN(LEN(B70)),LEN(B70)-3,LEN(B70)-2))&\"*\",PLANILHA_TAREFA[Valor Parc.\nTotal])))","v":0.41485070381541039},0.23,1382.8597161600001,{"$f":"IF(F70=\"\",SUMIF(PLANILHA_TAREFA[Cód. Tarefa],\"=\"&B70&\".\"&\"*\",PLANILHA_TAREFA[Valor Parc.\nTotal - BDI]),0)","v":0}]
[true,"001.10.04","500048","LATEX PVA",202,"M2",5.2694599999999996,0,{"$f":"IF(AND(J71>=0,E71<>\"\"),IF(K71=0,J71/SUMIF(PLANILHA_TAREFA[Cód. Tarefa],MID(B71,1,IF(ISERR(FIND(\".\",B71,1))=TRUE,LEN(B71),FIND(\".\",B71,1)-1)),PLANILHA_TAREFA[Quant.]),K71/E71),K71/SUMIF(PLANILHA_TAREFA[Cód. Tarefa],MID(B71,1,IF(ISERR(FIND(\".\",B71,1))=TRUE,LEN(B71),FIND(\".\",B71,1)-1)),PLANILHA_TAREFA[Quant.]))","v":1064.43092},{"$f":"IF(A71=TRUE,1,0)*IF(H71>0,H71,G71)*IF(AND(E71=0,F71=\"\"),1,E71)*SUMIF(PLANILHA_TAREFA[Cód. Tarefa],MID(B71,1,IF(ISERR(FIND(\".\",B71,1))=TRUE,LEN(B71),FIND(\".\",B71,1)-1)),PLANILHA_TAREFA[Quant.])","v":1064.43092},{"$f":"IF(F71=\"\",SUMIF(PLANILHA_TAREFA[Cód. Tarefa],\"=\"&B71&\".\"&\"*\",PLANILHA_TAREFA[Valor Parc.\nTotal]),0)","v":0},{"$f":"SUMIF(PLANILHA_TAREFA[Cód. Tarefa],MID(B71,1,IF(ISERR(FIND(\".\",B71,1))=TRUE,LEN(B71),FIND(\".\",B71,1)-1)),PLANILHA_TAREFA[Quant.])","v":1},{"$f":"IF(F71=\"\",IF(SUMIF(PLANILHA_TAREFA[Cód. Tarefa],\"=\"&MID(B71,1,IF(ISEVEN(LEN(B71)),LEN(B71)-3,LEN(B71)-2))&\"*\",PLANILHA_TAREFA[Valor Parc.\nTotal])=0,0,K71/SUMIF(PLANILHA_TAREFA[Cód. Tarefa],\"=\"&MID(B71,1,IF(ISEVEN(LEN(B71)),LEN(B71)-3,LEN(B71)-2))&\"*\",PLANILHA_TAREFA[Valor Parc.\nTotal])),IF(SUMIF(PLANILHA_TAREFA[Cód. Tarefa],\"=\"&MID(B71,1,IF(ISEVEN(LEN(B71)),LEN(B71)-3,LEN(B71)-2))&\"*\",PLANILHA_TAREFA[Valor Parc.\nTotal])=0,0,J71/SUMIF(PLANILHA_TAREFA[Cód. Tarefa],\"=\"&MID(B71,1,IF(ISEVEN(LEN(B71)),LEN(B71)-3,LEN(B71)-2))&\"*\",PLANILHA_TAREFA[Valor Parc.\nTotal])))","v":0.39276818229099775},0.23,1309.2500316000001,{"$f":"IF(F71=\"\",SUMIF(PLANILHA_TAREFA[Cód. Tarefa],\"=\"&B71&\".\"&\"*\",PLANILHA_TAREFA[Valor Parc.\nTotal - BDI]),0)","v":0}]
[true,"001.11",null,"VIDROS",null,null,0,0,{"$f":"IF(AND(J72>=0,E72<>\"\"),IF(K72=0,J72/SUMIF(PLANILHA_TAREFA[Cód. Tarefa],MID(B72,1,IF(ISERR(FIND(\".\",B72,1))=TRUE,LEN(B72),FIND(\".\",B72,1)-1)),PLANILHA_TAREFA[Quant.]),K72/E72),K72/SUMIF(PLANILHA_TAREFA[Cód. Tarefa],MID(B72,1,IF(ISERR(FIND(\".\",B72,1))=TRUE,LEN(B72),FIND(\".\",B72,1)-1)),PLANILHA_TAREFA[Quant.]))","v":594.78060000000005},{"$f":"IF(A72=TRUE,1,0)*IF(H72>0,H72,G72)*IF(AND(E72=0,F72=\"\"),1,E72)*SUMIF(PLANILHA_TAREFA[Cód. Tarefa],MID(B72,1,IF(ISERR(FIND(\".\",B72,1))=TRUE,LEN(B72),FIND(\".\",B72,1)-1)),PLANILHA_TAREFA[Quant.])","v":0},{"$f":"IF(F72=\"\",SUMIF(PLANILHA_TAREFA[Cód. Tarefa],\"=\"&B72&\".\"&\"*\",PLANILHA_TAREFA[Valor Parc.\nTotal]),0)","v":594.78060000000005},{"$f":"SUMIF(PLANILHA_TAREFA[Cód. Tarefa],MID(B72,1,IF(ISERR(FIND(\".\",B72,1))=TRUE,LEN(B72),FIND(\".\",B72,1)-1)),PLANILHA_TAREFA[Quant.])","v":1},{"$f":"IF(F72=\"\",IF(SUMIF(PLANILHA_TAREFA[Cód. Tarefa],\"=\"&MID(B72,1,IF(ISEVEN(LEN(B72)),LEN(B72)-3,LEN(B72)-2))&\"*\",PLANILHA_TAREFA[Valor Parc.\nTotal])=0,0,K72/SUMIF(PLANILHA_TAREFA[Cód. Tarefa],\"=\"&MID(B72,1,IF(ISEVEN(LEN(B72)),LEN(B72)-3,LEN(B72)-2))&\"*\",PLANILHA_TAREFA[Valor Parc.\nTotal])),IF(SUMIF(PLANILHA_TAREFA[Cód. Tarefa],\"=\"&MID(B72,1,IF(ISEVEN(LEN(B72)),LEN(B72)-3,LEN(B72)-2))&\"*\",PLANILHA_TAREFA[Valor Parc.\nTotal])=0,0,J72/SUMIF(PLANILHA_TAREFA[Cód. Tarefa],\"=\"&MID(B72,1,IF(ISEVEN(LEN(B72)),LEN(B72)-3,LEN(B72)-2))&\"*\",PLANILHA_TAREFA[Valor Parc.\nTotal])))","v":9.6533281893966191E-3},0.23,0,{"$f":"IF(F72=\"\",SUMIF(PLANILHA_TAREFA[Cód. Tarefa],\"=\"&B72&\".\"&\"*\",PLANILHA_TAREFA[Valor Parc.\nTotal - BDI]),0)","v":731.58013800000003}]
[true,"001.11.01","500054","VIDRO LISO",6.31,"M2",94.26,0,{"$f":"IF(AND(J73>=0,E73<>\"\"),IF(K73=0,J73/SUMIF(PLANILHA_TAREFA[Cód. Tarefa],MID(B73,1,IF(ISERR(FIND(\".\",B73,1))=TRUE,LEN(B73),FIND(\".\",B73,1)-1)),PLANILHA_TAREFA[Quant.]),K73/E73),K73/SUMIF(PLANILHA_TAREFA[Cód. Tarefa],MID(B73,1,IF(ISERR(FIND(\".\",B73,1))=TRUE,LEN(B73),FIND(\".\",B73,1)-1)),PLANILHA_TAREFA[Quant.]))","v":594.78060000000005},{"$f":"IF(A73=TRUE,1,0)*IF(H73>0,H73,G73)*IF(AND(E73=0,F73=\"\"),1,E73)*SUMIF(PLANILHA_TAREFA[Cód. Tarefa],MID(B73,1,IF(ISERR(FIND(\".\",B73,1))=TRUE,LEN(B73),FIND(\".\",B73,1)-1)),PLANILHA_TAREFA[Quant.])","v":594.78060000000005},{"$f":"IF(F73=\"\",SUMIF(PLANILHA_TAREFA[Cód. Tarefa],\"=\"&B73&\".\"&\"*\",PLANILHA_TAREFA[Valor Parc.\nTotal]),0)","v":0},{"$f":"SUMIF(PLANILHA_TAREFA[Cód. Tarefa],MID(B73,1,IF(ISERR(FIND(\".\",B73,1))=TRUE,LEN(B73),FIND(\".\",B73,1)-1)),PLANILHA_TAREFA[Quant.])","v":1},{"$f":"IF(F73=\"\",IF(SUMIF(PLANILHA_TAREFA[Cód. Tarefa],\"=\"&MID(B73,1,IF(ISEVEN(LEN(B73)),LEN(B73)-3,LEN(B73)-2))&\"*\",PLANILHA_TAREFA[Valor Parc.\nTotal])=0,0,K73/SUMIF(PLANILHA_TAREFA[Cód. Tarefa],\"=\"&MID(B73,1,IF(ISEVEN(LEN(B73)),LEN(B73)-3,LEN(B73)-2))&\"*\",PLANILHA_TAREFA[Valor Parc.\nTotal])),IF(SUMIF(PLANILHA_TAREFA[Cód. Tarefa],\"=\"&MID(B73,1,IF(ISEVEN(LEN(B73)),LEN(B73)-3,LEN(B73)-2))&\"*\",PLANILHA_TAREFA[Valor Parc.\nTotal])=0,0,J73/SUMIF(PLANILHA_TAREFA[Cód. Tarefa],\"=\"&MID(B73,1,IF(ISEVEN(LEN(B73)),LEN(B73)-3,LEN(B73)-2))&\"*\",PLANILHA_TAREFA[Valor Parc.\nTotal])))","v":1},0.23,731.58013800000003,{"$f":"IF(F73=\"\",SUMIF(PLANILHA_TAREFA[Cód. Tarefa],\"=\"&B73&\".\"&\"*\",PLANILHA_TAREFA[Valor Parc.\nTotal - BDI]),0)","v":0}]
[true,"001.12",null,"INSTALACOES ELETRICAS",null,null,0,0,{"$f":"IF(AND(J74>=0,E74<>\"\"),IF(K74=0,J74/SUMIF(PLANILHA_TAREFA[Cód. Tarefa],MID(B74,1,IF(ISERR(FIND(\".\",B74,1))=TRUE,LEN(B74),FIND(\".\",B74,1)-1)),PLANILHA_TAREFA[Quant.]),K74/E74),K74/SUMIF(PLANILHA_TAREFA[Cód. Tarefa],MID(B74,1,IF(ISERR(FIND(\".\",B74,1))=TRUE,LEN(B74),FIND(\".\",B74,1)-1)),PLANILHA_TAREFA[Quant.]))","v":2424.9905000000008},{"$f":"IF(A74=TRUE,1,0)*IF(H74>0,H74,G74)*IF(AND(E74=0,F74=\"\"),1,E74)*SUMIF(PLANILHA_TAREFA[Cód. Tarefa],MID(B74,1,IF(ISERR(FIND(\".\",B74,1))=TRUE,LEN(B74),FIND(\".\",B74,1)-1)),PLANILHA_TAREFA[Quant.])","v":0},{"$f":"IF(F74=\"\",SUMIF(PLANILHA_TAREFA[Cód. Tarefa],\"=\"&B74&\".\"&\"*\",PLANILHA_TAREFA[Valor Parc.\nTotal]),0)","v":2424.9905000000008},{"$f":"SUMIF(PLANILHA_TAREFA[Cód. Tarefa],MID(B74,1,IF(ISERR(FIND(\".\",B74,1))=TRUE,LEN(B74),FIND(\".\",B74,1)-1)),PLANILHA_TAREFA[Quant.])","v":1},{"$f":"IF(F74=\"\",IF(SUMIF(PLANILHA_TAREFA[Cód. Tarefa],\"=\"&MID(B74,1,IF(ISEVEN(LEN(B74)),LEN(B74)-3,LEN(B74)-2))&\"*\",PLANILHA_TAREFA[Valor Parc.\nTotal])=0,0,K74/SUMIF(PLANILHA_TAREFA[Cód. Tarefa],\"=\"&MID(B74,1,IF(ISEVEN(LEN(B74)),LEN(B74)-3,LEN(B74)-2))&\"*\",PLANILHA_TAREFA[Valor Parc.\nTotal])),IF(SUMIF(PLANILHA_TAREFA[Cód. Tarefa],\"=\"&MID(B74,1,IF(ISEVEN(LEN(B74)),LEN(B74)-3,LEN(B74)-2))&\"*\",PLANILHA_TAREFA[Valor Parc.\nTotal])=0,0,J74/SUMIF(PLANILHA_TAREFA[Cód. Tarefa],\"=\"&MID(B74,1,IF(ISEVEN(LEN(B74)),LEN(B74)-3,LEN(B74)-2))&\"*\",PLANILHA_TAREFA[Valor Parc.\nTotal])))","v":3.9357755032139591E-2},0.23,0,{"$f":"IF(F74=\"\",SUMIF(PLANILHA_TAREFA[Cód. Tarefa],\"=\"&B74&\".\"&\"*\",PLANILHA_TAREFA[Valor Parc.\nTotal - BDI]),0)","v":2982.7383150000005}]
[true,"001.12.01","600237","INSTALACAO ELETRICA - ENTRADA DE ENERGIA",1,"UN",644.46800000000007,0,{"$f":"IF(AND(J75>=0,E75<>\"\"),IF(K75=0,J75/SUMIF(PLANILHA_TAREFA[Cód. Tarefa],MID(B75,1,IF(ISERR(FIND(\".\",B75,1))=TRUE,LEN(B75),FIND(\".\",B75,1)-1)),PLANILHA_TAREFA[Quant.]),K75/E75),K75/SUMIF(PLANILHA_TAREFA[Cód. Tarefa],MID(B75,1,IF(ISERR(FIND(\".\",B75,1))=TRUE,LEN(B75),FIND(\".\",B75,1)-1)),PLANILHA_TAREFA[Quant.]))","v":644.46800000000007},{"$f":"IF(A75=TRUE,1,0)*IF(H75>0,H75,G75)*IF(AND(E75=0,F75=\"\"),1,E75)*SUMIF(PLANILHA_TAREFA[Cód. Tarefa],MID(B75,1,IF(ISERR(FIND(\".\",B75,1))=TRUE,LEN(B75),FIND(\".\",B75,1)-1)),PLANILHA_TAREFA[Quant.])","v":644.46800000000007},{"$f":"IF(F75=\"\",SUMIF(PLANILHA_TAREFA[Cód. Tarefa],\"=\"&B75&\".\"&\"*\",PLANILHA_TAREFA[Valor Parc.\nTotal]),0)","v":0},{"$f":"SUMIF(PLANILHA_TAREFA[Cód. Tarefa],MID(B75,1,IF(ISERR(FIND(\".\",B75,1))=TRUE,LEN(B75),FIND(\".\",B75,1)-1)),PLANILHA_TAREFA[Quant.])","v":1},{"$f":"IF(F75=\"\",IF(SUMIF(PLANILHA_TAREFA[Cód. Tarefa],\"=\"&MID(B75,1,IF(ISEVEN(LEN(B75)),LEN(B75)-3,LEN(B75)-2))&\"*\",PLANILHA_TAREFA[Valor Parc.\nTotal])=0,0,K75/SUMIF(PLANILHA_TAREFA[Cód. Tarefa],\"=\"&MID(B75,1,IF(ISEVEN(LEN(B75)),LEN(B75)-3,LEN(B75)-2))&\"*\",PLANILHA_TAREFA[Valor Parc.\nTotal])),IF(SUMIF(PLANILHA_TAREFA[Cód. Tarefa],\"=\"&MID(B75,1,IF(ISEVEN(LEN(B75)),LEN(B75)-3,LEN(B75)-2))&\"*\",PLANILHA_TAREFA[Valor Parc.\nTotal])=0,0,J75/SUMIF(PLANILHA_TAREFA[Cód. Tarefa],\"=\"&MID(B75,1,IF(ISEVEN(LEN(B75)),LEN(B75)-3,LEN(B75)-2))&\"*\",PLANILHA_TAREFA[Valor Parc.\nTotal])))","v":0.26576104112572807},0.23,{"$f":"J75*(1+N75)","v":792.69564000000003},{"$f":"IF(F75=\"\",SUMIF(PLANILHA_TAREFA[Cód. Tarefa],\"=\"&B75&\".\"&\"*\",PLANILHA_TAREFA[Valor Parc.\nTotal - BDI]),0)","v":0}]
[true,"001.12.02","600238","INSTALACAO ELETRICA - TUBULACAO + CAIXAS",1,"UN",490.42920000000004,0,{"$f":"IF(AND(J76>=0,E76<>\"\"),IF(K76=0,J76/SUMIF(PLANILHA_TAREFA[Cód. Tarefa],MID(B76,1,IF(ISERR(FIND(\".\",B76,1))=TRUE,LEN(B76),FIND(\".\",B76,1)-1)),PLANILHA_TAREFA[Quant.]),K76/E76),K76/SUMIF(PLANILHA_TAREFA[Cód. Tarefa],MID(B76,1,IF(ISERR(FIND(\".\",B76,1))=TRUE,LEN(B76),FIND(\".\",B76,1)-1)),PLANILHA_TAREFA[Quant.]))","v":490.42920000000004},{"$f":"IF(A76=TRUE,1,0)*IF(H76>0,H76,G76)*IF(AND(E76=0,F76=\"\"),1,E76)*SUMIF(PLANILHA_TAREFA[Cód. Tarefa],MID(B76,1,IF(ISERR(FIND(\".\",B76,1))=TRUE,LEN(B76),FIND(\".\",B76,1)-1)),PLANILHA_TAREFA[Quant.])","v":490.42920000000004},{"$f":"IF(F76=\"\",SUMIF(PLANILHA_TAREFA[Cód. Tarefa],\"=\"&B76&\".\"&\"*\",PLANILHA_TAREFA[Valor Parc.\nTotal]),0)","v":0},{"$f":"SUMIF(PLANILHA_TAREFA[Cód. Tarefa],MID(B76,1,IF(ISERR(FIND(\".\",B76,1))=TRUE,LEN(B76),FIND(\".\",B76,1)-1)),PLANILHA_TAREFA[Quant.])","v":1},{"$f":"IF(F76=\"\",IF(SUMIF(PLANILHA_TAREFA[Cód. Tarefa],\"=\"&MID(B76,1,IF(ISEVEN(LEN(B76)),LEN(B76)-3,LEN(B76)-2))&\"*\",PLANILHA_TAREFA[Valor Parc.\nTotal])=0,0,K76/SUMIF(PLANILHA_TAREFA[Cód. Tarefa],\"=\"&MID(B76,1,IF(ISEVEN(LEN(B76)),LEN(B76)-3,LEN(B76)-2))&\"*\",PLANILHA_TAREFA[Valor Parc.\nTotal])),IF(SUMIF(PLANILHA_TAREFA[Cód. Tarefa],\"=\"&MID(B76,1,IF(ISEVEN(LEN(B76)),LEN(B76)-3,LEN(B76)-2))&\"*\",PLANILHA_TAREFA[Valor Parc.\nTotal])=0,0,J76/SUMIF(PLANILHA_TAREFA[Cód. Tarefa],\"=\"&MID(B76,1,IF(ISEVEN(LEN(B76)),LEN(B76)-3,LEN(B76)-2))&\"*\",PLANILHA_TAREFA[Valor Parc.\nTotal])))","v":0.2022396376398175},0.23,603.22791600000005,{"$f":"IF(F76=\"\",SUMIF(PLANILHA_TAREFA[Cód. Tarefa],\"=\"&B76&\".\"&\"*\",PLANILHA_TAREFA[Valor Parc.\nTotal - BDI]),0)","v":0}]
[true,"001.12.03","600239","INSTALACAO ELETRICA - FIACAO",1,"UN",553,0,{"$f":"IF(AND(J77>=0,E77<>\"\"),IF(K77=0,J77/SUMIF(PLANILHA_TAREFA[Cód. Tarefa],MID(B77,1,IF(ISERR(FIND(\".\",B77,1))=TRUE,LEN(B77),FIND(\".\",B77,1)-1)),PLANILHA_TAREFA[Quant.]),K77/E77),K77/SUMIF(PLANILHA_TAREFA[Cód. Tarefa],MID(B77,1,IF(ISERR(FIND(\".\",B77,1))=TRUE,LEN(B77),FIND(\".\",B77,1)-1)),PLANILHA_TAREFA[Quant.]))","v":553},{"$f":"IF(A77=TRUE,1,0)*IF(H77>0,H77,G77)*IF(AND(E77=0,F77=\"\"),1,E77)*SUMIF(PLANILHA_TAREFA[Cód. Tarefa],MID(B77,1,IF(ISERR(FIND(\".\",B77,1))=TRUE,LEN(B77),FIND(\".\",B77,1)-1)),PLANILHA_TAREFA[Quant.])","v":553},{"$f":"IF(F77=\"\",SUMIF(PLANILHA_TAREFA[Cód. Tarefa],\"=\"&B77&\".\"&\"*\",PLANILHA_TAREFA[Valor Parc.\nTotal]),0)","v":0},{"$f":"SUMIF(PLANILHA_TAREFA[Cód. Tarefa],MID(B77,1,IF(ISERR(FIND(\".\",B77,1))=TRUE,LEN(B77),FIND(\".\",B77,1)-1)),PLANILHA_TAREFA[Quant.])","v":1},{"$f":"IF(F77=\"\",IF(SUMIF(PLANILHA_TAREFA[Cód. Tarefa],\"=\"&MID(B77,1,IF(ISEVEN(LEN(B77)),LEN(B77)-3,LEN(B77)-2))&\"*\",PLANILHA_TAREFA[Valor Parc.\nTotal])=0,0,K77/SUMIF(PLANILHA_TAREFA[Cód. Tarefa],\"=\"&MID(B77,1,IF(ISEVEN(LEN(B77)),LEN(B77)-3,LEN(B77)-2))&\"*\",PLANILHA_TAREFA[Valor Parc.\nTotal])),IF(SUMIF(PLANILHA_TAREFA[Cód. Tarefa],\"=\"&MID(B77,1,IF(ISEVEN(LEN(B77)),LEN(B77)-3,LEN(B77)-2))&\"*\",PLANILHA_TAREFA[Valor Parc.\nTotal])=0,0,J77/SUMIF(PLANILHA_TAREFA[Cód. Tarefa],\"=\"&MID(B77,1,IF(ISEVEN(LEN(B77)),LEN(B77)-3,LEN(B77)-2))&\"*\",PLANILHA_TAREFA[Valor Parc.\nTotal])))","v":0.22804213047432551},0.23,680.18999999999994,{"$f":"IF(F77=\"\",SUMIF(PLANILHA_TAREFA[Cód. Tarefa],\"=\"&B77&\".\"&\"*\",PLANILHA_TAREFA[Valor Parc.\nTotal - BDI]),0)","v":0}]
[true,"001.12.04","600240","INSTALACAO ELETRICA - ILUMINACAO, TOMADAS E INTERRUPTORES",1,"UN",444.01900000000023,0,{"$f":"IF(AND(J78>=0,E78<>\"\"),IF(K78=0,J78/SUMIF(PLANILHA_TAREFA[Cód. Tarefa],MID(B78,1,IF(ISERR(FIND(\".\",B78,1))=TRUE,LEN(B78),FIND(\".\",B78,1)-1)),PLANILHA_TAREFA[Quant.]),K78/E78),K78/SUMIF(PLANILHA_TAREFA[Cód. Tarefa],MID(B78,1,IF(ISERR(FIND(\".\",B78,1))=TRUE,LEN(B78),FIND(\".\",B78,1)-1)),PLANILHA_TAREFA[Quant.]))","v":444.01900000000023},{"$f":"IF(A78=TRUE,1,0)*IF(H78>0,H78,G78)*IF(AND(E78=0,F78=\"\"),1,E78)*SUMIF(PLANILHA_TAREFA[Cód. Tarefa],MID(B78,1,IF(ISERR(FIND(\".\",B78,1))=TRUE,LEN(B78),FIND(\".\",B78,1)-1)),PLANILHA_TAREFA[Quant.])","v":444.01900000000023},{"$f":"IF(F78=\"\",SUMIF(PLANILHA_TAREFA[Cód. Tarefa],\"=\"&B78&\".\"&\"*\",PLANILHA_TAREFA[Valor Parc.\nTotal]),0)","v":0},{"$f":"SUMIF(PLANILHA_TAREFA[Cód. Tarefa],MID(B78,1,IF(ISERR(FIND(\".\",B78,1))=TRUE,LEN(B78),FIND(\".\",B78,1)-1)),PLANILHA_TAREFA[Quant.])","v":1},{"$f":"IF(F78=\"\",IF(SUMIF(PLANILHA_TAREFA[Cód. Tarefa],\"=\"&MID(B78,1,IF(ISEVEN(LEN(B78)),LEN(B78)-3,LEN(B78)-2))&\"*\",PLANILHA_TAREFA[Valor Parc.\nTotal])=0,0,K78/SUMIF(PLANILHA_TAREFA[Cód. Tarefa],\"=\"&MID(B78,1,IF(ISEVEN(LEN(B78)),LEN(B78)-3,LEN(B78)-2))&\"*\",PLANILHA_TAREFA[Valor Parc.\nTotal])),IF(SUMIF(PLANILHA_TAREFA[Cód. Tarefa],\"=\"&MID(B78,1,IF(ISEVEN(LEN(B78)),LEN(B78)-3,LEN(B78)-2))&\"*\",PLANILHA_TAREFA[Valor Parc.\nTotal])=0,0,J78/SUMIF(PLANILHA_TAREFA[Cód. Tarefa],\"=\"&MID(B78,1,IF(ISEVEN(LEN(B78)),LEN(B78)-3,LEN(B78)-2))&\"*\",PLANILHA_TAREFA[Valor Parc.\nTotal])))","v":0.18310133586090341},0.23,546.14337000000023,{"$f":"IF(F78=\"\",SUMIF(PLANILHA_TAREFA[Cód. Tarefa],\"=\"&B78&\".\"&\"*\",PLANILHA_TAREFA[Valor Parc.\nTotal - BDI]),0)","v":0}]
[true,"001.12.05","600241","INSTALACAO ELETRICA - QUADRO DE DISTRIBUICAO",1,"UN",293.07430000000005,0,{"$f":"IF(AND(J79>=0,E79<>\"\"),IF(K79=0,J79/SUMIF(PLANILHA_TAREFA[Cód. Tarefa],MID(B79,1,IF(ISERR(FIND(\".\",B79,1))=TRUE,LEN(B79),FIND(\".\",B79,1)-1)),PLANILHA_TAREFA[Quant.]),K79/E79),K79/SUMIF(PLANILHA_TAREFA[Cód. Tarefa],MID(B79,1,IF(ISERR(FIND(\".\",B79,1))=TRUE,LEN(B79),FIND(\".\",B79,1)-1)),PLANILHA_TAREFA[Quant.]))","v":293.07430000000005},{"$f":"IF(A79=TRUE,1,0)*IF(H79>0,H79,G79)*IF(AND(E79=0,F79=\"\"),1,E79)*SUMIF(PLANILHA_TAREFA[Cód. Tarefa],MID(B79,1,IF(ISERR(FIND(\".\",B79,1))=TRUE,LEN(B79),FIND(\".\",B79,1)-1)),PLANILHA_TAREFA[Quant.])","v":293.07430000000005},{"$f":"IF(F79=\"\",SUMIF(PLANILHA_TAREFA[Cód. Tarefa],\"=\"&B79&\".\"&\"*\",PLANILHA_TAREFA[Valor Parc.\nTotal]),0)","v":0},{"$f":"SUMIF(PLANILHA_TAREFA[Cód. Tarefa],MID(B79,1,IF(ISERR(FIND(\".\",B79,1))=TRUE,LEN(B79),FIND(\".\",B79,1)-1)),PLANILHA_TAREFA[Quant.])","v":1},{"$f":"IF(F79=\"\",IF(SUMIF(PLANILHA_TAREFA[Cód. Tarefa],\"=\"&MID(B79,1,IF(ISEVEN(LEN(B79)),LEN(B79)-3,LEN(B79)-2))&\"*\",PLANILHA_TAREFA[Valor Parc.\nTotal])=0,0,K79/SUMIF(PLANILHA_TAREFA[Cód. Tarefa],\"=\"&MID(B79,1,IF(ISEVEN(LEN(B79)),LEN(B79)-3,LEN(B79)-2))&\"*\",PLANILHA_TAREFA[Valor Parc.\nTotal])),IF(SUMIF(PLANILHA_TAREFA[Cód. Tarefa],\"=\"&MID(B79,1,IF(ISEVEN(LEN(B79)),LEN(B79)-3,LEN(B79)-2))&\"*\",PLANILHA_TAREFA[Valor Parc.\nTotal])=0,0,J79/SUMIF(PLANILHA_TAREFA[Cód. Tarefa],\"=\"&MID(B79,1,IF(ISEVEN(LEN(B79)),LEN(B79)-3,LEN(B79)-2))&\"*\",PLANILHA_TAREFA[Valor Parc.\nTotal])))","v":0.12085585489922536},0.23,360.48138900000004,{"$f":"IF(F79=\"\",SUMIF(PLANILHA_TAREFA[Cód. Tarefa],\"=\"&B79&\".\"&\"*\",PLANILHA_TAREFA[Valor Parc.\nTotal - BDI]),0)","v":0}]
[true,"001.13",null,"INSTALACOES HIDRAULICAS",null,null,0,0,{"$f":"IF(AND(J80>=0,E80<>\"\"),IF(K80=0,J80/SUMIF(PLANILHA_TAREFA[Cód. Tarefa],MID(B80,1,IF(ISERR(FIND(\".\",B80,1))=TRUE,LEN(B80),FIND(\".\",B80,1)-1)),PLANILHA_TAREFA[Quant.]),K80/E80),K80/SUMIF(PLANILHA_TAREFA[Cód. Tarefa],MID(B80,1,IF(ISERR(FIND(\".\",B80,1))=TRUE,LEN(B80),FIND(\".\",B80,1)-1)),PLANILHA_TAREFA[Quant.]))","v":1429.6271068000001},{"$f":"IF(A80=TRUE,1,0)*IF(H80>0,H80,G80)*IF(AND(E80=0,F80=\"\"),1,E80)*SUMIF(PLANILHA_TAREFA[Cód. Tarefa],MID(B80,1,IF(ISERR(FIND(\".\",B80,1))=TRUE,LEN(B80),FIND(\".\",B80,1)-1)),PLANILHA_TAREFA[Quant.])","v":0},{"$f":"IF(F80=\"\",SUMIF(PLANILHA_TAREFA[Cód. Tarefa],\"=\"&B80&\".\"&\"*\",PLANILHA_TAREFA[Valor Parc.\nTotal]),0)","v":1429.6271068000001},{"$f":"SUMIF(PLANILHA_TAREFA[Cód. Tarefa],MID(B80,1,IF(ISERR(FIND(\".\",B80,1))=TRUE,LEN(B80),FIND(\".\",B80,1)-1)),PLANILHA_TAREFA[Quant.])","v":1},{"$f":"IF(F80=\"\",IF(SUMIF(PLANILHA_TAREFA[Cód. Tarefa],\"=\"&MID(B80,1,IF(ISEVEN(LEN(B80)),LEN(B80)-3,LEN(B80)-2))&\"*\",PLANILHA_TAREFA[Valor Parc.\nTotal])=0,0,K80/SUMIF(PLANILHA_TAREFA[Cód. Tarefa],\"=\"&MID(B80,1,IF(ISEVEN(LEN(B80)),LEN(B80)-3,LEN(B80)-2))&\"*\",PLANILHA_TAREFA[Valor Parc.\nTotal])),IF(SUMIF(PLANILHA_TAREFA[Cód. Tarefa],\"=\"&MID(B80,1,IF(ISEVEN(LEN(B80)),LEN(B80)-3,LEN(B80)-2))&\"*\",PLANILHA_TAREFA[Valor Parc.\nTotal])=0,0,J80/SUMIF(PLANILHA_TAREFA[Cód. Tarefa],\"=\"&MID(B80,1,IF(ISEVEN(LEN(B80)),LEN(B80)-3,LEN(B80)-2))&\"*\",PLANILHA_TAREFA[Valor Parc.\nTotal])))","v":2.3202941808118775E-2},0.23,0,{"$f":"IF(F80=\"\",SUMIF(PLANILHA_TAREFA[Cód. Tarefa],\"=\"&B80&\".\"&\"*\",PLANILHA_TAREFA[Valor Parc.\nTotal - BDI]),0)","v":1758.441341364}]
[true,"001.13.01","600242","INSTALACAO HIDRAULICA - ENTRADA DE AGUA FRIA",1,"UN",558.10456600000009,0,{"$f":"IF(AND(J81>=0,E81<>\"\"),IF(K81=0,J81/SUMIF(PLANILHA_TAREFA[Cód. Tarefa],MID(B81,1,IF(ISERR(FIND(\".\",B81,1))=TRUE,LEN(B81),FIND(\".\",B81,1)-1)),PLANILHA_TAREFA[Quant.]),K81/E81),K81/SUMIF(PLANILHA_TAREFA[Cód. Tarefa],MID(B81,1,IF(ISERR(FIND(\".\",B81,1))=TRUE,LEN(B81),FIND(\".\",B81,1)-1)),PLANILHA_TAREFA[Quant.]))","v":558.10456600000009},{"$f":"IF(A81=TRUE,1,0)*IF(H81>0,H81,G81)*IF(AND(E81=0,F81=\"\"),1,E81)*SUMIF(PLANILHA_TAREFA[Cód. Tarefa],MID(B81,1,IF(ISERR(FIND(\".\",B81,1))=TRUE,LEN(B81),FIND(\".\",B81,1)-1)),PLANILHA_TAREFA[Quant.])","v":558.10456600000009},{"$f":"IF(F81=\"\",SUMIF(PLANILHA_TAREFA[Cód. Tarefa],\"=\"&B81&\".\"&\"*\",PLANILHA_TAREFA[Valor Parc.\nTotal]),0)","v":0},{"$f":"SUMIF(PLANILHA_TAREFA[Cód. Tarefa],MID(B81,1,IF(ISERR(FIND(\".\",B81,1))=TRUE,LEN(B81),FIND(\".\",B81,1)-1)),PLANILHA_TAREFA[Quant.])","v":1},{"$f":"IF(F81=\"\",IF(SUMIF(PLANILHA_TAREFA[Cód. Tarefa],\"=\"&MID(B81,1,IF(ISEVEN(LEN(B81)),LEN(B81)-3,LEN(B81)-2))&\"*\",PLANILHA_TAREFA[Valor Parc.\nTotal])=0,0,K81/SUMIF(PLANILHA_TAREFA[Cód. Tarefa],\"=\"&MID(B81,1,IF(ISEVEN(LEN(B81)),LEN(B81)-3,LEN(B81)-2))&\"*\",PLANILHA_TAREFA[Valor Parc.\nTotal])),IF(SUMIF(PLANILHA_TAREFA[Cód. Tarefa],\"=\"&MID(B81,1,IF(ISEVEN(LEN(B81)),LEN(B81)-3,LEN(B81)-2))&\"*\",PLANILHA_TAREFA[Valor Parc.\nTotal])=0,0,J81/SUMIF(PLANILHA_TAREFA[Cód. Tarefa],\"=\"&MID(B81,1,IF(ISEVEN(LEN(B81)),LEN(B81)-3,LEN(B81)-2))&\"*\",PLANILHA_TAREFA[Valor Parc.\nTotal])))","v":0.39038471175132594},0.23,686.46861618000014,{"$f":"IF(F81=\"\",SUMIF(PLANILHA_TAREFA[Cód. Tarefa],\"=\"&B81&\".\"&\"*\",PLANILHA_TAREFA[Valor Parc.\nTotal - BDI]),0)","v":0}]
[true,"001.13.02","600243","INSTALACAO HIDRAULICA - DISTRIBUICAO DE AGUA",1,"UN",214.75680000000008,0,{"$f":"IF(AND(J82>=0,E82<>\"\"),IF(K82=0,J82/SUMIF(PLANILHA_TAREFA[Cód. Tarefa],MID(B82,1,IF(ISERR(FIND(\".\",B82,1))=TRUE,LEN(B82),FIND(\".\",B82,1)-1)),PLANILHA_TAREFA[Quant.]),K82/E82),K82/SUMIF(PLANILHA_TAREFA[Cód. Tarefa],MID(B82,1,IF(ISERR(FIND(\".\",B82,1))=TRUE,LEN(B82),FIND(\".\",B82,1)-1)),PLANILHA_TAREFA[Quant.]))","v":214.75680000000008},{"$f":"IF(A82=TRUE,1,0)*IF(H82>0,H82,G82)*IF(AND(E82=0,F82=\"\"),1,E82)*SUMIF(PLANILHA_TAREFA[Cód. Tarefa],MID(B82,1,IF(ISERR(FIND(\".\",B82,1))=TRUE,LEN(B82),FIND(\".\",B82,1)-1)),PLANILHA_TAREFA[Quant.])","v":214.75680000000008},{"$f":"IF(F82=\"\",SUMIF(PLANILHA_TAREFA[Cód. Tarefa],\"=\"&B82&\".\"&\"*\",PLANILHA_TAREFA[Valor Parc.\nTotal]),0)","v":0},{"$f":"SUMIF(PLANILHA_TAREFA[Cód. Tarefa],MID(B82,1,IF(ISERR(FIND(\".\",B82,1))=TRUE,LEN(B82),FIND(\".\",B82,1)-1)),PLANILHA_TAREFA[Quant.])","v":1},{"$f":"IF(F82=\"\",IF(SUMIF(PLANILHA_TAREFA[Cód. Tarefa],\"=\"&MID(B82,1,IF(ISEVEN(LEN(B82)),LEN(B82)-3,LEN(B82)-2))&\"*\",PLANILHA_TAREFA[Valor Parc.\nTotal])=0,0,K82/SUMIF(PLANILHA_TAREFA[Cód. Tarefa],\"=\"&MID(B82,1,IF(ISEVEN(LEN(B82)),LEN(B82)-3,LEN(B82)-2))&\"*\",PLANILHA_TAREFA[Valor Parc.\nTotal])),IF(SUMIF(PLANILHA_TAREFA[Cód. Tarefa],\"=\"&MID(B82,1,IF(ISEVEN(LEN(B82)),LEN(B82)-3,LEN(B82)-2))&\"*\",PLANILHA_TAREFA[Valor Parc.\nTotal])=0,0,J82/SUMIF(PLANILHA_TAREFA[Cód. Tarefa],\"=\"&MID(B82,1,IF(ISEVEN(LEN(B82)),LEN(B82)-3,LEN(B82)-2))&\"*\",PLANILHA_TAREFA[Valor Parc.\nTotal])))","v":0.15021875213369454},0.23,264.15086400000013,{"$f":"IF(F82=\"\",SUMIF(PLANILHA_TAREFA[Cód. Tarefa],\"=\"&B82&\".\"&\"*\",PLANILHA_TAREFA[Valor Parc.\nTotal - BDI]),0)","v":0}]
[true,"001.13.03","600244","INSTALACAO HIDRAULICA - CAIXA D'AGUA",1,"UN",275.79111999999998,0,{"$f":"IF(AND(J83>=0,E83<>\"\"),IF(K83=0,J83/SUMIF(PLANILHA_TAREFA[Cód. Tarefa],MID(B83,1,IF(ISERR(FIND(\".\",B83,1))=TRUE,LEN(B83),FIND(\".\",B83,1)-1)),PLANILHA_TAREFA[Quant.]),K83/E83),K83/SUMIF(PLANILHA_TAREFA[Cód. Tarefa],MID(B83,1,IF(ISERR(FIND(\".\",B83,1))=TRUE,LEN(B83),FIND(\".\",B83,1)-1)),PLANILHA_TAREFA[Quant.]))","v":275.79111999999998},{"$f":"IF(A83=TRUE,1,0)*IF(H83>0,H83,G83)*IF(AND(E83=0,F83=\"\"),1,E83)*SUMIF(PLANILHA_TAREFA[Cód. Tarefa],MID(B83,1,IF(ISERR(FIND(\".\",B83,1))=TRUE,LEN(B83),FIND(\".\",B83,1)-1)),PLANILHA_TAREFA[Quant.])","v":275.79111999999998},{"$f":"IF(F83=\"\",SUMIF(PLANILHA_TAREFA[Cód. Tarefa],\"=\"&B83&\".\"&\"*\",PLANILHA_TAREFA[Valor Parc.\nTotal]),0)","v":0},{"$f":"SUMIF(PLANILHA_TAREFA[Cód. Tarefa],MID(B83,1,IF(ISERR(FIND(\".\",B83,1))=TRUE,LEN(B83),FIND(\".\",B83,1)-1)),PLANILHA_TAREFA[Quant.])","v":1},{"$f":"IF(F83=\"\",IF(SUMIF(PLANILHA_TAREFA[Cód. Tarefa],\"=\"&MID(B83,1,IF(ISEVEN(LEN(B83)),LEN(B83)-3,LEN(B83)-2))&\"*\",PLANILHA_TAREFA[Valor Parc.\nTotal])=0,0,K83/SUMIF(PLANILHA_TAREFA[Cód. Tarefa],\"=\"&MID(B83,1,IF(ISEVEN(LEN(B83)),LEN(B83)-3,LEN(B83)-2))&\"*\",PLANILHA_TAREFA[Valor Parc.\nTotal])),IF(SUMIF(PLANILHA_TAREFA[Cód. Tarefa],\"=\"&MID(B83,1,IF(ISEVEN(LEN(B83)),LEN(B83)-3,LEN(B83)-2))&\"*\",PLANILHA_TAREFA[Valor Parc.\nTotal])=0,0,J83/SUMIF(PLANILHA_TAREFA[Cód. Tarefa],\"=\"&MID(B83,1,IF(ISEVEN(LEN(B83)),LEN(B83)-3,LEN(B83)-2))&\"*\",PLANILHA_TAREFA[Valor Parc.\nTotal])))","v":0.19291122747197756},0.23,339.22307759999995,{"$f":"IF(F83=\"\",SUMIF(PLANILHA_TAREFA[Cód. Tarefa],\"=\"&B83&\".\"&\"*\",PLANILHA_TAREFA[Valor Parc.\nTotal - BDI]),0)","v":0}]
[true,"001.13.04","500466","ABRIGO PARA HIDROMETRO C/ TAMPA",1,"UN",273.28322079999998,0,{"$f":"IF(AND(J84>=0,E84<>\"\"),IF(K84=0,J84/SUMIF(PLANILHA_TAREFA[Cód. Tarefa],MID(B84,1,IF(ISERR(FIND(\".\",B84,1))=TRUE,LEN(B84),FIND(\".\",B84,1)-1)),PLANILHA_TAREFA[Quant.]),K84/E84),K84/SUMIF(PLANILHA_TAREFA[Cód. Tarefa],MID(B84,1,IF(ISERR(FIND(\".\",B84,1))=TRUE,LEN(B84),FIND(\".\",B84,1)-1)),PLANILHA_TAREFA[Quant.]))","v":273.28322079999998},{"$f":"IF(A84=TRUE,1,0)*IF(H84>0,H84,G84)*IF(AND(E84=0,F84=\"\"),1,E84)*SUMIF(PLANILHA_TAREFA[Cód. Tarefa],MID(B84,1,IF(ISERR(FIND(\".\",B84,1))=TRUE,LEN(B84),FIND(\".\",B84,1)-1)),PLANILHA_TAREFA[Quant.])","v":273.28322079999998},{"$f":"IF(F84=\"\",SUMIF(PLANILHA_TAREFA[Cód. Tarefa],\"=\"&B84&\".\"&\"*\",PLANILHA_TAREFA[Valor Parc.\nTotal]),0)","v":0},{"$f":"SUMIF(PLANILHA_TAREFA[Cód. Tarefa],MID(B84,1,IF(ISERR(FIND(\".\",B84,1))=TRUE,LEN(B84),FIND(\".\",B84,1)-1)),PLANILHA_TAREFA[Quant.])","v":1},{"$f":"IF(F84=\"\",IF(SUMIF(PLANILHA_TAREFA[Cód. Tarefa],\"=\"&MID(B84,1,IF(ISEVEN(LEN(B84)),LEN(B84)-3,LEN(B84)-2))&\"*\",PLANILHA_TAREFA[Valor Parc.\nTotal])=0,0,K84/SUMIF(PLANILHA_TAREFA[Cód. Tarefa],\"=\"&MID(B84,1,IF(ISEVEN(LEN(B84)),LEN(B84)-3,LEN(B84)-2))&\"*\",PLANILHA_TAREFA[Valor Parc.\nTotal])),IF(SUMIF(PLANILHA_TAREFA[Cód. Tarefa],\"=\"&MID(B84,1,IF(ISEVEN(LEN(B84)),LEN(B84)-3,LEN(B84)-2))&\"*\",PLANILHA_TAREFA[Valor Parc.\nTotal])=0,0,J84/SUMIF(PLANILHA_TAREFA[Cód. Tarefa],\"=\"&MID(B84,1,IF(ISEVEN(LEN(B84)),LEN(B84)-3,LEN(B84)-2))&\"*\",PLANILHA_TAREFA[Valor Parc.\nTotal])))","v":0.19115699436596606},0.23,336.13836158399999,{"$f":"IF(F84=\"\",SUMIF(PLANILHA_TAREFA[Cód. Tarefa],\"=\"&B84&\".\"&\"*\",PLANILHA_TAREFA[Valor Parc.\nTotal - BDI]),0)","v":0}]
[true,"001.13.05","611365","LIGACAO DOMICILIAR - AGUA POTAVEL",1,"UN",107.69139999999999,0,{"$f":"IF(AND(J85>=0,E85<>\"\"),IF(K85=0,J85/SUMIF(PLANILHA_TAREFA[Cód. Tarefa],MID(B85,1,IF(ISERR(FIND(\".\",B85,1))=TRUE,LEN(B85),FIND(\".\",B85,1)-1)),PLANILHA_TAREFA[Quant.]),K85/E85),K85/SUMIF(PLANILHA_TAREFA[Cód. Tarefa],MID(B85,1,IF(ISERR(FIND(\".\",B85,1))=TRUE,LEN(B85),FIND(\".\",B85,1)-1)),PLANILHA_TAREFA[Quant.]))","v":107.69139999999999},{"$f":"IF(A85=TRUE,1,0)*IF(H85>0,H85,G85)*IF(AND(E85=0,F85=\"\"),1,E85)*SUMIF(PLANILHA_TAREFA[Cód. Tarefa],MID(B85,1,IF(ISERR(FIND(\".\",B85,1))=TRUE,LEN(B85),FIND(\".\",B85,1)-1)),PLANILHA_TAREFA[Quant.])","v":107.69139999999999},{"$f":"IF(F85=\"\",SUMIF(PLANILHA_TAREFA[Cód. Tarefa],\"=\"&B85&\".\"&\"*\",PLANILHA_TAREFA[Valor Parc.\nTotal]),0)","v":0},{"$f":"SUMIF(PLANILHA_TAREFA[Cód. Tarefa],MID(B85,1,IF(ISERR(FIND(\".\",B85,1))=TRUE,LEN(B85),FIND(\".\",B85,1)-1)),PLANILHA_TAREFA[Quant.])","v":1},{"$f":"IF(F85=\"\",IF(SUMIF(PLANILHA_TAREFA[Cód. Tarefa],\"=\"&MID(B85,1,IF(ISEVEN(LEN(B85)),LEN(B85)-3,LEN(B85)-2))&\"*\",PLANILHA_TAREFA[Valor Parc.\nTotal])=0,0,K85/SUMIF(PLANILHA_TAREFA[Cód. Tarefa],\"=\"&MID(B85,1,IF(ISEVEN(LEN(B85)),LEN(B85)-3,LEN(B85)-2))&\"*\",PLANILHA_TAREFA[Valor Parc.\nTotal])),IF(SUMIF(PLANILHA_TAREFA[Cód. Tarefa],\"=\"&MID(B85,1,IF(ISEVEN(LEN(B85)),LEN(B85)-3,LEN(B85)-2))&\"*\",PLANILHA_TAREFA[Valor Parc.\nTotal])=0,0,J85/SUMIF(PLANILHA_TAREFA[Cód. Tarefa],\"=\"&MID(B85,1,IF(ISEVEN(LEN(B85)),LEN(B85)-3,LEN(B85)-2))&\"*\",PLANILHA_TAREFA[Valor Parc.\nTotal])))","v":7.5328314277035915E-2},0.23,132.46042199999999,{"$f":"IF(F85=\"\",SUMIF(PLANILHA_TAREFA[Cód. Tarefa],\"=\"&B85&\".\"&\"*\",PLANILHA_TAREFA[Valor Parc.\nTotal - BDI]),0)","v":0}]
[true,"001.14",null,"INSTALACOES SANITARIAS",null,null,0,0,{"$f":"IF(AND(J86>=0,E86<>\"\"),IF(K86=0,J86/SUMIF(PLANILHA_TAREFA[Cód. Tarefa],MID(B86,1,IF(ISERR(FIND(\".\",B86,1))=TRUE,LEN(B86),FIND(\".\",B86,1)-1)),PLANILHA_TAREFA[Quant.]),K86/E86),K86/SUMIF(PLANILHA_TAREFA[Cód. Tarefa],MID(B86,1,IF(ISERR(FIND(\".\",B86,1))=TRUE,LEN(B86),FIND(\".\",B86,1)-1)),PLANILHA_TAREFA[Quant.]))","v":1278.8357526000004},{"$f":"IF(A86=TRUE,1,0)*IF(H86>0,H86,G86)*IF(AND(E86=0,F86=\"\"),1,E86)*SUMIF(PLANILHA_TAREFA[Cód. Tarefa],MID(B86,1,IF(ISERR(FIND(\".\",B86,1))=TRUE,LEN(B86),FIND(\".\",B86,1)-1)),PLANILHA_TAREFA[Quant.])","v":0},{"$f":"IF(F86=\"\",SUMIF(PLANILHA_TAREFA[Cód. Tarefa],\"=\"&B86&\".\"&\"*\",PLANILHA_TAREFA[Valor Parc.\nTotal]),0)","v":1278.8357526000004},{"$f":"SUMIF(PLANILHA_TAREFA[Cód. Tarefa],MID(B86,1,IF(ISERR(FIND(\".\",B86,1))=TRUE,LEN(B86),FIND(\".\",B86,1)-1)),PLANILHA_TAREFA[Quant.])","v":1},{"$f":"IF(F86=\"\",IF(SUMIF(PLANILHA_TAREFA[Cód. Tarefa],\"=\"&MID(B86,1,IF(ISEVEN(LEN(B86)),LEN(B86)-3,LEN(B86)-2))&\"*\",PLANILHA_TAREFA[Valor Parc.\nTotal])=0,0,K86/SUMIF(PLANILHA_TAREFA[Cód. Tarefa],\"=\"&MID(B86,1,IF(ISEVEN(LEN(B86)),LEN(B86)-3,LEN(B86)-2))&\"*\",PLANILHA_TAREFA[Valor Parc.\nTotal])),IF(SUMIF(PLANILHA_TAREFA[Cód. Tarefa],\"=\"&MID(B86,1,IF(ISEVEN(LEN(B86)),LEN(B86)-3,LEN(B86)-2))&\"*\",PLANILHA_TAREFA[Valor Parc.\nTotal])=0,0,J86/SUMIF(PLANILHA_TAREFA[Cód. Tarefa],\"=\"&MID(B86,1,IF(ISEVEN(LEN(B86)),LEN(B86)-3,LEN(B86)-2))&\"*\",PLANILHA_TAREFA[Valor Parc.\nTotal])))","v":2.0755588228973547E-2},0.23,0,{"$f":"IF(F86=\"\",SUMIF(PLANILHA_TAREFA[Cód. Tarefa],\"=\"&B86&\".\"&\"*\",PLANILHA_TAREFA[Valor Parc.\nTotal - BDI]),0)","v":1572.9679756980004}]
[true,"001.14.01","600246","INSTALACAO HIDRAULICA - ESGOTO INTERNO - PADRAO HABITACIONAL HM H02 (HM44)",1,"UN",301.86535000000003,0,{"$f":"IF(AND(J87>=0,E87<>\"\"),IF(K87=0,J87/SUMIF(PLANILHA_TAREFA[Cód. Tarefa],MID(B87,1,IF(ISERR(FIND(\".\",B87,1))=TRUE,LEN(B87),FIND(\".\",B87,1)-1)),PLANILHA_TAREFA[Quant.]),K87/E87),K87/SUMIF(PLANILHA_TAREFA[Cód. Tarefa],MID(B87,1,IF(ISERR(FIND(\".\",B87,1))=TRUE,LEN(B87),FIND(\".\",B87,1)-1)),PLANILHA_TAREFA[Quant.]))","v":301.86535000000003},{"$f":"IF(A87=TRUE,1,0)*IF(H87>0,H87,G87)*IF(AND(E87=0,F87=\"\"),1,E87)*SUMIF(PLANILHA_TAREFA[Cód. Tarefa],MID(B87,1,IF(ISERR(FIND(\".\",B87,1))=TRUE,LEN(B87),FIND(\".\",B87,1)-1)),PLANILHA_TAREFA[Quant.])","v":301.86535000000003},{"$f":"IF(F87=\"\",SUMIF(PLANILHA_TAREFA[Cód. Tarefa],\"=\"&B87&\".\"&\"*\",PLANILHA_TAREFA[Valor Parc.\nTotal]),0)","v":0},{"$f":"SUMIF(PLANILHA_TAREFA[Cód. Tarefa],MID(B87,1,IF(ISERR(FIND(\".\",B87,1))=TRUE,LEN(B87),FIND(\".\",B87,1)-1)),PLANILHA_TAREFA[Quant.])","v":1},{"$f":"IF(F87=\"\",IF(SUMIF(PLANILHA_TAREFA[Cód. Tarefa],\"=\"&MID(B87,1,IF(ISEVEN(LEN(B87)),LEN(B87)-3,LEN(B87)-2))&\"*\",PLANILHA_TAREFA[Valor Parc.\nTotal])=0,0,K87/SUMIF(PLANILHA_TAREFA[Cód. Tarefa],\"=\"&MID(B87,1,IF(ISEVEN(LEN(B87)),LEN(B87)-3,LEN(B87)-2))&\"*\",PLANILHA_TAREFA[Valor Parc.\nTotal])),IF(SUMIF(PLANILHA_TAREFA[Cód. Tarefa],\"=\"&MID(B87,1,IF(ISEVEN(LEN(B87)),LEN(B87)-3,LEN(B87)-2))&\"*\",PLANILHA_TAREFA[Valor Parc.\nTotal])=0,0,J87/SUMIF(PLANILHA_TAREFA[Cód. Tarefa],\"=\"&MID(B87,1,IF(ISEVEN(LEN(B87)),LEN(B87)-3,LEN(B87)-2))&\"*\",PLANILHA_TAREFA[Valor Parc.\nTotal])))","v":0.2360470055566383},0.23,371.29438050000005,{"$f":"IF(F87=\"\",SUMIF(PLANILHA_TAREFA[Cód. Tarefa],\"=\"&B87&\".\"&\"*\",PLANILHA_TAREFA[Valor Parc.\nTotal - BDI]),0)","v":0}]
[true,"001.14.02","600245","INSTALACAO HIDRAULICA - ESGOTO EXTERNO - PADRAO HABITACIONAL HM H02 (HM44)",1,"UN",675.56245460000025,0,{"$f":"IF(AND(J88>=0,E88<>\"\"),IF(K88=0,J88/SUMIF(PLANILHA_TAREFA[Cód. Tarefa],MID(B88,1,IF(ISERR(FIND(\".\",B88,1))=TRUE,LEN(B88),FIND(\".\",B88,1)-1)),PLANILHA_TAREFA[Quant.]),K88/E88),K88/SUMIF(PLANILHA_TAREFA[Cód. Tarefa],MID(B88,1,IF(ISERR(FIND(\".\",B88,1))=TRUE,LEN(B88),FIND(\".\",B88,1)-1)),PLANILHA_TAREFA[Quant.]))","v":675.56245460000025},{"$f":"IF(A88=TRUE,1,0)*IF(H88>0,H88,G88)*IF(AND(E88=0,F88=\"\"),1,E88)*SUMIF(PLANILHA_TAREFA[Cód. Tarefa],MID(B88,1,IF(ISERR(FIND(\".\",B88,1))=TRUE,LEN(B88),FIND(\".\",B88,1)-1)),PLANILHA_TAREFA[Quant.])","v":675.56245460000025},{"$f":"IF(F88=\"\",SUMIF(PLANILHA_TAREFA[Cód. Tarefa],\"=\"&B88&\".\"&\"*\",PLANILHA_TAREFA[Valor Parc.\nTotal]),0)","v":0},{"$f":"SUMIF(PLANILHA_TAREFA[Cód. Tarefa],MID(B88,1,IF(ISERR(FIND(\".\",B88,1))=TRUE,LEN(B88),FIND(\".\",B88,1)-1)),PLANILHA_TAREFA[Quant.])","v":1},{"$f":"IF(F88=\"\",IF(SUMIF(PLANILHA_TAREFA[Cód. Tarefa],\"=\"&MID(B88,1,IF(ISEVEN(LEN(B88)),LEN(B88)-3,LEN(B88)-2))&\"*\",PLANILHA_TAREFA[Valor Parc.\nTotal])=0,0,K88/SUMIF(PLANILHA_TAREFA[Cód. Tarefa],\"=\"&MID(B88,1,IF(ISEVEN(LEN(B88)),LEN(B88)-3,LEN(B88)-2))&\"*\",PLANILHA_TAREFA[Valor Parc.\nTotal])),IF(SUMIF(PLANILHA_TAREFA[Cód. Tarefa],\"=\"&MID(B88,1,IF(ISEVEN(LEN(B88)),LEN(B88)-3,LEN(B88)-2))&\"*\",PLANILHA_TAREFA[Valor Parc.\nTotal])=0,0,J88/SUMIF(PLANILHA_TAREFA[Cód. Tarefa],\"=\"&MID(B88,1,IF(ISEVEN(LEN(B88)),LEN(B88)-3,LEN(B88)-2))&\"*\",PLANILHA_TAREFA[Valor Parc.\nTotal])))","v":0.52826365952509113},0.23,830.94181915800027,{"$f":"IF(F88=\"\",SUMIF(PLANILHA_TAREFA[Cód. Tarefa],\"=\"&B88&\".\"&\"*\",PLANILHA_TAREFA[Valor Parc.\nTotal - BDI]),0)","v":0}]
[true,"001.14.03","611366","LIGACAO DOMICILIAR - ESGOTO SANITARIO",1,0,301.40794800000003,0,{"$f":"IF(AND(J89>=0,E89<>\"\"),IF(K89=0,J89/SUMIF(PLANILHA_TAREFA[Cód. Tarefa],MID(B89,1,IF(ISERR(FIND(\".\",B89,1))=TRUE,LEN(B89),FIND(\".\",B89,1)-1)),PLANILHA_TAREFA[Quant.]),K89/E89),K89/SUMIF(PLANILHA_TAREFA[Cód. Tarefa],MID(B89,1,IF(ISERR(FIND(\".\",B89,1))=TRUE,LEN(B89),FIND(\".\",B89,1)-1)),PLANILHA_TAREFA[Quant.]))","v":301.40794800000003},{"$f":"IF(A89=TRUE,1,0)*IF(H89>0,H89,G89)*IF(AND(E89=0,F89=\"\"),1,E89)*SUMIF(PLANILHA_TAREFA[Cód. Tarefa],MID(B89,1,IF(ISERR(FIND(\".\",B89,1))=TRUE,LEN(B89),FIND(\".\",B89,1)-1)),PLANILHA_TAREFA[Quant.])","v":301.40794800000003},{"$f":"IF(F89=\"\",SUMIF(PLANILHA_TAREFA[Cód. Tarefa],\"=\"&B89&\".\"&\"*\",PLANILHA_TAREFA[Valor Parc.\nTotal]),0)","v":0},{"$f":"SUMIF(PLANILHA_TAREFA[Cód. Tarefa],MID(B89,1,IF(ISERR(FIND(\".\",B89,1))=TRUE,LEN(B89),FIND(\".\",B89,1)-1)),PLANILHA_TAREFA[Quant.])","v":1},{"$f":"IF(F89=\"\",IF(SUMIF(PLANILHA_TAREFA[Cód. Tarefa],\"=\"&MID(B89,1,IF(ISEVEN(LEN(B89)),LEN(B89)-3,LEN(B89)-2))&\"*\",PLANILHA_TAREFA[Valor Parc.\nTotal])=0,0,K89/SUMIF(PLANILHA_TAREFA[Cód. Tarefa],\"=\"&MID(B89,1,IF(ISEVEN(LEN(B89)),LEN(B89)-3,LEN(B89)-2))&\"*\",PLANILHA_TAREFA[Valor Parc.\nTotal])),IF(SUMIF(PLANILHA_TAREFA[Cód. Tarefa],\"=\"&MID(B89,1,IF(ISEVEN(LEN(B89)),LEN(B89)-3,LEN(B89)-2))&\"*\",PLANILHA_TAREFA[Valor Parc.\nTotal])=0,0,J89/SUMIF(PLANILHA_TAREFA[Cód. Tarefa],\"=\"&MID(B89,1,IF(ISEVEN(LEN(B89)),LEN(B89)-3,LEN(B89)-2))&\"*\",PLANILHA_TAREFA[Valor Parc.\nTotal])))","v":0.23568933491827052},0.23,370.73177604000006,{"$f":"IF(F89=\"\",SUMIF(PLANILHA_TAREFA[Cód. Tarefa],\"=\"&B89&\".\"&\"*\",PLANILHA_TAREFA[Valor Parc.\nTotal - BDI]),0)","v":0}]
[true,"001.15",null,"INSTALACOES P/ AGUA PLUVIAL",null,null,0,0,{"$f":"IF(AND(J90>=0,E90<>\"\"),IF(K90=0,J90/SUMIF(PLANILHA_TAREFA[Cód. Tarefa],MID(B90,1,IF(ISERR(FIND(\".\",B90,1))=TRUE,LEN(B90),FIND(\".\",B90,1)-1)),PLANILHA_TAREFA[Quant.]),K90/E90),K90/SUMIF(PLANILHA_TAREFA[Cód. Tarefa],MID(B90,1,IF(ISERR(FIND(\".\",B90,1))=TRUE,LEN(B90),FIND(\".\",B90,1)-1)),PLANILHA_TAREFA[Quant.]))","v":2130.5460273999997},{"$f":"IF(A90=TRUE,1,0)*IF(H90>0,H90,G90)*IF(AND(E90=0,F90=\"\"),1,E90)*SUMIF(PLANILHA_TAREFA[Cód. Tarefa],MID(B90,1,IF(ISERR(FIND(\".\",B90,1))=TRUE,LEN(B90),FIND(\".\",B90,1)-1)),PLANILHA_TAREFA[Quant.])","v":0},{"$f":"IF(F90=\"\",SUMIF(PLANILHA_TAREFA[Cód. Tarefa],\"=\"&B90&\".\"&\"*\",PLANILHA_TAREFA[Valor Parc.\nTotal]),0)","v":2130.5460273999997},{"$f":"SUMIF(PLANILHA_TAREFA[Cód. Tarefa],MID(B90,1,IF(ISERR(FIND(\".\",B90,1))=TRUE,LEN(B90),FIND(\".\",B90,1)-1)),PLANILHA_TAREFA[Quant.])","v":1},{"$f":"IF(F90=\"\",IF(SUMIF(PLANILHA_TAREFA[Cód. Tarefa],\"=\"&MID(B90,1,IF(ISEVEN(LEN(B90)),LEN(B90)-3,LEN(B90)-2))&\"*\",PLANILHA_TAREFA[Valor Parc.\nTotal])=0,0,K90/SUMIF(PLANILHA_TAREFA[Cód. Tarefa],\"=\"&MID(B90,1,IF(ISEVEN(LEN(B90)),LEN(B90)-3,LEN(B90)-2))&\"*\",PLANILHA_TAREFA[Valor Parc.\nTotal])),IF(SUMIF(PLANILHA_TAREFA[Cód. Tarefa],\"=\"&MID(B90,1,IF(ISEVEN(LEN(B90)),LEN(B90)-3,LEN(B90)-2))&\"*\",PLANILHA_TAREFA[Valor Parc.\nTotal])=0,0,J90/SUMIF(PLANILHA_TAREFA[Cód. Tarefa],\"=\"&MID(B90,1,IF(ISEVEN(LEN(B90)),LEN(B90)-3,LEN(B90)-2))&\"*\",PLANILHA_TAREFA[Valor Parc.\nTotal])))","v":3.4578901909556897E-2},0.23,0,{"$f":"IF(F90=\"\",SUMIF(PLANILHA_TAREFA[Cód. Tarefa],\"=\"&B90&\".\"&\"*\",PLANILHA_TAREFA[Valor Parc.\nTotal - BDI]),0)","v":2620.5716137019999}]
[true,"001.15.01","152030","TUBO PVC BRANCO 100 MM - ESGOTO",43.75,"MT",13.23902,0,{"$f":"IF(AND(J91>=0,E91<>\"\"),IF(K91=0,J91/SUMIF(PLANILHA_TAREFA[Cód. Tarefa],MID(B91,1,IF(ISERR(FIND(\".\",B91,1))=TRUE,LEN(B91),FIND(\".\",B91,1)-1)),PLANILHA_TAREFA[Quant.]),K91/E91),K91/SUMIF(PLANILHA_TAREFA[Cód. Tarefa],MID(B91,1,IF(ISERR(FIND(\".\",B91,1))=TRUE,LEN(B91),FIND(\".\",B91,1)-1)),PLANILHA_TAREFA[Quant.]))","v":579.20712500000002},{"$f":"IF(A91=TRUE,1,0)*IF(H91>0,H91,G91)*IF(AND(E91=0,F91=\"\"),1,E91)*SUMIF(PLANILHA_TAREFA[Cód. Tarefa],MID(B91,1,IF(ISERR(FIND(\".\",B91,1))=TRUE,LEN(B91),FIND(\".\",B91,1)-1)),PLANILHA_TAREFA[Quant.])","v":579.20712500000002},{"$f":"IF(F91=\"\",SUMIF(PLANILHA_TAREFA[Cód. Tarefa],\"=\"&B91&\".\"&\"*\",PLANILHA_TAREFA[Valor Parc.\nTotal]),0)","v":0},{"$f":"SUMIF(PLANILHA_TAREFA[Cód. Tarefa],MID(B91,1,IF(ISERR(FIND(\".\",B91,1))=TRUE,LEN(B91),FIND(\".\",B91,1)-1)),PLANILHA_TAREFA[Quant.])","v":1},{"$f":"IF(F91=\"\",IF(SUMIF(PLANILHA_TAREFA[Cód. Tarefa],\"=\"&MID(B91,1,IF(ISEVEN(LEN(B91)),LEN(B91)-3,LEN(B91)-2))&\"*\",PLANILHA_TAREFA[Valor Parc.\nTotal])=0,0,K91/SUMIF(PLANILHA_TAREFA[Cód. Tarefa],\"=\"&MID(B91,1,IF(ISEVEN(LEN(B91)),LEN(B91)-3,LEN(B91)-2))&\"*\",PLANILHA_TAREFA[Valor Parc.\nTotal])),IF(SUMIF(PLANILHA_TAREFA[Cód. Tarefa],\"=\"&MID(B91,1,IF(ISEVEN(LEN(B91)),LEN(B91)-3,LEN(B91)-2))&\"*\",PLANILHA_TAREFA[Valor Parc.\nTotal])=0,0,J91/SUMIF(PLANILHA_TAREFA[Cód. Tarefa],\"=\"&MID(B91,1,IF(ISEVEN(LEN(B91)),LEN(B91)-3,LEN(B91)-2))&\"*\",PLANILHA_TAREFA[Valor Parc.\nTotal])))","v":0.27185853652119041},0.23,712.42476375000001,{"$f":"IF(F91=\"\",SUMIF(PLANILHA_TAREFA[Cód. Tarefa],\"=\"&B91&\".\"&\"*\",PLANILHA_TAREFA[Valor Parc.\nTotal - BDI]),0)","v":0}]
[true,"001.15.02","400843","CAIXA DE INSPECAO EM ALVENARIA DE TIJOLO COMUM - 060 X 060 X 070 CM - ESGOTO / AGUAS PLUVIAIS",4,"UN",387.83472559999996,0,{"$f":"IF(AND(J92>=0,E92<>\"\"),IF(K92=0,J92/SUMIF(PLANILHA_TAREFA[Cód. Tarefa],MID(B92,1,IF(ISERR(FIND(\".\",B92,1))=TRUE,LEN(B92),FIND(\".\",B92,1)-1)),PLANILHA_TAREFA[Quant.]),K92/E92),K92/SUMIF(PLANILHA_TAREFA[Cód. Tarefa],MID(B92,1,IF(ISERR(FIND(\".\",B92,1))=TRUE,LEN(B92),FIND(\".\",B92,1)-1)),PLANILHA_TAREFA[Quant.]))","v":1551.3389023999998},{"$f":"IF(A92=TRUE,1,0)*IF(H92>0,H92,G92)*IF(AND(E92=0,F92=\"\"),1,E92)*SUMIF(PLANILHA_TAREFA[Cód. Tarefa],MID(B92,1,IF(ISERR(FIND(\".\",B92,1))=TRUE,LEN(B92),FIND(\".\",B92,1)-1)),PLANILHA_TAREFA[Quant.])","v":1551.3389023999998},{"$f":"IF(F92=\"\",SUMIF(PLANILHA_TAREFA[Cód. Tarefa],\"=\"&B92&\".\"&\"*\",PLANILHA_TAREFA[Valor Parc.\nTotal]),0)","v":0},{"$f":"SUMIF(PLANILHA_TAREFA[Cód. Tarefa],MID(B92,1,IF(ISERR(FIND(\".\",B92,1))=TRUE,LEN(B92),FIND(\".\",B92,1)-1)),PLANILHA_TAREFA[Quant.])","v":1},{"$f":"IF(F92=\"\",IF(SUMIF(PLANILHA_TAREFA[Cód. Tarefa],\"=\"&MID(B92,1,IF(ISEVEN(LEN(B92)),LEN(B92)-3,LEN(B92)-2))&\"*\",PLANILHA_TAREFA[Valor Parc.\nTotal])=0,0,K92/SUMIF(PLANILHA_TAREFA[Cód. Tarefa],\"=\"&MID(B92,1,IF(ISEVEN(LEN(B92)),LEN(B92)-3,LEN(B92)-2))&\"*\",PLANILHA_TAREFA[Valor Parc.\nTotal])),IF(SUMIF(PLANILHA_TAREFA[Cód. Tarefa],\"=\"&MID(B92,1,IF(ISEVEN(LEN(B92)),LEN(B92)-3,LEN(B92)-2))&\"*\",PLANILHA_TAREFA[Valor Parc.\nTotal])=0,0,J92/SUMIF(PLANILHA_TAREFA[Cód. Tarefa],\"=\"&MID(B92,1,IF(ISEVEN(LEN(B92)),LEN(B92)-3,LEN(B92)-2))&\"*\",PLANILHA_TAREFA[Valor Parc.\nTotal])))","v":0.72814146347880959},0.23,1908.1468499519997,{"$f":"IF(F92=\"\",SUMIF(PLANILHA_TAREFA[Cód. Tarefa],\"=\"&B92&\".\"&\"*\",PLANILHA_TAREFA[Valor Parc.\nTotal - BDI]),0)","v":0}]
[true,"001.16",null,"LOUCAS",null,null,0,0,{"$f":"IF(AND(J93>=0,E93<>\"\"),IF(K93=0,J93/SUMIF(PLANILHA_TAREFA[Cód. Tarefa],MID(B93,1,IF(ISERR(FIND(\".\",B93,1))=TRUE,LEN(B93),FIND(\".\",B93,1)-1)),PLANILHA_TAREFA[Quant.]),K93/E93),K93/SUMIF(PLANILHA_TAREFA[Cód. Tarefa],MID(B93,1,IF(ISERR(FIND(\".\",B93,1))=TRUE,LEN(B93),FIND(\".\",B93,1)-1)),PLANILHA_TAREFA[Quant.]))","v":1146.4154599999999},{"$f":"IF(A93=TRUE,1,0)*IF(H93>0,H93,G93)*IF(AND(E93=0,F93=\"\"),1,E93)*SUMIF(PLANILHA_TAREFA[Cód. Tarefa],MID(B93,1,IF(ISERR(FIND(\".\",B93,1))=TRUE,LEN(B93),FIND(\".\",B93,1)-1)),PLANILHA_TAREFA[Quant.])","v":0},{"$f":"IF(F93=\"\",SUMIF(PLANILHA_TAREFA[Cód. Tarefa],\"=\"&B93&\".\"&\"*\",PLANILHA_TAREFA[Valor Parc.\nTotal]),0)","v":1146.4154599999999},{"$f":"SUMIF(PLANILHA_TAREFA[Cód. Tarefa],MID(B93,1,IF(ISERR(FIND(\".\",B93,1))=TRUE,LEN(B93),FIND(\".\",B93,1)-1)),PLANILHA_TAREFA[Quant.])","v":1},{"$f":"IF(F93=\"\",IF(SUMIF(PLANILHA_TAREFA[Cód. Tarefa],\"=\"&MID(B93,1,IF(ISEVEN(LEN(B93)),LEN(B93)-3,LEN(B93)-2))&\"*\",PLANILHA_TAREFA[Valor Parc.\nTotal])=0,0,K93/SUMIF(PLANILHA_TAREFA[Cód. Tarefa],\"=\"&MID(B93,1,IF(ISEVEN(LEN(B93)),LEN(B93)-3,LEN(B93)-2))&\"*\",PLANILHA_TAREFA[Valor Parc.\nTotal])),IF(SUMIF(PLANILHA_TAREFA[Cód. Tarefa],\"=\"&MID(B93,1,IF(ISEVEN(LEN(B93)),LEN(B93)-3,LEN(B93)-2))&\"*\",PLANILHA_TAREFA[Valor Parc.\nTotal])=0,0,J93/SUMIF(PLANILHA_TAREFA[Cód. Tarefa],\"=\"&MID(B93,1,IF(ISEVEN(LEN(B93)),LEN(B93)-3,LEN(B93)-2))&\"*\",PLANILHA_TAREFA[Valor Parc.\nTotal])))","v":1.8606398185781598E-2},0.23,0,{"$f":"IF(F93=\"\",SUMIF(PLANILHA_TAREFA[Cód. Tarefa],\"=\"&B93&\".\"&\"*\",PLANILHA_TAREFA[Valor Parc.\nTotal - BDI]),0)","v":1410.0910158000002}]
[true,"001.16.01","151290","BACIA SANITARIA C/ CAIXA ACOPLADA - PADRAO BAIXO",1,"UN",307.81562999999994,0,{"$f":"IF(AND(J94>=0,E94<>\"\"),IF(K94=0,J94/SUMIF(PLANILHA_TAREFA[Cód. Tarefa],MID(B94,1,IF(ISERR(FIND(\".\",B94,1))=TRUE,LEN(B94),FIND(\".\",B94,1)-1)),PLANILHA_TAREFA[Quant.]),K94/E94),K94/SUMIF(PLANILHA_TAREFA[Cód. Tarefa],MID(B94,1,IF(ISERR(FIND(\".\",B94,1))=TRUE,LEN(B94),FIND(\".\",B94,1)-1)),PLANILHA_TAREFA[Quant.]))","v":307.81562999999994},{"$f":"IF(A94=TRUE,1,0)*IF(H94>0,H94,G94)*IF(AND(E94=0,F94=\"\"),1,E94)*SUMIF(PLANILHA_TAREFA[Cód. Tarefa],MID(B94,1,IF(ISERR(FIND(\".\",B94,1))=TRUE,LEN(B94),FIND(\".\",B94,1)-1)),PLANILHA_TAREFA[Quant.])","v":307.81562999999994},{"$f":"IF(F94=\"\",SUMIF(PLANILHA_TAREFA[Cód. Tarefa],\"=\"&B94&\".\"&\"*\",PLANILHA_TAREFA[Valor Parc.\nTotal]),0)","v":0},{"$f":"SUMIF(PLANILHA_TAREFA[Cód. Tarefa],MID(B94,1,IF(ISERR(FIND(\".\",B94,1))=TRUE,LEN(B94),FIND(\".\",B94,1)-1)),PLANILHA_TAREFA[Quant.])","v":1},{"$f":"IF(F94=\"\",IF(SUMIF(PLANILHA_TAREFA[Cód. Tarefa],\"=\"&MID(B94,1,IF(ISEVEN(LEN(B94)),LEN(B94)-3,LEN(B94)-2))&\"*\",PLANILHA_TAREFA[Valor Parc.\nTotal])=0,0,K94/SUMIF(PLANILHA_TAREFA[Cód. Tarefa],\"=\"&MID(B94,1,IF(ISEVEN(LEN(B94)),LEN(B94)-3,LEN(B94)-2))&\"*\",PLANILHA_TAREFA[Valor Parc.\nTotal])),IF(SUMIF(PLANILHA_TAREFA[Cód. Tarefa],\"=\"&MID(B94,1,IF(ISEVEN(LEN(B94)),LEN(B94)-3,LEN(B94)-2))&\"*\",PLANILHA_TAREFA[Valor Parc.\nTotal])=0,0,J94/SUMIF(PLANILHA_TAREFA[Cód. Tarefa],\"=\"&MID(B94,1,IF(ISEVEN(LEN(B94)),LEN(B94)-3,LEN(B94)-2))&\"*\",PLANILHA_TAREFA[Valor Parc.\nTotal])))","v":0.26850268575408076},0.23,378.61322489999992,{"$f":"IF(F94=\"\",SUMIF(PLANILHA_TAREFA[Cód. Tarefa],\"=\"&B94&\".\"&\"*\",PLANILHA_TAREFA[Valor Parc.\nTotal - BDI]),0)","v":0}]
[true,"001.16.02","155281","LAVATORIO DE LOUCA C/ COLUNA - BRANCO",1,"UN",140.50563000000002,0,{"$f":"IF(AND(J95>=0,E95<>\"\"),IF(K95=0,J95/SUMIF(PLANILHA_TAREFA[Cód. Tarefa],MID(B95,1,IF(ISERR(FIND(\".\",B95,1))=TRUE,LEN(B95),FIND(\".\",B95,1)-1)),PLANILHA_TAREFA[Quant.]),K95/E95),K95/SUMIF(PLANILHA_TAREFA[Cód. Tarefa],MID(B95,1,IF(ISERR(FIND(\".\",B95,1))=TRUE,LEN(B95),FIND(\".\",B95,1)-1)),PLANILHA_TAREFA[Quant.]))","v":140.50563000000002},{"$f":"IF(A95=TRUE,1,0)*IF(H95>0,H95,G95)*IF(AND(E95=0,F95=\"\"),1,E95)*SUMIF(PLANILHA_TAREFA[Cód. Tarefa],MID(B95,1,IF(ISERR(FIND(\".\",B95,1))=TRUE,LEN(B95),FIND(\".\",B95,1)-1)),PLANILHA_TAREFA[Quant.])","v":140.50563000000002},{"$f":"IF(F95=\"\",SUMIF(PLANILHA_TAREFA[Cód. Tarefa],\"=\"&B95&\".\"&\"*\",PLANILHA_TAREFA[Valor Parc.\nTotal]),0)","v":0},{"$f":"SUMIF(PLANILHA_TAREFA[Cód. Tarefa],MID(B95,1,IF(ISERR(FIND(\".\",B95,1))=TRUE,LEN(B95),FIND(\".\",B95,1)-1)),PLANILHA_TAREFA[Quant.])","v":1},{"$f":"IF(F95=\"\",IF(SUMIF(PLANILHA_TAREFA[Cód. Tarefa],\"=\"&MID(B95,1,IF(ISEVEN(LEN(B95)),LEN(B95)-3,LEN(B95)-2))&\"*\",PLANILHA_TAREFA[Valor Parc.\nTotal])=0,0,K95/SUMIF(PLANILHA_TAREFA[Cód. Tarefa],\"=\"&MID(B95,1,IF(ISEVEN(LEN(B95)),LEN(B95)-3,LEN(B95)-2))&\"*\",PLANILHA_TAREFA[Valor Parc.\nTotal])),IF(SUMIF(PLANILHA_TAREFA[Cód. Tarefa],\"=\"&MID(B95,1,IF(ISEVEN(LEN(B95)),LEN(B95)-3,LEN(B95)-2))&\"*\",PLANILHA_TAREFA[Valor Parc.\nTotal])=0,0,J95/SUMIF(PLANILHA_TAREFA[Cód. Tarefa],\"=\"&MID(B95,1,IF(ISEVEN(LEN(B95)),LEN(B95)-3,LEN(B95)-2))&\"*\",PLANILHA_TAREFA[Valor Parc.\nTotal])))","v":0.12256082973619357},0.23,172.82192490000003,{"$f":"IF(F95=\"\",SUMIF(PLANILHA_TAREFA[Cód. Tarefa],\"=\"&B95&\".\"&\"*\",PLANILHA_TAREFA[Valor Parc.\nTotal - BDI]),0)","v":0}]
[true,"001.16.03","500262","TANQUE DE MARMORE SINTETICO",1,"UN",210.11699999999999,0,{"$f":"IF(AND(J96>=0,E96<>\"\"),IF(K96=0,J96/SUMIF(PLANILHA_TAREFA[Cód. Tarefa],MID(B96,1,IF(ISERR(FIND(\".\",B96,1))=TRUE,LEN(B96),FIND(\".\",B96,1)-1)),PLANILHA_TAREFA[Quant.]),K96/E96),K96/SUMIF(PLANILHA_TAREFA[Cód. Tarefa],MID(B96,1,IF(ISERR(FIND(\".\",B96,1))=TRUE,LEN(B96),FIND(\".\",B96,1)-1)),PLANILHA_TAREFA[Quant.]))","v":210.11699999999999},{"$f":"IF(A96=TRUE,1,0)*IF(H96>0,H96,G96)*IF(AND(E96=0,F96=\"\"),1,E96)*SUMIF(PLANILHA_TAREFA[Cód. Tarefa],MID(B96,1,IF(ISERR(FIND(\".\",B96,1))=TRUE,LEN(B96),FIND(\".\",B96,1)-1)),PLANILHA_TAREFA[Quant.])","v":210.11699999999999},{"$f":"IF(F96=\"\",SUMIF(PLANILHA_TAREFA[Cód. Tarefa],\"=\"&B96&\".\"&\"*\",PLANILHA_TAREFA[Valor Parc.\nTotal]),0)","v":0},{"$f":"SUMIF(PLANILHA_TAREFA[Cód. Tarefa],MID(B96,1,IF(ISERR(FIND(\".\",B96,1))=TRUE,LEN(B96),FIND(\".\",B96,1)-1)),PLANILHA_TAREFA[Quant.])","v":1},{"$f":"IF(F96=\"\",IF(SUMIF(PLANILHA_TAREFA[Cód. Tarefa],\"=\"&MID(B96,1,IF(ISEVEN(LEN(B96)),LEN(B96)-3,LEN(B96)-2))&\"*\",PLANILHA_TAREFA[Valor Parc.\nTotal])=0,0,K96/SUMIF(PLANILHA_TAREFA[Cód. Tarefa],\"=\"&MID(B96,1,IF(ISEVEN(LEN(B96)),LEN(B96)-3,LEN(B96)-2))&\"*\",PLANILHA_TAREFA[Valor Parc.\nTotal])),IF(SUMIF(PLANILHA_TAREFA[Cód. Tarefa],\"=\"&MID(B96,1,IF(ISEVEN(LEN(B96)),LEN(B96)-3,LEN(B96)-2))&\"*\",PLANILHA_TAREFA[Valor Parc.\nTotal])=0,0,J96/SUMIF(PLANILHA_TAREFA[Cód. Tarefa],\"=\"&MID(B96,1,IF(ISEVEN(LEN(B96)),LEN(B96)-3,LEN(B96)-2))&\"*\",PLANILHA_TAREFA[Valor Parc.\nTotal])))","v":0.18328172231731768},0.23,258.44390999999996,{"$f":"IF(F96=\"\",SUMIF(PLANILHA_TAREFA[Cód. Tarefa],\"=\"&B96&\".\"&\"*\",PLANILHA_TAREFA[Valor Parc.\nTotal - BDI]),0)","v":0}]
[true,"001.16.04","500058","PIA DE GRANITO 1,20 X 0,60 M C/ CUBA DE INOX",1,"UN",300.19049999999999,0,{"$f":"IF(AND(J97>=0,E97<>\"\"),IF(K97=0,J97/SUMIF(PLANILHA_TAREFA[Cód. Tarefa],MID(B97,1,IF(ISERR(FIND(\".\",B97,1))=TRUE,LEN(B97),FIND(\".\",B97,1)-1)),PLANILHA_TAREFA[Quant.]),K97/E97),K97/SUMIF(PLANILHA_TAREFA[Cód. Tarefa],MID(B97,1,IF(ISERR(FIND(\".\",B97,1))=TRUE,LEN(B97),FIND(\".\",B97,1)-1)),PLANILHA_TAREFA[Quant.]))","v":300.19049999999999},{"$f":"IF(A97=TRUE,1,0)*IF(H97>0,H97,G97)*IF(AND(E97=0,F97=\"\"),1,E97)*SUMIF(PLANILHA_TAREFA[Cód. Tarefa],MID(B97,1,IF(ISERR(FIND(\".\",B97,1))=TRUE,LEN(B97),FIND(\".\",B97,1)-1)),PLANILHA_TAREFA[Quant.])","v":300.19049999999999},{"$f":"IF(F97=\"\",SUMIF(PLANILHA_TAREFA[Cód. Tarefa],\"=\"&B97&\".\"&\"*\",PLANILHA_TAREFA[Valor Parc.\nTotal]),0)","v":0},{"$f":"SUMIF(PLANILHA_TAREFA[Cód. Tarefa],MID(B97,1,IF(ISERR(FIND(\".\",B97,1))=TRUE,LEN(B97),FIND(\".\",B97,1)-1)),PLANILHA_TAREFA[Quant.])","v":1},{"$f":"IF(F97=\"\",IF(SUMIF(PLANILHA_TAREFA[Cód. Tarefa],\"=\"&MID(B97,1,IF(ISEVEN(LEN(B97)),LEN(B97)-3,LEN(B97)-2))&\"*\",PLANILHA_TAREFA[Valor Parc.\nTotal])=0,0,K97/SUMIF(PLANILHA_TAREFA[Cód. Tarefa],\"=\"&MID(B97,1,IF(ISEVEN(LEN(B97)),LEN(B97)-3,LEN(B97)-2))&\"*\",PLANILHA_TAREFA[Valor Parc.\nTotal])),IF(SUMIF(PLANILHA_TAREFA[Cód. Tarefa],\"=\"&MID(B97,1,IF(ISEVEN(LEN(B97)),LEN(B97)-3,LEN(B97)-2))&\"*\",PLANILHA_TAREFA[Valor Parc.\nTotal])=0,0,J97/SUMIF(PLANILHA_TAREFA[Cód. Tarefa],\"=\"&MID(B97,1,IF(ISEVEN(LEN(B97)),LEN(B97)-3,LEN(B97)-2))&\"*\",PLANILHA_TAREFA[Valor Parc.\nTotal])))","v":0.26185140594667139},0.23,369.23431499999998,{"$f":"IF(F97=\"\",SUMIF(PLANILHA_TAREFA[Cód. Tarefa],\"=\"&B97&\".\"&\"*\",PLANILHA_TAREFA[Valor Parc.\nTotal - BDI]),0)","v":0}]
[true,"001.16.05","401514","TORNEIRA P/LAVATORIO CROMADA",1,"UN",23.765699999999999,0,{"$f":"IF(AND(J98>=0,E98<>\"\"),IF(K98=0,J98/SUMIF(PLANILHA_TAREFA[Cód. Tarefa],MID(B98,1,IF(ISERR(FIND(\".\",B98,1))=TRUE,LEN(B98),FIND(\".\",B98,1)-1)),PLANILHA_TAREFA[Quant.]),K98/E98),K98/SUMIF(PLANILHA_TAREFA[Cód. Tarefa],MID(B98,1,IF(ISERR(FIND(\".\",B98,1))=TRUE,LEN(B98),FIND(\".\",B98,1)-1)),PLANILHA_TAREFA[Quant.]))","v":23.765699999999999},{"$f":"IF(A98=TRUE,1,0)*IF(H98>0,H98,G98)*IF(AND(E98=0,F98=\"\"),1,E98)*SUMIF(PLANILHA_TAREFA[Cód. Tarefa],MID(B98,1,IF(ISERR(FIND(\".\",B98,1))=TRUE,LEN(B98),FIND(\".\",B98,1)-1)),PLANILHA_TAREFA[Quant.])","v":23.765699999999999},{"$f":"IF(F98=\"\",SUMIF(PLANILHA_TAREFA[Cód. Tarefa],\"=\"&B98&\".\"&\"*\",PLANILHA_TAREFA[Valor Parc.\nTotal]),0)","v":0},{"$f":"SUMIF(PLANILHA_TAREFA[Cód. Tarefa],MID(B98,1,IF(ISERR(FIND(\".\",B98,1))=TRUE,LEN(B98),FIND(\".\",B98,1)-1)),PLANILHA_TAREFA[Quant.])","v":1},{"$f":"IF(F98=\"\",IF(SUMIF(PLANILHA_TAREFA[Cód. Tarefa],\"=\"&MID(B98,1,IF(ISEVEN(LEN(B98)),LEN(B98)-3,LEN(B98)-2))&\"*\",PLANILHA_TAREFA[Valor Parc.\nTotal])=0,0,K98/SUMIF(PLANILHA_TAREFA[Cód. Tarefa],\"=\"&MID(B98,1,IF(ISEVEN(LEN(B98)),LEN(B98)-3,LEN(B98)-2))&\"*\",PLANILHA_TAREFA[Valor Parc.\nTotal])),IF(SUMIF(PLANILHA_TAREFA[Cód. Tarefa],\"=\"&MID(B98,1,IF(ISEVEN(LEN(B98)),LEN(B98)-3,LEN(B98)-2))&\"*\",PLANILHA_TAREFA[Valor Parc.\nTotal])=0,0,J98/SUMIF(PLANILHA_TAREFA[Cód. Tarefa],\"=\"&MID(B98,1,IF(ISEVEN(LEN(B98)),LEN(B98)-3,LEN(B98)-2))&\"*\",PLANILHA_TAREFA[Valor Parc.\nTotal])))","v":2.0730442696577034E-2},0.23,29.231810999999997,{"$f":"IF(F98=\"\",SUMIF(PLANILHA_TAREFA[Cód. Tarefa],\"=\"&B98&\".\"&\"*\",PLANILHA_TAREFA[Valor Parc.\nTotal - BDI]),0)","v":0}]
[true,"001.16.06","401702","TORNEIRA CROMADA CURTA P/TANQUE 3/4''",1,"UN",19.765699999999999,0,{"$f":"IF(AND(J99>=0,E99<>\"\"),IF(K99=0,J99/SUMIF(PLANILHA_TAREFA[Cód. Tarefa],MID(B99,1,IF(ISERR(FIND(\".\",B99,1))=TRUE,LEN(B99),FIND(\".\",B99,1)-1)),PLANILHA_TAREFA[Quant.]),K99/E99),K99/SUMIF(PLANILHA_TAREFA[Cód. Tarefa],MID(B99,1,IF(ISERR(FIND(\".\",B99,1))=TRUE,LEN(B99),FIND(\".\",B99,1)-1)),PLANILHA_TAREFA[Quant.]))","v":19.765699999999999},{"$f":"IF(A99=TRUE,1,0)*IF(H99>0,H99,G99)*IF(AND(E99=0,F99=\"\"),1,E99)*SUMIF(PLANILHA_TAREFA[Cód. Tarefa],MID(B99,1,IF(ISERR(FIND(\".\",B99,1))=TRUE,LEN(B99),FIND(\".\",B99,1)-1)),PLANILHA_TAREFA[Quant.])","v":19.765699999999999},{"$f":"IF(F99=\"\",SUMIF(PLANILHA_TAREFA[Cód. Tarefa],\"=\"&B99&\".\"&\"*\",PLANILHA_TAREFA[Valor Parc.\nTotal]),0)","v":0},{"$f":"SUMIF(PLANILHA_TAREFA[Cód. Tarefa],MID(B99,1,IF(ISERR(FIND(\".\",B99,1))=TRUE,LEN(B99),FIND(\".\",B99,1)-1)),PLANILHA_TAREFA[Quant.])","v":1},{"$f":"IF(F99=\"\",IF(SUMIF(PLANILHA_TAREFA[Cód. Tarefa],\"=\"&MID(B99,1,IF(ISEVEN(LEN(B99)),LEN(B99)-3,LEN(B99)-2))&\"*\",PLANILHA_TAREFA[Valor Parc.\nTotal])=0,0,K99/SUMIF(PLANILHA_TAREFA[Cód. Tarefa],\"=\"&MID(B99,1,IF(ISEVEN(LEN(B99)),LEN(B99)-3,LEN(B99)-2))&\"*\",PLANILHA_TAREFA[Valor Parc.\nTotal])),IF(SUMIF(PLANILHA_TAREFA[Cód. Tarefa],\"=\"&MID(B99,1,IF(ISEVEN(LEN(B99)),LEN(B99)-3,LEN(B99)-2))&\"*\",PLANILHA_TAREFA[Valor Parc.\nTotal])=0,0,J99/SUMIF(PLANILHA_TAREFA[Cód. Tarefa],\"=\"&MID(B99,1,IF(ISEVEN(LEN(B99)),LEN(B99)-3,LEN(B99)-2))&\"*\",PLANILHA_TAREFA[Valor Parc.\nTotal])))","v":1.7241306218951372E-2},0.23,24.311810999999999,{"$f":"IF(F99=\"\",SUMIF(PLANILHA_TAREFA[Cód. Tarefa],\"=\"&B99&\".\"&\"*\",PLANILHA_TAREFA[Valor Parc.\nTotal - BDI]),0)","v":0}]
[true,"001.16.07","401513","TORNEIRA CROMADA P/ PIA DE COZINHA 1/2''",1,"UN",31.715699999999998,0,{"$f":"IF(AND(J100>=0,E100<>\"\"),IF(K100=0,J100/SUMIF(PLANILHA_TAREFA[Cód. Tarefa],MID(B100,1,IF(ISERR(FIND(\".\",B100,1))=TRUE,LEN(B100),FIND(\".\",B100,1)-1)),PLANILHA_TAREFA[Quant.]),K100/E100),K100/SUMIF(PLANILHA_TAREFA[Cód. Tarefa],MID(B100,1,IF(ISERR(FIND(\".\",B100,1))=TRUE,LEN(B100),FIND(\".\",B100,1)-1)),PLANILHA_TAREFA[Quant.]))","v":31.715699999999998},{"$f":"IF(A100=TRUE,1,0)*IF(H100>0,H100,G100)*IF(AND(E100=0,F100=\"\"),1,E100)*SUMIF(PLANILHA_TAREFA[Cód. Tarefa],MID(B100,1,IF(ISERR(FIND(\".\",B100,1))=TRUE,LEN(B100),FIND(\".\",B100,1)-1)),PLANILHA_TAREFA[Quant.])","v":31.715699999999998},{"$f":"IF(F100=\"\",SUMIF(PLANILHA_TAREFA[Cód. Tarefa],\"=\"&B100&\".\"&\"*\",PLANILHA_TAREFA[Valor Parc.\nTotal]),0)","v":0},{"$f":"SUMIF(PLANILHA_TAREFA[Cód. Tarefa],MID(B100,1,IF(ISERR(FIND(\".\",B100,1))=TRUE,LEN(B100),FIND(\".\",B100,1)-1)),PLANILHA_TAREFA[Quant.])","v":1},{"$f":"IF(F100=\"\",IF(SUMIF(PLANILHA_TAREFA[Cód. Tarefa],\"=\"&MID(B100,1,IF(ISEVEN(LEN(B100)),LEN(B100)-3,LEN(B100)-2))&\"*\",PLANILHA_TAREFA[Valor Parc.\nTotal])=0,0,K100/SUMIF(PLANILHA_TAREFA[Cód. Tarefa],\"=\"&MID(B100,1,IF(ISEVEN(LEN(B100)),LEN(B100)-3,LEN(B100)-2))&\"*\",PLANILHA_TAREFA[Valor Parc.\nTotal])),IF(SUMIF(PLANILHA_TAREFA[Cód. Tarefa],\"=\"&MID(B100,1,IF(ISEVEN(LEN(B100)),LEN(B100)-3,LEN(B100)-2))&\"*\",PLANILHA_TAREFA[Valor Parc.\nTotal])=0,0,J100/SUMIF(PLANILHA_TAREFA[Cód. Tarefa],\"=\"&MID(B100,1,IF(ISEVEN(LEN(B100)),LEN(B100)-3,LEN(B100)-2))&\"*\",PLANILHA_TAREFA[Valor Parc.\nTotal])))","v":2.7665101445858032E-2},0.23,39.010310999999994,{"$f":"IF(F100=\"\",SUMIF(PLANILHA_TAREFA[Cód. Tarefa],\"=\"&B100&\".\"&\"*\",PLANILHA_TAREFA[Valor Parc.\nTotal - BDI]),0)","v":0}]
[true,"001.16.08","403204","TORNEIRA P/ JARDIM AMARELA 1\"",1,"UN",29.088500000000003,0,{"$f":"IF(AND(J101>=0,E101<>\"\"),IF(K101=0,J101/SUMIF(PLANILHA_TAREFA[Cód. Tarefa],MID(B101,1,IF(ISERR(FIND(\".\",B101,1))=TRUE,LEN(B101),FIND(\".\",B101,1)-1)),PLANILHA_TAREFA[Quant.]),K101/E101),K101/SUMIF(PLANILHA_TAREFA[Cód. Tarefa],MID(B101,1,IF(ISERR(FIND(\".\",B101,1))=TRUE,LEN(B101),FIND(\".\",B101,1)-1)),PLANILHA_TAREFA[Quant.]))","v":29.088500000000003},{"$f":"IF(A101=TRUE,1,0)*IF(H101>0,H101,G101)*IF(AND(E101=0,F101=\"\"),1,E101)*SUMIF(PLANILHA_TAREFA[Cód. Tarefa],MID(B101,1,IF(ISERR(FIND(\".\",B101,1))=TRUE,LEN(B101),FIND(\".\",B101,1)-1)),PLANILHA_TAREFA[Quant.])","v":29.088500000000003},{"$f":"IF(F101=\"\",SUMIF(PLANILHA_TAREFA[Cód. Tarefa],\"=\"&B101&\".\"&\"*\",PLANILHA_TAREFA[Valor Parc.\nTotal]),0)","v":0},{"$f":"SUMIF(PLANILHA_TAREFA[Cód. Tarefa],MID(B101,1,IF(ISERR(FIND(\".\",B101,1))=TRUE,LEN(B101),FIND(\".\",B101,1)-1)),PLANILHA_TAREFA[Quant.])","v":1},{"$f":"IF(F101=\"\",IF(SUMIF(PLANILHA_TAREFA[Cód. Tarefa],\"=\"&MID(B101,1,IF(ISEVEN(LEN(B101)),LEN(B101)-3,LEN(B101)-2))&\"*\",PLANILHA_TAREFA[Valor Parc.\nTotal])=0,0,K101/SUMIF(PLANILHA_TAREFA[Cód. Tarefa],\"=\"&MID(B101,1,IF(ISEVEN(LEN(B101)),LEN(B101)-3,LEN(B101)-2))&\"*\",PLANILHA_TAREFA[Valor Parc.\nTotal])),IF(SUMIF(PLANILHA_TAREFA[Cód. Tarefa],\"=\"&MID(B101,1,IF(ISEVEN(LEN(B101)),LEN(B101)-3,LEN(B101)-2))&\"*\",PLANILHA_TAREFA[Valor Parc.\nTotal])=0,0,J101/SUMIF(PLANILHA_TAREFA[Cód. Tarefa],\"=\"&MID(B101,1,IF(ISEVEN(LEN(B101)),LEN(B101)-3,LEN(B101)-2))&\"*\",PLANILHA_TAREFA[Valor Parc.\nTotal])))","v":2.5373436607353504E-2},0.23,35.778855,{"$f":"IF(F101=\"\",SUMIF(PLANILHA_TAREFA[Cód. Tarefa],\"=\"&B101&\".\"&\"*\",PLANILHA_TAREFA[Valor Parc.\nTotal - BDI]),0)","v":0}]
[true,"001.16.09","151040","REGISTRO DE PRESSAO 3/4'' CROMADO C/ CANOPLA",1,"UN",29.002100000000002,0,{"$f":"IF(AND(J102>=0,E102<>\"\"),IF(K102=0,J102/SUMIF(PLANILHA_TAREFA[Cód. Tarefa],MID(B102,1,IF(ISERR(FIND(\".\",B102,1))=TRUE,LEN(B102),FIND(\".\",B102,1)-1)),PLANILHA_TAREFA[Quant.]),K102/E102),K102/SUMIF(PLANILHA_TAREFA[Cód. Tarefa],MID(B102,1,IF(ISERR(FIND(\".\",B102,1))=TRUE,LEN(B102),FIND(\".\",B102,1)-1)),PLANILHA_TAREFA[Quant.]))","v":29.002100000000002},{"$f":"IF(A102=TRUE,1,0)*IF(H102>0,H102,G102)*IF(AND(E102=0,F102=\"\"),1,E102)*SUMIF(PLANILHA_TAREFA[Cód. Tarefa],MID(B102,1,IF(ISERR(FIND(\".\",B102,1))=TRUE,LEN(B102),FIND(\".\",B102,1)-1)),PLANILHA_TAREFA[Quant.])","v":29.002100000000002},{"$f":"IF(F102=\"\",SUMIF(PLANILHA_TAREFA[Cód. Tarefa],\"=\"&B102&\".\"&\"*\",PLANILHA_TAREFA[Valor Parc.\nTotal]),0)","v":0},{"$f":"SUMIF(PLANILHA_TAREFA[Cód. Tarefa],MID(B102,1,IF(ISERR(FIND(\".\",B102,1))=TRUE,LEN(B102),FIND(\".\",B102,1)-1)),PLANILHA_TAREFA[Quant.])","v":1},{"$f":"IF(F102=\"\",IF(SUMIF(PLANILHA_TAREFA[Cód. Tarefa],\"=\"&MID(B102,1,IF(ISEVEN(LEN(B102)),LEN(B102)-3,LEN(B102)-2))&\"*\",PLANILHA_TAREFA[Valor Parc.\nTotal])=0,0,K102/SUMIF(PLANILHA_TAREFA[Cód. Tarefa],\"=\"&MID(B102,1,IF(ISEVEN(LEN(B102)),LEN(B102)-3,LEN(B102)-2))&\"*\",PLANILHA_TAREFA[Valor Parc.\nTotal])),IF(SUMIF(PLANILHA_TAREFA[Cód. Tarefa],\"=\"&MID(B102,1,IF(ISEVEN(LEN(B102)),LEN(B102)-3,LEN(B102)-2))&\"*\",PLANILHA_TAREFA[Valor Parc.\nTotal])=0,0,J102/SUMIF(PLANILHA_TAREFA[Cód. Tarefa],\"=\"&MID(B102,1,IF(ISEVEN(LEN(B102)),LEN(B102)-3,LEN(B102)-2))&\"*\",PLANILHA_TAREFA[Valor Parc.\nTotal])))","v":2.5298071259436786E-2},0.23,35.672583000000003,{"$f":"IF(F102=\"\",SUMIF(PLANILHA_TAREFA[Cód. Tarefa],\"=\"&B102&\".\"&\"*\",PLANILHA_TAREFA[Valor Parc.\nTotal - BDI]),0)","v":0}]
[true,"001.16.10","155468","REGISTRO DE GAVETA 3/4'' CROMADO C/ CANOPLA",2,"UN",27.224500000000003,0,{"$f":"IF(AND(J103>=0,E103<>\"\"),IF(K103=0,J103/SUMIF(PLANILHA_TAREFA[Cód. Tarefa],MID(B103,1,IF(ISERR(FIND(\".\",B103,1))=TRUE,LEN(B103),FIND(\".\",B103,1)-1)),PLANILHA_TAREFA[Quant.]),K103/E103),K103/SUMIF(PLANILHA_TAREFA[Cód. Tarefa],MID(B103,1,IF(ISERR(FIND(\".\",B103,1))=TRUE,LEN(B103),FIND(\".\",B103,1)-1)),PLANILHA_TAREFA[Quant.]))","v":54.449000000000005},{"$f":"IF(A103=TRUE,1,0)*IF(H103>0,H103,G103)*IF(AND(E103=0,F103=\"\"),1,E103)*SUMIF(PLANILHA_TAREFA[Cód. Tarefa],MID(B103,1,IF(ISERR(FIND(\".\",B103,1))=TRUE,LEN(B103),FIND(\".\",B103,1)-1)),PLANILHA_TAREFA[Quant.])","v":54.449000000000005},{"$f":"IF(F103=\"\",SUMIF(PLANILHA_TAREFA[Cód. Tarefa],\"=\"&B103&\".\"&\"*\",PLANILHA_TAREFA[Valor Parc.\nTotal]),0)","v":0},{"$f":"SUMIF(PLANILHA_TAREFA[Cód. Tarefa],MID(B103,1,IF(ISERR(FIND(\".\",B103,1))=TRUE,LEN(B103),FIND(\".\",B103,1)-1)),PLANILHA_TAREFA[Quant.])","v":1},{"$f":"IF(F103=\"\",IF(SUMIF(PLANILHA_TAREFA[Cód. Tarefa],\"=\"&MID(B103,1,IF(ISEVEN(LEN(B103)),LEN(B103)-3,LEN(B103)-2))&\"*\",PLANILHA_TAREFA[Valor Parc.\nTotal])=0,0,K103/SUMIF(PLANILHA_TAREFA[Cód. Tarefa],\"=\"&MID(B103,1,IF(ISEVEN(LEN(B103)),LEN(B103)-3,LEN(B103)-2))&\"*\",PLANILHA_TAREFA[Valor Parc.\nTotal])),IF(SUMIF(PLANILHA_TAREFA[Cód. Tarefa],\"=\"&MID(B103,1,IF(ISEVEN(LEN(B103)),LEN(B103)-3,LEN(B103)-2))&\"*\",PLANILHA_TAREFA[Valor Parc.\nTotal])=0,0,J103/SUMIF(PLANILHA_TAREFA[Cód. Tarefa],\"=\"&MID(B103,1,IF(ISEVEN(LEN(B103)),LEN(B103)-3,LEN(B103)-2))&\"*\",PLANILHA_TAREFA[Valor Parc.\nTotal])))","v":4.7494998017559888E-2},0.23,66.972270000000009,{"$f":"IF(F103=\"\",SUMIF(PLANILHA_TAREFA[Cód. Tarefa],\"=\"&B103&\".\"&\"*\",PLANILHA_TAREFA[Valor Parc.\nTotal - BDI]),0)","v":0}]
[true,"001.17",null,"SERVIÇOS COMPLEMENTARES",null,null,0,0,{"$f":"IF(AND(J104>=0,E104<>\"\"),IF(K104=0,J104/SUMIF(PLANILHA_TAREFA[Cód. Tarefa],MID(B104,1,IF(ISERR(FIND(\".\",B104,1))=TRUE,LEN(B104),FIND(\".\",B104,1)-1)),PLANILHA_TAREFA[Quant.]),K104/E104),K104/SUMIF(PLANILHA_TAREFA[Cód. Tarefa],MID(B104,1,IF(ISERR(FIND(\".\",B104,1))=TRUE,LEN(B104),FIND(\".\",B104,1)-1)),PLANILHA_TAREFA[Quant.]))","v":4557.2518298920004},{"$f":"IF(A104=TRUE,1,0)*IF(H104>0,H104,G104)*IF(AND(E104=0,F104=\"\"),1,E104)*SUMIF(PLANILHA_TAREFA[Cód. Tarefa],MID(B104,1,IF(ISERR(FIND(\".\",B104,1))=TRUE,LEN(B104),FIND(\".\",B104,1)-1)),PLANILHA_TAREFA[Quant.])","v":0},{"$f":"IF(F104=\"\",SUMIF(PLANILHA_TAREFA[Cód. Tarefa],\"=\"&B104&\".\"&\"*\",PLANILHA_TAREFA[Valor Parc.\nTotal]),0)","v":4557.2518298920004},{"$f":"SUMIF(PLANILHA_TAREFA[Cód. Tarefa],MID(B104,1,IF(ISERR(FIND(\".\",B104,1))=TRUE,LEN(B104),FIND(\".\",B104,1)-1)),PLANILHA_TAREFA[Quant.])","v":1},{"$f":"IF(F104=\"\",IF(SUMIF(PLANILHA_TAREFA[Cód. Tarefa],\"=\"&MID(B104,1,IF(ISEVEN(LEN(B104)),LEN(B104)-3,LEN(B104)-2))&\"*\",PLANILHA_TAREFA[Valor Parc.\nTotal])=0,0,K104/SUMIF(PLANILHA_TAREFA[Cód. Tarefa],\"=\"&MID(B104,1,IF(ISEVEN(LEN(B104)),LEN(B104)-3,LEN(B104)-2))&\"*\",PLANILHA_TAREFA[Valor Parc.\nTotal])),IF(SUMIF(PLANILHA_TAREFA[Cód. Tarefa],\"=\"&MID(B104,1,IF(ISEVEN(LEN(B104)),LEN(B104)-3,LEN(B104)-2))&\"*\",PLANILHA_TAREFA[Valor Parc.\nTotal])=0,0,J104/SUMIF(PLANILHA_TAREFA[Cód. Tarefa],\"=\"&MID(B104,1,IF(ISEVEN(LEN(B104)),LEN(B104)-3,LEN(B104)-2))&\"*\",PLANILHA_TAREFA[Valor Parc.\nTotal])))","v":7.3964496413762931E-2},0.23,0,{"$f":"IF(F104=\"\",SUMIF(PLANILHA_TAREFA[Cód. Tarefa],\"=\"&B104&\".\"&\"*\",PLANILHA_TAREFA[Valor Parc.\nTotal - BDI]),0)","v":5605.4197507671615}]
[true,"001.17.01","500488","MURO DE DIVISA PADRAO EM ALVENARIA - H = 1,50 M",12.4,"MT",274.59675663000002,0,{"$f":"IF(AND(J105>=0,E105<>\"\"),IF(K105=0,J105/SUMIF(PLANILHA_TAREFA[Cód. Tarefa],MID(B105,1,IF(ISERR(FIND(\".\",B105,1))=TRUE,LEN(B105),FIND(\".\",B105,1)-1)),PLANILHA_TAREFA[Quant.]),K105/E105),K105/SUMIF(PLANILHA_TAREFA[Cód. Tarefa],MID(B105,1,IF(ISERR(FIND(\".\",B105,1))=TRUE,LEN(B105),FIND(\".\",B105,1)-1)),PLANILHA_TAREFA[Quant.]))","v":3404.9997822120004},{"$f":"IF(A105=TRUE,1,0)*IF(H105>0,H105,G105)*IF(AND(E105=0,F105=\"\"),1,E105)*SUMIF(PLANILHA_TAREFA[Cód. Tarefa],MID(B105,1,IF(ISERR(FIND(\".\",B105,1))=TRUE,LEN(B105),FIND(\".\",B105,1)-1)),PLANILHA_TAREFA[Quant.])","v":3404.9997822120004},{"$f":"IF(F105=\"\",SUMIF(PLANILHA_TAREFA[Cód. Tarefa],\"=\"&B105&\".\"&\"*\",PLANILHA_TAREFA[Valor Parc.\nTotal]),0)","v":0},{"$f":"SUMIF(PLANILHA_TAREFA[Cód. Tarefa],MID(B105,1,IF(ISERR(FIND(\".\",B105,1))=TRUE,LEN(B105),FIND(\".\",B105,1)-1)),PLANILHA_TAREFA[Quant.])","v":1},{"$f":"IF(F105=\"\",IF(SUMIF(PLANILHA_TAREFA[Cód. Tarefa],\"=\"&MID(B105,1,IF(ISEVEN(LEN(B105)),LEN(B105)-3,LEN(B105)-2))&\"*\",PLANILHA_TAREFA[Valor Parc.\nTotal])=0,0,K105/SUMIF(PLANILHA_TAREFA[Cód. Tarefa],\"=\"&MID(B105,1,IF(ISEVEN(LEN(B105)),LEN(B105)-3,LEN(B105)-2))&\"*\",PLANILHA_TAREFA[Valor Parc.\nTotal])),IF(SUMIF(PLANILHA_TAREFA[Cód. Tarefa],\"=\"&MID(B105,1,IF(ISEVEN(LEN(B105)),LEN(B105)-3,LEN(B105)-2))&\"*\",PLANILHA_TAREFA[Valor Parc.\nTotal])=0,0,J105/SUMIF(PLANILHA_TAREFA[Cód. Tarefa],\"=\"&MID(B105,1,IF(ISEVEN(LEN(B105)),LEN(B105)-3,LEN(B105)-2))&\"*\",PLANILHA_TAREFA[Valor Parc.\nTotal])))","v":0.74716076910164819},0.23,4188.1497321207607,{"$f":"IF(F105=\"\",SUMIF(PLANILHA_TAREFA[Cód. Tarefa],\"=\"&B105&\".\"&\"*\",PLANILHA_TAREFA[Valor Parc.\nTotal - BDI]),0)","v":0}]
[true,"001.17.02","002330","LIMPEZA DA OBRA",52.57,"M2",3.9312,0,{"$f":"IF(AND(J106>=0,E106<>\"\"),IF(K106=0,J106/SUMIF(PLANILHA_TAREFA[Cód. Tarefa],MID(B106,1,IF(ISERR(FIND(\".\",B106,1))=TRUE,LEN(B106),FIND(\".\",B106,1)-1)),PLANILHA_TAREFA[Quant.]),K106/E106),K106/SUMIF(PLANILHA_TAREFA[Cód. Tarefa],MID(B106,1,IF(ISERR(FIND(\".\",B106,1))=TRUE,LEN(B106),FIND(\".\",B106,1)-1)),PLANILHA_TAREFA[Quant.]))","v":206.663184},{"$f":"IF(A106=TRUE,1,0)*IF(H106>0,H106,G106)*IF(AND(E106=0,F106=\"\"),1,E106)*SUMIF(PLANILHA_TAREFA[Cód. Tarefa],MID(B106,1,IF(ISERR(FIND(\".\",B106,1))=TRUE,LEN(B106),FIND(\".\",B106,1)-1)),PLANILHA_TAREFA[Quant.])","v":206.663184},{"$f":"IF(F106=\"\",SUMIF(PLANILHA_TAREFA[Cód. Tarefa],\"=\"&B106&\".\"&\"*\",PLANILHA_TAREFA[Valor Parc.\nTotal]),0)","v":0},{"$f":"SUMIF(PLANILHA_TAREFA[Cód. Tarefa],MID(B106,1,IF(ISERR(FIND(\".\",B106,1))=TRUE,LEN(B106),FIND(\".\",B106,1)-1)),PLANILHA_TAREFA[Quant.])","v":1},{"$f":"IF(F106=\"\",IF(SUMIF(PLANILHA_TAREFA[Cód. Tarefa],\"=\"&MID(B106,1,IF(ISEVEN(LEN(B106)),LEN(B106)-3,LEN(B106)-2))&\"*\",PLANILHA_TAREFA[Valor Parc.\nTotal])=0,0,K106/SUMIF(PLANILHA_TAREFA[Cód. Tarefa],\"=\"&MID(B106,1,IF(ISEVEN(LEN(B106)),LEN(B106)-3,LEN(B106)-2))&\"*\",PLANILHA_TAREFA[Valor Parc.\nTotal])),IF(SUMIF(PLANILHA_TAREFA[Cód. Tarefa],\"=\"&MID(B106,1,IF(ISEVEN(LEN(B106)),LEN(B106)-3,LEN(B106)-2))&\"*\",PLANILHA_TAREFA[Valor Parc.\nTotal])=0,0,J106/SUMIF(PLANILHA_TAREFA[Cód. Tarefa],\"=\"&MID(B106,1,IF(ISEVEN(LEN(B106)),LEN(B106)-3,LEN(B106)-2))&\"*\",PLANILHA_TAREFA[Valor Parc.\nTotal])))","v":4.5348203635456677E-2},0.23,254.19571632,{"$f":"IF(F106=\"\",SUMIF(PLANILHA_TAREFA[Cód. Tarefa],\"=\"&B106&\".\"&\"*\",PLANILHA_TAREFA[Valor Parc.\nTotal - BDI]),0)","v":0}]
[true,"001.17.03","600216","PLACA DE IDENTIFICACAO - NUMERACAO DAS CASAS",1,"UN",11.08108,0,{"$f":"IF(AND(J107>=0,E107<>\"\"),IF(K107=0,J107/SUMIF(PLANILHA_TAREFA[Cód. Tarefa],MID(B107,1,IF(ISERR(FIND(\".\",B107,1))=TRUE,LEN(B107),FIND(\".\",B107,1)-1)),PLANILHA_TAREFA[Quant.]),K107/E107),K107/SUMIF(PLANILHA_TAREFA[Cód. Tarefa],MID(B107,1,IF(ISERR(FIND(\".\",B107,1))=TRUE,LEN(B107),FIND(\".\",B107,1)-1)),PLANILHA_TAREFA[Quant.]))","v":11.08108},{"$f":"IF(A107=TRUE,1,0)*IF(H107>0,H107,G107)*IF(AND(E107=0,F107=\"\"),1,E107)*SUMIF(PLANILHA_TAREFA[Cód. Tarefa],MID(B107,1,IF(ISERR(FIND(\".\",B107,1))=TRUE,LEN(B107),FIND(\".\",B107,1)-1)),PLANILHA_TAREFA[Quant.])","v":11.08108},{"$f":"IF(F107=\"\",SUMIF(PLANILHA_TAREFA[Cód. Tarefa],\"=\"&B107&\".\"&\"*\",PLANILHA_TAREFA[Valor Parc.\nTotal]),0)","v":0},{"$f":"SUMIF(PLANILHA_TAREFA[Cód. Tarefa],MID(B107,1,IF(ISERR(FIND(\".\",B107,1))=TRUE,LEN(B107),FIND(\".\",B107,1)-1)),PLANILHA_TAREFA[Quant.])","v":1},{"$f":"IF(F107=\"\",IF(SUMIF(PLANILHA_TAREFA[Cód. Tarefa],\"=\"&MID(B107,1,IF(ISEVEN(LEN(B107)),LEN(B107)-3,LEN(B107)-2))&\"*\",PLANILHA_TAREFA[Valor Parc.\nTotal])=0,0,K107/SUMIF(PLANILHA_TAREFA[Cód. Tarefa],\"=\"&MID(B107,1,IF(ISEVEN(LEN(B107)),LEN(B107)-3,LEN(B107)-2))&\"*\",PLANILHA_TAREFA[Valor Parc.\nTotal])),IF(SUMIF(PLANILHA_TAREFA[Cód. Tarefa],\"=\"&MID(B107,1,IF(ISEVEN(LEN(B107)),LEN(B107)-3,LEN(B107)-2))&\"*\",PLANILHA_TAREFA[Valor Parc.\nTotal])=0,0,J107/SUMIF(PLANILHA_TAREFA[Cód. Tarefa],\"=\"&MID(B107,1,IF(ISEVEN(LEN(B107)),LEN(B107)-3,LEN(B107)-2))&\"*\",PLANILHA_TAREFA[Valor Parc.\nTotal])))","v":2.4315268090555802E-3},0.23,{"$f":"J107*(1+N107)","v":13.629728399999999},{"$f":"IF(F107=\"\",SUMIF(PLANILHA_TAREFA[Cód. Tarefa],\"=\"&B107&\".\"&\"*\",PLANILHA_TAREFA[Valor Parc.\nTotal - BDI]),0)","v":0}]
[true,"001.17.04","500139","PAISAGISMO - PLANTIO DE GRAMA EM PLACAS (JARDINS)",34.659999999999997,"M2",7.3562879999999993,0,{"$f":"IF(AND(J108>=0,E108<>\"\"),IF(K108=0,J108/SUMIF(PLANILHA_TAREFA[Cód. Tarefa],MID(B108,1,IF(ISERR(FIND(\".\",B108,1))=TRUE,LEN(B108),FIND(\".\",B108,1)-1)),PLANILHA_TAREFA[Quant.]),K108/E108),K108/SUMIF(PLANILHA_TAREFA[Cód. Tarefa],MID(B108,1,IF(ISERR(FIND(\".\",B108,1))=TRUE,LEN(B108),FIND(\".\",B108,1)-1)),PLANILHA_TAREFA[Quant.]))","v":254.96894207999995},{"$f":"IF(A108=TRUE,1,0)*IF(H108>0,H108,G108)*IF(AND(E108=0,F108=\"\"),1,E108)*SUMIF(PLANILHA_TAREFA[Cód. Tarefa],MID(B108,1,IF(ISERR(FIND(\".\",B108,1))=TRUE,LEN(B108),FIND(\".\",B108,1)-1)),PLANILHA_TAREFA[Quant.])","v":254.96894207999995},{"$f":"IF(F108=\"\",SUMIF(PLANILHA_TAREFA[Cód. Tarefa],\"=\"&B108&\".\"&\"*\",PLANILHA_TAREFA[Valor Parc.\nTotal]),0)","v":0},{"$f":"SUMIF(PLANILHA_TAREFA[Cód. Tarefa],MID(B108,1,IF(ISERR(FIND(\".\",B108,1))=TRUE,LEN(B108),FIND(\".\",B108,1)-1)),PLANILHA_TAREFA[Quant.])","v":1},{"$f":"IF(F108=\"\",IF(SUMIF(PLANILHA_TAREFA[Cód. Tarefa],\"=\"&MID(B108,1,IF(ISEVEN(LEN(B108)),LEN(B108)-3,LEN(B108)-2))&\"*\",PLANILHA_TAREFA[Valor Parc.\nTotal])=0,0,K108/SUMIF(PLANILHA_TAREFA[Cód. Tarefa],\"=\"&MID(B108,1,IF(ISEVEN(LEN(B108)),LEN(B108)-3,LEN(B108)-2))&\"*\",PLANILHA_TAREFA[Valor Parc.\nTotal])),IF(SUMIF(PLANILHA_TAREFA[Cód. Tarefa],\"=\"&MID(B108,1,IF(ISEVEN(LEN(B108)),LEN(B108)-3,LEN(B108)-2))&\"*\",PLANILHA_TAREFA[Valor Parc.\nTotal])=0,0,J108/SUMIF(PLANILHA_TAREFA[Cód. Tarefa],\"=\"&MID(B108,1,IF(ISEVEN(LEN(B108)),LEN(B108)-3,LEN(B108)-2))&\"*\",PLANILHA_TAREFA[Valor Parc.\nTotal])))","v":5.594795977865509E-2},0.23,313.61179875839991,{"$f":"IF(F108=\"\",SUMIF(PLANILHA_TAREFA[Cód. Tarefa],\"=\"&B108&\".\"&\"*\",PLANILHA_TAREFA[Valor Parc.\nTotal - BDI]),0)","v":0}]
[true,"001.17.05",null,"CALCADA EXTERNA",null,null,0,0,{"$f":"IF(AND(J109>=0,E109<>\"\"),IF(K109=0,J109/SUMIF(PLANILHA_TAREFA[Cód. Tarefa],MID(B109,1,IF(ISERR(FIND(\".\",B109,1))=TRUE,LEN(B109),FIND(\".\",B109,1)-1)),PLANILHA_TAREFA[Quant.]),K109/E109),K109/SUMIF(PLANILHA_TAREFA[Cód. Tarefa],MID(B109,1,IF(ISERR(FIND(\".\",B109,1))=TRUE,LEN(B109),FIND(\".\",B109,1)-1)),PLANILHA_TAREFA[Quant.]))","v":679.53884159999996},{"$f":"IF(A109=TRUE,1,0)*IF(H109>0,H109,G109)*IF(AND(E109=0,F109=\"\"),1,E109)*SUMIF(PLANILHA_TAREFA[Cód. Tarefa],MID(B109,1,IF(ISERR(FIND(\".\",B109,1))=TRUE,LEN(B109),FIND(\".\",B109,1)-1)),PLANILHA_TAREFA[Quant.])","v":0},{"$f":"IF(F109=\"\",SUMIF(PLANILHA_TAREFA[Cód. Tarefa],\"=\"&B109&\".\"&\"*\",PLANILHA_TAREFA[Valor Parc.\nTotal]),0)","v":679.53884159999996},{"$f":"SUMIF(PLANILHA_TAREFA[Cód. Tarefa],MID(B109,1,IF(ISERR(FIND(\".\",B109,1))=TRUE,LEN(B109),FIND(\".\",B109,1)-1)),PLANILHA_TAREFA[Quant.])","v":1},{"$f":"IF(F109=\"\",IF(SUMIF(PLANILHA_TAREFA[Cód. Tarefa],\"=\"&MID(B109,1,IF(ISEVEN(LEN(B109)),LEN(B109)-3,LEN(B109)-2))&\"*\",PLANILHA_TAREFA[Valor Parc.\nTotal])=0,0,K109/SUMIF(PLANILHA_TAREFA[Cód. Tarefa],\"=\"&MID(B109,1,IF(ISEVEN(LEN(B109)),LEN(B109)-3,LEN(B109)-2))&\"*\",PLANILHA_TAREFA[Valor Parc.\nTotal])),IF(SUMIF(PLANILHA_TAREFA[Cód. Tarefa],\"=\"&MID(B109,1,IF(ISEVEN(LEN(B109)),LEN(B109)-3,LEN(B109)-2))&\"*\",PLANILHA_TAREFA[Valor Parc.\nTotal])=0,0,J109/SUMIF(PLANILHA_TAREFA[Cód. Tarefa],\"=\"&MID(B109,1,IF(ISEVEN(LEN(B109)),LEN(B109)-3,LEN(B109)-2))&\"*\",PLANILHA_TAREFA[Valor Parc.\nTotal])))","v":0.14911154067518448},0.23,0,{"$f":"IF(F109=\"\",SUMIF(PLANILHA_TAREFA[Cód. Tarefa],\"=\"&B109&\".\"&\"*\",PLANILHA_TAREFA[Valor Parc.\nTotal - BDI]),0)","v":835.83277516800001}]
[true,"001.17.05.01","500038","CALÇADA EXTERNA 7CM",16.8,"M2",34.668799999999997,0,{"$f":"IF(AND(J110>=0,E110<>\"\"),IF(K110=0,J110/SUMIF(PLANILHA_TAREFA[Cód. Tarefa],MID(B110,1,IF(ISERR(FIND(\".\",B110,1))=TRUE,LEN(B110),FIND(\".\",B110,1)-1)),PLANILHA_TAREFA[Quant.]),K110/E110),K110/SUMIF(PLANILHA_TAREFA[Cód. Tarefa],MID(B110,1,IF(ISERR(FIND(\".\",B110,1))=TRUE,LEN(B110),FIND(\".\",B110,1)-1)),PLANILHA_TAREFA[Quant.]))","v":582.43583999999998},{"$f":"IF(A110=TRUE,1,0)*IF(H110>0,H110,G110)*IF(AND(E110=0,F110=\"\"),1,E110)*SUMIF(PLANILHA_TAREFA[Cód. Tarefa],MID(B110,1,IF(ISERR(FIND(\".\",B110,1))=TRUE,LEN(B110),FIND(\".\",B110,1)-1)),PLANILHA_TAREFA[Quant.])","v":582.43583999999998},{"$f":"IF(F110=\"\",SUMIF(PLANILHA_TAREFA[Cód. Tarefa],\"=\"&B110&\".\"&\"*\",PLANILHA_TAREFA[Valor Parc.\nTotal]),0)","v":0},{"$f":"SUMIF(PLANILHA_TAREFA[Cód. Tarefa],MID(B110,1,IF(ISERR(FIND(\".\",B110,1))=TRUE,LEN(B110),FIND(\".\",B110,1)-1)),PLANILHA_TAREFA[Quant.])","v":1},{"$f":"IF(F110=\"\",IF(SUMIF(PLANILHA_TAREFA[Cód. Tarefa],\"=\"&MID(B110,1,IF(ISEVEN(LEN(B110)),LEN(B110)-3,LEN(B110)-2))&\"*\",PLANILHA_TAREFA[Valor Parc.\nTotal])=0,0,K110/SUMIF(PLANILHA_TAREFA[Cód. Tarefa],\"=\"&MID(B110,1,IF(ISEVEN(LEN(B110)),LEN(B110)-3,LEN(B110)-2))&\"*\",PLANILHA_TAREFA[Valor Parc.\nTotal])),IF(SUMIF(PLANILHA_TAREFA[Cód. Tarefa],\"=\"&MID(B110,1,IF(ISEVEN(LEN(B110)),LEN(B110)-3,LEN(B110)-2))&\"*\",PLANILHA_TAREFA[Valor Parc.\nTotal])=0,0,J110/SUMIF(PLANILHA_TAREFA[Cód. Tarefa],\"=\"&MID(B110,1,IF(ISEVEN(LEN(B110)),LEN(B110)-3,LEN(B110)-2))&\"*\",PLANILHA_TAREFA[Valor Parc.\nTotal])))","v":0.85710456024652359},0.23,716.39608320000002,{"$f":"IF(F110=\"\",SUMIF(PLANILHA_TAREFA[Cód. Tarefa],\"=\"&B110&\".\"&\"*\",PLANILHA_TAREFA[Valor Parc.\nTotal - BDI]),0)","v":0}]
[true,"001.17.05.02","500139","PAISAGISMO - PLANTIO DE GRAMA EM PLACAS (JARDINS)",13.2,"M2",7.3562879999999993,0,{"$f":"IF(AND(J111>=0,E111<>\"\"),IF(K111=0,J111/SUMIF(PLANILHA_TAREFA[Cód. Tarefa],MID(B111,1,IF(ISERR(FIND(\".\",B111,1))=TRUE,LEN(B111),FIND(\".\",B111,1)-1)),PLANILHA_TAREFA[Quant.]),K111/E111),K111/SUMIF(PLANILHA_TAREFA[Cód. Tarefa],MID(B111,1,IF(ISERR(FIND(\".\",B111,1))=TRUE,LEN(B111),FIND(\".\",B111,1)-1)),PLANILHA_TAREFA[Quant.]))","v":97.103001599999985},{"$f":"IF(A111=TRUE,1,0)*IF(H111>0,H111,G111)*IF(AND(E111=0,F111=\"\"),1,E111)*SUMIF(PLANILHA_TAREFA[Cód. Tarefa],MID(B111,1,IF(ISERR(FIND(\".\",B111,1))=TRUE,LEN(B111),FIND(\".\",B111,1)-1)),PLANILHA_TAREFA[Quant.])","v":97.103001599999985},{"$f":"IF(F111=\"\",SUMIF(PLANILHA_TAREFA[Cód. Tarefa],\"=\"&B111&\".\"&\"*\",PLANILHA_TAREFA[Valor Parc.\nTotal]),0)","v":0},{"$f":"SUMIF(PLANILHA_TAREFA[Cód. Tarefa],MID(B111,1,IF(ISERR(FIND(\".\",B111,1))=TRUE,LEN(B111),FIND(\".\",B111,1)-1)),PLANILHA_TAREFA[Quant.])","v":1},{"$f":"IF(F111=\"\",IF(SUMIF(PLANILHA_TAREFA[Cód. Tarefa],\"=\"&MID(B111,1,IF(ISEVEN(LEN(B111)),LEN(B111)-3,LEN(B111)-2))&\"*\",PLANILHA_TAREFA[Valor Parc.\nTotal])=0,0,K111/SUMIF(PLANILHA_TAREFA[Cód. Tarefa],\"=\"&MID(B111,1,IF(ISEVEN(LEN(B111)),LEN(B111)-3,LEN(B111)-2))&\"*\",PLANILHA_TAREFA[Valor Parc.\nTotal])),IF(SUMIF(PLANILHA_TAREFA[Cód. Tarefa],\"=\"&MID(B111,1,IF(ISEVEN(LEN(B111)),LEN(B111)-3,LEN(B111)-2))&\"*\",PLANILHA_TAREFA[Valor Parc.\nTotal])=0,0,J111/SUMIF(PLANILHA_TAREFA[Cód. Tarefa],\"=\"&MID(B111,1,IF(ISEVEN(LEN(B111)),LEN(B111)-3,LEN(B111)-2))&\"*\",PLANILHA_TAREFA[Valor Parc.\nTotal])))","v":0.14289543975347646},0.23,119.43669196799998,{"$f":"IF(F111=\"\",SUMIF(PLANILHA_TAREFA[Cód. Tarefa],\"=\"&B111&\".\"&\"*\",PLANILHA_TAREFA[Valor Parc.\nTotal - BDI]),0)","v":0}]
["Total",null,null,null,null,null,null,null,"S/ BDI",{"$f":"SUBTOTAL(109,PLANILHA_TAREFA[Valor Parc.\nTotal])","v":61614.045262992018},null,null,null,"C/ BDI",{"$f":"SUBTOTAL(109,PLANILHA_TAREFA[Valor Parc.\nTotal - BDI])","v":75785.275673480181}]
[]
[]
[]
[]
[null,null,null,null,null,null,null,null,null,null,{"$f":"SUMPRODUCT(SUBTOTAL(3,OFFSET($B$2:$B$12,ROW($B$2:$B$12)-ROW($B$2),0,1)),--($B$2:$B$12=$A17))","v":0}]

{"sheet":"Relatorio de Composicoes","index":4,"n_rows":118,"n_cols":9,"rows_kept":118,"cut":false,"hidden":false,"merged":[]}
[]
[]
["Soma de Total",null,"Tipo"]
["Comp","Descrição","M.O.","Mat.","Diver","-","Empre","Eq.Loc.","Total Geral"]
["000020","LOCACAO DA OBRA",3.5548799999999998,0.95699999999999996,null,null,null,null,4.5118799999999997]
["000040","ESCAVACAO MANUAL DE VALA",30.466799999999999,null,null,null,null,null,30.466799999999999]
["000090","APILOAMENTO MANUAL FUNDO VALA",8.5503599999999995,null,null,null,null,null,8.5503599999999995]
["000100","LASTRO DE BRITA",20.6388,38.5,null,null,null,null,59.138800000000003]
["000130","CONCRETO CONSUMO 161,0 KG CIMENTO/M3 - TRACO 1:4:8 - BETONEIRA C/ LANCAMENTO",115.88849999999999,116.46,null,null,null,0.89249999999999996,233.24100000000001]
["000150","REATERRO APILOADO DE VALA",14.458079999999999,null,null,null,null,null,14.458079999999999]
["000190","ACO CA 50 06,3 MM",1.7774399999999999,4.0280000000000005,null,null,null,null,5.8054400000000008]
["000200","ACO CA 50 08,0 MM",1.7774399999999999,4.0280000000000005,null,null,null,null,5.8054400000000008]
["000270","CONCRETO IN LOCO 15,0 MPA SLUMP CONVENCIONAL C/ LANCAMENTO",115.88849999999999,172.96799999999999,null,null,null,0.89249999999999996,289.74899999999997]
["000310","CONCRETO USINADO 15,0 MPA SLUMP CONVENCIONAL C/ LANCAMENTO",66.748500000000007,235.1078,30,null,null,null,331.85630000000003]
["000330","MICRO CONCRETO GRAUTE 12,0 MPA C/ LANCAMENTO",180.726,174.29399999999998,null,null,null,null,355.02]
["000510","CHAPISCO - TRACO 1:3 - VERTICAL",1.0783500000000001,1.1674000000000002,null,null,null,null,2.2457500000000001]
["000580","EMBOCO 1:3 C/ IMPERMEABILIZANTE - E = 02,0 CM (VERTICAL)",17.0625,5.4216000000000006,null,null,null,null,22.484100000000002]
["000700","ALVENARIA DE TIJOLO DE BARRO MACICO - E = 10,0 CM",38.820599999999999,43.487499999999997,null,null,null,null,82.308099999999996]
["000780","ALVENARIA BLOCO DE CONCRETO VEDACAO - E=14,0 CM - C=39,0 CM - 03,0 MPA",16.844100000000001,33.872199999999999,null,null,null,null,50.716300000000004]
["000820","ALVENARIA BLOCO DE CONCRETO CANALETA VEDACAO - E=14,0 CM - C=39,0 CM - 03,0 MPA",16.844100000000001,40.831100000000006,null,null,null,null,57.675200000000004]
["000830","ALVENARIA BLOCO DE CONCRETO CANALETA VEDACAO - E=19,0 CM - C=19,0 CM - 03,0 MPA",16.31448,61.0946,null,null,null,null,77.409080000000003]
["001000","FORMA DE TABUA FUNDACAO",21.107099999999999,6.1974999999999998,null,null,null,null,27.304600000000001]
["001780","REGULARIZACAO PISO 1:3 DESEMPENADO E=3CM",10.518689999999999,6.9963999999999995,null,null,null,null,17.515090000000001]
["001910","PINTURA CAIACAO PAREDE EXTERNA 03 DEMAOS",4.5032399999999999,null,null,0,null,null,4.5032399999999999]
["002330","LIMPEZA DA OBRA",3.9312,null,null,null,null,null,3.9312]
["002413","ALVENARIA BLOCO DE CONCRETO ESTRUTURAL - E=14,0 CM - C=39,0 CM - 04,5 MPA",18.17634,7,null,0,null,null,25.17634]
["002414","ALVENARIA BLOCO DE CONCRETO CANALETA ESTRUTURAL - E=14,0 CM - C=39,0 CM - 04,5 MPA",18.17634,7,null,0,null,null,25.17634]
["002481","PINTURA ESMALTE SOBRE ESQUADRIA DE MADEIRA - 2 DEMAOS",5.4091800000000001,4.3148,null,null,null,null,9.723980000000001]
["002684","FECHADURA P/ PORTA EXTERNA - YALE",12.886439999999999,39.700000000000003,null,null,null,null,52.586440000000003]
["002685","FECHADURA P/ PORTA DO BANHEIRO",12.886439999999999,27.3,null,null,null,null,40.186439999999997]
["002687","FECHADURA P/ PORTA INTERNA - GORGES",12.886439999999999,27.2,null,null,null,null,40.086439999999996]
["002746","ESTACA ESCAV MEC D = 25 CM FCK = 15,0 MPa USINADO S/ ARMACAO - SOLO NORMAL",1.886976,null,null,16.592815000000002,null,null,18.479791000000002]
["002888","MICRO CONCRETO GRAUTE 15,0 MPA C/ LANCAMENTO",235.59899999999999,197,null,null,null,null,432.59899999999999]
["002953","CONCRETO USINADO 20,0 MPA SLUMP CONVENCIONAL C/ LANCAMENTO",66.748500000000007,240.71099999999998,30,null,null,null,337.45949999999999]
["002955","BROCA DN 20 CM C/ LANCAMENTO (C/ ESCAVACAO / FCK = 20 MPA / USINADO / S/ ARMACAO)",21.751902899999997,null,null,10.461244499999999,null,null,32.213147399999997]
["003013","CONCRETO USINADO 25,0 MPA SLUMP CONVENCIONAL C/ LANCAMENTO",66.748500000000007,238.96,30,null,null,null,335.70850000000002]
["003015","LOCACAO DE MUROS",0.26258400000000004,null,null,null,null,6.1100000000000002E-2,0.32368400000000003]
["003017","AZULEJO BRANCO 15,0 X 15,0 CM",19.396650000000001,10.4475,null,null,null,null,29.844149999999999]
["151040","REGISTRO DE PRESSAO 3/4'' CROMADO C/ CANOPLA",5.5545,23.447600000000001,null,null,null,null,29.002100000000002]
["151290","BACIA SANITARIA C/ CAIXA ACOPLADA - PADRAO BAIXO",32.02563,275.79000000000002,null,null,null,null,307.81563]
["152030","TUBO PVC BRANCO 100 MM - ESGOTO",7.1097599999999996,6.1292600000000013,null,null,null,null,13.23902]
["152040","TUBO PVC BRANCO 075 MM - ESGOTO",6.2210400000000003,4.7636000000000003,null,null,null,null,10.984640000000001]
["155281","LAVATORIO DE LOUCA C/ COLUNA - BRANCO",32.02563,108.48,null,null,null,null,140.50563]
["155376","TEE PVC SERIE \"R\" 075 MM - ESGOTO",6.6654,10.9086,null,null,null,null,17.573999999999998]
["155468","REGISTRO DE GAVETA 3/4'' CROMADO C/ CANOPLA",5.5545,21.67,null,null,null,null,27.224500000000003]
["300571","TERRAPLENAGEM - CORTE DE MATERIAL DE 1ª CATEGORIA",null,null,null,null,4.58,null,4.58]
["300573","TERRAPLENAGEM - FORNEC. DE MAT. P/ ATERRO, INCLUINDO CORTE,CARGA,TRANS",null,25.3,null,null,null,null,25.3]
["300574","TERRAPLENAGEM - LIMPEZA,BEM COMO,REMOCAO DO SOLO VEGETAL NA ESP.MEDIA DE 10CM,CARGA E TRAN",null,null,null,null,2,null,2]
["300576","TERRAPLENAGEM - TRANSP DE MAT EXCEDENTE ATE 1KM",null,null,null,0,null,null,0]
["400131","ALCAPAO METALICO 0,60 X 0,60 M",24.829349999999998,66.604799999999997,null,4.4066687999999994,null,null,95.840818799999994]
["400132","PINTURA ESMALTE SOBRE ESQUADRIA METALICA (PREDIO)",9.5579399999999985,3.7544,null,null,null,null,13.312339999999999]
["400843","CAIXA DE INSPECAO EM ALVENARIA DE TIJOLO COMUM - 060 X 060 X 070 CM - ESGOTO / AGUAS PLUVIAIS",null,3.74,null,384.0947256,null,null,387.83472560000001]
["401084","PINTURA TEXTURADA ACRILICA (EXTERNA - PREDIOS)",5.0929200000000003,5.2595999999999998,null,null,null,null,10.35252]
["401513","TORNEIRA CROMADA P/ PIA DE COZINHA 1/2''",5.5545,26.161199999999997,null,null,null,null,31.715699999999998]
["401514","TORNEIRA P/LAVATORIO CROMADA",5.5545,18.211199999999998,null,null,null,null,23.765699999999999]
["401646","PISO CERAMICO 30,0 X 30,0 CM C/ REJUNTE",18.547619999999998,11.836000000000002,null,null,null,null,30.383620000000001]
["401702","TORNEIRA CROMADA CURTA P/TANQUE 3/4''",5.5545,14.2112,null,null,null,null,19.765699999999999]
["402096","TELHA DE FIBROCIMENTO ONDULADA - E = 05,0 MM",4.8879599999999996,14.350999999999999,null,null,null,null,19.238959999999999]
["402485","FORMA DE COMPENSADO PLASTIFICADO 18,0 MM\n",26.6616,23.388000000000002,null,null,null,null,50.049599999999998]
["403204","TORNEIRA P/ JARDIM AMARELA 1\"",14.441700000000001,14.646800000000001,null,null,null,null,29.088500000000003]
["500000","LOCACAO DA OBRA",3.5548799999999998,0.95699999999999996,null,null,null,null,4.5118799999999997]
["500001","RADIER",10.111920000000001,43.301000000000002,null,null,null,null,53.41292]
["500003","BROCA DN 20 CM - C/ ESCAVACAO, C/ ARMACAO E LANCAMENTO",19.556405399999999,10.257133999999999,null,null,null,null,29.813539399999996]
["500004","LASTRO DE CONCRETO MAGRO",141.41399999999999,141.47999999999999,null,null,null,0.38250000000000001,283.2765]
["500007","IMPERMEABILIZACAO DOS BALDRAMES",14.51268,5.4216000000000006,null,0,null,null,19.934280000000001]
["500015","ARMACAO ACO CA-50 MEDIA",1.7774399999999999,4.4790000000000001,null,null,null,null,6.2564399999999996]
["500016","LAJE DE FORRO PRE-FABRICADA",10.633560000000001,49.254599999999996,0,null,null,null,59.888159999999999]
["500027","CALHA TIPO RUFO EM CHAPA GALVANIZADA Nº 26 D = 030 CM",null,16.187900000000003,null,null,null,null,16.187900000000003]
["500031","CHAPISCO",1.0783500000000001,1.1674000000000002,null,null,null,null,2.2457500000000001]
["500033","EMBOCO",14.881229999999999,3.855,null,null,null,null,18.736229999999999]
["500034","EMBOCO C/ ARGAMASSA USINADA (CASA TERREA)",12.508859999999999,10.08,null,null,null,null,22.588859999999997]
["500038","CALÇADA EXTERNA 7CM",19.410299999999999,15.196,null,null,null,6.25E-2,34.668799999999997]
["500048","LATEX PVA",3.7770600000000001,1.4923999999999999,null,null,null,null,5.2694600000000005]
["500049","LATEX ACRILICO",3.7770600000000001,1.7287000000000001,null,null,null,null,5.5057600000000004]
["500050","PINTURA ESMALTE SOBRE ESQUADRIA METALICAS (CASA TERREA)",5.3835600000000001,3.4049999999999994,null,null,null,null,8.7885600000000004]
["500054","VIDRO LISO",null,94.26,null,null,null,null,94.26]
["500058","PIA DE GRANITO 1,20 X 0,60 M C/ CUBA DE INOX",32.350499999999997,267.83999999999997,null,null,null,null,300.19049999999999]
["500069","VENEZIANA DE CORRER METALICO 1,50 X 1,10 M",58.763249999999999,163.08760000000001,null,null,null,null,221.85085000000001]
["500090","PORTAO METALON 30 X 20",31.919160000000002,206,null,39.229600000000005,null,null,277.14876000000004]
["500139","PAISAGISMO - PLANTIO DE GRAMA EM PLACAS (JARDINS)",1.926288,5.43,null,null,null,null,7.3562879999999993]
["500142","ASSENTAMENTO DAS PRIMEIRAS FIADAS C/ ARGAMASSA C/ IMPERMEABILIZANTE",3.2350500000000002,3.09212,null,null,null,null,6.3271700000000006]
["500146","BATENTE EM MADEIRA - 0,80 X 2,10 M - REQUADRO 055 MM",21.135660000000001,62.893000000000001,null,null,null,null,84.028660000000002]
["500147","BATENTE EM MADEIRA - 0,70 X 2,10 M - REQUADRO 055 MM",21.135660000000001,65.671340000000001,null,null,null,null,86.807000000000002]
["500148","PORTA DE MADEIRA C/ MIOLO SEMI-OCO - 0,70 X 2,10 M - 1F S/ BATENTE",14.219519999999999,65,null,null,null,null,79.219520000000003]
["500149","PORTA DE MADEIRA C/ MIOLO SEMI-OCO - 0,80 X 2,10 M - 1F S/ BATENTE",14.219519999999999,70,null,null,null,null,84.219520000000003]
["500154","RODAPE CERAMICO H = 05,0 CM",1.0783500000000001,0.63679999999999992,null,null,null,null,1.71515]
["500262","TANQUE DE MARMORE SINTETICO",33.326999999999998,176.79,null,null,null,null,210.11699999999999]
["500297","PINTURA ESMALTE SOBRE ESTRUTURA METALICA",5.7766799999999998,1.1265999999999998,null,null,null,null,6.9032799999999996]
["500466","ABRIGO PARA HIDROMETRO C/ TAMPA",null,null,null,273.28322079999998,null,null,273.28322079999998]
["500468","CALHA DE CHAPA GALVANIZADA Nº 26 D = 050 CM",null,26.469000000000001,null,null,null,null,26.469000000000001]
["500488","MURO DE DIVISA PADRAO EM ALVENARIA - H = 1,50 M",null,null,null,274.59675662999996,null,null,274.59675662999996]
["600216","PLACA DE IDENTIFICACAO - NUMERACAO DAS CASAS",1.08108,10,null,null,null,null,11.08108]
["600226","CALHA TIPO PINGADEIRA EM CHAPA GALVANIZADA Nº 26 D = 030 CM",null,18.910499999999999,null,null,null,null,18.910499999999999]
["600237","INSTALACAO ELETRICA - ENTRADA DE ENERGIA",151.893,492.57499999999999,null,null,null,null,644.46799999999996]
["600238","INSTALACAO ELETRICA - TUBULACAO + CAIXAS",319.93920000000003,170.49,null,null,null,null,490.42920000000004]
["600239","INSTALACAO ELETRICA - FIACAO",133.30799999999999,419.69200000000001,null,null,null,null,553]
["600240","INSTALACAO ELETRICA - ILUMINACAO, TOMADAS E INTERRUPTORES",122.19900000000001,321.82000000000005,null,null,null,null,444.01900000000006]
["600241","INSTALACAO ELETRICA - QUADRO DE DISTRIBUICAO",29.994300000000003,263.08,null,null,null,null,293.07429999999999]
["600242","INSTALACAO HIDRAULICA - ENTRADA DE AGUA FRIA",115.244766,442.85980000000001,null,null,null,null,558.10456599999998]
["600243","INSTALACAO HIDRAULICA - DISTRIBUICAO DE AGUA",126.6426,88.114200000000011,null,null,null,null,214.7568]
["600244","INSTALACAO HIDRAULICA - CAIXA D'AGUA",88.649820000000005,187.14129999999997,null,null,null,null,275.79111999999998]
["600245","INSTALACAO HIDRAULICA - ESGOTO EXTERNO",151.08240000000001,380.79399999999998,null,143.68605460000001,null,null,675.56245460000002]
["600246","INSTALACAO HIDRAULICA - ESGOTO INTERNO",179.41034999999999,122.455,null,null,null,null,301.86534999999998]
["600284","CAIXA DE GORDURA PRE-MOLDADA V = 23,5 L",null,null,null,143.68605460000001,null,null,143.68605460000001]
["600285","PLUG PVC BRANCO 075 MM - ESGOTO",0.4914,2.29,null,null,null,null,2.7814000000000001]
["600627","IMPERMEABILIZACAO C/ SIKATOP",3.2350500000000002,1.22,null,null,null,null,4.45505]
["600681","BARRADO IMPERMEABILIZADO EXTERNO COM IGOFLEX",1.8673199999999999,4.0823999999999998,null,null,null,null,5.9497199999999992]
["600930","SILICONE INCOLOR",1.0221119999999999,0.81399999999999995,null,null,null,null,1.836112]
["600961","VENEZIANA EM ACO GALVANIZADO DE CORRER LATERAL 1,80 X 1,10 M",59.872176000000003,215.26220000000001,null,null,null,null,275.13437600000003]
["601051","VITRO MAXIM-AR EM ACO GALVANIZADO 1 FOLHA MOVEL (0,80X0,60M)",21.845460000000003,115.4045,null,null,null,null,137.24995999999999]
["601063","SOLEIRA DE ARDOSIA E=2CM L=15CM",9.0199200000000008,12.496700000000001,null,null,null,null,21.516620000000003]
["601077","BIT DE ARDOSIA E=2CM L=4CM",9.0199200000000008,3.7033,null,null,null,null,12.723220000000001]
["611154","ESTRUTURA METALICA P/ TELHA  CERAMICA (EQUIP. COMUNITARIOS)",null,80,null,null,null,null,80]
["611364","VITRO ACO GALVANIZADO DE CORRER LATERAL 2,00 X 1,10 M",66.525732000000005,113.64236,null,null,null,null,180.168092]
["611365","LIGACAO DOMICILIAR - AGUA POTAVEL",84.428399999999996,23.262999999999998,null,null,null,null,107.69139999999999]
["611366","LIGACAO DOMICILIAR - ESGOTO SANITARIO",94.115447999999986,207.29249999999999,null,null,null,null,301.40794799999998]
["(vazio)","(vazio)",null,null,null,0,null,null,0]
["Total Geral",null,3688.5054002999991,7637.6596140000001,90,1290.03714053,6.58,2.2910999999999997,12715.07325483]

{"sheet":"Curva ABC - Insumos","index":5,"n_rows":222,"n_cols":6,"rows_kept":222,"cut":false,"hidden":false,"merged":[]}
["Tipo","(Vários itens)"]
[]
[null,null,null,"Valores"]
["Insumo","Descrição ","Unid ","Quant ","Valor ","Total "]
["F20007","PEDREIRO","H",715.42826799999989,11.73899999999999,8398.4124380519988]
["F20009","SERVENTE","H",804.43551999999977,9.8279999999999887,7905.9922905599988]
["M10030","BLOCO DE CONCRETO VEDACAO - 14,0 X 19,0 X 39,0 CM - 03,0 MPA","UN",2530.0197000000003,1.94,4908.2382180000004]
["M91402","ESTRUTURA METALICA P/ TELHA DE CERAMICA (EQUIPAMENTOS COMUNITARIOS)","M2",56.03,80,4482.3999999999996]
["F20001","AJUDANTE GERAL","H",317.91825,9.8279999999999887,3124.5005610000012]
["M91342","ARGAMASSA DE ASSENTAMENTO MULTIPLO USO RESISTENCIA 03,5 MPA","KG",5701.4049999999988,0.35000000000000003,1995.4917499999999]
["M13041","CONCRETO USINADO 25,0 MPA - SLUMP CONVENCIONAL","M3",7.9043950000000009,232,1833.8196400000002]
["M10020","CIMENTO","KG",4649.3404,0.37999999999999995,1766.7493520000003]
["M10203","ACO CA-50 - (MEDIA)","KG",410.38680000000005,4,1641.5472000000002]
["M30187","TERRAPLENAGEM - FORNEC. DE MAT. P/ ATERRO, INCLUINDO CORTE,CARGA,TRANS","M3",63,25.3,1593.9]
["M10746","CONCRETO USINADO 20,0 MPA - SLUMP CONVENCIONAL","M3",6.4519184000000003,233.7,1507.81333008]
["F20008","PINTOR ","H",109.1721,12.39,1352.642319]
["M10034","LAJE PRE E=8CM  ","M2",52.57,22,1156.54]
["M10013","AREIA MEDIA","M3",19.463215199999997,40,778.52860799999996]
["M16092","PORTAO P/ PEDESTRE METALON 30 X 20","M2",3.75,206,772.5]
["M80302","PINGADEIRA EM CHAPA GALVANIZADA N°26 D=30CM","MT",41.097000000000001,17.68,726.59496000000001]
["F20005","ENCANADOR ","H",55.78,12.389999999999997,691.11419999999998]
["M15175","TELHA DE FIBROCIMENTO OND E = 5 MM","M2",64.4345,10.38,668.8301100000001]
["F20003","CARPINTEIRO","H",52.712450000000004,12.39,653.10725550000006]
["M10018","CAL HIDRATADA","KG",1478.7535,0.43000000000000005,635.86400500000002]
["M16023","CALHA TIPO RUFO DE CHAPA GALVANIZADA Nº 26 D = 030 CM (COLOCADO)","MT",40.788000000000004,15.38,627.3194400000001]
["M16042","VIDRO LISO","M2",6.31,94.26,594.78060000000005]
["M15092","TELA SOLDAVEL Q-092","M2",90.181000000000012,6.09,549.20229000000006]
["M80285","FORMA METALICA P/ RADIER","M2",6.2433000000000005,83,518.1939000000001]
["M10038","BLOCO DE CONCRETO CANALETA VEDACAO - 14,0 X 19,0 X 39,0 CM - 03,0 MPA","UN",176.9924,2.4700000000000002,437.17122800000004]
["F20004","ELETRICISTA","H",34.75,12.39,430.55250000000001]
["F20006","FERREIRO","H",33.123599999999996,12.39,410.40140400000007]
["M15049","PISO CERAMICO 30 X 30 CM\n","M2",52.882800000000003,7.5,396.62100000000004]
["M90248","CALHA DE CHAPA GALVANIZADA Nº 26 D = 050 CM (COLOCADO)","MT",15.151300000000001,25.2,381.81276000000003]
["M10007","TABUA DE MADEIRA DE LEI 01 X 12\"' - 02,5 X 30,0 CM\n","MT",69.467799999999997,4.82,334.83479599999998]
["M16288","TUBO - PVC BRANCO NORMAL - PB - DE - 100 MM - ESGOTO","MT",55.747500000000002,5.74,319.99065000000002]
["M10815","PINTURA - TEXTURA ACRILICA","KG",107.136,2.76,295.69535999999994]
["M90008","CHAPA - 18 MM - PLASTIFICADO","M2",10.18,28.8,293.18400000000003]
["T30012","TERRAPLENAGEM - CORTE DE MATERIAL DE 1ª CATEGORIA","M3",63,4.58,288.54000000000002]
["M16034","PORTA DE MADEIRA - 0,80 X 2,10 M - 1F C/ MIOLO SEMI-OCO E=3,5 CM","UN",4,70,280]
["M30002","GRAMA EM PLACAS","M2",47.86,5.43,259.87979999999999]
["M80283","CAIXA DE PROTECAO DE HIDROMETRO C/ KIT DE INSTALACAO","UN",1,252.1,252.1]
["M30467","TERRAPLENAGEM - LIMPEZA,BEM COMO,REMOCAO DO SOLO VEGETAL NA ESP.MEDIA DE 10CM,CARGA E TRAN","M2",125,2,250]
["M91619","BATENTE EM MADEIRA - 0,80 X 2,10 M - REQUADRO 055 MM","UN",4,61.49,245.96]
["M80225","CAIXA DE INSPECAO PRE MOLD. 0,45 X 0,45 X 0,45 M","UN",4,60,240]
["M11058","BACIA SANITARIA C/ CAIXA ACOPLADA - PADRAO BAIXO","UN",1,225,225]
["M10002","PONTALETE DE MADEIRA DE LEI - 03 X 03\" - 07,0 X 07,0 CM","MT",88.367000000000004,2.54,224.45218]
["M91156","VENEZIANA ACO GALVANIZADO DE CORRER LATERAL 1,80 X 1,10 M","UN",1,212,212]
["M12083","FIO DE COBRE ISOLADO - 750V - # 16,0MM²","MT",69,3.01,207.69]
["M16053","PIA DE GRANITO 1,20 X 0,60M COM CUBA DE INOX","UN",1,189,189]
["M12289","GLOBO LEITOSO DE VIDRO","UN",6,31.5,189]
["M10060","PINTURA - LATEX ACRILICO","L",35.196800000000003,5.33,187.59894400000002]
["M10086","PINTURA - SELADOR ACRILICO","L",49.084800000000001,3.78,185.54054399999998]
["M16412","TUBO - PVC VINILFORT (OCRE) JEI - PB - DE - 100 MM - ESGOTO","MT",15.15,11.95,181.04249999999999]
["M12334","POSTE DE CONCRETO DUPLO ''T'' - 07,5 M - CAPACIDADE 90 KGF","UN",1,175.6,175.6]
["M10015","PEDRA - BRITA Nº1","M3",4.9065340000000006,35,171.72869]
["M12025","FIO DE COBRE ISOLADO - 750V - # 02,5MM²\n","MT",248.4,0.68,168.91200000000001]
["M16063","VENEZIANA DE CORRER METALICO 1,50 X 1,10 M","UN",1,160,160]
["F20012","TELHADISTA","H",12.326600000000001,12.39,152.72657400000003]
["M10091","ACO CA-50 - 06,3 MM","KG",42.471000000000004,3.59,152.47089]
["M10033","TIJOLO DE BARRO 05,0 X 10,0 X 20,0 CM","UN",752.6400000000001,0.2,150.52800000000002]
["M10065","PINTURA - AGUA RAZ","L",22.513325000000002,6.28,141.38368100000002]
["M80223","CAIXA D'AGUA POLIETILENO - 500 L","UN",1,137.19999999999999,137.19999999999999]
["M10799","CIMENTO COLANTE  ","KG",456.65999999999997,0.3,136.99799999999999]
["M16039","PINTURA - LATEX PVA","L",34.340000000000003,3.94,135.2996]
["M10039","BLOCO DE CONCRETO CANALETA VEDACAO - 19,0 X 19,0 X 19,0 CM - 03,0 MPA","UN",66.962999999999994,1.96,131.24748]
["M10156","PINTURA - TINTA ESMALTE","L",10.2942,12.12,124.765704]
["M10227","AZULEJO BRANCO 15 X 15 CM","M2",16.138500000000001,7.5,121.03875000000001]
["M91258","VITRO MAXIM-AR EM ACO GALVANIZADO 1 FOLHA MOVEL (0,80X0,60M)","UN",1,115,115]
["M53502","TANQUE - MARMORE SINTETICO","UN",1,112.9,112.9]
["M91156-1","VITRO ACO GALVANIZADO DE CORRER LATERAL 2,00 X 1,10 M","UN",1,110,110]
["M10003","RIPA DE MADEIRA DE LEI - 05,0 X 01,5 CM","MT",68.650400000000005,1.6,109.84064000000001]
["M10011","SARRAFO DE MADEIRA DE LEI - 01 X 04\" - 02,5 X 10,0 CM\n","MT",78.497900000000001,1.27,99.692333000000019]
["M12281","ELETRODUTO DE POLIETILENO SEMI RIGIDO - SELO VERMELHO - 3/4\"","MT",132.25,0.75,99.1875]
["M80210","CAIXA DE MEDICAO TIPO IV","UN",1,88.4,88.4]
["M10220","REJUNTE","KG",50.430700000000009,1.67,84.219269000000011]
["M90922","IMPERMEABILIZANTE - IGOLFLEX","L",7.1532,11.34,81.117288000000002]
["M11072","TORNEIRA BOIA P/ CAIXA D'AGUA - PVC - DE - 050 MM","UN",1,80.040000000000006,80.040000000000006]
["M16021","PARAFUSO 8 x 110 mm P/ TELHA DE FIBROCIMENTO","UN",79.562600000000003,1,79.562600000000003]
["M16427","HIDROMETRO 3/4\" - Q = 01,5 M³/H","UN",1,78.959999999999994,78.959999999999994]
["M80271","BARRAMENTO N+T P/ 12 DISJUNTORES ","UN",2,38.909999999999997,77.819999999999993]
["M10078","PREGO 18 X 27 MM","KG",15.38349,4.95,76.148275500000011]
["M11048","TUBO - PVC SOLDAVEL - PB - DE - 025 MM - AGUA FRIA","MT",45.199999999999996,1.61,72.772000000000006]
["M12352","CABO DE COBRE NU # 10,0 MM²","MT",21.5,3.38,72.669999999999987]
["M12125","QUADRO DE DISTRIBUICAO EM PVC P/12 DISJUTORES - VAZIO","UN",1,69.23,69.23]
["M11063","PARAFUSO CROMADO COMPLETO P/ FIXACAO DE APARELHO SANITARIO","UN",5,13.5,67.5]
["M11051","TUBO - PVC BRANCO NORMAL - PB - DE - 050 MM - ESGOTO\n","MT",17.97,3.74,67.207800000000006]
["M16073","ALCAPAO METALICO 0,60 X 0,60 M","UN",1,66.099999999999994,66.099999999999994]
["M16035","PORTA DE MADEIRA - 0,70 X 2,10 M - 1F C/ MIOLO SEMI-OCO E=3,5 CM","UN",1,65,65]
["M91617","BATENTE EM MADEIRA - 0,70 X 2,10 M - REQUADRO 055 MM","UN",1,61.49,61.49]
["M16331","DISPOSITIVO DIFERENCIAL RESIDUAL - 2P - 63A - 30 mA","UN",1,58.7,58.7]
["M53255","CONJUNTO DE VEDACAO P/ TELHA KALHETAO ","UN",79.562600000000003,0.7,55.693820000000002]
["M10063","FECHADURA P/ PORTA INTERNA GORGES","UN",2,27.2,54.4]
["M12026","FIO DE COBRE ISOLADO - 750V - # 01,5MM²","MT",120.75,0.42,50.714999999999996]
["M16045","LAVATORIO LOUCA C/ COLUNA","UN",1,50.29,50.29]
["M16051","PES CONCRETO ","UN",2,25,50]
["M53499","SUPORTE METALICO P/ TANQUE DE MARMORE SINTETICO","UN",2,25,50]
["M16287","TUBO - PVC BRANCO NORMAL - PB - DE - 075 MM - ESGOTO","MT",9.7515000000000001,4.49,43.784235000000002]
["M11460","REGISTRO DE GAVETA - ACAB. CROMADO - 3/4\" C/ CANOPLA","UN",2,21.67,43.34]
["M12423","CAIXA METALICA OCTOGONAL ESTAMPADA C/ FUNDO MOVEL","UN",12,3.5,42]
["M10062","FECHADURA P/ PORTA INTERNA YALE","UN",1,39.700000000000003,39.700000000000003]
["M16005","IMPERMEABILIZANTE - SIKATOP","KG",18.9832,2,37.9664]
["M16338","TABUA DE MADEIRA DE LEI 01 X 09\"' - 02,5 X 22,5 CM","MT",15.770999999999999,2.39,37.692689999999999]
["M10085","PINTURA - FUNDO (BRANCO FOSCO)","L",2.665,13.8,36.777000000000001]
["M10143","CONCRETO USINADO 15,0 MPA - SLUMP CONVENCIONAL","M3",0.1452,228.26,33.143351999999993]
["M10028","ARAME RECOZIDO ","KG",8.2809000000000008,3.9499999999999997,32.709555000000002]
["M10071","PINTURA - ZARCAO","L",4.0278,7.97,32.101565999999998]
["M12039","FIO DE COBRE ISOLADO - 750V - # 06,0MM²","MT",17.25,1.8,31.05]
["M91626","ARGAMASSA PRONTA ENSACADA PARA REVESTIMENTO (CIMENTO+AREIA+CAL)","KG",119.28,0.24,28.627199999999998]
["M10082","IMPERMEABILIZANTE - VEDACIT","L",14.841080000000002,1.89,28.0496412]
["M10064","FECHADURA P/ BANHEIRO","UN",1,27.3,27.3]
["M11810","TORNEIRA CROMADA LONGA P/ PIA C23 - 1/2\"","UN",1,26.15,26.15]
["M12045","HASTE DE ATERRAMENTO COBRE 5/8'' X 2,4 M","UN",2,12.63,25.26]
["M12422","CAIXA DE PVC 4X2'' - EMBUTIR","UN",20,1.24,24.8]
["M50341","LONA PLASTICA PRETA ","M2",70.757400000000004,0.35,24.765090000000001]
["M12143","CONJUNTO - 4 X 2\" - (1 TOMADA 20A 2P+T)","UN",9,2.74,24.660000000000004]
["M10067","LIXA P/ MADEIRA","UN",110.46000000000001,0.22,24.301200000000001]
["M16044","ENGATE CROMADO  ","UN",3,8.07,24.21]
["M11037","REGISTRO DE PRESSAO - ACAB. CROMADO - 3/4\" C/ CANOPLA","UN",1,23.41,23.41]
["M90342","ADAPTADOR CURTO P/ CAIXA D'AGUA C/ FLANGES - PVC SOLDAVEL - DE - 025 X 3/4\" - AGUA FRIA","UN",3,7.73,23.19]
["M12056","FITA ISOLANTE","MT",40,0.56000000000000005,22.400000000000002]
["M11049","TUBO - PVC SOLDAVEL - PB - DE - 032 MM - AGUA FRIA","MT",7.8599999999999994,2.82,22.165199999999999]
["M19064","ELETRODUTO DE POLIETILENO SEMI RIGIDO - SELO AZUL - 1\"","MT",17.25,1.25,21.5625]
["M90343","ADAPTADOR CURTO P/ CAIXA D'AGUA C/ FLANGES - PVC SOLDAVEL - DE - 032 X 1\" - AGUA FRIA","UN",3,7.14,21.419999999999998]
["M80280","CAIXA SIFONADA QUADRADA C/ ANTI-ESPUMA - PVC BRANCO NORMAL - DE - 150 X 150 X 050 MM - ESGOTO","UN",1,20.38,20.38]
["M11099","CAIXA SIFONADA MONT. C/ GRELHA E PORTA GRELHA - PVC BRANCO NORMAL - DE - 150 X 150 X 050 MM - ESGOTO","UN",1,20.38,20.38]
["M10016","PEDRA - BRITA Nº2","M3",0.564392,35,19.753720000000001]
["M91272","SOLEIRA DE ARDOSIA E=2CM L=15CM","MT",1.6800000000000002,11.03,18.5304]
["M11073","TORNEIRA CURTA P/ LAVATORIO 1193 C23 - 1/2\"","UN",1,18.2,18.2]
["M16456","PINTURA - SELADOR ACRILICO P/ TEXTURA","L",7.1423999999999994,2.4300000000000002,17.356031999999999]
["M10017","PEDRA - PEDRISCO","M3",0.42315000000000008,40,16.926000000000002]
["M11294","PARAFUSO - 3,5 X 25 MM - AUTO ATARRACHANTE","UN",16,1,16]
["M16334","PLAFONIER C/ SOQUETE","UN",8,1.97,15.76]
["M16417","SELIM ELASTICO 90°00' - PVC VINILFORT (OCRE) - DE - 150 X 100 MM - ESGOTO","UN",1,15.75,15.75]
["M50058","TORNEIRA P/ JARDIM AMARELA 1\"","UN",1,14.63,14.63]
["M11020","JOELHO 90º00' C/ BUCHA EM LATAO - PVC SOLDAVEL - BR - DE - 025 MM X 1/2\" - AGUA FRIA","UN",6,2.4,14.399999999999999]
["M11809","TORNEIRA CROMADA CURTA P/ TANQUE 1128 - 1/2 X 3/4\" ","UN",1,14.2,14.2]
["M11807","ASSENTO PARA BACIA SANITARIA  ","UN",1,14.08,14.08]
["M11084","LUBRIFICANTE P/ PVC","L",1.1985000000000003,11.62,13.926569999999998]
["M80208","DISJUNTOR - DIN - MON - 070A","UN",1,13.4,13.4]
["M10068","LIXA P/ FERRO ","UN",12.488500000000002,1.07,13.362695000000002]
["M80205","ARMACAO TIPO C1 P/ HASTE METALICA - C/ ISOLADOR E ROLDANA","UN",2,6.3,12.6]
["M16332","DISJUNTOR - DIN - MON - 010 / 030A","UN",2,6.08,12.16]
["M11804","VALVULA AMERICANA PVC P/ PIA - 1.1/2''","UN",1,12.12,12.12]
["M12010","CONJUNTO - 4 X 2\" - (1 INT SIMPLES)","UN",6,1.94,11.64]
["M12144","CONJUNTO - 4 X 2\" - (1 CIGARRA 60 HZ)","UN",1,11.04,11.04]
["M12720","CONJUNTO - 4 X 2\" - (2 TOMADA 20A 2P+T)","UN",2,5.48,10.96]
["M11177","CURVA 45º00' CURTA - PVC VINILFORT (OCRE) - PB-JEI - DE - 100 MM - ESGOTO","UN",1,10.5,10.5]
["M90241","PLACA DE IDENTIFICACAO - NUMERACAO DE CASAS","UN",1,10,10]
["M13136","TEE - PVC SERIE \"R\" - 3B-JE - DE - 075 X 075 MM - ESGOTO","UN",1,9.92,9.92]
["M12127","BARRAMENTO BIFASICO 02 X 06 - 80A, P/ DISJ. DIN","UN",1,9.6,9.6]
["M11165","TUBO - PVC BRANCO NORMAL - PB - DE - 040 MM - ESGOTO","MT",4.96,1.91,9.4735999999999994]
["M90270","CONJUNTO - 4 X 4\" - (1 TOMADA TELEFONE + 1 CONX ANTENA)","UN",1,9.4,9.4]
["M16299","JOELHO 90º00' - PVC BRANCO NORMAL - DE - 050 MM - ESGOTO","UN",4,2.2999999999999998,9.1999999999999993]
["M80194","ADAPTADOR P/ MAQUINA DE LAVAR - 38 MM","UN",1,9.07,9.07]
["M12044","CABO TELEFONICO - CCI - 01 PAR","MT",34.5,0.26,8.9700000000000006]
["M11068","SIFAO PVC P/ PIA - 1.1/2\"","UN",1,8.65,8.65]
["M12494","DISJUNTOR - DIN - MON - 040A","UN",1,8.57,8.57]
["M53504","VALVULA P/ TANQUE - 1.1/4","UN",1,8.4700000000000006,8.4700000000000006]
["M11056","TUBO DE LIGACAO FLEXIVEL","UN",2,4.12,8.24]
["M80207","MASSA CALAFETADORA  ","KG",0.5,16.3,8.15]
["M11015","CURVA 90º00' CURTA - PVC BRANCO NORMAL - DE - 100 MM - ESGOTO","UN",1,8.1199999999999992,8.1199999999999992]
["M10090","ACO CA-50 - 08,0 MM","KG",2.2000000000000002,3.59,7.8980000000000006]
["M10080","PREGO 15 X 15 MM","KG",1.3239000000000001,5.7,7.5462300000000004]
["M11267","VALVULA - PVC - 1 X 2\" - S/LADRAO P/ LAVATORIO","UN",1,7.2,7.2]
["M10458","CONECTOR P/ HASTE DE ATERRAMENTO - 5/8'' - 2 CABOS","UN",1,7.04,7.04]
["M91290","BIT DE ARDOSIA E=2CM L=4CM","MT",2.1524999999999999,2.94,6.3283499999999995]
["M80213","DISJUNTOR - DIN - MON - 010 / 030A","UN",1,5.85,5.85]
["M16333","DISJUNTOR - DIN - MON - 015 / 030A","UN",1,5.85,5.85]
["M12471","CONJUNTO - 4 X 2\" - (1 TOMADA RJ-11, P/ TELEFONE)","UN",2,2.89,5.78]
["M13043","ARAME DE ACO GALVANIZADO Nº 14","KG",1,5.43,5.43]
["M53503","SIFAO PVC P/ TANQUE SANFONADO","UN",1,5.42,5.42]
["M80211","CAIXA DE INSPECAO PVC ATERRAMENTO CONICA C/ TAMPA - 175 X 50 MM","UN",2,2.67,5.34]
["M80275","CAIXA SECA C/ GRELHA PLASTICA - PVC BRANCO NORMAL - DE - 100 X 100 X 040 MM - ESGOTO","UN",1,5.23,5.23]
["M12284","BENGALA PVC 4 M - 1\"","UN",1,5.15,5.15]
["M80270","BARRA DE ESTANHO ","BR",1,4.83,4.83]
["M11010","JOELHO 90º00' - PVC SOLDAVEL - 2B - DE - 032 MM - AGUA FRIA","UN",6,0.8,4.8000000000000007]
["M16289","JUNCAO SIMPLES - PVC BRANCO NORMAL - DE - 075 X 050MM - ESGOTO","UN",1,4.68,4.68]
["M16297","JOELHO 90º00' - PVC BRANCO NORMAL - DE - 040 MM - ESGOTO","UN",6,0.71,4.26]
["M16243","JOELHO 90º00' - PVC SOLDAVEL - 2B - DE - 025 MM - AGUA FRIA","UN",15,0.28000000000000003,4.2]
["M11039","TEE C/ BUCHA EM LATAO - PVC SOLDAVEL - DE - 025 MM X 3/4\" - AGUA FRIA","UN",1,4.05,4.05]
["M11102","TEE C/ BUCHA EM LATAO - PVC SOLDAVEL - DE - 025 MM X 1/2\" - AGUA FRIA","UN",1,3.96,3.96]
["M12421","CAIXA DE PVC 4X4'' - EMBUTIR","UN",2,1.97,3.94]
["M12013","CONJUNTO - 4 X 2\" - (2 INT SIMPLES)","UN",1,3.88,3.88]
["M12380","CONECTOR P/ CABO SPLIT BOLD 16 MM²","UN",1,3.83,3.83]
["M11089","ANEL BORRACHA - PVC BRANCO NORMAL - JE - DE - 100 MM - ESGOTO","UN",9.4375,0.38,3.5862500000000006]
["M91050","COLAR DE TOMADA DE PP C/ SAIDA ROSCAVEL 50MM X 1''","UN",1,3.5,3.5]
["E14016","BETONEIRA ","H",2.322254,1.25,2.9028175000000003]
["M11083","TEE - PVC SOLDAVEL - DE - 032 MM - AGUA FRIA","UN",2,1.3,2.6]
["M16049","TUBO DESPEJO ","UN",1,2.42,2.42]
["M11004","ADAPTADOR CURTO P/ REGISTRO - PVC SOLDAVEL -  BR - DE - 032 X 1\" - AGUA FRIA","UN",4,0.59,2.36]
["M12498","TERMINAL PRESSAO TA P/ CABO 16 MM²","UN",1,2.31,2.31]
["M90253","PLUG - PVC BRANCO NORMAL - DE - 075 MM - ESGOTO","UN",1,2.29,2.29]
["M11194","REDUCAO EXCENTRICA - PVC BRANCO NORMAL - DE - 075 X 050 MM - ESGOTO","UN",1,2.2799999999999998,2.2799999999999998]
["M11087","ANEL BORRACHA - PVC BRANCO NORMAL - JE - DE - 050 MM - ESGOTO","UN",9,0.24,2.16]
["M15433","SILICONE INCOLOR EM BISNAGA 300 GR","UN",0.17759999999999998,11,1.9535999999999998]
["M12145","CONJUNTO - 4 X 2\" - (1 INT PULSADOR - TIPO CAMPANHIA)","UN",1,1.94,1.94]
["F20014","AJUDANTE DE TOPOGRAFO","H",0.14880000000000002,12.915000000000001,1.9217520000000003]
["M16296","JOELHO 45º00' - PVC BRANCO NORMAL - DE - 040 MM - ESGOTO","UN",2,0.87,1.74]
["M12221","CURVA 90º00' P/ ELETRODUTO - PVC ROSCAVEL - DE - 1\" - ELETRICA","UN",1,1.72,1.72]
["M11368","BOLSA P/ SAIDA DO VASO SANITARIO 100MM - ESG","UN",1,1.64,1.64]
["F20013","TOPOGRAFO","H",4.9600000000000005E-2,26.901000000000003,1.3342896000000004]
["M16298","JOELHO 45º00' - PVC BRANCO NORMAL - DE - 050 MM - ESGOTO","UN",1,1.31,1.31]
["M90492","ANEL BORRACHA - PVC BRANCO NORMAL - JE - DE - 075 MM - ESGOTO","UN",4.0255000000000001,0.32,1.28816]
["M11038","TEE - PVC SOLDAVEL - 3B-JE - DE - 025 MM - AGUA FRIA","UN",3,0.42,1.26]
["M12066","SUPORTE P/ DISJUNTORES","UN",1,1.24,1.24]
["M11002","ADAPTADOR CURTO P/ REGISTRO - PVC SOLDAVEL -  BR - DE - 025 X 3/4\" - AGUA FRIA","UN",4,0.31,1.24]
["M80269","PARAFUSO 1/2 x 5\" C/ PORCA E ARRUELA P/ PRESBOW ","UN",1,1,1]
["M80268","PARAFUSO 1/2 X 8\" C/ PORCA E ARRUELA P/ CAIXA  ","UN",1,1,1]
["M11114","LUVA DE REDUCAO - PVC SOLDAVEL - PB - DE - 032 X 025 MM - AGUA FRIA","UN",1,0.99,0.99]
["M12396","LUVA P/ ELETRODUTO - PVC ROSCAVEL - DE - 1\" - ELETRICA","UN",1,0.85,0.85]
["M80258","BUCHA DE ALUMINIO - 1.1/4\"","UN",1,0.82,0.82]
["M16320","CONJUNTO - 4 X 2\" - (1 PLACA CEGA C/ FURO CENTRAL)","UN",1,0.76,0.76]
["E14000","EQUIPAMENTO - UTILITARIO FURGAO - 0,7 TON","H",0.12400000000000001,6.11,0.75764000000000009]
["M11789","LUVA - PVC ROSCAVEL - DE - 3/4\" - AGUA FRIA","UN",1,0.68,0.68]
["M80278","BUCHA DE ALUMINIO - 1\"","UN",1,0.54,0.54]
["M11025","ADESIVO PLASTICO P/ PVC 850 ML","UN",0.03,17.09,0.51269999999999993]
["M80259","ARRUELA DE ALUMINIO 1.1/4\"","UN",1,0.41,0.41]
["M11285","PLUG - PVC ROSCAVEL - DE - 1/2 \" - AGUA FRIA","UN",2,0.2,0.4]
["M11085","SOLUCAO LIMPADORA P/ PVC","L",0.02,16.920000000000002,0.33840000000000003]
["M80279","ARRUELA DE ALUMINIO 1\"","UN",1,0.24,0.24]
["M11076","FITA VEDA ROSCA - 18 MM","MT",2.2000000000000002,0.04,8.8000000000000009E-2]
["Total Geral",null,null,21530.221041599987,16.959689908256895,61530.006862991977]

{"sheet":"Curva ABC - Composições","index":6,"n_rows":113,"n_cols":6,"rows_kept":113,"cut":false,"hidden":false,"merged":[]}
["Tipo","(Vários itens)"]
[]
[null,null,null,"Valores"]
["Comp","Descrição","Unid","Quant ","Valor ","Total "]
["000780","ALVENARIA BLOCO DE CONCRETO VEDACAO - E=14,0 CM - C=39,0 CM - 03,0 MPA","M2",192.69,50.716300000000004,9772.5238470000004]
["500033","EMBOCO","M2",421.06000000000006,18.736229999999999,7889.0770037999991]
["611154","ESTRUTURA METALICA P/ TELHA  CERAMICA (EQUIP. COMUNITARIOS)","M2",56.03,80,4482.3999999999996]
["500001","RADIER","M2",69.37,53.41292,3705.2542604000005]
["500016","LAJE DE FORRO PRE-FABRICADA","M2",52.570000000000014,59.888159999999999,3148.3205711999999]
["500015","ARMACAO ACO CA-50 MEDIA","KG",319.60500000000002,6.2564400000000004,1999.5895062000002]
["300573","TERRAPLENAGEM - FORNEC. DE MAT. P/ ATERRO, INCLUINDO CORTE,CARGA,TRANS","M3",63,25.3,1593.9]
["401646","PISO CERAMICO 30,0 X 30,0 CM C/ REJUNTE","M2",45.6,30.383620000000001,1385.493072]
["500038","CALÇADA EXTERNA 7CM","M2",37.719999999999992,34.668800000000005,1307.707136]
["402485","FORMA DE COMPENSADO PLASTIFICADO 18,0 MM\n","M2",25.449999999999996,50.049600000000005,1273.76232]
["500049","LATEX ACRILICO","M2",207.04,5.5057600000000004,1139.9125504000001]
["402096","TELHA DE FIBROCIMENTO ONDULADA - E = 05,0 MM","M2",56.029999999999994,19.238959999999999,1077.9589288000002]
["500048","LATEX PVA","M2",202,5.2694599999999996,1064.43092]
["500031","CHAPISCO","M2",423.9,2.2457500000000006,951.97342500000002]
["002953","CONCRETO USINADO 20,0 MPA SLUMP CONVENCIONAL C/ LANCAMENTO","M3",2.6912799999999999,337.45949999999999,908.19800315999987]
["500090","PORTAO METALON 30 X 20","M2",3.75,237.91916000000001,892.19685000000004]
["001780","REGULARIZACAO PISO 1:3 DESEMPENADO E=3CM","M2",45.6,17.515089999999997,798.68810399999995]
["000820","ALVENARIA BLOCO DE CONCRETO CANALETA VEDACAO - E=14,0 CM - C=39,0 CM - 03,0 MPA","M2",13.48,57.675200000000011,777.46169599999996]
["600226","CALHA TIPO PINGADEIRA EM CHAPA GALVANIZADA Nº 26 D = 030 CM","MT",39.14,18.910499999999999,740.15697]
["000700","ALVENARIA DE TIJOLO DE BARRO MACICO - E = 10,0 CM","M2",8.9600000000000009,82.308099999999996,737.48057600000016]
["600237","INSTALACAO ELETRICA - ENTRADA DE ENERGIA","UN",1,644.46799999999996,644.46799999999996]
["500027","CALHA TIPO RUFO EM CHAPA GALVANIZADA Nº 26 D = 030 CM","MT",39.6,16.187900000000003,641.04084000000012]
["401084","PINTURA TEXTURADA ACRILICA (EXTERNA - PREDIOS)","M2",59.519999999999996,10.35252,616.18199040000002]
["500054","VIDRO LISO","M2",6.31,94.26,594.78060000000005]
["152030","TUBO PVC BRANCO 100 MM - ESGOTO","MT",43.75,13.239020000000002,579.20712500000002]
["600242","INSTALACAO HIDRAULICA - ENTRADA DE AGUA FRIA","UN",1,558.10456599999986,558.10456599999986]
["600239","INSTALACAO ELETRICA - FIACAO","UN",1,553,553]
["600245","INSTALACAO HIDRAULICA - ESGOTO EXTERNO","UN",1,531.87639999999999,531.87639999999999]
["600238","INSTALACAO ELETRICA - TUBULACAO + CAIXAS","UN",1,490.42920000000004,490.42920000000004]
["003017","AZULEJO BRANCO 15,0 X 15,0 CM","M2",15.37,29.844149999999999,458.70458549999995]
["600240","INSTALACAO ELETRICA - ILUMINACAO, TOMADAS E INTERRUPTORES","UN",1,444.01900000000001,444.01900000000001]
["500468","CALHA DE CHAPA GALVANIZADA Nº 26 D = 050 CM","MT",14.71,26.469000000000001,389.35899000000001]
["500139","PAISAGISMO - PLANTIO DE GRAMA EM PLACAS (JARDINS)","M2",47.86,7.3562879999999993,352.07194368]
["500149","PORTA DE MADEIRA C/ MIOLO SEMI-OCO - 0,80 X 2,10 M - 1F S/ BATENTE","UN",4,84.219520000000003,336.87808000000001]
["500146","BATENTE EM MADEIRA - 0,80 X 2,10 M - REQUADRO 055 MM","UN",4,84.028660000000002,336.11464000000001]
["500142","ASSENTAMENTO DAS PRIMEIRAS FIADAS C/ ARGAMASSA C/ IMPERMEABILIZANTE","MT",51.86,6.3271699999999997,328.12703619999996]
["002955","BROCA DN 20 CM C/ LANCAMENTO (C/ ESCAVACAO / FCK = 20 MPA / USINADO / S/ ARMACAO)","MT",14.88,21.751902899999997,323.66831515199999]
["400132","PINTURA ESMALTE SOBRE ESQUADRIA METALICA (PREDIO)","M2",24.19,13.312339999999999,322.02550459999998]
["151290","BACIA SANITARIA C/ CAIXA ACOPLADA - PADRAO BAIXO","UN",1,307.81563,307.81563]
["600246","INSTALACAO HIDRAULICA - ESGOTO INTERNO","UN",1,301.86534999999998,301.86534999999998]
["611366","LIGACAO DOMICILIAR - ESGOTO SANITARIO","UN",1,301.40794800000003,301.40794800000003]
["500058","PIA DE GRANITO 1,20 X 0,60 M C/ CUBA DE INOX","UN",1,300.19049999999999,300.19049999999999]
["600241","INSTALACAO ELETRICA - QUADRO DE DISTRIBUICAO","UN",1,293.07429999999999,293.07429999999999]
["300571","TERRAPLENAGEM - CORTE DE MATERIAL DE 1ª CATEGORIA","M3",63,4.58,288.54000000000002]
["600244","INSTALACAO HIDRAULICA - CAIXA D'AGUA","UN",1,275.79111999999998,275.79111999999998]
["600961","VENEZIANA EM ACO GALVANIZADO DE CORRER LATERAL 1,80 X 1,10 M","UN",1,275.13437600000003,275.13437600000003]
["300574","TERRAPLENAGEM - LIMPEZA,BEM COMO,REMOCAO DO SOLO VEGETAL NA ESP.MEDIA DE 10CM,CARGA E TRAN","M2",125,2,250]
["000040","ESCAVACAO MANUAL DE VALA","M3",7.8649999999999993,30.466799999999999,239.62138199999998]
["000020","LOCACAO DA OBRA","M2",52.57,4.5118800000000006,237.18953160000004]
["001000","FORMA DE TABUA FUNDACAO","M2",8.6750000000000007,27.304600000000001,236.86740500000002]
["002888","MICRO CONCRETO GRAUTE 15,0 MPA C/ LANCAMENTO","M3",0.54250000000000009,432.59899999999999,234.68495750000005]
["000190","ACO CA 50 06,3 MM","KG",38.61,5.8054400000000008,224.14803839999999]
["500069","VENEZIANA DE CORRER METALICO 1,50 X 1,10 M","UN",1,221.85085000000001,221.85085000000001]
["600243","INSTALACAO HIDRAULICA - DISTRIBUICAO DE AGUA","UN",1,214.7568,214.7568]
["500262","TANQUE DE MARMORE SINTETICO","UN",1,210.11699999999999,210.11699999999999]
["002330","LIMPEZA DA OBRA","M2",52.57,3.9312,206.663184]
["002481","PINTURA ESMALTE SOBRE ESQUADRIA DE MADEIRA - 2 DEMAOS","M2",20.5,9.7239799999999992,199.34159000000002]
["000830","ALVENARIA BLOCO DE CONCRETO CANALETA VEDACAO - E=19,0 CM - C=19,0 CM - 03,0 MPA","M2",2.5499999999999998,77.409080000000003,197.39315399999998]
["611364","VITRO ACO GALVANIZADO DE CORRER LATERAL 2,00 X 1,10 M","UN",1,180.16809200000003,180.16809200000003]
["000580","EMBOCO 1:3 C/ IMPERMEABILIZANTE - E = 02,0 CM (VERTICAL)","M2",7.2,22.484099999999998,161.88552000000001]
["155281","LAVATORIO DE LOUCA C/ COLUNA - BRANCO","UN",1,140.50563,140.50563]
["600627","IMPERMEABILIZACAO C/ SIKATOP","M2",31.12,4.45505,138.641156]
["601051","VITRO MAXIM-AR EM ACO GALVANIZADO 1 FOLHA MOVEL (0,80X0,60M)","UN",1,137.24996000000002,137.24996000000002]
["600681","BARRADO IMPERMEABILIZADO EXTERNO COM IGOFLEX","M2",19.87,5.9497199999999992,118.2209364]
["611365","LIGACAO DOMICILIAR - AGUA POTAVEL","UN",1,107.69139999999999,107.69139999999999]
["500154","RODAPE CERAMICO H = 05,0 CM","MT",60.58,1.71515,103.90378699999999]
["400131","ALCAPAO METALICO 0,60 X 0,60 M","UN",1,91.434150000000002,91.434150000000002]
["500147","BATENTE EM MADEIRA - 0,70 X 2,10 M - REQUADRO 055 MM","UN",1,86.807000000000002,86.807000000000002]
["000130","CONCRETO CONSUMO 161,0 KG CIMENTO/M3 - TRACO 1:4:8 - BETONEIRA C/ LANCAMENTO","M3",0.35500000000000004,233.24099999999999,82.800555000000003]
["500050","PINTURA ESMALTE SOBRE ESQUADRIA METALICAS (CASA TERREA)","M2",9.375,8.7885600000000004,82.392750000000007]
["002687","FECHADURA P/ PORTA INTERNA - GORGES","UN",2,40.086439999999996,80.172879999999992]
["500148","PORTA DE MADEIRA C/ MIOLO SEMI-OCO - 0,70 X 2,10 M - 1F S/ BATENTE","UN",1,79.219520000000003,79.219520000000003]
["000270","CONCRETO IN LOCO 15,0 MPA SLUMP CONVENCIONAL C/ LANCAMENTO","M3",0.25600000000000001,289.74900000000002,74.175743999999995]
["000090","APILOAMENTO MANUAL FUNDO VALA","M2",7.6499999999999995,8.5503599999999995,65.410253999999981]
["500297","PINTURA ESMALTE SOBRE ESTRUTURA METALICA","M2",9.375,6.9032799999999996,64.718249999999998]
["500034","EMBOCO C/ ARGAMASSA USINADA (CASA TERREA)","M2",2.84,22.588859999999997,64.152362399999987]
["500003","BROCA DN 20 CM - C/ ESCAVACAO, C/ ARMACAO E LANCAMENTO","MT",2,29.813539399999996,59.627078799999992]
["000150","REATERRO APILOADO DE VALA","M3",3.9375,14.458079999999999,56.928689999999996]
["155468","REGISTRO DE GAVETA 3/4'' CROMADO C/ CANOPLA","UN",2,27.224500000000003,54.449000000000005]
["002684","FECHADURA P/ PORTA EXTERNA - YALE","UN",1,52.586440000000003,52.586440000000003]
["002685","FECHADURA P/ PORTA DO BANHEIRO","UN",1,40.186439999999997,40.186439999999997]
["601063","SOLEIRA DE ARDOSIA E=2CM L=15CM","MT",1.5999999999999999,21.51662,34.426591999999999]
["401513","TORNEIRA CROMADA P/ PIA DE COZINHA 1/2''","UN",1,31.715699999999998,31.715699999999998]
["403204","TORNEIRA P/ JARDIM AMARELA 1\"","UN",1,29.088500000000003,29.088500000000003]
["151040","REGISTRO DE PRESSAO 3/4'' CROMADO C/ CANOPLA","UN",1,29.002100000000002,29.002100000000002]
["000310","CONCRETO USINADO 15,0 MPA SLUMP CONVENCIONAL C/ LANCAMENTO","M3",0.08,331.85629999999998,26.548503999999998]
["601077","BIT DE ARDOSIA E=2CM L=4CM","MT",2.0500000000000003,12.723220000000003,26.082600999999997]
["401514","TORNEIRA P/LAVATORIO CROMADA","UN",1,23.765699999999999,23.765699999999999]
["401702","TORNEIRA CROMADA CURTA P/TANQUE 3/4''","UN",1,19.765699999999999,19.765699999999999]
["155376","TEE PVC SERIE \"R\" 075 MM - ESGOTO","UN",1,17.573999999999998,17.573999999999998]
["000510","CHAPISCO - TRACO 1:3 - VERTICAL","M2",7.2,2.2457500000000006,16.169400000000003]
["400843","CAIXA DE INSPECAO EM ALVENARIA DE TIJOLO COMUM - 060 X 060 X 070 CM - ESGOTO / AGUAS PLUVIAIS","UN",4,3.74,14.96]
["000100","LASTRO DE BRITA","M3",0.22,59.138800000000003,13.010536000000002]
["000200","ACO CA 50 08,0 MM","KG",2,5.8054400000000008,11.610880000000002]
["600216","PLACA DE IDENTIFICACAO - NUMERACAO DAS CASAS","UN",1,11.08108,11.08108]
["003013","CONCRETO USINADO 25,0 MPA SLUMP CONVENCIONAL C/ LANCAMENTO","M3",0.03,335.70850000000002,10.071254999999999]
["600930","SILICONE INCOLOR","MT",2.4,1.836112,4.4066687999999994]
["003015","LOCACAO DE MUROS","MT",12.4,0.32368400000000003,4.0136816000000008]
["600285","PLUG PVC BRANCO 075 MM - ESGOTO","UN",1,2.7814000000000001,2.7814000000000001]
["152040","TUBO PVC BRANCO 075 MM - ESGOTO","MT",0.15,10.984640000000001,1.647696]
["002746","ESTACA ESCAV MEC D = 25 CM FCK = 15,0 MPa USINADO S/ ARMACAO - SOLO NORMAL","MT",0,1.886976,0]
["500000","LOCACAO DA OBRA","M2",0,4.5118800000000006,0]
["500004","LASTRO DE CONCRETO MAGRO","M3",0,283.2765,0]
["500007","IMPERMEABILIZACAO DOS BALDRAMES","M2",0,19.934280000000001,0]
["002413","ALVENARIA BLOCO DE CONCRETO ESTRUTURAL - E=14,0 CM - C=39,0 CM - 04,5 MPA","M2",0,25.176339999999996,0]
["000330","MICRO CONCRETO GRAUTE 12,0 MPA C/ LANCAMENTO","M3",0,355.02,0]
["002414","ALVENARIA BLOCO DE CONCRETO CANALETA ESTRUTURAL - E=14,0 CM - C=39,0 CM - 04,5 MPA","M2",0,25.176339999999996,0]
["001910","PINTURA CAIACAO PAREDE EXTERNA 03 DEMAOS","M2",0,4.5032399999999999,0]
["Total Geral",null,null,25.425536648451711,11425.036114299999,61614.045262991931]

{"sheet":"Total Por Tipo","index":7,"n_rows":10,"n_cols":2,"rows_kept":10,"cut":false,"hidden":false,"merged":[]}
[]
[]
["Total por Tipo"]
["Tipo","Total"]
["Diver",84.03840000000001]
["M.O.",23122.70558371201]
["Mat.",37865.100821779968]
["Empre",538.54]
["Eq.Loc.",3.6604575000000001]
["Total Geral",61614.045262991982]

{"sheet":"Relatorio de Composições","index":8,"n_rows":726,"n_cols":10,"rows_kept":726,"cut":false,"hidden":false,"merged":[]}
["Valor Obra","(Tudo)"]
[]
["Soma de Total"]
["Comp","Descrição","Un","Insumo","Descrição ","Unid ","Tipo","Coef","Valor","Total"]
["000020","LOCACAO DA OBRA","M2","F20001","AJUDANTE GERAL","H","M.O.",0.16,9.8279999999999994,1.5724799999999999]
[null,null,null,"F20003","CARPINTEIRO","H","M.O.",0.16,12.39,1.9824000000000002]
[null,null,null,"M10002","PONTALETE DE MADEIRA DE LEI - 03 X 03\" - 07,0 X 07,0 CM","MT","Mat.",0.04,2.54,0.10160000000000001]
[null,null,null,"M10028","ARAME RECOZIDO ","KG","Mat.",0.02,3.95,7.9000000000000001E-2]
[null,null,null,"M10078","PREGO 18 X 27 MM","KG","Mat.",1.2E-2,4.95,5.9400000000000001E-2]
[null,null,null,"M16338","TABUA DE MADEIRA DE LEI 01 X 09\"' - 02,5 X 22,5 CM","MT","Mat.",0.3,2.39,0.71699999999999997]
["000020 Total",null,null,null,null,null,null,null,null,4.5118799999999997]
["000040","ESCAVACAO MANUAL DE VALA","M3","F20009","SERVENTE","H","M.O.",3.1,9.8279999999999994,30.466799999999999]
["000040 Total",null,null,null,null,null,null,null,null,30.466799999999999]
["000090","APILOAMENTO MANUAL FUNDO VALA","M2","F20009","SERVENTE","H","M.O.",0.87,9.8279999999999994,8.5503599999999995]
["000090 Total",null,null,null,null,null,null,null,null,8.5503599999999995]
["000100","LASTRO DE BRITA","M3","F20009","SERVENTE","H","M.O.",2.1,9.8279999999999994,20.6388]
[null,null,null,"M10016","PEDRA - BRITA Nº2","M3","Mat.",1.1000000000000001,35,38.5]
["000100 Total",null,null,null,null,null,null,null,null,59.138800000000003]
["000130","CONCRETO CONSUMO 161,0 KG CIMENTO/M3 - TRACO 1:4:8 - BETONEIRA C/ LANCAMENTO","M3","E14016","BETONEIRA ","H","Eq.Loc.",0.71399999999999997,1.25,0.89249999999999996]
[null,null,null,"F20007","PEDREIRO","H","M.O.",1.5,11.739000000000001,17.608499999999999]
[null,null,null,"F20009","SERVENTE","H","M.O.",10,9.8279999999999994,98.28]
[null,null,null,"M10013","AREIA MEDIA","M3","Mat.",0.58399999999999996,40,23.36]
[null,null,null,"M10015","PEDRA - BRITA Nº1","M3","Mat.",0.45600000000000002,35,15.96]
[null,null,null,"M10016","PEDRA - BRITA Nº2","M3","Mat.",0.45600000000000002,35,15.96]
[null,null,null,"M10020","CIMENTO","KG","Mat.",161,0.38,61.18]
["000130 Total",null,null,null,null,null,null,null,null,233.24100000000004]
["000150","REATERRO APILOADO DE VALA","M3","F20007","PEDREIRO","H","M.O.",0.16,11.739000000000001,1.8782400000000001]
[null,null,null,"F20009","SERVENTE","H","M.O.",1.28,9.8279999999999994,12.579839999999999]
["000150 Total",null,null,null,null,null,null,null,null,14.458079999999999]
["000190","ACO CA 50 06,3 MM","KG","F20001","AJUDANTE GERAL","H","M.O.",0.08,9.8279999999999994,0.78623999999999994]
[null,null,null,"F20006","FERREIRO","H","M.O.",0.08,12.39,0.99120000000000008]
[null,null,null,"M10028","ARAME RECOZIDO ","KG","Mat.",0.02,3.95,7.9000000000000001E-2]
[null,null,null,"M10091","ACO CA-50 - 06,3 MM","KG","Mat.",1.1000000000000001,3.59,3.9490000000000003]
["000190 Total",null,null,null,null,null,null,null,null,5.8054399999999999]
["000200","ACO CA 50 08,0 MM","KG","F20001","AJUDANTE GERAL","H","M.O.",0.08,9.8279999999999994,0.78623999999999994]
[null,null,null,"F20006","FERREIRO","H","M.O.",0.08,12.39,0.99120000000000008]
[null,null,null,"M10028","ARAME RECOZIDO ","KG","Mat.",0.02,3.95,7.9000000000000001E-2]
[null,null,null,"M10090","ACO CA-50 - 08,0 MM","KG","Mat.",1.1000000000000001,3.59,3.9490000000000003]
["000200 Total",null,null,null,null,null,null,null,null,5.8054399999999999]
["000270","CONCRETO IN LOCO 15,0 MPA SLUMP CONVENCIONAL C/ LANCAMENTO","M3","E14016","BETONEIRA ","H","Eq.Loc.",0.71399999999999997,1.25,0.89249999999999996]
[null,null,null,"F20007","PEDREIRO","H","M.O.",1.5,11.739000000000001,17.608499999999999]
[null,null,null,"F20009","SERVENTE","H","M.O.",10,9.8279999999999994,98.28]
[null,null,null,"M10013","AREIA MEDIA","M3","Mat.",0.92320000000000002,40,36.927999999999997]
[null,null,null,"M10015","PEDRA - BRITA Nº1","M3","Mat.",0.20899999999999999,35,7.3149999999999995]
[null,null,null,"M10016","PEDRA - BRITA Nº2","M3","Mat.",0.627,35,21.945]
[null,null,null,"M10020","CIMENTO","KG","Mat.",281,0.38,106.78]
["000270 Total",null,null,null,null,null,null,null,null,289.74900000000002]
["000310","CONCRETO USINADO 15,0 MPA SLUMP CONVENCIONAL C/ LANCAMENTO","M3","F20007","PEDREIRO","H","M.O.",1.5,11.739000000000001,17.608499999999999]
[null,null,null,"F20009","SERVENTE","H","M.O.",5,9.8279999999999994,49.14]
[null,null,null,"M10143","CONCRETO USINADO 15,0 MPA - SLUMP CONVENCIONAL","M3","Mat.",1.03,228.26,235.1078]
[null,null,null,"V30650","TAXA DE BOMBA ","VB","Diver",1,30,30]
["000310 Total",null,null,null,null,null,null,null,null,331.85630000000003]
["000330","MICRO CONCRETO GRAUTE 12,0 MPA C/ LANCAMENTO","M3","F20007","PEDREIRO","H","M.O.",2,11.739000000000001,23.478000000000002]
[null,null,null,"F20009","SERVENTE","H","M.O.",16,9.8279999999999994,157.24799999999999]
[null,null,null,"M10013","AREIA MEDIA","M3","Mat.",0.58240000000000003,40,23.295999999999999]
[null,null,null,"M10017","PEDRA - PEDRISCO","M3","Mat.",0.59450000000000003,40,23.78]
[null,null,null,"M10018","CAL HIDRATADA","KG","Mat.",12.8,0.43,5.5040000000000004]
[null,null,null,"M10020","CIMENTO","KG","Mat.",320.3,0.38,121.714]
["000330 Total",null,null,null,null,null,null,null,null,355.02]
["000510","CHAPISCO - TRACO 1:3 - VERTICAL","M2","F20007","PEDREIRO","H","M.O.",0.05,11.739000000000001,0.58695000000000008]
[null,null,null,"F20009","SERVENTE","H","M.O.",0.05,9.8279999999999994,0.4914]
[null,null,null,"M10013","AREIA MEDIA","M3","Mat.",6.1000000000000004E-3,40,0.24400000000000002]
[null,null,null,"M10020","CIMENTO","KG","Mat.",2.4300000000000002,0.38,0.92340000000000011]
["000510 Total",null,null,null,null,null,null,null,null,2.2457500000000001]
["000580","EMBOCO 1:3 C/ IMPERMEABILIZANTE - E = 02,0 CM (VERTICAL)","M2","F20007","PEDREIRO","H","M.O.",0.7,11.739000000000001,8.2172999999999998]
[null,null,null,"F20009","SERVENTE","H","M.O.",0.9,9.8279999999999994,8.8452000000000002]
[null,null,null,"M10013","AREIA MEDIA","M3","Mat.",2.4299999999999999E-2,40,0.97199999999999998]
[null,null,null,"M10020","CIMENTO","KG","Mat.",9.7200000000000006,0.38,3.6936000000000004]
[null,null,null,"M10082","IMPERMEABILIZANTE - VEDACIT","L","Mat.",0.4,1.89,0.75600000000000001]
["000580 Total",null,null,null,null,null,null,null,null,22.484100000000002]
["000700","ALVENARIA DE TIJOLO DE BARRO MACICO - E = 10,0 CM","M2","F20007","PEDREIRO","H","M.O.",1.8,11.739000000000001,21.130200000000002]
[null,null,null,"F20009","SERVENTE","H","M.O.",1.8,9.8279999999999994,17.6904]
[null,null,null,"M10033","TIJOLO DE BARRO 05,0 X 10,0 X 20,0 CM","UN","Mat.",84,0.2,16.8]
[null,null,null,"M91342","ARGAMASSA DE ASSENTAMENTO MULTIPLO USO RESISTENCIA 03,5 MPA","KG","Mat.",76.25,0.35,26.6875]
["000700 Total",null,null,null,null,null,null,null,null,82.308099999999996]
["000780","ALVENARIA BLOCO DE CONCRETO VEDACAO - E=14,0 CM - C=39,0 CM - 03,0 MPA","M2","F20007","PEDREIRO","H","M.O.",0.74,11.739000000000001,8.6868600000000011]
[null,null,null,"F20009","SERVENTE","H","M.O.",0.83,9.8279999999999994,8.1572399999999998]
[null,null,null,"M10030","BLOCO DE CONCRETO VEDACAO - 14,0 X 19,0 X 39,0 CM - 03,0 MPA","UN","Mat.",13.13,1.94,25.472200000000001]
[null,null,null,"M91342","ARGAMASSA DE ASSENTAMENTO MULTIPLO USO RESISTENCIA 03,5 MPA","KG","Mat.",24,0.35,8.3999999999999986]
["000780 Total",null,null,null,null,null,null,null,null,50.716299999999997]
["000820","ALVENARIA BLOCO DE CONCRETO CANALETA VEDACAO - E=14,0 CM - C=39,0 CM - 03,0 MPA","M2","F20007","PEDREIRO","H","M.O.",0.74,11.739000000000001,8.6868600000000011]
[null,null,null,"F20009","SERVENTE","H","M.O.",0.83,9.8279999999999994,8.1572399999999998]
[null,null,null,"M10038","BLOCO DE CONCRETO CANALETA VEDACAO - 14,0 X 19,0 X 39,0 CM - 03,0 MPA","UN","Mat.",13.13,2.4700000000000002,32.431100000000008]
[null,null,null,"M91342","ARGAMASSA DE ASSENTAMENTO MULTIPLO USO RESISTENCIA 03,5 MPA","KG","Mat.",24,0.35,8.3999999999999986]
["000820 Total",null,null,null,null,null,null,null,null,57.675200000000011]
["000830","ALVENARIA BLOCO DE CONCRETO CANALETA VEDACAO - E=19,0 CM - C=19,0 CM - 03,0 MPA","M2","F20007","PEDREIRO","H","M.O.",0.72,11.739000000000001,8.4520800000000005]
[null,null,null,"F20009","SERVENTE","H","M.O.",0.8,9.8279999999999994,7.8624000000000001]
[null,null,null,"M10039","BLOCO DE CONCRETO CANALETA VEDACAO - 19,0 X 19,0 X 19,0 CM - 03,0 MPA","UN","Mat.",26.26,1.96,51.4696]
[null,null,null,"M91342","ARGAMASSA DE ASSENTAMENTO MULTIPLO USO RESISTENCIA 03,5 MPA","KG","Mat.",27.5,0.35,9.625]
["000830 Total",null,null,null,null,null,null,null,null,77.409080000000003]
["001000","FORMA DE TABUA FUNDACAO","M2","F20001","AJUDANTE GERAL","H","M.O.",0.95,9.8279999999999994,9.3365999999999989]
[null,null,null,"F20003","CARPINTEIRO","H","M.O.",0.95,12.39,11.7705]
[null,null,null,"M10007","TABUA DE MADEIRA DE LEI 01 X 12\"' - 02,5 X 30,0 CM\n","MT","Mat.",1,4.82,4.82]
[null,null,null,"M10011","SARRAFO DE MADEIRA DE LEI - 01 X 04\" - 02,5 X 10,0 CM\n","MT","Mat.",0.5,1.27,0.63500000000000001]
[null,null,null,"M10078","PREGO 18 X 27 MM","KG","Mat.",0.15,4.95,0.74250000000000005]
["001000 Total",null,null,null,null,null,null,null,null,27.304600000000001]
["001780","REGULARIZACAO PISO 1:3 DESEMPENADO E=3CM","M2","F20007","PEDREIRO","H","M.O.",0.31,11.739000000000001,3.6390900000000004]
[null,null,null,"F20009","SERVENTE","H","M.O.",0.7,9.8279999999999994,6.879599999999999]
[null,null,null,"M10013","AREIA MEDIA","M3","Mat.",3.6400000000000002E-2,40,1.456]
[null,null,null,"M10020","CIMENTO","KG","Mat.",14.58,0.38,5.5404]
["001780 Total",null,null,null,null,null,null,null,null,17.515090000000001]
["001910","PINTURA CAIACAO PAREDE EXTERNA 03 DEMAOS","M2","F20001","AJUDANTE GERAL","H","M.O.",0.08,9.8279999999999994,0.78623999999999994]
[null,null,null,"F20008","PINTOR ","H","M.O.",0.3,12.39,3.7170000000000001]
[null,null,null,"M10019","#N/D","#N/D","-",0.6,"#REF!",0]
[null,null,null,"M10072","#N/D","#N/D","-",2.2499999999999999E-2,"#REF!",0]
["001910 Total",null,null,null,null,null,null,null,null,4.5032399999999999]
["002330","LIMPEZA DA OBRA","M2","F20009","SERVENTE","H","M.O.",0.4,9.8279999999999994,3.9312]
["002330 Total",null,null,null,null,null,null,null,null,3.9312]
["002413","ALVENARIA BLOCO DE CONCRETO ESTRUTURAL - E=14,0 CM - C=39,0 CM - 04,5 MPA","M2","F20007","PEDREIRO","H","M.O.",0.82,11.739000000000001,9.6259800000000002]
[null,null,null,"F20009","SERVENTE","H","M.O.",0.87,9.8279999999999994,8.5503599999999995]
[null,null,null,"M10189","#N/D","#N/D","-",13.13,"#REF!",0]
[null,null,null,"M91342","ARGAMASSA DE ASSENTAMENTO MULTIPLO USO RESISTENCIA 03,5 MPA","KG","Mat.",20,0.35,7]
["002413 Total",null,null,null,null,null,null,null,null,25.17634]
["002414","ALVENARIA BLOCO DE CONCRETO CANALETA ESTRUTURAL - E=14,0 CM - C=39,0 CM - 04,5 MPA","M2","F20007","PEDREIRO","H","M.O.",0.82,11.739000000000001,9.6259800000000002]
[null,null,null,"F20009","SERVENTE","H","M.O.",0.87,9.8279999999999994,8.5503599999999995]
[null,null,null,"M10188","#N/D","#N/D","-",13.13,"#REF!",0]
[null,null,null,"M91342","ARGAMASSA DE ASSENTAMENTO MULTIPLO USO RESISTENCIA 03,5 MPA","KG","Mat.",20,0.35,7]
["002414 Total",null,null,null,null,null,null,null,null,25.17634]
["002481","PINTURA ESMALTE SOBRE ESQUADRIA DE MADEIRA - 2 DEMAOS","M2","F20001","AJUDANTE GERAL","H","M.O.",0.21,9.8279999999999994,2.0638799999999997]
[null,null,null,"F20008","PINTOR ","H","M.O.",0.27,12.39,3.3453000000000004]
[null,null,null,"M10065","PINTURA - AGUA RAZ","L","Mat.",0.04,6.28,0.25120000000000003]
[null,null,null,"M10067","LIXA P/ MADEIRA","UN","Mat.",0.4,0.22,8.8000000000000009E-2]
[null,null,null,"M10085","PINTURA - FUNDO (BRANCO FOSCO)","L","Mat.",0.13,13.8,1.7940000000000003]
[null,null,null,"M10156","PINTURA - TINTA ESMALTE","L","Mat.",0.18,12.12,2.1816]
["002481 Total",null,null,null,null,null,null,null,null,9.723980000000001]
["002746","ESTACA ESCAV MEC D = 25 CM FCK = 15,0 MPa USINADO S/ ARMACAO - SOLO NORMAL","MT","000310","CONCRETO USINADO 15,0 MPA SLUMP CONVENCIONAL C/ LANCAMENTO","M3","-",0.05,331.85630000000003,16.592815000000002]
[null,null,null,"E14021","#N/D","#N/D","-",1,"#REF!",0]
[null,null,null,"F20009","SERVENTE","H","M.O.",0.192,9.8279999999999994,1.886976]
[null,null,null,"V10658","#N/D","#N/D","-",1.6999999999999999E-3,"#REF!",0]
["002746 Total",null,null,null,null,null,null,null,null,18.479791000000002]
["002888","MICRO CONCRETO GRAUTE 15,0 MPA C/ LANCAMENTO","M3","F20007","PEDREIRO","H","M.O.",5,11.739000000000001,58.695000000000007]
[null,null,null,"F20009","SERVENTE","H","M.O.",18,9.8279999999999994,176.904]
[null,null,null,"M10013","AREIA MEDIA","M3","Mat.",0.82,40,32.799999999999997]
[null,null,null,"M10017","PEDRA - PEDRISCO","M3","Mat.",0.78,40,31.200000000000003]
[null,null,null,"M10020","CIMENTO","KG","Mat.",350,0.38,133]
["002888 Total",null,null,null,null,null,null,null,null,432.59899999999999]
["002953","CONCRETO USINADO 20,0 MPA SLUMP CONVENCIONAL C/ LANCAMENTO","M3","F20007","PEDREIRO","H","M.O.",1.5,11.739000000000001,17.608499999999999]
[null,null,null,"F20009","SERVENTE","H","M.O.",5,9.8279999999999994,49.14]
[null,null,null,"M10746","CONCRETO USINADO 20,0 MPA - SLUMP CONVENCIONAL","M3","Mat.",1.03,233.7,240.71099999999998]
[null,null,null,"V30650","TAXA DE BOMBA ","VB","Diver",1,30,30]
["002953 Total",null,null,null,null,null,null,null,null,337.45949999999999]
["002955","BROCA DN 20 CM C/ LANCAMENTO (C/ ESCAVACAO / FCK = 20 MPA / USINADO / S/ ARMACAO)","MT","002953","CONCRETO USINADO 20,0 MPA SLUMP CONVENCIONAL C/ LANCAMENTO","M3","-",3.1E-2,337.45949999999999,10.461244499999999]
[null,null,null,"F20001","AJUDANTE GERAL","H","M.O.",2,9.8279999999999994,19.655999999999999]
[null,null,null,"F20007","PEDREIRO","H","M.O.",4.7100000000000003E-2,11.739000000000001,0.55290690000000009]
[null,null,null,"F20009","SERVENTE","H","M.O.",0.157,9.8279999999999994,1.5429959999999998]
["002955 Total",null,null,null,null,null,null,null,null,32.213147399999997]
["003013","CONCRETO USINADO 25,0 MPA SLUMP CONVENCIONAL C/ LANCAMENTO","M3","F20007","PEDREIRO","H","M.O.",1.5,11.739000000000001,17.608499999999999]
[null,null,null,"F20009","SERVENTE","H","M.O.",5,9.8279999999999994,49.14]
[null,null,null,"M13041","CONCRETO USINADO 25,0 MPA - SLUMP CONVENCIONAL","M3","Mat.",1.03,232,238.96]
[null,null,null,"V30650","TAXA DE BOMBA ","VB","Diver",1,30,30]
["003013 Total",null,null,null,null,null,null,null,null,335.70850000000002]
["003015","LOCACAO DE MUROS","MT","E14000","EQUIPAMENTO - UTILITARIO FURGAO - 0,7 TON","H","Eq.Loc.",0.01,6.11,6.1100000000000002E-2]
[null,null,null,"F20013","TOPOGRAFO","H","M.O.",4.0000000000000001E-3,26.901000000000003,0.10760400000000002]
[null,null,null,"F20014","AJUDANTE DE TOPOGRAFO","H","M.O.",1.2E-2,12.915000000000001,0.15498000000000001]
["003015 Total",null,null,null,null,null,null,null,null,0.32368400000000003]
["003017","AZULEJO BRANCO 15,0 X 15,0 CM","M2","F20007","PEDREIRO","H","M.O.",1.1499999999999999,11.739000000000001,13.49985]
[null,null,null,"F20009","SERVENTE","H","M.O.",0.6,9.8279999999999994,5.8967999999999998]
[null,null,null,"M10220","REJUNTE","KG","Mat.",0.75,1.67,1.2524999999999999]
[null,null,null,"M10227","AZULEJO BRANCO 15 X 15 CM","M2","Mat.",1.05,7.5,7.875]
[null,null,null,"M10799","CIMENTO COLANTE  ","KG","Mat.",4.4000000000000004,0.3,1.32]
["003017 Total",null,null,null,null,null,null,null,null,29.844150000000003]
["151040","REGISTRO DE PRESSAO 3/4'' CROMADO C/ CANOPLA","UN","F20001","AJUDANTE GERAL","H","M.O.",0.25,9.8279999999999994,2.4569999999999999]
[null,null,null,"F20005","ENCANADOR ","H","M.O.",0.25,12.39,3.0975000000000001]
[null,null,null,"M11037","REGISTRO DE PRESSAO - ACAB. CROMADO - 3/4\" C/ CANOPLA","UN","Mat.",1,23.41,23.41]
[null,null,null,"M11076","FITA VEDA ROSCA - 18 MM","MT","Mat.",0.94,0.04,3.7600000000000001E-2]
["151040 Total",null,null,null,null,null,null,null,null,29.002100000000002]
["151290","BACIA SANITARIA C/ CAIXA ACOPLADA - PADRAO BAIXO","UN","F20007","PEDREIRO","H","M.O.",1.69,11.739000000000001,19.838910000000002]
[null,null,null,"F20009","SERVENTE","H","M.O.",1.24,9.8279999999999994,12.186719999999999]
[null,null,null,"M11058","BACIA SANITARIA C/ CAIXA ACOPLADA - PADRAO BAIXO","UN","Mat.",1,225,225]
[null,null,null,"M11063","PARAFUSO CROMADO COMPLETO P/ FIXACAO DE APARELHO SANITARIO","UN","Mat.",2,13.5,27]
[null,null,null,"M11368","BOLSA P/ SAIDA DO VASO SANITARIO 100MM - ESG","UN","Mat.",1,1.64,1.64]
[null,null,null,"M11807","ASSENTO PARA BACIA SANITARIA  ","UN","Mat.",1,14.08,14.08]
[null,null,null,"M16044","ENGATE CROMADO  ","UN","Mat.",1,8.07,8.07]
["151290 Total",null,null,null,null,null,null,null,null,307.81562999999994]
["152030","TUBO PVC BRANCO 100 MM - ESGOTO","MT","F20001","AJUDANTE GERAL","H","M.O.",0.32,9.8279999999999994,3.1449599999999998]
[null,null,null,"F20005","ENCANADOR ","H","M.O.",0.32,12.39,3.9648000000000003]
[null,null,null,"M11084","LUBRIFICANTE P/ PVC","L","Mat.",2.3E-2,11.62,0.26726]
[null,null,null,"M11089","ANEL BORRACHA - PVC BRANCO NORMAL - JE - DE - 100 MM - ESGOTO","UN","Mat.",0.17,0.38,6.4600000000000005E-2]
[null,null,null,"M16288","TUBO - PVC BRANCO NORMAL - PB - DE - 100 MM - ESGOTO","MT","Mat.",1.01,5.74,5.7974000000000006]
["152030 Total",null,null,null,null,null,null,null,null,13.23902]
["152040","TUBO PVC BRANCO 075 MM - ESGOTO","MT","F20001","AJUDANTE GERAL","H","M.O.",0.28000000000000003,9.8279999999999994,2.7518400000000001]
[null,null,null,"F20005","ENCANADOR ","H","M.O.",0.28000000000000003,12.39,3.4692000000000003]
[null,null,null,"M11084","LUBRIFICANTE P/ PVC","L","Mat.",1.4999999999999999E-2,11.62,0.17429999999999998]
[null,null,null,"M16287","TUBO - PVC BRANCO NORMAL - PB - DE - 075 MM - ESGOTO","MT","Mat.",1.01,4.49,4.5349000000000004]
[null,null,null,"M90492","ANEL BORRACHA - PVC BRANCO NORMAL - JE - DE - 075 MM - ESGOTO","UN","Mat.",0.17,0.32,5.4400000000000004E-2]
["152040 Total",null,null,null,null,null,null,null,null,10.984640000000001]
["155281","LAVATORIO DE LOUCA C/ COLUNA - BRANCO","UN","F20007","PEDREIRO","H","M.O.",1.69,11.739000000000001,19.838910000000002]
[null,null,null,"F20009","SERVENTE","H","M.O.",1.24,9.8279999999999994,12.186719999999999]
[null,null,null,"M11063","PARAFUSO CROMADO COMPLETO P/ FIXACAO DE APARELHO SANITARIO","UN","Mat.",3,13.5,40.5]
[null,null,null,"M11267","VALVULA - PVC - 1 X 2\" - S/LADRAO P/ LAVATORIO","UN","Mat.",1,7.2,7.2]
[null,null,null,"M16044","ENGATE CROMADO  ","UN","Mat.",1,8.07,8.07]
[null,null,null,"M16045","LAVATORIO LOUCA C/ COLUNA","UN","Mat.",1,50.29,50.29]
[null,null,null,"M16049","TUBO DESPEJO ","UN","Mat.",1,2.42,2.42]
["155281 Total",null,null,null,null,null,null,null,null,140.50563]
["155376","TEE PVC SERIE \"R\" 075 MM - ESGOTO","UN","F20001","AJUDANTE GERAL","H","M.O.",0.3,9.8279999999999994,2.9483999999999999]
[null,null,null,"F20005","ENCANADOR ","H","M.O.",0.3,12.39,3.7170000000000001]
[null,null,null,"M11084","LUBRIFICANTE P/ PVC","L","Mat.",0.03,11.62,0.34859999999999997]
[null,null,null,"M13136","TEE - PVC SERIE \"R\" - 3B-JE - DE - 075 X 075 MM - ESGOTO","UN","Mat.",1,9.92,9.92]
[null,null,null,"M90492","ANEL BORRACHA - PVC BRANCO NORMAL - JE - DE - 075 MM - ESGOTO","UN","Mat.",2,0.32,0.64]
["155376 Total",null,null,null,null,null,null,null,null,17.574000000000002]
["155468","REGISTRO DE GAVETA 3/4'' CROMADO C/ CANOPLA","UN","F20001","AJUDANTE GERAL","H","M.O.",0.25,9.8279999999999994,2.4569999999999999]
[null,null,null,"F20005","ENCANADOR ","H","M.O.",0.25,12.39,3.0975000000000001]
[null,null,null,"M11460","REGISTRO DE GAVETA - ACAB. CROMADO - 3/4\" C/ CANOPLA","UN","Mat.",1,21.67,21.67]
["155468 Total",null,null,null,null,null,null,null,null,27.224500000000003]
["300571","TERRAPLENAGEM - CORTE DE MATERIAL DE 1ª CATEGORIA","M3","T30012","TERRAPLENAGEM - CORTE DE MATERIAL DE 1ª CATEGORIA","M3","Empre",1,4.58,4.58]
["300571 Total",null,null,null,null,null,null,null,null,4.58]
["300573","TERRAPLENAGEM - FORNEC. DE MAT. P/ ATERRO, INCLUINDO CORTE,CARGA,TRANS","M3","M30187","TERRAPLENAGEM - FORNEC. DE MAT. P/ ATERRO, INCLUINDO CORTE,CARGA,TRANS","M3","Mat.",1,25.3,25.3]
["300573 Total",null,null,null,null,null,null,null,null,25.3]
["300574","TERRAPLENAGEM - LIMPEZA,BEM COMO,REMOCAO DO SOLO VEGETAL NA ESP.MEDIA DE 10CM,CARGA E TRAN","M2","M30467","TERRAPLENAGEM - LIMPEZA,BEM COMO,REMOCAO DO SOLO VEGETAL NA ESP.MEDIA DE 10CM,CARGA E TRAN","M2","Empre",1,2,2]
["300574 Total",null,null,null,null,null,null,null,null,2]
["300576","TERRAPLENAGEM - TRANSP DE MAT EXCEDENTE ATE 1KM","M3","T30014","#N/D","#N/D","-",1,"#REF!",0]
["300576 Total",null,null,null,null,null,null,null,null,0]
["400131","ALCAPAO METALICO 0,60 X 0,60 M","UN","600930","SILICONE INCOLOR","MT","-",2.4,1.836112,4.4066687999999994]
[null,null,null,"F20007","PEDREIRO","H","M.O.",0.65,11.739000000000001,7.6303500000000009]
[null,null,null,"F20009","SERVENTE","H","M.O.",1.75,9.8279999999999994,17.198999999999998]
[null,null,null,"M10013","AREIA MEDIA","M3","Mat.",3.5000000000000001E-3,40,0.14000000000000001]
[null,null,null,"M10020","CIMENTO","KG","Mat.",0.96,0.38,0.36480000000000001]
[null,null,null,"M16073","ALCAPAO METALICO 0,60 X 0,60 M","UN","Mat.",1,66.099999999999994,66.099999999999994]
["400131 Total",null,null,null,null,null,null,null,null,95.840818799999994]
["400132","PINTURA ESMALTE SOBRE ESQUADRIA METALICA (PREDIO)","M2","F20001","AJUDANTE GERAL","H","M.O.",0.38,9.8279999999999994,3.7346399999999997]
[null,null,null,"F20008","PINTOR ","H","M.O.",0.47,12.39,5.8232999999999997]
[null,null,null,"M10065","PINTURA - AGUA RAZ","L","Mat.",0.03,6.28,0.18840000000000001]
[null,null,null,"M10068","LIXA P/ FERRO ","UN","Mat.",0.4,1.07,0.42800000000000005]
[null,null,null,"M10071","PINTURA - ZARCAO","L","Mat.",0.12,7.97,0.95639999999999992]
[null,null,null,"M10156","PINTURA - TINTA ESMALTE","L","Mat.",0.18,12.12,2.1816]
["400132 Total",null,null,null,null,null,null,null,null,13.312339999999999]
["400843","CAIXA DE INSPECAO EM ALVENARIA DE TIJOLO COMUM - 060 X 060 X 070 CM - ESGOTO / AGUAS PLUVIAIS","UN","000040","ESCAVACAO MANUAL DE VALA","M3","-",1.67,30.466799999999999,50.879555999999994]
[null,null,null,"000090","APILOAMENTO MANUAL FUNDO VALA","M2","-",1,8.5503599999999995,8.5503599999999995]
[null,null,null,"000100","LASTRO DE BRITA","M3","-",0.05,59.138800000000003,2.9569400000000003]
[null,null,null,"000130","CONCRETO CONSUMO 161,0 KG CIMENTO/M3 - TRACO 1:4:8 - BETONEIRA C/ LANCAMENTO","M3","-",0.05,233.24100000000001,11.662050000000001]
[null,null,null,"000150","REATERRO APILOADO DE VALA","M3","-",0.82,14.458079999999999,11.855625599999998]
[null,null,null,"000190","ACO CA 50 06,3 MM","KG","-",2.6,5.8054400000000008,15.094144000000002]
[null,null,null,"000200","ACO CA 50 08,0 MM","KG","-",0.5,5.8054400000000008,2.9027200000000004]
[null,null,null,"000270","CONCRETO IN LOCO 15,0 MPA SLUMP CONVENCIONAL C/ LANCAMENTO","M3","-",6.4000000000000001E-2,289.74899999999997,18.543935999999999]
[null,null,null,"000510","CHAPISCO - TRACO 1:3 - VERTICAL","M2","-",1.8,2.2457500000000001,4.0423500000000008]
[null,null,null,"000580","EMBOCO 1:3 C/ IMPERMEABILIZANTE - E = 02,0 CM (VERTICAL)","M2","-",1.8,22.484100000000002,40.471380000000003]
[null,null,null,"000700","ALVENARIA DE TIJOLO DE BARRO MACICO - E = 10,0 CM","M2","-",2.2400000000000002,82.308099999999996,184.37014400000001]
[null,null,null,"001000","FORMA DE TABUA FUNDACAO","M2","-",1.2,27.304600000000001,32.765520000000002]
[null,null,null,"M11051","TUBO - PVC BRANCO NORMAL - PB - DE - 050 MM - ESGOTO\n","MT","Mat.",1,3.74,3.74]
["400843 Total",null,null,null,null,null,null,null,null,387.83472560000001]
["401084","PINTURA TEXTURADA ACRILICA (EXTERNA - PREDIOS)","M2","F20001","AJUDANTE GERAL","H","M.O.",0.14000000000000001,9.8279999999999994,1.37592]
[null,null,null,"F20008","PINTOR ","H","M.O.",0.3,12.39,3.7170000000000001]
[null,null,null,"M10815","PINTURA - TEXTURA ACRILICA","KG","Mat.",1.8,2.76,4.968]
[null,null,null,"M16456","PINTURA - SELADOR ACRILICO P/ TEXTURA","L","Mat.",0.12,2.4300000000000002,0.29160000000000003]
["401084 Total",null,null,null,null,null,null,null,null,10.35252]
["401513","TORNEIRA CROMADA P/ PIA DE COZINHA 1/2''","UN","F20001","AJUDANTE GERAL","H","M.O.",0.25,9.8279999999999994,2.4569999999999999]
[null,null,null,"F20005","ENCANADOR ","H","M.O.",0.25,12.39,3.0975000000000001]
[null,null,null,"M11076","FITA VEDA ROSCA - 18 MM","MT","Mat.",0.28000000000000003,0.04,1.1200000000000002E-2]
[null,null,null,"M11810","TORNEIRA CROMADA LONGA P/ PIA C23 - 1/2\"","UN","Mat.",1,26.15,26.15]
["401513 Total",null,null,null,null,null,null,null,null,31.715699999999998]
["401514","TORNEIRA P/LAVATORIO CROMADA","UN","F20001","AJUDANTE GERAL","H","M.O.",0.25,9.8279999999999994,2.4569999999999999]
[null,null,null,"F20005","ENCANADOR ","H","M.O.",0.25,12.39,3.0975000000000001]
[null,null,null,"M11073","TORNEIRA CURTA P/ LAVATORIO 1193 C23 - 1/2\"","UN","Mat.",1,18.2,18.2]
[null,null,null,"M11076","FITA VEDA ROSCA - 18 MM","MT","Mat.",0.28000000000000003,0.04,1.1200000000000002E-2]
["401514 Total",null,null,null,null,null,null,null,null,23.765699999999999]
["401646","PISO CERAMICO 30,0 X 30,0 CM C/ REJUNTE","M2","F20007","PEDREIRO","H","M.O.",0.86,11.739000000000001,10.09554]
[null,null,null,"F20009","SERVENTE","H","M.O.",0.86,9.8279999999999994,8.4520799999999987]
[null,null,null,"M10220","REJUNTE","KG","Mat.",0.8,1.67,1.3360000000000001]
[null,null,null,"M10799","CIMENTO COLANTE  ","KG","Mat.",8,0.3,2.4]
[null,null,null,"M15049","PISO CERAMICO 30 X 30 CM\n","M2","Mat.",1.08,7.5,8.1000000000000014]
["401646 Total",null,null,null,null,null,null,null,null,30.383619999999997]
["401702","TORNEIRA CROMADA CURTA P/TANQUE 3/4''","UN","F20001","AJUDANTE GERAL","H","M.O.",0.25,9.8279999999999994,2.4569999999999999]
[null,null,null,"F20005","ENCANADOR ","H","M.O.",0.25,12.39,3.0975000000000001]
[null,null,null,"M11076","FITA VEDA ROSCA - 18 MM","MT","Mat.",0.28000000000000003,0.04,1.1200000000000002E-2]
[null,null,null,"M11809","TORNEIRA CROMADA CURTA P/ TANQUE 1128 - 1/2 X 3/4\" ","UN","Mat.",1,14.2,14.2]
["401702 Total",null,null,null,null,null,null,null,null,19.765699999999999]
["402096","TELHA DE FIBROCIMENTO ONDULADA - E = 05,0 MM","M2","F20001","AJUDANTE GERAL","H","M.O.",0.22,9.8279999999999994,2.1621600000000001]
[null,null,null,"F20012","TELHADISTA","H","M.O.",0.22,12.39,2.7258]
[null,null,null,"M15175","TELHA DE FIBROCIMENTO OND E = 5 MM","M2","Mat.",1.1499999999999999,10.38,11.936999999999999]
[null,null,null,"M16021","PARAFUSO 8 x 110 mm P/ TELHA DE FIBROCIMENTO","UN","Mat.",1.42,1,1.42]
[null,null,null,"M53255","CONJUNTO DE VEDACAO P/ TELHA KALHETAO ","UN","Mat.",1.42,0.7,0.99399999999999988]
["402096 Total",null,null,null,null,null,null,null,null,19.238959999999999]
["402485","FORMA DE COMPENSADO PLASTIFICADO 18,0 MM\n","M2","F20001","AJUDANTE GERAL","H","M.O.",1.2,9.8279999999999994,11.7936]
[null,null,null,"F20003","CARPINTEIRO","H","M.O.",1.2,12.39,14.868]
[null,null,null,"M10002","PONTALETE DE MADEIRA DE LEI - 03 X 03\" - 07,0 X 07,0 CM","MT","Mat.",1.2,2.54,3.048]
[null,null,null,"M10007","TABUA DE MADEIRA DE LEI 01 X 12\"' - 02,5 X 30,0 CM\n","MT","Mat.",1.17,4.82,5.6394000000000002]
[null,null,null,"M10011","SARRAFO DE MADEIRA DE LEI - 01 X 04\" - 02,5 X 10,0 CM\n","MT","Mat.",1.53,1.27,1.9431]
[null,null,null,"M10078","PREGO 18 X 27 MM","KG","Mat.",0.25,4.95,1.2375]
[null,null,null,"M90008","CHAPA - 18 MM - PLASTIFICADO","M2","Mat.",0.4,28.8,11.520000000000001]
["402485 Total",null,null,null,null,null,null,null,null,50.049600000000005]
["403204","TORNEIRA P/ JARDIM AMARELA 1\"","UN","F20001","AJUDANTE GERAL","H","M.O.",0.65,9.8279999999999994,6.3881999999999994]
[null,null,null,"F20005","ENCANADOR ","H","M.O.",0.65,12.39,8.0535000000000014]
[null,null,null,"M11076","FITA VEDA ROSCA - 18 MM","MT","Mat.",0.42,0.04,1.6799999999999999E-2]
[null,null,null,"M50058","TORNEIRA P/ JARDIM AMARELA 1\"","UN","Mat.",1,14.63,14.63]
["403204 Total",null,null,null,null,null,null,null,null,29.088500000000003]
["500001","RADIER","M2","F20007","PEDREIRO","H","M.O.",0.56000000000000005,11.739000000000001,6.5738400000000015]
[null,null,null,"F20009","SERVENTE","H","M.O.",0.36,9.8279999999999994,3.5380799999999994]
[null,null,null,"M10015","PEDRA - BRITA Nº1","M3","Mat.",3.5000000000000003E-2,35,1.2250000000000001]
[null,null,null,"M13041","CONCRETO USINADO 25,0 MPA - SLUMP CONVENCIONAL","M3","Mat.",0.1135,232,26.332000000000001]
[null,null,null,"M15092","TELA SOLDAVEL Q-092","M2","Mat.",1.3,6.09,7.9169999999999998]
[null,null,null,"M50341","LONA PLASTICA PRETA ","M2","Mat.",1.02,0.35,0.35699999999999998]
[null,null,null,"M80285","FORMA METALICA P/ RADIER","M2","Mat.",0.09,83,7.47]
["500001 Total",null,null,null,null,null,null,null,null,53.41292]
["500003","BROCA DN 20 CM - C/ ESCAVACAO, C/ ARMACAO E LANCAMENTO","MT","F20006","FERREIRO","H","M.O.",5.04E-2,12.39,0.62445600000000001]
[null,null,null,"F20007","PEDREIRO","H","M.O.",0.157,11.739000000000001,1.8430230000000001]
[null,null,null,"F20009","SERVENTE","H","M.O.",1.7387999999999999,9.8279999999999994,17.088926399999998]
[null,null,null,"M10028","ARAME RECOZIDO ","KG","Mat.",1.26E-2,3.95,4.9770000000000002E-2]
[null,null,null,"M10143","CONCRETO USINADO 15,0 MPA - SLUMP CONVENCIONAL","M3","Mat.",3.1399999999999997E-2,228.26,7.1673639999999992]
[null,null,null,"M10203","ACO CA-50 - (MEDIA)","KG","Mat.",0.76,4,3.04]
["500003 Total",null,null,null,null,null,null,null,null,29.813539399999996]
["500004","LASTRO DE CONCRETO MAGRO","M3","E14016","BETONEIRA ","H","Eq.Loc.",0.30599999999999999,1.25,0.38250000000000001]
[null,null,null,"F20007","PEDREIRO","H","M.O.",2,11.739000000000001,23.478000000000002]
[null,null,null,"F20009","SERVENTE","H","M.O.",12,9.8279999999999994,117.93599999999999]
[null,null,null,"M10013","AREIA MEDIA","M3","Mat.",0.67700000000000005,40,27.080000000000002]
[null,null,null,"M10015","PEDRA - BRITA Nº1","M3","Mat.",0.88,35,30.8]
[null,null,null,"M10020","CIMENTO","KG","Mat.",220,0.38,83.6]
["500004 Total",null,null,null,null,null,null,null,null,283.2765]
["500007","IMPERMEABILIZACAO DOS BALDRAMES","M2","F20007","PEDREIRO","H","M.O.",0.6,11.739000000000001,7.0434000000000001]
[null,null,null,"F20009","SERVENTE","H","M.O.",0.76,9.8279999999999994,7.4692799999999995]
[null,null,null,"M10013","AREIA MEDIA","M3","Mat.",2.4299999999999999E-2,40,0.97199999999999998]
[null,null,null,"M10020","CIMENTO","KG","Mat.",9.7200000000000006,0.38,3.6936000000000004]
[null,null,null,"M10082","IMPERMEABILIZANTE - VEDACIT","L","Mat.",0.4,1.89,0.75600000000000001]
[null,null,null,"M10087","#N/D","#N/D","-",0.5,"#REF!",0]
["500007 Total",null,null,null,null,null,null,null,null,19.934280000000001]
["500015","ARMACAO ACO CA-50 MEDIA","KG","F20001","AJUDANTE GERAL","H","M.O.",0.08,9.8279999999999994,0.78623999999999994]
[null,null,null,"F20006","FERREIRO","H","M.O.",0.08,12.39,0.99120000000000008]
[null,null,null,"M10028","ARAME RECOZIDO ","KG","Mat.",0.02,3.95,7.9000000000000001E-2]
[null,null,null,"M10203","ACO CA-50 - (MEDIA)","KG","Mat.",1.1000000000000001,4,4.4000000000000004]
["500015 Total",null,null,null,null,null,null,null,null,6.2564400000000004]
["500016","LAJE DE FORRO PRE-FABRICADA","M2","F20001","AJUDANTE GERAL","H","M.O.",0.08,9.8279999999999994,0.78623999999999994]
[null,null,null,"F20006","FERREIRO","H","M.O.",0.08,12.39,0.99120000000000008]
[null,null,null,"F20007","PEDREIRO","H","M.O.",0.52,11.739000000000001,6.104280000000001]
[null,null,null,"F20009","SERVENTE","H","M.O.",0.28000000000000003,9.8279999999999994,2.7518400000000001]
[null,null,null,"M10002","PONTALETE DE MADEIRA DE LEI - 03 X 03\" - 07,0 X 07,0 CM","MT","Mat.",1.06,2.54,2.6924000000000001]
[null,null,null,"M10007","TABUA DE MADEIRA DE LEI 01 X 12\"' - 02,5 X 30,0 CM\n","MT","Mat.",0.59,4.82,2.8437999999999999]
[null,null,null,"M10011","SARRAFO DE MADEIRA DE LEI - 01 X 04\" - 02,5 X 10,0 CM\n","MT","Mat.",0.67,1.27,0.8509000000000001]
[null,null,null,"M10034","LAJE PRE E=8CM  ","M2","Mat.",1,22,22]
[null,null,null,"M10078","PREGO 18 X 27 MM","KG","Mat.",0.03,4.95,0.14849999999999999]
[null,null,null,"M10203","ACO CA-50 - (MEDIA)","KG","Mat.",1.0900000000000001,4,4.3600000000000003]
[null,null,null,"M10746","CONCRETO USINADO 20,0 MPA - SLUMP CONVENCIONAL","M3","Mat.",7.0000000000000007E-2,233.7,16.359000000000002]
[null,null,null,"V30650","TAXA DE BOMBA ","VB","Diver",0,30,0]
["500016 Total",null,null,null,null,null,null,null,null,59.888160000000006]
["500027","CALHA TIPO RUFO EM CHAPA GALVANIZADA Nº 26 D = 030 CM","MT","M10078","PREGO 18 X 27 MM","KG","Mat.",7.0000000000000007E-2,4.95,0.34650000000000003]
[null,null,null,"M16023","CALHA TIPO RUFO DE CHAPA GALVANIZADA Nº 26 D = 030 CM (COLOCADO)","MT","Mat.",1.03,15.38,15.841400000000002]
["500027 Total",null,null,null,null,null,null,null,null,16.187900000000003]
["500031","CHAPISCO","M2","F20007","PEDREIRO","H","M.O.",0.05,11.739000000000001,0.58695000000000008]
[null,null,null,"F20009","SERVENTE","H","M.O.",0.05,9.8279999999999994,0.4914]
[null,null,null,"M10013","AREIA MEDIA","M3","Mat.",6.1000000000000004E-3,40,0.24400000000000002]
[null,null,null,"M10020","CIMENTO","KG","Mat.",2.4300000000000002,0.38,0.92340000000000011]
["500031 Total",null,null,null,null,null,null,null,null,2.2457500000000001]
["500033","EMBOCO","M2","F20007","PEDREIRO","H","M.O.",0.69,11.739000000000001,8.0999099999999995]
[null,null,null,"F20009","SERVENTE","H","M.O.",0.69,9.8279999999999994,6.7813199999999991]
[null,null,null,"M10013","AREIA MEDIA","M3","Mat.",2.5499999999999998E-2,40,1.02]
[null,null,null,"M10018","CAL HIDRATADA","KG","Mat.",3.5,0.43,1.5049999999999999]
[null,null,null,"M10020","CIMENTO","KG","Mat.",3.5,0.38,1.33]
["500033 Total",null,null,null,null,null,null,null,null,18.736229999999999]
["500034","EMBOCO C/ ARGAMASSA USINADA (CASA TERREA)","M2","F20007","PEDREIRO","H","M.O.",0.57999999999999996,11.739000000000001,6.8086200000000003]
[null,null,null,"F20009","SERVENTE","H","M.O.",0.57999999999999996,9.8279999999999994,5.7002399999999991]
[null,null,null,"M91626","ARGAMASSA PRONTA ENSACADA PARA REVESTIMENTO (CIMENTO+AREIA+CAL)","KG","Mat.",42,0.24,10.08]
["500034 Total",null,null,null,null,null,null,null,null,22.588859999999997]
["500038","CALÇADA EXTERNA 7CM","M2","E14016","BETONEIRA ","H","Eq.Loc.",0.05,1.25,6.25E-2]
[null,null,null,"F20007","PEDREIRO","H","M.O.",0.9,11.739000000000001,10.565100000000001]
[null,null,null,"F20009","SERVENTE","H","M.O.",0.9,9.8279999999999994,8.8452000000000002]
[null,null,null,"M10003","RIPA DE MADEIRA DE LEI - 05,0 X 01,5 CM","MT","Mat.",1.82,1.6,2.9120000000000004]
[null,null,null,"M10013","AREIA MEDIA","M3","Mat.",6.4600000000000005E-2,40,2.5840000000000001]
[null,null,null,"M10015","PEDRA - BRITA Nº1","M3","Mat.",0.06,35,2.1]
[null,null,null,"M10020","CIMENTO","KG","Mat.",20,0.38,7.6]
["500038 Total",null,null,null,null,null,null,null,null,34.668799999999997]
["500048","LATEX PVA","M2","F20001","AJUDANTE GERAL","H","M.O.",0.17,9.8279999999999994,1.67076]
[null,null,null,"F20008","PINTOR ","H","M.O.",0.17,12.39,2.1063000000000001]
[null,null,null,"M10065","PINTURA - AGUA RAZ","L","Mat.",0.05,6.28,0.31400000000000006]
[null,null,null,"M10067","LIXA P/ MADEIRA","UN","Mat.",0.25,0.22,5.5E-2]
[null,null,null,"M10086","PINTURA - SELADOR ACRILICO","L","Mat.",0.12,3.78,0.45359999999999995]
[null,null,null,"M16039","PINTURA - LATEX PVA","L","Mat.",0.17,3.94,0.66980000000000006]
["500048 Total",null,null,null,null,null,null,null,null,5.2694600000000005]
["500049","LATEX ACRILICO","M2","F20001","AJUDANTE GERAL","H","M.O.",0.17,9.8279999999999994,1.67076]
[null,null,null,"F20008","PINTOR ","H","M.O.",0.17,12.39,2.1063000000000001]
[null,null,null,"M10060","PINTURA - LATEX ACRILICO","L","Mat.",0.17,5.33,0.90610000000000013]
[null,null,null,"M10065","PINTURA - AGUA RAZ","L","Mat.",0.05,6.28,0.31400000000000006]
[null,null,null,"M10067","LIXA P/ MADEIRA","UN","Mat.",0.25,0.22,5.5E-2]
[null,null,null,"M10086","PINTURA - SELADOR ACRILICO","L","Mat.",0.12,3.78,0.45359999999999995]
["500049 Total",null,null,null,null,null,null,null,null,5.5057599999999995]
["500050","PINTURA ESMALTE SOBRE ESQUADRIA METALICAS (CASA TERREA)","M2","F20001","AJUDANTE GERAL","H","M.O.",0.22,9.8279999999999994,2.1621600000000001]
[null,null,null,"F20008","PINTOR ","H","M.O.",0.26,12.39,3.2214]
[null,null,null,"M10065","PINTURA - AGUA RAZ","L","Mat.",0.03,6.28,0.18840000000000001]
[null,null,null,"M10068","LIXA P/ FERRO ","UN","Mat.",0.3,1.07,0.32100000000000001]
[null,null,null,"M10071","PINTURA - ZARCAO","L","Mat.",0.12,7.97,0.95639999999999992]
[null,null,null,"M10156","PINTURA - TINTA ESMALTE","L","Mat.",0.16,12.12,1.9391999999999998]
["500050 Total",null,null,null,null,null,null,null,null,8.7885599999999986]
["500054","VIDRO LISO","M2","M16042","VIDRO LISO","M2","Mat.",1,94.26,94.26]
["500054 Total",null,null,null,null,null,null,null,null,94.26]
["500058","PIA DE GRANITO 1,20 X 0,60 M C/ CUBA DE INOX","UN","F20007","PEDREIRO","H","M.O.",1.5,11.739000000000001,17.608499999999999]
[null,null,null,"F20009","SERVENTE","H","M.O.",1.5,9.8279999999999994,14.741999999999999]
[null,null,null,"M11068","SIFAO PVC P/ PIA - 1.1/2\"","UN","Mat.",1,8.65,8.65]
[null,null,null,"M11804","VALVULA AMERICANA PVC P/ PIA - 1.1/2''","UN","Mat.",1,12.12,12.12]
[null,null,null,"M16044","ENGATE CROMADO  ","UN","Mat.",1,8.07,8.07]
[null,null,null,"M16051","PES CONCRETO ","UN","Mat.",2,25,50]
[null,null,null,"M16053","PIA DE GRANITO 1,20 X 0,60M COM CUBA DE INOX","UN","Mat.",1,189,189]
["500058 Total",null,null,null,null,null,null,null,null,300.19049999999999]
["500069","VENEZIANA DE CORRER METALICO 1,50 X 1,10 M","UN","F20007","PEDREIRO","H","M.O.",3.75,11.739000000000001,44.021250000000002]
[null,null,null,"F20009","SERVENTE","H","M.O.",1.5,9.8279999999999994,14.741999999999999]
[null,null,null,"M10013","AREIA MEDIA","M3","Mat.",1.7399999999999999E-2,40,0.69599999999999995]
[null,null,null,"M10018","CAL HIDRATADA","KG","Mat.",1.32,0.43,0.56759999999999999]
[null,null,null,"M10020","CIMENTO","KG","Mat.",4.8,0.38,1.8239999999999998]
[null,null,null,"M16063","VENEZIANA DE CORRER METALICO 1,50 X 1,10 M","UN","Mat.",1,160,160]
["500069 Total",null,null,null,null,null,null,null,null,221.85084999999998]
["500090","PORTAO METALON 30 X 20","M2","500050","PINTURA ESMALTE SOBRE ESQUADRIA METALICAS (CASA TERREA)","M2","-",2.5,8.7885600000000004,21.971400000000003]
[null,null,null,"500297","PINTURA ESMALTE SOBRE ESTRUTURA METALICA","M2","-",2.5,6.9032799999999996,17.258199999999999]
[null,null,null,"F20007","PEDREIRO","H","M.O.",1.48,11.739000000000001,17.373720000000002]
[null,null,null,"F20009","SERVENTE","H","M.O.",1.48,9.8279999999999994,14.545439999999999]
[null,null,null,"M16092","PORTAO P/ PEDESTRE METALON 30 X 20","M2","Mat.",1,206,206]
["500090 Total",null,null,null,null,null,null,null,null,277.14876000000004]
["500139","PAISAGISMO - PLANTIO DE GRAMA EM PLACAS (JARDINS)","M2","F20009","SERVENTE","H","M.O.",0.19600000000000001,9.8279999999999994,1.926288]
[null,null,null,"M30002","GRAMA EM PLACAS","M2","Mat.",1,5.43,5.43]
["500139 Total",null,null,null,null,null,null,null,null,7.3562879999999993]
["500142","ASSENTAMENTO DAS PRIMEIRAS FIADAS C/ ARGAMASSA C/ IMPERMEABILIZANTE","MT","F20007","PEDREIRO","H","M.O.",0.15,11.739000000000001,1.76085]
[null,null,null,"F20009","SERVENTE","H","M.O.",0.15,9.8279999999999994,1.4742]
[null,null,null,"M10013","AREIA MEDIA","M3","Mat.",1.3899999999999999E-2,40,0.55599999999999994]
[null,null,null,"M10020","CIMENTO","KG","Mat.",5.54,0.38,2.1052]
[null,null,null,"M10082","IMPERMEABILIZANTE - VEDACIT","L","Mat.",0.22800000000000001,1.89,0.43091999999999997]
["500142 Total",null,null,null,null,null,null,null,null,6.3271700000000006]
["500146","BATENTE EM MADEIRA - 0,80 X 2,10 M - REQUADRO 055 MM","UN","F20001","AJUDANTE GERAL","H","M.O.",0.98,9.8279999999999994,9.6314399999999996]
[null,null,null,"F20007","PEDREIRO","H","M.O.",0.98,11.739000000000001,11.50422]
[null,null,null,"M10013","AREIA MEDIA","M3","Mat.",8.0000000000000002E-3,40,0.32]
[null,null,null,"M10020","CIMENTO","KG","Mat.",2.85,0.38,1.083]
[null,null,null,"M91619","BATENTE EM MADEIRA - 0,80 X 2,10 M - REQUADRO 055 MM","UN","Mat.",1,61.49,61.49]
["500146 Total",null,null,null,null,null,null,null,null,84.028660000000002]
["500147","BATENTE EM MADEIRA - 0,70 X 2,10 M - REQUADRO 055 MM","UN","F20001","AJUDANTE GERAL","H","M.O.",0.98,9.8279999999999994,9.6314399999999996]
[null,null,null,"F20007","PEDREIRO","H","M.O.",0.98,11.739000000000001,11.50422]
[null,null,null,"M10013","AREIA MEDIA","M3","Mat.",7.8E-2,40,3.12]
[null,null,null,"M10020","CIMENTO","KG","Mat.",2.7930000000000001,0.38,1.0613400000000002]
[null,null,null,"M91617","BATENTE EM MADEIRA - 0,70 X 2,10 M - REQUADRO 055 MM","UN","Mat.",1,61.49,61.49]
["500147 Total",null,null,null,null,null,null,null,null,86.807000000000002]
["500148","PORTA DE MADEIRA C/ MIOLO SEMI-OCO - 0,70 X 2,10 M - 1F S/ BATENTE","UN","F20001","AJUDANTE GERAL","H","M.O.",0.64,9.8279999999999994,6.2899199999999995]
[null,null,null,"F20003","CARPINTEIRO","H","M.O.",0.64,12.39,7.9296000000000006]
[null,null,null,"M16035","PORTA DE MADEIRA - 0,70 X 2,10 M - 1F C/ MIOLO SEMI-OCO E=3,5 CM","UN","Mat.",1,65,65]
["500148 Total",null,null,null,null,null,null,null,null,79.219520000000003]
["500149","PORTA DE MADEIRA C/ MIOLO SEMI-OCO - 0,80 X 2,10 M - 1F S/ BATENTE","UN","F20001","AJUDANTE GERAL","H","M.O.",0.64,9.8279999999999994,6.2899199999999995]
[null,null,null,"F20003","CARPINTEIRO","H","M.O.",0.64,12.39,7.9296000000000006]
[null,null,null,"M16034","PORTA DE MADEIRA - 0,80 X 2,10 M - 1F C/ MIOLO SEMI-OCO E=3,5 CM","UN","Mat.",1,70,70]
["500149 Total",null,null,null,null,null,null,null,null,84.219520000000003]
["500154","RODAPE CERAMICO H = 05,0 CM","MT","F20007","PEDREIRO","H","M.O.",0.05,11.739000000000001,0.58695000000000008]
[null,null,null,"F20009","SERVENTE","H","M.O.",0.05,9.8279999999999994,0.4914]
[null,null,null,"M10220","REJUNTE","KG","Mat.",0.04,1.67,6.6799999999999998E-2]
[null,null,null,"M10799","CIMENTO COLANTE  ","KG","Mat.",0.4,0.3,0.12]
[null,null,null,"M15049","PISO CERAMICO 30 X 30 CM\n","M2","Mat.",0.06,7.5,0.44999999999999996]
["500154 Total",null,null,null,null,null,null,null,null,1.7151500000000002]
["500262","TANQUE DE MARMORE SINTETICO","UN","F20001","AJUDANTE GERAL","H","M.O.",1.5,9.8279999999999994,14.741999999999999]
[null,null,null,"F20005","ENCANADOR ","H","M.O.",1.5,12.39,18.585000000000001]
[null,null,null,"M53499","SUPORTE METALICO P/ TANQUE DE MARMORE SINTETICO","UN","Mat.",2,25,50]
[null,null,null,"M53502","TANQUE - MARMORE SINTETICO","UN","Mat.",1,112.9,112.9]
[null,null,null,"M53503","SIFAO PVC P/ TANQUE SANFONADO","UN","Mat.",1,5.42,5.42]
[null,null,null,"M53504","VALVULA P/ TANQUE - 1.1/4","UN","Mat.",1,8.4700000000000006,8.4700000000000006]
["500262 Total",null,null,null,null,null,null,null,null,210.11699999999999]
["500297","PINTURA ESMALTE SOBRE ESTRUTURA METALICA","M2","F20001","AJUDANTE GERAL","H","M.O.",0.26,9.8279999999999994,2.5552799999999998]
[null,null,null,"F20008","PINTOR ","H","M.O.",0.26,12.39,3.2214]
[null,null,null,"M10065","PINTURA - AGUA RAZ","L","Mat.",2.5000000000000001E-2,6.28,0.15700000000000003]
[null,null,null,"M10156","PINTURA - TINTA ESMALTE","L","Mat.",0.08,12.12,0.96959999999999991]
["500297 Total",null,null,null,null,null,null,null,null,6.9032799999999996]
["500466","ABRIGO PARA HIDROMETRO C/ TAMPA","UN","000040","ESCAVACAO MANUAL DE VALA","M3","-",0.06,30.466799999999999,1.8280079999999999]
[null,null,null,"000100","LASTRO DE BRITA","M3","-",0.02,59.138800000000003,1.182776]
[null,null,null,"000310","CONCRETO USINADO 15,0 MPA SLUMP CONVENCIONAL C/ LANCAMENTO","M3","-",0.08,331.85630000000003,26.548504000000005]
[null,null,null,"000830","ALVENARIA BLOCO DE CONCRETO CANALETA VEDACAO - E=19,0 CM - C=19,0 CM - 03,0 MPA","M2","-",1,77.409080000000003,77.409080000000003]
[null,null,null,"500003","BROCA DN 20 CM - C/ ESCAVACAO, C/ ARMACAO E LANCAMENTO","MT","-",2,29.813539399999996,59.627078799999992]
[null,null,null,"500015","ARMACAO ACO CA-50 MEDIA","KG","-",3.28,6.2564399999999996,20.521123199999998]
[null,null,null,"500031","CHAPISCO","M2","-",2.84,2.2457500000000001,6.3779300000000001]
[null,null,null,"500034","EMBOCO C/ ARGAMASSA USINADA (CASA TERREA)","M2","-",2.84,22.588859999999997,64.152362399999987]
[null,null,null,"500049","LATEX ACRILICO","M2","-",2.84,5.5057600000000004,15.636358400000001]
["500466 Total",null,null,null,null,null,null,null,null,273.28322079999998]
["500468","CALHA DE CHAPA GALVANIZADA Nº 26 D = 050 CM","MT","M10080","PREGO 15 X 15 MM","KG","Mat.",0.09,5.7,0.51300000000000001]
[null,null,null,"M90248","CALHA DE CHAPA GALVANIZADA Nº 26 D = 050 CM (COLOCADO)","MT","Mat.",1.03,25.2,25.956]
["500468 Total",null,null,null,null,null,null,null,null,26.469000000000001]
["500488","MURO DE DIVISA PADRAO EM ALVENARIA - H = 1,50 M","MT","000040","ESCAVACAO MANUAL DE VALA","M3","-",6.25E-2,30.466799999999999,1.904175]
[null,null,null,"000090","APILOAMENTO MANUAL FUNDO VALA","M2","-",0.25,8.5503599999999995,2.1375899999999999]
[null,null,null,"000130","CONCRETO CONSUMO 161,0 KG CIMENTO/M3 - TRACO 1:4:8 - BETONEIRA C/ LANCAMENTO","M3","-",1.2500000000000001E-2,233.24100000000001,2.9155125000000002]
[null,null,null,"000150","REATERRO APILOADO DE VALA","M3","-",3.125E-2,14.458079999999999,0.45181499999999997]
[null,null,null,"000190","ACO CA 50 06,3 MM","KG","-",2.2749999999999999,5.8054400000000008,13.207376000000002]
[null,null,null,"000780","ALVENARIA BLOCO DE CONCRETO VEDACAO - E=14,0 CM - C=39,0 CM - 03,0 MPA","M2","-",1.375,50.716300000000004,69.734912500000007]
[null,null,null,"000820","ALVENARIA BLOCO DE CONCRETO CANALETA VEDACAO - E=14,0 CM - C=39,0 CM - 03,0 MPA","M2","-",0.25,57.675200000000004,14.418800000000001]
[null,null,null,"000830","ALVENARIA BLOCO DE CONCRETO CANALETA VEDACAO - E=19,0 CM - C=19,0 CM - 03,0 MPA","M2","-",0.125,77.409080000000003,9.6761350000000004]
[null,null,null,"001000","FORMA DE TABUA FUNDACAO","M2","-",0.3125,27.304600000000001,8.5326874999999998]
[null,null,null,"002888","MICRO CONCRETO GRAUTE 15,0 MPA C/ LANCAMENTO","M3","-",4.3750000000000004E-2,432.59899999999999,18.92620625]
[null,null,null,"002953","CONCRETO USINADO 20,0 MPA SLUMP CONVENCIONAL C/ LANCAMENTO","M3","-",2.5000000000000001E-2,337.45949999999999,8.4364875000000001]
[null,null,null,"002955","BROCA DN 20 CM C/ LANCAMENTO (C/ ESCAVACAO / FCK = 20 MPA / USINADO / S/ ARMACAO)","MT","-",1.2,32.213147399999997,38.655776879999998]
[null,null,null,"003015","LOCACAO DE MUROS","MT","-",1,0.32368400000000003,0.32368400000000003]
[null,null,null,"401084","PINTURA TEXTURADA ACRILICA (EXTERNA - PREDIOS)","M2","-",4.8,10.35252,49.692095999999999]
[null,null,null,"500015","ARMACAO ACO CA-50 MEDIA","KG","-",5.6875,6.2564399999999996,35.583502499999994]
["500488 Total",null,null,null,null,null,null,null,null,274.59675662999996]
["600216","PLACA DE IDENTIFICACAO - NUMERACAO DAS CASAS","UN","F20009","SERVENTE","H","M.O.",0.11,9.8279999999999994,1.08108]
[null,null,null,"M90241","PLACA DE IDENTIFICACAO - NUMERACAO DE CASAS","UN","Mat.",1,10,10]
["600216 Total",null,null,null,null,null,null,null,null,11.08108]
["600226","CALHA TIPO PINGADEIRA EM CHAPA GALVANIZADA Nº 26 D = 030 CM","MT","M10078","PREGO 18 X 27 MM","KG","Mat.",7.0000000000000007E-2,4.95,0.34650000000000003]
[null,null,null,"M80302","PINGADEIRA EM CHAPA GALVANIZADA N°26 D=30CM","MT","Mat.",1.05,17.68,18.564]
["600226 Total",null,null,null,null,null,null,null,null,18.910499999999999]
["600237","INSTALACAO ELETRICA - ENTRADA DE ENERGIA","UN","F20001","AJUDANTE GERAL","H","M.O.",6,9.8279999999999994,58.967999999999996]
[null,null,null,"F20004","ELETRICISTA","H","M.O.",7.5,12.39,92.925000000000011]
[null,null,null,"M10458","CONECTOR P/ HASTE DE ATERRAMENTO - 5/8'' - 2 CABOS","UN","Mat.",1,7.04,7.04]
[null,null,null,"M12045","HASTE DE ATERRAMENTO COBRE 5/8'' X 2,4 M","UN","Mat.",1,12.63,12.63]
[null,null,null,"M12066","SUPORTE P/ DISJUNTORES","UN","Mat.",1,1.24,1.24]
[null,null,null,"M12083","FIO DE COBRE ISOLADO - 750V - # 16,0MM²","MT","Mat.",34.5,3.01,103.845]
[null,null,null,"M12221","CURVA 90º00' P/ ELETRODUTO - PVC ROSCAVEL - DE - 1\" - ELETRICA","UN","Mat.",1,1.72,1.72]
[null,null,null,"M12284","BENGALA PVC 4 M - 1\"","UN","Mat.",1,5.15,5.15]
[null,null,null,"M12334","POSTE DE CONCRETO DUPLO ''T'' - 07,5 M - CAPACIDADE 90 KGF","UN","Mat.",1,175.6,175.6]
[null,null,null,"M12352","CABO DE COBRE NU # 10,0 MM²","MT","Mat.",11.5,3.38,38.869999999999997]
[null,null,null,"M12380","CONECTOR P/ CABO SPLIT BOLD 16 MM²","UN","Mat.",1,3.83,3.83]
[null,null,null,"M12396","LUVA P/ ELETRODUTO - PVC ROSCAVEL - DE - 1\" - ELETRICA","UN","Mat.",1,0.85,0.85]
[null,null,null,"M12498","TERMINAL PRESSAO TA P/ CABO 16 MM²","UN","Mat.",1,2.31,2.31]
[null,null,null,"M13043","ARAME DE ACO GALVANIZADO Nº 14","KG","Mat.",1,5.43,5.43]
[null,null,null,"M80205","ARMACAO TIPO C1 P/ HASTE METALICA - C/ ISOLADOR E ROLDANA","UN","Mat.",2,6.3,12.6]
[null,null,null,"M80207","MASSA CALAFETADORA  ","KG","Mat.",0.5,16.3,8.15]
[null,null,null,"M80208","DISJUNTOR - DIN - MON - 070A","UN","Mat.",1,13.4,13.4]
[null,null,null,"M80210","CAIXA DE MEDICAO TIPO IV","UN","Mat.",1,88.4,88.4]
[null,null,null,"M80211","CAIXA DE INSPECAO PVC ATERRAMENTO CONICA C/ TAMPA - 175 X 50 MM","UN","Mat.",1,2.67,2.67]
[null,null,null,"M80258","BUCHA DE ALUMINIO - 1.1/4\"","UN","Mat.",1,0.82,0.82]
[null,null,null,"M80259","ARRUELA DE ALUMINIO 1.1/4\"","UN","Mat.",1,0.41,0.41]
[null,null,null,"M80268","PARAFUSO 1/2 X 8\" C/ PORCA E ARRUELA P/ CAIXA  ","UN","Mat.",1,1,1]
[null,null,null,"M80269","PARAFUSO 1/2 x 5\" C/ PORCA E ARRUELA P/ PRESBOW ","UN","Mat.",1,1,1]
[null,null,null,"M80270","BARRA DE ESTANHO ","BR","Mat.",1,4.83,4.83]
[null,null,null,"M80278","BUCHA DE ALUMINIO - 1\"","UN","Mat.",1,0.54,0.54]
[null,null,null,"M80279","ARRUELA DE ALUMINIO 1\"","UN","Mat.",1,0.24,0.24]
["600237 Total",null,null,null,null,null,null,null,null,644.46799999999996]
["600238","INSTALACAO ELETRICA - TUBULACAO + CAIXAS","UN","F20001","AJUDANTE GERAL","H","M.O.",14.4,9.8279999999999994,141.5232]
[null,null,null,"F20004","ELETRICISTA","H","M.O.",14.4,12.39,178.41600000000003]
[null,null,null,"M12281","ELETRODUTO DE POLIETILENO SEMI RIGIDO - SELO VERMELHO - 3/4\"","MT","Mat.",132.25,0.75,99.1875]
[null,null,null,"M12421","CAIXA DE PVC 4X4'' - EMBUTIR","UN","Mat.",2,1.97,3.94]
[null,null,null,"M12422","CAIXA DE PVC 4X2'' - EMBUTIR","UN","Mat.",20,1.24,24.8]
[null,null,null,"M12423","CAIXA METALICA OCTOGONAL ESTAMPADA C/ FUNDO MOVEL","UN","Mat.",6,3.5,21]
[null,null,null,"M19064","ELETRODUTO DE POLIETILENO SEMI RIGIDO - SELO AZUL - 1\"","MT","Mat.",17.25,1.25,21.5625]
["600238 Total",null,null,null,null,null,null,null,null,490.42920000000004]
["600239","INSTALACAO ELETRICA - FIACAO","UN","F20001","AJUDANTE GERAL","H","M.O.",6,9.8279999999999994,58.967999999999996]
[null,null,null,"F20004","ELETRICISTA","H","M.O.",6,12.39,74.34]
[null,null,null,"M12025","FIO DE COBRE ISOLADO - 750V - # 02,5MM²\n","MT","Mat.",248.4,0.68,168.91200000000001]
[null,null,null,"M12026","FIO DE COBRE ISOLADO - 750V - # 01,5MM²","MT","Mat.",120.75,0.42,50.714999999999996]
[null,null,null,"M12039","FIO DE COBRE ISOLADO - 750V - # 06,0MM²","MT","Mat.",17.25,1.8,31.05]
[null,null,null,"M12044","CABO TELEFONICO - CCI - 01 PAR","MT","Mat.",34.5,0.26,8.9700000000000006]
[null,null,null,"M12056","FITA ISOLANTE","MT","Mat.",40,0.56000000000000005,22.400000000000002]
[null,null,null,"M12083","FIO DE COBRE ISOLADO - 750V - # 16,0MM²","MT","Mat.",34.5,3.01,103.845]
[null,null,null,"M12352","CABO DE COBRE NU # 10,0 MM²","MT","Mat.",10,3.38,33.799999999999997]
["600239 Total",null,null,null,null,null,null,null,null,553]
["600240","INSTALACAO ELETRICA - ILUMINACAO, TOMADAS E INTERRUPTORES","UN","F20001","AJUDANTE GERAL","H","M.O.",5.5,9.8279999999999994,54.053999999999995]
[null,null,null,"F20004","ELETRICISTA","H","M.O.",5.5,12.39,68.14500000000001]
[null,null,null,"M11294","PARAFUSO - 3,5 X 25 MM - AUTO ATARRACHANTE","UN","Mat.",16,1,16]
[null,null,null,"M12010","CONJUNTO - 4 X 2\" - (1 INT SIMPLES)","UN","Mat.",6,1.94,11.64]
[null,null,null,"M12013","CONJUNTO - 4 X 2\" - (2 INT SIMPLES)","UN","Mat.",1,3.88,3.88]
[null,null,null,"M12143","CONJUNTO - 4 X 2\" - (1 TOMADA 20A 2P+T)","UN","Mat.",9,2.74,24.660000000000004]
[null,null,null,"M12144","CONJUNTO - 4 X 2\" - (1 CIGARRA 60 HZ)","UN","Mat.",1,11.04,11.04]
[null,null,null,"M12145","CONJUNTO - 4 X 2\" - (1 INT PULSADOR - TIPO CAMPANHIA)","UN","Mat.",1,1.94,1.94]
[null,null,null,"M12289","GLOBO LEITOSO DE VIDRO","UN","Mat.",6,31.5,189]
[null,null,null,"M12423","CAIXA METALICA OCTOGONAL ESTAMPADA C/ FUNDO MOVEL","UN","Mat.",6,3.5,21]
[null,null,null,"M12471","CONJUNTO - 4 X 2\" - (1 TOMADA RJ-11, P/ TELEFONE)","UN","Mat.",2,2.89,5.78]
[null,null,null,"M12720","CONJUNTO - 4 X 2\" - (2 TOMADA 20A 2P+T)","UN","Mat.",2,5.48,10.96]
[null,null,null,"M16320","CONJUNTO - 4 X 2\" - (1 PLACA CEGA C/ FURO CENTRAL)","UN","Mat.",1,0.76,0.76]
[null,null,null,"M16334","PLAFONIER C/ SOQUETE","UN","Mat.",8,1.97,15.76]
[null,null,null,"M90270","CONJUNTO - 4 X 4\" - (1 TOMADA TELEFONE + 1 CONX ANTENA)","UN","Mat.",1,9.4,9.4]
["600240 Total",null,null,null,null,null,null,null,null,444.01899999999989]
["600241","INSTALACAO ELETRICA - QUADRO DE DISTRIBUICAO","UN","F20001","AJUDANTE GERAL","H","M.O.",1.35,9.8279999999999994,13.267799999999999]
[null,null,null,"F20004","ELETRICISTA","H","M.O.",1.35,12.39,16.726500000000001]
[null,null,null,"M12045","HASTE DE ATERRAMENTO COBRE 5/8'' X 2,4 M","UN","Mat.",1,12.63,12.63]
[null,null,null,"M12125","QUADRO DE DISTRIBUICAO EM PVC P/12 DISJUTORES - VAZIO","UN","Mat.",1,69.23,69.23]
[null,null,null,"M12127","BARRAMENTO BIFASICO 02 X 06 - 80A, P/ DISJ. DIN","UN","Mat.",1,9.6,9.6]
[null,null,null,"M12494","DISJUNTOR - DIN - MON - 040A","UN","Mat.",1,8.57,8.57]
[null,null,null,"M16331","DISPOSITIVO DIFERENCIAL RESIDUAL - 2P - 63A - 30 mA","UN","Mat.",1,58.7,58.7]
[null,null,null,"M16332","DISJUNTOR - DIN - MON - 010 / 030A","UN","Mat.",2,6.08,12.16]
[null,null,null,"M16333","DISJUNTOR - DIN - MON - 015 / 030A","UN","Mat.",1,5.85,5.85]
[null,null,null,"M80211","CAIXA DE INSPECAO PVC ATERRAMENTO CONICA C/ TAMPA - 175 X 50 MM","UN","Mat.",1,2.67,2.67]
[null,null,null,"M80213","DISJUNTOR - DIN - MON - 010 / 030A","UN","Mat.",1,5.85,5.85]
[null,null,null,"M80271","BARRAMENTO N+T P/ 12 DISJUNTORES ","UN","Mat.",2,38.909999999999997,77.819999999999993]
["600241 Total",null,null,null,null,null,null,null,null,293.07429999999999]
["600242","INSTALACAO HIDRAULICA - ENTRADA DE AGUA FRIA","UN","F20001","AJUDANTE GERAL","H","M.O.",5.1870000000000003,9.8279999999999994,50.977835999999996]
[null,null,null,"F20005","ENCANADOR ","H","M.O.",5.1870000000000003,12.39,64.266930000000002]
[null,null,null,"M11002","ADAPTADOR CURTO P/ REGISTRO - PVC SOLDAVEL -  BR - DE - 025 X 3/4\" - AGUA FRIA","UN","Mat.",1,0.31,0.31]
[null,null,null,"M11025","ADESIVO PLASTICO P/ PVC 850 ML","UN","Mat.",0.01,17.09,0.1709]
[null,null,null,"M11038","TEE - PVC SOLDAVEL - 3B-JE - DE - 025 MM - AGUA FRIA","UN","Mat.",1,0.42,0.42]
[null,null,null,"M11048","TUBO - PVC SOLDAVEL - PB - DE - 025 MM - AGUA FRIA","MT","Mat.",17.77,1.61,28.6097]
[null,null,null,"M11072","TORNEIRA BOIA P/ CAIXA D'AGUA - PVC - DE - 050 MM","UN","Mat.",1,80.040000000000006,80.040000000000006]
[null,null,null,"M11085","SOLUCAO LIMPADORA P/ PVC","L","Mat.",0.01,16.920000000000002,0.16920000000000002]
[null,null,null,"M11789","LUVA - PVC ROSCAVEL - DE - 3/4\" - AGUA FRIA","UN","Mat.",1,0.68,0.68]
[null,null,null,"M16243","JOELHO 90º00' - PVC SOLDAVEL - 2B - DE - 025 MM - AGUA FRIA","UN","Mat.",5,0.28000000000000003,1.4000000000000001]
[null,null,null,"M16427","HIDROMETRO 3/4\" - Q = 01,5 M³/H","UN","Mat.",1,78.959999999999994,78.959999999999994]
[null,null,null,"M80283","CAIXA DE PROTECAO DE HIDROMETRO C/ KIT DE INSTALACAO","UN","Mat.",1,252.1,252.1]
["600242 Total",null,null,null,null,null,null,null,null,558.10456599999998]
["600243","INSTALACAO HIDRAULICA - DISTRIBUICAO DE AGUA","UN","F20001","AJUDANTE GERAL","H","M.O.",5.7,9.8279999999999994,56.019599999999997]
[null,null,null,"F20005","ENCANADOR ","H","M.O.",5.7,12.39,70.623000000000005]
[null,null,null,"M11002","ADAPTADOR CURTO P/ REGISTRO - PVC SOLDAVEL -  BR - DE - 025 X 3/4\" - AGUA FRIA","UN","Mat.",3,0.31,0.92999999999999994]
[null,null,null,"M11004","ADAPTADOR CURTO P/ REGISTRO - PVC SOLDAVEL -  BR - DE - 032 X 1\" - AGUA FRIA","UN","Mat.",4,0.59,2.36]
[null,null,null,"M11010","JOELHO 90º00' - PVC SOLDAVEL - 2B - DE - 032 MM - AGUA FRIA","UN","Mat.",3,0.8,2.4000000000000004]
[null,null,null,"M11020","JOELHO 90º00' C/ BUCHA EM LATAO - PVC SOLDAVEL - BR - DE - 025 MM X 1/2\" - AGUA FRIA","UN","Mat.",6,2.4,14.399999999999999]
[null,null,null,"M11025","ADESIVO PLASTICO P/ PVC 850 ML","UN","Mat.",0.02,17.09,0.34179999999999999]
[null,null,null,"M11038","TEE - PVC SOLDAVEL - 3B-JE - DE - 025 MM - AGUA FRIA","UN","Mat.",2,0.42,0.84]
[null,null,null,"M11039","TEE C/ BUCHA EM LATAO - PVC SOLDAVEL - DE - 025 MM X 3/4\" - AGUA FRIA","UN","Mat.",1,4.05,4.05]
[null,null,null,"M11048","TUBO - PVC SOLDAVEL - PB - DE - 025 MM - AGUA FRIA","MT","Mat.",19.899999999999999,1.61,32.039000000000001]
[null,null,null,"M11049","TUBO - PVC SOLDAVEL - PB - DE - 032 MM - AGUA FRIA","MT","Mat.",4.3099999999999996,2.82,12.154199999999998]
[null,null,null,"M11056","TUBO DE LIGACAO FLEXIVEL","UN","Mat.",2,4.12,8.24]
[null,null,null,"M11083","TEE - PVC SOLDAVEL - DE - 032 MM - AGUA FRIA","UN","Mat.",2,1.3,2.6]
[null,null,null,"M11085","SOLUCAO LIMPADORA P/ PVC","L","Mat.",0.01,16.920000000000002,0.16920000000000002]
[null,null,null,"M11102","TEE C/ BUCHA EM LATAO - PVC SOLDAVEL - DE - 025 MM X 1/2\" - AGUA FRIA","UN","Mat.",1,3.96,3.96]
[null,null,null,"M11114","LUVA DE REDUCAO - PVC SOLDAVEL - PB - DE - 032 X 025 MM - AGUA FRIA","UN","Mat.",1,0.99,0.99]
[null,null,null,"M11285","PLUG - PVC ROSCAVEL - DE - 1/2 \" - AGUA FRIA","UN","Mat.",2,0.2,0.4]
[null,null,null,"M16243","JOELHO 90º00' - PVC SOLDAVEL - 2B - DE - 025 MM - AGUA FRIA","UN","Mat.",8,0.28000000000000003,2.2400000000000002]
["600243 Total",null,null,null,null,null,null,null,null,214.75680000000008]
["600244","INSTALACAO HIDRAULICA - CAIXA D'AGUA","UN","F20001","AJUDANTE GERAL","H","M.O.",3.99,9.8279999999999994,39.213720000000002]
[null,null,null,"F20005","ENCANADOR ","H","M.O.",3.99,12.39,49.436100000000003]
[null,null,null,"M11010","JOELHO 90º00' - PVC SOLDAVEL - 2B - DE - 032 MM - AGUA FRIA","UN","Mat.",3,0.8,2.4000000000000004]
[null,null,null,"M11048","TUBO - PVC SOLDAVEL - PB - DE - 025 MM - AGUA FRIA","MT","Mat.",0.23,1.61,0.37030000000000002]
[null,null,null,"M11049","TUBO - PVC SOLDAVEL - PB - DE - 032 MM - AGUA FRIA","MT","Mat.",3.55,2.82,10.010999999999999]
[null,null,null,"M16243","JOELHO 90º00' - PVC SOLDAVEL - 2B - DE - 025 MM - AGUA FRIA","UN","Mat.",1,0.28000000000000003,0.28000000000000003]
[null,null,null,"M80223","CAIXA D'AGUA POLIETILENO - 500 L","UN","Mat.",1,137.19999999999999,137.19999999999999]
[null,null,null,"M90342","ADAPTADOR CURTO P/ CAIXA D'AGUA C/ FLANGES - PVC SOLDAVEL - DE - 025 X 3/4\" - AGUA FRIA","UN","Mat.",2,7.73,15.46]
[null,null,null,"M90343","ADAPTADOR CURTO P/ CAIXA D'AGUA C/ FLANGES - PVC SOLDAVEL - DE - 032 X 1\" - AGUA FRIA","UN","Mat.",3,7.14,21.419999999999998]
["600244 Total",null,null,null,null,null,null,null,null,275.79111999999998]
["600245","INSTALACAO HIDRAULICA - ESGOTO EXTERNO","UN","600284","CAIXA DE GORDURA PRE-MOLDADA V = 23,5 L","UN","-",1,143.68605460000001,143.68605460000001]
[null,null,null,"F20001","AJUDANTE GERAL","H","M.O.",6.8,9.8279999999999994,66.830399999999997]
[null,null,null,"F20005","ENCANADOR ","H","M.O.",6.8,12.39,84.251999999999995]
[null,null,null,"M11051","TUBO - PVC BRANCO NORMAL - PB - DE - 050 MM - ESGOTO\n","MT","Mat.",5.75,3.74,21.505000000000003]
[null,null,null,"M11084","LUBRIFICANTE P/ PVC","L","Mat.",0.13,11.62,1.5105999999999999]
[null,null,null,"M11087","ANEL BORRACHA - PVC BRANCO NORMAL - JE - DE - 050 MM - ESGOTO","UN","Mat.",3,0.24,0.72]
[null,null,null,"M11194","REDUCAO EXCENTRICA - PVC BRANCO NORMAL - DE - 075 X 050 MM - ESGOTO","UN","Mat.",1,2.2799999999999998,2.2799999999999998]
[null,null,null,"M16287","TUBO - PVC BRANCO NORMAL - PB - DE - 075 MM - ESGOTO","MT","Mat.",9.6,4.49,43.103999999999999]
[null,null,null,"M16288","TUBO - PVC BRANCO NORMAL - PB - DE - 100 MM - ESGOTO","MT","Mat.",11.56,5.74,66.354399999999998]
[null,null,null,"M16289","JUNCAO SIMPLES - PVC BRANCO NORMAL - DE - 075 X 050MM - ESGOTO","UN","Mat.",1,4.68,4.68]
[null,null,null,"M80225","CAIXA DE INSPECAO PRE MOLD. 0,45 X 0,45 X 0,45 M","UN","Mat.",4,60,240]
[null,null,null,"M90492","ANEL BORRACHA - PVC BRANCO NORMAL - JE - DE - 075 MM - ESGOTO","UN","Mat.",2,0.32,0.64]
["600245 Total",null,null,null,null,null,null,null,null,675.56245460000002]
["600246","INSTALACAO HIDRAULICA - ESGOTO INTERNO","UN","F20001","AJUDANTE GERAL","H","M.O.",8.0749999999999993,9.8279999999999994,79.361099999999993]
[null,null,null,"F20005","ENCANADOR ","H","M.O.",8.0749999999999993,12.39,100.04925]
[null,null,null,"M11015","CURVA 90º00' CURTA - PVC BRANCO NORMAL - DE - 100 MM - ESGOTO","UN","Mat.",1,8.1199999999999992,8.1199999999999992]
[null,null,null,"M11051","TUBO - PVC BRANCO NORMAL - PB - DE - 050 MM - ESGOTO\n","MT","Mat.",8.2200000000000006,3.74,30.742800000000003]
[null,null,null,"M11084","LUBRIFICANTE P/ PVC","L","Mat.",0.03,11.62,0.34859999999999997]
[null,null,null,"M11087","ANEL BORRACHA - PVC BRANCO NORMAL - JE - DE - 050 MM - ESGOTO","UN","Mat.",6,0.24,1.44]
[null,null,null,"M11089","ANEL BORRACHA - PVC BRANCO NORMAL - JE - DE - 100 MM - ESGOTO","UN","Mat.",2,0.38,0.76]
[null,null,null,"M11099","CAIXA SIFONADA MONT. C/ GRELHA E PORTA GRELHA - PVC BRANCO NORMAL - DE - 150 X 150 X 050 MM - ESGOTO","UN","Mat.",1,20.38,20.38]
[null,null,null,"M11165","TUBO - PVC BRANCO NORMAL - PB - DE - 040 MM - ESGOTO","MT","Mat.",4.96,1.91,9.4735999999999994]
[null,null,null,"M16296","JOELHO 45º00' - PVC BRANCO NORMAL - DE - 040 MM - ESGOTO","UN","Mat.",2,0.87,1.74]
[null,null,null,"M16297","JOELHO 90º00' - PVC BRANCO NORMAL - DE - 040 MM - ESGOTO","UN","Mat.",6,0.71,4.26]
[null,null,null,"M16298","JOELHO 45º00' - PVC BRANCO NORMAL - DE - 050 MM - ESGOTO","UN","Mat.",1,1.31,1.31]
[null,null,null,"M16299","JOELHO 90º00' - PVC BRANCO NORMAL - DE - 050 MM - ESGOTO","UN","Mat.",4,2.2999999999999998,9.1999999999999993]
[null,null,null,"M80194","ADAPTADOR P/ MAQUINA DE LAVAR - 38 MM","UN","Mat.",1,9.07,9.07]
[null,null,null,"M80275","CAIXA SECA C/ GRELHA PLASTICA - PVC BRANCO NORMAL - DE - 100 X 100 X 040 MM - ESGOTO","UN","Mat.",1,5.23,5.23]
[null,null,null,"M80280","CAIXA SIFONADA QUADRADA C/ ANTI-ESPUMA - PVC BRANCO NORMAL - DE - 150 X 150 X 050 MM - ESGOTO","UN","Mat.",1,20.38,20.38]
["600246 Total",null,null,null,null,null,null,null,null,301.86534999999998]
["600284","CAIXA DE GORDURA PRE-MOLDADA V = 23,5 L","UN","000040","ESCAVACAO MANUAL DE VALA","M3","-",0.35,30.466799999999999,10.663379999999998]
[null,null,null,"000090","APILOAMENTO MANUAL FUNDO VALA","M2","-",0.55000000000000004,8.5503599999999995,4.7026979999999998]
[null,null,null,"000150","REATERRO APILOADO DE VALA","M3","-",0.27,14.458079999999999,3.9036816000000001]
[null,null,null,"003013","CONCRETO USINADO 25,0 MPA SLUMP CONVENCIONAL C/ LANCAMENTO","M3","-",0.03,335.70850000000002,10.071255000000001]
[null,null,null,"152040","TUBO PVC BRANCO 075 MM - ESGOTO","MT","-",0.15,10.984640000000001,1.647696]
[null,null,null,"155376","TEE PVC SERIE \"R\" 075 MM - ESGOTO","UN","-",1,17.573999999999998,17.573999999999998]
[null,null,null,"402485","FORMA DE COMPENSADO PLASTIFICADO 18,0 MM\n","M2","-",1.62,50.049599999999998,81.080352000000005]
[null,null,null,"500015","ARMACAO ACO CA-50 MEDIA","KG","-",1.8,6.2564399999999996,11.261592]
[null,null,null,"600285","PLUG PVC BRANCO 075 MM - ESGOTO","UN","-",1,2.7814000000000001,2.7814000000000001]
["600284 Total",null,null,null,null,null,null,null,null,143.68605460000001]
["600285","PLUG PVC BRANCO 075 MM - ESGOTO","UN","F20001","AJUDANTE GERAL","H","M.O.",0.05,9.8279999999999994,0.4914]
[null,null,null,"M90253","PLUG - PVC BRANCO NORMAL - DE - 075 MM - ESGOTO","UN","Mat.",1,2.29,2.29]
["600285 Total",null,null,null,null,null,null,null,null,2.7814000000000001]
["600627","IMPERMEABILIZACAO C/ SIKATOP","M2","F20007","PEDREIRO","H","M.O.",0.15,11.739000000000001,1.76085]
[null,null,null,"F20009","SERVENTE","H","M.O.",0.15,9.8279999999999994,1.4742]
[null,null,null,"M16005","IMPERMEABILIZANTE - SIKATOP","KG","Mat.",0.61,2,1.22]
["600627 Total",null,null,null,null,null,null,null,null,4.45505]
["600681","BARRADO IMPERMEABILIZADO EXTERNO COM IGOFLEX","M2","F20009","SERVENTE","H","M.O.",0.19,9.8279999999999994,1.8673199999999999]
[null,null,null,"M90922","IMPERMEABILIZANTE - IGOLFLEX","L","Mat.",0.36,11.34,4.0823999999999998]
["600681 Total",null,null,null,null,null,null,null,null,5.9497199999999992]
["600930","SILICONE INCOLOR","MT","F20001","AJUDANTE GERAL","H","M.O.",0.104,9.8279999999999994,1.0221119999999999]
[null,null,null,"M15433","SILICONE INCOLOR EM BISNAGA 300 GR","UN","Mat.",7.3999999999999996E-2,11,0.81399999999999995]
["600930 Total",null,null,null,null,null,null,null,null,1.836112]
["600961","VENEZIANA EM ACO GALVANIZADO DE CORRER LATERAL 1,80 X 1,10 M","UN","F20007","PEDREIRO","H","M.O.",3.5640000000000001,11.739000000000001,41.837796000000004]
[null,null,null,"F20009","SERVENTE","H","M.O.",1.835,9.8279999999999994,18.034379999999999]
[null,null,null,"M10013","AREIA MEDIA","M3","Mat.",1.8499999999999999E-2,40,0.74]
[null,null,null,"M10018","CAL HIDRATADA","KG","Mat.",1.3859999999999999,0.43,0.59597999999999995]
[null,null,null,"M10020","CIMENTO","KG","Mat.",5.069,0.38,1.92622]
[null,null,null,"M91156","VENEZIANA ACO GALVANIZADO DE CORRER LATERAL 1,80 X 1,10 M","UN","Mat.",1,212,212]
["600961 Total",null,null,null,null,null,null,null,null,275.13437599999997]
["601051","VITRO MAXIM-AR EM ACO GALVANIZADO 1 FOLHA MOVEL (0,80X0,60M)","UN","F20007","PEDREIRO","H","M.O.",1.3,11.739000000000001,15.260700000000002]
[null,null,null,"F20009","SERVENTE","H","M.O.",0.67,9.8279999999999994,6.5847600000000002]
[null,null,null,"M10013","AREIA MEDIA","M3","Mat.",2.3E-3,40,9.1999999999999998E-2]
[null,null,null,"M10018","CAL HIDRATADA","KG","Mat.",0.17,0.43,7.3099999999999998E-2]
[null,null,null,"M10020","CIMENTO","KG","Mat.",0.63,0.38,0.2394]
[null,null,null,"M91258","VITRO MAXIM-AR EM ACO GALVANIZADO 1 FOLHA MOVEL (0,80X0,60M)","UN","Mat.",1,115,115]
["601051 Total",null,null,null,null,null,null,null,null,137.24995999999999]
["601063","SOLEIRA DE ARDOSIA E=2CM L=15CM","MT","F20007","PEDREIRO","H","M.O.",0.4,11.739000000000001,4.6956000000000007]
[null,null,null,"F20009","SERVENTE","H","M.O.",0.44,9.8279999999999994,4.3243200000000002]
[null,null,null,"M10013","AREIA MEDIA","M3","Mat.",1.4E-2,40,0.56000000000000005]
[null,null,null,"M10018","CAL HIDRATADA","KG","Mat.",0.2,0.43,8.6000000000000007E-2]
[null,null,null,"M10020","CIMENTO","KG","Mat.",0.41,0.38,0.15579999999999999]
[null,null,null,"M10082","IMPERMEABILIZANTE - VEDACIT","L","Mat.",0.06,1.89,0.11339999999999999]
[null,null,null,"M91272","SOLEIRA DE ARDOSIA E=2CM L=15CM","MT","Mat.",1.05,11.03,11.5815]
["601063 Total",null,null,null,null,null,null,null,null,21.516620000000003]
["601077","BIT DE ARDOSIA E=2CM L=4CM","MT","F20007","PEDREIRO","H","M.O.",0.4,11.739000000000001,4.6956000000000007]
[null,null,null,"F20009","SERVENTE","H","M.O.",0.44,9.8279999999999994,4.3243200000000002]
[null,null,null,"M10013","AREIA MEDIA","M3","Mat.",0.01,40,0.4]
[null,null,null,"M10018","CAL HIDRATADA","KG","Mat.",0.15,0.43,6.4500000000000002E-2]
[null,null,null,"M10020","CIMENTO","KG","Mat.",0.3,0.38,0.11399999999999999]
[null,null,null,"M10082","IMPERMEABILIZANTE - VEDACIT","L","Mat.",0.02,1.89,3.78E-2]
[null,null,null,"M91290","BIT DE ARDOSIA E=2CM L=4CM","MT","Mat.",1.05,2.94,3.0870000000000002]
["601077 Total",null,null,null,null,null,null,null,null,12.723220000000003]
["611154","ESTRUTURA METALICA P/ TELHA  CERAMICA (EQUIP. COMUNITARIOS)","M2","M91402","ESTRUTURA METALICA P/ TELHA DE CERAMICA (EQUIPAMENTOS COMUNITARIOS)","M2","Mat.",1,80,80]
["611154 Total",null,null,null,null,null,null,null,null,80]
["611364","VITRO ACO GALVANIZADO DE CORRER LATERAL 2,00 X 1,10 M","UN","F20007","PEDREIRO","H","M.O.",3.96,11.739000000000001,46.486440000000002]
[null,null,null,"F20009","SERVENTE","H","M.O.",2.0390000000000001,9.8279999999999994,20.039292]
[null,null,null,"M10013","AREIA MEDIA","M3","Mat.",2.1000000000000001E-2,40,0.84000000000000008]
[null,null,null,"M10018","CAL HIDRATADA","KG","Mat.",1.54,0.43,0.66220000000000001]
[null,null,null,"M10020","CIMENTO","KG","Mat.",5.6319999999999997,0.38,2.1401599999999998]
[null,null,null,"M91156-1","VITRO ACO GALVANIZADO DE CORRER LATERAL 2,00 X 1,10 M","UN","Mat.",1,110,110]
["611364 Total",null,null,null,null,null,null,null,null,180.168092]
["611365","LIGACAO DOMICILIAR - AGUA POTAVEL","UN","F20001","AJUDANTE GERAL","H","M.O.",3.8,9.8279999999999994,37.346399999999996]
[null,null,null,"F20005","ENCANADOR ","H","M.O.",3.8,12.39,47.082000000000001]
[null,null,null,"M11048","TUBO - PVC SOLDAVEL - PB - DE - 025 MM - AGUA FRIA","MT","Mat.",7.3,1.61,11.753]
[null,null,null,"M16243","JOELHO 90º00' - PVC SOLDAVEL - 2B - DE - 025 MM - AGUA FRIA","UN","Mat.",1,0.28000000000000003,0.28000000000000003]
[null,null,null,"M90342","ADAPTADOR CURTO P/ CAIXA D'AGUA C/ FLANGES - PVC SOLDAVEL - DE - 025 X 3/4\" - AGUA FRIA","UN","Mat.",1,7.73,7.73]
[null,null,null,"M91050","COLAR DE TOMADA DE PP C/ SAIDA ROSCAVEL 50MM X 1''","UN","Mat.",1,3.5,3.5]
["611365 Total",null,null,null,null,null,null,null,null,107.6914]
["611366","LIGACAO DOMICILIAR - ESGOTO SANITARIO","UN","F20001","AJUDANTE GERAL","H","M.O.",4.2359999999999998,9.8279999999999994,41.631407999999993]
[null,null,null,"F20005","ENCANADOR ","H","M.O.",4.2359999999999998,12.39,52.48404]
[null,null,null,"M11177","CURVA 45º00' CURTA - PVC VINILFORT (OCRE) - PB-JEI - DE - 100 MM - ESGOTO","UN","Mat.",1,10.5,10.5]
[null,null,null,"M16412","TUBO - PVC VINILFORT (OCRE) JEI - PB - DE - 100 MM - ESGOTO","MT","Mat.",15.15,11.95,181.04249999999999]
[null,null,null,"M16417","SELIM ELASTICO 90°00' - PVC VINILFORT (OCRE) - DE - 150 X 100 MM - ESGOTO","UN","Mat.",1,15.75,15.75]
["611366 Total",null,null,null,null,null,null,null,null,301.40794799999998]
["002684","FECHADURA P/ PORTA EXTERNA - YALE","UN","F20001","AJUDANTE GERAL","H","M.O.",0.57999999999999996,9.8279999999999994,5.7002399999999991]
[null,null,null,"F20003","CARPINTEIRO","H","M.O.",0.57999999999999996,12.39,7.1861999999999995]
[null,null,null,"M10062","FECHADURA P/ PORTA INTERNA YALE","UN","Mat.",1,39.700000000000003,39.700000000000003]
["002684 Total",null,null,null,null,null,null,null,null,52.586440000000003]
["002685","FECHADURA P/ PORTA DO BANHEIRO","UN","F20001","AJUDANTE GERAL","H","M.O.",0.57999999999999996,9.8279999999999994,5.7002399999999991]
[null,null,null,"F20003","CARPINTEIRO","H","M.O.",0.57999999999999996,12.39,7.1861999999999995]
[null,null,null,"M10064","FECHADURA P/ BANHEIRO","UN","Mat.",1,27.3,27.3]
["002685 Total",null,null,null,null,null,null,null,null,40.186439999999997]
["002687","FECHADURA P/ PORTA INTERNA - GORGES","UN","F20001","AJUDANTE GERAL","H","M.O.",0.57999999999999996,9.8279999999999994,5.7002399999999991]
[null,null,null,"F20003","CARPINTEIRO","H","M.O.",0.57999999999999996,12.39,7.1861999999999995]
[null,null,null,"M10063","FECHADURA P/ PORTA INTERNA GORGES","UN","Mat.",1,27.2,27.2]
["002687 Total",null,null,null,null,null,null,null,null,40.086439999999996]
["(vazio)","(vazio)","(vazio)","(vazio)","#N/D","#N/D","-","(vazio)","#REF!",0]
["(vazio) Total",null,null,null,null,null,null,null,null,0]
["500000","LOCACAO DA OBRA","M2","F20001","AJUDANTE GERAL","H","M.O.",0.16,9.8279999999999994,1.5724799999999999]
[null,null,null,"F20003","CARPINTEIRO","H","M.O.",0.16,12.39,1.9824000000000002]
[null,null,null,"M10002","PONTALETE DE MADEIRA DE LEI - 03 X 03\" - 07,0 X 07,0 CM","MT","Mat.",0.04,2.54,0.10160000000000001]
[null,null,null,"M10028","ARAME RECOZIDO ","KG","Mat.",0.02,3.95,7.9000000000000001E-2]
[null,null,null,"M10078","PREGO 18 X 27 MM","KG","Mat.",1.2E-2,4.95,5.9400000000000001E-2]
[null,null,null,"M16338","TABUA DE MADEIRA DE LEI 01 X 09\"' - 02,5 X 22,5 CM","MT","Mat.",0.3,2.39,0.71699999999999997]
["500000 Total",null,null,null,null,null,null,null,null,4.5118799999999997]

{"sheet":"Composições por Tipo","index":9,"n_rows":118,"n_cols":12,"rows_kept":118,"cut":false,"hidden":false,"merged":[]}
[]
[]
[null,null,null,"Valores"]
["Codigo","Comp","Un","Soma \nDEPRE","Soma \nDIVER","Soma \nEMPRE","Soma \nEQ.AQ.","Soma \nEQ.LOC.","Soma \nJUROS","Soma \nM.O.","Soma \nMANUT","Soma \nMAT."]
[0,0,0,0,0,0,0,0,0,0,0,0]
["000020","LOCACAO DA OBRA","M2",0,0,0,0,0,0,3.5548800000000003,0,0.95699999999999996]
["000040","ESCAVACAO MANUAL DE VALA","M3",0,0,0,0,0,0,30.466799999999999,0,0]
["000090","APILOAMENTO MANUAL FUNDO VALA","M2",0,0,0,0,0,0,8.5503599999999995,0,0]
["000100","LASTRO DE BRITA","M3",0,0,0,0,0,0,20.6388,0,38.5]
["000130","CONCRETO CONSUMO 161,0 KG CIMENTO/M3 - TRACO 1:4:8 - BETONEIRA C/ LANCAMENTO","M3",0,0,0,0,0.89249999999999985,0,115.88849999999998,0,116.46000000000001]
["000150","REATERRO APILOADO DE VALA","M3",0,0,0,0,0,0,14.458079999999999,0,0]
["000190","ACO CA 50 06,3 MM","KG",0,0,0,0,0,0,1.7774399999999999,0,4.0280000000000005]
["000200","ACO CA 50 08,0 MM","KG",0,0,0,0,0,0,1.7774399999999999,0,4.0280000000000005]
["000270","CONCRETO IN LOCO 15,0 MPA SLUMP CONVENCIONAL C/ LANCAMENTO","M3",0,0,0,0,0.89249999999999985,0,115.88849999999998,0,172.96799999999999]
["000310","CONCRETO USINADO 15,0 MPA SLUMP CONVENCIONAL C/ LANCAMENTO","M3",0,30,0,0,0,0,66.748500000000007,0,235.1078]
["000330","MICRO CONCRETO GRAUTE 12,0 MPA C/ LANCAMENTO","M3",0,0,0,0,0,0,180.726,0,174.29399999999998]
["000510","CHAPISCO - TRACO 1:3 - VERTICAL","M2",0,0,0,0,0,0,1.0783500000000001,0,1.1674000000000002]
["000580","EMBOCO 1:3 C/ IMPERMEABILIZANTE - E = 02,0 CM (VERTICAL)","M2",0,0,0,0,0,0,17.0625,0,5.4216000000000006]
["000700","ALVENARIA DE TIJOLO DE BARRO MACICO - E = 10,0 CM","M2",0,0,0,0,0,0,38.820599999999999,0,43.487499999999997]
["000780","ALVENARIA BLOCO DE CONCRETO VEDACAO - E=14,0 CM - C=39,0 CM - 03,0 MPA","M2",0,0,0,0,0,0,16.844100000000001,0,33.872199999999999]
["000820","ALVENARIA BLOCO DE CONCRETO CANALETA VEDACAO - E=14,0 CM - C=39,0 CM - 03,0 MPA","M2",0,0,0,0,0,0,16.844100000000001,0,40.831100000000006]
["000830","ALVENARIA BLOCO DE CONCRETO CANALETA VEDACAO - E=19,0 CM - C=19,0 CM - 03,0 MPA","M2",0,0,0,0,0,0,16.31448,0,61.0946]
["001000","FORMA DE TABUA FUNDACAO","M2",0,0,0,0,0,0,21.107100000000003,0,6.1974999999999998]
["001780","REGULARIZACAO PISO 1:3 DESEMPENADO E=3CM","M2",0,0,0,0,0,0,10.518689999999999,0,6.9963999999999995]
["001910","PINTURA CAIACAO PAREDE EXTERNA 03 DEMAOS","M2",0,0,0,0,0,0,4.5032399999999999,0,0]
["002330","LIMPEZA DA OBRA","M2",0,0,0,0,0,0,3.9312,0,0]
["002413","ALVENARIA BLOCO DE CONCRETO ESTRUTURAL - E=14,0 CM - C=39,0 CM - 04,5 MPA","M2",0,0,0,0,0,0,18.17634,0,7]
["002414","ALVENARIA BLOCO DE CONCRETO CANALETA ESTRUTURAL - E=14,0 CM - C=39,0 CM - 04,5 MPA","M2",0,0,0,0,0,0,18.17634,0,7]
["002481","PINTURA ESMALTE SOBRE ESQUADRIA DE MADEIRA - 2 DEMAOS","M2",0,0,0,0,0,0,5.4091800000000001,0,4.3148]
["002684","FECHADURA P/ PORTA EXTERNA - YALE","UN",0,0,0,0,0,0,12.886439999999999,0,39.700000000000003]
["002685","FECHADURA P/ PORTA DO BANHEIRO","UN",0,0,0,0,0,0,12.886439999999999,0,27.299999999999997]
["002687","FECHADURA P/ PORTA INTERNA - GORGES","UN",0,0,0,0,0,0,12.886439999999999,0,27.2]
["002746","ESTACA ESCAV MEC D = 25 CM FCK = 15,0 MPa USINADO S/ ARMACAO - SOLO NORMAL","MT",0,1.5,0,0,0,0,5.2244010000000012,0,11.75539]
["002888","MICRO CONCRETO GRAUTE 15,0 MPA C/ LANCAMENTO","M3",0,0,0,0,0,0,235.59899999999999,0,197]
["002953","CONCRETO USINADO 20,0 MPA SLUMP CONVENCIONAL C/ LANCAMENTO","M3",0,30,0,0,0,0,66.748500000000007,0,240.71099999999998]
["002955","BROCA DN 20 CM C/ LANCAMENTO (C/ ESCAVACAO / FCK = 20 MPA / USINADO / S/ ARMACAO)","MT",0,0.92999999999999994,0,0,0,0,23.821106399999998,0,7.4620409999999993]
["003013","CONCRETO USINADO 25,0 MPA SLUMP CONVENCIONAL C/ LANCAMENTO","M3",0,30,0,0,0,0,66.748500000000007,0,238.96]
["003015","LOCACAO DE MUROS","MT",0,0,0,0,6.1100000000000002E-2,0,0.26258400000000004,0,0]
["003017","AZULEJO BRANCO 15,0 X 15,0 CM","M2",0,0,0,0,0,0,19.396650000000001,0,10.447500000000002]
["151040","REGISTRO DE PRESSAO 3/4'' CROMADO C/ CANOPLA","UN",0,0,0,0,0,0,5.5545,0,23.447600000000001]
["151290","BACIA SANITARIA C/ CAIXA ACOPLADA - PADRAO BAIXO","UN",0,0,0,0,0,0,32.02563,0,275.78999999999996]
["152030","TUBO PVC BRANCO 100 MM - ESGOTO","MT",0,0,0,0,0,0,7.1097599999999996,0,6.1292600000000004]
["152040","TUBO PVC BRANCO 075 MM - ESGOTO","MT",0,0,0,0,0,0,6.2210400000000003,0,4.7636000000000003]
["155281","LAVATORIO DE LOUCA C/ COLUNA - BRANCO","UN",0,0,0,0,0,0,32.02563,0,108.48000000000002]
["155376","TEE PVC SERIE \"R\" 075 MM - ESGOTO","UN",0,0,0,0,0,0,6.6654,0,10.9086]
["155468","REGISTRO DE GAVETA 3/4'' CROMADO C/ CANOPLA","UN",0,0,0,0,0,0,5.5545,0,21.67]
["300571","TERRAPLENAGEM - CORTE DE MATERIAL DE 1ª CATEGORIA","M3",0,0,4.58,0,0,0,0,0,0]
["300573","TERRAPLENAGEM - FORNEC. DE MAT. P/ ATERRO, INCLUINDO CORTE,CARGA,TRANS","M3",0,0,0,0,0,0,0,0,25.3]
["300574","TERRAPLENAGEM - LIMPEZA,BEM COMO,REMOCAO DO SOLO VEGETAL NA ESP.MEDIA DE 10CM,CARGA E TRAN","M2",0,0,2,0,0,0,0,0,0]
["300576","TERRAPLENAGEM - TRANSP DE MAT EXCEDENTE ATE 1KM","M3",0,0,0,0,0,0,0,0,0]
["400131","ALCAPAO METALICO 0,60 X 0,60 M","UN",0,0,0,0,0,0,27.282418799999995,0,68.558400000000006]
["400132","PINTURA ESMALTE SOBRE ESQUADRIA METALICA (PREDIO)","M2",0,0,0,0,0,0,9.5579399999999985,0,3.7544]
["400843","CAIXA DE INSPECAO EM ALVENARIA DE TIJOLO COMUM - 060 X 060 X 070 CM - ESGOTO / AGUAS PLUVIAIS","UN",0,0,0,0,0.10174499999999999,0,235.97902859999999,0,151.753952]
["401084","PINTURA TEXTURADA ACRILICA (EXTERNA - PREDIOS)","M2",0,0,0,0,0,0,5.0929200000000003,0,5.2595999999999998]
["401513","TORNEIRA CROMADA P/ PIA DE COZINHA 1/2''","UN",0,0,0,0,0,0,5.5545,0,26.161199999999997]
["401514","TORNEIRA P/LAVATORIO CROMADA","UN",0,0,0,0,0,0,5.5545,0,18.211199999999998]
["401646","PISO CERAMICO 30,0 X 30,0 CM C/ REJUNTE","M2",0,0,0,0,0,0,18.547619999999998,0,11.836000000000002]
["401702","TORNEIRA CROMADA CURTA P/TANQUE 3/4''","UN",0,0,0,0,0,0,5.5545,0,14.2112]
["402096","TELHA DE FIBROCIMENTO ONDULADA - E = 05,0 MM","M2",0,0,0,0,0,0,4.8879599999999996,0,14.350999999999999]
["402485","FORMA DE COMPENSADO PLASTIFICADO 18,0 MM\n","M2",0,0,0,0,0,0,26.661600000000004,0,23.387999999999998]
["403204","TORNEIRA P/ JARDIM AMARELA 1\"","UN",0,0,0,0,0,0,14.441700000000001,0,14.646800000000001]
["500001","RADIER","M2",0,0,0,0,0,0,10.111920000000003,0,43.301000000000009]
["500003","BROCA DN 20 CM - C/ ESCAVACAO, C/ ARMACAO E LANCAMENTO","MT",0,0,0,0,0,0,19.556405399999999,0,10.257133999999997]
["500004","LASTRO DE CONCRETO MAGRO","M3",0,0,0,0,0.38249999999999995,0,141.41399999999999,0,141.47999999999999]
["500007","IMPERMEABILIZACAO DOS BALDRAMES","M2",0,0,0,0,0,0,14.51268,0,5.4216000000000006]
["500015","ARMACAO ACO CA-50 MEDIA","KG",0,0,0,0,0,0,1.7774399999999999,0,4.4790000000000001]
["500016","LAJE DE FORRO PRE-FABRICADA","M2",0,0,0,0,0,0,10.633559999999997,0,49.254600000000011]
["500027","CALHA TIPO RUFO EM CHAPA GALVANIZADA Nº 26 D = 030 CM","MT",0,0,0,0,0,0,0,0,16.187900000000003]
["500031","CHAPISCO","M2",0,0,0,0,0,0,1.0783500000000001,0,1.1674000000000002]
["500033","EMBOCO","M2",0,0,0,0,0,0,14.881229999999999,0,3.855]
["500034","EMBOCO C/ ARGAMASSA USINADA (CASA TERREA)","M2",0,0,0,0,0,0,12.508859999999999,0,10.08]
["500038","CALÇADA EXTERNA 7CM","M2",0,0,0,0,6.2499999999999986E-2,0,19.410299999999999,0,15.196]
["500048","LATEX PVA","M2",0,0,0,0,0,0,3.7770599999999996,0,1.4923999999999999]
["500049","LATEX ACRILICO","M2",0,0,0,0,0,0,3.7770599999999996,0,1.7287000000000003]
["500050","PINTURA ESMALTE SOBRE ESQUADRIA METALICAS (CASA TERREA)","M2",0,0,0,0,0,0,5.3835600000000001,0,3.4049999999999994]
["500054","VIDRO LISO","M2",0,0,0,0,0,0,0,0,94.26]
["500058","PIA DE GRANITO 1,20 X 0,60 M C/ CUBA DE INOX","UN",0,0,0,0,0,0,32.35049999999999,0,267.83999999999997]
["500069","VENEZIANA DE CORRER METALICO 1,50 X 1,10 M","UN",0,0,0,0,0,0,58.763249999999999,0,163.08760000000001]
["500090","PORTAO METALON 30 X 20","M2",0,0,0,0,0,0,59.819759999999988,0,217.32900000000001]
["500139","PAISAGISMO - PLANTIO DE GRAMA EM PLACAS (JARDINS)","M2",0,0,0,0,0,0,1.926288,0,5.43]
["500142","ASSENTAMENTO DAS PRIMEIRAS FIADAS C/ ARGAMASSA C/ IMPERMEABILIZANTE","MT",0,0,0,0,0,0,3.2350500000000002,0,3.09212]
["500146","BATENTE EM MADEIRA - 0,80 X 2,10 M - REQUADRO 055 MM","UN",0,0,0,0,0,0,21.135660000000001,0,62.893000000000001]
["500147","BATENTE EM MADEIRA - 0,70 X 2,10 M - REQUADRO 055 MM","UN",0,0,0,0,0,0,21.135660000000001,0,65.671340000000001]
["500148","PORTA DE MADEIRA C/ MIOLO SEMI-OCO - 0,70 X 2,10 M - 1F S/ BATENTE","UN",0,0,0,0,0,0,14.219519999999999,0,65]
["500149","PORTA DE MADEIRA C/ MIOLO SEMI-OCO - 0,80 X 2,10 M - 1F S/ BATENTE","UN",0,0,0,0,0,0,14.219519999999999,0,70]
["500154","RODAPE CERAMICO H = 05,0 CM","MT",0,0,0,0,0,0,1.0783500000000001,0,0.63679999999999981]
["500262","TANQUE DE MARMORE SINTETICO","UN",0,0,0,0,0,0,33.326999999999998,0,176.79]
["500297","PINTURA ESMALTE SOBRE ESTRUTURA METALICA","M2",0,0,0,0,0,0,5.7766799999999998,0,1.1265999999999998]
["500466","ABRIGO PARA HIDROMETRO C/ TAMPA","UN",0,2.4,0,0,0,0,118.15248479999998,0,152.73073599999998]
["500468","CALHA DE CHAPA GALVANIZADA Nº 26 D = 050 CM","MT",0,0,0,0,0,0,0,0,26.469000000000001]
["500488","MURO DE DIVISA PADRAO EM ALVENARIA - H = 1,50 M","MT",0,1.8659999999999999,0,0,7.2256249999999994E-2,0,121.37208993,0,151.28641045000001]
["600216","PLACA DE IDENTIFICACAO - NUMERACAO DAS CASAS","UN",0,0,0,0,0,0,1.08108,0,10]
["600226","CALHA TIPO PINGADEIRA EM CHAPA GALVANIZADA Nº 26 D = 030 CM","MT",0,0,0,0,0,0,0,0,18.910499999999999]
["600237","INSTALACAO ELETRICA - ENTRADA DE ENERGIA","UN",0,0,0,0,0,0,151.89300000000006,0,492.57499999999999]
["600238","INSTALACAO ELETRICA - TUBULACAO + CAIXAS","UN",0,0,0,0,0,0,319.93920000000003,0,170.49000000000004]
["600239","INSTALACAO ELETRICA - FIACAO","UN",0,0,0,0,0,0,133.30799999999999,0,419.69200000000001]
["600240","INSTALACAO ELETRICA - ILUMINACAO, TOMADAS E INTERRUPTORES","UN",0,0,0,0,0,0,122.19900000000005,0,321.82000000000016]
["600241","INSTALACAO ELETRICA - QUADRO DE DISTRIBUICAO","UN",0,0,0,0,0,0,29.994299999999996,0,263.08000000000004]
["600242","INSTALACAO HIDRAULICA - ENTRADA DE AGUA FRIA","UN",0,0,0,0,0,0,115.24476599999998,0,442.85980000000012]
["600243","INSTALACAO HIDRAULICA - DISTRIBUICAO DE AGUA","UN",0,0,0,0,0,0,126.64260000000004,0,88.114200000000039]
["600244","INSTALACAO HIDRAULICA - CAIXA D'AGUA","UN",0,0,0,0,0,0,88.649820000000005,0,187.1413]
["600245","INSTALACAO HIDRAULICA - ESGOTO EXTERNO","UN",0,0.89999999999999991,0,0,0,0,226.83575460000006,0,447.82670000000019]
["600246","INSTALACAO HIDRAULICA - ESGOTO INTERNO","UN",0,0,0,0,0,0,179.41035000000005,0,122.45499999999997]
["600284","CAIXA DE GORDURA PRE-MOLDADA V = 23,5 L","UN",0,0.89999999999999991,0,0,0,0,75.753354600000009,0,67.032700000000006]
["600285","PLUG PVC BRANCO 075 MM - ESGOTO","UN",0,0,0,0,0,0,0.4914,0,2.29]
["600627","IMPERMEABILIZACAO C/ SIKATOP","M2",0,0,0,0,0,0,3.2350500000000002,0,1.22]
["600681","BARRADO IMPERMEABILIZADO EXTERNO COM IGOFLEX","M2",0,0,0,0,0,0,1.8673199999999999,0,4.0823999999999998]
["600930","SILICONE INCOLOR","MT",0,0,0,0,0,0,1.0221119999999999,0,0.81399999999999995]
["600961","VENEZIANA EM ACO GALVANIZADO DE CORRER LATERAL 1,80 X 1,10 M","UN",0,0,0,0,0,0,59.872176000000003,0,215.26220000000004]
["601051","VITRO MAXIM-AR EM ACO GALVANIZADO 1 FOLHA MOVEL (0,80X0,60M)","UN",0,0,0,0,0,0,21.845460000000003,0,115.4045]
["601063","SOLEIRA DE ARDOSIA E=2CM L=15CM","MT",0,0,0,0,0,0,9.0199200000000008,0,12.496699999999999]
["601077","BIT DE ARDOSIA E=2CM L=4CM","MT",0,0,0,0,0,0,9.0199200000000008,0,3.7033]
["611154","ESTRUTURA METALICA P/ TELHA  CERAMICA (EQUIP. COMUNITARIOS)","M2",0,0,0,0,0,0,0,0,80]
["611364","VITRO ACO GALVANIZADO DE CORRER LATERAL 2,00 X 1,10 M","UN",0,0,0,0,0,0,66.525732000000005,0,113.64236]
["611365","LIGACAO DOMICILIAR - AGUA POTAVEL","UN",0,0,0,0,0,0,84.428399999999996,0,23.262999999999998]
["611366","LIGACAO DOMICILIAR - ESGOTO SANITARIO","UN",0,0,0,0,0,0,94.115447999999986,0,207.29250000000002]
["500000","LOCACAO DA OBRA","M2",0,0,0,0,0,0,3.5548800000000003,0,0.95699999999999996]
["Total Geral",null,null,0,98.496000000000024,6.58,0,2.4651012499999996,0,4351.2760101299982,0,8256.2561434500021]

{"sheet":"Composições","index":10,"n_rows":640,"n_cols":268,"rows_kept":281,"cut":true,"hidden":false,"merged":[],"bounds":{"rows_first":125,"rows_last":31,"rows_between":125,"halvings":4}}
[]
[]
[]
[]
["Comp","Descrição","Unid","Insumo","Descrição ","Unid ","Tipo","Coef","Valor","Total","Quant","Total Comp","Valor Obra","DEPRE","DIVER","EMPRE","EQ.AQ.","EQ.LOC.","JUROS","M.O.","MANUT","MAT.","DEPRE\n1","DIVER\n1","EMPRE\n1","EQ.AQ.\n1","EQ.LOC.\n1","JUROS\n1","M.O.\n1","MANUT\n1","MAT.\n1","DEPRE\n2","DIVER\n2","EMPRE\n2","EQ.AQ.\n2","EQ.LOC.\n2","JUROS\n2","M.O.\n2","MANUT\n2","MAT.\n2","DEPRE\n3","DIVER\n3","EMPRE\n3","EQ.AQ.\n3","EQ.LOC.\n3","JUROS\n3","M.O.\n3","MANUT\n3","MAT.\n3","DEPRE\n4","DIVER\n4","EMPRE\n4","EQ.AQ.\n4","EQ.LOC.\n4","JUROS\n4","M.O.\n4","MANUT\n4","MAT.\n4","DEPRE\n5","DIVER\n5","EMPRE\n5","EQ.AQ.\n5","EQ.LOC.\n5","JUROS\n5","M.O.\n5","MANUT\n5","MAT.\n5","DEPRE\n6","DIVER\n6","EMPRE\n6","EQ.AQ.\n6","EQ.LOC.\n6","JUROS\n6","M.O.\n6","MANUT\n6","MAT.\n6","DEPRE\n7","DIVER\n7","EMPRE\n7","EQ.AQ.\n7","EQ.LOC.\n7","JUROS\n7","M.O.\n7","MANUT\n7","MAT.\n7","DEPRE�8","DIVER�8","EMPRE�8","EQ.AQ.�8","EQ.LOC.�8","JUROS�8","M.O.�8","MANUT�8","MAT.�8","DEPRE�9","DIVER�9","EMPRE�9","EQ.AQ.�9","EQ.LOC.�9","JUROS�9","M.O.�9","MANUT�9","MAT.�9","DEPRE�10","DIVER�10","EMPRE�10","EQ.AQ.�10","EQ.LOC.�10","JUROS�10","M.O.�10","MANUT�10","MAT.�10","DEPRE�11","DIVER�11","EMPRE�11","EQ.AQ.�11","EQ.LOC.�11","JUROS�11","M.O.�11","MANUT�11","MAT.�11","DEPRE�12","DIVER�12","EMPRE�12","EQ.AQ.�12","EQ.LOC.�12","JUROS�12","M.O.�12","MANUT�12","MAT.�12","DEPRE�13","DIVER�13","EMPRE�13","EQ.AQ.�13","EQ.LOC.�13","JUROS�13","M.O.�13","MANUT�13","MAT.�13","DEPRE�14","DIVER�14","EMPRE�14","EQ.AQ.�14","EQ.LOC.�14","JUROS�14","M.O.�14","MANUT�14","MAT.�14","DEPRE�15","DIVER�15","EMPRE�15","EQ.AQ.�15","EQ.LOC.�15","JUROS�15","M.O.�15","MANUT�15","MAT.�15","DEPRE�16","DIVER�16","EMPRE�16","EQ.AQ.�16","EQ.LOC.�16","JUROS�16","M.O.�16","MANUT�16","MAT.�16","DEPRE�17","DIVER�17","EMPRE�17","EQ.AQ.�17","EQ.LOC.�17","JUROS�17","M.O.�17","MANUT�17","MAT.�17","DEPRE�18","DIVER�18","EMPRE�18","EQ.AQ.�18","EQ.LOC.�18","JUROS�18","M.O.�18","MANUT�18","MAT.�18","DEPRE�19","DIVER�19","EMPRE�19","EQ.AQ.�19","EQ.LOC.�19","JUROS�19","M.O.�19","MANUT�19","MAT.�19","DEPRE�20","DIVER�20","EMPRE�20","EQ.AQ.�20","EQ.LOC.�20","JUROS�20","M.O.�20","MANUT�20","MAT.�20","DEPRE�21","DIVER�21","EMPRE�21","EQ.AQ.�21","EQ.LOC.�21","JUROS�21","M.O.�21","MANUT�21","MAT.�21","DEPRE�22","DIVER�22","EMPRE�22","EQ.AQ.�22","EQ.LOC.�22","JUROS�22","M.O.�22","MANUT�22","MAT.�22","DEPRE�23","DIVER�23","EMPRE�23","EQ.AQ.�23","EQ.LOC.�23","JUROS�23","M.O.�23","MANUT�23","MAT.�23","DEPRE�24","DIVER�24","EMPRE�24","EQ.AQ.�24","EQ.LOC.�24","JUROS�24","M.O.�24","MANUT�24","MAT.�24","DEPRE�25","DIVER�25","EMPRE�25","EQ.AQ.�25","EQ.LOC.�25","JUROS�25","M.O.�25","MANUT�25","MAT.�25","DEPRE�26","DIVER�26","EMPRE�26","EQ.AQ.�26","EQ.LOC.�26","JUROS�26","M.O.�26","MANUT�26","MAT.�26","Codigo","Comp","Un","DEPRE","DIVER","EMPRE","EQ.AQ.","EQ.LOC.","JUROS","M.O.","MANUT","MAT."]
["000020","LOCACAO DA OBRA","M2","M10028","ARAME RECOZIDO ","KG","Mat.",0.02,3.95,{"$f":"IF(ISERR(I6)=TRUE,0,I6)*H6","v":7.9000000000000001E-2},{"$f":"L6*H6","v":1.0514000000000001},{"$f":"(SUMPRODUCT((PLANILHA_TAREFA[Ativo]=TRUE)*(PLANILHA_TAREFA[Qte Total])*(PLANILHA_TAREFA[Comp.]=A6)*PLANILHA_TAREFA[Quant.])+IF(ISERR(GETPIVOTDATA(\"Quant \",'Curva ABC - Insumos'!$A$3,\"Insumo\",A6)),0,GETPIVOTDATA(\"Quant \",'Curva ABC - Insumos'!$A$3,\"Insumo\",A6)))","v":52.57},{"$f":"IF(ISERR(I6)=TRUE,0,I6)*K6","v":4.1530300000000002},0,0,0,0,0,0,0.59248000000000001,0,0.1595,0,0,0,0,0,0,0,0,0,0,0,0,0,0,0,0,0,0,0,0,0,0,0,0,0,0,0,0,0,0,0,0,0,0,0,0,0,0,0,0,0,0,0,0,0,0,0,0,0,0,0,0,0,0,0,0,0,0,0,0,0,0,0,0,0,0,0,0,0,0,0,0,0,0,0,0,0,0,0,0,0,0,0,0,0,0,0,0,0,0,0,0,0,0,0,0,0,0,0,null,null,null,null,null,null,null,null,null,null,null,null,null,null,null,null,null,null,null,null,null,null,null,null,null,null,null,null,null,null,null,null,null,null,null,null,null,null,null,null,null,null,null,null,null,null,null,null,null,null,null,null,null,null,null,null,null,null,null,null,null,null,null,null,null,null,null,null,null,null,null,null,null,null,null,null,null,null,null,null,null,null,null,null,null,null,null,null,null,null,null,null,null,null,null,null,null,null,null,null,null,null,null,null,null,null,null,null,null,null,null,null,null,null,null,null,null,null,null,null,null,null,null,null,null,null,null,null,null,null,null,null,null,null,null,"000020","LOCACAO DA OBRA","M2",0,0,0,0,0,0,0.59248000000000001,0,0.1595]
["000020","LOCACAO DA OBRA","M2","F20003","CARPINTEIRO","H","M.O.",0.16,12.39,1.9824000000000002,8.4112000000000009,{"$f":"(SUMPRODUCT((PLANILHA_TAREFA[Ativo]=TRUE)*(PLANILHA_TAREFA[Qte Total])*(PLANILHA_TAREFA[Comp.]=A7)*PLANILHA_TAREFA[Quant.])+IF(ISERR(GETPIVOTDATA(\"Quant \",'Curva ABC - Insumos'!$A$3,\"Insumo\",A7)),0,GETPIVOTDATA(\"Quant \",'Curva ABC - Insumos'!$A$3,\"Insumo\",A7)))","v":52.57},104.21476800000002,0,0,0,0,0,0,0.59248000000000001,0,0.1595,0,0,0,0,0,0,0,0,0,0,0,0,0,0,0,0,0,0,0,0,0,0,0,0,0,0,0,0,0,0,0,0,0,0,0,0,0,0,0,0,0,0,0,0,0,0,0,0,0,0,0,0,0,0,0,0,0,0,0,0,0,0,0,0,0,0,0,0,0,0,0,0,0,0,0,0,0,0,0,0,0,0,0,0,0,0,0,0,0,0,0,0,0,0,0,0,0,0,0,null,null,null,null,null,null,null,null,null,null,null,null,null,null,null,null,null,null,null,null,null,null,null,null,null,null,null,null,null,null,null,null,null,null,null,null,null,null,null,null,null,null,null,null,null,null,null,null,null,null,null,null,null,null,null,null,null,null,null,null,null,null,null,null,null,null,null,null,null,null,null,null,null,null,null,null,null,null,null,null,null,null,null,null,null,null,null,null,null,null,null,null,null,null,null,null,null,null,null,null,null,null,null,null,null,null,null,null,null,null,null,null,null,null,null,null,null,null,null,null,null,null,null,null,null,null,null,null,null,null,null,null,null,null,null,"000020","LOCACAO DA OBRA","M2",0,0,0,0,0,0,0.59248000000000001,0,0.1595]
["000020","LOCACAO DA OBRA","M2","F20001","AJUDANTE GERAL","H","M.O.",0.16,9.8279999999999994,1.5724799999999999,8.4112000000000009,{"$f":"(SUMPRODUCT((PLANILHA_TAREFA[Ativo]=TRUE)*(PLANILHA_TAREFA[Qte Total])*(PLANILHA_TAREFA[Comp.]=A8)*PLANILHA_TAREFA[Quant.])+IF(ISERR(GETPIVOTDATA(\"Quant \",'Curva ABC - Insumos'!$A$3,\"Insumo\",A8)),0,GETPIVOTDATA(\"Quant \",'Curva ABC - Insumos'!$A$3,\"Insumo\",A8)))","v":52.57},82.665273600000006,0,0,0,0,0,0,0.59248000000000001,0,0.1595,0,0,0,0,0,0,0,0,0,0,0,0,0,0,0,0,0,0,0,0,0,0,0,0,0,0,0,0,0,0,0,0,0,0,0,0,0,0,0,0,0,0,0,0,0,0,0,0,0,0,0,0,0,0,0,0,0,0,0,0,0,0,0,0,0,0,0,0,0,0,0,0,0,0,0,0,0,0,0,0,0,0,0,0,0,0,0,0,0,0,0,0,0,0,0,0,0,0,0,null,null,null,null,null,null,null,null,null,null,null,null,null,null,null,null,null,null,null,null,null,null,null,null,null,null,null,null,null,null,null,null,null,null,null,null,null,null,null,null,null,null,null,null,null,null,null,null,null,null,null,null,null,null,null,null,null,null,null,null,null,null,null,null,null,null,null,null,null,null,null,null,null,null,null,null,null,null,null,null,null,null,null,null,null,null,null,null,null,null,null,null,null,null,null,null,null,null,null,null,null,null,null,null,null,null,null,null,null,null,null,null,null,null,null,null,null,null,null,null,null,null,null,null,null,null,null,null,null,null,null,null,null,null,null,"000020","LOCACAO DA OBRA","M2",0,0,0,0,0,0,0.59248000000000001,0,0.1595]
["000020","LOCACAO DA OBRA","M2","M10078","PREGO 18 X 27 MM","KG","Mat.",1.2E-2,4.95,5.9400000000000001E-2,0.63084000000000007,{"$f":"(SUMPRODUCT((PLANILHA_TAREFA[Ativo]=TRUE)*(PLANILHA_TAREFA[Qte Total])*(PLANILHA_TAREFA[Comp.]=A9)*PLANILHA_TAREFA[Quant.])+IF(ISERR(GETPIVOTDATA(\"Quant \",'Curva ABC - Insumos'!$A$3,\"Insumo\",A9)),0,GETPIVOTDATA(\"Quant \",'Curva ABC - Insumos'!$A$3,\"Insumo\",A9)))","v":52.57},3.1226580000000004,0,0,0,0,0,0,0.59248000000000001,0,0.1595,0,0,0,0,0,0,0,0,0,0,0,0,0,0,0,0,0,0,0,0,0,0,0,0,0,0,0,0,0,0,0,0,0,0,0,0,0,0,0,0,0,0,0,0,0,0,0,0,0,0,0,0,0,0,0,0,0,0,0,0,0,0,0,0,0,0,0,0,0,0,0,0,0,0,0,0,0,0,0,0,0,0,0,0,0,0,0,0,0,0,0,0,0,0,0,0,0,0,0,null,null,null,null,null,null,null,null,null,null,null,null,null,null,null,null,null,null,null,null,null,null,null,null,null,null,null,null,null,null,null,null,null,null,null,null,null,null,null,null,null,null,null,null,null,null,null,null,null,null,null,null,null,null,null,null,null,null,null,null,null,null,null,null,null,null,null,null,null,null,null,null,null,null,null,null,null,null,null,null,null,null,null,null,null,null,null,null,null,null,null,null,null,null,null,null,null,null,null,null,null,null,null,null,null,null,null,null,null,null,null,null,null,null,null,null,null,null,null,null,null,null,null,null,null,null,null,null,null,null,null,null,null,null,null,"000020","LOCACAO DA OBRA","M2",0,0,0,0,0,0,0.59248000000000001,0,0.1595]
["000020","LOCACAO DA OBRA","M2","M16338","TABUA DE MADEIRA DE LEI 01 X 09\"' - 02,5 X 22,5 CM","MT","Mat.",0.3,2.39,0.71699999999999997,15.770999999999999,{"$f":"(SUMPRODUCT((PLANILHA_TAREFA[Ativo]=TRUE)*(PLANILHA_TAREFA[Qte Total])*(PLANILHA_TAREFA[Comp.]=A10)*PLANILHA_TAREFA[Quant.])+IF(ISERR(GETPIVOTDATA(\"Quant \",'Curva ABC - Insumos'!$A$3,\"Insumo\",A10)),0,GETPIVOTDATA(\"Quant \",'Curva ABC - Insumos'!$A$3,\"Insumo\",A10)))","v":52.57},37.692689999999999,0,0,0,0,0,0,0.59248000000000001,0,0.1595,0,0,0,0,0,0,0,0,0,0,0,0,0,0,0,0,0,0,0,0,0,0,0,0,0,0,0,0,0,0,0,0,0,0,0,0,0,0,0,0,0,0,0,0,0,0,0,0,0,0,0,0,0,0,0,0,0,0,0,0,0,0,0,0,0,0,0,0,0,0,0,0,0,0,0,0,0,0,0,0,0,0,0,0,0,0,0,0,0,0,0,0,0,0,0,0,0,0,0,null,null,null,null,null,null,null,null,null,null,null,null,null,null,null,null,null,null,null,null,null,null,null,null,null,null,null,null,null,null,null,null,null,null,null,null,null,null,null,null,null,null,null,null,null,null,null,null,null,null,null,null,null,null,null,null,null,null,null,null,null,null,null,null,null,null,null,null,null,null,null,null,null,null,null,null,null,null,null,null,null,null,null,null,null,null,null,null,null,null,null,null,null,null,null,null,null,null,null,null,null,null,null,null,null,null,null,null,null,null,null,null,null,null,null,null,null,null,null,null,null,null,null,null,null,null,null,null,null,null,null,null,null,null,null,"000020","LOCACAO DA OBRA","M2",0,0,0,0,0,0,0.59248000000000001,0,0.1595]
["000020","LOCACAO DA OBRA","M2","M10002","PONTALETE DE MADEIRA DE LEI - 03 X 03\" - 07,0 X 07,0 CM","MT","Mat.",0.04,2.54,0.10160000000000001,2.1028000000000002,{"$f":"(SUMPRODUCT((PLANILHA_TAREFA[Ativo]=TRUE)*(PLANILHA_TAREFA[Qte Total])*(PLANILHA_TAREFA[Comp.]=A11)*PLANILHA_TAREFA[Quant.])+IF(ISERR(GETPIVOTDATA(\"Quant \",'Curva ABC - Insumos'!$A$3,\"Insumo\",A11)),0,GETPIVOTDATA(\"Quant \",'Curva ABC - Insumos'!$A$3,\"Insumo\",A11)))","v":52.57},5.3411120000000007,0,0,0,0,0,0,0.59248000000000001,0,0.1595,0,0,0,0,0,0,0,0,0,0,0,0,0,0,0,0,0,0,0,0,0,0,0,0,0,0,0,0,0,0,0,0,0,0,0,0,0,0,0,0,0,0,0,0,0,0,0,0,0,0,0,0,0,0,0,0,0,0,0,0,0,0,0,0,0,0,0,0,0,0,0,0,0,0,0,0,0,0,0,0,0,0,0,0,0,0,0,0,0,0,0,0,0,0,0,0,0,0,0,null,null,null,null,null,null,null,null,null,null,null,null,null,null,null,null,null,null,null,null,null,null,null,null,null,null,null,null,null,null,null,null,null,null,null,null,null,null,null,null,null,null,null,null,null,null,null,null,null,null,null,null,null,null,null,null,null,null,null,null,null,null,null,null,null,null,null,null,null,null,null,null,null,null,null,null,null,null,null,null,null,null,null,null,null,null,null,null,null,null,null,null,null,null,null,null,null,null,null,null,null,null,null,null,null,null,null,null,null,null,null,null,null,null,null,null,null,null,null,null,null,null,null,null,null,null,null,null,null,null,null,null,null,null,null,"000020","LOCACAO DA OBRA","M2",0,0,0,0,0,0,0.59248000000000001,0,0.1595]
["500000","LOCACAO DA OBRA","M2","M10028","ARAME RECOZIDO ","KG","Mat.",0.02,3.95,{"$f":"IF(ISERR(I12)=TRUE,0,I12)*H12","v":7.9000000000000001E-2},{"$f":"L12*H12","v":0},{"$f":"(SUMPRODUCT((PLANILHA_TAREFA[Ativo]=TRUE)*(PLANILHA_TAREFA[Qte Total])*(PLANILHA_TAREFA[Comp.]=A12)*PLANILHA_TAREFA[Quant.])+IF(ISERR(GETPIVOTDATA(\"Quant \",'Curva ABC - Insumos'!$A$3,\"Insumo\",A12)),0,GETPIVOTDATA(\"Quant \",'Curva ABC - Insumos'!$A$3,\"Insumo\",A12)))","v":0},{"$f":"IF(ISERR(I12)=TRUE,0,I12)*K12","v":0},0,0,0,0,0,0,0.59248000000000001,0,0.1595,0,0,0,0,0,0,0,0,0,0,0,0,0,0,0,0,0,0,0,0,0,0,0,0,0,0,0,0,0,0,0,0,0,0,0,0,0,0,0,0,0,0,0,0,0,0,0,0,0,0,0,0,0,0,0,0,0,0,0,0,0,0,0,0,0,0,0,0,0,0,0,0,0,0,0,0,0,0,0,0,0,0,0,0,0,0,0,0,0,0,0,0,0,0,0,0,0,0,0,null,null,null,null,null,null,null,null,null,null,null,null,null,null,null,null,null,null,null,null,null,null,null,null,null,null,null,null,null,null,null,null,null,null,null,null,null,null,null,null,null,null,null,null,null,null,null,null,null,null,null,null,null,null,null,null,null,null,null,null,null,null,null,null,null,null,null,null,null,null,null,null,null,null,null,null,null,null,null,null,null,null,null,null,null,null,null,null,null,null,null,null,null,null,null,null,null,null,null,null,null,null,null,null,null,null,null,null,null,null,null,null,null,null,null,null,null,null,null,null,null,null,null,null,null,null,null,null,null,null,null,null,null,null,null,"500000","LOCACAO DA OBRA","M2",0,0,0,0,0,0,0.59248000000000001,0,0.1595]
["500000","LOCACAO DA OBRA","M2","F20003","CARPINTEIRO","H","M.O.",0.16,12.39,1.9824000000000002,0,{"$f":"(SUMPRODUCT((PLANILHA_TAREFA[Ativo]=TRUE)*(PLANILHA_TAREFA[Qte Total])*(PLANILHA_TAREFA[Comp.]=A13)*PLANILHA_TAREFA[Quant.])+IF(ISERR(GETPIVOTDATA(\"Quant \",'Curva ABC - Insumos'!$A$3,\"Insumo\",A13)),0,GETPIVOTDATA(\"Quant \",'Curva ABC - Insumos'!$A$3,\"Insumo\",A13)))","v":0},0,0,0,0,0,0,0,0.59248000000000001,0,0.1595,0,0,0,0,0,0,0,0,0,0,0,0,0,0,0,0,0,0,0,0,0,0,0,0,0,0,0,0,0,0,0,0,0,0,0,0,0,0,0,0,0,0,0,0,0,0,0,0,0,0,0,0,0,0,0,0,0,0,0,0,0,0,0,0,0,0,0,0,0,0,0,0,0,0,0,0,0,0,0,0,0,0,0,0,0,0,0,0,0,0,0,0,0,0,0,0,0,0,0,null,null,null,null,null,null,null,null,null,null,null,null,null,null,null,null,null,null,null,null,null,null,null,null,null,null,null,null,null,null,null,null,null,null,null,null,null,null,null,null,null,null,null,null,null,null,null,null,null,null,null,null,null,null,null,null,null,null,null,null,null,null,null,null,null,null,null,null,null,null,null,null,null,null,null,null,null,null,null,null,null,null,null,null,null,null,null,null,null,null,null,null,null,null,null,null,null,null,null,null,null,null,null,null,null,null,null,null,null,null,null,null,null,null,null,null,null,null,null,null,null,null,null,null,null,null,null,null,null,null,null,null,null,null,null,"500000","LOCACAO DA OBRA","M2",0,0,0,0,0,0,0.59248000000000001,0,0.1595]
["500000","LOCACAO DA OBRA","M2","F20001","AJUDANTE GERAL","H","M.O.",0.16,9.8279999999999994,1.5724799999999999,0,{"$f":"(SUMPRODUCT((PLANILHA_TAREFA[Ativo]=TRUE)*(PLANILHA_TAREFA[Qte Total])*(PLANILHA_TAREFA[Comp.]=A14)*PLANILHA_TAREFA[Quant.])+IF(ISERR(GETPIVOTDATA(\"Quant \",'Curva ABC - Insumos'!$A$3,\"Insumo\",A14)),0,GETPIVOTDATA(\"Quant \",'Curva ABC - Insumos'!$A$3,\"Insumo\",A14)))","v":0},0,0,0,0,0,0,0,0.59248000000000001,0,0.1595,0,0,0,0,0,0,0,0,0,0,0,0,0,0,0,0,0,0,0,0,0,0,0,0,0,0,0,0,0,0,0,0,0,0,0,0,0,0,0,0,0,0,0,0,0,0,0,0,0,0,0,0,0,0,0,0,0,0,0,0,0,0,0,0,0,0,0,0,0,0,0,0,0,0,0,0,0,0,0,0,0,0,0,0,0,0,0,0,0,0,0,0,0,0,0,0,0,0,0,null,null,null,null,null,null,null,null,null,null,null,null,null,null,null,null,null,null,null,null,null,null,null,null,null,null,null,null,null,null,null,null,null,null,null,null,null,null,null,null,null,null,null,null,null,null,null,null,null,null,null,null,null,null,null,null,null,null,null,null,null,null,null,null,null,null,null,null,null,null,null,null,null,null,null,null,null,null,null,null,null,null,null,null,null,null,null,null,null,null,null,null,null,null,null,null,null,null,null,null,null,null,null,null,null,null,null,null,null,null,null,null,null,null,null,null,null,null,null,null,null,null,null,null,null,null,null,null,null,null,null,null,null,null,null,"500000","LOCACAO DA OBRA","M2",0,0,0,0,0,0,0.59248000000000001,0,0.1595]
["500000","LOCACAO DA OBRA","M2","M10078","PREGO 18 X 27 MM","KG","Mat.",1.2E-2,4.95,5.9400000000000001E-2,0,{"$f":"(SUMPRODUCT((PLANILHA_TAREFA[Ativo]=TRUE)*(PLANILHA_TAREFA[Qte Total])*(PLANILHA_TAREFA[Comp.]=A15)*PLANILHA_TAREFA[Quant.])+IF(ISERR(GETPIVOTDATA(\"Quant \",'Curva ABC - Insumos'!$A$3,\"Insumo\",A15)),0,GETPIVOTDATA(\"Quant \",'Curva ABC - Insumos'!$A$3,\"Insumo\",A15)))","v":0},0,0,0,0,0,0,0,0.59248000000000001,0,0.1595,0,0,0,0,0,0,0,0,0,0,0,0,0,0,0,0,0,0,0,0,0,0,0,0,0,0,0,0,0,0,0,0,0,0,0,0,0,0,0,0,0,0,0,0,0,0,0,0,0,0,0,0,0,0,0,0,0,0,0,0,0,0,0,0,0,0,0,0,0,0,0,0,0,0,0,0,0,0,0,0,0,0,0,0,0,0,0,0,0,0,0,0,0,0,0,0,0,0,0,null,null,null,null,null,null,null,null,null,null,null,null,null,null,null,null,null,null,null,null,null,null,null,null,null,null,null,null,null,null,null,null,null,null,null,null,null,null,null,null,null,null,null,null,null,null,null,null,null,null,null,null,null,null,null,null,null,null,null,null,null,null,null,null,null,null,null,null,null,null,null,null,null,null,null,null,null,null,null,null,null,null,null,null,null,null,null,null,null,null,null,null,null,null,null,null,null,null,null,null,null,null,null,null,null,null,null,null,null,null,null,null,null,null,null,null,null,null,null,null,null,null,null,null,null,null,null,null,null,null,null,null,null,null,null,"500000","LOCACAO DA OBRA","M2",0,0,0,0,0,0,0.59248000000000001,0,0.1595]
["500000","LOCACAO DA OBRA","M2","M16338","TABUA DE MADEIRA DE LEI 01 X 09\"' - 02,5 X 22,5 CM","MT","Mat.",0.3,2.39,0.71699999999999997,0,{"$f":"(SUMPRODUCT((PLANILHA_TAREFA[Ativo]=TRUE)*(PLANILHA_TAREFA[Qte Total])*(PLANILHA_TAREFA[Comp.]=A16)*PLANILHA_TAREFA[Quant.])+IF(ISERR(GETPIVOTDATA(\"Quant \",'Curva ABC - Insumos'!$A$3,\"Insumo\",A16)),0,GETPIVOTDATA(\"Quant \",'Curva ABC - Insumos'!$A$3,\"Insumo\",A16)))","v":0},0,0,0,0,0,0,0,0.59248000000000001,0,0.1595,0,0,0,0,0,0,0,0,0,0,0,0,0,0,0,0,0,0,0,0,0,0,0,0,0,0,0,0,0,0,0,0,0,0,0,0,0,0,0,0,0,0,0,0,0,0,0,0,0,0,0,0,0,0,0,0,0,0,0,0,0,0,0,0,0,0,0,0,0,0,0,0,0,0,0,0,0,0,0,0,0,0,0,0,0,0,0,0,0,0,0,0,0,0,0,0,0,0,0,null,null,null,null,null,null,null,null,null,null,null,null,null,null,null,null,null,null,null,null,null,null,null,null,null,null,null,null,null,null,null,null,null,null,null,null,null,null,null,null,null,null,null,null,null,null,null,null,null,null,null,null,null,null,null,null,null,null,null,null,null,null,null,null,null,null,null,null,null,null,null,null,null,null,null,null,null,null,null,null,null,null,null,null,null,null,null,null,null,null,null,null,null,null,null,null,null,null,null,null,null,null,null,null,null,null,null,null,null,null,null,null,null,null,null,null,null,null,null,null,null,null,null,null,null,null,null,null,null,null,null,null,null,null,null,"500000","LOCACAO DA OBRA","M2",0,0,0,0,0,0,0.59248000000000001,0,0.1595]
["500000","LOCACAO DA OBRA","M2","M10002","PONTALETE DE MADEIRA DE LEI - 03 X 03\" - 07,0 X 07,0 CM","MT","Mat.",0.04,2.54,0.10160000000000001,0,{"$f":"(SUMPRODUCT((PLANILHA_TAREFA[Ativo]=TRUE)*(PLANILHA_TAREFA[Qte Total])*(PLANILHA_TAREFA[Comp.]=A17)*PLANILHA_TAREFA[Quant.])+IF(ISERR(GETPIVOTDATA(\"Quant \",'Curva ABC - Insumos'!$A$3,\"Insumo\",A17)),0,GETPIVOTDATA(\"Quant \",'Curva ABC - Insumos'!$A$3,\"Insumo\",A17)))","v":0},0,0,0,0,0,0,0,0.59248000000000001,0,0.1595,0,0,0,0,0,0,0,0,0,0,0,0,0,0,0,0,0,0,0,0,0,0,0,0,0,0,0,0,0,0,0,0,0,0,0,0,0,0,0,0,0,0,0,0,0,0,0,0,0,0,0,0,0,0,0,0,0,0,0,0,0,0,0,0,0,0,0,0,0,0,0,0,0,0,0,0,0,0,0,0,0,0,0,0,0,0,0,0,0,0,0,0,0,0,0,0,0,0,0,null,null,null,null,null,null,null,null,null,null,null,null,null,null,null,null,null,null,null,null,null,null,null,null,null,null,null,null,null,null,null,null,null,null,null,null,null,null,null,null,null,null,null,null,null,null,null,null,null,null,null,null,null,null,null,null,null,null,null,null,null,null,null,null,null,null,null,null,null,null,null,null,null,null,null,null,null,null,null,null,null,null,null,null,null,null,null,null,null,null,null,null,null,null,null,null,null,null,null,null,null,null,null,null,null,null,null,null,null,null,null,null,null,null,null,null,null,null,null,null,null,null,null,null,null,null,null,null,null,null,null,null,null,null,null,"500000","LOCACAO DA OBRA","M2",0,0,0,0,0,0,0.59248000000000001,0,0.1595]
["000040","ESCAVACAO MANUAL DE VALA","M3","F20009","SERVENTE","H","M.O.",3.1,9.8279999999999994,30.466799999999999,0,{"$f":"(SUMPRODUCT((PLANILHA_TAREFA[Ativo]=TRUE)*(PLANILHA_TAREFA[Qte Total])*(PLANILHA_TAREFA[Comp.]=A18)*PLANILHA_TAREFA[Quant.])+IF(ISERR(GETPIVOTDATA(\"Quant \",'Curva ABC - Insumos'!$A$3,\"Insumo\",A18)),0,GETPIVOTDATA(\"Quant \",'Curva ABC - Insumos'!$A$3,\"Insumo\",A18)))","v":0},0,0,0,0,0,0,0,30.466799999999999,0,0,0,0,0,0,0,0,0,0,0,0,0,0,0,0,0,0,0,0,0,0,0,0,0,0,0,0,0,0,0,0,0,0,0,0,0,0,0,0,0,0,0,0,0,0,0,0,0,0,0,0,0,0,0,0,0,0,0,0,0,0,0,0,0,0,0,0,0,0,0,0,0,0,0,0,0,0,0,0,0,0,0,0,0,0,0,0,0,0,0,0,0,0,0,0,0,0,0,0,0,null,null,null,null,null,null,null,null,null,null,null,null,null,null,null,null,null,null,null,null,null,null,null,null,null,null,null,null,null,null,null,null,null,null,null,null,null,null,null,null,null,null,null,null,null,null,null,null,null,null,null,null,null,null,null,null,null,null,null,null,null,null,null,null,null,null,null,null,null,null,null,null,null,null,null,null,null,null,null,null,null,null,null,null,null,null,null,null,null,null,null,null,null,null,null,null,null,null,null,null,null,null,null,null,null,null,null,null,null,null,null,null,null,null,null,null,null,null,null,null,null,null,null,null,null,null,null,null,null,null,null,null,null,null,null,"000040","ESCAVACAO MANUAL DE VALA","M3",0,0,0,0,0,0,30.466799999999999,0,0]
["000090","APILOAMENTO MANUAL FUNDO VALA","M2","F20009","SERVENTE","H","M.O.",0.87,9.8279999999999994,8.5503599999999995,0,{"$f":"(SUMPRODUCT((PLANILHA_TAREFA[Ativo]=TRUE)*(PLANILHA_TAREFA[Qte Total])*(PLANILHA_TAREFA[Comp.]=A19)*PLANILHA_TAREFA[Quant.])+IF(ISERR(GETPIVOTDATA(\"Quant \",'Curva ABC - Insumos'!$A$3,\"Insumo\",A19)),0,GETPIVOTDATA(\"Quant \",'Curva ABC - Insumos'!$A$3,\"Insumo\",A19)))","v":0},0,0,0,0,0,0,0,8.5503599999999995,0,0,0,0,0,0,0,0,0,0,0,0,0,0,0,0,0,0,0,0,0,0,0,0,0,0,0,0,0,0,0,0,0,0,0,0,0,0,0,0,0,0,0,0,0,0,0,0,0,0,0,0,0,0,0,0,0,0,0,0,0,0,0,0,0,0,0,0,0,0,0,0,0,0,0,0,0,0,0,0,0,0,0,0,0,0,0,0,0,0,0,0,0,0,0,0,0,0,0,0,0,null,null,null,null,null,null,null,null,null,null,null,null,null,null,null,null,null,null,null,null,null,null,null,null,null,null,null,null,null,null,null,null,null,null,null,null,null,null,null,null,null,null,null,null,null,null,null,null,null,null,null,null,null,null,null,null,null,null,null,null,null,null,null,null,null,null,null,null,null,null,null,null,null,null,null,null,null,null,null,null,null,null,null,null,null,null,null,null,null,null,null,null,null,null,null,null,null,null,null,null,null,null,null,null,null,null,null,null,null,null,null,null,null,null,null,null,null,null,null,null,null,null,null,null,null,null,null,null,null,null,null,null,null,null,null,"000090","APILOAMENTO MANUAL FUNDO VALA","M2",0,0,0,0,0,0,8.5503599999999995,0,0]
["000100","LASTRO DE BRITA","M3","F20009","SERVENTE","H","M.O.",2.1,9.8279999999999994,20.6388,0,{"$f":"(SUMPRODUCT((PLANILHA_TAREFA[Ativo]=TRUE)*(PLANILHA_TAREFA[Qte Total])*(PLANILHA_TAREFA[Comp.]=A20)*PLANILHA_TAREFA[Quant.])+IF(ISERR(GETPIVOTDATA(\"Quant \",'Curva ABC - Insumos'!$A$3,\"Insumo\",A20)),0,GETPIVOTDATA(\"Quant \",'Curva ABC - Insumos'!$A$3,\"Insumo\",A20)))","v":0},0,0,0,0,0,0,0,10.3194,0,19.25,0,0,0,0,0,0,0,0,0,0,0,0,0,0,0,0,0,0,0,0,0,0,0,0,0,0,0,0,0,0,0,0,0,0,0,0,0,0,0,0,0,0,0,0,0,0,0,0,0,0,0,0,0,0,0,0,0,0,0,0,0,0,0,0,0,0,0,0,0,0,0,0,0,0,0,0,0,0,0,0,0,0,0,0,0,0,0,0,0,0,0,0,0,0,0,0,0,0,0,null,null,null,null,null,null,null,null,null,null,null,null,null,null,null,null,null,null,null,null,null,null,null,null,null,null,null,null,null,null,null,null,null,null,null,null,null,null,null,null,null,null,null,null,null,null,null,null,null,null,null,null,null,null,null,null,null,null,null,null,null,null,null,null,null,null,null,null,null,null,null,null,null,null,null,null,null,null,null,null,null,null,null,null,null,null,null,null,null,null,null,null,null,null,null,null,null,null,null,null,null,null,null,null,null,null,null,null,null,null,null,null,null,null,null,null,null,null,null,null,null,null,null,null,null,null,null,null,null,null,null,null,null,null,null,"000100","LASTRO DE BRITA","M3",0,0,0,0,0,0,10.3194,0,19.25]
["000100","LASTRO DE BRITA","M3","M10016","PEDRA - BRITA Nº2","M3","Mat.",1.1000000000000001,35,38.5,0,{"$f":"(SUMPRODUCT((PLANILHA_TAREFA[Ativo]=TRUE)*(PLANILHA_TAREFA[Qte Total])*(PLANILHA_TAREFA[Comp.]=A21)*PLANILHA_TAREFA[Quant.])+IF(ISERR(GETPIVOTDATA(\"Quant \",'Curva ABC - Insumos'!$A$3,\"Insumo\",A21)),0,GETPIVOTDATA(\"Quant \",'Curva ABC - Insumos'!$A$3,\"Insumo\",A21)))","v":0},0,0,0,0,0,0,0,10.3194,0,19.25,0,0,0,0,0,0,0,0,0,0,0,0,0,0,0,0,0,0,0,0,0,0,0,0,0,0,0,0,0,0,0,0,0,0,0,0,0,0,0,0,0,0,0,0,0,0,0,0,0,0,0,0,0,0,0,0,0,0,0,0,0,0,0,0,0,0,0,0,0,0,0,0,0,0,0,0,0,0,0,0,0,0,0,0,0,0,0,0,0,0,0,0,0,0,0,0,0,0,0,null,null,null,null,null,null,null,null,null,null,null,null,null,null,null,null,null,null,null,null,null,null,null,null,null,null,null,null,null,null,null,null,null,null,null,null,null,null,null,null,null,null,null,null,null,null,null,null,null,null,null,null,null,null,null,null,null,null,null,null,null,null,null,null,null,null,null,null,null,null,null,null,null,null,null,null,null,null,null,null,null,null,null,null,null,null,null,null,null,null,null,null,null,null,null,null,null,null,null,null,null,null,null,null,null,null,null,null,null,null,null,null,null,null,null,null,null,null,null,null,null,null,null,null,null,null,null,null,null,null,null,null,null,null,null,"000100","LASTRO DE BRITA","M3",0,0,0,0,0,0,10.3194,0,19.25]
["000130","CONCRETO CONSUMO 161,0 KG CIMENTO/M3 - TRACO 1:4:8 - BETONEIRA C/ LANCAMENTO","M3","M10015","PEDRA - BRITA Nº1","M3","Mat.",0.45600000000000002,35,15.96,0,{"$f":"(SUMPRODUCT((PLANILHA_TAREFA[Ativo]=TRUE)*(PLANILHA_TAREFA[Qte Total])*(PLANILHA_TAREFA[Comp.]=A22)*PLANILHA_TAREFA[Quant.])+IF(ISERR(GETPIVOTDATA(\"Quant \",'Curva ABC - Insumos'!$A$3,\"Insumo\",A22)),0,GETPIVOTDATA(\"Quant \",'Curva ABC - Insumos'!$A$3,\"Insumo\",A22)))","v":0},0,0,0,0,0,0.1275,0,16.555499999999999,0,16.637142857142855,0,0,0,0,0,0,0,0,0,0,0,0,0,0,0,0,0,0,0,0,0,0,0,0,0,0,0,0,0,0,0,0,0,0,0,0,0,0,0,0,0,0,0,0,0,0,0,0,0,0,0,0,0,0,0,0,0,0,0,0,0,0,0,0,0,0,0,0,0,0,0,0,0,0,0,0,0,0,0,0,0,0,0,0,0,0,0,0,0,0,0,0,0,0,0,0,0,0,0,null,null,null,null,null,null,null,null,null,null,null,null,null,null,null,null,null,null,null,null,null,null,null,null,null,null,null,null,null,null,null,null,null,null,null,null,null,null,null,null,null,null,null,null,null,null,null,null,null,null,null,null,null,null,null,null,null,null,null,null,null,null,null,null,null,null,null,null,null,null,null,null,null,null,null,null,null,null,null,null,null,null,null,null,null,null,null,null,null,null,null,null,null,null,null,null,null,null,null,null,null,null,null,null,null,null,null,null,null,null,null,null,null,null,null,null,null,null,null,null,null,null,null,null,null,null,null,null,null,null,null,null,null,null,null,"000130","CONCRETO CONSUMO 161,0 KG CIMENTO/M3 - TRACO 1:4:8 - BETONEIRA C/ LANCAMENTO","M3",0,0,0,0,0.1275,0,16.555499999999999,0,16.637142857142855]
["000130","CONCRETO CONSUMO 161,0 KG CIMENTO/M3 - TRACO 1:4:8 - BETONEIRA C/ LANCAMENTO","M3","F20007","PEDREIRO","H","M.O.",1.5,11.739000000000001,17.608499999999999,0,{"$f":"(SUMPRODUCT((PLANILHA_TAREFA[Ativo]=TRUE)*(PLANILHA_TAREFA[Qte Total])*(PLANILHA_TAREFA[Comp.]=A23)*PLANILHA_TAREFA[Quant.])+IF(ISERR(GETPIVOTDATA(\"Quant \",'Curva ABC - Insumos'!$A$3,\"Insumo\",A23)),0,GETPIVOTDATA(\"Quant \",'Curva ABC - Insumos'!$A$3,\"Insumo\",A23)))","v":0},0,0,0,0,0,0.1275,0,16.555499999999999,0,16.637142857142855,0,0,0,0,0,0,0,0,0,0,0,0,0,0,0,0,0,0,0,0,0,0,0,0,0,0,0,0,0,0,0,0,0,0,0,0,0,0,0,0,0,0,0,0,0,0,0,0,0,0,0,0,0,0,0,0,0,0,0,0,0,0,0,0,0,0,0,0,0,0,0,0,0,0,0,0,0,0,0,0,0,0,0,0,0,0,0,0,0,0,0,0,0,0,0,0,0,0,0,null,null,null,null,null,null,null,null,null,null,null,null,null,null,null,null,null,null,null,null,null,null,null,null,null,null,null,null,null,null,null,null,null,null,null,null,null,null,null,null,null,null,null,null,null,null,null,null,null,null,null,null,null,null,null,null,null,null,null,null,null,null,null,null,null,null,null,null,null,null,null,null,null,null,null,null,null,null,null,null,null,null,null,null,null,null,null,null,null,null,null,null,null,null,null,null,null,null,null,null,null,null,null,null,null,null,null,null,null,null,null,null,null,null,null,null,null,null,null,null,null,null,null,null,null,null,null,null,null,null,null,null,null,null,null,"000130","CONCRETO CONSUMO 161,0 KG CIMENTO/M3 - TRACO 1:4:8 - BETONEIRA C/ LANCAMENTO","M3",0,0,0,0,0.1275,0,16.555499999999999,0,16.637142857142855]
["000130","CONCRETO CONSUMO 161,0 KG CIMENTO/M3 - TRACO 1:4:8 - BETONEIRA C/ LANCAMENTO","M3","E14016","BETONEIRA ","H","Eq.Loc.",0.71399999999999997,1.25,0.89249999999999996,0,{"$f":"(SUMPRODUCT((PLANILHA_TAREFA[Ativo]=TRUE)*(PLANILHA_TAREFA[Qte Total])*(PLANILHA_TAREFA[Comp.]=A24)*PLANILHA_TAREFA[Quant.])+IF(ISERR(GETPIVOTDATA(\"Quant \",'Curva ABC - Insumos'!$A$3,\"Insumo\",A24)),0,GETPIVOTDATA(\"Quant \",'Curva ABC - Insumos'!$A$3,\"Insumo\",A24)))","v":0},0,0,0,0,0,0.1275,0,16.555499999999999,0,16.637142857142855,0,0,0,0,0,0,0,0,0,0,0,0,0,0,0,0,0,0,0,0,0,0,0,0,0,0,0,0,0,0,0,0,0,0,0,0,0,0,0,0,0,0,0,0,0,0,0,0,0,0,0,0,0,0,0,0,0,0,0,0,0,0,0,0,0,0,0,0,0,0,0,0,0,0,0,0,0,0,0,0,0,0,0,0,0,0,0,0,0,0,0,0,0,0,0,0,0,0,0,null,null,null,null,null,null,null,null,null,null,null,null,null,null,null,null,null,null,null,null,null,null,null,null,null,null,null,null,null,null,null,null,null,null,null,null,null,null,null,null,null,null,null,null,null,null,null,null,null,null,null,null,null,null,null,null,null,null,null,null,null,null,null,null,null,null,null,null,null,null,null,null,null,null,null,null,null,null,null,null,null,null,null,null,null,null,null,null,null,null,null,null,null,null,null,null,null,null,null,null,null,null,null,null,null,null,null,null,null,null,null,null,null,null,null,null,null,null,null,null,null,null,null,null,null,null,null,null,null,null,null,null,null,null,null,"000130","CONCRETO CONSUMO 161,0 KG CIMENTO/M3 - TRACO 1:4:8 - BETONEIRA C/ LANCAMENTO","M3",0,0,0,0,0.1275,0,16.555499999999999,0,16.637142857142855]
["000130","CONCRETO CONSUMO 161,0 KG CIMENTO/M3 - TRACO 1:4:8 - BETONEIRA C/ LANCAMENTO","M3","M10020","CIMENTO","KG","Mat.",161,0.38,61.18,0,{"$f":"(SUMPRODUCT((PLANILHA_TAREFA[Ativo]=TRUE)*(PLANILHA_TAREFA[Qte Total])*(PLANILHA_TAREFA[Comp.]=A25)*PLANILHA_TAREFA[Quant.])+IF(ISERR(GETPIVOTDATA(\"Quant \",'Curva ABC - Insumos'!$A$3,\"Insumo\",A25)),0,GETPIVOTDATA(\"Quant \",'Curva ABC - Insumos'!$A$3,\"Insumo\",A25)))","v":0},0,0,0,0,0,0.1275,0,16.555499999999999,0,16.637142857142855,0,0,0,0,0,0,0,0,0,0,0,0,0,0,0,0,0,0,0,0,0,0,0,0,0,0,0,0,0,0,0,0,0,0,0,0,0,0,0,0,0,0,0,0,0,0,0,0,0,0,0,0,0,0,0,0,0,0,0,0,0,0,0,0,0,0,0,0,0,0,0,0,0,0,0,0,0,0,0,0,0,0,0,0,0,0,0,0,0,0,0,0,0,0,0,0,0,0,0,null,null,null,null,null,null,null,null,null,null,null,null,null,null,null,null,null,null,null,null,null,null,null,null,null,null,null,null,null,null,null,null,null,null,null,null,null,null,null,null,null,null,null,null,null,null,null,null,null,null,null,null,null,null,null,null,null,null,null,null,null,null,null,null,null,null,null,null,null,null,null,null,null,null,null,null,null,null,null,null,null,null,null,null,null,null,null,null,null,null,null,null,null,null,null,null,null,null,null,null,null,null,null,null,null,null,null,null,null,null,null,null,null,null,null,null,null,null,null,null,null,null,null,null,null,null,null,null,null,null,null,null,null,null,null,"000130","CONCRETO CONSUMO 161,0 KG CIMENTO/M3 - TRACO 1:4:8 - BETONEIRA C/ LANCAMENTO","M3",0,0,0,0,0.1275,0,16.555499999999999,0,16.637142857142855]
["000130","CONCRETO CONSUMO 161,0 KG CIMENTO/M3 - TRACO 1:4:8 - BETONEIRA C/ LANCAMENTO","M3","M10016","PEDRA - BRITA Nº2","M3","Mat.",0.45600000000000002,35,15.96,0,{"$f":"(SUMPRODUCT((PLANILHA_TAREFA[Ativo]=TRUE)*(PLANILHA_TAREFA[Qte Total])*(PLANILHA_TAREFA[Comp.]=A26)*PLANILHA_TAREFA[Quant.])+IF(ISERR(GETPIVOTDATA(\"Quant \",'Curva ABC - Insumos'!$A$3,\"Insumo\",A26)),0,GETPIVOTDATA(\"Quant \",'Curva ABC - Insumos'!$A$3,\"Insumo\",A26)))","v":0},0,0,0,0,0,0.1275,0,16.555499999999999,0,16.637142857142855,0,0,0,0,0,0,0,0,0,0,0,0,0,0,0,0,0,0,0,0,0,0,0,0,0,0,0,0,0,0,0,0,0,0,0,0,0,0,0,0,0,0,0,0,0,0,0,0,0,0,0,0,0,0,0,0,0,0,0,0,0,0,0,0,0,0,0,0,0,0,0,0,0,0,0,0,0,0,0,0,0,0,0,0,0,0,0,0,0,0,0,0,0,0,0,0,0,0,0,null,null,null,null,null,null,null,null,null,null,null,null,null,null,null,null,null,null,null,null,null,null,null,null,null,null,null,null,null,null,null,null,null,null,null,null,null,null,null,null,null,null,null,null,null,null,null,null,null,null,null,null,null,null,null,null,null,null,null,null,null,null,null,null,null,null,null,null,null,null,null,null,null,null,null,null,null,null,null,null,null,null,null,null,null,null,null,null,null,null,null,null,null,null,null,null,null,null,null,null,null,null,null,null,null,null,null,null,null,null,null,null,null,null,null,null,null,null,null,null,null,null,null,null,null,null,null,null,null,null,null,null,null,null,null,"000130","CONCRETO CONSUMO 161,0 KG CIMENTO/M3 - TRACO 1:4:8 - BETONEIRA C/ LANCAMENTO","M3",0,0,0,0,0.1275,0,16.555499999999999,0,16.637142857142855]
["000130","CONCRETO CONSUMO 161,0 KG CIMENTO/M3 - TRACO 1:4:8 - BETONEIRA C/ LANCAMENTO","M3","F20009","SERVENTE","H","M.O.",10,9.8279999999999994,98.28,0,{"$f":"(SUMPRODUCT((PLANILHA_TAREFA[Ativo]=TRUE)*(PLANILHA_TAREFA[Qte Total])*(PLANILHA_TAREFA[Comp.]=A27)*PLANILHA_TAREFA[Quant.])+IF(ISERR(GETPIVOTDATA(\"Quant \",'Curva ABC - Insumos'!$A$3,\"Insumo\",A27)),0,GETPIVOTDATA(\"Quant \",'Curva ABC - Insumos'!$A$3,\"Insumo\",A27)))","v":0},0,0,0,0,0,0.1275,0,16.555499999999999,0,16.637142857142855,0,0,0,0,0,0,0,0,0,0,0,0,0,0,0,0,0,0,0,0,0,0,0,0,0,0,0,0,0,0,0,0,0,0,0,0,0,0,0,0,0,0,0,0,0,0,0,0,0,0,0,0,0,0,0,0,0,0,0,0,0,0,0,0,0,0,0,0,0,0,0,0,0,0,0,0,0,0,0,0,0,0,0,0,0,0,0,0,0,0,0,0,0,0,0,0,0,0,0,null,null,null,null,null,null,null,null,null,null,null,null,null,null,null,null,null,null,null,null,null,null,null,null,null,null,null,null,null,null,null,null,null,null,null,null,null,null,null,null,null,null,null,null,null,null,null,null,null,null,null,null,null,null,null,null,null,null,null,null,null,null,null,null,null,null,null,null,null,null,null,null,null,null,null,null,null,null,null,null,null,null,null,null,null,null,null,null,null,null,null,null,null,null,null,null,null,null,null,null,null,null,null,null,null,null,null,null,null,null,null,null,null,null,null,null,null,null,null,null,null,null,null,null,null,null,null,null,null,null,null,null,null,null,null,"000130","CONCRETO CONSUMO 161,0 KG CIMENTO/M3 - TRACO 1:4:8 - BETONEIRA C/ LANCAMENTO","M3",0,0,0,0,0.1275,0,16.555499999999999,0,16.637142857142855]
["000130","CONCRETO CONSUMO 161,0 KG CIMENTO/M3 - TRACO 1:4:8 - BETONEIRA C/ LANCAMENTO","M3","M10013","AREIA MEDIA","M3","Mat.",0.58399999999999996,40,23.36,0,{"$f":"(SUMPRODUCT((PLANILHA_TAREFA[Ativo]=TRUE)*(PLANILHA_TAREFA[Qte Total])*(PLANILHA_TAREFA[Comp.]=A28)*PLANILHA_TAREFA[Quant.])+IF(ISERR(GETPIVOTDATA(\"Quant \",'Curva ABC - Insumos'!$A$3,\"Insumo\",A28)),0,GETPIVOTDATA(\"Quant \",'Curva ABC - Insumos'!$A$3,\"Insumo\",A28)))","v":0},0,0,0,0,0,0.1275,0,16.555499999999999,0,16.637142857142855,0,0,0,0,0,0,0,0,0,0,0,0,0,0,0,0,0,0,0,0,0,0,0,0,0,0,0,0,0,0,0,0,0,0,0,0,0,0,0,0,0,0,0,0,0,0,0,0,0,0,0,0,0,0,0,0,0,0,0,0,0,0,0,0,0,0,0,0,0,0,0,0,0,0,0,0,0,0,0,0,0,0,0,0,0,0,0,0,0,0,0,0,0,0,0,0,0,0,0,null,null,null,null,null,null,null,null,null,null,null,null,null,null,null,null,null,null,null,null,null,null,null,null,null,null,null,null,null,null,null,null,null,null,null,null,null,null,null,null,null,null,null,null,null,null,null,null,null,null,null,null,null,null,null,null,null,null,null,null,null,null,null,null,null,null,null,null,null,null,null,null,null,null,null,null,null,null,null,null,null,null,null,null,null,null,null,null,null,null,null,null,null,null,null,null,null,null,null,null,null,null,null,null,null,null,null,null,null,null,null,null,null,null,null,null,null,null,null,null,null,null,null,null,null,null,null,null,null,null,null,null,null,null,null,"000130","CONCRETO CONSUMO 161,0 KG CIMENTO/M3 - TRACO 1:4:8 - BETONEIRA C/ LANCAMENTO","M3",0,0,0,0,0.1275,0,16.555499999999999,0,16.637142857142855]
["000150","REATERRO APILOADO DE VALA","M3","F20007","PEDREIRO","H","M.O.",0.16,11.739000000000001,1.8782400000000001,0,{"$f":"(SUMPRODUCT((PLANILHA_TAREFA[Ativo]=TRUE)*(PLANILHA_TAREFA[Qte Total])*(PLANILHA_TAREFA[Comp.]=A29)*PLANILHA_TAREFA[Quant.])+IF(ISERR(GETPIVOTDATA(\"Quant \",'Curva ABC - Insumos'!$A$3,\"Insumo\",A29)),0,GETPIVOTDATA(\"Quant \",'Curva ABC - Insumos'!$A$3,\"Insumo\",A29)))","v":0},0,0,0,0,0,0,0,7.2290399999999995,0,0,0,0,0,0,0,0,0,0,0,0,0,0,0,0,0,0,0,0,0,0,0,0,0,0,0,0,0,0,0,0,0,0,0,0,0,0,0,0,0,0,0,0,0,0,0,0,0,0,0,0,0,0,0,0,0,0,0,0,0,0,0,0,0,0,0,0,0,0,0,0,0,0,0,0,0,0,0,0,0,0,0,0,0,0,0,0,0,0,0,0,0,0,0,0,0,0,0,0,0,null,null,null,null,null,null,null,null,null,null,null,null,null,null,null,null,null,null,null,null,null,null,null,null,null,null,null,null,null,null,null,null,null,null,null,null,null,null,null,null,null,null,null,null,null,null,null,null,null,null,null,null,null,null,null,null,null,null,null,null,null,null,null,null,null,null,null,null,null,null,null,null,null,null,null,null,null,null,null,null,null,null,null,null,null,null,null,null,null,null,null,null,null,null,null,null,null,null,null,null,null,null,null,null,null,null,null,null,null,null,null,null,null,null,null,null,null,null,null,null,null,null,null,null,null,null,null,null,null,null,null,null,null,null,null,"000150","REATERRO APILOADO DE VALA","M3",0,0,0,0,0,0,7.2290399999999995,0,0]
["000150","REATERRO APILOADO DE VALA","M3","F20009","SERVENTE","H","M.O.",1.28,9.8279999999999994,12.579839999999999,0,{"$f":"(SUMPRODUCT((PLANILHA_TAREFA[Ativo]=TRUE)*(PLANILHA_TAREFA[Qte Total])*(PLANILHA_TAREFA[Comp.]=A30)*PLANILHA_TAREFA[Quant.])+IF(ISERR(GETPIVOTDATA(\"Quant \",'Curva ABC - Insumos'!$A$3,\"Insumo\",A30)),0,GETPIVOTDATA(\"Quant \",'Curva ABC - Insumos'!$A$3,\"Insumo\",A30)))","v":0},0,0,0,0,0,0,0,7.2290399999999995,0,0,0,0,0,0,0,0,0,0,0,0,0,0,0,0,0,0,0,0,0,0,0,0,0,0,0,0,0,0,0,0,0,0,0,0,0,0,0,0,0,0,0,0,0,0,0,0,0,0,0,0,0,0,0,0,0,0,0,0,0,0,0,0,0,0,0,0,0,0,0,0,0,0,0,0,0,0,0,0,0,0,0,0,0,0,0,0,0,0,0,0,0,0,0,0,0,0,0,0,0,null,null,null,null,null,null,null,null,null,null,null,null,null,null,null,null,null,null,null,null,null,null,null,null,null,null,null,null,null,null,null,null,null,null,null,null,null,null,null,null,null,null,null,null,null,null,null,null,null,null,null,null,null,null,null,null,null,null,null,null,null,null,null,null,null,null,null,null,null,null,null,null,null,null,null,null,null,null,null,null,null,null,null,null,null,null,null,null,null,null,null,null,null,null,null,null,null,null,null,null,null,null,null,null,null,null,null,null,null,null,null,null,null,null,null,null,null,null,null,null,null,null,null,null,null,null,null,null,null,null,null,null,null,null,null,"000150","REATERRO APILOADO DE VALA","M3",0,0,0,0,0,0,7.2290399999999995,0,0]
["000190","ACO CA 50 06,3 MM","KG","M10091","ACO CA-50 - 06,3 MM","KG","Mat.",1.1000000000000001,3.59,3.9490000000000003,0,{"$f":"(SUMPRODUCT((PLANILHA_TAREFA[Ativo]=TRUE)*(PLANILHA_TAREFA[Qte Total])*(PLANILHA_TAREFA[Comp.]=A31)*PLANILHA_TAREFA[Quant.])+IF(ISERR(GETPIVOTDATA(\"Quant \",'Curva ABC - Insumos'!$A$3,\"Insumo\",A31)),0,GETPIVOTDATA(\"Quant \",'Curva ABC - Insumos'!$A$3,\"Insumo\",A31)))","v":0},0,0,0,0,0,0,0,0.44435999999999998,0,1.0070000000000001,0,0,0,0,0,0,0,0,0,0,0,0,0,0,0,0,0,0,0,0,0,0,0,0,0,0,0,0,0,0,0,0,0,0,0,0,0,0,0,0,0,0,0,0,0,0,0,0,0,0,0,0,0,0,0,0,0,0,0,0,0,0,0,0,0,0,0,0,0,0,0,0,0,0,0,0,0,0,0,0,0,0,0,0,0,0,0,0,0,0,0,0,0,0,0,0,0,0,0,null,null,null,null,null,null,null,null,null,null,null,null,null,null,null,null,null,null,null,null,null,null,null,null,null,null,null,null,null,null,null,null,null,null,null,null,null,null,null,null,null,null,null,null,null,null,null,null,null,null,null,null,null,null,null,null,null,null,null,null,null,null,null,null,null,null,null,null,null,null,null,null,null,null,null,null,null,null,null,null,null,null,null,null,null,null,null,null,null,null,null,null,null,null,null,null,null,null,null,null,null,null,null,null,null,null,null,null,null,null,null,null,null,null,null,null,null,null,null,null,null,null,null,null,null,null,null,null,null,null,null,null,null,null,null,"000190","ACO CA 50 06,3 MM","KG",0,0,0,0,0,0,0.44435999999999998,0,1.0070000000000001]
["000190","ACO CA 50 06,3 MM","KG","M10028","ARAME RECOZIDO ","KG","Mat.",0.02,3.95,7.9000000000000001E-2,0,{"$f":"(SUMPRODUCT((PLANILHA_TAREFA[Ativo]=TRUE)*(PLANILHA_TAREFA[Qte Total])*(PLANILHA_TAREFA[Comp.]=A32)*PLANILHA_TAREFA[Quant.])+IF(ISERR(GETPIVOTDATA(\"Quant \",'Curva ABC - Insumos'!$A$3,\"Insumo\",A32)),0,GETPIVOTDATA(\"Quant \",'Curva ABC - Insumos'!$A$3,\"Insumo\",A32)))","v":0},0,0,0,0,0,0,0,0.44435999999999998,0,1.0070000000000001,0,0,0,0,0,0,0,0,0,0,0,0,0,0,0,0,0,0,0,0,0,0,0,0,0,0,0,0,0,0,0,0,0,0,0,0,0,0,0,0,0,0,0,0,0,0,0,0,0,0,0,0,0,0,0,0,0,0,0,0,0,0,0,0,0,0,0,0,0,0,0,0,0,0,0,0,0,0,0,0,0,0,0,0,0,0,0,0,0,0,0,0,0,0,0,0,0,0,0,null,null,null,null,null,null,null,null,null,null,null,null,null,null,null,null,null,null,null,null,null,null,null,null,null,null,null,null,null,null,null,null,null,null,null,null,null,null,null,null,null,null,null,null,null,null,null,null,null,null,null,null,null,null,null,null,null,null,null,null,null,null,null,null,null,null,null,null,null,null,null,null,null,null,null,null,null,null,null,null,null,null,null,null,null,null,null,null,null,null,null,null,null,null,null,null,null,null,null,null,null,null,null,null,null,null,null,null,null,null,null,null,null,null,null,null,null,null,null,null,null,null,null,null,null,null,null,null,null,null,null,null,null,null,null,"000190","ACO CA 50 06,3 MM","KG",0,0,0,0,0,0,0.44435999999999998,0,1.0070000000000001]
["000190","ACO CA 50 06,3 MM","KG","F20001","AJUDANTE GERAL","H","M.O.",0.08,9.8279999999999994,0.78623999999999994,0,{"$f":"(SUMPRODUCT((PLANILHA_TAREFA[Ativo]=TRUE)*(PLANILHA_TAREFA[Qte Total])*(PLANILHA_TAREFA[Comp.]=A33)*PLANILHA_TAREFA[Quant.])+IF(ISERR(GETPIVOTDATA(\"Quant \",'Curva ABC - Insumos'!$A$3,\"Insumo\",A33)),0,GETPIVOTDATA(\"Quant \",'Curva ABC - Insumos'!$A$3,\"Insumo\",A33)))","v":0},0,0,0,0,0,0,0,0.44435999999999998,0,1.0070000000000001,0,0,0,0,0,0,0,0,0,0,0,0,0,0,0,0,0,0,0,0,0,0,0,0,0,0,0,0,0,0,0,0,0,0,0,0,0,0,0,0,0,0,0,0,0,0,0,0,0,0,0,0,0,0,0,0,0,0,0,0,0,0,0,0,0,0,0,0,0,0,0,0,0,0,0,0,0,0,0,0,0,0,0,0,0,0,0,0,0,0,0,0,0,0,0,0,0,0,0,null,null,null,null,null,null,null,null,null,null,null,null,null,null,null,null,null,null,null,null,null,null,null,null,null,null,null,null,null,null,null,null,null,null,null,null,null,null,null,null,null,null,null,null,null,null,null,null,null,null,null,null,null,null,null,null,null,null,null,null,null,null,null,null,null,null,null,null,null,null,null,null,null,null,null,null,null,null,null,null,null,null,null,null,null,null,null,null,null,null,null,null,null,null,null,null,null,null,null,null,null,null,null,null,null,null,null,null,null,null,null,null,null,null,null,null,null,null,null,null,null,null,null,null,null,null,null,null,null,null,null,null,null,null,null,"000190","ACO CA 50 06,3 MM","KG",0,0,0,0,0,0,0.44435999999999998,0,1.0070000000000001]
["000190","ACO CA 50 06,3 MM","KG","F20006","FERREIRO","H","M.O.",0.08,12.39,0.99120000000000008,0,{"$f":"(SUMPRODUCT((PLANILHA_TAREFA[Ativo]=TRUE)*(PLANILHA_TAREFA[Qte Total])*(PLANILHA_TAREFA[Comp.]=A34)*PLANILHA_TAREFA[Quant.])+IF(ISERR(GETPIVOTDATA(\"Quant \",'Curva ABC - Insumos'!$A$3,\"Insumo\",A34)),0,GETPIVOTDATA(\"Quant \",'Curva ABC - Insumos'!$A$3,\"Insumo\",A34)))","v":0},0,0,0,0,0,0,0,0.44435999999999998,0,1.0070000000000001,0,0,0,0,0,0,0,0,0,0,0,0,0,0,0,0,0,0,0,0,0,0,0,0,0,0,0,0,0,0,0,0,0,0,0,0,0,0,0,0,0,0,0,0,0,0,0,0,0,0,0,0,0,0,0,0,0,0,0,0,0,0,0,0,0,0,0,0,0,0,0,0,0,0,0,0,0,0,0,0,0,0,0,0,0,0,0,0,0,0,0,0,0,0,0,0,0,0,0,null,null,null,null,null,null,null,null,null,null,null,null,null,null,null,null,null,null,null,null,null,null,null,null,null,null,null,null,null,null,null,null,null,null,null,null,null,null,null,null,null,null,null,null,null,null,null,null,null,null,null,null,null,null,null,null,null,null,null,null,null,null,null,null,null,null,null,null,null,null,null,null,null,null,null,null,null,null,null,null,null,null,null,null,null,null,null,null,null,null,null,null,null,null,null,null,null,null,null,null,null,null,null,null,null,null,null,null,null,null,null,null,null,null,null,null,null,null,null,null,null,null,null,null,null,null,null,null,null,null,null,null,null,null,null,"000190","ACO CA 50 06,3 MM","KG",0,0,0,0,0,0,0.44435999999999998,0,1.0070000000000001]
["000200","ACO CA 50 08,0 MM","KG","F20006","FERREIRO","H","M.O.",0.08,12.39,0.99120000000000008,0,{"$f":"(SUMPRODUCT((PLANILHA_TAREFA[Ativo]=TRUE)*(PLANILHA_TAREFA[Qte Total])*(PLANILHA_TAREFA[Comp.]=A35)*PLANILHA_TAREFA[Quant.])+IF(ISERR(GETPIVOTDATA(\"Quant \",'Curva ABC - Insumos'!$A$3,\"Insumo\",A35)),0,GETPIVOTDATA(\"Quant \",'Curva ABC - Insumos'!$A$3,\"Insumo\",A35)))","v":0},0,0,0,0,0,0,0,0.44435999999999998,0,1.0070000000000001,0,0,0,0,0,0,0,0,0,0,0,0,0,0,0,0,0,0,0,0,0,0,0,0,0,0,0,0,0,0,0,0,0,0,0,0,0,0,0,0,0,0,0,0,0,0,0,0,0,0,0,0,0,0,0,0,0,0,0,0,0,0,0,0,0,0,0,0,0,0,0,0,0,0,0,0,0,0,0,0,0,0,0,0,0,0,0,0,0,0,0,0,0,0,0,0,0,0,0,null,null,null,null,null,null,null,null,null,null,null,null,null,null,null,null,null,null,null,null,null,null,null,null,null,null,null,null,null,null,null,null,null,null,null,null,null,null,null,null,null,null,null,null,null,null,null,null,null,null,null,null,null,null,null,null,null,null,null,null,null,null,null,null,null,null,null,null,null,null,null,null,null,null,null,null,null,null,null,null,null,null,null,null,null,null,null,null,null,null,null,null,null,null,null,null,null,null,null,null,null,null,null,null,null,null,null,null,null,null,null,null,null,null,null,null,null,null,null,null,null,null,null,null,null,null,null,null,null,null,null,null,null,null,null,"000200","ACO CA 50 08,0 MM","KG",0,0,0,0,0,0,0.44435999999999998,0,1.0070000000000001]
["000200","ACO CA 50 08,0 MM","KG","M10090","ACO CA-50 - 08,0 MM","KG","Mat.",1.1000000000000001,3.59,3.9490000000000003,0,{"$f":"(SUMPRODUCT((PLANILHA_TAREFA[Ativo]=TRUE)*(PLANILHA_TAREFA[Qte Total])*(PLANILHA_TAREFA[Comp.]=A36)*PLANILHA_TAREFA[Quant.])+IF(ISERR(GETPIVOTDATA(\"Quant \",'Curva ABC - Insumos'!$A$3,\"Insumo\",A36)),0,GETPIVOTDATA(\"Quant \",'Curva ABC - Insumos'!$A$3,\"Insumo\",A36)))","v":0},0,0,0,0,0,0,0,0.44435999999999998,0,1.0070000000000001,0,0,0,0,0,0,0,0,0,0,0,0,0,0,0,0,0,0,0,0,0,0,0,0,0,0,0,0,0,0,0,0,0,0,0,0,0,0,0,0,0,0,0,0,0,0,0,0,0,0,0,0,0,0,0,0,0,0,0,0,0,0,0,0,0,0,0,0,0,0,0,0,0,0,0,0,0,0,0,0,0,0,0,0,0,0,0,0,0,0,0,0,0,0,0,0,0,0,0,null,null,null,null,null,null,null,null,null,null,null,null,null,null,null,null,null,null,null,null,null,null,null,null,null,null,null,null,null,null,null,null,null,null,null,null,null,null,null,null,null,null,null,null,null,null,null,null,null,null,null,null,null,null,null,null,null,null,null,null,null,null,null,null,null,null,null,null,null,null,null,null,null,null,null,null,null,null,null,null,null,null,null,null,null,null,null,null,null,null,null,null,null,null,null,null,null,null,null,null,null,null,null,null,null,null,null,null,null,null,null,null,null,null,null,null,null,null,null,null,null,null,null,null,null,null,null,null,null,null,null,null,null,null,null,"000200","ACO CA 50 08,0 MM","KG",0,0,0,0,0,0,0.44435999999999998,0,1.0070000000000001]
["000200","ACO CA 50 08,0 MM","KG","M10028","ARAME RECOZIDO ","KG","Mat.",0.02,3.95,7.9000000000000001E-2,0,{"$f":"(SUMPRODUCT((PLANILHA_TAREFA[Ativo]=TRUE)*(PLANILHA_TAREFA[Qte Total])*(PLANILHA_TAREFA[Comp.]=A37)*PLANILHA_TAREFA[Quant.])+IF(ISERR(GETPIVOTDATA(\"Quant \",'Curva ABC - Insumos'!$A$3,\"Insumo\",A37)),0,GETPIVOTDATA(\"Quant \",'Curva ABC - Insumos'!$A$3,\"Insumo\",A37)))","v":0},0,0,0,0,0,0,0,0.44435999999999998,0,1.0070000000000001,0,0,0,0,0,0,0,0,0,0,0,0,0,0,0,0,0,0,0,0,0,0,0,0,0,0,0,0,0,0,0,0,0,0,0,0,0,0,0,0,0,0,0,0,0,0,0,0,0,0,0,0,0,0,0,0,0,0,0,0,0,0,0,0,0,0,0,0,0,0,0,0,0,0,0,0,0,0,0,0,0,0,0,0,0,0,0,0,0,0,0,0,0,0,0,0,0,0,0,null,null,null,null,null,null,null,null,null,null,null,null,null,null,null,null,null,null,null,null,null,null,null,null,null,null,null,null,null,null,null,null,null,null,null,null,null,null,null,null,null,null,null,null,null,null,null,null,null,null,null,null,null,null,null,null,null,null,null,null,null,null,null,null,null,null,null,null,null,null,null,null,null,null,null,null,null,null,null,null,null,null,null,null,null,null,null,null,null,null,null,null,null,null,null,null,null,null,null,null,null,null,null,null,null,null,null,null,null,null,null,null,null,null,null,null,null,null,null,null,null,null,null,null,null,null,null,null,null,null,null,null,null,null,null,"000200","ACO CA 50 08,0 MM","KG",0,0,0,0,0,0,0.44435999999999998,0,1.0070000000000001]
["000200","ACO CA 50 08,0 MM","KG","F20001","AJUDANTE GERAL","H","M.O.",0.08,9.8279999999999994,0.78623999999999994,0,{"$f":"(SUMPRODUCT((PLANILHA_TAREFA[Ativo]=TRUE)*(PLANILHA_TAREFA[Qte Total])*(PLANILHA_TAREFA[Comp.]=A38)*PLANILHA_TAREFA[Quant.])+IF(ISERR(GETPIVOTDATA(\"Quant \",'Curva ABC - Insumos'!$A$3,\"Insumo\",A38)),0,GETPIVOTDATA(\"Quant \",'Curva ABC - Insumos'!$A$3,\"Insumo\",A38)))","v":0},0,0,0,0,0,0,0,0.44435999999999998,0,1.0070000000000001,0,0,0,0,0,0,0,0,0,0,0,0,0,0,0,0,0,0,0,0,0,0,0,0,0,0,0,0,0,0,0,0,0,0,0,0,0,0,0,0,0,0,0,0,0,0,0,0,0,0,0,0,0,0,0,0,0,0,0,0,0,0,0,0,0,0,0,0,0,0,0,0,0,0,0,0,0,0,0,0,0,0,0,0,0,0,0,0,0,0,0,0,0,0,0,0,0,0,0,null,null,null,null,null,null,null,null,null,null,null,null,null,null,null,null,null,null,null,null,null,null,null,null,null,null,null,null,null,null,null,null,null,null,null,null,null,null,null,null,null,null,null,null,null,null,null,null,null,null,null,null,null,null,null,null,null,null,null,null,null,null,null,null,null,null,null,null,null,null,null,null,null,null,null,null,null,null,null,null,null,null,null,null,null,null,null,null,null,null,null,null,null,null,null,null,null,null,null,null,null,null,null,null,null,null,null,null,null,null,null,null,null,null,null,null,null,null,null,null,null,null,null,null,null,null,null,null,null,null,null,null,null,null,null,"000200","ACO CA 50 08,0 MM","KG",0,0,0,0,0,0,0.44435999999999998,0,1.0070000000000001]
["000270","CONCRETO IN LOCO 15,0 MPA SLUMP CONVENCIONAL C/ LANCAMENTO","M3","E14016","BETONEIRA ","H","Eq.Loc.",0.71399999999999997,1.25,0.89249999999999996,0,{"$f":"(SUMPRODUCT((PLANILHA_TAREFA[Ativo]=TRUE)*(PLANILHA_TAREFA[Qte Total])*(PLANILHA_TAREFA[Comp.]=A39)*PLANILHA_TAREFA[Quant.])+IF(ISERR(GETPIVOTDATA(\"Quant \",'Curva ABC - Insumos'!$A$3,\"Insumo\",A39)),0,GETPIVOTDATA(\"Quant \",'Curva ABC - Insumos'!$A$3,\"Insumo\",A39)))","v":0},0,0,0,0,0,0.1275,0,16.555499999999999,0,24.709714285714284,0,0,0,0,0,0,0,0,0,0,0,0,0,0,0,0,0,0,0,0,0,0,0,0,0,0,0,0,0,0,0,0,0,0,0,0,0,0,0,0,0,0,0,0,0,0,0,0,0,0,0,0,0,0,0,0,0,0,0,0,0,0,0,0,0,0,0,0,0,0,0,0,0,0,0,0,0,0,0,0,0,0,0,0,0,0,0,0,0,0,0,0,0,0,0,0,0,0,0,null,null,null,null,null,null,null,null,null,null,null,null,null,null,null,null,null,null,null,null,null,null,null,null,null,null,null,null,null,null,null,null,null,null,null,null,null,null,null,null,null,null,null,null,null,null,null,null,null,null,null,null,null,null,null,null,null,null,null,null,null,null,null,null,null,null,null,null,null,null,null,null,null,null,null,null,null,null,null,null,null,null,null,null,null,null,null,null,null,null,null,null,null,null,null,null,null,null,null,null,null,null,null,null,null,null,null,null,null,null,null,null,null,null,null,null,null,null,null,null,null,null,null,null,null,null,null,null,null,null,null,null,null,null,null,"000270","CONCRETO IN LOCO 15,0 MPA SLUMP CONVENCIONAL C/ LANCAMENTO","M3",0,0,0,0,0.1275,0,16.555499999999999,0,24.709714285714284]
["000270","CONCRETO IN LOCO 15,0 MPA SLUMP CONVENCIONAL C/ LANCAMENTO","M3","F20007","PEDREIRO","H","M.O.",1.5,11.739000000000001,17.608499999999999,0,{"$f":"(SUMPRODUCT((PLANILHA_TAREFA[Ativo]=TRUE)*(PLANILHA_TAREFA[Qte Total])*(PLANILHA_TAREFA[Comp.]=A40)*PLANILHA_TAREFA[Quant.])+IF(ISERR(GETPIVOTDATA(\"Quant \",'Curva ABC - Insumos'!$A$3,\"Insumo\",A40)),0,GETPIVOTDATA(\"Quant \",'Curva ABC - Insumos'!$A$3,\"Insumo\",A40)))","v":0},0,0,0,0,0,0.1275,0,16.555499999999999,0,24.709714285714284,0,0,0,0,0,0,0,0,0,0,0,0,0,0,0,0,0,0,0,0,0,0,0,0,0,0,0,0,0,0,0,0,0,0,0,0,0,0,0,0,0,0,0,0,0,0,0,0,0,0,0,0,0,0,0,0,0,0,0,0,0,0,0,0,0,0,0,0,0,0,0,0,0,0,0,0,0,0,0,0,0,0,0,0,0,0,0,0,0,0,0,0,0,0,0,0,0,0,0,null,null,null,null,null,null,null,null,null,null,null,null,null,null,null,null,null,null,null,null,null,null,null,null,null,null,null,null,null,null,null,null,null,null,null,null,null,null,null,null,null,null,null,null,null,null,null,null,null,null,null,null,null,null,null,null,null,null,null,null,null,null,null,null,null,null,null,null,null,null,null,null,null,null,null,null,null,null,null,null,null,null,null,null,null,null,null,null,null,null,null,null,null,null,null,null,null,null,null,null,null,null,null,null,null,null,null,null,null,null,null,null,null,null,null,null,null,null,null,null,null,null,null,null,null,null,null,null,null,null,null,null,null,null,null,"000270","CONCRETO IN LOCO 15,0 MPA SLUMP CONVENCIONAL C/ LANCAMENTO","M3",0,0,0,0,0.1275,0,16.555499999999999,0,24.709714285714284]
["000270","CONCRETO IN LOCO 15,0 MPA SLUMP CONVENCIONAL C/ LANCAMENTO","M3","F20009","SERVENTE","H","M.O.",10,9.8279999999999994,98.28,0,{"$f":"(SUMPRODUCT((PLANILHA_TAREFA[Ativo]=TRUE)*(PLANILHA_TAREFA[Qte Total])*(PLANILHA_TAREFA[Comp.]=A41)*PLANILHA_TAREFA[Quant.])+IF(ISERR(GETPIVOTDATA(\"Quant \",'Curva ABC - Insumos'!$A$3,\"Insumo\",A41)),0,GETPIVOTDATA(\"Quant \",'Curva ABC - Insumos'!$A$3,\"Insumo\",A41)))","v":0},0,0,0,0,0,0.1275,0,16.555499999999999,0,24.709714285714284,0,0,0,0,0,0,0,0,0,0,0,0,0,0,0,0,0,0,0,0,0,0,0,0,0,0,0,0,0,0,0,0,0,0,0,0,0,0,0,0,0,0,0,0,0,0,0,0,0,0,0,0,0,0,0,0,0,0,0,0,0,0,0,0,0,0,0,0,0,0,0,0,0,0,0,0,0,0,0,0,0,0,0,0,0,0,0,0,0,0,0,0,0,0,0,0,0,0,0,null,null,null,null,null,null,null,null,null,null,null,null,null,null,null,null,null,null,null,null,null,null,null,null,null,null,null,null,null,null,null,null,null,null,null,null,null,null,null,null,null,null,null,null,null,null,null,null,null,null,null,null,null,null,null,null,null,null,null,null,null,null,null,null,null,null,null,null,null,null,null,null,null,null,null,null,null,null,null,null,null,null,null,null,null,null,null,null,null,null,null,null,null,null,null,null,null,null,null,null,null,null,null,null,null,null,null,null,null,null,null,null,null,null,null,null,null,null,null,null,null,null,null,null,null,null,null,null,null,null,null,null,null,null,null,"000270","CONCRETO IN LOCO 15,0 MPA SLUMP CONVENCIONAL C/ LANCAMENTO","M3",0,0,0,0,0.1275,0,16.555499999999999,0,24.709714285714284]
["000270","CONCRETO IN LOCO 15,0 MPA SLUMP CONVENCIONAL C/ LANCAMENTO","M3","M10013","AREIA MEDIA","M3","Mat.",0.92320000000000002,40,36.927999999999997,0,{"$f":"(SUMPRODUCT((PLANILHA_TAREFA[Ativo]=TRUE)*(PLANILHA_TAREFA[Qte Total])*(PLANILHA_TAREFA[Comp.]=A42)*PLANILHA_TAREFA[Quant.])+IF(ISERR(GETPIVOTDATA(\"Quant \",'Curva ABC - Insumos'!$A$3,\"Insumo\",A42)),0,GETPIVOTDATA(\"Quant \",'Curva ABC - Insumos'!$A$3,\"Insumo\",A42)))","v":0},0,0,0,0,0,0.1275,0,16.555499999999999,0,24.709714285714284,0,0,0,0,0,0,0,0,0,0,0,0,0,0,0,0,0,0,0,0,0,0,0,0,0,0,0,0,0,0,0,0,0,0,0,0,0,0,0,0,0,0,0,0,0,0,0,0,0,0,0,0,0,0,0,0,0,0,0,0,0,0,0,0,0,0,0,0,0,0,0,0,0,0,0,0,0,0,0,0,0,0,0,0,0,0,0,0,0,0,0,0,0,0,0,0,0,0,0,null,null,null,null,null,null,null,null,null,null,null,null,null,null,null,null,null,null,null,null,null,null,null,null,null,null,null,null,null,null,null,null,null,null,null,null,null,null,null,null,null,null,null,null,null,null,null,null,null,null,null,null,null,null,null,null,null,null,null,null,null,null,null,null,null,null,null,null,null,null,null,null,null,null,null,null,null,null,null,null,null,null,null,null,null,null,null,null,null,null,null,null,null,null,null,null,null,null,null,null,null,null,null,null,null,null,null,null,null,null,null,null,null,null,null,null,null,null,null,null,null,null,null,null,null,null,null,null,null,null,null,null,null,null,null,"000270","CONCRETO IN LOCO 15,0 MPA SLUMP CONVENCIONAL C/ LANCAMENTO","M3",0,0,0,0,0.1275,0,16.555499999999999,0,24.709714285714284]
["000270","CONCRETO IN LOCO 15,0 MPA SLUMP CONVENCIONAL C/ LANCAMENTO","M3","M10015","PEDRA - BRITA Nº1","M3","Mat.",0.20899999999999999,35,7.3149999999999995,0,{"$f":"(SUMPRODUCT((PLANILHA_TAREFA[Ativo]=TRUE)*(PLANILHA_TAREFA[Qte Total])*(PLANILHA_TAREFA[Comp.]=A43)*PLANILHA_TAREFA[Quant.])+IF(ISERR(GETPIVOTDATA(\"Quant \",'Curva ABC - Insumos'!$A$3,\"Insumo\",A43)),0,GETPIVOTDATA(\"Quant \",'Curva ABC - Insumos'!$A$3,\"Insumo\",A43)))","v":0},0,0,0,0,0,0.1275,0,16.555499999999999,0,24.709714285714284,0,0,0,0,0,0,0,0,0,0,0,0,0,0,0,0,0,0,0,0,0,0,0,0,0,0,0,0,0,0,0,0,0,0,0,0,0,0,0,0,0,0,0,0,0,0,0,0,0,0,0,0,0,0,0,0,0,0,0,0,0,0,0,0,0,0,0,0,0,0,0,0,0,0,0,0,0,0,0,0,0,0,0,0,0,0,0,0,0,0,0,0,0,0,0,0,0,0,0,null,null,null,null,null,null,null,null,null,null,null,null,null,null,null,null,null,null,null,null,null,null,null,null,null,null,null,null,null,null,null,null,null,null,null,null,null,null,null,null,null,null,null,null,null,null,null,null,null,null,null,null,null,null,null,null,null,null,null,null,null,null,null,null,null,null,null,null,null,null,null,null,null,null,null,null,null,null,null,null,null,null,null,null,null,null,null,null,null,null,null,null,null,null,null,null,null,null,null,null,null,null,null,null,null,null,null,null,null,null,null,null,null,null,null,null,null,null,null,null,null,null,null,null,null,null,null,null,null,null,null,null,null,null,null,"000270","CONCRETO IN LOCO 15,0 MPA SLUMP CONVENCIONAL C/ LANCAMENTO","M3",0,0,0,0,0.1275,0,16.555499999999999,0,24.709714285714284]
["000270","CONCRETO IN LOCO 15,0 MPA SLUMP CONVENCIONAL C/ LANCAMENTO","M3","M10016","PEDRA - BRITA Nº2","M3","Mat.",0.627,35,21.945,0,{"$f":"(SUMPRODUCT((PLANILHA_TAREFA[Ativo]=TRUE)*(PLANILHA_TAREFA[Qte Total])*(PLANILHA_TAREFA[Comp.]=A44)*PLANILHA_TAREFA[Quant.])+IF(ISERR(GETPIVOTDATA(\"Quant \",'Curva ABC - Insumos'!$A$3,\"Insumo\",A44)),0,GETPIVOTDATA(\"Quant \",'Curva ABC - Insumos'!$A$3,\"Insumo\",A44)))","v":0},0,0,0,0,0,0.1275,0,16.555499999999999,0,24.709714285714284,0,0,0,0,0,0,0,0,0,0,0,0,0,0,0,0,0,0,0,0,0,0,0,0,0,0,0,0,0,0,0,0,0,0,0,0,0,0,0,0,0,0,0,0,0,0,0,0,0,0,0,0,0,0,0,0,0,0,0,0,0,0,0,0,0,0,0,0,0,0,0,0,0,0,0,0,0,0,0,0,0,0,0,0,0,0,0,0,0,0,0,0,0,0,0,0,0,0,0,null,null,null,null,null,null,null,null,null,null,null,null,null,null,null,null,null,null,null,null,null,null,null,null,null,null,null,null,null,null,null,null,null,null,null,null,null,null,null,null,null,null,null,null,null,null,null,null,null,null,null,null,null,null,null,null,null,null,null,null,null,null,null,null,null,null,null,null,null,null,null,null,null,null,null,null,null,null,null,null,null,null,null,null,null,null,null,null,null,null,null,null,null,null,null,null,null,null,null,null,null,null,null,null,null,null,null,null,null,null,null,null,null,null,null,null,null,null,null,null,null,null,null,null,null,null,null,null,null,null,null,null,null,null,null,"000270","CONCRETO IN LOCO 15,0 MPA SLUMP CONVENCIONAL C/ LANCAMENTO","M3",0,0,0,0,0.1275,0,16.555499999999999,0,24.709714285714284]
["000270","CONCRETO IN LOCO 15,0 MPA SLUMP CONVENCIONAL C/ LANCAMENTO","M3","M10020","CIMENTO","KG","Mat.",281,0.38,106.78,0,{"$f":"(SUMPRODUCT((PLANILHA_TAREFA[Ativo]=TRUE)*(PLANILHA_TAREFA[Qte Total])*(PLANILHA_TAREFA[Comp.]=A45)*PLANILHA_TAREFA[Quant.])+IF(ISERR(GETPIVOTDATA(\"Quant \",'Curva ABC - Insumos'!$A$3,\"Insumo\",A45)),0,GETPIVOTDATA(\"Quant \",'Curva ABC - Insumos'!$A$3,\"Insumo\",A45)))","v":0},0,0,0,0,0,0.1275,0,16.555499999999999,0,24.709714285714284,0,0,0,0,0,0,0,0,0,0,0,0,0,0,0,0,0,0,0,0,0,0,0,0,0,0,0,0,0,0,0,0,0,0,0,0,0,0,0,0,0,0,0,0,0,0,0,0,0,0,0,0,0,0,0,0,0,0,0,0,0,0,0,0,0,0,0,0,0,0,0,0,0,0,0,0,0,0,0,0,0,0,0,0,0,0,0,0,0,0,0,0,0,0,0,0,0,0,0,null,null,null,null,null,null,null,null,null,null,null,null,null,null,null,null,null,null,null,null,null,null,null,null,null,null,null,null,null,null,null,null,null,null,null,null,null,null,null,null,null,null,null,null,null,null,null,null,null,null,null,null,null,null,null,null,null,null,null,null,null,null,null,null,null,null,null,null,null,null,null,null,null,null,null,null,null,null,null,null,null,null,null,null,null,null,null,null,null,null,null,null,null,null,null,null,null,null,null,null,null,null,null,null,null,null,null,null,null,null,null,null,null,null,null,null,null,null,null,null,null,null,null,null,null,null,null,null,null,null,null,null,null,null,null,"000270","CONCRETO IN LOCO 15,0 MPA SLUMP CONVENCIONAL C/ LANCAMENTO","M3",0,0,0,0,0.1275,0,16.555499999999999,0,24.709714285714284]
["000310","CONCRETO USINADO 15,0 MPA SLUMP CONVENCIONAL C/ LANCAMENTO","M3","V30650","TAXA DE BOMBA ","VB","Diver",1,30,30,0,{"$f":"(SUMPRODUCT((PLANILHA_TAREFA[Ativo]=TRUE)*(PLANILHA_TAREFA[Qte Total])*(PLANILHA_TAREFA[Comp.]=A46)*PLANILHA_TAREFA[Quant.])+IF(ISERR(GETPIVOTDATA(\"Quant \",'Curva ABC - Insumos'!$A$3,\"Insumo\",A46)),0,GETPIVOTDATA(\"Quant \",'Curva ABC - Insumos'!$A$3,\"Insumo\",A46)))","v":0},0,0,7.5,0,0,0,0,16.687125000000002,0,58.776949999999999,0,0,0,0,0,0,0,0,0,0,0,0,0,0,0,0,0,0,0,0,0,0,0,0,0,0,0,0,0,0,0,0,0,0,0,0,0,0,0,0,0,0,0,0,0,0,0,0,0,0,0,0,0,0,0,0,0,0,0,0,0,0,0,0,0,0,0,0,0,0,0,0,0,0,0,0,0,0,0,0,0,0,0,0,0,0,0,0,0,0,0,0,0,0,0,0,0,0,0,null,null,null,null,null,null,null,null,null,null,null,null,null,null,null,null,null,null,null,null,null,null,null,null,null,null,null,null,null,null,null,null,null,null,null,null,null,null,null,null,null,null,null,null,null,null,null,null,null,null,null,null,null,null,null,null,null,null,null,null,null,null,null,null,null,null,null,null,null,null,null,null,null,null,null,null,null,null,null,null,null,null,null,null,null,null,null,null,null,null,null,null,null,null,null,null,null,null,null,null,null,null,null,null,null,null,null,null,null,null,null,null,null,null,null,null,null,null,null,null,null,null,null,null,null,null,null,null,null,null,null,null,null,null,null,"000310","CONCRETO USINADO 15,0 MPA SLUMP CONVENCIONAL C/ LANCAMENTO","M3",0,7.5,0,0,0,0,16.687125000000002,0,58.776949999999999]
["000310","CONCRETO USINADO 15,0 MPA SLUMP CONVENCIONAL C/ LANCAMENTO","M3","M10143","CONCRETO USINADO 15,0 MPA - SLUMP CONVENCIONAL","M3","Mat.",1.03,228.26,235.1078,0,{"$f":"(SUMPRODUCT((PLANILHA_TAREFA[Ativo]=TRUE)*(PLANILHA_TAREFA[Qte Total])*(PLANILHA_TAREFA[Comp.]=A47)*PLANILHA_TAREFA[Quant.])+IF(ISERR(GETPIVOTDATA(\"Quant \",'Curva ABC - Insumos'!$A$3,\"Insumo\",A47)),0,GETPIVOTDATA(\"Quant \",'Curva ABC - Insumos'!$A$3,\"Insumo\",A47)))","v":0},0,0,7.5,0,0,0,0,16.687125000000002,0,58.776949999999999,0,0,0,0,0,0,0,0,0,0,0,0,0,0,0,0,0,0,0,0,0,0,0,0,0,0,0,0,0,0,0,0,0,0,0,0,0,0,0,0,0,0,0,0,0,0,0,0,0,0,0,0,0,0,0,0,0,0,0,0,0,0,0,0,0,0,0,0,0,0,0,0,0,0,0,0,0,0,0,0,0,0,0,0,0,0,0,0,0,0,0,0,0,0,0,0,0,0,0,null,null,null,null,null,null,null,null,null,null,null,null,null,null,null,null,null,null,null,null,null,null,null,null,null,null,null,null,null,null,null,null,null,null,null,null,null,null,null,null,null,null,null,null,null,null,null,null,null,null,null,null,null,null,null,null,null,null,null,null,null,null,null,null,null,null,null,null,null,null,null,null,null,null,null,null,null,null,null,null,null,null,null,null,null,null,null,null,null,null,null,null,null,null,null,null,null,null,null,null,null,null,null,null,null,null,null,null,null,null,null,null,null,null,null,null,null,null,null,null,null,null,null,null,null,null,null,null,null,null,null,null,null,null,null,"000310","CONCRETO USINADO 15,0 MPA SLUMP CONVENCIONAL C/ LANCAMENTO","M3",0,7.5,0,0,0,0,16.687125000000002,0,58.776949999999999]
["000310","CONCRETO USINADO 15,0 MPA SLUMP CONVENCIONAL C/ LANCAMENTO","M3","F20009","SERVENTE","H","M.O.",5,9.8279999999999994,49.14,0,{"$f":"(SUMPRODUCT((PLANILHA_TAREFA[Ativo]=TRUE)*(PLANILHA_TAREFA[Qte Total])*(PLANILHA_TAREFA[Comp.]=A48)*PLANILHA_TAREFA[Quant.])+IF(ISERR(GETPIVOTDATA(\"Quant \",'Curva ABC - Insumos'!$A$3,\"Insumo\",A48)),0,GETPIVOTDATA(\"Quant \",'Curva ABC - Insumos'!$A$3,\"Insumo\",A48)))","v":0},0,0,7.5,0,0,0,0,16.687125000000002,0,58.776949999999999,0,0,0,0,0,0,0,0,0,0,0,0,0,0,0,0,0,0,0,0,0,0,0,0,0,0,0,0,0,0,0,0,0,0,0,0,0,0,0,0,0,0,0,0,0,0,0,0,0,0,0,0,0,0,0,0,0,0,0,0,0,0,0,0,0,0,0,0,0,0,0,0,0,0,0,0,0,0,0,0,0,0,0,0,0,0,0,0,0,0,0,0,0,0,0,0,0,0,0,null,null,null,null,null,null,null,null,null,null,null,null,null,null,null,null,null,null,null,null,null,null,null,null,null,null,null,null,null,null,null,null,null,null,null,null,null,null,null,null,null,null,null,null,null,null,null,null,null,null,null,null,null,null,null,null,null,null,null,null,null,null,null,null,null,null,null,null,null,null,null,null,null,null,null,null,null,null,null,null,null,null,null,null,null,null,null,null,null,null,null,null,null,null,null,null,null,null,null,null,null,null,null,null,null,null,null,null,null,null,null,null,null,null,null,null,null,null,null,null,null,null,null,null,null,null,null,null,null,null,null,null,null,null,null,"000310","CONCRETO USINADO 15,0 MPA SLUMP CONVENCIONAL C/ LANCAMENTO","M3",0,7.5,0,0,0,0,16.687125000000002,0,58.776949999999999]
["000310","CONCRETO USINADO 15,0 MPA SLUMP CONVENCIONAL C/ LANCAMENTO","M3","F20007","PEDREIRO","H","M.O.",1.5,11.739000000000001,17.608499999999999,0,{"$f":"(SUMPRODUCT((PLANILHA_TAREFA[Ativo]=TRUE)*(PLANILHA_TAREFA[Qte Total])*(PLANILHA_TAREFA[Comp.]=A49)*PLANILHA_TAREFA[Quant.])+IF(ISERR(GETPIVOTDATA(\"Quant \",'Curva ABC - Insumos'!$A$3,\"Insumo\",A49)),0,GETPIVOTDATA(\"Quant \",'Curva ABC - Insumos'!$A$3,\"Insumo\",A49)))","v":0},0,0,7.5,0,0,0,0,16.687125000000002,0,58.776949999999999,0,0,0,0,0,0,0,0,0,0,0,0,0,0,0,0,0,0,0,0,0,0,0,0,0,0,0,0,0,0,0,0,0,0,0,0,0,0,0,0,0,0,0,0,0,0,0,0,0,0,0,0,0,0,0,0,0,0,0,0,0,0,0,0,0,0,0,0,0,0,0,0,0,0,0,0,0,0,0,0,0,0,0,0,0,0,0,0,0,0,0,0,0,0,0,0,0,0,0,null,null,null,null,null,null,null,null,null,null,null,null,null,null,null,null,null,null,null,null,null,null,null,null,null,null,null,null,null,null,null,null,null,null,null,null,null,null,null,null,null,null,null,null,null,null,null,null,null,null,null,null,null,null,null,null,null,null,null,null,null,null,null,null,null,null,null,null,null,null,null,null,null,null,null,null,null,null,null,null,null,null,null,null,null,null,null,null,null,null,null,null,null,null,null,null,null,null,null,null,null,null,null,null,null,null,null,null,null,null,null,null,null,null,null,null,null,null,null,null,null,null,null,null,null,null,null,null,null,null,null,null,null,null,null,"000310","CONCRETO USINADO 15,0 MPA SLUMP CONVENCIONAL C/ LANCAMENTO","M3",0,7.5,0,0,0,0,16.687125000000002,0,58.776949999999999]
["000330","MICRO CONCRETO GRAUTE 12,0 MPA C/ LANCAMENTO","M3","F20007","PEDREIRO","H","M.O.",2,11.739000000000001,23.478000000000002,0,{"$f":"(SUMPRODUCT((PLANILHA_TAREFA[Ativo]=TRUE)*(PLANILHA_TAREFA[Qte Total])*(PLANILHA_TAREFA[Comp.]=A50)*PLANILHA_TAREFA[Quant.])+IF(ISERR(GETPIVOTDATA(\"Quant \",'Curva ABC - Insumos'!$A$3,\"Insumo\",A50)),0,GETPIVOTDATA(\"Quant \",'Curva ABC - Insumos'!$A$3,\"Insumo\",A50)))","v":0},0,0,0,0,0,0,0,30.120999999999999,0,29.048999999999996,0,0,0,0,0,0,0,0,0,0,0,0,0,0,0,0,0,0,0,0,0,0,0,0,0,0,0,0,0,0,0,0,0,0,0,0,0,0,0,0,0,0,0,0,0,0,0,0,0,0,0,0,0,0,0,0,0,0,0,0,0,0,0,0,0,0,0,0,0,0,0,0,0,0,0,0,0,0,0,0,0,0,0,0,0,0,0,0,0,0,0,0,0,0,0,0,0,0,0,null,null,null,null,null,null,null,null,null,null,null,null,null,null,null,null,null,null,null,null,null,null,null,null,null,null,null,null,null,null,null,null,null,null,null,null,null,null,null,null,null,null,null,null,null,null,null,null,null,null,null,null,null,null,null,null,null,null,null,null,null,null,null,null,null,null,null,null,null,null,null,null,null,null,null,null,null,null,null,null,null,null,null,null,null,null,null,null,null,null,null,null,null,null,null,null,null,null,null,null,null,null,null,null,null,null,null,null,null,null,null,null,null,null,null,null,null,null,null,null,null,null,null,null,null,null,null,null,null,null,null,null,null,null,null,"000330","MICRO CONCRETO GRAUTE 12,0 MPA C/ LANCAMENTO","M3",0,0,0,0,0,0,30.120999999999999,0,29.048999999999996]
["000330","MICRO CONCRETO GRAUTE 12,0 MPA C/ LANCAMENTO","M3","F20009","SERVENTE","H","M.O.",16,9.8279999999999994,157.24799999999999,0,{"$f":"(SUMPRODUCT((PLANILHA_TAREFA[Ativo]=TRUE)*(PLANILHA_TAREFA[Qte Total])*(PLANILHA_TAREFA[Comp.]=A51)*PLANILHA_TAREFA[Quant.])+IF(ISERR(GETPIVOTDATA(\"Quant \",'Curva ABC - Insumos'!$A$3,\"Insumo\",A51)),0,GETPIVOTDATA(\"Quant \",'Curva ABC - Insumos'!$A$3,\"Insumo\",A51)))","v":0},0,0,0,0,0,0,0,30.120999999999999,0,29.048999999999996,0,0,0,0,0,0,0,0,0,0,0,0,0,0,0,0,0,0,0,0,0,0,0,0,0,0,0,0,0,0,0,0,0,0,0,0,0,0,0,0,0,0,0,0,0,0,0,0,0,0,0,0,0,0,0,0,0,0,0,0,0,0,0,0,0,0,0,0,0,0,0,0,0,0,0,0,0,0,0,0,0,0,0,0,0,0,0,0,0,0,0,0,0,0,0,0,0,0,0,null,null,null,null,null,null,null,null,null,null,null,null,null,null,null,null,null,null,null,null,null,null,null,null,null,null,null,null,null,null,null,null,null,null,null,null,null,null,null,null,null,null,null,null,null,null,null,null,null,null,null,null,null,null,null,null,null,null,null,null,null,null,null,null,null,null,null,null,null,null,null,null,null,null,null,null,null,null,null,null,null,null,null,null,null,null,null,null,null,null,null,null,null,null,null,null,null,null,null,null,null,null,null,null,null,null,null,null,null,null,null,null,null,null,null,null,null,null,null,null,null,null,null,null,null,null,null,null,null,null,null,null,null,null,null,"000330","MICRO CONCRETO GRAUTE 12,0 MPA C/ LANCAMENTO","M3",0,0,0,0,0,0,30.120999999999999,0,29.048999999999996]
["000330","MICRO CONCRETO GRAUTE 12,0 MPA C/ LANCAMENTO","M3","M10013","AREIA MEDIA","M3","Mat.",0.58240000000000003,40,23.295999999999999,0,{"$f":"(SUMPRODUCT((PLANILHA_TAREFA[Ativo]=TRUE)*(PLANILHA_TAREFA[Qte Total])*(PLANILHA_TAREFA[Comp.]=A52)*PLANILHA_TAREFA[Quant.])+IF(ISERR(GETPIVOTDATA(\"Quant \",'Curva ABC - Insumos'!$A$3,\"Insumo\",A52)),0,GETPIVOTDATA(\"Quant \",'Curva ABC - Insumos'!$A$3,\"Insumo\",A52)))","v":0},0,0,0,0,0,0,0,30.120999999999999,0,29.048999999999996,0,0,0,0,0,0,0,0,0,0,0,0,0,0,0,0,0,0,0,0,0,0,0,0,0,0,0,0,0,0,0,0,0,0,0,0,0,0,0,0,0,0,0,0,0,0,0,0,0,0,0,0,0,0,0,0,0,0,0,0,0,0,0,0,0,0,0,0,0,0,0,0,0,0,0,0,0,0,0,0,0,0,0,0,0,0,0,0,0,0,0,0,0,0,0,0,0,0,0,null,null,null,null,null,null,null,null,null,null,null,null,null,null,null,null,null,null,null,null,null,null,null,null,null,null,null,null,null,null,null,null,null,null,null,null,null,null,null,null,null,null,null,null,null,null,null,null,null,null,null,null,null,null,null,null,null,null,null,null,null,null,null,null,null,null,null,null,null,null,null,null,null,null,null,null,null,null,null,null,null,null,null,null,null,null,null,null,null,null,null,null,null,null,null,null,null,null,null,null,null,null,null,null,null,null,null,null,null,null,null,null,null,null,null,null,null,null,null,null,null,null,null,null,null,null,null,null,null,null,null,null,null,null,null,"000330","MICRO CONCRETO GRAUTE 12,0 MPA C/ LANCAMENTO","M3",0,0,0,0,0,0,30.120999999999999,0,29.048999999999996]
["000330","MICRO CONCRETO GRAUTE 12,0 MPA C/ LANCAMENTO","M3","M10017","PEDRA - PEDRISCO","M3","Mat.",0.59450000000000003,40,23.78,0,{"$f":"(SUMPRODUCT((PLANILHA_TAREFA[Ativo]=TRUE)*(PLANILHA_TAREFA[Qte Total])*(PLANILHA_TAREFA[Comp.]=A53)*PLANILHA_TAREFA[Quant.])+IF(ISERR(GETPIVOTDATA(\"Quant \",'Curva ABC - Insumos'!$A$3,\"Insumo\",A53)),0,GETPIVOTDATA(\"Quant \",'Curva ABC - Insumos'!$A$3,\"Insumo\",A53)))","v":0},0,0,0,0,0,0,0,30.120999999999999,0,29.048999999999996,0,0,0,0,0,0,0,0,0,0,0,0,0,0,0,0,0,0,0,0,0,0,0,0,0,0,0,0,0,0,0,0,0,0,0,0,0,0,0,0,0,0,0,0,0,0,0,0,0,0,0,0,0,0,0,0,0,0,0,0,0,0,0,0,0,0,0,0,0,0,0,0,0,0,0,0,0,0,0,0,0,0,0,0,0,0,0,0,0,0,0,0,0,0,0,0,0,0,0,null,null,null,null,null,null,null,null,null,null,null,null,null,null,null,null,null,null,null,null,null,null,null,null,null,null,null,null,null,null,null,null,null,null,null,null,null,null,null,null,null,null,null,null,null,null,null,null,null,null,null,null,null,null,null,null,null,null,null,null,null,null,null,null,null,null,null,null,null,null,null,null,null,null,null,null,null,null,null,null,null,null,null,null,null,null,null,null,null,null,null,null,null,null,null,null,null,null,null,null,null,null,null,null,null,null,null,null,null,null,null,null,null,null,null,null,null,null,null,null,null,null,null,null,null,null,null,null,null,null,null,null,null,null,null,"000330","MICRO CONCRETO GRAUTE 12,0 MPA C/ LANCAMENTO","M3",0,0,0,0,0,0,30.120999999999999,0,29.048999999999996]
["000330","MICRO CONCRETO GRAUTE 12,0 MPA C/ LANCAMENTO","M3","M10018","CAL HIDRATADA","KG","Mat.",12.8,0.43,5.5040000000000004,0,{"$f":"(SUMPRODUCT((PLANILHA_TAREFA[Ativo]=TRUE)*(PLANILHA_TAREFA[Qte Total])*(PLANILHA_TAREFA[Comp.]=A54)*PLANILHA_TAREFA[Quant.])+IF(ISERR(GETPIVOTDATA(\"Quant \",'Curva ABC - Insumos'!$A$3,\"Insumo\",A54)),0,GETPIVOTDATA(\"Quant \",'Curva ABC - Insumos'!$A$3,\"Insumo\",A54)))","v":0},0,0,0,0,0,0,0,30.120999999999999,0,29.048999999999996,0,0,0,0,0,0,0,0,0,0,0,0,0,0,0,0,0,0,0,0,0,0,0,0,0,0,0,0,0,0,0,0,0,0,0,0,0,0,0,0,0,0,0,0,0,0,0,0,0,0,0,0,0,0,0,0,0,0,0,0,0,0,0,0,0,0,0,0,0,0,0,0,0,0,0,0,0,0,0,0,0,0,0,0,0,0,0,0,0,0,0,0,0,0,0,0,0,0,0,null,null,null,null,null,null,null,null,null,null,null,null,null,null,null,null,null,null,null,null,null,null,null,null,null,null,null,null,null,null,null,null,null,null,null,null,null,null,null,null,null,null,null,null,null,null,null,null,null,null,null,null,null,null,null,null,null,null,null,null,null,null,null,null,null,null,null,null,null,null,null,null,null,null,null,null,null,null,null,null,null,null,null,null,null,null,null,null,null,null,null,null,null,null,null,null,null,null,null,null,null,null,null,null,null,null,null,null,null,null,null,null,null,null,null,null,null,null,null,null,null,null,null,null,null,null,null,null,null,null,null,null,null,null,null,"000330","MICRO CONCRETO GRAUTE 12,0 MPA C/ LANCAMENTO","M3",0,0,0,0,0,0,30.120999999999999,0,29.048999999999996]
["000330","MICRO CONCRETO GRAUTE 12,0 MPA C/ LANCAMENTO","M3","M10020","CIMENTO","KG","Mat.",320.3,0.38,121.714,0,{"$f":"(SUMPRODUCT((PLANILHA_TAREFA[Ativo]=TRUE)*(PLANILHA_TAREFA[Qte Total])*(PLANILHA_TAREFA[Comp.]=A55)*PLANILHA_TAREFA[Quant.])+IF(ISERR(GETPIVOTDATA(\"Quant \",'Curva ABC - Insumos'!$A$3,\"Insumo\",A55)),0,GETPIVOTDATA(\"Quant \",'Curva ABC - Insumos'!$A$3,\"Insumo\",A55)))","v":0},0,0,0,0,0,0,0,30.120999999999999,0,29.048999999999996,0,0,0,0,0,0,0,0,0,0,0,0,0,0,0,0,0,0,0,0,0,0,0,0,0,0,0,0,0,0,0,0,0,0,0,0,0,0,0,0,0,0,0,0,0,0,0,0,0,0,0,0,0,0,0,0,0,0,0,0,0,0,0,0,0,0,0,0,0,0,0,0,0,0,0,0,0,0,0,0,0,0,0,0,0,0,0,0,0,0,0,0,0,0,0,0,0,0,0,null,null,null,null,null,null,null,null,null,null,null,null,null,null,null,null,null,null,null,null,null,null,null,null,null,null,null,null,null,null,null,null,null,null,null,null,null,null,null,null,null,null,null,null,null,null,null,null,null,null,null,null,null,null,null,null,null,null,null,null,null,null,null,null,null,null,null,null,null,null,null,null,null,null,null,null,null,null,null,null,null,null,null,null,null,null,null,null,null,null,null,null,null,null,null,null,null,null,null,null,null,null,null,null,null,null,null,null,null,null,null,null,null,null,null,null,null,null,null,null,null,null,null,null,null,null,null,null,null,null,null,null,null,null,null,"000330","MICRO CONCRETO GRAUTE 12,0 MPA C/ LANCAMENTO","M3",0,0,0,0,0,0,30.120999999999999,0,29.048999999999996]
["000510","CHAPISCO - TRACO 1:3 - VERTICAL","M2","F20007","PEDREIRO","H","M.O.",0.05,11.739000000000001,0.58695000000000008,0,{"$f":"(SUMPRODUCT((PLANILHA_TAREFA[Ativo]=TRUE)*(PLANILHA_TAREFA[Qte Total])*(PLANILHA_TAREFA[Comp.]=A56)*PLANILHA_TAREFA[Quant.])+IF(ISERR(GETPIVOTDATA(\"Quant \",'Curva ABC - Insumos'!$A$3,\"Insumo\",A56)),0,GETPIVOTDATA(\"Quant \",'Curva ABC - Insumos'!$A$3,\"Insumo\",A56)))","v":0},0,0,0,0,0,0,0,0.26958750000000004,0,0.29185000000000005,0,0,0,0,0,0,0,0,0,0,0,0,0,0,0,0,0,0,0,0,0,0,0,0,0,0,0,0,0,0,0,0,0,0,0,0,0,0,0,0,0,0,0,0,0,0,0,0,0,0,0,0,0,0,0,0,0,0,0,0,0,0,0,0,0,0,0,0,0,0,0,0,0,0,0,0,0,0,0,0,0,0,0,0,0,0,0,0,0,0,0,0,0,0,0,0,0,0,0,null,null,null,null,null,null,null,null,null,null,null,null,null,null,null,null,null,null,null,null,null,null,null,null,null,null,null,null,null,null,null,null,null,null,null,null,null,null,null,null,null,null,null,null,null,null,null,null,null,null,null,null,null,null,null,null,null,null,null,null,null,null,null,null,null,null,null,null,null,null,null,null,null,null,null,null,null,null,null,null,null,null,null,null,null,null,null,null,null,null,null,null,null,null,null,null,null,null,null,null,null,null,null,null,null,null,null,null,null,null,null,null,null,null,null,null,null,null,null,null,null,null,null,null,null,null,null,null,null,null,null,null,null,null,null,"000510","CHAPISCO - TRACO 1:3 - VERTICAL","M2",0,0,0,0,0,0,0.26958750000000004,0,0.29185000000000005]
["000510","CHAPISCO - TRACO 1:3 - VERTICAL","M2","M10020","CIMENTO","KG","Mat.",2.4300000000000002,0.38,0.92340000000000011,0,{"$f":"(SUMPRODUCT((PLANILHA_TAREFA[Ativo]=TRUE)*(PLANILHA_TAREFA[Qte Total])*(PLANILHA_TAREFA[Comp.]=A57)*PLANILHA_TAREFA[Quant.])+IF(ISERR(GETPIVOTDATA(\"Quant \",'Curva ABC - Insumos'!$A$3,\"Insumo\",A57)),0,GETPIVOTDATA(\"Quant \",'Curva ABC - Insumos'!$A$3,\"Insumo\",A57)))","v":0},0,0,0,0,0,0,0,0.26958750000000004,0,0.29185000000000005,0,0,0,0,0,0,0,0,0,0,0,0,0,0,0,0,0,0,0,0,0,0,0,0,0,0,0,0,0,0,0,0,0,0,0,0,0,0,0,0,0,0,0,0,0,0,0,0,0,0,0,0,0,0,0,0,0,0,0,0,0,0,0,0,0,0,0,0,0,0,0,0,0,0,0,0,0,0,0,0,0,0,0,0,0,0,0,0,0,0,0,0,0,0,0,0,0,0,0,null,null,null,null,null,null,null,null,null,null,null,null,null,null,null,null,null,null,null,null,null,null,null,null,null,null,null,null,null,null,null,null,null,null,null,null,null,null,null,null,null,null,null,null,null,null,null,null,null,null,null,null,null,null,null,null,null,null,null,null,null,null,null,null,null,null,null,null,null,null,null,null,null,null,null,null,null,null,null,null,null,null,null,null,null,null,null,null,null,null,null,null,null,null,null,null,null,null,null,null,null,null,null,null,null,null,null,null,null,null,null,null,null,null,null,null,null,null,null,null,null,null,null,null,null,null,null,null,null,null,null,null,null,null,null,"000510","CHAPISCO - TRACO 1:3 - VERTICAL","M2",0,0,0,0,0,0,0.26958750000000004,0,0.29185000000000005]
["000510","CHAPISCO - TRACO 1:3 - VERTICAL","M2","F20009","SERVENTE","H","M.O.",0.05,9.8279999999999994,0.4914,0,{"$f":"(SUMPRODUCT((PLANILHA_TAREFA[Ativo]=TRUE)*(PLANILHA_TAREFA[Qte Total])*(PLANILHA_TAREFA[Comp.]=A58)*PLANILHA_TAREFA[Quant.])+IF(ISERR(GETPIVOTDATA(\"Quant \",'Curva ABC - Insumos'!$A$3,\"Insumo\",A58)),0,GETPIVOTDATA(\"Quant \",'Curva ABC - Insumos'!$A$3,\"Insumo\",A58)))","v":0},0,0,0,0,0,0,0,0.26958750000000004,0,0.29185000000000005,0,0,0,0,0,0,0,0,0,0,0,0,0,0,0,0,0,0,0,0,0,0,0,0,0,0,0,0,0,0,0,0,0,0,0,0,0,0,0,0,0,0,0,0,0,0,0,0,0,0,0,0,0,0,0,0,0,0,0,0,0,0,0,0,0,0,0,0,0,0,0,0,0,0,0,0,0,0,0,0,0,0,0,0,0,0,0,0,0,0,0,0,0,0,0,0,0,0,0,null,null,null,null,null,null,null,null,null,null,null,null,null,null,null,null,null,null,null,null,null,null,null,null,null,null,null,null,null,null,null,null,null,null,null,null,null,null,null,null,null,null,null,null,null,null,null,null,null,null,null,null,null,null,null,null,null,null,null,null,null,null,null,null,null,null,null,null,null,null,null,null,null,null,null,null,null,null,null,null,null,null,null,null,null,null,null,null,null,null,null,null,null,null,null,null,null,null,null,null,null,null,null,null,null,null,null,null,null,null,null,null,null,null,null,null,null,null,null,null,null,null,null,null,null,null,null,null,null,null,null,null,null,null,null,"000510","CHAPISCO - TRACO 1:3 - VERTICAL","M2",0,0,0,0,0,0,0.26958750000000004,0,0.29185000000000005]
["000510","CHAPISCO - TRACO 1:3 - VERTICAL","M2","M10013","AREIA MEDIA","M3","Mat.",6.1000000000000004E-3,40,0.24400000000000002,0,{"$f":"(SUMPRODUCT((PLANILHA_TAREFA[Ativo]=TRUE)*(PLANILHA_TAREFA[Qte Total])*(PLANILHA_TAREFA[Comp.]=A59)*PLANILHA_TAREFA[Quant.])+IF(ISERR(GETPIVOTDATA(\"Quant \",'Curva ABC - Insumos'!$A$3,\"Insumo\",A59)),0,GETPIVOTDATA(\"Quant \",'Curva ABC - Insumos'!$A$3,\"Insumo\",A59)))","v":0},0,0,0,0,0,0,0,0.26958750000000004,0,0.29185000000000005,0,0,0,0,0,0,0,0,0,0,0,0,0,0,0,0,0,0,0,0,0,0,0,0,0,0,0,0,0,0,0,0,0,0,0,0,0,0,0,0,0,0,0,0,0,0,0,0,0,0,0,0,0,0,0,0,0,0,0,0,0,0,0,0,0,0,0,0,0,0,0,0,0,0,0,0,0,0,0,0,0,0,0,0,0,0,0,0,0,0,0,0,0,0,0,0,0,0,0,null,null,null,null,null,null,null,null,null,null,null,null,null,null,null,null,null,null,null,null,null,null,null,null,null,null,null,null,null,null,null,null,null,null,null,null,null,null,null,null,null,null,null,null,null,null,null,null,null,null,null,null,null,null,null,null,null,null,null,null,null,null,null,null,null,null,null,null,null,null,null,null,null,null,null,null,null,null,null,null,null,null,null,null,null,null,null,null,null,null,null,null,null,null,null,null,null,null,null,null,null,null,null,null,null,null,null,null,null,null,null,null,null,null,null,null,null,null,null,null,null,null,null,null,null,null,null,null,null,null,null,null,null,null,null,"000510","CHAPISCO - TRACO 1:3 - VERTICAL","M2",0,0,0,0,0,0,0.26958750000000004,0,0.29185000000000005]
["000580","EMBOCO 1:3 C/ IMPERMEABILIZANTE - E = 02,0 CM (VERTICAL)","M2","M10082","IMPERMEABILIZANTE - VEDACIT","L","Mat.",0.4,1.89,0.75600000000000001,0,{"$f":"(SUMPRODUCT((PLANILHA_TAREFA[Ativo]=TRUE)*(PLANILHA_TAREFA[Qte Total])*(PLANILHA_TAREFA[Comp.]=A60)*PLANILHA_TAREFA[Quant.])+IF(ISERR(GETPIVOTDATA(\"Quant \",'Curva ABC - Insumos'!$A$3,\"Insumo\",A60)),0,GETPIVOTDATA(\"Quant \",'Curva ABC - Insumos'!$A$3,\"Insumo\",A60)))","v":0},0,0,0,0,0,0,0,3.4125000000000001,0,1.0843200000000002,0,0,0,0,0,0,0,0,0,0,0,0,0,0,0,0,0,0,0,0,0,0,0,0,0,0,0,0,0,0,0,0,0,0,0,0,0,0,0,0,0,0,0,0,0,0,0,0,0,0,0,0,0,0,0,0,0,0,0,0,0,0,0,0,0,0,0,0,0,0,0,0,0,0,0,0,0,0,0,0,0,0,0,0,0,0,0,0,0,0,0,0,0,0,0,0,0,0,0,null,null,null,null,null,null,null,null,null,null,null,null,null,null,null,null,null,null,null,null,null,null,null,null,null,null,null,null,null,null,null,null,null,null,null,null,null,null,null,null,null,null,null,null,null,null,null,null,null,null,null,null,null,null,null,null,null,null,null,null,null,null,null,null,null,null,null,null,null,null,null,null,null,null,null,null,null,null,null,null,null,null,null,null,null,null,null,null,null,null,null,null,null,null,null,null,null,null,null,null,null,null,null,null,null,null,null,null,null,null,null,null,null,null,null,null,null,null,null,null,null,null,null,null,null,null,null,null,null,null,null,null,null,null,null,"000580","EMBOCO 1:3 C/ IMPERMEABILIZANTE - E = 02,0 CM (VERTICAL)","M2",0,0,0,0,0,0,3.4125000000000001,0,1.0843200000000002]
["000580","EMBOCO 1:3 C/ IMPERMEABILIZANTE - E = 02,0 CM (VERTICAL)","M2","F20009","SERVENTE","H","M.O.",0.9,9.8279999999999994,8.8452000000000002,0,{"$f":"(SUMPRODUCT((PLANILHA_TAREFA[Ativo]=TRUE)*(PLANILHA_TAREFA[Qte Total])*(PLANILHA_TAREFA[Comp.]=A61)*PLANILHA_TAREFA[Quant.])+IF(ISERR(GETPIVOTDATA(\"Quant \",'Curva ABC - Insumos'!$A$3,\"Insumo\",A61)),0,GETPIVOTDATA(\"Quant \",'Curva ABC - Insumos'!$A$3,\"Insumo\",A61)))","v":0},0,0,0,0,0,0,0,3.4125000000000001,0,1.0843200000000002,0,0,0,0,0,0,0,0,0,0,0,0,0,0,0,0,0,0,0,0,0,0,0,0,0,0,0,0,0,0,0,0,0,0,0,0,0,0,0,0,0,0,0,0,0,0,0,0,0,0,0,0,0,0,0,0,0,0,0,0,0,0,0,0,0,0,0,0,0,0,0,0,0,0,0,0,0,0,0,0,0,0,0,0,0,0,0,0,0,0,0,0,0,0,0,0,0,0,0,null,null,null,null,null,null,null,null,null,null,null,null,null,null,null,null,null,null,null,null,null,null,null,null,null,null,null,null,null,null,null,null,null,null,null,null,null,null,null,null,null,null,null,null,null,null,null,null,null,null,null,null,null,null,null,null,null,null,null,null,null,null,null,null,null,null,null,null,null,null,null,null,null,null,null,null,null,null,null,null,null,null,null,null,null,null,null,null,null,null,null,null,null,null,null,null,null,null,null,null,null,null,null,null,null,null,null,null,null,null,null,null,null,null,null,null,null,null,null,null,null,null,null,null,null,null,null,null,null,null,null,null,null,null,null,"000580","EMBOCO 1:3 C/ IMPERMEABILIZANTE - E = 02,0 CM (VERTICAL)","M2",0,0,0,0,0,0,3.4125000000000001,0,1.0843200000000002]
["000580","EMBOCO 1:3 C/ IMPERMEABILIZANTE - E = 02,0 CM (VERTICAL)","M2","M10013","AREIA MEDIA","M3","Mat.",2.4299999999999999E-2,40,0.97199999999999998,0,{"$f":"(SUMPRODUCT((PLANILHA_TAREFA[Ativo]=TRUE)*(PLANILHA_TAREFA[Qte Total])*(PLANILHA_TAREFA[Comp.]=A62)*PLANILHA_TAREFA[Quant.])+IF(ISERR(GETPIVOTDATA(\"Quant \",'Curva ABC - Insumos'!$A$3,\"Insumo\",A62)),0,GETPIVOTDATA(\"Quant \",'Curva ABC - Insumos'!$A$3,\"Insumo\",A62)))","v":0},0,0,0,0,0,0,0,3.4125000000000001,0,1.0843200000000002,0,0,0,0,0,0,0,0,0,0,0,0,0,0,0,0,0,0,0,0,0,0,0,0,0,0,0,0,0,0,0,0,0,0,0,0,0,0,0,0,0,0,0,0,0,0,0,0,0,0,0,0,0,0,0,0,0,0,0,0,0,0,0,0,0,0,0,0,0,0,0,0,0,0,0,0,0,0,0,0,0,0,0,0,0,0,0,0,0,0,0,0,0,0,0,0,0,0,0,null,null,null,null,null,null,null,null,null,null,null,null,null,null,null,null,null,null,null,null,null,null,null,null,null,null,null,null,null,null,null,null,null,null,null,null,null,null,null,null,null,null,null,null,null,null,null,null,null,null,null,null,null,null,null,null,null,null,null,null,null,null,null,null,null,null,null,null,null,null,null,null,null,null,null,null,null,null,null,null,null,null,null,null,null,null,null,null,null,null,null,null,null,null,null,null,null,null,null,null,null,null,null,null,null,null,null,null,null,null,null,null,null,null,null,null,null,null,null,null,null,null,null,null,null,null,null,null,null,null,null,null,null,null,null,"000580","EMBOCO 1:3 C/ IMPERMEABILIZANTE - E = 02,0 CM (VERTICAL)","M2",0,0,0,0,0,0,3.4125000000000001,0,1.0843200000000002]
["000580","EMBOCO 1:3 C/ IMPERMEABILIZANTE - E = 02,0 CM (VERTICAL)","M2","M10020","CIMENTO","KG","Mat.",9.7200000000000006,0.38,3.6936000000000004,0,{"$f":"(SUMPRODUCT((PLANILHA_TAREFA[Ativo]=TRUE)*(PLANILHA_TAREFA[Qte Total])*(PLANILHA_TAREFA[Comp.]=A63)*PLANILHA_TAREFA[Quant.])+IF(ISERR(GETPIVOTDATA(\"Quant \",'Curva ABC - Insumos'!$A$3,\"Insumo\",A63)),0,GETPIVOTDATA(\"Quant \",'Curva ABC - Insumos'!$A$3,\"Insumo\",A63)))","v":0},0,0,0,0,0,0,0,3.4125000000000001,0,1.0843200000000002,0,0,0,0,0,0,0,0,0,0,0,0,0,0,0,0,0,0,0,0,0,0,0,0,0,0,0,0,0,0,0,0,0,0,0,0,0,0,0,0,0,0,0,0,0,0,0,0,0,0,0,0,0,0,0,0,0,0,0,0,0,0,0,0,0,0,0,0,0,0,0,0,0,0,0,0,0,0,0,0,0,0,0,0,0,0,0,0,0,0,0,0,0,0,0,0,0,0,0,null,null,null,null,null,null,null,null,null,null,null,null,null,null,null,null,null,null,null,null,null,null,null,null,null,null,null,null,null,null,null,null,null,null,null,null,null,null,null,null,null,null,null,null,null,null,null,null,null,null,null,null,null,null,null,null,null,null,null,null,null,null,null,null,null,null,null,null,null,null,null,null,null,null,null,null,null,null,null,null,null,null,null,null,null,null,null,null,null,null,null,null,null,null,null,null,null,null,null,null,null,null,null,null,null,null,null,null,null,null,null,null,null,null,null,null,null,null,null,null,null,null,null,null,null,null,null,null,null,null,null,null,null,null,null,"000580","EMBOCO 1:3 C/ IMPERMEABILIZANTE - E = 02,0 CM (VERTICAL)","M2",0,0,0,0,0,0,3.4125000000000001,0,1.0843200000000002]
["000580","EMBOCO 1:3 C/ IMPERMEABILIZANTE - E = 02,0 CM (VERTICAL)","M2","F20007","PEDREIRO","H","M.O.",0.7,11.739000000000001,8.2172999999999998,0,{"$f":"(SUMPRODUCT((PLANILHA_TAREFA[Ativo]=TRUE)*(PLANILHA_TAREFA[Qte Total])*(PLANILHA_TAREFA[Comp.]=A64)*PLANILHA_TAREFA[Quant.])+IF(ISERR(GETPIVOTDATA(\"Quant \",'Curva ABC - Insumos'!$A$3,\"Insumo\",A64)),0,GETPIVOTDATA(\"Quant \",'Curva ABC - Insumos'!$A$3,\"Insumo\",A64)))","v":0},0,0,0,0,0,0,0,3.4125000000000001,0,1.0843200000000002,0,0,0,0,0,0,0,0,0,0,0,0,0,0,0,0,0,0,0,0,0,0,0,0,0,0,0,0,0,0,0,0,0,0,0,0,0,0,0,0,0,0,0,0,0,0,0,0,0,0,0,0,0,0,0,0,0,0,0,0,0,0,0,0,0,0,0,0,0,0,0,0,0,0,0,0,0,0,0,0,0,0,0,0,0,0,0,0,0,0,0,0,0,0,0,0,0,0,0,null,null,null,null,null,null,null,null,null,null,null,null,null,null,null,null,null,null,null,null,null,null,null,null,null,null,null,null,null,null,null,null,null,null,null,null,null,null,null,null,null,null,null,null,null,null,null,null,null,null,null,null,null,null,null,null,null,null,null,null,null,null,null,null,null,null,null,null,null,null,null,null,null,null,null,null,null,null,null,null,null,null,null,null,null,null,null,null,null,null,null,null,null,null,null,null,null,null,null,null,null,null,null,null,null,null,null,null,null,null,null,null,null,null,null,null,null,null,null,null,null,null,null,null,null,null,null,null,null,null,null,null,null,null,null,"000580","EMBOCO 1:3 C/ IMPERMEABILIZANTE - E = 02,0 CM (VERTICAL)","M2",0,0,0,0,0,0,3.4125000000000001,0,1.0843200000000002]
["000700","ALVENARIA DE TIJOLO DE BARRO MACICO - E = 10,0 CM","M2","M91342","ARGAMASSA DE ASSENTAMENTO MULTIPLO USO RESISTENCIA 03,5 MPA","KG","Mat.",76.25,0.35,26.6875,0,{"$f":"(SUMPRODUCT((PLANILHA_TAREFA[Ativo]=TRUE)*(PLANILHA_TAREFA[Qte Total])*(PLANILHA_TAREFA[Comp.]=A65)*PLANILHA_TAREFA[Quant.])+IF(ISERR(GETPIVOTDATA(\"Quant \",'Curva ABC - Insumos'!$A$3,\"Insumo\",A65)),0,GETPIVOTDATA(\"Quant \",'Curva ABC - Insumos'!$A$3,\"Insumo\",A65)))","v":0},0,0,0,0,0,0,0,9.7051499999999997,0,10.871874999999999,0,0,0,0,0,0,0,0,0,0,0,0,0,0,0,0,0,0,0,0,0,0,0,0,0,0,0,0,0,0,0,0,0,0,0,0,0,0,0,0,0,0,0,0,0,0,0,0,0,0,0,0,0,0,0,0,0,0,0,0,0,0,0,0,0,0,0,0,0,0,0,0,0,0,0,0,0,0,0,0,0,0,0,0,0,0,0,0,0,0,0,0,0,0,0,0,0,0,0,null,null,null,null,null,null,null,null,null,null,null,null,null,null,null,null,null,null,null,null,null,null,null,null,null,null,null,null,null,null,null,null,null,null,null,null,null,null,null,null,null,null,null,null,null,null,null,null,null,null,null,null,null,null,null,null,null,null,null,null,null,null,null,null,null,null,null,null,null,null,null,null,null,null,null,null,null,null,null,null,null,null,null,null,null,null,null,null,null,null,null,null,null,null,null,null,null,null,null,null,null,null,null,null,null,null,null,null,null,null,null,null,null,null,null,null,null,null,null,null,null,null,null,null,null,null,null,null,null,null,null,null,null,null,null,"000700","ALVENARIA DE TIJOLO DE BARRO MACICO - E = 10,0 CM","M2",0,0,0,0,0,0,9.7051499999999997,0,10.871874999999999]
["000700","ALVENARIA DE TIJOLO DE BARRO MACICO - E = 10,0 CM","M2","F20007","PEDREIRO","H","M.O.",1.8,11.739000000000001,21.130200000000002,0,{"$f":"(SUMPRODUCT((PLANILHA_TAREFA[Ativo]=TRUE)*(PLANILHA_TAREFA[Qte Total])*(PLANILHA_TAREFA[Comp.]=A66)*PLANILHA_TAREFA[Quant.])+IF(ISERR(GETPIVOTDATA(\"Quant \",'Curva ABC - Insumos'!$A$3,\"Insumo\",A66)),0,GETPIVOTDATA(\"Quant \",'Curva ABC - Insumos'!$A$3,\"Insumo\",A66)))","v":0},0,0,0,0,0,0,0,9.7051499999999997,0,10.871874999999999,0,0,0,0,0,0,0,0,0,0,0,0,0,0,0,0,0,0,0,0,0,0,0,0,0,0,0,0,0,0,0,0,0,0,0,0,0,0,0,0,0,0,0,0,0,0,0,0,0,0,0,0,0,0,0,0,0,0,0,0,0,0,0,0,0,0,0,0,0,0,0,0,0,0,0,0,0,0,0,0,0,0,0,0,0,0,0,0,0,0,0,0,0,0,0,0,0,0,0,null,null,null,null,null,null,null,null,null,null,null,null,null,null,null,null,null,null,null,null,null,null,null,null,null,null,null,null,null,null,null,null,null,null,null,null,null,null,null,null,null,null,null,null,null,null,null,null,null,null,null,null,null,null,null,null,null,null,null,null,null,null,null,null,null,null,null,null,null,null,null,null,null,null,null,null,null,null,null,null,null,null,null,null,null,null,null,null,null,null,null,null,null,null,null,null,null,null,null,null,null,null,null,null,null,null,null,null,null,null,null,null,null,null,null,null,null,null,null,null,null,null,null,null,null,null,null,null,null,null,null,null,null,null,null,"000700","ALVENARIA DE TIJOLO DE BARRO MACICO - E = 10,0 CM","M2",0,0,0,0,0,0,9.7051499999999997,0,10.871874999999999]
["000700","ALVENARIA DE TIJOLO DE BARRO MACICO - E = 10,0 CM","M2","F20009","SERVENTE","H","M.O.",1.8,9.8279999999999994,17.6904,0,{"$f":"(SUMPRODUCT((PLANILHA_TAREFA[Ativo]=TRUE)*(PLANILHA_TAREFA[Qte Total])*(PLANILHA_TAREFA[Comp.]=A67)*PLANILHA_TAREFA[Quant.])+IF(ISERR(GETPIVOTDATA(\"Quant \",'Curva ABC - Insumos'!$A$3,\"Insumo\",A67)),0,GETPIVOTDATA(\"Quant \",'Curva ABC - Insumos'!$A$3,\"Insumo\",A67)))","v":0},0,0,0,0,0,0,0,9.7051499999999997,0,10.871874999999999,0,0,0,0,0,0,0,0,0,0,0,0,0,0,0,0,0,0,0,0,0,0,0,0,0,0,0,0,0,0,0,0,0,0,0,0,0,0,0,0,0,0,0,0,0,0,0,0,0,0,0,0,0,0,0,0,0,0,0,0,0,0,0,0,0,0,0,0,0,0,0,0,0,0,0,0,0,0,0,0,0,0,0,0,0,0,0,0,0,0,0,0,0,0,0,0,0,0,0,null,null,null,null,null,null,null,null,null,null,null,null,null,null,null,null,null,null,null,null,null,null,null,null,null,null,null,null,null,null,null,null,null,null,null,null,null,null,null,null,null,null,null,null,null,null,null,null,null,null,null,null,null,null,null,null,null,null,null,null,null,null,null,null,null,null,null,null,null,null,null,null,null,null,null,null,null,null,null,null,null,null,null,null,null,null,null,null,null,null,null,null,null,null,null,null,null,null,null,null,null,null,null,null,null,null,null,null,null,null,null,null,null,null,null,null,null,null,null,null,null,null,null,null,null,null,null,null,null,null,null,null,null,null,null,"000700","ALVENARIA DE TIJOLO DE BARRO MACICO - E = 10,0 CM","M2",0,0,0,0,0,0,9.7051499999999997,0,10.871874999999999]
["000700","ALVENARIA DE TIJOLO DE BARRO MACICO - E = 10,0 CM","M2","M10033","TIJOLO DE BARRO 05,0 X 10,0 X 20,0 CM","UN","Mat.",84,0.2,16.8,0,{"$f":"(SUMPRODUCT((PLANILHA_TAREFA[Ativo]=TRUE)*(PLANILHA_TAREFA[Qte Total])*(PLANILHA_TAREFA[Comp.]=A68)*PLANILHA_TAREFA[Quant.])+IF(ISERR(GETPIVOTDATA(\"Quant \",'Curva ABC - Insumos'!$A$3,\"Insumo\",A68)),0,GETPIVOTDATA(\"Quant \",'Curva ABC - Insumos'!$A$3,\"Insumo\",A68)))","v":0},0,0,0,0,0,0,0,9.7051499999999997,0,10.871874999999999,0,0,0,0,0,0,0,0,0,0,0,0,0,0,0,0,0,0,0,0,0,0,0,0,0,0,0,0,0,0,0,0,0,0,0,0,0,0,0,0,0,0,0,0,0,0,0,0,0,0,0,0,0,0,0,0,0,0,0,0,0,0,0,0,0,0,0,0,0,0,0,0,0,0,0,0,0,0,0,0,0,0,0,0,0,0,0,0,0,0,0,0,0,0,0,0,0,0,0,null,null,null,null,null,null,null,null,null,null,null,null,null,null,null,null,null,null,null,null,null,null,null,null,null,null,null,null,null,null,null,null,null,null,null,null,null,null,null,null,null,null,null,null,null,null,null,null,null,null,null,null,null,null,null,null,null,null,null,null,null,null,null,null,null,null,null,null,null,null,null,null,null,null,null,null,null,null,null,null,null,null,null,null,null,null,null,null,null,null,null,null,null,null,null,null,null,null,null,null,null,null,null,null,null,null,null,null,null,null,null,null,null,null,null,null,null,null,null,null,null,null,null,null,null,null,null,null,null,null,null,null,null,null,null,"000700","ALVENARIA DE TIJOLO DE BARRO MACICO - E = 10,0 CM","M2",0,0,0,0,0,0,9.7051499999999997,0,10.871874999999999]
["000780","ALVENARIA BLOCO DE CONCRETO VEDACAO - E=14,0 CM - C=39,0 CM - 03,0 MPA","M2","M10030","BLOCO DE CONCRETO VEDACAO - 14,0 X 19,0 X 39,0 CM - 03,0 MPA","UN","Mat.",13.13,1.94,25.472200000000001,2306.1531999999997,{"$f":"(SUMPRODUCT((PLANILHA_TAREFA[Ativo]=TRUE)*(PLANILHA_TAREFA[Qte Total])*(PLANILHA_TAREFA[Comp.]=A69)*PLANILHA_TAREFA[Quant.])+IF(ISERR(GETPIVOTDATA(\"Quant \",'Curva ABC - Insumos'!$A$3,\"Insumo\",A69)),0,GETPIVOTDATA(\"Quant \",'Curva ABC - Insumos'!$A$3,\"Insumo\",A69)))","v":175.64},4473.9372079999994,0,0,0,0,0,0,4.2110250000000002,0,8.4680499999999999,0,0,0,0,0,0,0,0,0,0,0,0,0,0,0,0,0,0,0,0,0,0,0,0,0,0,0,0,0,0,0,0,0,0,0,0,0,0,0,0,0,0,0,0,0,0,0,0,0,0,0,0,0,0,0,0,0,0,0,0,0,0,0,0,0,0,0,0,0,0,0,0,0,0,0,0,0,0,0,0,0,0,0,0,0,0,0,0,0,0,0,0,0,0,0,0,0,0,0,null,null,null,null,null,null,null,null,null,null,null,null,null,null,null,null,null,null,null,null,null,null,null,null,null,null,null,null,null,null,null,null,null,null,null,null,null,null,null,null,null,null,null,null,null,null,null,null,null,null,null,null,null,null,null,null,null,null,null,null,null,null,null,null,null,null,null,null,null,null,null,null,null,null,null,null,null,null,null,null,null,null,null,null,null,null,null,null,null,null,null,null,null,null,null,null,null,null,null,null,null,null,null,null,null,null,null,null,null,null,null,null,null,null,null,null,null,null,null,null,null,null,null,null,null,null,null,null,null,null,null,null,null,null,null,"000780","ALVENARIA BLOCO DE CONCRETO VEDACAO - E=14,0 CM - C=39,0 CM - 03,0 MPA","M2",0,0,0,0,0,0,4.2110250000000002,0,8.4680499999999999]
["000780","ALVENARIA BLOCO DE CONCRETO VEDACAO - E=14,0 CM - C=39,0 CM - 03,0 MPA","M2","M91342","ARGAMASSA DE ASSENTAMENTO MULTIPLO USO RESISTENCIA 03,5 MPA","KG","Mat.",24,0.35,8.3999999999999986,4215.3599999999997,{"$f":"(SUMPRODUCT((PLANILHA_TAREFA[Ativo]=TRUE)*(PLANILHA_TAREFA[Qte Total])*(PLANILHA_TAREFA[Comp.]=A70)*PLANILHA_TAREFA[Quant.])+IF(ISERR(GETPIVOTDATA(\"Quant \",'Curva ABC - Insumos'!$A$3,\"Insumo\",A70)),0,GETPIVOTDATA(\"Quant \",'Curva ABC - Insumos'!$A$3,\"Insumo\",A70)))","v":175.64},1475.3759999999997,0,0,0,0,0,0,4.2110250000000002,0,8.4680499999999999,0,0,0,0,0,0,0,0,0,0,0,0,0,0,0,0,0,0,0,0,0,0,0,0,0,0,0,0,0,0,0,0,0,0,0,0,0,0,0,0,0,0,0,0,0,0,0,0,0,0,0,0,0,0,0,0,0,0,0,0,0,0,0,0,0,0,0,0,0,0,0,0,0,0,0,0,0,0,0,0,0,0,0,0,0,0,0,0,0,0,0,0,0,0,0,0,0,0,0,null,null,null,null,null,null,null,null,null,null,null,null,null,null,null,null,null,null,null,null,null,null,null,null,null,null,null,null,null,null,null,null,null,null,null,null,null,null,null,null,null,null,null,null,null,null,null,null,null,null,null,null,null,null,null,null,null,null,null,null,null,null,null,null,null,null,null,null,null,null,null,null,null,null,null,null,null,null,null,null,null,null,null,null,null,null,null,null,null,null,null,null,null,null,null,null,null,null,null,null,null,null,null,null,null,null,null,null,null,null,null,null,null,null,null,null,null,null,null,null,null,null,null,null,null,null,null,null,null,null,null,null,null,null,null,"000780","ALVENARIA BLOCO DE CONCRETO VEDACAO - E=14,0 CM - C=39,0 CM - 03,0 MPA","M2",0,0,0,0,0,0,4.2110250000000002,0,8.4680499999999999]
["000780","ALVENARIA BLOCO DE CONCRETO VEDACAO - E=14,0 CM - C=39,0 CM - 03,0 MPA","M2","F20009","SERVENTE","H","M.O.",0.83,9.8279999999999994,8.1572399999999998,145.78119999999998,{"$f":"(SUMPRODUCT((PLANILHA_TAREFA[Ativo]=TRUE)*(PLANILHA_TAREFA[Qte Total])*(PLANILHA_TAREFA[Comp.]=A71)*PLANILHA_TAREFA[Quant.])+IF(ISERR(GETPIVOTDATA(\"Quant \",'Curva ABC - Insumos'!$A$3,\"Insumo\",A71)),0,GETPIVOTDATA(\"Quant \",'Curva ABC - Insumos'!$A$3,\"Insumo\",A71)))","v":175.64},1432.7376335999998,0,0,0,0,0,0,4.2110250000000002,0,8.4680499999999999,0,0,0,0,0,0,0,0,0,0,0,0,0,0,0,0,0,0,0,0,0,0,0,0,0,0,0,0,0,0,0,0,0,0,0,0,0,0,0,0,0,0,0,0,0,0,0,0,0,0,0,0,0,0,0,0,0,0,0,0,0,0,0,0,0,0,0,0,0,0,0,0,0,0,0,0,0,0,0,0,0,0,0,0,0,0,0,0,0,0,0,0,0,0,0,0,0,0,0,null,null,null,null,null,null,null,null,null,null,null,null,null,null,null,null,null,null,null,null,null,null,null,null,null,null,null,null,null,null,null,null,null,null,null,null,null,null,null,null,null,null,null,null,null,null,null,null,null,null,null,null,null,null,null,null,null,null,null,null,null,null,null,null,null,null,null,null,null,null,null,null,null,null,null,null,null,null,null,null,null,null,null,null,null,null,null,null,null,null,null,null,null,null,null,null,null,null,null,null,null,null,null,null,null,null,null,null,null,null,null,null,null,null,null,null,null,null,null,null,null,null,null,null,null,null,null,null,null,null,null,null,null,null,null,"000780","ALVENARIA BLOCO DE CONCRETO VEDACAO - E=14,0 CM - C=39,0 CM - 03,0 MPA","M2",0,0,0,0,0,0,4.2110250000000002,0,8.4680499999999999]
["000780","ALVENARIA BLOCO DE CONCRETO VEDACAO - E=14,0 CM - C=39,0 CM - 03,0 MPA","M2","F20007","PEDREIRO","H","M.O.",0.74,11.739000000000001,8.6868600000000011,129.97359999999998,{"$f":"(SUMPRODUCT((PLANILHA_TAREFA[Ativo]=TRUE)*(PLANILHA_TAREFA[Qte Total])*(PLANILHA_TAREFA[Comp.]=A72)*PLANILHA_TAREFA[Quant.])+IF(ISERR(GETPIVOTDATA(\"Quant \",'Curva ABC - Insumos'!$A$3,\"Insumo\",A72)),0,GETPIVOTDATA(\"Quant \",'Curva ABC - Insumos'!$A$3,\"Insumo\",A72)))","v":175.64},1525.7600903999999,0,0,0,0,0,0,4.2110250000000002,0,8.4680499999999999,0,0,0,0,0,0,0,0,0,0,0,0,0,0,0,0,0,0,0,0,0,0,0,0,0,0,0,0,0,0,0,0,0,0,0,0,0,0,0,0,0,0,0,0,0,0,0,0,0,0,0,0,0,0,0,0,0,0,0,0,0,0,0,0,0,0,0,0,0,0,0,0,0,0,0,0,0,0,0,0,0,0,0,0,0,0,0,0,0,0,0,0,0,0,0,0,0,0,0,null,null,null,null,null,null,null,null,null,null,null,null,null,null,null,null,null,null,null,null,null,null,null,null,null,null,null,null,null,null,null,null,null,null,null,null,null,null,null,null,null,null,null,null,null,null,null,null,null,null,null,null,null,null,null,null,null,null,null,null,null,null,null,null,null,null,null,null,null,null,null,null,null,null,null,null,null,null,null,null,null,null,null,null,null,null,null,null,null,null,null,null,null,null,null,null,null,null,null,null,null,null,null,null,null,null,null,null,null,null,null,null,null,null,null,null,null,null,null,null,null,null,null,null,null,null,null,null,null,null,null,null,null,null,null,"000780","ALVENARIA BLOCO DE CONCRETO VEDACAO - E=14,0 CM - C=39,0 CM - 03,0 MPA","M2",0,0,0,0,0,0,4.2110250000000002,0,8.4680499999999999]
["000820","ALVENARIA BLOCO DE CONCRETO CANALETA VEDACAO - E=14,0 CM - C=39,0 CM - 03,0 MPA","M2","M10038","BLOCO DE CONCRETO CANALETA VEDACAO - 14,0 X 19,0 X 39,0 CM - 03,0 MPA","UN","Mat.",13.13,2.4700000000000002,32.431100000000008,136.28940000000003,{"$f":"(SUMPRODUCT((PLANILHA_TAREFA[Ativo]=TRUE)*(PLANILHA_TAREFA[Qte Total])*(PLANILHA_TAREFA[Comp.]=A73)*PLANILHA_TAREFA[Quant.])+IF(ISERR(GETPIVOTDATA(\"Quant \",'Curva ABC - Insumos'!$A$3,\"Insumo\",A73)),0,GETPIVOTDATA(\"Quant \",'Curva ABC - Insumos'!$A$3,\"Insumo\",A73)))","v":10.38},336.63481800000011,0,0,0,0,0,0,4.2110250000000002,0,10.207775000000002,0,0,0,0,0,0,0,0,0,0,0,0,0,0,0,0,0,0,0,0,0,0,0,0,0,0,0,0,0,0,0,0,0,0,0,0,0,0,0,0,0,0,0,0,0,0,0,0,0,0,0,0,0,0,0,0,0,0,0,0,0,0,0,0,0,0,0,0,0,0,0,0,0,0,0,0,0,0,0,0,0,0,0,0,0,0,0,0,0,0,0,0,0,0,0,0,0,0,0,null,null,null,null,null,null,null,null,null,null,null,null,null,null,null,null,null,null,null,null,null,null,null,null,null,null,null,null,null,null,null,null,null,null,null,null,null,null,null,null,null,null,null,null,null,null,null,null,null,null,null,null,null,null,null,null,null,null,null,null,null,null,null,null,null,null,null,null,null,null,null,null,null,null,null,null,null,null,null,null,null,null,null,null,null,null,null,null,null,null,null,null,null,null,null,null,null,null,null,null,null,null,null,null,null,null,null,null,null,null,null,null,null,null,null,null,null,null,null,null,null,null,null,null,null,null,null,null,null,null,null,null,null,null,null,"000820","ALVENARIA BLOCO DE CONCRETO CANALETA VEDACAO - E=14,0 CM - C=39,0 CM - 03,0 MPA","M2",0,0,0,0,0,0,4.2110250000000002,0,10.207775000000002]
["000820","ALVENARIA BLOCO DE CONCRETO CANALETA VEDACAO - E=14,0 CM - C=39,0 CM - 03,0 MPA","M2","F20009","SERVENTE","H","M.O.",0.83,9.8279999999999994,8.1572399999999998,8.6154000000000011,{"$f":"(SUMPRODUCT((PLANILHA_TAREFA[Ativo]=TRUE)*(PLANILHA_TAREFA[Qte Total])*(PLANILHA_TAREFA[Comp.]=A74)*PLANILHA_TAREFA[Quant.])+IF(ISERR(GETPIVOTDATA(\"Quant \",'Curva ABC - Insumos'!$A$3,\"Insumo\",A74)),0,GETPIVOTDATA(\"Quant \",'Curva ABC - Insumos'!$A$3,\"Insumo\",A74)))","v":10.38},84.672151200000002,0,0,0,0,0,0,4.2110250000000002,0,10.207775000000002,0,0,0,0,0,0,0,0,0,0,0,0,0,0,0,0,0,0,0,0,0,0,0,0,0,0,0,0,0,0,0,0,0,0,0,0,0,0,0,0,0,0,0,0,0,0,0,0,0,0,0,0,0,0,0,0,0,0,0,0,0,0,0,0,0,0,0,0,0,0,0,0,0,0,0,0,0,0,0,0,0,0,0,0,0,0,0,0,0,0,0,0,0,0,0,0,0,0,0,null,null,null,null,null,null,null,null,null,null,null,null,null,null,null,null,null,null,null,null,null,null,null,null,null,null,null,null,null,null,null,null,null,null,null,null,null,null,null,null,null,null,null,null,null,null,null,null,null,null,null,null,null,null,null,null,null,null,null,null,null,null,null,null,null,null,null,null,null,null,null,null,null,null,null,null,null,null,null,null,null,null,null,null,null,null,null,null,null,null,null,null,null,null,null,null,null,null,null,null,null,null,null,null,null,null,null,null,null,null,null,null,null,null,null,null,null,null,null,null,null,null,null,null,null,null,null,null,null,null,null,null,null,null,null,"000820","ALVENARIA BLOCO DE CONCRETO CANALETA VEDACAO - E=14,0 CM - C=39,0 CM - 03,0 MPA","M2",0,0,0,0,0,0,4.2110250000000002,0,10.207775000000002]
["000820","ALVENARIA BLOCO DE CONCRETO CANALETA VEDACAO - E=14,0 CM - C=39,0 CM - 03,0 MPA","M2","F20007","PEDREIRO","H","M.O.",0.74,11.739000000000001,8.6868600000000011,7.6812000000000005,{"$f":"(SUMPRODUCT((PLANILHA_TAREFA[Ativo]=TRUE)*(PLANILHA_TAREFA[Qte Total])*(PLANILHA_TAREFA[Comp.]=A75)*PLANILHA_TAREFA[Quant.])+IF(ISERR(GETPIVOTDATA(\"Quant \",'Curva ABC - Insumos'!$A$3,\"Insumo\",A75)),0,GETPIVOTDATA(\"Quant \",'Curva ABC - Insumos'!$A$3,\"Insumo\",A75)))","v":10.38},90.169606800000011,0,0,0,0,0,0,4.2110250000000002,0,10.207775000000002,0,0,0,0,0,0,0,0,0,0,0,0,0,0,0,0,0,0,0,0,0,0,0,0,0,0,0,0,0,0,0,0,0,0,0,0,0,0,0,0,0,0,0,0,0,0,0,0,0,0,0,0,0,0,0,0,0,0,0,0,0,0,0,0,0,0,0,0,0,0,0,0,0,0,0,0,0,0,0,0,0,0,0,0,0,0,0,0,0,0,0,0,0,0,0,0,0,0,0,null,null,null,null,null,null,null,null,null,null,null,null,null,null,null,null,null,null,null,null,null,null,null,null,null,null,null,null,null,null,null,null,null,null,null,null,null,null,null,null,null,null,null,null,null,null,null,null,null,null,null,null,null,null,null,null,null,null,null,null,null,null,null,null,null,null,null,null,null,null,null,null,null,null,null,null,null,null,null,null,null,null,null,null,null,null,null,null,null,null,null,null,null,null,null,null,null,null,null,null,null,null,null,null,null,null,null,null,null,null,null,null,null,null,null,null,null,null,null,null,null,null,null,null,null,null,null,null,null,null,null,null,null,null,null,"000820","ALVENARIA BLOCO DE CONCRETO CANALETA VEDACAO - E=14,0 CM - C=39,0 CM - 03,0 MPA","M2",0,0,0,0,0,0,4.2110250000000002,0,10.207775000000002]
["000820","ALVENARIA BLOCO DE CONCRETO CANALETA VEDACAO - E=14,0 CM - C=39,0 CM - 03,0 MPA","M2","M91342","ARGAMASSA DE ASSENTAMENTO MULTIPLO USO RESISTENCIA 03,5 MPA","KG","Mat.",24,0.35,{"$f":"IF(ISERR(I76)=TRUE,0,I76)*H76","v":8.3999999999999986},{"$f":"L76*H76","v":249.12},{"$f":"(SUMPRODUCT((PLANILHA_TAREFA[Ativo]=TRUE)*(PLANILHA_TAREFA[Qte Total])*(PLANILHA_TAREFA[Comp.]=A76)*PLANILHA_TAREFA[Quant.])+IF(ISERR(GETPIVOTDATA(\"Quant \",'Curva ABC - Insumos'!$A$3,\"Insumo\",A76)),0,GETPIVOTDATA(\"Quant \",'Curva ABC - Insumos'!$A$3,\"Insumo\",A76)))","v":10.38},{"$f":"IF(ISERR(I76)=TRUE,0,I76)*K76","v":87.191999999999993},0,0,0,0,0,0,4.2110250000000002,0,10.207775000000002,0,0,0,0,0,0,0,0,0,0,0,0,0,0,0,0,0,0,0,0,0,0,0,0,0,0,0,0,0,0,0,0,0,0,0,0,0,0,0,0,0,0,0,0,0,0,0,0,0,0,0,0,0,0,0,0,0,0,0,0,0,0,0,0,0,0,0,0,0,0,0,0,0,0,0,0,0,0,0,0,0,0,0,0,0,0,0,0,0,0,0,0,0,0,0,0,0,0,0,null,null,null,null,null,null,null,null,null,null,null,null,null,null,null,null,null,null,null,null,null,null,null,null,null,null,null,null,null,null,null,null,null,null,null,null,null,null,null,null,null,null,null,null,null,null,null,null,null,null,null,null,null,null,null,null,null,null,null,null,null,null,null,null,null,null,null,null,null,null,null,null,null,null,null,null,null,null,null,null,null,null,null,null,null,null,null,null,null,null,null,null,null,null,null,null,null,null,null,null,null,null,null,null,null,null,null,null,null,null,null,null,null,null,null,null,null,null,null,null,null,null,null,null,null,null,null,null,null,null,null,null,null,null,null,"000820","ALVENARIA BLOCO DE CONCRETO CANALETA VEDACAO - E=14,0 CM - C=39,0 CM - 03,0 MPA","M2",0,0,0,0,0,0,4.2110250000000002,0,10.207775000000002]
["000830","ALVENARIA BLOCO DE CONCRETO CANALETA VEDACAO - E=19,0 CM - C=19,0 CM - 03,0 MPA","M2","F20009","SERVENTE","H","M.O.",0.8,9.8279999999999994,7.8624000000000001,0,{"$f":"(SUMPRODUCT((PLANILHA_TAREFA[Ativo]=TRUE)*(PLANILHA_TAREFA[Qte Total])*(PLANILHA_TAREFA[Comp.]=A77)*PLANILHA_TAREFA[Quant.])+IF(ISERR(GETPIVOTDATA(\"Quant \",'Curva ABC - Insumos'!$A$3,\"Insumo\",A77)),0,GETPIVOTDATA(\"Quant \",'Curva ABC - Insumos'!$A$3,\"Insumo\",A77)))","v":0},0,0,0,0,0,0,0,4.0786199999999999,0,15.27365,0,0,0,0,0,0,0,0,0,0,0,0,0,0,0,0,0,0,0,0,0,0,0,0,0,0,0,0,0,0,0,0,0,0,0,0,0,0,0,0,0,0,0,0,0,0,0,0,0,0,0,0,0,0,0,0,0,0,0,0,0,0,0,0,0,0,0,0,0,0,0,0,0,0,0,0,0,0,0,0,0,0,0,0,0,0,0,0,0,0,0,0,0,0,0,0,0,0,0,null,null,null,null,null,null,null,null,null,null,null,null,null,null,null,null,null,null,null,null,null,null,null,null,null,null,null,null,null,null,null,null,null,null,null,null,null,null,null,null,null,null,null,null,null,null,null,null,null,null,null,null,null,null,null,null,null,null,null,null,null,null,null,null,null,null,null,null,null,null,null,null,null,null,null,null,null,null,null,null,null,null,null,null,null,null,null,null,null,null,null,null,null,null,null,null,null,null,null,null,null,null,null,null,null,null,null,null,null,null,null,null,null,null,null,null,null,null,null,null,null,null,null,null,null,null,null,null,null,null,null,null,null,null,null,"000830","ALVENARIA BLOCO DE CONCRETO CANALETA VEDACAO - E=19,0 CM - C=19,0 CM - 03,0 MPA","M2",0,0,0,0,0,0,4.0786199999999999,0,15.27365]
["000830","ALVENARIA BLOCO DE CONCRETO CANALETA VEDACAO - E=19,0 CM - C=19,0 CM - 03,0 MPA","M2","M91342","ARGAMASSA DE ASSENTAMENTO MULTIPLO USO RESISTENCIA 03,5 MPA","KG","Mat.",27.5,0.35,9.625,0,{"$f":"(SUMPRODUCT((PLANILHA_TAREFA[Ativo]=TRUE)*(PLANILHA_TAREFA[Qte Total])*(PLANILHA_TAREFA[Comp.]=A78)*PLANILHA_TAREFA[Quant.])+IF(ISERR(GETPIVOTDATA(\"Quant \",'Curva ABC - Insumos'!$A$3,\"Insumo\",A78)),0,GETPIVOTDATA(\"Quant \",'Curva ABC - Insumos'!$A$3,\"Insumo\",A78)))","v":0},0,0,0,0,0,0,0,4.0786199999999999,0,15.27365,0,0,0,0,0,0,0,0,0,0,0,0,0,0,0,0,0,0,0,0,0,0,0,0,0,0,0,0,0,0,0,0,0,0,0,0,0,0,0,0,0,0,0,0,0,0,0,0,0,0,0,0,0,0,0,0,0,0,0,0,0,0,0,0,0,0,0,0,0,0,0,0,0,0,0,0,0,0,0,0,0,0,0,0,0,0,0,0,0,0,0,0,0,0,0,0,0,0,0,null,null,null,null,null,null,null,null,null,null,null,null,null,null,null,null,null,null,null,null,null,null,null,null,null,null,null,null,null,null,null,null,null,null,null,null,null,null,null,null,null,null,null,null,null,null,null,null,null,null,null,null,null,null,null,null,null,null,null,null,null,null,null,null,null,null,null,null,null,null,null,null,null,null,null,null,null,null,null,null,null,null,null,null,null,null,null,null,null,null,null,null,null,null,null,null,null,null,null,null,null,null,null,null,null,null,null,null,null,null,null,null,null,null,null,null,null,null,null,null,null,null,null,null,null,null,null,null,null,null,null,null,null,null,null,"000830","ALVENARIA BLOCO DE CONCRETO CANALETA VEDACAO - E=19,0 CM - C=19,0 CM - 03,0 MPA","M2",0,0,0,0,0,0,4.0786199999999999,0,15.27365]
["000830","ALVENARIA BLOCO DE CONCRETO CANALETA VEDACAO - E=19,0 CM - C=19,0 CM - 03,0 MPA","M2","F20007","PEDREIRO","H","M.O.",0.72,11.739000000000001,8.4520800000000005,0,{"$f":"(SUMPRODUCT((PLANILHA_TAREFA[Ativo]=TRUE)*(PLANILHA_TAREFA[Qte Total])*(PLANILHA_TAREFA[Comp.]=A79)*PLANILHA_TAREFA[Quant.])+IF(ISERR(GETPIVOTDATA(\"Quant \",'Curva ABC - Insumos'!$A$3,\"Insumo\",A79)),0,GETPIVOTDATA(\"Quant \",'Curva ABC - Insumos'!$A$3,\"Insumo\",A79)))","v":0},0,0,0,0,0,0,0,4.0786199999999999,0,15.27365,0,0,0,0,0,0,0,0,0,0,0,0,0,0,0,0,0,0,0,0,0,0,0,0,0,0,0,0,0,0,0,0,0,0,0,0,0,0,0,0,0,0,0,0,0,0,0,0,0,0,0,0,0,0,0,0,0,0,0,0,0,0,0,0,0,0,0,0,0,0,0,0,0,0,0,0,0,0,0,0,0,0,0,0,0,0,0,0,0,0,0,0,0,0,0,0,0,0,0,null,null,null,null,null,null,null,null,null,null,null,null,null,null,null,null,null,null,null,null,null,null,null,null,null,null,null,null,null,null,null,null,null,null,null,null,null,null,null,null,null,null,null,null,null,null,null,null,null,null,null,null,null,null,null,null,null,null,null,null,null,null,null,null,null,null,null,null,null,null,null,null,null,null,null,null,null,null,null,null,null,null,null,null,null,null,null,null,null,null,null,null,null,null,null,null,null,null,null,null,null,null,null,null,null,null,null,null,null,null,null,null,null,null,null,null,null,null,null,null,null,null,null,null,null,null,null,null,null,null,null,null,null,null,null,"000830","ALVENARIA BLOCO DE CONCRETO CANALETA VEDACAO - E=19,0 CM - C=19,0 CM - 03,0 MPA","M2",0,0,0,0,0,0,4.0786199999999999,0,15.27365]
["000830","ALVENARIA BLOCO DE CONCRETO CANALETA VEDACAO - E=19,0 CM - C=19,0 CM - 03,0 MPA","M2","M10039","BLOCO DE CONCRETO CANALETA VEDACAO - 19,0 X 19,0 X 19,0 CM - 03,0 MPA","UN","Mat.",26.26,1.96,51.4696,0,{"$f":"(SUMPRODUCT((PLANILHA_TAREFA[Ativo]=TRUE)*(PLANILHA_TAREFA[Qte Total])*(PLANILHA_TAREFA[Comp.]=A80)*PLANILHA_TAREFA[Quant.])+IF(ISERR(GETPIVOTDATA(\"Quant \",'Curva ABC - Insumos'!$A$3,\"Insumo\",A80)),0,GETPIVOTDATA(\"Quant \",'Curva ABC - Insumos'!$A$3,\"Insumo\",A80)))","v":0},0,0,0,0,0,0,0,4.0786199999999999,0,15.27365,0,0,0,0,0,0,0,0,0,0,0,0,0,0,0,0,0,0,0,0,0,0,0,0,0,0,0,0,0,0,0,0,0,0,0,0,0,0,0,0,0,0,0,0,0,0,0,0,0,0,0,0,0,0,0,0,0,0,0,0,0,0,0,0,0,0,0,0,0,0,0,0,0,0,0,0,0,0,0,0,0,0,0,0,0,0,0,0,0,0,0,0,0,0,0,0,0,0,0,null,null,null,null,null,null,null,null,null,null,null,null,null,null,null,null,null,null,null,null,null,null,null,null,null,null,null,null,null,null,null,null,null,null,null,null,null,null,null,null,null,null,null,null,null,null,null,null,null,null,null,null,null,null,null,null,null,null,null,null,null,null,null,null,null,null,null,null,null,null,null,null,null,null,null,null,null,null,null,null,null,null,null,null,null,null,null,null,null,null,null,null,null,null,null,null,null,null,null,null,null,null,null,null,null,null,null,null,null,null,null,null,null,null,null,null,null,null,null,null,null,null,null,null,null,null,null,null,null,null,null,null,null,null,null,"000830","ALVENARIA BLOCO DE CONCRETO CANALETA VEDACAO - E=19,0 CM - C=19,0 CM - 03,0 MPA","M2",0,0,0,0,0,0,4.0786199999999999,0,15.27365]
["001000","FORMA DE TABUA FUNDACAO","M2","F20001","AJUDANTE GERAL","H","M.O.",0.95,9.8279999999999994,9.3365999999999989,0,{"$f":"(SUMPRODUCT((PLANILHA_TAREFA[Ativo]=TRUE)*(PLANILHA_TAREFA[Qte Total])*(PLANILHA_TAREFA[Comp.]=A81)*PLANILHA_TAREFA[Quant.])+IF(ISERR(GETPIVOTDATA(\"Quant \",'Curva ABC - Insumos'!$A$3,\"Insumo\",A81)),0,GETPIVOTDATA(\"Quant \",'Curva ABC - Insumos'!$A$3,\"Insumo\",A81)))","v":0},0,0,0,0,0,0,0,4.2214200000000002,0,1.2395,0,0,0,0,0,0,0,0,0,0,0,0,0,0,0,0,0,0,0,0,0,0,0,0,0,0,0,0,0,0,0,0,0,0,0,0,0,0,0,0,0,0,0,0,0,0,0,0,0,0,0,0,0,0,0,0,0,0,0,0,0,0,0,0,0,0,0,0,0,0,0,0,0,0,0,0,0,0,0,0,0,0,0,0,0,0,0,0,0,0,0,0,0,0,0,0,0,0,0,null,null,null,null,null,null,null,null,null,null,null,null,null,null,null,null,null,null,null,null,null,null,null,null,null,null,null,null,null,null,null,null,null,null,null,null,null,null,null,null,null,null,null,null,null,null,null,null,null,null,null,null,null,null,null,null,null,null,null,null,null,null,null,null,null,null,null,null,null,null,null,null,null,null,null,null,null,null,null,null,null,null,null,null,null,null,null,null,null,null,null,null,null,null,null,null,null,null,null,null,null,null,null,null,null,null,null,null,null,null,null,null,null,null,null,null,null,null,null,null,null,null,null,null,null,null,null,null,null,null,null,null,null,null,null,"001000","FORMA DE TABUA FUNDACAO","M2",0,0,0,0,0,0,4.2214200000000002,0,1.2395]
["001000","FORMA DE TABUA FUNDACAO","M2","M10007","TABUA DE MADEIRA DE LEI 01 X 12\"' - 02,5 X 30,0 CM\n","MT","Mat.",1,4.82,4.82,0,{"$f":"(SUMPRODUCT((PLANILHA_TAREFA[Ativo]=TRUE)*(PLANILHA_TAREFA[Qte Total])*(PLANILHA_TAREFA[Comp.]=A82)*PLANILHA_TAREFA[Quant.])+IF(ISERR(GETPIVOTDATA(\"Quant \",'Curva ABC - Insumos'!$A$3,\"Insumo\",A82)),0,GETPIVOTDATA(\"Quant \",'Curva ABC - Insumos'!$A$3,\"Insumo\",A82)))","v":0},0,0,0,0,0,0,0,4.2214200000000002,0,1.2395,0,0,0,0,0,0,0,0,0,0,0,0,0,0,0,0,0,0,0,0,0,0,0,0,0,0,0,0,0,0,0,0,0,0,0,0,0,0,0,0,0,0,0,0,0,0,0,0,0,0,0,0,0,0,0,0,0,0,0,0,0,0,0,0,0,0,0,0,0,0,0,0,0,0,0,0,0,0,0,0,0,0,0,0,0,0,0,0,0,0,0,0,0,0,0,0,0,0,0,null,null,null,null,null,null,null,null,null,null,null,null,null,null,null,null,null,null,null,null,null,null,null,null,null,null,null,null,null,null,null,null,null,null,null,null,null,null,null,null,null,null,null,null,null,null,null,null,null,null,null,null,null,null,null,null,null,null,null,null,null,null,null,null,null,null,null,null,null,null,null,null,null,null,null,null,null,null,null,null,null,null,null,null,null,null,null,null,null,null,null,null,null,null,null,null,null,null,null,null,null,null,null,null,null,null,null,null,null,null,null,null,null,null,null,null,null,null,null,null,null,null,null,null,null,null,null,null,null,null,null,null,null,null,null,"001000","FORMA DE TABUA FUNDACAO","M2",0,0,0,0,0,0,4.2214200000000002,0,1.2395]
["001000","FORMA DE TABUA FUNDACAO","M2","F20003","CARPINTEIRO","H","M.O.",0.95,12.39,11.7705,0,{"$f":"(SUMPRODUCT((PLANILHA_TAREFA[Ativo]=TRUE)*(PLANILHA_TAREFA[Qte Total])*(PLANILHA_TAREFA[Comp.]=A83)*PLANILHA_TAREFA[Quant.])+IF(ISERR(GETPIVOTDATA(\"Quant \",'Curva ABC - Insumos'!$A$3,\"Insumo\",A83)),0,GETPIVOTDATA(\"Quant \",'Curva ABC - Insumos'!$A$3,\"Insumo\",A83)))","v":0},0,0,0,0,0,0,0,4.2214200000000002,0,1.2395,0,0,0,0,0,0,0,0,0,0,0,0,0,0,0,0,0,0,0,0,0,0,0,0,0,0,0,0,0,0,0,0,0,0,0,0,0,0,0,0,0,0,0,0,0,0,0,0,0,0,0,0,0,0,0,0,0,0,0,0,0,0,0,0,0,0,0,0,0,0,0,0,0,0,0,0,0,0,0,0,0,0,0,0,0,0,0,0,0,0,0,0,0,0,0,0,0,0,0,null,null,null,null,null,null,null,null,null,null,null,null,null,null,null,null,null,null,null,null,null,null,null,null,null,null,null,null,null,null,null,null,null,null,null,null,null,null,null,null,null,null,null,null,null,null,null,null,null,null,null,null,null,null,null,null,null,null,null,null,null,null,null,null,null,null,null,null,null,null,null,null,null,null,null,null,null,null,null,null,null,null,null,null,null,null,null,null,null,null,null,null,null,null,null,null,null,null,null,null,null,null,null,null,null,null,null,null,null,null,null,null,null,null,null,null,null,null,null,null,null,null,null,null,null,null,null,null,null,null,null,null,null,null,null,"001000","FORMA DE TABUA FUNDACAO","M2",0,0,0,0,0,0,4.2214200000000002,0,1.2395]
["001000","FORMA DE TABUA FUNDACAO","M2","M10011","SARRAFO DE MADEIRA DE LEI - 01 X 04\" - 02,5 X 10,0 CM\n","MT","Mat.",0.5,1.27,0.63500000000000001,0,{"$f":"(SUMPRODUCT((PLANILHA_TAREFA[Ativo]=TRUE)*(PLANILHA_TAREFA[Qte Total])*(PLANILHA_TAREFA[Comp.]=A84)*PLANILHA_TAREFA[Quant.])+IF(ISERR(GETPIVOTDATA(\"Quant \",'Curva ABC - Insumos'!$A$3,\"Insumo\",A84)),0,GETPIVOTDATA(\"Quant \",'Curva ABC - Insumos'!$A$3,\"Insumo\",A84)))","v":0},0,0,0,0,0,0,0,4.2214200000000002,0,1.2395,0,0,0,0,0,0,0,0,0,0,0,0,0,0,0,0,0,0,0,0,0,0,0,0,0,0,0,0,0,0,0,0,0,0,0,0,0,0,0,0,0,0,0,0,0,0,0,0,0,0,0,0,0,0,0,0,0,0,0,0,0,0,0,0,0,0,0,0,0,0,0,0,0,0,0,0,0,0,0,0,0,0,0,0,0,0,0,0,0,0,0,0,0,0,0,0,0,0,0,null,null,null,null,null,null,null,null,null,null,null,null,null,null,null,null,null,null,null,null,null,null,null,null,null,null,null,null,null,null,null,null,null,null,null,null,null,null,null,null,null,null,null,null,null,null,null,null,null,null,null,null,null,null,null,null,null,null,null,null,null,null,null,null,null,null,null,null,null,null,null,null,null,null,null,null,null,null,null,null,null,null,null,null,null,null,null,null,null,null,null,null,null,null,null,null,null,null,null,null,null,null,null,null,null,null,null,null,null,null,null,null,null,null,null,null,null,null,null,null,null,null,null,null,null,null,null,null,null,null,null,null,null,null,null,"001000","FORMA DE TABUA FUNDACAO","M2",0,0,0,0,0,0,4.2214200000000002,0,1.2395]
["001000","FORMA DE TABUA FUNDACAO","M2","M10078","PREGO 18 X 27 MM","KG","Mat.",0.15,4.95,0.74250000000000005,0,{"$f":"(SUMPRODUCT((PLANILHA_TAREFA[Ativo]=TRUE)*(PLANILHA_TAREFA[Qte Total])*(PLANILHA_TAREFA[Comp.]=A85)*PLANILHA_TAREFA[Quant.])+IF(ISERR(GETPIVOTDATA(\"Quant \",'Curva ABC - Insumos'!$A$3,\"Insumo\",A85)),0,GETPIVOTDATA(\"Quant \",'Curva ABC - Insumos'!$A$3,\"Insumo\",A85)))","v":0},0,0,0,0,0,0,0,4.2214200000000002,0,1.2395,0,0,0,0,0,0,0,0,0,0,0,0,0,0,0,0,0,0,0,0,0,0,0,0,0,0,0,0,0,0,0,0,0,0,0,0,0,0,0,0,0,0,0,0,0,0,0,0,0,0,0,0,0,0,0,0,0,0,0,0,0,0,0,0,0,0,0,0,0,0,0,0,0,0,0,0,0,0,0,0,0,0,0,0,0,0,0,0,0,0,0,0,0,0,0,0,0,0,0,null,null,null,null,null,null,null,null,null,null,null,null,null,null,null,null,null,null,null,null,null,null,null,null,null,null,null,null,null,null,null,null,null,null,null,null,null,null,null,null,null,null,null,null,null,null,null,null,null,null,null,null,null,null,null,null,null,null,null,null,null,null,null,null,null,null,null,null,null,null,null,null,null,null,null,null,null,null,null,null,null,null,null,null,null,null,null,null,null,null,null,null,null,null,null,null,null,null,null,null,null,null,null,null,null,null,null,null,null,null,null,null,null,null,null,null,null,null,null,null,null,null,null,null,null,null,null,null,null,null,null,null,null,null,null,"001000","FORMA DE TABUA FUNDACAO","M2",0,0,0,0,0,0,4.2214200000000002,0,1.2395]
["001780","REGULARIZACAO PISO 1:3 DESEMPENADO E=3CM","M2","F20009","SERVENTE","H","M.O.",0.7,9.8279999999999994,6.879599999999999,31.919999999999998,{"$f":"(SUMPRODUCT((PLANILHA_TAREFA[Ativo]=TRUE)*(PLANILHA_TAREFA[Qte Total])*(PLANILHA_TAREFA[Comp.]=A86)*PLANILHA_TAREFA[Quant.])+IF(ISERR(GETPIVOTDATA(\"Quant \",'Curva ABC - Insumos'!$A$3,\"Insumo\",A86)),0,GETPIVOTDATA(\"Quant \",'Curva ABC - Insumos'!$A$3,\"Insumo\",A86)))","v":45.6},313.70975999999996,0,0,0,0,0,0,2.6296724999999999,0,1.7490999999999999,0,0,0,0,0,0,0,0,0,0,0,0,0,0,0,0,0,0,0,0,0,0,0,0,0,0,0,0,0,0,0,0,0,0,0,0,0,0,0,0,0,0,0,0,0,0,0,0,0,0,0,0,0,0,0,0,0,0,0,0,0,0,0,0,0,0,0,0,0,0,0,0,0,0,0,0,0,0,0,0,0,0,0,0,0,0,0,0,0,0,0,0,0,0,0,0,0,0,0,null,null,null,null,null,null,null,null,null,null,null,null,null,null,null,null,null,null,null,null,null,null,null,null,null,null,null,null,null,null,null,null,null,null,null,null,null,null,null,null,null,null,null,null,null,null,null,null,null,null,null,null,null,null,null,null,null,null,null,null,null,null,null,null,null,null,null,null,null,null,null,null,null,null,null,null,null,null,null,null,null,null,null,null,null,null,null,null,null,null,null,null,null,null,null,null,null,null,null,null,null,null,null,null,null,null,null,null,null,null,null,null,null,null,null,null,null,null,null,null,null,null,null,null,null,null,null,null,null,null,null,null,null,null,null,"001780","REGULARIZACAO PISO 1:3 DESEMPENADO E=3CM","M2",0,0,0,0,0,0,2.6296724999999999,0,1.7490999999999999]
["001780","REGULARIZACAO PISO 1:3 DESEMPENADO E=3CM","M2","F20007","PEDREIRO","H","M.O.",0.31,11.739000000000001,3.6390900000000004,14.136000000000001,{"$f":"(SUMPRODUCT((PLANILHA_TAREFA[Ativo]=TRUE)*(PLANILHA_TAREFA[Qte Total])*(PLANILHA_TAREFA[Comp.]=A87)*PLANILHA_TAREFA[Quant.])+IF(ISERR(GETPIVOTDATA(\"Quant \",'Curva ABC - Insumos'!$A$3,\"Insumo\",A87)),0,GETPIVOTDATA(\"Quant \",'Curva ABC - Insumos'!$A$3,\"Insumo\",A87)))","v":45.6},165.94250400000001,0,0,0,0,0,0,2.6296724999999999,0,1.7490999999999999,0,0,0,0,0,0,0,0,0,0,0,0,0,0,0,0,0,0,0,0,0,0,0,0,0,0,0,0,0,0,0,0,0,0,0,0,0,0,0,0,0,0,0,0,0,0,0,0,0,0,0,0,0,0,0,0,0,0,0,0,0,0,0,0,0,0,0,0,0,0,0,0,0,0,0,0,0,0,0,0,0,0,0,0,0,0,0,0,0,0,0,0,0,0,0,0,0,0,0,null,null,null,null,null,null,null,null,null,null,null,null,null,null,null,null,null,null,null,null,null,null,null,null,null,null,null,null,null,null,null,null,null,null,null,null,null,null,null,null,null,null,null,null,null,null,null,null,null,null,null,null,null,null,null,null,null,null,null,null,null,null,null,null,null,null,null,null,null,null,null,null,null,null,null,null,null,null,null,null,null,null,null,null,null,null,null,null,null,null,null,null,null,null,null,null,null,null,null,null,null,null,null,null,null,null,null,null,null,null,null,null,null,null,null,null,null,null,null,null,null,null,null,null,null,null,null,null,null,null,null,null,null,null,null,"001780","REGULARIZACAO PISO 1:3 DESEMPENADO E=3CM","M2",0,0,0,0,0,0,2.6296724999999999,0,1.7490999999999999]
["001780","REGULARIZACAO PISO 1:3 DESEMPENADO E=3CM","M2","M10020","CIMENTO","KG","Mat.",14.58,0.38,5.5404,664.84800000000007,{"$f":"(SUMPRODUCT((PLANILHA_TAREFA[Ativo]=TRUE)*(PLANILHA_TAREFA[Qte Total])*(PLANILHA_TAREFA[Comp.]=A88)*PLANILHA_TAREFA[Quant.])+IF(ISERR(GETPIVOTDATA(\"Quant \",'Curva ABC - Insumos'!$A$3,\"Insumo\",A88)),0,GETPIVOTDATA(\"Quant \",'Curva ABC - Insumos'!$A$3,\"Insumo\",A88)))","v":45.6},252.64224000000004,0,0,0,0,0,0,2.6296724999999999,0,1.7490999999999999,0,0,0,0,0,0,0,0,0,0,0,0,0,0,0,0,0,0,0,0,0,0,0,0,0,0,0,0,0,0,0,0,0,0,0,0,0,0,0,0,0,0,0,0,0,0,0,0,0,0,0,0,0,0,0,0,0,0,0,0,0,0,0,0,0,0,0,0,0,0,0,0,0,0,0,0,0,0,0,0,0,0,0,0,0,0,0,0,0,0,0,0,0,0,0,0,0,0,0,null,null,null,null,null,null,null,null,null,null,null,null,null,null,null,null,null,null,null,null,null,null,null,null,null,null,null,null,null,null,null,null,null,null,null,null,null,null,null,null,null,null,null,null,null,null,null,null,null,null,null,null,null,null,null,null,null,null,null,null,null,null,null,null,null,null,null,null,null,null,null,null,null,null,null,null,null,null,null,null,null,null,null,null,null,null,null,null,null,null,null,null,null,null,null,null,null,null,null,null,null,null,null,null,null,null,null,null,null,null,null,null,null,null,null,null,null,null,null,null,null,null,null,null,null,null,null,null,null,null,null,null,null,null,null,"001780","REGULARIZACAO PISO 1:3 DESEMPENADO E=3CM","M2",0,0,0,0,0,0,2.6296724999999999,0,1.7490999999999999]
["001780","REGULARIZACAO PISO 1:3 DESEMPENADO E=3CM","M2","M10013","AREIA MEDIA","M3","Mat.",3.6400000000000002E-2,40,1.456,1.6598400000000002,{"$f":"(SUMPRODUCT((PLANILHA_TAREFA[Ativo]=TRUE)*(PLANILHA_TAREFA[Qte Total])*(PLANILHA_TAREFA[Comp.]=A89)*PLANILHA_TAREFA[Quant.])+IF(ISERR(GETPIVOTDATA(\"Quant \",'Curva ABC - Insumos'!$A$3,\"Insumo\",A89)),0,GETPIVOTDATA(\"Quant \",'Curva ABC - Insumos'!$A$3,\"Insumo\",A89)))","v":45.6},66.393600000000006,0,0,0,0,0,0,2.6296724999999999,0,1.7490999999999999,0,0,0,0,0,0,0,0,0,0,0,0,0,0,0,0,0,0,0,0,0,0,0,0,0,0,0,0,0,0,0,0,0,0,0,0,0,0,0,0,0,0,0,0,0,0,0,0,0,0,0,0,0,0,0,0,0,0,0,0,0,0,0,0,0,0,0,0,0,0,0,0,0,0,0,0,0,0,0,0,0,0,0,0,0,0,0,0,0,0,0,0,0,0,0,0,0,0,0,null,null,null,null,null,null,null,null,null,null,null,null,null,null,null,null,null,null,null,null,null,null,null,null,null,null,null,null,null,null,null,null,null,null,null,null,null,null,null,null,null,null,null,null,null,null,null,null,null,null,null,null,null,null,null,null,null,null,null,null,null,null,null,null,null,null,null,null,null,null,null,null,null,null,null,null,null,null,null,null,null,null,null,null,null,null,null,null,null,null,null,null,null,null,null,null,null,null,null,null,null,null,null,null,null,null,null,null,null,null,null,null,null,null,null,null,null,null,null,null,null,null,null,null,null,null,null,null,null,null,null,null,null,null,null,"001780","REGULARIZACAO PISO 1:3 DESEMPENADO E=3CM","M2",0,0,0,0,0,0,2.6296724999999999,0,1.7490999999999999]
["001910","PINTURA CAIACAO PAREDE EXTERNA 03 DEMAOS","M2","F20001","AJUDANTE GERAL","H","M.O.",0.08,9.8279999999999994,0.78623999999999994,0,{"$f":"(SUMPRODUCT((PLANILHA_TAREFA[Ativo]=TRUE)*(PLANILHA_TAREFA[Qte Total])*(PLANILHA_TAREFA[Comp.]=A90)*PLANILHA_TAREFA[Quant.])+IF(ISERR(GETPIVOTDATA(\"Quant \",'Curva ABC - Insumos'!$A$3,\"Insumo\",A90)),0,GETPIVOTDATA(\"Quant \",'Curva ABC - Insumos'!$A$3,\"Insumo\",A90)))","v":0},0,0,0,0,0,0,0,1.12581,0,0,0,0,0,0,0,0,0,0,0,0,0,0,0,0,0,0,0,0,0,0,0,0,0,0,0,0,0,0,0,0,0,0,0,0,0,0,0,0,0,0,0,0,0,0,0,0,0,0,0,0,0,0,0,0,0,0,0,0,0,0,0,0,0,0,0,0,0,0,0,0,0,0,0,0,0,0,0,0,0,0,0,0,0,0,0,0,0,0,0,0,0,0,0,0,0,0,0,0,0,null,null,null,null,null,null,null,null,null,null,null,null,null,null,null,null,null,null,null,null,null,null,null,null,null,null,null,null,null,null,null,null,null,null,null,null,null,null,null,null,null,null,null,null,null,null,null,null,null,null,null,null,null,null,null,null,null,null,null,null,null,null,null,null,null,null,null,null,null,null,null,null,null,null,null,null,null,null,null,null,null,null,null,null,null,null,null,null,null,null,null,null,null,null,null,null,null,null,null,null,null,null,null,null,null,null,null,null,null,null,null,null,null,null,null,null,null,null,null,null,null,null,null,null,null,null,null,null,null,null,null,null,null,null,null,"001910","PINTURA CAIACAO PAREDE EXTERNA 03 DEMAOS","M2",0,0,0,0,0,0,1.12581,0,0]
["001910","PINTURA CAIACAO PAREDE EXTERNA 03 DEMAOS","M2","F20008","PINTOR ","H","M.O.",0.3,12.39,3.7170000000000001,0,{"$f":"(SUMPRODUCT((PLANILHA_TAREFA[Ativo]=TRUE)*(PLANILHA_TAREFA[Qte Total])*(PLANILHA_TAREFA[Comp.]=A91)*PLANILHA_TAREFA[Quant.])+IF(ISERR(GETPIVOTDATA(\"Quant \",'Curva ABC - Insumos'!$A$3,\"Insumo\",A91)),0,GETPIVOTDATA(\"Quant \",'Curva ABC - Insumos'!$A$3,\"Insumo\",A91)))","v":0},0,0,0,0,0,0,0,1.12581,0,0,0,0,0,0,0,0,0,0,0,0,0,0,0,0,0,0,0,0,0,0,0,0,0,0,0,0,0,0,0,0,0,0,0,0,0,0,0,0,0,0,0,0,0,0,0,0,0,0,0,0,0,0,0,0,0,0,0,0,0,0,0,0,0,0,0,0,0,0,0,0,0,0,0,0,0,0,0,0,0,0,0,0,0,0,0,0,0,0,0,0,0,0,0,0,0,0,0,0,0,null,null,null,null,null,null,null,null,null,null,null,null,null,null,null,null,null,null,null,null,null,null,null,null,null,null,null,null,null,null,null,null,null,null,null,null,null,null,null,null,null,null,null,null,null,null,null,null,null,null,null,null,null,null,null,null,null,null,null,null,null,null,null,null,null,null,null,null,null,null,null,null,null,null,null,null,null,null,null,null,null,null,null,null,null,null,null,null,null,null,null,null,null,null,null,null,null,null,null,null,null,null,null,null,null,null,null,null,null,null,null,null,null,null,null,null,null,null,null,null,null,null,null,null,null,null,null,null,null,null,null,null,null,null,null,"001910","PINTURA CAIACAO PAREDE EXTERNA 03 DEMAOS","M2",0,0,0,0,0,0,1.12581,0,0]
["001910","PINTURA CAIACAO PAREDE EXTERNA 03 DEMAOS","M2","M10019",{"$error":"#N/A"},{"$error":"#N/A"},"-",0.6,{"$error":"#REF!"},0,0,{"$f":"(SUMPRODUCT((PLANILHA_TAREFA[Ativo]=TRUE)*(PLANILHA_TAREFA[Qte Total])*(PLANILHA_TAREFA[Comp.]=A92)*PLANILHA_TAREFA[Quant.])+IF(ISERR(GETPIVOTDATA(\"Quant \",'Curva ABC - Insumos'!$A$3,\"Insumo\",A92)),0,GETPIVOTDATA(\"Quant \",'Curva ABC - Insumos'!$A$3,\"Insumo\",A92)))","v":0},0,0,0,0,0,0,0,1.12581,0,0,0,0,0,0,0,0,0,0,0,0,0,0,0,0,0,0,0,0,0,0,0,0,0,0,0,0,0,0,0,0,0,0,0,0,0,0,0,0,0,0,0,0,0,0,0,0,0,0,0,0,0,0,0,0,0,0,0,0,0,0,0,0,0,0,0,0,0,0,0,0,0,0,0,0,0,0,0,0,0,0,0,0,0,0,0,0,0,0,0,0,0,0,0,0,0,0,0,0,0,null,null,null,null,null,null,null,null,null,null,null,null,null,null,null,null,null,null,null,null,null,null,null,null,null,null,null,null,null,null,null,null,null,null,null,null,null,null,null,null,null,null,null,null,null,null,null,null,null,null,null,null,null,null,null,null,null,null,null,null,null,null,null,null,null,null,null,null,null,null,null,null,null,null,null,null,null,null,null,null,null,null,null,null,null,null,null,null,null,null,null,null,null,null,null,null,null,null,null,null,null,null,null,null,null,null,null,null,null,null,null,null,null,null,null,null,null,null,null,null,null,null,null,null,null,null,null,null,null,null,null,null,null,null,null,"001910","PINTURA CAIACAO PAREDE EXTERNA 03 DEMAOS","M2",0,0,0,0,0,0,1.12581,0,0]
["001910","PINTURA CAIACAO PAREDE EXTERNA 03 DEMAOS","M2","M10072",{"$error":"#N/A"},{"$error":"#N/A"},"-",2.2499999999999999E-2,{"$error":"#REF!"},0,0,{"$f":"(SUMPRODUCT((PLANILHA_TAREFA[Ativo]=TRUE)*(PLANILHA_TAREFA[Qte Total])*(PLANILHA_TAREFA[Comp.]=A93)*PLANILHA_TAREFA[Quant.])+IF(ISERR(GETPIVOTDATA(\"Quant \",'Curva ABC - Insumos'!$A$3,\"Insumo\",A93)),0,GETPIVOTDATA(\"Quant \",'Curva ABC - Insumos'!$A$3,\"Insumo\",A93)))","v":0},0,0,0,0,0,0,0,1.12581,0,0,0,0,0,0,0,0,0,0,0,0,0,0,0,0,0,0,0,0,0,0,0,0,0,0,0,0,0,0,0,0,0,0,0,0,0,0,0,0,0,0,0,0,0,0,0,0,0,0,0,0,0,0,0,0,0,0,0,0,0,0,0,0,0,0,0,0,0,0,0,0,0,0,0,0,0,0,0,0,0,0,0,0,0,0,0,0,0,0,0,0,0,0,0,0,0,0,0,0,0,null,null,null,null,null,null,null,null,null,null,null,null,null,null,null,null,null,null,null,null,null,null,null,null,null,null,null,null,null,null,null,null,null,null,null,null,null,null,null,null,null,null,null,null,null,null,null,null,null,null,null,null,null,null,null,null,null,null,null,null,null,null,null,null,null,null,null,null,null,null,null,null,null,null,null,null,null,null,null,null,null,null,null,null,null,null,null,null,null,null,null,null,null,null,null,null,null,null,null,null,null,null,null,null,null,null,null,null,null,null,null,null,null,null,null,null,null,null,null,null,null,null,null,null,null,null,null,null,null,null,null,null,null,null,null,"001910","PINTURA CAIACAO PAREDE EXTERNA 03 DEMAOS","M2",0,0,0,0,0,0,1.12581,0,0]
["002330","LIMPEZA DA OBRA","M2","F20009","SERVENTE","H","M.O.",0.4,9.8279999999999994,3.9312,21.028000000000002,{"$f":"(SUMPRODUCT((PLANILHA_TAREFA[Ativo]=TRUE)*(PLANILHA_TAREFA[Qte Total])*(PLANILHA_TAREFA[Comp.]=A94)*PLANILHA_TAREFA[Quant.])+IF(ISERR(GETPIVOTDATA(\"Quant \",'Curva ABC - Insumos'!$A$3,\"Insumo\",A94)),0,GETPIVOTDATA(\"Quant \",'Curva ABC - Insumos'!$A$3,\"Insumo\",A94)))","v":52.57},206.663184,0,0,0,0,0,0,3.9312,0,0,0,0,0,0,0,0,0,0,0,0,0,0,0,0,0,0,0,0,0,0,0,0,0,0,0,0,0,0,0,0,0,0,0,0,0,0,0,0,0,0,0,0,0,0,0,0,0,0,0,0,0,0,0,0,0,0,0,0,0,0,0,0,0,0,0,0,0,0,0,0,0,0,0,0,0,0,0,0,0,0,0,0,0,0,0,0,0,0,0,0,0,0,0,0,0,0,0,0,0,null,null,null,null,null,null,null,null,null,null,null,null,null,null,null,null,null,null,null,null,null,null,null,null,null,null,null,null,null,null,null,null,null,null,null,null,null,null,null,null,null,null,null,null,null,null,null,null,null,null,null,null,null,null,null,null,null,null,null,null,null,null,null,null,null,null,null,null,null,null,null,null,null,null,null,null,null,null,null,null,null,null,null,null,null,null,null,null,null,null,null,null,null,null,null,null,null,null,null,null,null,null,null,null,null,null,null,null,null,null,null,null,null,null,null,null,null,null,null,null,null,null,null,null,null,null,null,null,null,null,null,null,null,null,null,"002330","LIMPEZA DA OBRA","M2",0,0,0,0,0,0,3.9312,0,0]
["002413","ALVENARIA BLOCO DE CONCRETO ESTRUTURAL - E=14,0 CM - C=39,0 CM - 04,5 MPA","M2","M91342","ARGAMASSA DE ASSENTAMENTO MULTIPLO USO RESISTENCIA 03,5 MPA","KG","Mat.",20,0.35,7,0,{"$f":"(SUMPRODUCT((PLANILHA_TAREFA[Ativo]=TRUE)*(PLANILHA_TAREFA[Qte Total])*(PLANILHA_TAREFA[Comp.]=A95)*PLANILHA_TAREFA[Quant.])+IF(ISERR(GETPIVOTDATA(\"Quant \",'Curva ABC - Insumos'!$A$3,\"Insumo\",A95)),0,GETPIVOTDATA(\"Quant \",'Curva ABC - Insumos'!$A$3,\"Insumo\",A95)))","v":0},0,0,0,0,0,0,0,4.5440849999999999,0,1.75,0,0,0,0,0,0,0,0,0,0,0,0,0,0,0,0,0,0,0,0,0,0,0,0,0,0,0,0,0,0,0,0,0,0,0,0,0,0,0,0,0,0,0,0,0,0,0,0,0,0,0,0,0,0,0,0,0,0,0,0,0,0,0,0,0,0,0,0,0,0,0,0,0,0,0,0,0,0,0,0,0,0,0,0,0,0,0,0,0,0,0,0,0,0,0,0,0,0,0,null,null,null,null,null,null,null,null,null,null,null,null,null,null,null,null,null,null,null,null,null,null,null,null,null,null,null,null,null,null,null,null,null,null,null,null,null,null,null,null,null,null,null,null,null,null,null,null,null,null,null,null,null,null,null,null,null,null,null,null,null,null,null,null,null,null,null,null,null,null,null,null,null,null,null,null,null,null,null,null,null,null,null,null,null,null,null,null,null,null,null,null,null,null,null,null,null,null,null,null,null,null,null,null,null,null,null,null,null,null,null,null,null,null,null,null,null,null,null,null,null,null,null,null,null,null,null,null,null,null,null,null,null,null,null,"002413","ALVENARIA BLOCO DE CONCRETO ESTRUTURAL - E=14,0 CM - C=39,0 CM - 04,5 MPA","M2",0,0,0,0,0,0,4.5440849999999999,0,1.75]
["002413","ALVENARIA BLOCO DE CONCRETO ESTRUTURAL - E=14,0 CM - C=39,0 CM - 04,5 MPA","M2","F20007","PEDREIRO","H","M.O.",0.82,11.739000000000001,9.6259800000000002,0,{"$f":"(SUMPRODUCT((PLANILHA_TAREFA[Ativo]=TRUE)*(PLANILHA_TAREFA[Qte Total])*(PLANILHA_TAREFA[Comp.]=A96)*PLANILHA_TAREFA[Quant.])+IF(ISERR(GETPIVOTDATA(\"Quant \",'Curva ABC - Insumos'!$A$3,\"Insumo\",A96)),0,GETPIVOTDATA(\"Quant \",'Curva ABC - Insumos'!$A$3,\"Insumo\",A96)))","v":0},0,0,0,0,0,0,0,4.5440849999999999,0,1.75,0,0,0,0,0,0,0,0,0,0,0,0,0,0,0,0,0,0,0,0,0,0,0,0,0,0,0,0,0,0,0,0,0,0,0,0,0,0,0,0,0,0,0,0,0,0,0,0,0,0,0,0,0,0,0,0,0,0,0,0,0,0,0,0,0,0,0,0,0,0,0,0,0,0,0,0,0,0,0,0,0,0,0,0,0,0,0,0,0,0,0,0,0,0,0,0,0,0,0,null,null,null,null,null,null,null,null,null,null,null,null,null,null,null,null,null,null,null,null,null,null,null,null,null,null,null,null,null,null,null,null,null,null,null,null,null,null,null,null,null,null,null,null,null,null,null,null,null,null,null,null,null,null,null,null,null,null,null,null,null,null,null,null,null,null,null,null,null,null,null,null,null,null,null,null,null,null,null,null,null,null,null,null,null,null,null,null,null,null,null,null,null,null,null,null,null,null,null,null,null,null,null,null,null,null,null,null,null,null,null,null,null,null,null,null,null,null,null,null,null,null,null,null,null,null,null,null,null,null,null,null,null,null,null,"002413","ALVENARIA BLOCO DE CONCRETO ESTRUTURAL - E=14,0 CM - C=39,0 CM - 04,5 MPA","M2",0,0,0,0,0,0,4.5440849999999999,0,1.75]
["002413","ALVENARIA BLOCO DE CONCRETO ESTRUTURAL - E=14,0 CM - C=39,0 CM - 04,5 MPA","M2","F20009","SERVENTE","H","M.O.",0.87,9.8279999999999994,8.5503599999999995,0,{"$f":"(SUMPRODUCT((PLANILHA_TAREFA[Ativo]=TRUE)*(PLANILHA_TAREFA[Qte Total])*(PLANILHA_TAREFA[Comp.]=A97)*PLANILHA_TAREFA[Quant.])+IF(ISERR(GETPIVOTDATA(\"Quant \",'Curva ABC - Insumos'!$A$3,\"Insumo\",A97)),0,GETPIVOTDATA(\"Quant \",'Curva ABC - Insumos'!$A$3,\"Insumo\",A97)))","v":0},0,0,0,0,0,0,0,4.5440849999999999,0,1.75,0,0,0,0,0,0,0,0,0,0,0,0,0,0,0,0,0,0,0,0,0,0,0,0,0,0,0,0,0,0,0,0,0,0,0,0,0,0,0,0,0,0,0,0,0,0,0,0,0,0,0,0,0,0,0,0,0,0,0,0,0,0,0,0,0,0,0,0,0,0,0,0,0,0,0,0,0,0,0,0,0,0,0,0,0,0,0,0,0,0,0,0,0,0,0,0,0,0,0,null,null,null,null,null,null,null,null,null,null,null,null,null,null,null,null,null,null,null,null,null,null,null,null,null,null,null,null,null,null,null,null,null,null,null,null,null,null,null,null,null,null,null,null,null,null,null,null,null,null,null,null,null,null,null,null,null,null,null,null,null,null,null,null,null,null,null,null,null,null,null,null,null,null,null,null,null,null,null,null,null,null,null,null,null,null,null,null,null,null,null,null,null,null,null,null,null,null,null,null,null,null,null,null,null,null,null,null,null,null,null,null,null,null,null,null,null,null,null,null,null,null,null,null,null,null,null,null,null,null,null,null,null,null,null,"002413","ALVENARIA BLOCO DE CONCRETO ESTRUTURAL - E=14,0 CM - C=39,0 CM - 04,5 MPA","M2",0,0,0,0,0,0,4.5440849999999999,0,1.75]
["002413","ALVENARIA BLOCO DE CONCRETO ESTRUTURAL - E=14,0 CM - C=39,0 CM - 04,5 MPA","M2","M10189",{"$error":"#N/A"},{"$error":"#N/A"},"-",13.13,{"$error":"#REF!"},0,0,{"$f":"(SUMPRODUCT((PLANILHA_TAREFA[Ativo]=TRUE)*(PLANILHA_TAREFA[Qte Total])*(PLANILHA_TAREFA[Comp.]=A98)*PLANILHA_TAREFA[Quant.])+IF(ISERR(GETPIVOTDATA(\"Quant \",'Curva ABC - Insumos'!$A$3,\"Insumo\",A98)),0,GETPIVOTDATA(\"Quant \",'Curva ABC - Insumos'!$A$3,\"Insumo\",A98)))","v":0},0,0,0,0,0,0,0,4.5440849999999999,0,1.75,0,0,0,0,0,0,0,0,0,0,0,0,0,0,0,0,0,0,0,0,0,0,0,0,0,0,0,0,0,0,0,0,0,0,0,0,0,0,0,0,0,0,0,0,0,0,0,0,0,0,0,0,0,0,0,0,0,0,0,0,0,0,0,0,0,0,0,0,0,0,0,0,0,0,0,0,0,0,0,0,0,0,0,0,0,0,0,0,0,0,0,0,0,0,0,0,0,0,0,null,null,null,null,null,null,null,null,null,null,null,null,null,null,null,null,null,null,null,null,null,null,null,null,null,null,null,null,null,null,null,null,null,null,null,null,null,null,null,null,null,null,null,null,null,null,null,null,null,null,null,null,null,null,null,null,null,null,null,null,null,null,null,null,null,null,null,null,null,null,null,null,null,null,null,null,null,null,null,null,null,null,null,null,null,null,null,null,null,null,null,null,null,null,null,null,null,null,null,null,null,null,null,null,null,null,null,null,null,null,null,null,null,null,null,null,null,null,null,null,null,null,null,null,null,null,null,null,null,null,null,null,null,null,null,"002413","ALVENARIA BLOCO DE CONCRETO ESTRUTURAL - E=14,0 CM - C=39,0 CM - 04,5 MPA","M2",0,0,0,0,0,0,4.5440849999999999,0,1.75]
["002414","ALVENARIA BLOCO DE CONCRETO CANALETA ESTRUTURAL - E=14,0 CM - C=39,0 CM - 04,5 MPA","M2","M91342","ARGAMASSA DE ASSENTAMENTO MULTIPLO USO RESISTENCIA 03,5 MPA","KG","Mat.",20,0.35,7,0,{"$f":"(SUMPRODUCT((PLANILHA_TAREFA[Ativo]=TRUE)*(PLANILHA_TAREFA[Qte Total])*(PLANILHA_TAREFA[Comp.]=A99)*PLANILHA_TAREFA[Quant.])+IF(ISERR(GETPIVOTDATA(\"Quant \",'Curva ABC - Insumos'!$A$3,\"Insumo\",A99)),0,GETPIVOTDATA(\"Quant \",'Curva ABC - Insumos'!$A$3,\"Insumo\",A99)))","v":0},0,0,0,0,0,0,0,4.5440849999999999,0,1.75,0,0,0,0,0,0,0,0,0,0,0,0,0,0,0,0,0,0,0,0,0,0,0,0,0,0,0,0,0,0,0,0,0,0,0,0,0,0,0,0,0,0,0,0,0,0,0,0,0,0,0,0,0,0,0,0,0,0,0,0,0,0,0,0,0,0,0,0,0,0,0,0,0,0,0,0,0,0,0,0,0,0,0,0,0,0,0,0,0,0,0,0,0,0,0,0,0,0,0,null,null,null,null,null,null,null,null,null,null,null,null,null,null,null,null,null,null,null,null,null,null,null,null,null,null,null,null,null,null,null,null,null,null,null,null,null,null,null,null,null,null,null,null,null,null,null,null,null,null,null,null,null,null,null,null,null,null,null,null,null,null,null,null,null,null,null,null,null,null,null,null,null,null,null,null,null,null,null,null,null,null,null,null,null,null,null,null,null,null,null,null,null,null,null,null,null,null,null,null,null,null,null,null,null,null,null,null,null,null,null,null,null,null,null,null,null,null,null,null,null,null,null,null,null,null,null,null,null,null,null,null,null,null,null,"002414","ALVENARIA BLOCO DE CONCRETO CANALETA ESTRUTURAL - E=14,0 CM - C=39,0 CM - 04,5 MPA","M2",0,0,0,0,0,0,4.5440849999999999,0,1.75]
["002414","ALVENARIA BLOCO DE CONCRETO CANALETA ESTRUTURAL - E=14,0 CM - C=39,0 CM - 04,5 MPA","M2","F20007","PEDREIRO","H","M.O.",0.82,11.739000000000001,9.6259800000000002,0,{"$f":"(SUMPRODUCT((PLANILHA_TAREFA[Ativo]=TRUE)*(PLANILHA_TAREFA[Qte Total])*(PLANILHA_TAREFA[Comp.]=A100)*PLANILHA_TAREFA[Quant.])+IF(ISERR(GETPIVOTDATA(\"Quant \",'Curva ABC - Insumos'!$A$3,\"Insumo\",A100)),0,GETPIVOTDATA(\"Quant \",'Curva ABC - Insumos'!$A$3,\"Insumo\",A100)))","v":0},0,0,0,0,0,0,0,4.5440849999999999,0,1.75,0,0,0,0,0,0,0,0,0,0,0,0,0,0,0,0,0,0,0,0,0,0,0,0,0,0,0,0,0,0,0,0,0,0,0,0,0,0,0,0,0,0,0,0,0,0,0,0,0,0,0,0,0,0,0,0,0,0,0,0,0,0,0,0,0,0,0,0,0,0,0,0,0,0,0,0,0,0,0,0,0,0,0,0,0,0,0,0,0,0,0,0,0,0,0,0,0,0,0,null,null,null,null,null,null,null,null,null,null,null,null,null,null,null,null,null,null,null,null,null,null,null,null,null,null,null,null,null,null,null,null,null,null,null,null,null,null,null,null,null,null,null,null,null,null,null,null,null,null,null,null,null,null,null,null,null,null,null,null,null,null,null,null,null,null,null,null,null,null,null,null,null,null,null,null,null,null,null,null,null,null,null,null,null,null,null,null,null,null,null,null,null,null,null,null,null,null,null,null,null,null,null,null,null,null,null,null,null,null,null,null,null,null,null,null,null,null,null,null,null,null,null,null,null,null,null,null,null,null,null,null,null,null,null,"002414","ALVENARIA BLOCO DE CONCRETO CANALETA ESTRUTURAL - E=14,0 CM - C=39,0 CM - 04,5 MPA","M2",0,0,0,0,0,0,4.5440849999999999,0,1.75]
["002414","ALVENARIA BLOCO DE CONCRETO CANALETA ESTRUTURAL - E=14,0 CM - C=39,0 CM - 04,5 MPA","M2","M10188",{"$error":"#N/A"},{"$error":"#N/A"},"-",13.13,{"$error":"#REF!"},0,0,{"$f":"(SUMPRODUCT((PLANILHA_TAREFA[Ativo]=TRUE)*(PLANILHA_TAREFA[Qte Total])*(PLANILHA_TAREFA[Comp.]=A101)*PLANILHA_TAREFA[Quant.])+IF(ISERR(GETPIVOTDATA(\"Quant \",'Curva ABC - Insumos'!$A$3,\"Insumo\",A101)),0,GETPIVOTDATA(\"Quant \",'Curva ABC - Insumos'!$A$3,\"Insumo\",A101)))","v":0},0,0,0,0,0,0,0,4.5440849999999999,0,1.75,0,0,0,0,0,0,0,0,0,0,0,0,0,0,0,0,0,0,0,0,0,0,0,0,0,0,0,0,0,0,0,0,0,0,0,0,0,0,0,0,0,0,0,0,0,0,0,0,0,0,0,0,0,0,0,0,0,0,0,0,0,0,0,0,0,0,0,0,0,0,0,0,0,0,0,0,0,0,0,0,0,0,0,0,0,0,0,0,0,0,0,0,0,0,0,0,0,0,0,null,null,null,null,null,null,null,null,null,null,null,null,null,null,null,null,null,null,null,null,null,null,null,null,null,null,null,null,null,null,null,null,null,null,null,null,null,null,null,null,null,null,null,null,null,null,null,null,null,null,null,null,null,null,null,null,null,null,null,null,null,null,null,null,null,null,null,null,null,null,null,null,null,null,null,null,null,null,null,null,null,null,null,null,null,null,null,null,null,null,null,null,null,null,null,null,null,null,null,null,null,null,null,null,null,null,null,null,null,null,null,null,null,null,null,null,null,null,null,null,null,null,null,null,null,null,null,null,null,null,null,null,null,null,null,"002414","ALVENARIA BLOCO DE CONCRETO CANALETA ESTRUTURAL - E=14,0 CM - C=39,0 CM - 04,5 MPA","M2",0,0,0,0,0,0,4.5440849999999999,0,1.75]
["002414","ALVENARIA BLOCO DE CONCRETO CANALETA ESTRUTURAL - E=14,0 CM - C=39,0 CM - 04,5 MPA","M2","F20009","SERVENTE","H","M.O.",0.87,9.8279999999999994,8.5503599999999995,0,{"$f":"(SUMPRODUCT((PLANILHA_TAREFA[Ativo]=TRUE)*(PLANILHA_TAREFA[Qte Total])*(PLANILHA_TAREFA[Comp.]=A102)*PLANILHA_TAREFA[Quant.])+IF(ISERR(GETPIVOTDATA(\"Quant \",'Curva ABC - Insumos'!$A$3,\"Insumo\",A102)),0,GETPIVOTDATA(\"Quant \",'Curva ABC - Insumos'!$A$3,\"Insumo\",A102)))","v":0},0,0,0,0,0,0,0,4.5440849999999999,0,1.75,0,0,0,0,0,0,0,0,0,0,0,0,0,0,0,0,0,0,0,0,0,0,0,0,0,0,0,0,0,0,0,0,0,0,0,0,0,0,0,0,0,0,0,0,0,0,0,0,0,0,0,0,0,0,0,0,0,0,0,0,0,0,0,0,0,0,0,0,0,0,0,0,0,0,0,0,0,0,0,0,0,0,0,0,0,0,0,0,0,0,0,0,0,0,0,0,0,0,0,null,null,null,null,null,null,null,null,null,null,null,null,null,null,null,null,null,null,null,null,null,null,null,null,null,null,null,null,null,null,null,null,null,null,null,null,null,null,null,null,null,null,null,null,null,null,null,null,null,null,null,null,null,null,null,null,null,null,null,null,null,null,null,null,null,null,null,null,null,null,null,null,null,null,null,null,null,null,null,null,null,null,null,null,null,null,null,null,null,null,null,null,null,null,null,null,null,null,null,null,null,null,null,null,null,null,null,null,null,null,null,null,null,null,null,null,null,null,null,null,null,null,null,null,null,null,null,null,null,null,null,null,null,null,null,"002414","ALVENARIA BLOCO DE CONCRETO CANALETA ESTRUTURAL - E=14,0 CM - C=39,0 CM - 04,5 MPA","M2",0,0,0,0,0,0,4.5440849999999999,0,1.75]
["002481","PINTURA ESMALTE SOBRE ESQUADRIA DE MADEIRA - 2 DEMAOS","M2","M10065","PINTURA - AGUA RAZ","L","Mat.",0.04,6.28,0.25120000000000003,0.82000000000000006,{"$f":"(SUMPRODUCT((PLANILHA_TAREFA[Ativo]=TRUE)*(PLANILHA_TAREFA[Qte Total])*(PLANILHA_TAREFA[Comp.]=A103)*PLANILHA_TAREFA[Quant.])+IF(ISERR(GETPIVOTDATA(\"Quant \",'Curva ABC - Insumos'!$A$3,\"Insumo\",A103)),0,GETPIVOTDATA(\"Quant \",'Curva ABC - Insumos'!$A$3,\"Insumo\",A103)))","v":20.5},5.1496000000000004,0,0,0,0,0,0,0.90153000000000005,0,0.71913333333333329,0,0,0,0,0,0,0,0,0,0,0,0,0,0,0,0,0,0,0,0,0,0,0,0,0,0,0,0,0,0,0,0,0,0,0,0,0,0,0,0,0,0,0,0,0,0,0,0,0,0,0,0,0,0,0,0,0,0,0,0,0,0,0,0,0,0,0,0,0,0,0,0,0,0,0,0,0,0,0,0,0,0,0,0,0,0,0,0,0,0,0,0,0,0,0,0,0,0,0,null,null,null,null,null,null,null,null,null,null,null,null,null,null,null,null,null,null,null,null,null,null,null,null,null,null,null,null,null,null,null,null,null,null,null,null,null,null,null,null,null,null,null,null,null,null,null,null,null,null,null,null,null,null,null,null,null,null,null,null,null,null,null,null,null,null,null,null,null,null,null,null,null,null,null,null,null,null,null,null,null,null,null,null,null,null,null,null,null,null,null,null,null,null,null,null,null,null,null,null,null,null,null,null,null,null,null,null,null,null,null,null,null,null,null,null,null,null,null,null,null,null,null,null,null,null,null,null,null,null,null,null,null,null,null,"002481","PINTURA ESMALTE SOBRE ESQUADRIA DE MADEIRA - 2 DEMAOS","M2",0,0,0,0,0,0,0.90153000000000005,0,0.71913333333333329]
["002481","PINTURA ESMALTE SOBRE ESQUADRIA DE MADEIRA - 2 DEMAOS","M2","M10085","PINTURA - FUNDO (BRANCO FOSCO)","L","Mat.",0.13,13.8,1.7940000000000003,2.665,{"$f":"(SUMPRODUCT((PLANILHA_TAREFA[Ativo]=TRUE)*(PLANILHA_TAREFA[Qte Total])*(PLANILHA_TAREFA[Comp.]=A104)*PLANILHA_TAREFA[Quant.])+IF(ISERR(GETPIVOTDATA(\"Quant \",'Curva ABC - Insumos'!$A$3,\"Insumo\",A104)),0,GETPIVOTDATA(\"Quant \",'Curva ABC - Insumos'!$A$3,\"Insumo\",A104)))","v":20.5},36.777000000000001,0,0,0,0,0,0,0.90153000000000005,0,0.71913333333333329,0,0,0,0,0,0,0,0,0,0,0,0,0,0,0,0,0,0,0,0,0,0,0,0,0,0,0,0,0,0,0,0,0,0,0,0,0,0,0,0,0,0,0,0,0,0,0,0,0,0,0,0,0,0,0,0,0,0,0,0,0,0,0,0,0,0,0,0,0,0,0,0,0,0,0,0,0,0,0,0,0,0,0,0,0,0,0,0,0,0,0,0,0,0,0,0,0,0,0,null,null,null,null,null,null,null,null,null,null,null,null,null,null,null,null,null,null,null,null,null,null,null,null,null,null,null,null,null,null,null,null,null,null,null,null,null,null,null,null,null,null,null,null,null,null,null,null,null,null,null,null,null,null,null,null,null,null,null,null,null,null,null,null,null,null,null,null,null,null,null,null,null,null,null,null,null,null,null,null,null,null,null,null,null,null,null,null,null,null,null,null,null,null,null,null,null,null,null,null,null,null,null,null,null,null,null,null,null,null,null,null,null,null,null,null,null,null,null,null,null,null,null,null,null,null,null,null,null,null,null,null,null,null,null,"002481","PINTURA ESMALTE SOBRE ESQUADRIA DE MADEIRA - 2 DEMAOS","M2",0,0,0,0,0,0,0.90153000000000005,0,0.71913333333333329]
["002481","PINTURA ESMALTE SOBRE ESQUADRIA DE MADEIRA - 2 DEMAOS","M2","M10067","LIXA P/ MADEIRA","UN","Mat.",0.4,0.22,8.8000000000000009E-2,8.2000000000000011,{"$f":"(SUMPRODUCT((PLANILHA_TAREFA[Ativo]=TRUE)*(PLANILHA_TAREFA[Qte Total])*(PLANILHA_TAREFA[Comp.]=A105)*PLANILHA_TAREFA[Quant.])+IF(ISERR(GETPIVOTDATA(\"Quant \",'Curva ABC - Insumos'!$A$3,\"Insumo\",A105)),0,GETPIVOTDATA(\"Quant \",'Curva ABC - Insumos'!$A$3,\"Insumo\",A105)))","v":20.5},1.8040000000000003,0,0,0,0,0,0,0.90153000000000005,0,0.71913333333333329,0,0,0,0,0,0,0,0,0,0,0,0,0,0,0,0,0,0,0,0,0,0,0,0,0,0,0,0,0,0,0,0,0,0,0,0,0,0,0,0,0,0,0,0,0,0,0,0,0,0,0,0,0,0,0,0,0,0,0,0,0,0,0,0,0,0,0,0,0,0,0,0,0,0,0,0,0,0,0,0,0,0,0,0,0,0,0,0,0,0,0,0,0,0,0,0,0,0,0,null,null,null,null,null,null,null,null,null,null,null,null,null,null,null,null,null,null,null,null,null,null,null,null,null,null,null,null,null,null,null,null,null,null,null,null,null,null,null,null,null,null,null,null,null,null,null,null,null,null,null,null,null,null,null,null,null,null,null,null,null,null,null,null,null,null,null,null,null,null,null,null,null,null,null,null,null,null,null,null,null,null,null,null,null,null,null,null,null,null,null,null,null,null,null,null,null,null,null,null,null,null,null,null,null,null,null,null,null,null,null,null,null,null,null,null,null,null,null,null,null,null,null,null,null,null,null,null,null,null,null,null,null,null,null,"002481","PINTURA ESMALTE SOBRE ESQUADRIA DE MADEIRA - 2 DEMAOS","M2",0,0,0,0,0,0,0.90153000000000005,0,0.71913333333333329]
["002481","PINTURA ESMALTE SOBRE ESQUADRIA DE MADEIRA - 2 DEMAOS","M2","F20008","PINTOR ","H","M.O.",0.27,12.39,3.3453000000000004,5.5350000000000001,{"$f":"(SUMPRODUCT((PLANILHA_TAREFA[Ativo]=TRUE)*(PLANILHA_TAREFA[Qte Total])*(PLANILHA_TAREFA[Comp.]=A106)*PLANILHA_TAREFA[Quant.])+IF(ISERR(GETPIVOTDATA(\"Quant \",'Curva ABC - Insumos'!$A$3,\"Insumo\",A106)),0,GETPIVOTDATA(\"Quant \",'Curva ABC - Insumos'!$A$3,\"Insumo\",A106)))","v":20.5},68.57865000000001,0,0,0,0,0,0,0.90153000000000005,0,0.71913333333333329,0,0,0,0,0,0,0,0,0,0,0,0,0,0,0,0,0,0,0,0,0,0,0,0,0,0,0,0,0,0,0,0,0,0,0,0,0,0,0,0,0,0,0,0,0,0,0,0,0,0,0,0,0,0,0,0,0,0,0,0,0,0,0,0,0,0,0,0,0,0,0,0,0,0,0,0,0,0,0,0,0,0,0,0,0,0,0,0,0,0,0,0,0,0,0,0,0,0,0,null,null,null,null,null,null,null,null,null,null,null,null,null,null,null,null,null,null,null,null,null,null,null,null,null,null,null,null,null,null,null,null,null,null,null,null,null,null,null,null,null,null,null,null,null,null,null,null,null,null,null,null,null,null,null,null,null,null,null,null,null,null,null,null,null,null,null,null,null,null,null,null,null,null,null,null,null,null,null,null,null,null,null,null,null,null,null,null,null,null,null,null,null,null,null,null,null,null,null,null,null,null,null,null,null,null,null,null,null,null,null,null,null,null,null,null,null,null,null,null,null,null,null,null,null,null,null,null,null,null,null,null,null,null,null,"002481","PINTURA ESMALTE SOBRE ESQUADRIA DE MADEIRA - 2 DEMAOS","M2",0,0,0,0,0,0,0.90153000000000005,0,0.71913333333333329]
["002481","PINTURA ESMALTE SOBRE ESQUADRIA DE MADEIRA - 2 DEMAOS","M2","F20001","AJUDANTE GERAL","H","M.O.",0.21,9.8279999999999994,2.0638799999999997,4.3049999999999997,{"$f":"(SUMPRODUCT((PLANILHA_TAREFA[Ativo]=TRUE)*(PLANILHA_TAREFA[Qte Total])*(PLANILHA_TAREFA[Comp.]=A107)*PLANILHA_TAREFA[Quant.])+IF(ISERR(GETPIVOTDATA(\"Quant \",'Curva ABC - Insumos'!$A$3,\"Insumo\",A107)),0,GETPIVOTDATA(\"Quant \",'Curva ABC - Insumos'!$A$3,\"Insumo\",A107)))","v":20.5},42.309539999999991,0,0,0,0,0,0,0.90153000000000005,0,0.71913333333333329,0,0,0,0,0,0,0,0,0,0,0,0,0,0,0,0,0,0,0,0,0,0,0,0,0,0,0,0,0,0,0,0,0,0,0,0,0,0,0,0,0,0,0,0,0,0,0,0,0,0,0,0,0,0,0,0,0,0,0,0,0,0,0,0,0,0,0,0,0,0,0,0,0,0,0,0,0,0,0,0,0,0,0,0,0,0,0,0,0,0,0,0,0,0,0,0,0,0,0,null,null,null,null,null,null,null,null,null,null,null,null,null,null,null,null,null,null,null,null,null,null,null,null,null,null,null,null,null,null,null,null,null,null,null,null,null,null,null,null,null,null,null,null,null,null,null,null,null,null,null,null,null,null,null,null,null,null,null,null,null,null,null,null,null,null,null,null,null,null,null,null,null,null,null,null,null,null,null,null,null,null,null,null,null,null,null,null,null,null,null,null,null,null,null,null,null,null,null,null,null,null,null,null,null,null,null,null,null,null,null,null,null,null,null,null,null,null,null,null,null,null,null,null,null,null,null,null,null,null,null,null,null,null,null,"002481","PINTURA ESMALTE SOBRE ESQUADRIA DE MADEIRA - 2 DEMAOS","M2",0,0,0,0,0,0,0.90153000000000005,0,0.71913333333333329]
["002481","PINTURA ESMALTE SOBRE ESQUADRIA DE MADEIRA - 2 DEMAOS","M2","M10156","PINTURA - TINTA ESMALTE","L","Mat.",0.18,12.12,2.1816,3.69,{"$f":"(SUMPRODUCT((PLANILHA_TAREFA[Ativo]=TRUE)*(PLANILHA_TAREFA[Qte Total])*(PLANILHA_TAREFA[Comp.]=A108)*PLANILHA_TAREFA[Quant.])+IF(ISERR(GETPIVOTDATA(\"Quant \",'Curva ABC - Insumos'!$A$3,\"Insumo\",A108)),0,GETPIVOTDATA(\"Quant \",'Curva ABC - Insumos'!$A$3,\"Insumo\",A108)))","v":20.5},44.722799999999999,0,0,0,0,0,0,0.90153000000000005,0,0.71913333333333329,0,0,0,0,0,0,0,0,0,0,0,0,0,0,0,0,0,0,0,0,0,0,0,0,0,0,0,0,0,0,0,0,0,0,0,0,0,0,0,0,0,0,0,0,0,0,0,0,0,0,0,0,0,0,0,0,0,0,0,0,0,0,0,0,0,0,0,0,0,0,0,0,0,0,0,0,0,0,0,0,0,0,0,0,0,0,0,0,0,0,0,0,0,0,0,0,0,0,0,null,null,null,null,null,null,null,null,null,null,null,null,null,null,null,null,null,null,null,null,null,null,null,null,null,null,null,null,null,null,null,null,null,null,null,null,null,null,null,null,null,null,null,null,null,null,null,null,null,null,null,null,null,null,null,null,null,null,null,null,null,null,null,null,null,null,null,null,null,null,null,null,null,null,null,null,null,null,null,null,null,null,null,null,null,null,null,null,null,null,null,null,null,null,null,null,null,null,null,null,null,null,null,null,null,null,null,null,null,null,null,null,null,null,null,null,null,null,null,null,null,null,null,null,null,null,null,null,null,null,null,null,null,null,null,"002481","PINTURA ESMALTE SOBRE ESQUADRIA DE MADEIRA - 2 DEMAOS","M2",0,0,0,0,0,0,0.90153000000000005,0,0.71913333333333329]
["002684","FECHADURA P/ PORTA EXTERNA - YALE","UN","M10062","FECHADURA P/ PORTA INTERNA YALE","UN","Mat.",1,39.700000000000003,39.700000000000003,1,{"$f":"(SUMPRODUCT((PLANILHA_TAREFA[Ativo]=TRUE)*(PLANILHA_TAREFA[Qte Total])*(PLANILHA_TAREFA[Comp.]=A109)*PLANILHA_TAREFA[Quant.])+IF(ISERR(GETPIVOTDATA(\"Quant \",'Curva ABC - Insumos'!$A$3,\"Insumo\",A109)),0,GETPIVOTDATA(\"Quant \",'Curva ABC - Insumos'!$A$3,\"Insumo\",A109)))","v":1},39.700000000000003,0,0,0,0,0,0,4.2954799999999995,0,13.233333333333334,0,0,0,0,0,0,0,0,0,0,0,0,0,0,0,0,0,0,0,0,0,0,0,0,0,0,0,0,0,0,0,0,0,0,0,0,0,0,0,0,0,0,0,0,0,0,0,0,0,0,0,0,0,0,0,0,0,0,0,0,0,0,0,0,0,0,0,0,0,0,0,0,0,0,0,0,0,0,0,0,0,0,0,0,0,0,0,0,0,0,0,0,0,0,0,0,0,0,0,null,null,null,null,null,null,null,null,null,null,null,null,null,null,null,null,null,null,null,null,null,null,null,null,null,null,null,null,null,null,null,null,null,null,null,null,null,null,null,null,null,null,null,null,null,null,null,null,null,null,null,null,null,null,null,null,null,null,null,null,null,null,null,null,null,null,null,null,null,null,null,null,null,null,null,null,null,null,null,null,null,null,null,null,null,null,null,null,null,null,null,null,null,null,null,null,null,null,null,null,null,null,null,null,null,null,null,null,null,null,null,null,null,null,null,null,null,null,null,null,null,null,null,null,null,null,null,null,null,null,null,null,null,null,null,"002684","FECHADURA P/ PORTA EXTERNA - YALE","UN",0,0,0,0,0,0,4.2954799999999995,0,13.233333333333334]
["002684","FECHADURA P/ PORTA EXTERNA - YALE","UN","F20003","CARPINTEIRO","H","M.O.",0.57999999999999996,12.39,7.1861999999999995,0.57999999999999996,{"$f":"(SUMPRODUCT((PLANILHA_TAREFA[Ativo]=TRUE)*(PLANILHA_TAREFA[Qte Total])*(PLANILHA_TAREFA[Comp.]=A110)*PLANILHA_TAREFA[Quant.])+IF(ISERR(GETPIVOTDATA(\"Quant \",'Curva ABC - Insumos'!$A$3,\"Insumo\",A110)),0,GETPIVOTDATA(\"Quant \",'Curva ABC - Insumos'!$A$3,\"Insumo\",A110)))","v":1},7.1861999999999995,0,0,0,0,0,0,4.2954799999999995,0,13.233333333333334,0,0,0,0,0,0,0,0,0,0,0,0,0,0,0,0,0,0,0,0,0,0,0,0,0,0,0,0,0,0,0,0,0,0,0,0,0,0,0,0,0,0,0,0,0,0,0,0,0,0,0,0,0,0,0,0,0,0,0,0,0,0,0,0,0,0,0,0,0,0,0,0,0,0,0,0,0,0,0,0,0,0,0,0,0,0,0,0,0,0,0,0,0,0,0,0,0,0,0,null,null,null,null,null,null,null,null,null,null,null,null,null,null,null,null,null,null,null,null,null,null,null,null,null,null,null,null,null,null,null,null,null,null,null,null,null,null,null,null,null,null,null,null,null,null,null,null,null,null,null,null,null,null,null,null,null,null,null,null,null,null,null,null,null,null,null,null,null,null,null,null,null,null,null,null,null,null,null,null,null,null,null,null,null,null,null,null,null,null,null,null,null,null,null,null,null,null,null,null,null,null,null,null,null,null,null,null,null,null,null,null,null,null,null,null,null,null,null,null,null,null,null,null,null,null,null,null,null,null,null,null,null,null,null,"002684","FECHADURA P/ PORTA EXTERNA - YALE","UN",0,0,0,0,0,0,4.2954799999999995,0,13.233333333333334]
["002684","FECHADURA P/ PORTA EXTERNA - YALE","UN","F20001","AJUDANTE GERAL","H","M.O.",0.57999999999999996,9.8279999999999994,5.7002399999999991,0.57999999999999996,{"$f":"(SUMPRODUCT((PLANILHA_TAREFA[Ativo]=TRUE)*(PLANILHA_TAREFA[Qte Total])*(PLANILHA_TAREFA[Comp.]=A111)*PLANILHA_TAREFA[Quant.])+IF(ISERR(GETPIVOTDATA(\"Quant \",'Curva ABC - Insumos'!$A$3,\"Insumo\",A111)),0,GETPIVOTDATA(\"Quant \",'Curva ABC - Insumos'!$A$3,\"Insumo\",A111)))","v":1},5.7002399999999991,0,0,0,0,0,0,4.2954799999999995,0,13.233333333333334,0,0,0,0,0,0,0,0,0,0,0,0,0,0,0,0,0,0,0,0,0,0,0,0,0,0,0,0,0,0,0,0,0,0,0,0,0,0,0,0,0,0,0,0,0,0,0,0,0,0,0,0,0,0,0,0,0,0,0,0,0,0,0,0,0,0,0,0,0,0,0,0,0,0,0,0,0,0,0,0,0,0,0,0,0,0,0,0,0,0,0,0,0,0,0,0,0,0,0,null,null,null,null,null,null,null,null,null,null,null,null,null,null,null,null,null,null,null,null,null,null,null,null,null,null,null,null,null,null,null,null,null,null,null,null,null,null,null,null,null,null,null,null,null,null,null,null,null,null,null,null,null,null,null,null,null,null,null,null,null,null,null,null,null,null,null,null,null,null,null,null,null,null,null,null,null,null,null,null,null,null,null,null,null,null,null,null,null,null,null,null,null,null,null,null,null,null,null,null,null,null,null,null,null,null,null,null,null,null,null,null,null,null,null,null,null,null,null,null,null,null,null,null,null,null,null,null,null,null,null,null,null,null,null,"002684","FECHADURA P/ PORTA EXTERNA - YALE","UN",0,0,0,0,0,0,4.2954799999999995,0,13.233333333333334]
["002685","FECHADURA P/ PORTA DO BANHEIRO","UN","M10064","FECHADURA P/ BANHEIRO","UN","Mat.",1,27.3,27.3,1,{"$f":"(SUMPRODUCT((PLANILHA_TAREFA[Ativo]=TRUE)*(PLANILHA_TAREFA[Qte Total])*(PLANILHA_TAREFA[Comp.]=A112)*PLANILHA_TAREFA[Quant.])+IF(ISERR(GETPIVOTDATA(\"Quant \",'Curva ABC - Insumos'!$A$3,\"Insumo\",A112)),0,GETPIVOTDATA(\"Quant \",'Curva ABC - Insumos'!$A$3,\"Insumo\",A112)))","v":1},27.3,0,0,0,0,0,0,4.2954799999999995,0,9.1,0,0,0,0,0,0,0,0,0,0,0,0,0,0,0,0,0,0,0,0,0,0,0,0,0,0,0,0,0,0,0,0,0,0,0,0,0,0,0,0,0,0,0,0,0,0,0,0,0,0,0,0,0,0,0,0,0,0,0,0,0,0,0,0,0,0,0,0,0,0,0,0,0,0,0,0,0,0,0,0,0,0,0,0,0,0,0,0,0,0,0,0,0,0,0,0,0,0,0,null,null,null,null,null,null,null,null,null,null,null,null,null,null,null,null,null,null,null,null,null,null,null,null,null,null,null,null,null,null,null,null,null,null,null,null,null,null,null,null,null,null,null,null,null,null,null,null,null,null,null,null,null,null,null,null,null,null,null,null,null,null,null,null,null,null,null,null,null,null,null,null,null,null,null,null,null,null,null,null,null,null,null,null,null,null,null,null,null,null,null,null,null,null,null,null,null,null,null,null,null,null,null,null,null,null,null,null,null,null,null,null,null,null,null,null,null,null,null,null,null,null,null,null,null,null,null,null,null,null,null,null,null,null,null,"002685","FECHADURA P/ PORTA DO BANHEIRO","UN",0,0,0,0,0,0,4.2954799999999995,0,9.1]
["002685","FECHADURA P/ PORTA DO BANHEIRO","UN","F20003","CARPINTEIRO","H","M.O.",0.57999999999999996,12.39,7.1861999999999995,0.57999999999999996,{"$f":"(SUMPRODUCT((PLANILHA_TAREFA[Ativo]=TRUE)*(PLANILHA_TAREFA[Qte Total])*(PLANILHA_TAREFA[Comp.]=A113)*PLANILHA_TAREFA[Quant.])+IF(ISERR(GETPIVOTDATA(\"Quant \",'Curva ABC - Insumos'!$A$3,\"Insumo\",A113)),0,GETPIVOTDATA(\"Quant \",'Curva ABC - Insumos'!$A$3,\"Insumo\",A113)))","v":1},7.1861999999999995,0,0,0,0,0,0,4.2954799999999995,0,9.1,0,0,0,0,0,0,0,0,0,0,0,0,0,0,0,0,0,0,0,0,0,0,0,0,0,0,0,0,0,0,0,0,0,0,0,0,0,0,0,0,0,0,0,0,0,0,0,0,0,0,0,0,0,0,0,0,0,0,0,0,0,0,0,0,0,0,0,0,0,0,0,0,0,0,0,0,0,0,0,0,0,0,0,0,0,0,0,0,0,0,0,0,0,0,0,0,0,0,0,null,null,null,null,null,null,null,null,null,null,null,null,null,null,null,null,null,null,null,null,null,null,null,null,null,null,null,null,null,null,null,null,null,null,null,null,null,null,null,null,null,null,null,null,null,null,null,null,null,null,null,null,null,null,null,null,null,null,null,null,null,null,null,null,null,null,null,null,null,null,null,null,null,null,null,null,null,null,null,null,null,null,null,null,null,null,null,null,null,null,null,null,null,null,null,null,null,null,null,null,null,null,null,null,null,null,null,null,null,null,null,null,null,null,null,null,null,null,null,null,null,null,null,null,null,null,null,null,null,null,null,null,null,null,null,"002685","FECHADURA P/ PORTA DO BANHEIRO","UN",0,0,0,0,0,0,4.2954799999999995,0,9.1]
["002685","FECHADURA P/ PORTA DO BANHEIRO","UN","F20001","AJUDANTE GERAL","H","M.O.",0.57999999999999996,9.8279999999999994,5.7002399999999991,0.57999999999999996,{"$f":"(SUMPRODUCT((PLANILHA_TAREFA[Ativo]=TRUE)*(PLANILHA_TAREFA[Qte Total])*(PLANILHA_TAREFA[Comp.]=A114)*PLANILHA_TAREFA[Quant.])+IF(ISERR(GETPIVOTDATA(\"Quant \",'Curva ABC - Insumos'!$A$3,\"Insumo\",A114)),0,GETPIVOTDATA(\"Quant \",'Curva ABC - Insumos'!$A$3,\"Insumo\",A114)))","v":1},5.7002399999999991,0,0,0,0,0,0,4.2954799999999995,0,9.1,0,0,0,0,0,0,0,0,0,0,0,0,0,0,0,0,0,0,0,0,0,0,0,0,0,0,0,0,0,0,0,0,0,0,0,0,0,0,0,0,0,0,0,0,0,0,0,0,0,0,0,0,0,0,0,0,0,0,0,0,0,0,0,0,0,0,0,0,0,0,0,0,0,0,0,0,0,0,0,0,0,0,0,0,0,0,0,0,0,0,0,0,0,0,0,0,0,0,0,null,null,null,null,null,null,null,null,null,null,null,null,null,null,null,null,null,null,null,null,null,null,null,null,null,null,null,null,null,null,null,null,null,null,null,null,null,null,null,null,null,null,null,null,null,null,null,null,null,null,null,null,null,null,null,null,null,null,null,null,null,null,null,null,null,null,null,null,null,null,null,null,null,null,null,null,null,null,null,null,null,null,null,null,null,null,null,null,null,null,null,null,null,null,null,null,null,null,null,null,null,null,null,null,null,null,null,null,null,null,null,null,null,null,null,null,null,null,null,null,null,null,null,null,null,null,null,null,null,null,null,null,null,null,null,"002685","FECHADURA P/ PORTA DO BANHEIRO","UN",0,0,0,0,0,0,4.2954799999999995,0,9.1]
["002687","FECHADURA P/ PORTA INTERNA - GORGES","UN","F20001","AJUDANTE GERAL","H","M.O.",0.57999999999999996,9.8279999999999994,5.7002399999999991,1.1599999999999999,{"$f":"(SUMPRODUCT((PLANILHA_TAREFA[Ativo]=TRUE)*(PLANILHA_TAREFA[Qte Total])*(PLANILHA_TAREFA[Comp.]=A115)*PLANILHA_TAREFA[Quant.])+IF(ISERR(GETPIVOTDATA(\"Quant \",'Curva ABC - Insumos'!$A$3,\"Insumo\",A115)),0,GETPIVOTDATA(\"Quant \",'Curva ABC - Insumos'!$A$3,\"Insumo\",A115)))","v":2},11.400479999999998,0,0,0,0,0,0,4.2954799999999995,0,9.0666666666666664,0,0,0,0,0,0,0,0,0,0,0,0,0,0,0,0,0,0,0,0,0,0,0,0,0,0,0,0,0,0,0,0,0,0,0,0,0,0,0,0,0,0,0,0,0,0,0,0,0,0,0,0,0,0,0,0,0,0,0,0,0,0,0,0,0,0,0,0,0,0,0,0,0,0,0,0,0,0,0,0,0,0,0,0,0,0,0,0,0,0,0,0,0,0,0,0,0,0,0,null,null,null,null,null,null,null,null,null,null,null,null,null,null,null,null,null,null,null,null,null,null,null,null,null,null,null,null,null,null,null,null,null,null,null,null,null,null,null,null,null,null,null,null,null,null,null,null,null,null,null,null,null,null,null,null,null,null,null,null,null,null,null,null,null,null,null,null,null,null,null,null,null,null,null,null,null,null,null,null,null,null,null,null,null,null,null,null,null,null,null,null,null,null,null,null,null,null,null,null,null,null,null,null,null,null,null,null,null,null,null,null,null,null,null,null,null,null,null,null,null,null,null,null,null,null,null,null,null,null,null,null,null,null,null,"002687","FECHADURA P/ PORTA INTERNA - GORGES","UN",0,0,0,0,0,0,4.2954799999999995,0,9.0666666666666664]
["002687","FECHADURA P/ PORTA INTERNA - GORGES","UN","M10063","FECHADURA P/ PORTA INTERNA GORGES","UN","Mat.",1,27.2,27.2,2,{"$f":"(SUMPRODUCT((PLANILHA_TAREFA[Ativo]=TRUE)*(PLANILHA_TAREFA[Qte Total])*(PLANILHA_TAREFA[Comp.]=A116)*PLANILHA_TAREFA[Quant.])+IF(ISERR(GETPIVOTDATA(\"Quant \",'Curva ABC - Insumos'!$A$3,\"Insumo\",A116)),0,GETPIVOTDATA(\"Quant \",'Curva ABC - Insumos'!$A$3,\"Insumo\",A116)))","v":2},54.4,0,0,0,0,0,0,4.2954799999999995,0,9.0666666666666664,0,0,0,0,0,0,0,0,0,0,0,0,0,0,0,0,0,0,0,0,0,0,0,0,0,0,0,0,0,0,0,0,0,0,0,0,0,0,0,0,0,0,0,0,0,0,0,0,0,0,0,0,0,0,0,0,0,0,0,0,0,0,0,0,0,0,0,0,0,0,0,0,0,0,0,0,0,0,0,0,0,0,0,0,0,0,0,0,0,0,0,0,0,0,0,0,0,0,0,null,null,null,null,null,null,null,null,null,null,null,null,null,null,null,null,null,null,null,null,null,null,null,null,null,null,null,null,null,null,null,null,null,null,null,null,null,null,null,null,null,null,null,null,null,null,null,null,null,null,null,null,null,null,null,null,null,null,null,null,null,null,null,null,null,null,null,null,null,null,null,null,null,null,null,null,null,null,null,null,null,null,null,null,null,null,null,null,null,null,null,null,null,null,null,null,null,null,null,null,null,null,null,null,null,null,null,null,null,null,null,null,null,null,null,null,null,null,null,null,null,null,null,null,null,null,null,null,null,null,null,null,null,null,null,"002687","FECHADURA P/ PORTA INTERNA - GORGES","UN",0,0,0,0,0,0,4.2954799999999995,0,9.0666666666666664]
["002687","FECHADURA P/ PORTA INTERNA - GORGES","UN","F20003","CARPINTEIRO","H","M.O.",0.57999999999999996,12.39,7.1861999999999995,1.1599999999999999,{"$f":"(SUMPRODUCT((PLANILHA_TAREFA[Ativo]=TRUE)*(PLANILHA_TAREFA[Qte Total])*(PLANILHA_TAREFA[Comp.]=A117)*PLANILHA_TAREFA[Quant.])+IF(ISERR(GETPIVOTDATA(\"Quant \",'Curva ABC - Insumos'!$A$3,\"Insumo\",A117)),0,GETPIVOTDATA(\"Quant \",'Curva ABC - Insumos'!$A$3,\"Insumo\",A117)))","v":2},14.372399999999999,0,0,0,0,0,0,4.2954799999999995,0,9.0666666666666664,0,0,0,0,0,0,0,0,0,0,0,0,0,0,0,0,0,0,0,0,0,0,0,0,0,0,0,0,0,0,0,0,0,0,0,0,0,0,0,0,0,0,0,0,0,0,0,0,0,0,0,0,0,0,0,0,0,0,0,0,0,0,0,0,0,0,0,0,0,0,0,0,0,0,0,0,0,0,0,0,0,0,0,0,0,0,0,0,0,0,0,0,0,0,0,0,0,0,0,null,null,null,null,null,null,null,null,null,null,null,null,null,null,null,null,null,null,null,null,null,null,null,null,null,null,null,null,null,null,null,null,null,null,null,null,null,null,null,null,null,null,null,null,null,null,null,null,null,null,null,null,null,null,null,null,null,null,null,null,null,null,null,null,null,null,null,null,null,null,null,null,null,null,null,null,null,null,null,null,null,null,null,null,null,null,null,null,null,null,null,null,null,null,null,null,null,null,null,null,null,null,null,null,null,null,null,null,null,null,null,null,null,null,null,null,null,null,null,null,null,null,null,null,null,null,null,null,null,null,null,null,null,null,null,"002687","FECHADURA P/ PORTA INTERNA - GORGES","UN",0,0,0,0,0,0,4.2954799999999995,0,9.0666666666666664]
["002746","ESTACA ESCAV MEC D = 25 CM FCK = 15,0 MPa USINADO S/ ARMACAO - SOLO NORMAL","MT","000310","CONCRETO USINADO 15,0 MPA SLUMP CONVENCIONAL C/ LANCAMENTO","M3","-",0.05,331.85630000000003,16.592815000000002,0,{"$f":"(SUMPRODUCT((PLANILHA_TAREFA[Ativo]=TRUE)*(PLANILHA_TAREFA[Qte Total])*(PLANILHA_TAREFA[Comp.]=A118)*PLANILHA_TAREFA[Quant.])+IF(ISERR(GETPIVOTDATA(\"Quant \",'Curva ABC - Insumos'!$A$3,\"Insumo\",A118)),0,GETPIVOTDATA(\"Quant \",'Curva ABC - Insumos'!$A$3,\"Insumo\",A118)))","v":0},0,0,0,0,0,0,0,0.471744,0,0,0,1.5,0,0,0,0,3.3374250000000005,0,11.75539,0,0,0,0,0,0,0,0,0,0,0,0,0,0,0,0,0,0,0,0,0,0,0,0,0,0,0,0,0,0,0,0,0,0,0,0,0,0,0,0,0,0,0,0,0,0,0,0,0,0,0,0,0,0,0,0,0,0,0,0,0,0,0,0,0,0,0,0,0,0,0,0,0,0,0,0,0,0,0,0,0,0,0,0,0,0,0,0,0,0,null,null,null,null,null,null,null,null,null,null,null,null,null,null,null,null,null,null,null,null,null,null,null,null,null,null,null,null,null,null,null,null,null,null,null,null,null,null,null,null,null,null,null,null,null,null,null,null,null,null,null,null,null,null,null,null,null,null,null,null,null,null,null,null,null,null,null,null,null,null,null,null,null,null,null,null,null,null,null,null,null,null,null,null,null,null,null,null,null,null,null,null,null,null,null,null,null,null,null,null,null,null,null,null,null,null,null,null,null,null,null,null,null,null,null,null,null,null,null,null,null,null,null,null,null,null,null,null,null,null,null,null,null,null,null,"002746","ESTACA ESCAV MEC D = 25 CM FCK = 15,0 MPa USINADO S/ ARMACAO - SOLO NORMAL","MT",0,1.5,0,0,0,0,3.8091690000000007,0,11.75539]
["002746","ESTACA ESCAV MEC D = 25 CM FCK = 15,0 MPa USINADO S/ ARMACAO - SOLO NORMAL","MT","E14021",{"$error":"#N/A"},{"$error":"#N/A"},"-",1,{"$error":"#REF!"},0,0,{"$f":"(SUMPRODUCT((PLANILHA_TAREFA[Ativo]=TRUE)*(PLANILHA_TAREFA[Qte Total])*(PLANILHA_TAREFA[Comp.]=A119)*PLANILHA_TAREFA[Quant.])+IF(ISERR(GETPIVOTDATA(\"Quant \",'Curva ABC - Insumos'!$A$3,\"Insumo\",A119)),0,GETPIVOTDATA(\"Quant \",'Curva ABC - Insumos'!$A$3,\"Insumo\",A119)))","v":0},0,0,0,0,0,0,0,0.471744,0,0,0,0,0,0,0,0,0,0,0,0,0,0,0,0,0,0,0,0,0,0,0,0,0,0,0,0,0,0,0,0,0,0,0,0,0,0,0,0,0,0,0,0,0,0,0,0,0,0,0,0,0,0,0,0,0,0,0,0,0,0,0,0,0,0,0,0,0,0,0,0,0,0,0,0,0,0,0,0,0,0,0,0,0,0,0,0,0,0,0,0,0,0,0,0,0,0,0,0,0,null,null,null,null,null,null,null,null,null,null,null,null,null,null,null,null,null,null,null,null,null,null,null,null,null,null,null,null,null,null,null,null,null,null,null,null,null,null,null,null,null,null,null,null,null,null,null,null,null,null,null,null,null,null,null,null,null,null,null,null,null,null,null,null,null,null,null,null,null,null,null,null,null,null,null,null,null,null,null,null,null,null,null,null,null,null,null,null,null,null,null,null,null,null,null,null,null,null,null,null,null,null,null,null,null,null,null,null,null,null,null,null,null,null,null,null,null,null,null,null,null,null,null,null,null,null,null,null,null,null,null,null,null,null,null,"002746","ESTACA ESCAV MEC D = 25 CM FCK = 15,0 MPa USINADO S/ ARMACAO - SOLO NORMAL","MT",0,0,0,0,0,0,0.471744,0,0]
["002746","ESTACA ESCAV MEC D = 25 CM FCK = 15,0 MPa USINADO S/ ARMACAO - SOLO NORMAL","MT","F20009","SERVENTE","H","M.O.",0.192,9.8279999999999994,1.886976,0,{"$f":"(SUMPRODUCT((PLANILHA_TAREFA[Ativo]=TRUE)*(PLANILHA_TAREFA[Qte Total])*(PLANILHA_TAREFA[Comp.]=A120)*PLANILHA_TAREFA[Quant.])+IF(ISERR(GETPIVOTDATA(\"Quant \",'Curva ABC - Insumos'!$A$3,\"Insumo\",A120)),0,GETPIVOTDATA(\"Quant \",'Curva ABC - Insumos'!$A$3,\"Insumo\",A120)))","v":0},0,0,0,0,0,0,0,0.471744,0,0,0,0,0,0,0,0,0,0,0,0,0,0,0,0,0,0,0,0,0,0,0,0,0,0,0,0,0,0,0,0,0,0,0,0,0,0,0,0,0,0,0,0,0,0,0,0,0,0,0,0,0,0,0,0,0,0,0,0,0,0,0,0,0,0,0,0,0,0,0,0,0,0,0,0,0,0,0,0,0,0,0,0,0,0,0,0,0,0,0,0,0,0,0,0,0,0,0,0,0,null,null,null,null,null,null,null,null,null,null,null,null,null,null,null,null,null,null,null,null,null,null,null,null,null,null,null,null,null,null,null,null,null,null,null,null,null,null,null,null,null,null,null,null,null,null,null,null,null,null,null,null,null,null,null,null,null,null,null,null,null,null,null,null,null,null,null,null,null,null,null,null,null,null,null,null,null,null,null,null,null,null,null,null,null,null,null,null,null,null,null,null,null,null,null,null,null,null,null,null,null,null,null,null,null,null,null,null,null,null,null,null,null,null,null,null,null,null,null,null,null,null,null,null,null,null,null,null,null,null,null,null,null,null,null,"002746","ESTACA ESCAV MEC D = 25 CM FCK = 15,0 MPa USINADO S/ ARMACAO - SOLO NORMAL","MT",0,0,0,0,0,0,0.471744,0,0]
["002746","ESTACA ESCAV MEC D = 25 CM FCK = 15,0 MPa USINADO S/ ARMACAO - SOLO NORMAL","MT","V10658",{"$error":"#N/A"},{"$error":"#N/A"},"-",1.6999999999999999E-3,{"$error":"#REF!"},0,0,{"$f":"(SUMPRODUCT((PLANILHA_TAREFA[Ativo]=TRUE)*(PLANILHA_TAREFA[Qte Total])*(PLANILHA_TAREFA[Comp.]=A121)*PLANILHA_TAREFA[Quant.])+IF(ISERR(GETPIVOTDATA(\"Quant \",'Curva ABC - Insumos'!$A$3,\"Insumo\",A121)),0,GETPIVOTDATA(\"Quant \",'Curva ABC - Insumos'!$A$3,\"Insumo\",A121)))","v":0},0,0,0,0,0,0,0,0.471744,0,0,0,0,0,0,0,0,0,0,0,0,0,0,0,0,0,0,0,0,0,0,0,0,0,0,0,0,0,0,0,0,0,0,0,0,0,0,0,0,0,0,0,0,0,0,0,0,0,0,0,0,0,0,0,0,0,0,0,0,0,0,0,0,0,0,0,0,0,0,0,0,0,0,0,0,0,0,0,0,0,0,0,0,0,0,0,0,0,0,0,0,0,0,0,0,0,0,0,0,0,null,null,null,null,null,null,null,null,null,null,null,null,null,null,null,null,null,null,null,null,null,null,null,null,null,null,null,null,null,null,null,null,null,null,null,null,null,null,null,null,null,null,null,null,null,null,null,null,null,null,null,null,null,null,null,null,null,null,null,null,null,null,null,null,null,null,null,null,null,null,null,null,null,null,null,null,null,null,null,null,null,null,null,null,null,null,null,null,null,null,null,null,null,null,null,null,null,null,null,null,null,null,null,null,null,null,null,null,null,null,null,null,null,null,null,null,null,null,null,null,null,null,null,null,null,null,null,null,null,null,null,null,null,null,null,"002746","ESTACA ESCAV MEC D = 25 CM FCK = 15,0 MPa USINADO S/ ARMACAO - SOLO NORMAL","MT",0,0,0,0,0,0,0.471744,0,0]
["002888","MICRO CONCRETO GRAUTE 15,0 MPA C/ LANCAMENTO","M3","M10013","AREIA MEDIA","M3","Mat.",0.82,40,32.799999999999997,0,{"$f":"(SUMPRODUCT((PLANILHA_TAREFA[Ativo]=TRUE)*(PLANILHA_TAREFA[Qte Total])*(PLANILHA_TAREFA[Comp.]=A122)*PLANILHA_TAREFA[Quant.])+IF(ISERR(GETPIVOTDATA(\"Quant \",'Curva ABC - Insumos'!$A$3,\"Insumo\",A122)),0,GETPIVOTDATA(\"Quant \",'Curva ABC - Insumos'!$A$3,\"Insumo\",A122)))","v":0},0,0,0,0,0,0,0,47.119799999999998,0,39.4,0,0,0,0,0,0,0,0,0,0,0,0,0,0,0,0,0,0,0,0,0,0,0,0,0,0,0,0,0,0,0,0,0,0,0,0,0,0,0,0,0,0,0,0,0,0,0,0,0,0,0,0,0,0,0,0,0,0,0,0,0,0,0,0,0,0,0,0,0,0,0,0,0,0,0,0,0,0,0,0,0,0,0,0,0,0,0,0,0,0,0,0,0,0,0,0,0,0,0,null,null,null,null,null,null,null,null,null,null,null,null,null,null,null,null,null,null,null,null,null,null,null,null,null,null,null,null,null,null,null,null,null,null,null,null,null,null,null,null,null,null,null,null,null,null,null,null,null,null,null,null,null,null,null,null,null,null,null,null,null,null,null,null,null,null,null,null,null,null,null,null,null,null,null,null,null,null,null,null,null,null,null,null,null,null,null,null,null,null,null,null,null,null,null,null,null,null,null,null,null,null,null,null,null,null,null,null,null,null,null,null,null,null,null,null,null,null,null,null,null,null,null,null,null,null,null,null,null,null,null,null,null,null,null,"002888","MICRO CONCRETO GRAUTE 15,0 MPA C/ LANCAMENTO","M3",0,0,0,0,0,0,47.119799999999998,0,39.4]
["002888","MICRO CONCRETO GRAUTE 15,0 MPA C/ LANCAMENTO","M3","M10017","PEDRA - PEDRISCO","M3","Mat.",0.78,40,31.200000000000003,0,{"$f":"(SUMPRODUCT((PLANILHA_TAREFA[Ativo]=TRUE)*(PLANILHA_TAREFA[Qte Total])*(PLANILHA_TAREFA[Comp.]=A123)*PLANILHA_TAREFA[Quant.])+IF(ISERR(GETPIVOTDATA(\"Quant \",'Curva ABC - Insumos'!$A$3,\"Insumo\",A123)),0,GETPIVOTDATA(\"Quant \",'Curva ABC - Insumos'!$A$3,\"Insumo\",A123)))","v":0},0,0,0,0,0,0,0,47.119799999999998,0,39.4,0,0,0,0,0,0,0,0,0,0,0,0,0,0,0,0,0,0,0,0,0,0,0,0,0,0,0,0,0,0,0,0,0,0,0,0,0,0,0,0,0,0,0,0,0,0,0,0,0,0,0,0,0,0,0,0,0,0,0,0,0,0,0,0,0,0,0,0,0,0,0,0,0,0,0,0,0,0,0,0,0,0,0,0,0,0,0,0,0,0,0,0,0,0,0,0,0,0,0,null,null,null,null,null,null,null,null,null,null,null,null,null,null,null,null,null,null,null,null,null,null,null,null,null,null,null,null,null,null,null,null,null,null,null,null,null,null,null,null,null,null,null,null,null,null,null,null,null,null,null,null,null,null,null,null,null,null,null,null,null,null,null,null,null,null,null,null,null,null,null,null,null,null,null,null,null,null,null,null,null,null,null,null,null,null,null,null,null,null,null,null,null,null,null,null,null,null,null,null,null,null,null,null,null,null,null,null,null,null,null,null,null,null,null,null,null,null,null,null,null,null,null,null,null,null,null,null,null,null,null,null,null,null,null,"002888","MICRO CONCRETO GRAUTE 15,0 MPA C/ LANCAMENTO","M3",0,0,0,0,0,0,47.119799999999998,0,39.4]
["002888","MICRO CONCRETO GRAUTE 15,0 MPA C/ LANCAMENTO","M3","M10020","CIMENTO","KG","Mat.",350,0.38,133,0,{"$f":"(SUMPRODUCT((PLANILHA_TAREFA[Ativo]=TRUE)*(PLANILHA_TAREFA[Qte Total])*(PLANILHA_TAREFA[Comp.]=A124)*PLANILHA_TAREFA[Quant.])+IF(ISERR(GETPIVOTDATA(\"Quant \",'Curva ABC - Insumos'!$A$3,\"Insumo\",A124)),0,GETPIVOTDATA(\"Quant \",'Curva ABC - Insumos'!$A$3,\"Insumo\",A124)))","v":0},0,0,0,0,0,0,0,47.119799999999998,0,39.4,0,0,0,0,0,0,0,0,0,0,0,0,0,0,0,0,0,0,0,0,0,0,0,0,0,0,0,0,0,0,0,0,0,0,0,0,0,0,0,0,0,0,0,0,0,0,0,0,0,0,0,0,0,0,0,0,0,0,0,0,0,0,0,0,0,0,0,0,0,0,0,0,0,0,0,0,0,0,0,0,0,0,0,0,0,0,0,0,0,0,0,0,0,0,0,0,0,0,0,null,null,null,null,null,null,null,null,null,null,null,null,null,null,null,null,null,null,null,null,null,null,null,null,null,null,null,null,null,null,null,null,null,null,null,null,null,null,null,null,null,null,null,null,null,null,null,null,null,null,null,null,null,null,null,null,null,null,null,null,null,null,null,null,null,null,null,null,null,null,null,null,null,null,null,null,null,null,null,null,null,null,null,null,null,null,null,null,null,null,null,null,null,null,null,null,null,null,null,null,null,null,null,null,null,null,null,null,null,null,null,null,null,null,null,null,null,null,null,null,null,null,null,null,null,null,null,null,null,null,null,null,null,null,null,"002888","MICRO CONCRETO GRAUTE 15,0 MPA C/ LANCAMENTO","M3",0,0,0,0,0,0,47.119799999999998,0,39.4]
["002888","MICRO CONCRETO GRAUTE 15,0 MPA C/ LANCAMENTO","M3","F20007","PEDREIRO","H","M.O.",5,11.739000000000001,58.695000000000007,0,{"$f":"(SUMPRODUCT((PLANILHA_TAREFA[Ativo]=TRUE)*(PLANILHA_TAREFA[Qte Total])*(PLANILHA_TAREFA[Comp.]=A125)*PLANILHA_TAREFA[Quant.])+IF(ISERR(GETPIVOTDATA(\"Quant \",'Curva ABC - Insumos'!$A$3,\"Insumo\",A125)),0,GETPIVOTDATA(\"Quant \",'Curva ABC - Insumos'!$A$3,\"Insumo\",A125)))","v":0},0,0,0,0,0,0,0,47.119799999999998,0,39.4,0,0,0,0,0,0,0,0,0,0,0,0,0,0,0,0,0,0,0,0,0,0,0,0,0,0,0,0,0,0,0,0,0,0,0,0,0,0,0,0,0,0,0,0,0,0,0,0,0,0,0,0,0,0,0,0,0,0,0,0,0,0,0,0,0,0,0,0,0,0,0,0,0,0,0,0,0,0,0,0,0,0,0,0,0,0,0,0,0,0,0,0,0,0,0,0,0,0,0,null,null,null,null,null,null,null,null,null,null,null,null,null,null,null,null,null,null,null,null,null,null,null,null,null,null,null,null,null,null,null,null,null,null,null,null,null,null,null,null,null,null,null,null,null,null,null,null,null,null,null,null,null,null,null,null,null,null,null,null,null,null,null,null,null,null,null,null,null,null,null,null,null,null,null,null,null,null,null,null,null,null,null,null,null,null,null,null,null,null,null,null,null,null,null,null,null,null,null,null,null,null,null,null,null,null,null,null,null,null,null,null,null,null,null,null,null,null,null,null,null,null,null,null,null,null,null,null,null,null,null,null,null,null,null,"002888","MICRO CONCRETO GRAUTE 15,0 MPA C/ LANCAMENTO","M3",0,0,0,0,0,0,47.119799999999998,0,39.4]
["002888","MICRO CONCRETO GRAUTE 15,0 MPA C/ LANCAMENTO","M3","F20009","SERVENTE","H","M.O.",18,9.8279999999999994,176.904,0,{"$f":"(SUMPRODUCT((PLANILHA_TAREFA[Ativo]=TRUE)*(PLANILHA_TAREFA[Qte Total])*(PLANILHA_TAREFA[Comp.]=A126)*PLANILHA_TAREFA[Quant.])+IF(ISERR(GETPIVOTDATA(\"Quant \",'Curva ABC - Insumos'!$A$3,\"Insumo\",A126)),0,GETPIVOTDATA(\"Quant \",'Curva ABC - Insumos'!$A$3,\"Insumo\",A126)))","v":0},0,0,0,0,0,0,0,47.119799999999998,0,39.4,0,0,0,0,0,0,0,0,0,0,0,0,0,0,0,0,0,0,0,0,0,0,0,0,0,0,0,0,0,0,0,0,0,0,0,0,0,0,0,0,0,0,0,0,0,0,0,0,0,0,0,0,0,0,0,0,0,0,0,0,0,0,0,0,0,0,0,0,0,0,0,0,0,0,0,0,0,0,0,0,0,0,0,0,0,0,0,0,0,0,0,0,0,0,0,0,0,0,0,null,null,null,null,null,null,null,null,null,null,null,null,null,null,null,null,null,null,null,null,null,null,null,null,null,null,null,null,null,null,null,null,null,null,null,null,null,null,null,null,null,null,null,null,null,null,null,null,null,null,null,null,null,null,null,null,null,null,null,null,null,null,null,null,null,null,null,null,null,null,null,null,null,null,null,null,null,null,null,null,null,null,null,null,null,null,null,null,null,null,null,null,null,null,null,null,null,null,null,null,null,null,null,null,null,null,null,null,null,null,null,null,null,null,null,null,null,null,null,null,null,null,null,null,null,null,null,null,null,null,null,null,null,null,null,"002888","MICRO CONCRETO GRAUTE 15,0 MPA C/ LANCAMENTO","M3",0,0,0,0,0,0,47.119799999999998,0,39.4]
["002955","BROCA DN 20 CM C/ LANCAMENTO (C/ ESCAVACAO / FCK = 20 MPA / USINADO / S/ ARMACAO)","MT","002953","CONCRETO USINADO 20,0 MPA SLUMP CONVENCIONAL C/ LANCAMENTO","M3","-",3.1E-2,337.45949999999999,10.461244499999999,0,{"$f":"(SUMPRODUCT((PLANILHA_TAREFA[Ativo]=TRUE)*(PLANILHA_TAREFA[Qte Total])*(PLANILHA_TAREFA[Comp.]=A131)*PLANILHA_TAREFA[Quant.])+IF(ISERR(GETPIVOTDATA(\"Quant \",'Curva ABC - Insumos'!$A$3,\"Insumo\",A131)),0,GETPIVOTDATA(\"Quant \",'Curva ABC - Insumos'!$A$3,\"Insumo\",A131)))","v":0},0,0,0,0,0,0,0,5.4379757249999994,0,0,0,0.92999999999999994,0,0,0,0,2.0692035000000004,0,7.4620409999999993,0,0,0,0,0,0,0,0,0,0,0,0,0,0,0,0,0,0,0,0,0,0,0,0,0,0,0,0,0,0,0,0,0,0,0,0,0,0,0,0,0,0,0,0,0,0,0,0,0,0,0,0,0,0,0,0,0,0,0,0,0,0,0,0,0,0,0,0,0,0,0,0,0,0,0,0,0,0,0,0,0,0,0,0,0,0,0,0,0,0,null,null,null,null,null,null,null,null,null,null,null,null,null,null,null,null,null,null,null,null,null,null,null,null,null,null,null,null,null,null,null,null,null,null,null,null,null,null,null,null,null,null,null,null,null,null,null,null,null,null,null,null,null,null,null,null,null,null,null,null,null,null,null,null,null,null,null,null,null,null,null,null,null,null,null,null,null,null,null,null,null,null,null,null,null,null,null,null,null,null,null,null,null,null,null,null,null,null,null,null,null,null,null,null,null,null,null,null,null,null,null,null,null,null,null,null,null,null,null,null,null,null,null,null,null,null,null,null,null,null,null,null,null,null,null,"002955","BROCA DN 20 CM C/ LANCAMENTO (C/ ESCAVACAO / FCK = 20 MPA / USINADO / S/ ARMACAO)","MT",0,0.92999999999999994,0,0,0,0,7.5071792249999998,0,7.4620409999999993]
["003013","CONCRETO USINADO 25,0 MPA SLUMP CONVENCIONAL C/ LANCAMENTO","M3","F20007","PEDREIRO","H","M.O.",1.5,11.739000000000001,17.608499999999999,0,{"$f":"(SUMPRODUCT((PLANILHA_TAREFA[Ativo]=TRUE)*(PLANILHA_TAREFA[Qte Total])*(PLANILHA_TAREFA[Comp.]=A136)*PLANILHA_TAREFA[Quant.])+IF(ISERR(GETPIVOTDATA(\"Quant \",'Curva ABC - Insumos'!$A$3,\"Insumo\",A136)),0,GETPIVOTDATA(\"Quant \",'Curva ABC - Insumos'!$A$3,\"Insumo\",A136)))","v":0},0,0,7.5,0,0,0,0,16.687125000000002,0,59.74,0,0,0,0,0,0,0,0,0,0,0,0,0,0,0,0,0,0,0,0,0,0,0,0,0,0,0,0,0,0,0,0,0,0,0,0,0,0,0,0,0,0,0,0,0,0,0,0,0,0,0,0,0,0,0,0,0,0,0,0,0,0,0,0,0,0,0,0,0,0,0,0,0,0,0,0,0,0,0,0,0,0,0,0,0,0,0,0,0,0,0,0,0,0,0,0,0,0,0,null,null,null,null,null,null,null,null,null,null,null,null,null,null,null,null,null,null,null,null,null,null,null,null,null,null,null,null,null,null,null,null,null,null,null,null,null,null,null,null,null,null,null,null,null,null,null,null,null,null,null,null,null,null,null,null,null,null,null,null,null,null,null,null,null,null,null,null,null,null,null,null,null,null,null,null,null,null,null,null,null,null,null,null,null,null,null,null,null,null,null,null,null,null,null,null,null,null,null,null,null,null,null,null,null,null,null,null,null,null,null,null,null,null,null,null,null,null,null,null,null,null,null,null,null,null,null,null,null,null,null,null,null,null,null,"003013","CONCRETO USINADO 25,0 MPA SLUMP CONVENCIONAL C/ LANCAMENTO","M3",0,7.5,0,0,0,0,16.687125000000002,0,59.74]
["003013","CONCRETO USINADO 25,0 MPA SLUMP CONVENCIONAL C/ LANCAMENTO","M3","V30650","TAXA DE BOMBA ","VB","Diver",1,30,30,0,{"$f":"(SUMPRODUCT((PLANILHA_TAREFA[Ativo]=TRUE)*(PLANILHA_TAREFA[Qte Total])*(PLANILHA_TAREFA[Comp.]=A137)*PLANILHA_TAREFA[Quant.])+IF(ISERR(GETPIVOTDATA(\"Quant \",'Curva ABC - Insumos'!$A$3,\"Insumo\",A137)),0,GETPIVOTDATA(\"Quant \",'Curva ABC - Insumos'!$A$3,\"Insumo\",A137)))","v":0},0,0,7.5,0,0,0,0,16.687125000000002,0,59.74,0,0,0,0,0,0,0,0,0,0,0,0,0,0,0,0,0,0,0,0,0,0,0,0,0,0,0,0,0,0,0,0,0,0,0,0,0,0,0,0,0,0,0,0,0,0,0,0,0,0,0,0,0,0,0,0,0,0,0,0,0,0,0,0,0,0,0,0,0,0,0,0,0,0,0,0,0,0,0,0,0,0,0,0,0,0,0,0,0,0,0,0,0,0,0,0,0,0,0,null,null,null,null,null,null,null,null,null,null,null,null,null,null,null,null,null,null,null,null,null,null,null,null,null,null,null,null,null,null,null,null,null,null,null,null,null,null,null,null,null,null,null,null,null,null,null,null,null,null,null,null,null,null,null,null,null,null,null,null,null,null,null,null,null,null,null,null,null,null,null,null,null,null,null,null,null,null,null,null,null,null,null,null,null,null,null,null,null,null,null,null,null,null,null,null,null,null,null,null,null,null,null,null,null,null,null,null,null,null,null,null,null,null,null,null,null,null,null,null,null,null,null,null,null,null,null,null,null,null,null,null,null,null,null,"003013","CONCRETO USINADO 25,0 MPA SLUMP CONVENCIONAL C/ LANCAMENTO","M3",0,7.5,0,0,0,0,16.687125000000002,0,59.74]
["003017","AZULEJO BRANCO 15,0 X 15,0 CM","M2","M10799","CIMENTO COLANTE  ","KG","Mat.",4.4000000000000004,0.3,1.32,67.628,{"$f":"(SUMPRODUCT((PLANILHA_TAREFA[Ativo]=TRUE)*(PLANILHA_TAREFA[Qte Total])*(PLANILHA_TAREFA[Comp.]=A142)*PLANILHA_TAREFA[Quant.])+IF(ISERR(GETPIVOTDATA(\"Quant \",'Curva ABC - Insumos'!$A$3,\"Insumo\",A142)),0,GETPIVOTDATA(\"Quant \",'Curva ABC - Insumos'!$A$3,\"Insumo\",A142)))","v":15.37},20.288399999999999,0,0,0,0,0,0,3.8793300000000004,0,2.0895000000000001,0,0,0,0,0,0,0,0,0,0,0,0,0,0,0,0,0,0,0,0,0,0,0,0,0,0,0,0,0,0,0,0,0,0,0,0,0,0,0,0,0,0,0,0,0,0,0,0,0,0,0,0,0,0,0,0,0,0,0,0,0,0,0,0,0,0,0,0,0,0,0,0,0,0,0,0,0,0,0,0,0,0,0,0,0,0,0,0,0,0,0,0,0,0,0,0,0,0,0,null,null,null,null,null,null,null,null,null,null,null,null,null,null,null,null,null,null,null,null,null,null,null,null,null,null,null,null,null,null,null,null,null,null,null,null,null,null,null,null,null,null,null,null,null,null,null,null,null,null,null,null,null,null,null,null,null,null,null,null,null,null,null,null,null,null,null,null,null,null,null,null,null,null,null,null,null,null,null,null,null,null,null,null,null,null,null,null,null,null,null,null,null,null,null,null,null,null,null,null,null,null,null,null,null,null,null,null,null,null,null,null,null,null,null,null,null,null,null,null,null,null,null,null,null,null,null,null,null,null,null,null,null,null,null,"003017","AZULEJO BRANCO 15,0 X 15,0 CM","M2",0,0,0,0,0,0,3.8793300000000004,0,2.0895000000000001]
["151040","REGISTRO DE PRESSAO 3/4'' CROMADO C/ CANOPLA","UN","M11037","REGISTRO DE PRESSAO - ACAB. CROMADO - 3/4\" C/ CANOPLA","UN","Mat.",1,23.41,23.41,1,{"$f":"(SUMPRODUCT((PLANILHA_TAREFA[Ativo]=TRUE)*(PLANILHA_TAREFA[Qte Total])*(PLANILHA_TAREFA[Comp.]=A147)*PLANILHA_TAREFA[Quant.])+IF(ISERR(GETPIVOTDATA(\"Quant \",'Curva ABC - Insumos'!$A$3,\"Insumo\",A147)),0,GETPIVOTDATA(\"Quant \",'Curva ABC - Insumos'!$A$3,\"Insumo\",A147)))","v":1},23.41,0,0,0,0,0,0,1.388625,0,5.8619000000000003,0,0,0,0,0,0,0,0,0,0,0,0,0,0,0,0,0,0,0,0,0,0,0,0,0,0,0,0,0,0,0,0,0,0,0,0,0,0,0,0,0,0,0,0,0,0,0,0,0,0,0,0,0,0,0,0,0,0,0,0,0,0,0,0,0,0,0,0,0,0,0,0,0,0,0,0,0,0,0,0,0,0,0,0,0,0,0,0,0,0,0,0,0,0,0,0,0,0,0,null,null,null,null,null,null,null,null,null,null,null,null,null,null,null,null,null,null,null,null,null,null,null,null,null,null,null,null,null,null,null,null,null,null,null,null,null,null,null,null,null,null,null,null,null,null,null,null,null,null,null,null,null,null,null,null,null,null,null,null,null,null,null,null,null,null,null,null,null,null,null,null,null,null,null,null,null,null,null,null,null,null,null,null,null,null,null,null,null,null,null,null,null,null,null,null,null,null,null,null,null,null,null,null,null,null,null,null,null,null,null,null,null,null,null,null,null,null,null,null,null,null,null,null,null,null,null,null,null,null,null,null,null,null,null,"151040","REGISTRO DE PRESSAO 3/4'' CROMADO C/ CANOPLA","UN",0,0,0,0,0,0,1.388625,0,5.8619000000000003]
["151290","BACIA SANITARIA C/ CAIXA ACOPLADA - PADRAO BAIXO","UN","M11807","ASSENTO PARA BACIA SANITARIA  ","UN","Mat.",1,14.08,14.08,1,{"$f":"(SUMPRODUCT((PLANILHA_TAREFA[Ativo]=TRUE)*(PLANILHA_TAREFA[Qte Total])*(PLANILHA_TAREFA[Comp.]=A152)*PLANILHA_TAREFA[Quant.])+IF(ISERR(GETPIVOTDATA(\"Quant \",'Curva ABC - Insumos'!$A$3,\"Insumo\",A152)),0,GETPIVOTDATA(\"Quant \",'Curva ABC - Insumos'!$A$3,\"Insumo\",A152)))","v":1},14.08,0,0,0,0,0,0,4.5750900000000003,0,39.398571428571429,0,0,0,0,0,0,0,0,0,0,0,0,0,0,0,0,0,0,0,0,0,0,0,0,0,0,0,0,0,0,0,0,0,0,0,0,0,0,0,0,0,0,0,0,0,0,0,0,0,0,0,0,0,0,0,0,0,0,0,0,0,0,0,0,0,0,0,0,0,0,0,0,0,0,0,0,0,0,0,0,0,0,0,0,0,0,0,0,0,0,0,0,0,0,0,0,0,0,0,null,null,null,null,null,null,null,null,null,null,null,null,null,null,null,null,null,null,null,null,null,null,null,null,null,null,null,null,null,null,null,null,null,null,null,null,null,null,null,null,null,null,null,null,null,null,null,null,null,null,null,null,null,null,null,null,null,null,null,null,null,null,null,null,null,null,null,null,null,null,null,null,null,null,null,null,null,null,null,null,null,null,null,null,null,null,null,null,null,null,null,null,null,null,null,null,null,null,null,null,null,null,null,null,null,null,null,null,null,null,null,null,null,null,null,null,null,null,null,null,null,null,null,null,null,null,null,null,null,null,null,null,null,null,null,"151290","BACIA SANITARIA C/ CAIXA ACOPLADA - PADRAO BAIXO","UN",0,0,0,0,0,0,4.5750900000000003,0,39.398571428571429]
["151290","BACIA SANITARIA C/ CAIXA ACOPLADA - PADRAO BAIXO","UN","M11368","BOLSA P/ SAIDA DO VASO SANITARIO 100MM - ESG","UN","Mat.",1,1.64,1.64,1,{"$f":"(SUMPRODUCT((PLANILHA_TAREFA[Ativo]=TRUE)*(PLANILHA_TAREFA[Qte Total])*(PLANILHA_TAREFA[Comp.]=A153)*PLANILHA_TAREFA[Quant.])+IF(ISERR(GETPIVOTDATA(\"Quant \",'Curva ABC - Insumos'!$A$3,\"Insumo\",A153)),0,GETPIVOTDATA(\"Quant \",'Curva ABC - Insumos'!$A$3,\"Insumo\",A153)))","v":1},1.64,0,0,0,0,0,0,4.5750900000000003,0,39.398571428571429,0,0,0,0,0,0,0,0,0,0,0,0,0,0,0,0,0,0,0,0,0,0,0,0,0,0,0,0,0,0,0,0,0,0,0,0,0,0,0,0,0,0,0,0,0,0,0,0,0,0,0,0,0,0,0,0,0,0,0,0,0,0,0,0,0,0,0,0,0,0,0,0,0,0,0,0,0,0,0,0,0,0,0,0,0,0,0,0,0,0,0,0,0,0,0,0,0,0,0,null,null,null,null,null,null,null,null,null,null,null,null,null,null,null,null,null,null,null,null,null,null,null,null,null,null,null,null,null,null,null,null,null,null,null,null,null,null,null,null,null,null,null,null,null,null,null,null,null,null,null,null,null,null,null,null,null,null,null,null,null,null,null,null,null,null,null,null,null,null,null,null,null,null,null,null,null,null,null,null,null,null,null,null,null,null,null,null,null,null,null,null,null,null,null,null,null,null,null,null,null,null,null,null,null,null,null,null,null,null,null,null,null,null,null,null,null,null,null,null,null,null,null,null,null,null,null,null,null,null,null,null,null,null,null,"151290","BACIA SANITARIA C/ CAIXA ACOPLADA - PADRAO BAIXO","UN",0,0,0,0,0,0,4.5750900000000003,0,39.398571428571429]
["151290","BACIA SANITARIA C/ CAIXA ACOPLADA - PADRAO BAIXO","UN","M11058","BACIA SANITARIA C/ CAIXA ACOPLADA - PADRAO BAIXO","UN","Mat.",1,225,225,1,{"$f":"(SUMPRODUCT((PLANILHA_TAREFA[Ativo]=TRUE)*(PLANILHA_TAREFA[Qte Total])*(PLANILHA_TAREFA[Comp.]=A157)*PLANILHA_TAREFA[Quant.])+IF(ISERR(GETPIVOTDATA(\"Quant \",'Curva ABC - Insumos'!$A$3,\"Insumo\",A157)),0,GETPIVOTDATA(\"Quant \",'Curva ABC - Insumos'!$A$3,\"Insumo\",A157)))","v":1},225,0,0,0,0,0,0,4.5750900000000003,0,39.398571428571429,0,0,0,0,0,0,0,0,0,0,0,0,0,0,0,0,0,0,0,0,0,0,0,0,0,0,0,0,0,0,0,0,0,0,0,0,0,0,0,0,0,0,0,0,0,0,0,0,0,0,0,0,0,0,0,0,0,0,0,0,0,0,0,0,0,0,0,0,0,0,0,0,0,0,0,0,0,0,0,0,0,0,0,0,0,0,0,0,0,0,0,0,0,0,0,0,0,0,0,null,null,null,null,null,null,null,null,null,null,null,null,null,null,null,null,null,null,null,null,null,null,null,null,null,null,null,null,null,null,null,null,null,null,null,null,null,null,null,null,null,null,null,null,null,null,null,null,null,null,null,null,null,null,null,null,null,null,null,null,null,null,null,null,null,null,null,null,null,null,null,null,null,null,null,null,null,null,null,null,null,null,null,null,null,null,null,null,null,null,null,null,null,null,null,null,null,null,null,null,null,null,null,null,null,null,null,null,null,null,null,null,null,null,null,null,null,null,null,null,null,null,null,null,null,null,null,null,null,null,null,null,null,null,null,"151290","BACIA SANITARIA C/ CAIXA ACOPLADA - PADRAO BAIXO","UN",0,0,0,0,0,0,4.5750900000000003,0,39.398571428571429]
["152030","TUBO PVC BRANCO 100 MM - ESGOTO","MT","M11089","ANEL BORRACHA - PVC BRANCO NORMAL - JE - DE - 100 MM - ESGOTO","UN","Mat.",0.17,0.38,6.4600000000000005E-2,7.4375000000000009,{"$f":"(SUMPRODUCT((PLANILHA_TAREFA[Ativo]=TRUE)*(PLANILHA_TAREFA[Qte Total])*(PLANILHA_TAREFA[Comp.]=A162)*PLANILHA_TAREFA[Quant.])+IF(ISERR(GETPIVOTDATA(\"Quant \",'Curva ABC - Insumos'!$A$3,\"Insumo\",A162)),0,GETPIVOTDATA(\"Quant \",'Curva ABC - Insumos'!$A$3,\"Insumo\",A162)))","v":43.75},2.8262500000000004,0,0,0,0,0,0,1.4219519999999999,0,1.2258520000000002,0,0,0,0,0,0,0,0,0,0,0,0,0,0,0,0,0,0,0,0,0,0,0,0,0,0,0,0,0,0,0,0,0,0,0,0,0,0,0,0,0,0,0,0,0,0,0,0,0,0,0,0,0,0,0,0,0,0,0,0,0,0,0,0,0,0,0,0,0,0,0,0,0,0,0,0,0,0,0,0,0,0,0,0,0,0,0,0,0,0,0,0,0,0,0,0,0,0,0,null,null,null,null,null,null,null,null,null,null,null,null,null,null,null,null,null,null,null,null,null,null,null,null,null,null,null,null,null,null,null,null,null,null,null,null,null,null,null,null,null,null,null,null,null,null,null,null,null,null,null,null,null,null,null,null,null,null,null,null,null,null,null,null,null,null,null,null,null,null,null,null,null,null,null,null,null,null,null,null,null,null,null,null,null,null,null,null,null,null,null,null,null,null,null,null,null,null,null,null,null,null,null,null,null,null,null,null,null,null,null,null,null,null,null,null,null,null,null,null,null,null,null,null,null,null,null,null,null,null,null,null,null,null,null,"152030","TUBO PVC BRANCO 100 MM - ESGOTO","MT",0,0,0,0,0,0,1.4219519999999999,0,1.2258520000000002]
["152040","TUBO PVC BRANCO 075 MM - ESGOTO","MT","M90492","ANEL BORRACHA - PVC BRANCO NORMAL - JE - DE - 075 MM - ESGOTO","UN","Mat.",0.17,0.32,5.4400000000000004E-2,0,{"$f":"(SUMPRODUCT((PLANILHA_TAREFA[Ativo]=TRUE)*(PLANILHA_TAREFA[Qte Total])*(PLANILHA_TAREFA[Comp.]=A167)*PLANILHA_TAREFA[Quant.])+IF(ISERR(GETPIVOTDATA(\"Quant \",'Curva ABC - Insumos'!$A$3,\"Insumo\",A167)),0,GETPIVOTDATA(\"Quant \",'Curva ABC - Insumos'!$A$3,\"Insumo\",A167)))","v":0},0,0,0,0,0,0,0,1.244208,0,0.95272000000000001,0,0,0,0,0,0,0,0,0,0,0,0,0,0,0,0,0,0,0,0,0,0,0,0,0,0,0,0,0,0,0,0,0,0,0,0,0,0,0,0,0,0,0,0,0,0,0,0,0,0,0,0,0,0,0,0,0,0,0,0,0,0,0,0,0,0,0,0,0,0,0,0,0,0,0,0,0,0,0,0,0,0,0,0,0,0,0,0,0,0,0,0,0,0,0,0,0,0,0,null,null,null,null,null,null,null,null,null,null,null,null,null,null,null,null,null,null,null,null,null,null,null,null,null,null,null,null,null,null,null,null,null,null,null,null,null,null,null,null,null,null,null,null,null,null,null,null,null,null,null,null,null,null,null,null,null,null,null,null,null,null,null,null,null,null,null,null,null,null,null,null,null,null,null,null,null,null,null,null,null,null,null,null,null,null,null,null,null,null,null,null,null,null,null,null,null,null,null,null,null,null,null,null,null,null,null,null,null,null,null,null,null,null,null,null,null,null,null,null,null,null,null,null,null,null,null,null,null,null,null,null,null,null,null,"152040","TUBO PVC BRANCO 075 MM - ESGOTO","MT",0,0,0,0,0,0,1.244208,0,0.95272000000000001]
["155281","LAVATORIO DE LOUCA C/ COLUNA - BRANCO","UN","M16049","TUBO DESPEJO ","UN","Mat.",1,2.42,2.42,1,{"$f":"(SUMPRODUCT((PLANILHA_TAREFA[Ativo]=TRUE)*(PLANILHA_TAREFA[Qte Total])*(PLANILHA_TAREFA[Comp.]=A168)*PLANILHA_TAREFA[Quant.])+IF(ISERR(GETPIVOTDATA(\"Quant \",'Curva ABC - Insumos'!$A$3,\"Insumo\",A168)),0,GETPIVOTDATA(\"Quant \",'Curva ABC - Insumos'!$A$3,\"Insumo\",A168)))","v":1},2.42,0,0,0,0,0,0,4.5750900000000003,0,15.497142857142858,0,0,0,0,0,0,0,0,0,0,0,0,0,0,0,0,0,0,0,0,0,0,0,0,0,0,0,0,0,0,0,0,0,0,0,0,0,0,0,0,0,0,0,0,0,0,0,0,0,0,0,0,0,0,0,0,0,0,0,0,0,0,0,0,0,0,0,0,0,0,0,0,0,0,0,0,0,0,0,0,0,0,0,0,0,0,0,0,0,0,0,0,0,0,0,0,0,0,0,null,null,null,null,null,null,null,null,null,null,null,null,null,null,null,null,null,null,null,null,null,null,null,null,null,null,null,null,null,null,null,null,null,null,null,null,null,null,null,null,null,null,null,null,null,null,null,null,null,null,null,null,null,null,null,null,null,null,null,null,null,null,null,null,null,null,null,null,null,null,null,null,null,null,null,null,null,null,null,null,null,null,null,null,null,null,null,null,null,null,null,null,null,null,null,null,null,null,null,null,null,null,null,null,null,null,null,null,null,null,null,null,null,null,null,null,null,null,null,null,null,null,null,null,null,null,null,null,null,null,null,null,null,null,null,"155281","LAVATORIO DE LOUCA C/ COLUNA - BRANCO","UN",0,0,0,0,0,0,4.5750900000000003,0,15.497142857142858]
["155281","LAVATORIO DE LOUCA C/ COLUNA - BRANCO","UN","F20009","SERVENTE","H","M.O.",1.24,9.8279999999999994,12.186719999999999,1.24,{"$f":"(SUMPRODUCT((PLANILHA_TAREFA[Ativo]=TRUE)*(PLANILHA_TAREFA[Qte Total])*(PLANILHA_TAREFA[Comp.]=A173)*PLANILHA_TAREFA[Quant.])+IF(ISERR(GETPIVOTDATA(\"Quant \",'Curva ABC - Insumos'!$A$3,\"Insumo\",A173)),0,GETPIVOTDATA(\"Quant \",'Curva ABC - Insumos'!$A$3,\"Insumo\",A173)))","v":1},12.186719999999999,0,0,0,0,0,0,4.5750900000000003,0,15.497142857142858,0,0,0,0,0,0,0,0,0,0,0,0,0,0,0,0,0,0,0,0,0,0,0,0,0,0,0,0,0,0,0,0,0,0,0,0,0,0,0,0,0,0,0,0,0,0,0,0,0,0,0,0,0,0,0,0,0,0,0,0,0,0,0,0,0,0,0,0,0,0,0,0,0,0,0,0,0,0,0,0,0,0,0,0,0,0,0,0,0,0,0,0,0,0,0,0,0,0,0,null,null,null,null,null,null,null,null,null,null,null,null,null,null,null,null,null,null,null,null,null,null,null,null,null,null,null,null,null,null,null,null,null,null,null,null,null,null,null,null,null,null,null,null,null,null,null,null,null,null,null,null,null,null,null,null,null,null,null,null,null,null,null,null,null,null,null,null,null,null,null,null,null,null,null,null,null,null,null,null,null,null,null,null,null,null,null,null,null,null,null,null,null,null,null,null,null,null,null,null,null,null,null,null,null,null,null,null,null,null,null,null,null,null,null,null,null,null,null,null,null,null,null,null,null,null,null,null,null,null,null,null,null,null,null,"155281","LAVATORIO DE LOUCA C/ COLUNA - BRANCO","UN",0,0,0,0,0,0,4.5750900000000003,0,15.497142857142858]
["155376","TEE PVC SERIE \"R\" 075 MM - ESGOTO","UN","F20005","ENCANADOR ","H","M.O.",0.3,12.39,3.7170000000000001,0,{"$f":"(SUMPRODUCT((PLANILHA_TAREFA[Ativo]=TRUE)*(PLANILHA_TAREFA[Qte Total])*(PLANILHA_TAREFA[Comp.]=A178)*PLANILHA_TAREFA[Quant.])+IF(ISERR(GETPIVOTDATA(\"Quant \",'Curva ABC - Insumos'!$A$3,\"Insumo\",A178)),0,GETPIVOTDATA(\"Quant \",'Curva ABC - Insumos'!$A$3,\"Insumo\",A178)))","v":0},0,0,0,0,0,0,0,1.33308,0,2.1817199999999999,0,0,0,0,0,0,0,0,0,0,0,0,0,0,0,0,0,0,0,0,0,0,0,0,0,0,0,0,0,0,0,0,0,0,0,0,0,0,0,0,0,0,0,0,0,0,0,0,0,0,0,0,0,0,0,0,0,0,0,0,0,0,0,0,0,0,0,0,0,0,0,0,0,0,0,0,0,0,0,0,0,0,0,0,0,0,0,0,0,0,0,0,0,0,0,0,0,0,0,null,null,null,null,null,null,null,null,null,null,null,null,null,null,null,null,null,null,null,null,null,null,null,null,null,null,null,null,null,null,null,null,null,null,null,null,null,null,null,null,null,null,null,null,null,null,null,null,null,null,null,null,null,null,null,null,null,null,null,null,null,null,null,null,null,null,null,null,null,null,null,null,null,null,null,null,null,null,null,null,null,null,null,null,null,null,null,null,null,null,null,null,null,null,null,null,null,null,null,null,null,null,null,null,null,null,null,null,null,null,null,null,null,null,null,null,null,null,null,null,null,null,null,null,null,null,null,null,null,null,null,null,null,null,null,"155376","TEE PVC SERIE \"R\" 075 MM - ESGOTO","UN",0,0,0,0,0,0,1.33308,0,2.1817199999999999]
["300571","TERRAPLENAGEM - CORTE DE MATERIAL DE 1ª CATEGORIA","M3","T30012","TERRAPLENAGEM - CORTE DE MATERIAL DE 1ª CATEGORIA","M3","Empre",1,4.58,4.58,63,{"$f":"(SUMPRODUCT((PLANILHA_TAREFA[Ativo]=TRUE)*(PLANILHA_TAREFA[Qte Total])*(PLANILHA_TAREFA[Comp.]=A183)*PLANILHA_TAREFA[Quant.])+IF(ISERR(GETPIVOTDATA(\"Quant \",'Curva ABC - Insumos'!$A$3,\"Insumo\",A183)),0,GETPIVOTDATA(\"Quant \",'Curva ABC - Insumos'!$A$3,\"Insumo\",A183)))","v":63},288.54000000000002,0,0,4.58,0,0,0,0,0,0,0,0,0,0,0,0,0,0,0,0,0,0,0,0,0,0,0,0,0,0,0,0,0,0,0,0,0,0,0,0,0,0,0,0,0,0,0,0,0,0,0,0,0,0,0,0,0,0,0,0,0,0,0,0,0,0,0,0,0,0,0,0,0,0,0,0,0,0,0,0,0,0,0,0,0,0,0,0,0,0,0,0,0,0,0,0,0,0,0,0,0,0,0,0,0,0,0,0,0,null,null,null,null,null,null,null,null,null,null,null,null,null,null,null,null,null,null,null,null,null,null,null,null,null,null,null,null,null,null,null,null,null,null,null,null,null,null,null,null,null,null,null,null,null,null,null,null,null,null,null,null,null,null,null,null,null,null,null,null,null,null,null,null,null,null,null,null,null,null,null,null,null,null,null,null,null,null,null,null,null,null,null,null,null,null,null,null,null,null,null,null,null,null,null,null,null,null,null,null,null,null,null,null,null,null,null,null,null,null,null,null,null,null,null,null,null,null,null,null,null,null,null,null,null,null,null,null,null,null,null,null,null,null,null,"300571","TERRAPLENAGEM - CORTE DE MATERIAL DE 1ª CATEGORIA","M3",0,0,4.58,0,0,0,0,0,0]
["300573","TERRAPLENAGEM - FORNEC. DE MAT. P/ ATERRO, INCLUINDO CORTE,CARGA,TRANS","M3","M30187","TERRAPLENAGEM - FORNEC. DE MAT. P/ ATERRO, INCLUINDO CORTE,CARGA,TRANS","M3","Mat.",1,25.3,25.3,63,{"$f":"(SUMPRODUCT((PLANILHA_TAREFA[Ativo]=TRUE)*(PLANILHA_TAREFA[Qte Total])*(PLANILHA_TAREFA[Comp.]=A184)*PLANILHA_TAREFA[Quant.])+IF(ISERR(GETPIVOTDATA(\"Quant \",'Curva ABC - Insumos'!$A$3,\"Insumo\",A184)),0,GETPIVOTDATA(\"Quant \",'Curva ABC - Insumos'!$A$3,\"Insumo\",A184)))","v":63},1593.9,0,0,0,0,0,0,0,0,25.3,0,0,0,0,0,0,0,0,0,0,0,0,0,0,0,0,0,0,0,0,0,0,0,0,0,0,0,0,0,0,0,0,0,0,0,0,0,0,0,0,0,0,0,0,0,0,0,0,0,0,0,0,0,0,0,0,0,0,0,0,0,0,0,0,0,0,0,0,0,0,0,0,0,0,0,0,0,0,0,0,0,0,0,0,0,0,0,0,0,0,0,0,0,0,0,0,0,0,0,null,null,null,null,null,null,null,null,null,null,null,null,null,null,null,null,null,null,null,null,null,null,null,null,null,null,null,null,null,null,null,null,null,null,null,null,null,null,null,null,null,null,null,null,null,null,null,null,null,null,null,null,null,null,null,null,null,null,null,null,null,null,null,null,null,null,null,null,null,null,null,null,null,null,null,null,null,null,null,null,null,null,null,null,null,null,null,null,null,null,null,null,null,null,null,null,null,null,null,null,null,null,null,null,null,null,null,null,null,null,null,null,null,null,null,null,null,null,null,null,null,null,null,null,null,null,null,null,null,null,null,null,null,null,null,"300573","TERRAPLENAGEM - FORNEC. DE MAT. P/ ATERRO, INCLUINDO CORTE,CARGA,TRANS","M3",0,0,0,0,0,0,0,0,25.3]
["400131","ALCAPAO METALICO 0,60 X 0,60 M","UN","M10020","CIMENTO","KG","Mat.",0.96,0.38,0.36480000000000001,0.96,{"$f":"(SUMPRODUCT((PLANILHA_TAREFA[Ativo]=TRUE)*(PLANILHA_TAREFA[Qte Total])*(PLANILHA_TAREFA[Comp.]=A188)*PLANILHA_TAREFA[Quant.])+IF(ISERR(GETPIVOTDATA(\"Quant \",'Curva ABC - Insumos'!$A$3,\"Insumo\",A188)),0,GETPIVOTDATA(\"Quant \",'Curva ABC - Insumos'!$A$3,\"Insumo\",A188)))","v":1},0.36480000000000001,0,0,0,0,0,0,4.1382249999999994,0,11.1008,0,0,0,0,0,0,0,0,0,0,0,0,0,0,0,0,0,0,0,0,0,0,0,0,0,0,0,0,0,0,0,0,0,0,0,0,0,0,0,0,0,0,0,0,0,0,0,0,0,0,0,0,0,0,0,0,0,0,0,0,0,0,0,0,0,0,0,0,0,0,0,0,0,0,0,0,0,0,0,0,0,0,0,0,0,0,0,0,0,0,0,0,0,0,0,0,0,0,0,null,null,null,null,null,null,null,null,null,null,null,null,null,null,null,null,null,null,null,null,null,null,null,null,null,null,null,null,null,null,null,null,null,null,null,null,null,null,null,null,null,null,null,null,null,null,null,null,null,null,null,null,null,null,null,null,null,null,null,null,null,null,null,null,null,null,null,null,null,null,null,null,null,null,null,null,null,null,null,null,null,null,null,null,null,null,null,null,null,null,null,null,null,null,null,null,null,null,null,null,null,null,null,null,null,null,null,null,null,null,null,null,null,null,null,null,null,null,null,null,null,null,null,null,null,null,null,null,null,null,null,null,null,null,null,"400131","ALCAPAO METALICO 0,60 X 0,60 M","UN",0,0,0,0,0,0,4.1382249999999994,0,11.1008]
["400132","PINTURA ESMALTE SOBRE ESQUADRIA METALICA (PREDIO)","M2","M10156","PINTURA - TINTA ESMALTE","L","Mat.",0.18,12.12,2.1816,4.3541999999999996,{"$f":"(SUMPRODUCT((PLANILHA_TAREFA[Ativo]=TRUE)*(PLANILHA_TAREFA[Qte Total])*(PLANILHA_TAREFA[Comp.]=A193)*PLANILHA_TAREFA[Quant.])+IF(ISERR(GETPIVOTDATA(\"Quant \",'Curva ABC - Insumos'!$A$3,\"Insumo\",A193)),0,GETPIVOTDATA(\"Quant \",'Curva ABC - Insumos'!$A$3,\"Insumo\",A193)))","v":24.19},52.77290399999999,0,0,0,0,0,0,1.5929899999999997,0,0.62573333333333336,0,0,0,0,0,0,0,0,0,0,0,0,0,0,0,0,0,0,0,0,0,0,0,0,0,0,0,0,0,0,0,0,0,0,0,0,0,0,0,0,0,0,0,0,0,0,0,0,0,0,0,0,0,0,0,0,0,0,0,0,0,0,0,0,0,0,0,0,0,0,0,0,0,0,0,0,0,0,0,0,0,0,0,0,0,0,0,0,0,0,0,0,0,0,0,0,0,0,0,null,null,null,null,null,null,null,null,null,null,null,null,null,null,null,null,null,null,null,null,null,null,null,null,null,null,null,null,null,null,null,null,null,null,null,null,null,null,null,null,null,null,null,null,null,null,null,null,null,null,null,null,null,null,null,null,null,null,null,null,null,null,null,null,null,null,null,null,null,null,null,null,null,null,null,null,null,null,null,null,null,null,null,null,null,null,null,null,null,null,null,null,null,null,null,null,null,null,null,null,null,null,null,null,null,null,null,null,null,null,null,null,null,null,null,null,null,null,null,null,null,null,null,null,null,null,null,null,null,null,null,null,null,null,null,"400132","PINTURA ESMALTE SOBRE ESQUADRIA METALICA (PREDIO)","M2",0,0,0,0,0,0,1.5929899999999997,0,0.62573333333333336]
["400132","PINTURA ESMALTE SOBRE ESQUADRIA METALICA (PREDIO)","M2","M10068","LIXA P/ FERRO ","UN","Mat.",0.4,1.07,0.42800000000000005,9.6760000000000019,{"$f":"(SUMPRODUCT((PLANILHA_TAREFA[Ativo]=TRUE)*(PLANILHA_TAREFA[Qte Total])*(PLANILHA_TAREFA[Comp.]=A198)*PLANILHA_TAREFA[Quant.])+IF(ISERR(GETPIVOTDATA(\"Quant \",'Curva ABC - Insumos'!$A$3,\"Insumo\",A198)),0,GETPIVOTDATA(\"Quant \",'Curva ABC - Insumos'!$A$3,\"Insumo\",A198)))","v":24.19},10.353320000000002,0,0,0,0,0,0,1.5929899999999997,0,0.62573333333333336,0,0,0,0,0,0,0,0,0,0,0,0,0,0,0,0,0,0,0,0,0,0,0,0,0,0,0,0,0,0,0,0,0,0,0,0,0,0,0,0,0,0,0,0,0,0,0,0,0,0,0,0,0,0,0,0,0,0,0,0,0,0,0,0,0,0,0,0,0,0,0,0,0,0,0,0,0,0,0,0,0,0,0,0,0,0,0,0,0,0,0,0,0,0,0,0,0,0,0,null,null,null,null,null,null,null,null,null,null,null,null,null,null,null,null,null,null,null,null,null,null,null,null,null,null,null,null,null,null,null,null,null,null,null,null,null,null,null,null,null,null,null,null,null,null,null,null,null,null,null,null,null,null,null,null,null,null,null,null,null,null,null,null,null,null,null,null,null,null,null,null,null,null,null,null,null,null,null,null,null,null,null,null,null,null,null,null,null,null,null,null,null,null,null,null,null,null,null,null,null,null,null,null,null,null,null,null,null,null,null,null,null,null,null,null,null,null,null,null,null,null,null,null,null,null,null,null,null,null,null,null,null,null,null,"400132","PINTURA ESMALTE SOBRE ESQUADRIA METALICA (PREDIO)","M2",0,0,0,0,0,0,1.5929899999999997,0,0.62573333333333336]
["400843","CAIXA DE INSPECAO EM ALVENARIA DE TIJOLO COMUM - 060 X 060 X 070 CM - ESGOTO / AGUAS PLUVIAIS","UN","000040","ESCAVACAO MANUAL DE VALA","M3","-",1.67,30.466799999999999,50.879555999999994,6.68,{"$f":"(SUMPRODUCT((PLANILHA_TAREFA[Ativo]=TRUE)*(PLANILHA_TAREFA[Qte Total])*(PLANILHA_TAREFA[Comp.]=A199)*PLANILHA_TAREFA[Quant.])+IF(ISERR(GETPIVOTDATA(\"Quant \",'Curva ABC - Insumos'!$A$3,\"Insumo\",A199)),0,GETPIVOTDATA(\"Quant \",'Curva ABC - Insumos'!$A$3,\"Insumo\",A199)))","v":4},203.51822399999998,0,0,0,0,0,0,0,0,0.28769230769230769,0,0,0,0,0,0,50.879555999999994,0,0,0,0,0,0,0,0,0,0,0,0,0,0,0,0,0,0,0,0,0,0,0,0,0,0,0,0,0,0,0,0,0,0,0,0,0,0,0,0,0,0,0,0,0,0,0,0,0,0,0,0,0,0,0,0,0,0,0,0,0,0,0,0,0,0,0,0,0,0,0,0,0,0,0,0,0,0,0,0,0,0,0,0,0,0,0,0,0,0,0,0,null,null,null,null,null,null,null,null,null,null,null,null,null,null,null,null,null,null,null,null,null,null,null,null,null,null,null,null,null,null,null,null,null,null,null,null,null,null,null,null,null,null,null,null,null,null,null,null,null,null,null,null,null,null,null,null,null,null,null,null,null,null,null,null,null,null,null,null,null,null,null,null,null,null,null,null,null,null,null,null,null,null,null,null,null,null,null,null,null,null,null,null,null,null,null,null,null,null,null,null,null,null,null,null,null,null,null,null,null,null,null,null,null,null,null,null,null,null,null,null,null,null,null,null,null,null,null,null,null,null,null,null,null,null,null,"400843","CAIXA DE INSPECAO EM ALVENARIA DE TIJOLO COMUM - 060 X 060 X 070 CM - ESGOTO / AGUAS PLUVIAIS","UN",0,0,0,0,0,0,50.879555999999994,0,0.28769230769230769]
["400843","CAIXA DE INSPECAO EM ALVENARIA DE TIJOLO COMUM - 060 X 060 X 070 CM - ESGOTO / AGUAS PLUVIAIS","UN","000190","ACO CA 50 06,3 MM","KG","-",2.6,5.8054400000000008,{"$f":"IF(ISERR(I204)=TRUE,0,I204)*H204","v":15.094144000000002},{"$f":"L204*H204","v":10.4},{"$f":"(SUMPRODUCT((PLANILHA_TAREFA[Ativo]=TRUE)*(PLANILHA_TAREFA[Qte Total])*(PLANILHA_TAREFA[Comp.]=A204)*PLANILHA_TAREFA[Quant.])+IF(ISERR(GETPIVOTDATA(\"Quant \",'Curva ABC - Insumos'!$A$3,\"Insumo\",A204)),0,GETPIVOTDATA(\"Quant \",'Curva ABC - Insumos'!$A$3,\"Insumo\",A204)))","v":4},{"$f":"IF(ISERR(I204)=TRUE,0,I204)*K204","v":60.376576000000007},0,0,0,0,0,0,0,0,0.28769230769230769,0,0,0,0,0,0,4.6213439999999997,0,10.472800000000001,0,0,0,0,0,0,0,0,0,0,0,0,0,0,0,0,0,0,0,0,0,0,0,0,0,0,0,0,0,0,0,0,0,0,0,0,0,0,0,0,0,0,0,0,0,0,0,0,0,0,0,0,0,0,0,0,0,0,0,0,0,0,0,0,0,0,0,0,0,0,0,0,0,0,0,0,0,0,0,0,0,0,0,0,0,0,0,0,0,0,null,null,null,null,null,null,null,null,null,null,null,null,null,null,null,null,null,null,null,null,null,null,null,null,null,null,null,null,null,null,null,null,null,null,null,null,null,null,null,null,null,null,null,null,null,null,null,null,null,null,null,null,null,null,null,null,null,null,null,null,null,null,null,null,null,null,null,null,null,null,null,null,null,null,null,null,null,null,null,null,null,null,null,null,null,null,null,null,null,null,null,null,null,null,null,null,null,null,null,null,null,null,null,null,null,null,null,null,null,null,null,null,null,null,null,null,null,null,null,null,null,null,null,null,null,null,null,null,null,null,null,null,null,null,null,"400843","CAIXA DE INSPECAO EM ALVENARIA DE TIJOLO COMUM - 060 X 060 X 070 CM - ESGOTO / AGUAS PLUVIAIS","UN",0,0,0,0,0,0,4.6213439999999997,0,10.760492307692308]
["400843","CAIXA DE INSPECAO EM ALVENARIA DE TIJOLO COMUM - 060 X 060 X 070 CM - ESGOTO / AGUAS PLUVIAIS","UN","000700","ALVENARIA DE TIJOLO DE BARRO MACICO - E = 10,0 CM","M2","-",2.2400000000000002,82.308099999999996,184.37014400000001,8.9600000000000009,{"$f":"(SUMPRODUCT((PLANILHA_TAREFA[Ativo]=TRUE)*(PLANILHA_TAREFA[Qte Total])*(PLANILHA_TAREFA[Comp.]=A209)*PLANILHA_TAREFA[Quant.])+IF(ISERR(GETPIVOTDATA(\"Quant \",'Curva ABC - Insumos'!$A$3,\"Insumo\",A209)),0,GETPIVOTDATA(\"Quant \",'Curva ABC - Insumos'!$A$3,\"Insumo\",A209)))","v":4},737.48057600000004,0,0,0,0,0,0,0,0,0.28769230769230769,0,0,0,0,0,0,86.958144000000004,0,97.412000000000006,0,0,0,0,0,0,0,0,0,0,0,0,0,0,0,0,0,0,0,0,0,0,0,0,0,0,0,0,0,0,0,0,0,0,0,0,0,0,0,0,0,0,0,0,0,0,0,0,0,0,0,0,0,0,0,0,0,0,0,0,0,0,0,0,0,0,0,0,0,0,0,0,0,0,0,0,0,0,0,0,0,0,0,0,0,0,0,0,0,0,null,null,null,null,null,null,null,null,null,null,null,null,null,null,null,null,null,null,null,null,null,null,null,null,null,null,null,null,null,null,null,null,null,null,null,null,null,null,null,null,null,null,null,null,null,null,null,null,null,null,null,null,null,null,null,null,null,null,null,null,null,null,null,null,null,null,null,null,null,null,null,null,null,null,null,null,null,null,null,null,null,null,null,null,null,null,null,null,null,null,null,null,null,null,null,null,null,null,null,null,null,null,null,null,null,null,null,null,null,null,null,null,null,null,null,null,null,null,null,null,null,null,null,null,null,null,null,null,null,null,null,null,null,null,null,"400843","CAIXA DE INSPECAO EM ALVENARIA DE TIJOLO COMUM - 060 X 060 X 070 CM - ESGOTO / AGUAS PLUVIAIS","UN",0,0,0,0,0,0,86.958144000000004,0,97.699692307692317]
["401084","PINTURA TEXTURADA ACRILICA (EXTERNA - PREDIOS)","M2","F20008","PINTOR ","H","M.O.",0.3,12.39,3.7170000000000001,0,{"$f":"(SUMPRODUCT((PLANILHA_TAREFA[Ativo]=TRUE)*(PLANILHA_TAREFA[Qte Total])*(PLANILHA_TAREFA[Comp.]=A214)*PLANILHA_TAREFA[Quant.])+IF(ISERR(GETPIVOTDATA(\"Quant \",'Curva ABC - Insumos'!$A$3,\"Insumo\",A214)),0,GETPIVOTDATA(\"Quant \",'Curva ABC - Insumos'!$A$3,\"Insumo\",A214)))","v":0},0,0,0,0,0,0,0,1.2732300000000001,0,1.3149,0,0,0,0,0,0,0,0,0,0,0,0,0,0,0,0,0,0,0,0,0,0,0,0,0,0,0,0,0,0,0,0,0,0,0,0,0,0,0,0,0,0,0,0,0,0,0,0,0,0,0,0,0,0,0,0,0,0,0,0,0,0,0,0,0,0,0,0,0,0,0,0,0,0,0,0,0,0,0,0,0,0,0,0,0,0,0,0,0,0,0,0,0,0,0,0,0,0,0,null,null,null,null,null,null,null,null,null,null,null,null,null,null,null,null,null,null,null,null,null,null,null,null,null,null,null,null,null,null,null,null,null,null,null,null,null,null,null,null,null,null,null,null,null,null,null,null,null,null,null,null,null,null,null,null,null,null,null,null,null,null,null,null,null,null,null,null,null,null,null,null,null,null,null,null,null,null,null,null,null,null,null,null,null,null,null,null,null,null,null,null,null,null,null,null,null,null,null,null,null,null,null,null,null,null,null,null,null,null,null,null,null,null,null,null,null,null,null,null,null,null,null,null,null,null,null,null,null,null,null,null,null,null,null,"401084","PINTURA TEXTURADA ACRILICA (EXTERNA - PREDIOS)","M2",0,0,0,0,0,0,1.2732300000000001,0,1.3149]
["401084","PINTURA TEXTURADA ACRILICA (EXTERNA - PREDIOS)","M2","M16456","PINTURA - SELADOR ACRILICO P/ TEXTURA","L","Mat.",0.12,2.4300000000000002,0.29160000000000003,0,{"$f":"(SUMPRODUCT((PLANILHA_TAREFA[Ativo]=TRUE)*(PLANILHA_TAREFA[Qte Total])*(PLANILHA_TAREFA[Comp.]=A215)*PLANILHA_TAREFA[Quant.])+IF(ISERR(GETPIVOTDATA(\"Quant \",'Curva ABC - Insumos'!$A$3,\"Insumo\",A215)),0,GETPIVOTDATA(\"Quant \",'Curva ABC - Insumos'!$A$3,\"Insumo\",A215)))","v":0},0,0,0,0,0,0,0,1.2732300000000001,0,1.3149,0,0,0,0,0,0,0,0,0,0,0,0,0,0,0,0,0,0,0,0,0,0,0,0,0,0,0,0,0,0,0,0,0,0,0,0,0,0,0,0,0,0,0,0,0,0,0,0,0,0,0,0,0,0,0,0,0,0,0,0,0,0,0,0,0,0,0,0,0,0,0,0,0,0,0,0,0,0,0,0,0,0,0,0,0,0,0,0,0,0,0,0,0,0,0,0,0,0,0,null,null,null,null,null,null,null,null,null,null,null,null,null,null,null,null,null,null,null,null,null,null,null,null,null,null,null,null,null,null,null,null,null,null,null,null,null,null,null,null,null,null,null,null,null,null,null,null,null,null,null,null,null,null,null,null,null,null,null,null,null,null,null,null,null,null,null,null,null,null,null,null,null,null,null,null,null,null,null,null,null,null,null,null,null,null,null,null,null,null,null,null,null,null,null,null,null,null,null,null,null,null,null,null,null,null,null,null,null,null,null,null,null,null,null,null,null,null,null,null,null,null,null,null,null,null,null,null,null,null,null,null,null,null,null,"401084","PINTURA TEXTURADA ACRILICA (EXTERNA - PREDIOS)","M2",0,0,0,0,0,0,1.2732300000000001,0,1.3149]
["401513","TORNEIRA CROMADA P/ PIA DE COZINHA 1/2''","UN","F20005","ENCANADOR ","H","M.O.",0.25,12.39,3.0975000000000001,0.25,{"$f":"(SUMPRODUCT((PLANILHA_TAREFA[Ativo]=TRUE)*(PLANILHA_TAREFA[Qte Total])*(PLANILHA_TAREFA[Comp.]=A219)*PLANILHA_TAREFA[Quant.])+IF(ISERR(GETPIVOTDATA(\"Quant \",'Curva ABC - Insumos'!$A$3,\"Insumo\",A219)),0,GETPIVOTDATA(\"Quant \",'Curva ABC - Insumos'!$A$3,\"Insumo\",A219)))","v":1},3.0975000000000001,0,0,0,0,0,0,1.388625,0,6.5402999999999993,0,0,0,0,0,0,0,0,0,0,0,0,0,0,0,0,0,0,0,0,0,0,0,0,0,0,0,0,0,0,0,0,0,0,0,0,0,0,0,0,0,0,0,0,0,0,0,0,0,0,0,0,0,0,0,0,0,0,0,0,0,0,0,0,0,0,0,0,0,0,0,0,0,0,0,0,0,0,0,0,0,0,0,0,0,0,0,0,0,0,0,0,0,0,0,0,0,0,0,null,null,null,null,null,null,null,null,null,null,null,null,null,null,null,null,null,null,null,null,null,null,null,null,null,null,null,null,null,null,null,null,null,null,null,null,null,null,null,null,null,null,null,null,null,null,null,null,null,null,null,null,null,null,null,null,null,null,null,null,null,null,null,null,null,null,null,null,null,null,null,null,null,null,null,null,null,null,null,null,null,null,null,null,null,null,null,null,null,null,null,null,null,null,null,null,null,null,null,null,null,null,null,null,null,null,null,null,null,null,null,null,null,null,null,null,null,null,null,null,null,null,null,null,null,null,null,null,null,null,null,null,null,null,null,"401513","TORNEIRA CROMADA P/ PIA DE COZINHA 1/2''","UN",0,0,0,0,0,0,1.388625,0,6.5402999999999993]
["401646","PISO CERAMICO 30,0 X 30,0 CM C/ REJUNTE","M2","M10799","CIMENTO COLANTE  ","KG","Mat.",8,0.3,2.4,364.8,{"$f":"(SUMPRODUCT((PLANILHA_TAREFA[Ativo]=TRUE)*(PLANILHA_TAREFA[Qte Total])*(PLANILHA_TAREFA[Comp.]=A224)*PLANILHA_TAREFA[Quant.])+IF(ISERR(GETPIVOTDATA(\"Quant \",'Curva ABC - Insumos'!$A$3,\"Insumo\",A224)),0,GETPIVOTDATA(\"Quant \",'Curva ABC - Insumos'!$A$3,\"Insumo\",A224)))","v":45.6},109.44,0,0,0,0,0,0,3.7095239999999996,0,2.3672000000000004,0,0,0,0,0,0,0,0,0,0,0,0,0,0,0,0,0,0,0,0,0,0,0,0,0,0,0,0,0,0,0,0,0,0,0,0,0,0,0,0,0,0,0,0,0,0,0,0,0,0,0,0,0,0,0,0,0,0,0,0,0,0,0,0,0,0,0,0,0,0,0,0,0,0,0,0,0,0,0,0,0,0,0,0,0,0,0,0,0,0,0,0,0,0,0,0,0,0,0,null,null,null,null,null,null,null,null,null,null,null,null,null,null,null,null,null,null,null,null,null,null,null,null,null,null,null,null,null,null,null,null,null,null,null,null,null,null,null,null,null,null,null,null,null,null,null,null,null,null,null,null,null,null,null,null,null,null,null,null,null,null,null,null,null,null,null,null,null,null,null,null,null,null,null,null,null,null,null,null,null,null,null,null,null,null,null,null,null,null,null,null,null,null,null,null,null,null,null,null,null,null,null,null,null,null,null,null,null,null,null,null,null,null,null,null,null,null,null,null,null,null,null,null,null,null,null,null,null,null,null,null,null,null,null,"401646","PISO CERAMICO 30,0 X 30,0 CM C/ REJUNTE","M2",0,0,0,0,0,0,3.7095239999999996,0,2.3672000000000004]
["401702","TORNEIRA CROMADA CURTA P/TANQUE 3/4''","UN","F20001","AJUDANTE GERAL","H","M.O.",0.25,9.8279999999999994,2.4569999999999999,0.25,{"$f":"(SUMPRODUCT((PLANILHA_TAREFA[Ativo]=TRUE)*(PLANILHA_TAREFA[Qte Total])*(PLANILHA_TAREFA[Comp.]=A229)*PLANILHA_TAREFA[Quant.])+IF(ISERR(GETPIVOTDATA(\"Quant \",'Curva ABC - Insumos'!$A$3,\"Insumo\",A229)),0,GETPIVOTDATA(\"Quant \",'Curva ABC - Insumos'!$A$3,\"Insumo\",A229)))","v":1},2.4569999999999999,0,0,0,0,0,0,1.388625,0,3.5528,0,0,0,0,0,0,0,0,0,0,0,0,0,0,0,0,0,0,0,0,0,0,0,0,0,0,0,0,0,0,0,0,0,0,0,0,0,0,0,0,0,0,0,0,0,0,0,0,0,0,0,0,0,0,0,0,0,0,0,0,0,0,0,0,0,0,0,0,0,0,0,0,0,0,0,0,0,0,0,0,0,0,0,0,0,0,0,0,0,0,0,0,0,0,0,0,0,0,0,null,null,null,null,null,null,null,null,null,null,null,null,null,null,null,null,null,null,null,null,null,null,null,null,null,null,null,null,null,null,null,null,null,null,null,null,null,null,null,null,null,null,null,null,null,null,null,null,null,null,null,null,null,null,null,null,null,null,null,null,null,null,null,null,null,null,null,null,null,null,null,null,null,null,null,null,null,null,null,null,null,null,null,null,null,null,null,null,null,null,null,null,null,null,null,null,null,null,null,null,null,null,null,null,null,null,null,null,null,null,null,null,null,null,null,null,null,null,null,null,null,null,null,null,null,null,null,null,null,null,null,null,null,null,null,"401702","TORNEIRA CROMADA CURTA P/TANQUE 3/4''","UN",0,0,0,0,0,0,1.388625,0,3.5528]
["401702","TORNEIRA CROMADA CURTA P/TANQUE 3/4''","UN","M11809","TORNEIRA CROMADA CURTA P/ TANQUE 1128 - 1/2 X 3/4\" ","UN","Mat.",1,14.2,14.2,1,{"$f":"(SUMPRODUCT((PLANILHA_TAREFA[Ativo]=TRUE)*(PLANILHA_TAREFA[Qte Total])*(PLANILHA_TAREFA[Comp.]=A230)*PLANILHA_TAREFA[Quant.])+IF(ISERR(GETPIVOTDATA(\"Quant \",'Curva ABC - Insumos'!$A$3,\"Insumo\",A230)),0,GETPIVOTDATA(\"Quant \",'Curva ABC - Insumos'!$A$3,\"Insumo\",A230)))","v":1},14.2,0,0,0,0,0,0,1.388625,0,3.5528,0,0,0,0,0,0,0,0,0,0,0,0,0,0,0,0,0,0,0,0,0,0,0,0,0,0,0,0,0,0,0,0,0,0,0,0,0,0,0,0,0,0,0,0,0,0,0,0,0,0,0,0,0,0,0,0,0,0,0,0,0,0,0,0,0,0,0,0,0,0,0,0,0,0,0,0,0,0,0,0,0,0,0,0,0,0,0,0,0,0,0,0,0,0,0,0,0,0,0,null,null,null,null,null,null,null,null,null,null,null,null,null,null,null,null,null,null,null,null,null,null,null,null,null,null,null,null,null,null,null,null,null,null,null,null,null,null,null,null,null,null,null,null,null,null,null,null,null,null,null,null,null,null,null,null,null,null,null,null,null,null,null,null,null,null,null,null,null,null,null,null,null,null,null,null,null,null,null,null,null,null,null,null,null,null,null,null,null,null,null,null,null,null,null,null,null,null,null,null,null,null,null,null,null,null,null,null,null,null,null,null,null,null,null,null,null,null,null,null,null,null,null,null,null,null,null,null,null,null,null,null,null,null,null,"401702","TORNEIRA CROMADA CURTA P/TANQUE 3/4''","UN",0,0,0,0,0,0,1.388625,0,3.5528]
["402096","TELHA DE FIBROCIMENTO ONDULADA - E = 05,0 MM","M2","F20001","AJUDANTE GERAL","H","M.O.",0.22,9.8279999999999994,2.1621600000000001,12.326600000000001,{"$f":"(SUMPRODUCT((PLANILHA_TAREFA[Ativo]=TRUE)*(PLANILHA_TAREFA[Qte Total])*(PLANILHA_TAREFA[Comp.]=A235)*PLANILHA_TAREFA[Quant.])+IF(ISERR(GETPIVOTDATA(\"Quant \",'Curva ABC - Insumos'!$A$3,\"Insumo\",A235)),0,GETPIVOTDATA(\"Quant \",'Curva ABC - Insumos'!$A$3,\"Insumo\",A235)))","v":56.03},121.1458248,0,0,0,0,0,0,0.97759199999999991,0,2.8701999999999996,0,0,0,0,0,0,0,0,0,0,0,0,0,0,0,0,0,0,0,0,0,0,0,0,0,0,0,0,0,0,0,0,0,0,0,0,0,0,0,0,0,0,0,0,0,0,0,0,0,0,0,0,0,0,0,0,0,0,0,0,0,0,0,0,0,0,0,0,0,0,0,0,0,0,0,0,0,0,0,0,0,0,0,0,0,0,0,0,0,0,0,0,0,0,0,0,0,0,0,null,null,null,null,null,null,null,null,null,null,null,null,null,null,null,null,null,null,null,null,null,null,null,null,null,null,null,null,null,null,null,null,null,null,null,null,null,null,null,null,null,null,null,null,null,null,null,null,null,null,null,null,null,null,null,null,null,null,null,null,null,null,null,null,null,null,null,null,null,null,null,null,null,null,null,null,null,null,null,null,null,null,null,null,null,null,null,null,null,null,null,null,null,null,null,null,null,null,null,null,null,null,null,null,null,null,null,null,null,null,null,null,null,null,null,null,null,null,null,null,null,null,null,null,null,null,null,null,null,null,null,null,null,null,null,"402096","TELHA DE FIBROCIMENTO ONDULADA - E = 05,0 MM","M2",0,0,0,0,0,0,0.97759199999999991,0,2.8701999999999996]
["402485","FORMA DE COMPENSADO PLASTIFICADO 18,0 MM\n","M2","F20001","AJUDANTE GERAL","H","M.O.",1.2,9.8279999999999994,11.7936,28.595999999999997,{"$f":"(SUMPRODUCT((PLANILHA_TAREFA[Ativo]=TRUE)*(PLANILHA_TAREFA[Qte Total])*(PLANILHA_TAREFA[Comp.]=A240)*PLANILHA_TAREFA[Quant.])+IF(ISERR(GETPIVOTDATA(\"Quant \",'Curva ABC - Insumos'!$A$3,\"Insumo\",A240)),0,GETPIVOTDATA(\"Quant \",'Curva ABC - Insumos'!$A$3,\"Insumo\",A240)))","v":23.83},281.04148799999996,0,0,0,0,0,0,3.8088000000000002,0,3.3411428571428572,0,0,0,0,0,0,0,0,0,0,0,0,0,0,0,0,0,0,0,0,0,0,0,0,0,0,0,0,0,0,0,0,0,0,0,0,0,0,0,0,0,0,0,0,0,0,0,0,0,0,0,0,0,0,0,0,0,0,0,0,0,0,0,0,0,0,0,0,0,0,0,0,0,0,0,0,0,0,0,0,0,0,0,0,0,0,0,0,0,0,0,0,0,0,0,0,0,0,0,null,null,null,null,null,null,null,null,null,null,null,null,null,null,null,null,null,null,null,null,null,null,null,null,null,null,null,null,null,null,null,null,null,null,null,null,null,null,null,null,null,null,null,null,null,null,null,null,null,null,null,null,null,null,null,null,null,null,null,null,null,null,null,null,null,null,null,null,null,null,null,null,null,null,null,null,null,null,null,null,null,null,null,null,null,null,null,null,null,null,null,null,null,null,null,null,null,null,null,null,null,null,null,null,null,null,null,null,null,null,null,null,null,null,null,null,null,null,null,null,null,null,null,null,null,null,null,null,null,null,null,null,null,null,null,"402485","FORMA DE COMPENSADO PLASTIFICADO 18,0 MM\n","M2",0,0,0,0,0,0,3.8088000000000002,0,3.3411428571428572]
["403204","TORNEIRA P/ JARDIM AMARELA 1\"","UN","F20001","AJUDANTE GERAL","H","M.O.",0.65,9.8279999999999994,6.3881999999999994,0.65,{"$f":"(SUMPRODUCT((PLANILHA_TAREFA[Ativo]=TRUE)*(PLANILHA_TAREFA[Qte Total])*(PLANILHA_TAREFA[Comp.]=A245)*PLANILHA_TAREFA[Quant.])+IF(ISERR(GETPIVOTDATA(\"Quant \",'Curva ABC - Insumos'!$A$3,\"Insumo\",A245)),0,GETPIVOTDATA(\"Quant \",'Curva ABC - Insumos'!$A$3,\"Insumo\",A245)))","v":1},6.3881999999999994,0,0,0,0,0,0,3.6104250000000002,0,3.6617000000000002,0,0,0,0,0,0,0,0,0,0,0,0,0,0,0,0,0,0,0,0,0,0,0,0,0,0,0,0,0,0,0,0,0,0,0,0,0,0,0,0,0,0,0,0,0,0,0,0,0,0,0,0,0,0,0,0,0,0,0,0,0,0,0,0,0,0,0,0,0,0,0,0,0,0,0,0,0,0,0,0,0,0,0,0,0,0,0,0,0,0,0,0,0,0,0,0,0,0,0,null,null,null,null,null,null,null,null,null,null,null,null,null,null,null,null,null,null,null,null,null,null,null,null,null,null,null,null,null,null,null,null,null,null,null,null,null,null,null,null,null,null,null,null,null,null,null,null,null,null,null,null,null,null,null,null,null,null,null,null,null,null,null,null,null,null,null,null,null,null,null,null,null,null,null,null,null,null,null,null,null,null,null,null,null,null,null,null,null,null,null,null,null,null,null,null,null,null,null,null,null,null,null,null,null,null,null,null,null,null,null,null,null,null,null,null,null,null,null,null,null,null,null,null,null,null,null,null,null,null,null,null,null,null,null,"403204","TORNEIRA P/ JARDIM AMARELA 1\"","UN",0,0,0,0,0,0,3.6104250000000002,0,3.6617000000000002]
["403204","TORNEIRA P/ JARDIM AMARELA 1\"","UN","F20005","ENCANADOR ","H","M.O.",0.65,12.39,8.0535000000000014,0.65,{"$f":"(SUMPRODUCT((PLANILHA_TAREFA[Ativo]=TRUE)*(PLANILHA_TAREFA[Qte Total])*(PLANILHA_TAREFA[Comp.]=A246)*PLANILHA_TAREFA[Quant.])+IF(ISERR(GETPIVOTDATA(\"Quant \",'Curva ABC - Insumos'!$A$3,\"Insumo\",A246)),0,GETPIVOTDATA(\"Quant \",'Curva ABC - Insumos'!$A$3,\"Insumo\",A246)))","v":1},8.0535000000000014,0,0,0,0,0,0,3.6104250000000002,0,3.6617000000000002,0,0,0,0,0,0,0,0,0,0,0,0,0,0,0,0,0,0,0,0,0,0,0,0,0,0,0,0,0,0,0,0,0,0,0,0,0,0,0,0,0,0,0,0,0,0,0,0,0,0,0,0,0,0,0,0,0,0,0,0,0,0,0,0,0,0,0,0,0,0,0,0,0,0,0,0,0,0,0,0,0,0,0,0,0,0,0,0,0,0,0,0,0,0,0,0,0,0,0,null,null,null,null,null,null,null,null,null,null,null,null,null,null,null,null,null,null,null,null,null,null,null,null,null,null,null,null,null,null,null,null,null,null,null,null,null,null,null,null,null,null,null,null,null,null,null,null,null,null,null,null,null,null,null,null,null,null,null,null,null,null,null,null,null,null,null,null,null,null,null,null,null,null,null,null,null,null,null,null,null,null,null,null,null,null,null,null,null,null,null,null,null,null,null,null,null,null,null,null,null,null,null,null,null,null,null,null,null,null,null,null,null,null,null,null,null,null,null,null,null,null,null,null,null,null,null,null,null,null,null,null,null,null,null,"403204","TORNEIRA P/ JARDIM AMARELA 1\"","UN",0,0,0,0,0,0,3.6104250000000002,0,3.6617000000000002]
["500001","RADIER","M2","F20007","PEDREIRO","H","M.O.",0.56000000000000005,11.739000000000001,6.5738400000000015,38.847200000000008,{"$f":"(SUMPRODUCT((PLANILHA_TAREFA[Ativo]=TRUE)*(PLANILHA_TAREFA[Qte Total])*(PLANILHA_TAREFA[Comp.]=A250)*PLANILHA_TAREFA[Quant.])+IF(ISERR(GETPIVOTDATA(\"Quant \",'Curva ABC - Insumos'!$A$3,\"Insumo\",A250)),0,GETPIVOTDATA(\"Quant \",'Curva ABC - Insumos'!$A$3,\"Insumo\",A250)))","v":69.37},456.02728080000014,0,0,0,0,0,0,1.4445600000000003,0,6.1858571428571434,0,0,0,0,0,0,0,0,0,0,0,0,0,0,0,0,0,0,0,0,0,0,0,0,0,0,0,0,0,0,0,0,0,0,0,0,0,0,0,0,0,0,0,0,0,0,0,0,0,0,0,0,0,0,0,0,0,0,0,0,0,0,0,0,0,0,0,0,0,0,0,0,0,0,0,0,0,0,0,0,0,0,0,0,0,0,0,0,0,0,0,0,0,0,0,0,0,0,0,null,null,null,null,null,null,null,null,null,null,null,null,null,null,null,null,null,null,null,null,null,null,null,null,null,null,null,null,null,null,null,null,null,null,null,null,null,null,null,null,null,null,null,null,null,null,null,null,null,null,null,null,null,null,null,null,null,null,null,null,null,null,null,null,null,null,null,null,null,null,null,null,null,null,null,null,null,null,null,null,null,null,null,null,null,null,null,null,null,null,null,null,null,null,null,null,null,null,null,null,null,null,null,null,null,null,null,null,null,null,null,null,null,null,null,null,null,null,null,null,null,null,null,null,null,null,null,null,null,null,null,null,null,null,null,"500001","RADIER","M2",0,0,0,0,0,0,1.4445600000000003,0,6.1858571428571434]
["500001","RADIER","M2","M13041","CONCRETO USINADO 25,0 MPA - SLUMP CONVENCIONAL","M3","Mat.",0.1135,232,26.332000000000001,7.873495000000001,{"$f":"(SUMPRODUCT((PLANILHA_TAREFA[Ativo]=TRUE)*(PLANILHA_TAREFA[Qte Total])*(PLANILHA_TAREFA[Comp.]=A255)*PLANILHA_TAREFA[Quant.])+IF(ISERR(GETPIVOTDATA(\"Quant \",'Curva ABC - Insumos'!$A$3,\"Insumo\",A255)),0,GETPIVOTDATA(\"Quant \",'Curva ABC - Insumos'!$A$3,\"Insumo\",A255)))","v":69.37},1826.6508400000002,0,0,0,0,0,0,1.4445600000000003,0,6.1858571428571434,0,0,0,0,0,0,0,0,0,0,0,0,0,0,0,0,0,0,0,0,0,0,0,0,0,0,0,0,0,0,0,0,0,0,0,0,0,0,0,0,0,0,0,0,0,0,0,0,0,0,0,0,0,0,0,0,0,0,0,0,0,0,0,0,0,0,0,0,0,0,0,0,0,0,0,0,0,0,0,0,0,0,0,0,0,0,0,0,0,0,0,0,0,0,0,0,0,0,0,null,null,null,null,null,null,null,null,null,null,null,null,null,null,null,null,null,null,null,null,null,null,null,null,null,null,null,null,null,null,null,null,null,null,null,null,null,null,null,null,null,null,null,null,null,null,null,null,null,null,null,null,null,null,null,null,null,null,null,null,null,null,null,null,null,null,null,null,null,null,null,null,null,null,null,null,null,null,null,null,null,null,null,null,null,null,null,null,null,null,null,null,null,null,null,null,null,null,null,null,null,null,null,null,null,null,null,null,null,null,null,null,null,null,null,null,null,null,null,null,null,null,null,null,null,null,null,null,null,null,null,null,null,null,null,"500001","RADIER","M2",0,0,0,0,0,0,1.4445600000000003,0,6.1858571428571434]
["500003","BROCA DN 20 CM - C/ ESCAVACAO, C/ ARMACAO E LANCAMENTO","MT","M10203","ACO CA-50 - (MEDIA)","KG","Mat.",0.76,4,3.04,0,{"$f":"(SUMPRODUCT((PLANILHA_TAREFA[Ativo]=TRUE)*(PLANILHA_TAREFA[Qte Total])*(PLANILHA_TAREFA[Comp.]=A260)*PLANILHA_TAREFA[Quant.])+IF(ISERR(GETPIVOTDATA(\"Quant \",'Curva ABC - Insumos'!$A$3,\"Insumo\",A260)),0,GETPIVOTDATA(\"Quant \",'Curva ABC - Insumos'!$A$3,\"Insumo\",A260)))","v":0},0,0,0,0,0,0,0,3.2594008999999997,0,1.7095223333333331,0,0,0,0,0,0,0,0,0,0,0,0,0,0,0,0,0,0,0,0,0,0,0,0,0,0,0,0,0,0,0,0,0,0,0,0,0,0,0,0,0,0,0,0,0,0,0,0,0,0,0,0,0,0,0,0,0,0,0,0,0,0,0,0,0,0,0,0,0,0,0,0,0,0,0,0,0,0,0,0,0,0,0,0,0,0,0,0,0,0,0,0,0,0,0,0,0,0,0,null,null,null,null,null,null,null,null,null,null,null,null,null,null,null,null,null,null,null,null,null,null,null,null,null,null,null,null,null,null,null,null,null,null,null,null,null,null,null,null,null,null,null,null,null,null,null,null,null,null,null,null,null,null,null,null,null,null,null,null,null,null,null,null,null,null,null,null,null,null,null,null,null,null,null,null,null,null,null,null,null,null,null,null,null,null,null,null,null,null,null,null,null,null,null,null,null,null,null,null,null,null,null,null,null,null,null,null,null,null,null,null,null,null,null,null,null,null,null,null,null,null,null,null,null,null,null,null,null,null,null,null,null,null,null,"500003","BROCA DN 20 CM - C/ ESCAVACAO, C/ ARMACAO E LANCAMENTO","MT",0,0,0,0,0,0,3.2594008999999997,0,1.7095223333333331]
["500003","BROCA DN 20 CM - C/ ESCAVACAO, C/ ARMACAO E LANCAMENTO","MT","M10028","ARAME RECOZIDO ","KG","Mat.",1.26E-2,3.95,4.9770000000000002E-2,0,{"$f":"(SUMPRODUCT((PLANILHA_TAREFA[Ativo]=TRUE)*(PLANILHA_TAREFA[Qte Total])*(PLANILHA_TAREFA[Comp.]=A261)*PLANILHA_TAREFA[Quant.])+IF(ISERR(GETPIVOTDATA(\"Quant \",'Curva ABC - Insumos'!$A$3,\"Insumo\",A261)),0,GETPIVOTDATA(\"Quant \",'Curva ABC - Insumos'!$A$3,\"Insumo\",A261)))","v":0},0,0,0,0,0,0,0,3.2594008999999997,0,1.7095223333333331,0,0,0,0,0,0,0,0,0,0,0,0,0,0,0,0,0,0,0,0,0,0,0,0,0,0,0,0,0,0,0,0,0,0,0,0,0,0,0,0,0,0,0,0,0,0,0,0,0,0,0,0,0,0,0,0,0,0,0,0,0,0,0,0,0,0,0,0,0,0,0,0,0,0,0,0,0,0,0,0,0,0,0,0,0,0,0,0,0,0,0,0,0,0,0,0,0,0,0,null,null,null,null,null,null,null,null,null,null,null,null,null,null,null,null,null,null,null,null,null,null,null,null,null,null,null,null,null,null,null,null,null,null,null,null,null,null,null,null,null,null,null,null,null,null,null,null,null,null,null,null,null,null,null,null,null,null,null,null,null,null,null,null,null,null,null,null,null,null,null,null,null,null,null,null,null,null,null,null,null,null,null,null,null,null,null,null,null,null,null,null,null,null,null,null,null,null,null,null,null,null,null,null,null,null,null,null,null,null,null,null,null,null,null,null,null,null,null,null,null,null,null,null,null,null,null,null,null,null,null,null,null,null,null,"500003","BROCA DN 20 CM - C/ ESCAVACAO, C/ ARMACAO E LANCAMENTO","MT",0,0,0,0,0,0,3.2594008999999997,0,1.7095223333333331]
["500004","LASTRO DE CONCRETO MAGRO","M3","M10013","AREIA MEDIA","M3","Mat.",0.67700000000000005,40,27.080000000000002,0,{"$f":"(SUMPRODUCT((PLANILHA_TAREFA[Ativo]=TRUE)*(PLANILHA_TAREFA[Qte Total])*(PLANILHA_TAREFA[Comp.]=A266)*PLANILHA_TAREFA[Quant.])+IF(ISERR(GETPIVOTDATA(\"Quant \",'Curva ABC - Insumos'!$A$3,\"Insumo\",A266)),0,GETPIVOTDATA(\"Quant \",'Curva ABC - Insumos'!$A$3,\"Insumo\",A266)))","v":0},0,0,0,0,0,6.3750000000000001E-2,0,23.568999999999999,0,23.58,0,0,0,0,0,0,0,0,0,0,0,0,0,0,0,0,0,0,0,0,0,0,0,0,0,0,0,0,0,0,0,0,0,0,0,0,0,0,0,0,0,0,0,0,0,0,0,0,0,0,0,0,0,0,0,0,0,0,0,0,0,0,0,0,0,0,0,0,0,0,0,0,0,0,0,0,0,0,0,0,0,0,0,0,0,0,0,0,0,0,0,0,0,0,0,0,0,0,0,null,null,null,null,null,null,null,null,null,null,null,null,null,null,null,null,null,null,null,null,null,null,null,null,null,null,null,null,null,null,null,null,null,null,null,null,null,null,null,null,null,null,null,null,null,null,null,null,null,null,null,null,null,null,null,null,null,null,null,null,null,null,null,null,null,null,null,null,null,null,null,null,null,null,null,null,null,null,null,null,null,null,null,null,null,null,null,null,null,null,null,null,null,null,null,null,null,null,null,null,null,null,null,null,null,null,null,null,null,null,null,null,null,null,null,null,null,null,null,null,null,null,null,null,null,null,null,null,null,null,null,null,null,null,null,"500004","LASTRO DE CONCRETO MAGRO","M3",0,0,0,0,6.3750000000000001E-2,0,23.568999999999999,0,23.58]
["500007","IMPERMEABILIZACAO DOS BALDRAMES","M2","M10020","CIMENTO","KG","Mat.",9.7200000000000006,0.38,3.6936000000000004,0,{"$f":"(SUMPRODUCT((PLANILHA_TAREFA[Ativo]=TRUE)*(PLANILHA_TAREFA[Qte Total])*(PLANILHA_TAREFA[Comp.]=A271)*PLANILHA_TAREFA[Quant.])+IF(ISERR(GETPIVOTDATA(\"Quant \",'Curva ABC - Insumos'!$A$3,\"Insumo\",A271)),0,GETPIVOTDATA(\"Quant \",'Curva ABC - Insumos'!$A$3,\"Insumo\",A271)))","v":0},0,0,0,0,0,0,0,2.4187799999999999,0,0.90360000000000007,0,0,0,0,0,0,0,0,0,0,0,0,0,0,0,0,0,0,0,0,0,0,0,0,0,0,0,0,0,0,0,0,0,0,0,0,0,0,0,0,0,0,0,0,0,0,0,0,0,0,0,0,0,0,0,0,0,0,0,0,0,0,0,0,0,0,0,0,0,0,0,0,0,0,0,0,0,0,0,0,0,0,0,0,0,0,0,0,0,0,0,0,0,0,0,0,0,0,0,null,null,null,null,null,null,null,null,null,null,null,null,null,null,null,null,null,null,null,null,null,null,null,null,null,null,null,null,null,null,null,null,null,null,null,null,null,null,null,null,null,null,null,null,null,null,null,null,null,null,null,null,null,null,null,null,null,null,null,null,null,null,null,null,null,null,null,null,null,null,null,null,null,null,null,null,null,null,null,null,null,null,null,null,null,null,null,null,null,null,null,null,null,null,null,null,null,null,null,null,null,null,null,null,null,null,null,null,null,null,null,null,null,null,null,null,null,null,null,null,null,null,null,null,null,null,null,null,null,null,null,null,null,null,null,"500007","IMPERMEABILIZACAO DOS BALDRAMES","M2",0,0,0,0,0,0,2.4187799999999999,0,0.90360000000000007]
["500015","ARMACAO ACO CA-50 MEDIA","KG","F20001","AJUDANTE GERAL","H","M.O.",0.08,9.8279999999999994,0.78623999999999994,19.52,{"$f":"(SUMPRODUCT((PLANILHA_TAREFA[Ativo]=TRUE)*(PLANILHA_TAREFA[Qte Total])*(PLANILHA_TAREFA[Comp.]=A276)*PLANILHA_TAREFA[Quant.])+IF(ISERR(GETPIVOTDATA(\"Quant \",'Curva ABC - Insumos'!$A$3,\"Insumo\",A276)),0,GETPIVOTDATA(\"Quant \",'Curva ABC - Insumos'!$A$3,\"Insumo\",A276)))","v":244},191.84255999999999,0,0,0,0,0,0,0.44435999999999998,0,1.11975,0,0,0,0,0,0,0,0,0,0,0,0,0,0,0,0,0,0,0,0,0,0,0,0,0,0,0,0,0,0,0,0,0,0,0,0,0,0,0,0,0,0,0,0,0,0,0,0,0,0,0,0,0,0,0,0,0,0,0,0,0,0,0,0,0,0,0,0,0,0,0,0,0,0,0,0,0,0,0,0,0,0,0,0,0,0,0,0,0,0,0,0,0,0,0,0,0,0,0,null,null,null,null,null,null,null,null,null,null,null,null,null,null,null,null,null,null,null,null,null,null,null,null,null,null,null,null,null,null,null,null,null,null,null,null,null,null,null,null,null,null,null,null,null,null,null,null,null,null,null,null,null,null,null,null,null,null,null,null,null,null,null,null,null,null,null,null,null,null,null,null,null,null,null,null,null,null,null,null,null,null,null,null,null,null,null,null,null,null,null,null,null,null,null,null,null,null,null,null,null,null,null,null,null,null,null,null,null,null,null,null,null,null,null,null,null,null,null,null,null,null,null,null,null,null,null,null,null,null,null,null,null,null,null,"500015","ARMACAO ACO CA-50 MEDIA","KG",0,0,0,0,0,0,0.44435999999999998,0,1.11975]
["500015","ARMACAO ACO CA-50 MEDIA","KG","M10028","ARAME RECOZIDO ","KG","Mat.",0.02,3.95,7.9000000000000001E-2,4.88,{"$f":"(SUMPRODUCT((PLANILHA_TAREFA[Ativo]=TRUE)*(PLANILHA_TAREFA[Qte Total])*(PLANILHA_TAREFA[Comp.]=A277)*PLANILHA_TAREFA[Quant.])+IF(ISERR(GETPIVOTDATA(\"Quant \",'Curva ABC - Insumos'!$A$3,\"Insumo\",A277)),0,GETPIVOTDATA(\"Quant \",'Curva ABC - Insumos'!$A$3,\"Insumo\",A277)))","v":244},19.276,0,0,0,0,0,0,0.44435999999999998,0,1.11975,0,0,0,0,0,0,0,0,0,0,0,0,0,0,0,0,0,0,0,0,0,0,0,0,0,0,0,0,0,0,0,0,0,0,0,0,0,0,0,0,0,0,0,0,0,0,0,0,0,0,0,0,0,0,0,0,0,0,0,0,0,0,0,0,0,0,0,0,0,0,0,0,0,0,0,0,0,0,0,0,0,0,0,0,0,0,0,0,0,0,0,0,0,0,0,0,0,0,0,null,null,null,null,null,null,null,null,null,null,null,null,null,null,null,null,null,null,null,null,null,null,null,null,null,null,null,null,null,null,null,null,null,null,null,null,null,null,null,null,null,null,null,null,null,null,null,null,null,null,null,null,null,null,null,null,null,null,null,null,null,null,null,null,null,null,null,null,null,null,null,null,null,null,null,null,null,null,null,null,null,null,null,null,null,null,null,null,null,null,null,null,null,null,null,null,null,null,null,null,null,null,null,null,null,null,null,null,null,null,null,null,null,null,null,null,null,null,null,null,null,null,null,null,null,null,null,null,null,null,null,null,null,null,null,"500015","ARMACAO ACO CA-50 MEDIA","KG",0,0,0,0,0,0,0.44435999999999998,0,1.11975]
["500016","LAJE DE FORRO PRE-FABRICADA","M2","M10746","CONCRETO USINADO 20,0 MPA - SLUMP CONVENCIONAL","M3","Mat.",7.0000000000000007E-2,233.7,16.359000000000002,3.6799000000000004,{"$f":"(SUMPRODUCT((PLANILHA_TAREFA[Ativo]=TRUE)*(PLANILHA_TAREFA[Qte Total])*(PLANILHA_TAREFA[Comp.]=A281)*PLANILHA_TAREFA[Quant.])+IF(ISERR(GETPIVOTDATA(\"Quant \",'Curva ABC - Insumos'!$A$3,\"Insumo\",A281)),0,GETPIVOTDATA(\"Quant \",'Curva ABC - Insumos'!$A$3,\"Insumo\",A281)))","v":52.57},859.99263000000008,0,0,0,0,0,0,0.88613000000000008,0,4.1045499999999997,0,0,0,0,0,0,0,0,0,0,0,0,0,0,0,0,0,0,0,0,0,0,0,0,0,0,0,0,0,0,0,0,0,0,0,0,0,0,0,0,0,0,0,0,0,0,0,0,0,0,0,0,0,0,0,0,0,0,0,0,0,0,0,0,0,0,0,0,0,0,0,0,0,0,0,0,0,0,0,0,0,0,0,0,0,0,0,0,0,0,0,0,0,0,0,0,0,0,0,null,null,null,null,null,null,null,null,null,null,null,null,null,null,null,null,null,null,null,null,null,null,null,null,null,null,null,null,null,null,null,null,null,null,null,null,null,null,null,null,null,null,null,null,null,null,null,null,null,null,null,null,null,null,null,null,null,null,null,null,null,null,null,null,null,null,null,null,null,null,null,null,null,null,null,null,null,null,null,null,null,null,null,null,null,null,null,null,null,null,null,null,null,null,null,null,null,null,null,null,null,null,null,null,null,null,null,null,null,null,null,null,null,null,null,null,null,null,null,null,null,null,null,null,null,null,null,null,null,null,null,null,null,null,null,"500016","LAJE DE FORRO PRE-FABRICADA","M2",0,0,0,0,0,0,0.88613000000000008,0,4.1045499999999997]
["500016","LAJE DE FORRO PRE-FABRICADA","M2","F20001","AJUDANTE GERAL","H","M.O.",0.08,9.8279999999999994,0.78623999999999994,4.2056000000000004,{"$f":"(SUMPRODUCT((PLANILHA_TAREFA[Ativo]=TRUE)*(PLANILHA_TAREFA[Qte Total])*(PLANILHA_TAREFA[Comp.]=A286)*PLANILHA_TAREFA[Quant.])+IF(ISERR(GETPIVOTDATA(\"Quant \",'Curva ABC - Insumos'!$A$3,\"Insumo\",A286)),0,GETPIVOTDATA(\"Quant \",'Curva ABC - Insumos'!$A$3,\"Insumo\",A286)))","v":52.57},41.332636800000003,0,0,0,0,0,0,0.88613000000000008,0,4.1045499999999997,0,0,0,0,0,0,0,0,0,0,0,0,0,0,0,0,0,0,0,0,0,0,0,0,0,0,0,0,0,0,0,0,0,0,0,0,0,0,0,0,0,0,0,0,0,0,0,0,0,0,0,0,0,0,0,0,0,0,0,0,0,0,0,0,0,0,0,0,0,0,0,0,0,0,0,0,0,0,0,0,0,0,0,0,0,0,0,0,0,0,0,0,0,0,0,0,0,0,0,null,null,null,null,null,null,null,null,null,null,null,null,null,null,null,null,null,null,null,null,null,null,null,null,null,null,null,null,null,null,null,null,null,null,null,null,null,null,null,null,null,null,null,null,null,null,null,null,null,null,null,null,null,null,null,null,null,null,null,null,null,null,null,null,null,null,null,null,null,null,null,null,null,null,null,null,null,null,null,null,null,null,null,null,null,null,null,null,null,null,null,null,null,null,null,null,null,null,null,null,null,null,null,null,null,null,null,null,null,null,null,null,null,null,null,null,null,null,null,null,null,null,null,null,null,null,null,null,null,null,null,null,null,null,null,"500016","LAJE DE FORRO PRE-FABRICADA","M2",0,0,0,0,0,0,0.88613000000000008,0,4.1045499999999997]
["500027","CALHA TIPO RUFO EM CHAPA GALVANIZADA Nº 26 D = 030 CM","MT","M10078","PREGO 18 X 27 MM","KG","Mat.",7.0000000000000007E-2,4.95,0.34650000000000003,2.7720000000000002,{"$f":"(SUMPRODUCT((PLANILHA_TAREFA[Ativo]=TRUE)*(PLANILHA_TAREFA[Qte Total])*(PLANILHA_TAREFA[Comp.]=A291)*PLANILHA_TAREFA[Quant.])+IF(ISERR(GETPIVOTDATA(\"Quant \",'Curva ABC - Insumos'!$A$3,\"Insumo\",A291)),0,GETPIVOTDATA(\"Quant \",'Curva ABC - Insumos'!$A$3,\"Insumo\",A291)))","v":39.6},13.721400000000001,0,0,0,0,0,0,0,0,8.0939500000000013,0,0,0,0,0,0,0,0,0,0,0,0,0,0,0,0,0,0,0,0,0,0,0,0,0,0,0,0,0,0,0,0,0,0,0,0,0,0,0,0,0,0,0,0,0,0,0,0,0,0,0,0,0,0,0,0,0,0,0,0,0,0,0,0,0,0,0,0,0,0,0,0,0,0,0,0,0,0,0,0,0,0,0,0,0,0,0,0,0,0,0,0,0,0,0,0,0,0,0,null,null,null,null,null,null,null,null,null,null,null,null,null,null,null,null,null,null,null,null,null,null,null,null,null,null,null,null,null,null,null,null,null,null,null,null,null,null,null,null,null,null,null,null,null,null,null,null,null,null,null,null,null,null,null,null,null,null,null,null,null,null,null,null,null,null,null,null,null,null,null,null,null,null,null,null,null,null,null,null,null,null,null,null,null,null,null,null,null,null,null,null,null,null,null,null,null,null,null,null,null,null,null,null,null,null,null,null,null,null,null,null,null,null,null,null,null,null,null,null,null,null,null,null,null,null,null,null,null,null,null,null,null,null,null,"500027","CALHA TIPO RUFO EM CHAPA GALVANIZADA Nº 26 D = 030 CM","MT",0,0,0,0,0,0,0,0,8.0939500000000013]
["500031","CHAPISCO","M2","F20009","SERVENTE","H","M.O.",0.05,9.8279999999999994,0.4914,21.053000000000001,{"$f":"(SUMPRODUCT((PLANILHA_TAREFA[Ativo]=TRUE)*(PLANILHA_TAREFA[Qte Total])*(PLANILHA_TAREFA[Comp.]=A292)*PLANILHA_TAREFA[Quant.])+IF(ISERR(GETPIVOTDATA(\"Quant \",'Curva ABC - Insumos'!$A$3,\"Insumo\",A292)),0,GETPIVOTDATA(\"Quant \",'Curva ABC - Insumos'!$A$3,\"Insumo\",A292)))","v":421.06},206.908884,0,0,0,0,0,0,0.26958750000000004,0,0.29185000000000005,0,0,0,0,0,0,0,0,0,0,0,0,0,0,0,0,0,0,0,0,0,0,0,0,0,0,0,0,0,0,0,0,0,0,0,0,0,0,0,0,0,0,0,0,0,0,0,0,0,0,0,0,0,0,0,0,0,0,0,0,0,0,0,0,0,0,0,0,0,0,0,0,0,0,0,0,0,0,0,0,0,0,0,0,0,0,0,0,0,0,0,0,0,0,0,0,0,0,0,null,null,null,null,null,null,null,null,null,null,null,null,null,null,null,null,null,null,null,null,null,null,null,null,null,null,null,null,null,null,null,null,null,null,null,null,null,null,null,null,null,null,null,null,null,null,null,null,null,null,null,null,null,null,null,null,null,null,null,null,null,null,null,null,null,null,null,null,null,null,null,null,null,null,null,null,null,null,null,null,null,null,null,null,null,null,null,null,null,null,null,null,null,null,null,null,null,null,null,null,null,null,null,null,null,null,null,null,null,null,null,null,null,null,null,null,null,null,null,null,null,null,null,null,null,null,null,null,null,null,null,null,null,null,null,"500031","CHAPISCO","M2",0,0,0,0,0,0,0.26958750000000004,0,0.29185000000000005]
["500033","EMBOCO","M2","F20007","PEDREIRO","H","M.O.",0.69,11.739000000000001,8.0999099999999995,290.53139999999996,{"$f":"(SUMPRODUCT((PLANILHA_TAREFA[Ativo]=TRUE)*(PLANILHA_TAREFA[Qte Total])*(PLANILHA_TAREFA[Comp.]=A297)*PLANILHA_TAREFA[Quant.])+IF(ISERR(GETPIVOTDATA(\"Quant \",'Curva ABC - Insumos'!$A$3,\"Insumo\",A297)),0,GETPIVOTDATA(\"Quant \",'Curva ABC - Insumos'!$A$3,\"Insumo\",A297)))","v":421.06},3410.5481046,0,0,0,0,0,0,2.9762459999999997,0,0.77100000000000002,0,0,0,0,0,0,0,0,0,0,0,0,0,0,0,0,0,0,0,0,0,0,0,0,0,0,0,0,0,0,0,0,0,0,0,0,0,0,0,0,0,0,0,0,0,0,0,0,0,0,0,0,0,0,0,0,0,0,0,0,0,0,0,0,0,0,0,0,0,0,0,0,0,0,0,0,0,0,0,0,0,0,0,0,0,0,0,0,0,0,0,0,0,0,0,0,0,0,0,null,null,null,null,null,null,null,null,null,null,null,null,null,null,null,null,null,null,null,null,null,null,null,null,null,null,null,null,null,null,null,null,null,null,null,null,null,null,null,null,null,null,null,null,null,null,null,null,null,null,null,null,null,null,null,null,null,null,null,null,null,null,null,null,null,null,null,null,null,null,null,null,null,null,null,null,null,null,null,null,null,null,null,null,null,null,null,null,null,null,null,null,null,null,null,null,null,null,null,null,null,null,null,null,null,null,null,null,null,null,null,null,null,null,null,null,null,null,null,null,null,null,null,null,null,null,null,null,null,null,null,null,null,null,null,"500033","EMBOCO","M2",0,0,0,0,0,0,2.9762459999999997,0,0.77100000000000002]
["500034","EMBOCO C/ ARGAMASSA USINADA (CASA TERREA)","M2","M91626","ARGAMASSA PRONTA ENSACADA PARA REVESTIMENTO (CIMENTO+AREIA+CAL)","KG","Mat.",42,0.24,10.08,0,{"$f":"(SUMPRODUCT((PLANILHA_TAREFA[Ativo]=TRUE)*(PLANILHA_TAREFA[Qte Total])*(PLANILHA_TAREFA[Comp.]=A302)*PLANILHA_TAREFA[Quant.])+IF(ISERR(GETPIVOTDATA(\"Quant \",'Curva ABC - Insumos'!$A$3,\"Insumo\",A302)),0,GETPIVOTDATA(\"Quant \",'Curva ABC - Insumos'!$A$3,\"Insumo\",A302)))","v":0},0,0,0,0,0,0,0,4.1696199999999992,0,3.36,0,0,0,0,0,0,0,0,0,0,0,0,0,0,0,0,0,0,0,0,0,0,0,0,0,0,0,0,0,0,0,0,0,0,0,0,0,0,0,0,0,0,0,0,0,0,0,0,0,0,0,0,0,0,0,0,0,0,0,0,0,0,0,0,0,0,0,0,0,0,0,0,0,0,0,0,0,0,0,0,0,0,0,0,0,0,0,0,0,0,0,0,0,0,0,0,0,0,0,null,null,null,null,null,null,null,null,null,null,null,null,null,null,null,null,null,null,null,null,null,null,null,null,null,null,null,null,null,null,null,null,null,null,null,null,null,null,null,null,null,null,null,null,null,null,null,null,null,null,null,null,null,null,null,null,null,null,null,null,null,null,null,null,null,null,null,null,null,null,null,null,null,null,null,null,null,null,null,null,null,null,null,null,null,null,null,null,null,null,null,null,null,null,null,null,null,null,null,null,null,null,null,null,null,null,null,null,null,null,null,null,null,null,null,null,null,null,null,null,null,null,null,null,null,null,null,null,null,null,null,null,null,null,null,"500034","EMBOCO C/ ARGAMASSA USINADA (CASA TERREA)","M2",0,0,0,0,0,0,4.1696199999999992,0,3.36]
["500038","CALÇADA EXTERNA 7CM","M2","E14016","BETONEIRA ","H","Eq.Loc.",0.05,1.25,6.25E-2,1.8860000000000001,{"$f":"(SUMPRODUCT((PLANILHA_TAREFA[Ativo]=TRUE)*(PLANILHA_TAREFA[Qte Total])*(PLANILHA_TAREFA[Comp.]=A304)*PLANILHA_TAREFA[Quant.])+IF(ISERR(GETPIVOTDATA(\"Quant \",'Curva ABC - Insumos'!$A$3,\"Insumo\",A304)),0,GETPIVOTDATA(\"Quant \",'Curva ABC - Insumos'!$A$3,\"Insumo\",A304)))","v":37.72},2.3574999999999999,0,0,0,0,8.9285714285714281E-3,0,2.7728999999999999,0,2.1708571428571428,0,0,0,0,0,0,0,0,0,0,0,0,0,0,0,0,0,0,0,0,0,0,0,0,0,0,0,0,0,0,0,0,0,0,0,0,0,0,0,0,0,0,0,0,0,0,0,0,0,0,0,0,0,0,0,0,0,0,0,0,0,0,0,0,0,0,0,0,0,0,0,0,0,0,0,0,0,0,0,0,0,0,0,0,0,0,0,0,0,0,0,0,0,0,0,0,0,0,0,null,null,null,null,null,null,null,null,null,null,null,null,null,null,null,null,null,null,null,null,null,null,null,null,null,null,null,null,null,null,null,null,null,null,null,null,null,null,null,null,null,null,null,null,null,null,null,null,null,null,null,null,null,null,null,null,null,null,null,null,null,null,null,null,null,null,null,null,null,null,null,null,null,null,null,null,null,null,null,null,null,null,null,null,null,null,null,null,null,null,null,null,null,null,null,null,null,null,null,null,null,null,null,null,null,null,null,null,null,null,null,null,null,null,null,null,null,null,null,null,null,null,null,null,null,null,null,null,null,null,null,null,null,null,null,"500038","CALÇADA EXTERNA 7CM","M2",0,0,0,0,8.9285714285714281E-3,0,2.7728999999999999,0,2.1708571428571428]
["500038","CALÇADA EXTERNA 7CM","M2","M10003","RIPA DE MADEIRA DE LEI - 05,0 X 01,5 CM","MT","Mat.",1.82,1.6,2.9120000000000004,68.650400000000005,{"$f":"(SUMPRODUCT((PLANILHA_TAREFA[Ativo]=TRUE)*(PLANILHA_TAREFA[Qte Total])*(PLANILHA_TAREFA[Comp.]=A307)*PLANILHA_TAREFA[Quant.])+IF(ISERR(GETPIVOTDATA(\"Quant \",'Curva ABC - Insumos'!$A$3,\"Insumo\",A307)),0,GETPIVOTDATA(\"Quant \",'Curva ABC - Insumos'!$A$3,\"Insumo\",A307)))","v":37.72},109.84064000000001,0,0,0,0,8.9285714285714281E-3,0,2.7728999999999999,0,2.1708571428571428,0,0,0,0,0,0,0,0,0,0,0,0,0,0,0,0,0,0,0,0,0,0,0,0,0,0,0,0,0,0,0,0,0,0,0,0,0,0,0,0,0,0,0,0,0,0,0,0,0,0,0,0,0,0,0,0,0,0,0,0,0,0,0,0,0,0,0,0,0,0,0,0,0,0,0,0,0,0,0,0,0,0,0,0,0,0,0,0,0,0,0,0,0,0,0,0,0,0,0,null,null,null,null,null,null,null,null,null,null,null,null,null,null,null,null,null,null,null,null,null,null,null,null,null,null,null,null,null,null,null,null,null,null,null,null,null,null,null,null,null,null,null,null,null,null,null,null,null,null,null,null,null,null,null,null,null,null,null,null,null,null,null,null,null,null,null,null,null,null,null,null,null,null,null,null,null,null,null,null,null,null,null,null,null,null,null,null,null,null,null,null,null,null,null,null,null,null,null,null,null,null,null,null,null,null,null,null,null,null,null,null,null,null,null,null,null,null,null,null,null,null,null,null,null,null,null,null,null,null,null,null,null,null,null,"500038","CALÇADA EXTERNA 7CM","M2",0,0,0,0,8.9285714285714281E-3,0,2.7728999999999999,0,2.1708571428571428]
["500048","LATEX PVA","M2","M10086","PINTURA - SELADOR ACRILICO","L","Mat.",0.12,3.78,0.45359999999999995,24.24,{"$f":"(SUMPRODUCT((PLANILHA_TAREFA[Ativo]=TRUE)*(PLANILHA_TAREFA[Qte Total])*(PLANILHA_TAREFA[Comp.]=A312)*PLANILHA_TAREFA[Quant.])+IF(ISERR(GETPIVOTDATA(\"Quant \",'Curva ABC - Insumos'!$A$3,\"Insumo\",A312)),0,GETPIVOTDATA(\"Quant \",'Curva ABC - Insumos'!$A$3,\"Insumo\",A312)))","v":202},91.627199999999988,0,0,0,0,0,0,0.62951000000000001,0,0.24873333333333333,0,0,0,0,0,0,0,0,0,0,0,0,0,0,0,0,0,0,0,0,0,0,0,0,0,0,0,0,0,0,0,0,0,0,0,0,0,0,0,0,0,0,0,0,0,0,0,0,0,0,0,0,0,0,0,0,0,0,0,0,0,0,0,0,0,0,0,0,0,0,0,0,0,0,0,0,0,0,0,0,0,0,0,0,0,0,0,0,0,0,0,0,0,0,0,0,0,0,0,null,null,null,null,null,null,null,null,null,null,null,null,null,null,null,null,null,null,null,null,null,null,null,null,null,null,null,null,null,null,null,null,null,null,null,null,null,null,null,null,null,null,null,null,null,null,null,null,null,null,null,null,null,null,null,null,null,null,null,null,null,null,null,null,null,null,null,null,null,null,null,null,null,null,null,null,null,null,null,null,null,null,null,null,null,null,null,null,null,null,null,null,null,null,null,null,null,null,null,null,null,null,null,null,null,null,null,null,null,null,null,null,null,null,null,null,null,null,null,null,null,null,null,null,null,null,null,null,null,null,null,null,null,null,null,"500048","LATEX PVA","M2",0,0,0,0,0,0,0.62951000000000001,0,0.24873333333333333]
["500049","LATEX ACRILICO","M2","F20008","PINTOR ","H","M.O.",0.17,12.39,2.1063000000000001,34.713999999999999,{"$f":"(SUMPRODUCT((PLANILHA_TAREFA[Ativo]=TRUE)*(PLANILHA_TAREFA[Qte Total])*(PLANILHA_TAREFA[Comp.]=A317)*PLANILHA_TAREFA[Quant.])+IF(ISERR(GETPIVOTDATA(\"Quant \",'Curva ABC - Insumos'!$A$3,\"Insumo\",A317)),0,GETPIVOTDATA(\"Quant \",'Curva ABC - Insumos'!$A$3,\"Insumo\",A317)))","v":204.2},430.10646000000003,0,0,0,0,0,0,0.62951000000000001,0,0.28811666666666669,0,0,0,0,0,0,0,0,0,0,0,0,0,0,0,0,0,0,0,0,0,0,0,0,0,0,0,0,0,0,0,0,0,0,0,0,0,0,0,0,0,0,0,0,0,0,0,0,0,0,0,0,0,0,0,0,0,0,0,0,0,0,0,0,0,0,0,0,0,0,0,0,0,0,0,0,0,0,0,0,0,0,0,0,0,0,0,0,0,0,0,0,0,0,0,0,0,0,0,null,null,null,null,null,null,null,null,null,null,null,null,null,null,null,null,null,null,null,null,null,null,null,null,null,null,null,null,null,null,null,null,null,null,null,null,null,null,null,null,null,null,null,null,null,null,null,null,null,null,null,null,null,null,null,null,null,null,null,null,null,null,null,null,null,null,null,null,null,null,null,null,null,null,null,null,null,null,null,null,null,null,null,null,null,null,null,null,null,null,null,null,null,null,null,null,null,null,null,null,null,null,null,null,null,null,null,null,null,null,null,null,null,null,null,null,null,null,null,null,null,null,null,null,null,null,null,null,null,null,null,null,null,null,null,"500049","LATEX ACRILICO","M2",0,0,0,0,0,0,0.62951000000000001,0,0.28811666666666669]
["500049","LATEX ACRILICO","M2","M10060","PINTURA - LATEX ACRILICO","L","Mat.",0.17,5.33,0.90610000000000013,34.713999999999999,{"$f":"(SUMPRODUCT((PLANILHA_TAREFA[Ativo]=TRUE)*(PLANILHA_TAREFA[Qte Total])*(PLANILHA_TAREFA[Comp.]=A322)*PLANILHA_TAREFA[Quant.])+IF(ISERR(GETPIVOTDATA(\"Quant \",'Curva ABC - Insumos'!$A$3,\"Insumo\",A322)),0,GETPIVOTDATA(\"Quant \",'Curva ABC - Insumos'!$A$3,\"Insumo\",A322)))","v":204.2},185.02562,0,0,0,0,0,0,0.62951000000000001,0,0.28811666666666669,0,0,0,0,0,0,0,0,0,0,0,0,0,0,0,0,0,0,0,0,0,0,0,0,0,0,0,0,0,0,0,0,0,0,0,0,0,0,0,0,0,0,0,0,0,0,0,0,0,0,0,0,0,0,0,0,0,0,0,0,0,0,0,0,0,0,0,0,0,0,0,0,0,0,0,0,0,0,0,0,0,0,0,0,0,0,0,0,0,0,0,0,0,0,0,0,0,0,0,null,null,null,null,null,null,null,null,null,null,null,null,null,null,null,null,null,null,null,null,null,null,null,null,null,null,null,null,null,null,null,null,null,null,null,null,null,null,null,null,null,null,null,null,null,null,null,null,null,null,null,null,null,null,null,null,null,null,null,null,null,null,null,null,null,null,null,null,null,null,null,null,null,null,null,null,null,null,null,null,null,null,null,null,null,null,null,null,null,null,null,null,null,null,null,null,null,null,null,null,null,null,null,null,null,null,null,null,null,null,null,null,null,null,null,null,null,null,null,null,null,null,null,null,null,null,null,null,null,null,null,null,null,null,null,"500049","LATEX ACRILICO","M2",0,0,0,0,0,0,0.62951000000000001,0,0.28811666666666669]
["500050","PINTURA ESMALTE SOBRE ESQUADRIA METALICAS (CASA TERREA)","M2","M10071","PINTURA - ZARCAO","L","Mat.",0.12,7.97,0.95639999999999992,0,{"$f":"(SUMPRODUCT((PLANILHA_TAREFA[Ativo]=TRUE)*(PLANILHA_TAREFA[Qte Total])*(PLANILHA_TAREFA[Comp.]=A323)*PLANILHA_TAREFA[Quant.])+IF(ISERR(GETPIVOTDATA(\"Quant \",'Curva ABC - Insumos'!$A$3,\"Insumo\",A323)),0,GETPIVOTDATA(\"Quant \",'Curva ABC - Insumos'!$A$3,\"Insumo\",A323)))","v":0},0,0,0,0,0,0,0,0.89726000000000006,0,0.56749999999999989,0,0,0,0,0,0,0,0,0,0,0,0,0,0,0,0,0,0,0,0,0,0,0,0,0,0,0,0,0,0,0,0,0,0,0,0,0,0,0,0,0,0,0,0,0,0,0,0,0,0,0,0,0,0,0,0,0,0,0,0,0,0,0,0,0,0,0,0,0,0,0,0,0,0,0,0,0,0,0,0,0,0,0,0,0,0,0,0,0,0,0,0,0,0,0,0,0,0,0,null,null,null,null,null,null,null,null,null,null,null,null,null,null,null,null,null,null,null,null,null,null,null,null,null,null,null,null,null,null,null,null,null,null,null,null,null,null,null,null,null,null,null,null,null,null,null,null,null,null,null,null,null,null,null,null,null,null,null,null,null,null,null,null,null,null,null,null,null,null,null,null,null,null,null,null,null,null,null,null,null,null,null,null,null,null,null,null,null,null,null,null,null,null,null,null,null,null,null,null,null,null,null,null,null,null,null,null,null,null,null,null,null,null,null,null,null,null,null,null,null,null,null,null,null,null,null,null,null,null,null,null,null,null,null,"500050","PINTURA ESMALTE SOBRE ESQUADRIA METALICAS (CASA TERREA)","M2",0,0,0,0,0,0,0.89726000000000006,0,0.56749999999999989]
["500050","PINTURA ESMALTE SOBRE ESQUADRIA METALICAS (CASA TERREA)","M2","M10156","PINTURA - TINTA ESMALTE","L","Mat.",0.16,12.12,1.9391999999999998,0,{"$f":"(SUMPRODUCT((PLANILHA_TAREFA[Ativo]=TRUE)*(PLANILHA_TAREFA[Qte Total])*(PLANILHA_TAREFA[Comp.]=A328)*PLANILHA_TAREFA[Quant.])+IF(ISERR(GETPIVOTDATA(\"Quant \",'Curva ABC - Insumos'!$A$3,\"Insumo\",A328)),0,GETPIVOTDATA(\"Quant \",'Curva ABC - Insumos'!$A$3,\"Insumo\",A328)))","v":0},0,0,0,0,0,0,0,0.89726000000000006,0,0.56749999999999989,0,0,0,0,0,0,0,0,0,0,0,0,0,0,0,0,0,0,0,0,0,0,0,0,0,0,0,0,0,0,0,0,0,0,0,0,0,0,0,0,0,0,0,0,0,0,0,0,0,0,0,0,0,0,0,0,0,0,0,0,0,0,0,0,0,0,0,0,0,0,0,0,0,0,0,0,0,0,0,0,0,0,0,0,0,0,0,0,0,0,0,0,0,0,0,0,0,0,0,null,null,null,null,null,null,null,null,null,null,null,null,null,null,null,null,null,null,null,null,null,null,null,null,null,null,null,null,null,null,null,null,null,null,null,null,null,null,null,null,null,null,null,null,null,null,null,null,null,null,null,null,null,null,null,null,null,null,null,null,null,null,null,null,null,null,null,null,null,null,null,null,null,null,null,null,null,null,null,null,null,null,null,null,null,null,null,null,null,null,null,null,null,null,null,null,null,null,null,null,null,null,null,null,null,null,null,null,null,null,null,null,null,null,null,null,null,null,null,null,null,null,null,null,null,null,null,null,null,null,null,null,null,null,null,"500050","PINTURA ESMALTE SOBRE ESQUADRIA METALICAS (CASA TERREA)","M2",0,0,0,0,0,0,0.89726000000000006,0,0.56749999999999989]
["500058","PIA DE GRANITO 1,20 X 0,60 M C/ CUBA DE INOX","UN","F20009","SERVENTE","H","M.O.",1.5,9.8279999999999994,14.741999999999999,1.5,{"$f":"(SUMPRODUCT((PLANILHA_TAREFA[Ativo]=TRUE)*(PLANILHA_TAREFA[Qte Total])*(PLANILHA_TAREFA[Comp.]=A333)*PLANILHA_TAREFA[Quant.])+IF(ISERR(GETPIVOTDATA(\"Quant \",'Curva ABC - Insumos'!$A$3,\"Insumo\",A333)),0,GETPIVOTDATA(\"Quant \",'Curva ABC - Insumos'!$A$3,\"Insumo\",A333)))","v":1},14.741999999999999,0,0,0,0,0,0,4.6214999999999993,0,38.262857142857136,0,0,0,0,0,0,0,0,0,0,0,0,0,0,0,0,0,0,0,0,0,0,0,0,0,0,0,0,0,0,0,0,0,0,0,0,0,0,0,0,0,0,0,0,0,0,0,0,0,0,0,0,0,0,0,0,0,0,0,0,0,0,0,0,0,0,0,0,0,0,0,0,0,0,0,0,0,0,0,0,0,0,0,0,0,0,0,0,0,0,0,0,0,0,0,0,0,0,0,null,null,null,null,null,null,null,null,null,null,null,null,null,null,null,null,null,null,null,null,null,null,null,null,null,null,null,null,null,null,null,null,null,null,null,null,null,null,null,null,null,null,null,null,null,null,null,null,null,null,null,null,null,null,null,null,null,null,null,null,null,null,null,null,null,null,null,null,null,null,null,null,null,null,null,null,null,null,null,null,null,null,null,null,null,null,null,null,null,null,null,null,null,null,null,null,null,null,null,null,null,null,null,null,null,null,null,null,null,null,null,null,null,null,null,null,null,null,null,null,null,null,null,null,null,null,null,null,null,null,null,null,null,null,null,"500058","PIA DE GRANITO 1,20 X 0,60 M C/ CUBA DE INOX","UN",0,0,0,0,0,0,4.6214999999999993,0,38.262857142857136]
["500058","PIA DE GRANITO 1,20 X 0,60 M C/ CUBA DE INOX","UN","M16044","ENGATE CROMADO  ","UN","Mat.",1,8.07,8.07,1,{"$f":"(SUMPRODUCT((PLANILHA_TAREFA[Ativo]=TRUE)*(PLANILHA_TAREFA[Qte Total])*(PLANILHA_TAREFA[Comp.]=A335)*PLANILHA_TAREFA[Quant.])+IF(ISERR(GETPIVOTDATA(\"Quant \",'Curva ABC - Insumos'!$A$3,\"Insumo\",A335)),0,GETPIVOTDATA(\"Quant \",'Curva ABC - Insumos'!$A$3,\"Insumo\",A335)))","v":1},8.07,0,0,0,0,0,0,4.6214999999999993,0,38.262857142857136,0,0,0,0,0,0,0,0,0,0,0,0,0,0,0,0,0,0,0,0,0,0,0,0,0,0,0,0,0,0,0,0,0,0,0,0,0,0,0,0,0,0,0,0,0,0,0,0,0,0,0,0,0,0,0,0,0,0,0,0,0,0,0,0,0,0,0,0,0,0,0,0,0,0,0,0,0,0,0,0,0,0,0,0,0,0,0,0,0,0,0,0,0,0,0,0,0,0,0,null,null,null,null,null,null,null,null,null,null,null,null,null,null,null,null,null,null,null,null,null,null,null,null,null,null,null,null,null,null,null,null,null,null,null,null,null,null,null,null,null,null,null,null,null,null,null,null,null,null,null,null,null,null,null,null,null,null,null,null,null,null,null,null,null,null,null,null,null,null,null,null,null,null,null,null,null,null,null,null,null,null,null,null,null,null,null,null,null,null,null,null,null,null,null,null,null,null,null,null,null,null,null,null,null,null,null,null,null,null,null,null,null,null,null,null,null,null,null,null,null,null,null,null,null,null,null,null,null,null,null,null,null,null,null,"500058","PIA DE GRANITO 1,20 X 0,60 M C/ CUBA DE INOX","UN",0,0,0,0,0,0,4.6214999999999993,0,38.262857142857136]
["500069","VENEZIANA DE CORRER METALICO 1,50 X 1,10 M","UN","M10018","CAL HIDRATADA","KG","Mat.",1.32,0.43,0.56759999999999999,1.32,{"$f":"(SUMPRODUCT((PLANILHA_TAREFA[Ativo]=TRUE)*(PLANILHA_TAREFA[Qte Total])*(PLANILHA_TAREFA[Comp.]=A338)*PLANILHA_TAREFA[Quant.])+IF(ISERR(GETPIVOTDATA(\"Quant \",'Curva ABC - Insumos'!$A$3,\"Insumo\",A338)),0,GETPIVOTDATA(\"Quant \",'Curva ABC - Insumos'!$A$3,\"Insumo\",A338)))","v":1},0.56759999999999999,0,0,0,0,0,0,9.7938749999999999,0,27.181266666666669,0,0,0,0,0,0,0,0,0,0,0,0,0,0,0,0,0,0,0,0,0,0,0,0,0,0,0,0,0,0,0,0,0,0,0,0,0,0,0,0,0,0,0,0,0,0,0,0,0,0,0,0,0,0,0,0,0,0,0,0,0,0,0,0,0,0,0,0,0,0,0,0,0,0,0,0,0,0,0,0,0,0,0,0,0,0,0,0,0,0,0,0,0,0,0,0,0,0,0,null,null,null,null,null,null,null,null,null,null,null,null,null,null,null,null,null,null,null,null,null,null,null,null,null,null,null,null,null,null,null,null,null,null,null,null,null,null,null,null,null,null,null,null,null,null,null,null,null,null,null,null,null,null,null,null,null,null,null,null,null,null,null,null,null,null,null,null,null,null,null,null,null,null,null,null,null,null,null,null,null,null,null,null,null,null,null,null,null,null,null,null,null,null,null,null,null,null,null,null,null,null,null,null,null,null,null,null,null,null,null,null,null,null,null,null,null,null,null,null,null,null,null,null,null,null,null,null,null,null,null,null,null,null,null,"500069","VENEZIANA DE CORRER METALICO 1,50 X 1,10 M","UN",0,0,0,0,0,0,9.7938749999999999,0,27.181266666666669]
["500090","PORTAO METALON 30 X 20","M2","500050","PINTURA ESMALTE SOBRE ESQUADRIA METALICAS (CASA TERREA)","M2","-",2.5,8.7885600000000004,21.971400000000003,9.375,{"$f":"(SUMPRODUCT((PLANILHA_TAREFA[Ativo]=TRUE)*(PLANILHA_TAREFA[Qte Total])*(PLANILHA_TAREFA[Comp.]=A343)*PLANILHA_TAREFA[Quant.])+IF(ISERR(GETPIVOTDATA(\"Quant \",'Curva ABC - Insumos'!$A$3,\"Insumo\",A343)),0,GETPIVOTDATA(\"Quant \",'Curva ABC - Insumos'!$A$3,\"Insumo\",A343)))","v":3.75},82.392750000000007,0,0,0,0,0,0,6.383832,0,41.2,0,0,0,0,0,0,13.4589,0,8.5124999999999993,0,0,0,0,0,0,0,0,0,0,0,0,0,0,0,0,0,0,0,0,0,0,0,0,0,0,0,0,0,0,0,0,0,0,0,0,0,0,0,0,0,0,0,0,0,0,0,0,0,0,0,0,0,0,0,0,0,0,0,0,0,0,0,0,0,0,0,0,0,0,0,0,0,0,0,0,0,0,0,0,0,0,0,0,0,0,0,0,0,0,null,null,null,null,null,null,null,null,null,null,null,null,null,null,null,null,null,null,null,null,null,null,null,null,null,null,null,null,null,null,null,null,null,null,null,null,null,null,null,null,null,null,null,null,null,null,null,null,null,null,null,null,null,null,null,null,null,null,null,null,null,null,null,null,null,null,null,null,null,null,null,null,null,null,null,null,null,null,null,null,null,null,null,null,null,null,null,null,null,null,null,null,null,null,null,null,null,null,null,null,null,null,null,null,null,null,null,null,null,null,null,null,null,null,null,null,null,null,null,null,null,null,null,null,null,null,null,null,null,null,null,null,null,null,null,"500090","PORTAO METALON 30 X 20","M2",0,0,0,0,0,0,19.842731999999998,0,49.712500000000006]
["500139","PAISAGISMO - PLANTIO DE GRAMA EM PLACAS (JARDINS)","M2","F20009","SERVENTE","H","M.O.",0.19600000000000001,9.8279999999999994,1.926288,9.3805600000000009,{"$f":"(SUMPRODUCT((PLANILHA_TAREFA[Ativo]=TRUE)*(PLANILHA_TAREFA[Qte Total])*(PLANILHA_TAREFA[Comp.]=A348)*PLANILHA_TAREFA[Quant.])+IF(ISERR(GETPIVOTDATA(\"Quant \",'Curva ABC - Insumos'!$A$3,\"Insumo\",A348)),0,GETPIVOTDATA(\"Quant \",'Curva ABC - Insumos'!$A$3,\"Insumo\",A348)))","v":47.86},92.192143680000001,0,0,0,0,0,0,0.963144,0,2.7149999999999999,0,0,0,0,0,0,0,0,0,0,0,0,0,0,0,0,0,0,0,0,0,0,0,0,0,0,0,0,0,0,0,0,0,0,0,0,0,0,0,0,0,0,0,0,0,0,0,0,0,0,0,0,0,0,0,0,0,0,0,0,0,0,0,0,0,0,0,0,0,0,0,0,0,0,0,0,0,0,0,0,0,0,0,0,0,0,0,0,0,0,0,0,0,0,0,0,0,0,0,null,null,null,null,null,null,null,null,null,null,null,null,null,null,null,null,null,null,null,null,null,null,null,null,null,null,null,null,null,null,null,null,null,null,null,null,null,null,null,null,null,null,null,null,null,null,null,null,null,null,null,null,null,null,null,null,null,null,null,null,null,null,null,null,null,null,null,null,null,null,null,null,null,null,null,null,null,null,null,null,null,null,null,null,null,null,null,null,null,null,null,null,null,null,null,null,null,null,null,null,null,null,null,null,null,null,null,null,null,null,null,null,null,null,null,null,null,null,null,null,null,null,null,null,null,null,null,null,null,null,null,null,null,null,null,"500139","PAISAGISMO - PLANTIO DE GRAMA EM PLACAS (JARDINS)","M2",0,0,0,0,0,0,0.963144,0,2.7149999999999999]
["500142","ASSENTAMENTO DAS PRIMEIRAS FIADAS C/ ARGAMASSA C/ IMPERMEABILIZANTE","MT","M10082","IMPERMEABILIZANTE - VEDACIT","L","Mat.",0.22800000000000001,1.89,0.43091999999999997,11.82408,{"$f":"(SUMPRODUCT((PLANILHA_TAREFA[Ativo]=TRUE)*(PLANILHA_TAREFA[Qte Total])*(PLANILHA_TAREFA[Comp.]=A353)*PLANILHA_TAREFA[Quant.])+IF(ISERR(GETPIVOTDATA(\"Quant \",'Curva ABC - Insumos'!$A$3,\"Insumo\",A353)),0,GETPIVOTDATA(\"Quant \",'Curva ABC - Insumos'!$A$3,\"Insumo\",A353)))","v":51.86},22.3475112,0,0,0,0,0,0,0.64701000000000009,0,0.61842399999999997,0,0,0,0,0,0,0,0,0,0,0,0,0,0,0,0,0,0,0,0,0,0,0,0,0,0,0,0,0,0,0,0,0,0,0,0,0,0,0,0,0,0,0,0,0,0,0,0,0,0,0,0,0,0,0,0,0,0,0,0,0,0,0,0,0,0,0,0,0,0,0,0,0,0,0,0,0,0,0,0,0,0,0,0,0,0,0,0,0,0,0,0,0,0,0,0,0,0,0,null,null,null,null,null,null,null,null,null,null,null,null,null,null,null,null,null,null,null,null,null,null,null,null,null,null,null,null,null,null,null,null,null,null,null,null,null,null,null,null,null,null,null,null,null,null,null,null,null,null,null,null,null,null,null,null,null,null,null,null,null,null,null,null,null,null,null,null,null,null,null,null,null,null,null,null,null,null,null,null,null,null,null,null,null,null,null,null,null,null,null,null,null,null,null,null,null,null,null,null,null,null,null,null,null,null,null,null,null,null,null,null,null,null,null,null,null,null,null,null,null,null,null,null,null,null,null,null,null,null,null,null,null,null,null,"500142","ASSENTAMENTO DAS PRIMEIRAS FIADAS C/ ARGAMASSA C/ IMPERMEABILIZANTE","MT",0,0,0,0,0,0,0.64701000000000009,0,0.61842399999999997]
["500142","ASSENTAMENTO DAS PRIMEIRAS FIADAS C/ ARGAMASSA C/ IMPERMEABILIZANTE","MT","M10013","AREIA MEDIA","M3","Mat.",1.3899999999999999E-2,40,0.55599999999999994,0.72085399999999999,{"$f":"(SUMPRODUCT((PLANILHA_TAREFA[Ativo]=TRUE)*(PLANILHA_TAREFA[Qte Total])*(PLANILHA_TAREFA[Comp.]=A354)*PLANILHA_TAREFA[Quant.])+IF(ISERR(GETPIVOTDATA(\"Quant \",'Curva ABC - Insumos'!$A$3,\"Insumo\",A354)),0,GETPIVOTDATA(\"Quant \",'Curva ABC - Insumos'!$A$3,\"Insumo\",A354)))","v":51.86},28.834160000000001,0,0,0,0,0,0,0.64701000000000009,0,0.61842399999999997,0,0,0,0,0,0,0,0,0,0,0,0,0,0,0,0,0,0,0,0,0,0,0,0,0,0,0,0,0,0,0,0,0,0,0,0,0,0,0,0,0,0,0,0,0,0,0,0,0,0,0,0,0,0,0,0,0,0,0,0,0,0,0,0,0,0,0,0,0,0,0,0,0,0,0,0,0,0,0,0,0,0,0,0,0,0,0,0,0,0,0,0,0,0,0,0,0,0,0,null,null,null,null,null,null,null,null,null,null,null,null,null,null,null,null,null,null,null,null,null,null,null,null,null,null,null,null,null,null,null,null,null,null,null,null,null,null,null,null,null,null,null,null,null,null,null,null,null,null,null,null,null,null,null,null,null,null,null,null,null,null,null,null,null,null,null,null,null,null,null,null,null,null,null,null,null,null,null,null,null,null,null,null,null,null,null,null,null,null,null,null,null,null,null,null,null,null,null,null,null,null,null,null,null,null,null,null,null,null,null,null,null,null,null,null,null,null,null,null,null,null,null,null,null,null,null,null,null,null,null,null,null,null,null,"500142","ASSENTAMENTO DAS PRIMEIRAS FIADAS C/ ARGAMASSA C/ IMPERMEABILIZANTE","MT",0,0,0,0,0,0,0.64701000000000009,0,0.61842399999999997]
["500146","BATENTE EM MADEIRA - 0,80 X 2,10 M - REQUADRO 055 MM","UN","F20007","PEDREIRO","H","M.O.",0.98,11.739000000000001,11.50422,3.92,{"$f":"(SUMPRODUCT((PLANILHA_TAREFA[Ativo]=TRUE)*(PLANILHA_TAREFA[Qte Total])*(PLANILHA_TAREFA[Comp.]=A359)*PLANILHA_TAREFA[Quant.])+IF(ISERR(GETPIVOTDATA(\"Quant \",'Curva ABC - Insumos'!$A$3,\"Insumo\",A359)),0,GETPIVOTDATA(\"Quant \",'Curva ABC - Insumos'!$A$3,\"Insumo\",A359)))","v":4},46.01688,0,0,0,0,0,0,4.2271320000000001,0,12.5786,0,0,0,0,0,0,0,0,0,0,0,0,0,0,0,0,0,0,0,0,0,0,0,0,0,0,0,0,0,0,0,0,0,0,0,0,0,0,0,0,0,0,0,0,0,0,0,0,0,0,0,0,0,0,0,0,0,0,0,0,0,0,0,0,0,0,0,0,0,0,0,0,0,0,0,0,0,0,0,0,0,0,0,0,0,0,0,0,0,0,0,0,0,0,0,0,0,0,0,null,null,null,null,null,null,null,null,null,null,null,null,null,null,null,null,null,null,null,null,null,null,null,null,null,null,null,null,null,null,null,null,null,null,null,null,null,null,null,null,null,null,null,null,null,null,null,null,null,null,null,null,null,null,null,null,null,null,null,null,null,null,null,null,null,null,null,null,null,null,null,null,null,null,null,null,null,null,null,null,null,null,null,null,null,null,null,null,null,null,null,null,null,null,null,null,null,null,null,null,null,null,null,null,null,null,null,null,null,null,null,null,null,null,null,null,null,null,null,null,null,null,null,null,null,null,null,null,null,null,null,null,null,null,null,"500146","BATENTE EM MADEIRA - 0,80 X 2,10 M - REQUADRO 055 MM","UN",0,0,0,0,0,0,4.2271320000000001,0,12.5786]
["500147","BATENTE EM MADEIRA - 0,70 X 2,10 M - REQUADRO 055 MM","UN","M91617","BATENTE EM MADEIRA - 0,70 X 2,10 M - REQUADRO 055 MM","UN","Mat.",1,61.49,61.49,1,{"$f":"(SUMPRODUCT((PLANILHA_TAREFA[Ativo]=TRUE)*(PLANILHA_TAREFA[Qte Total])*(PLANILHA_TAREFA[Comp.]=A364)*PLANILHA_TAREFA[Quant.])+IF(ISERR(GETPIVOTDATA(\"Quant \",'Curva ABC - Insumos'!$A$3,\"Insumo\",A364)),0,GETPIVOTDATA(\"Quant \",'Curva ABC - Insumos'!$A$3,\"Insumo\",A364)))","v":1},61.49,0,0,0,0,0,0,4.2271320000000001,0,13.134268,0,0,0,0,0,0,0,0,0,0,0,0,0,0,0,0,0,0,0,0,0,0,0,0,0,0,0,0,0,0,0,0,0,0,0,0,0,0,0,0,0,0,0,0,0,0,0,0,0,0,0,0,0,0,0,0,0,0,0,0,0,0,0,0,0,0,0,0,0,0,0,0,0,0,0,0,0,0,0,0,0,0,0,0,0,0,0,0,0,0,0,0,0,0,0,0,0,0,0,null,null,null,null,null,null,null,null,null,null,null,null,null,null,null,null,null,null,null,null,null,null,null,null,null,null,null,null,null,null,null,null,null,null,null,null,null,null,null,null,null,null,null,null,null,null,null,null,null,null,null,null,null,null,null,null,null,null,null,null,null,null,null,null,null,null,null,null,null,null,null,null,null,null,null,null,null,null,null,null,null,null,null,null,null,null,null,null,null,null,null,null,null,null,null,null,null,null,null,null,null,null,null,null,null,null,null,null,null,null,null,null,null,null,null,null,null,null,null,null,null,null,null,null,null,null,null,null,null,null,null,null,null,null,null,"500147","BATENTE EM MADEIRA - 0,70 X 2,10 M - REQUADRO 055 MM","UN",0,0,0,0,0,0,4.2271320000000001,0,13.134268]
["500148","PORTA DE MADEIRA C/ MIOLO SEMI-OCO - 0,70 X 2,10 M - 1F S/ BATENTE","UN","F20001","AJUDANTE GERAL","H","M.O.",0.64,9.8279999999999994,6.2899199999999995,0.64,{"$f":"(SUMPRODUCT((PLANILHA_TAREFA[Ativo]=TRUE)*(PLANILHA_TAREFA[Qte Total])*(PLANILHA_TAREFA[Comp.]=A366)*PLANILHA_TAREFA[Quant.])+IF(ISERR(GETPIVOTDATA(\"Quant \",'Curva ABC - Insumos'!$A$3,\"Insumo\",A366)),0,GETPIVOTDATA(\"Quant \",'Curva ABC - Insumos'!$A$3,\"Insumo\",A366)))","v":1},6.2899199999999995,0,0,0,0,0,0,4.7398400000000001,0,21.666666666666668,0,0,0,0,0,0,0,0,0,0,0,0,0,0,0,0,0,0,0,0,0,0,0,0,0,0,0,0,0,0,0,0,0,0,0,0,0,0,0,0,0,0,0,0,0,0,0,0,0,0,0,0,0,0,0,0,0,0,0,0,0,0,0,0,0,0,0,0,0,0,0,0,0,0,0,0,0,0,0,0,0,0,0,0,0,0,0,0,0,0,0,0,0,0,0,0,0,0,0,null,null,null,null,null,null,null,null,null,null,null,null,null,null,null,null,null,null,null,null,null,null,null,null,null,null,null,null,null,null,null,null,null,null,null,null,null,null,null,null,null,null,null,null,null,null,null,null,null,null,null,null,null,null,null,null,null,null,null,null,null,null,null,null,null,null,null,null,null,null,null,null,null,null,null,null,null,null,null,null,null,null,null,null,null,null,null,null,null,null,null,null,null,null,null,null,null,null,null,null,null,null,null,null,null,null,null,null,null,null,null,null,null,null,null,null,null,null,null,null,null,null,null,null,null,null,null,null,null,null,null,null,null,null,null,"500148","PORTA DE MADEIRA C/ MIOLO SEMI-OCO - 0,70 X 2,10 M - 1F S/ BATENTE","UN",0,0,0,0,0,0,4.7398400000000001,0,21.666666666666668]
["500149","PORTA DE MADEIRA C/ MIOLO SEMI-OCO - 0,80 X 2,10 M - 1F S/ BATENTE","UN","F20003","CARPINTEIRO","H","M.O.",0.64,12.39,7.9296000000000006,2.56,{"$f":"(SUMPRODUCT((PLANILHA_TAREFA[Ativo]=TRUE)*(PLANILHA_TAREFA[Qte Total])*(PLANILHA_TAREFA[Comp.]=A369)*PLANILHA_TAREFA[Quant.])+IF(ISERR(GETPIVOTDATA(\"Quant \",'Curva ABC - Insumos'!$A$3,\"Insumo\",A369)),0,GETPIVOTDATA(\"Quant \",'Curva ABC - Insumos'!$A$3,\"Insumo\",A369)))","v":4},31.718400000000003,0,0,0,0,0,0,4.7398400000000001,0,23.333333333333332,0,0,0,0,0,0,0,0,0,0,0,0,0,0,0,0,0,0,0,0,0,0,0,0,0,0,0,0,0,0,0,0,0,0,0,0,0,0,0,0,0,0,0,0,0,0,0,0,0,0,0,0,0,0,0,0,0,0,0,0,0,0,0,0,0,0,0,0,0,0,0,0,0,0,0,0,0,0,0,0,0,0,0,0,0,0,0,0,0,0,0,0,0,0,0,0,0,0,0,null,null,null,null,null,null,null,null,null,null,null,null,null,null,null,null,null,null,null,null,null,null,null,null,null,null,null,null,null,null,null,null,null,null,null,null,null,null,null,null,null,null,null,null,null,null,null,null,null,null,null,null,null,null,null,null,null,null,null,null,null,null,null,null,null,null,null,null,null,null,null,null,null,null,null,null,null,null,null,null,null,null,null,null,null,null,null,null,null,null,null,null,null,null,null,null,null,null,null,null,null,null,null,null,null,null,null,null,null,null,null,null,null,null,null,null,null,null,null,null,null,null,null,null,null,null,null,null,null,null,null,null,null,null,null,"500149","PORTA DE MADEIRA C/ MIOLO SEMI-OCO - 0,80 X 2,10 M - 1F S/ BATENTE","UN",0,0,0,0,0,0,4.7398400000000001,0,23.333333333333332]
["500154","RODAPE CERAMICO H = 05,0 CM","MT","M10799","CIMENTO COLANTE  ","KG","Mat.",0.4,0.3,0.12,24.231999999999999,{"$f":"(SUMPRODUCT((PLANILHA_TAREFA[Ativo]=TRUE)*(PLANILHA_TAREFA[Qte Total])*(PLANILHA_TAREFA[Comp.]=A374)*PLANILHA_TAREFA[Quant.])+IF(ISERR(GETPIVOTDATA(\"Quant \",'Curva ABC - Insumos'!$A$3,\"Insumo\",A374)),0,GETPIVOTDATA(\"Quant \",'Curva ABC - Insumos'!$A$3,\"Insumo\",A374)))","v":60.58},7.2695999999999996,0,0,0,0,0,0,0.21567000000000003,0,0.12735999999999997,0,0,0,0,0,0,0,0,0,0,0,0,0,0,0,0,0,0,0,0,0,0,0,0,0,0,0,0,0,0,0,0,0,0,0,0,0,0,0,0,0,0,0,0,0,0,0,0,0,0,0,0,0,0,0,0,0,0,0,0,0,0,0,0,0,0,0,0,0,0,0,0,0,0,0,0,0,0,0,0,0,0,0,0,0,0,0,0,0,0,0,0,0,0,0,0,0,0,0,null,null,null,null,null,null,null,null,null,null,null,null,null,null,null,null,null,null,null,null,null,null,null,null,null,null,null,null,null,null,null,null,null,null,null,null,null,null,null,null,null,null,null,null,null,null,null,null,null,null,null,null,null,null,null,null,null,null,null,null,null,null,null,null,null,null,null,null,null,null,null,null,null,null,null,null,null,null,null,null,null,null,null,null,null,null,null,null,null,null,null,null,null,null,null,null,null,null,null,null,null,null,null,null,null,null,null,null,null,null,null,null,null,null,null,null,null,null,null,null,null,null,null,null,null,null,null,null,null,null,null,null,null,null,null,"500154","RODAPE CERAMICO H = 05,0 CM","MT",0,0,0,0,0,0,0.21567000000000003,0,0.12735999999999997]
["500262","TANQUE DE MARMORE SINTETICO","UN","M53503","SIFAO PVC P/ TANQUE SANFONADO","UN","Mat.",1,5.42,5.42,1,{"$f":"(SUMPRODUCT((PLANILHA_TAREFA[Ativo]=TRUE)*(PLANILHA_TAREFA[Qte Total])*(PLANILHA_TAREFA[Comp.]=A379)*PLANILHA_TAREFA[Quant.])+IF(ISERR(GETPIVOTDATA(\"Quant \",'Curva ABC - Insumos'!$A$3,\"Insumo\",A379)),0,GETPIVOTDATA(\"Quant \",'Curva ABC - Insumos'!$A$3,\"Insumo\",A379)))","v":1},5.42,0,0,0,0,0,0,5.5545,0,29.465,0,0,0,0,0,0,0,0,0,0,0,0,0,0,0,0,0,0,0,0,0,0,0,0,0,0,0,0,0,0,0,0,0,0,0,0,0,0,0,0,0,0,0,0,0,0,0,0,0,0,0,0,0,0,0,0,0,0,0,0,0,0,0,0,0,0,0,0,0,0,0,0,0,0,0,0,0,0,0,0,0,0,0,0,0,0,0,0,0,0,0,0,0,0,0,0,0,0,0,null,null,null,null,null,null,null,null,null,null,null,null,null,null,null,null,null,null,null,null,null,null,null,null,null,null,null,null,null,null,null,null,null,null,null,null,null,null,null,null,null,null,null,null,null,null,null,null,null,null,null,null,null,null,null,null,null,null,null,null,null,null,null,null,null,null,null,null,null,null,null,null,null,null,null,null,null,null,null,null,null,null,null,null,null,null,null,null,null,null,null,null,null,null,null,null,null,null,null,null,null,null,null,null,null,null,null,null,null,null,null,null,null,null,null,null,null,null,null,null,null,null,null,null,null,null,null,null,null,null,null,null,null,null,null,"500262","TANQUE DE MARMORE SINTETICO","UN",0,0,0,0,0,0,5.5545,0,29.465]
["500297","PINTURA ESMALTE SOBRE ESTRUTURA METALICA","M2","M10065","PINTURA - AGUA RAZ","L","Mat.",2.5000000000000001E-2,6.28,0.15700000000000003,0,{"$f":"(SUMPRODUCT((PLANILHA_TAREFA[Ativo]=TRUE)*(PLANILHA_TAREFA[Qte Total])*(PLANILHA_TAREFA[Comp.]=A384)*PLANILHA_TAREFA[Quant.])+IF(ISERR(GETPIVOTDATA(\"Quant \",'Curva ABC - Insumos'!$A$3,\"Insumo\",A384)),0,GETPIVOTDATA(\"Quant \",'Curva ABC - Insumos'!$A$3,\"Insumo\",A384)))","v":0},0,0,0,0,0,0,0,1.44417,0,0.28164999999999996,0,0,0,0,0,0,0,0,0,0,0,0,0,0,0,0,0,0,0,0,0,0,0,0,0,0,0,0,0,0,0,0,0,0,0,0,0,0,0,0,0,0,0,0,0,0,0,0,0,0,0,0,0,0,0,0,0,0,0,0,0,0,0,0,0,0,0,0,0,0,0,0,0,0,0,0,0,0,0,0,0,0,0,0,0,0,0,0,0,0,0,0,0,0,0,0,0,0,0,null,null,null,null,null,null,null,null,null,null,null,null,null,null,null,null,null,null,null,null,null,null,null,null,null,null,null,null,null,null,null,null,null,null,null,null,null,null,null,null,null,null,null,null,null,null,null,null,null,null,null,null,null,null,null,null,null,null,null,null,null,null,null,null,null,null,null,null,null,null,null,null,null,null,null,null,null,null,null,null,null,null,null,null,null,null,null,null,null,null,null,null,null,null,null,null,null,null,null,null,null,null,null,null,null,null,null,null,null,null,null,null,null,null,null,null,null,null,null,null,null,null,null,null,null,null,null,null,null,null,null,null,null,null,null,"500297","PINTURA ESMALTE SOBRE ESTRUTURA METALICA","M2",0,0,0,0,0,0,1.44417,0,0.28164999999999996]
["500297","PINTURA ESMALTE SOBRE ESTRUTURA METALICA","M2","F20008","PINTOR ","H","M.O.",0.26,12.39,3.2214,0,{"$f":"(SUMPRODUCT((PLANILHA_TAREFA[Ativo]=TRUE)*(PLANILHA_TAREFA[Qte Total])*(PLANILHA_TAREFA[Comp.]=A385)*PLANILHA_TAREFA[Quant.])+IF(ISERR(GETPIVOTDATA(\"Quant \",'Curva ABC - Insumos'!$A$3,\"Insumo\",A385)),0,GETPIVOTDATA(\"Quant \",'Curva ABC - Insumos'!$A$3,\"Insumo\",A385)))","v":0},0,0,0,0,0,0,0,1.44417,0,0.28164999999999996,0,0,0,0,0,0,0,0,0,0,0,0,0,0,0,0,0,0,0,0,0,0,0,0,0,0,0,0,0,0,0,0,0,0,0,0,0,0,0,0,0,0,0,0,0,0,0,0,0,0,0,0,0,0,0,0,0,0,0,0,0,0,0,0,0,0,0,0,0,0,0,0,0,0,0,0,0,0,0,0,0,0,0,0,0,0,0,0,0,0,0,0,0,0,0,0,0,0,0,null,null,null,null,null,null,null,null,null,null,null,null,null,null,null,null,null,null,null,null,null,null,null,null,null,null,null,null,null,null,null,null,null,null,null,null,null,null,null,null,null,null,null,null,null,null,null,null,null,null,null,null,null,null,null,null,null,null,null,null,null,null,null,null,null,null,null,null,null,null,null,null,null,null,null,null,null,null,null,null,null,null,null,null,null,null,null,null,null,null,null,null,null,null,null,null,null,null,null,null,null,null,null,null,null,null,null,null,null,null,null,null,null,null,null,null,null,null,null,null,null,null,null,null,null,null,null,null,null,null,null,null,null,null,null,"500297","PINTURA ESMALTE SOBRE ESTRUTURA METALICA","M2",0,0,0,0,0,0,1.44417,0,0.28164999999999996]
["500466","ABRIGO PARA HIDROMETRO C/ TAMPA","UN","000310","CONCRETO USINADO 15,0 MPA SLUMP CONVENCIONAL C/ LANCAMENTO","M3","-",0.08,331.85630000000003,26.548504000000005,0.08,{"$f":"(SUMPRODUCT((PLANILHA_TAREFA[Ativo]=TRUE)*(PLANILHA_TAREFA[Qte Total])*(PLANILHA_TAREFA[Comp.]=A390)*PLANILHA_TAREFA[Quant.])+IF(ISERR(GETPIVOTDATA(\"Quant \",'Curva ABC - Insumos'!$A$3,\"Insumo\",A390)),0,GETPIVOTDATA(\"Quant \",'Curva ABC - Insumos'!$A$3,\"Insumo\",A390)))","v":1},26.548504000000005,0,0,0,0,0,0,0,0,0,0,2.4,0,0,0,0,5.3398800000000008,0,18.808624000000002,0,0,0,0,0,0,0,0,0,0,0,0,0,0,0,0,0,0,0,0,0,0,0,0,0,0,0,0,0,0,0,0,0,0,0,0,0,0,0,0,0,0,0,0,0,0,0,0,0,0,0,0,0,0,0,0,0,0,0,0,0,0,0,0,0,0,0,0,0,0,0,0,0,0,0,0,0,0,0,0,0,0,0,0,0,0,0,0,0,0,null,null,null,null,null,null,null,null,null,null,null,null,null,null,null,null,null,null,null,null,null,null,null,null,null,null,null,null,null,null,null,null,null,null,null,null,null,null,null,null,null,null,null,null,null,null,null,null,null,null,null,null,null,null,null,null,null,null,null,null,null,null,null,null,null,null,null,null,null,null,null,null,null,null,null,null,null,null,null,null,null,null,null,null,null,null,null,null,null,null,null,null,null,null,null,null,null,null,null,null,null,null,null,null,null,null,null,null,null,null,null,null,null,null,null,null,null,null,null,null,null,null,null,null,null,null,null,null,null,null,null,null,null,null,null,"500466","ABRIGO PARA HIDROMETRO C/ TAMPA","UN",0,2.4,0,0,0,0,5.3398800000000008,0,18.808624000000002]
["500468","CALHA DE CHAPA GALVANIZADA Nº 26 D = 050 CM","MT","M90248","CALHA DE CHAPA GALVANIZADA Nº 26 D = 050 CM (COLOCADO)","MT","Mat.",1.03,25.2,25.956,15.151300000000001,{"$f":"(SUMPRODUCT((PLANILHA_TAREFA[Ativo]=TRUE)*(PLANILHA_TAREFA[Qte Total])*(PLANILHA_TAREFA[Comp.]=A395)*PLANILHA_TAREFA[Quant.])+IF(ISERR(GETPIVOTDATA(\"Quant \",'Curva ABC - Insumos'!$A$3,\"Insumo\",A395)),0,GETPIVOTDATA(\"Quant \",'Curva ABC - Insumos'!$A$3,\"Insumo\",A395)))","v":14.71},381.81276000000003,0,0,0,0,0,0,0,0,13.234500000000001,0,0,0,0,0,0,0,0,0,0,0,0,0,0,0,0,0,0,0,0,0,0,0,0,0,0,0,0,0,0,0,0,0,0,0,0,0,0,0,0,0,0,0,0,0,0,0,0,0,0,0,0,0,0,0,0,0,0,0,0,0,0,0,0,0,0,0,0,0,0,0,0,0,0,0,0,0,0,0,0,0,0,0,0,0,0,0,0,0,0,0,0,0,0,0,0,0,0,0,null,null,null,null,null,null,null,null,null,null,null,null,null,null,null,null,null,null,null,null,null,null,null,null,null,null,null,null,null,null,null,null,null,null,null,null,null,null,null,null,null,null,null,null,null,null,null,null,null,null,null,null,null,null,null,null,null,null,null,null,null,null,null,null,null,null,null,null,null,null,null,null,null,null,null,null,null,null,null,null,null,null,null,null,null,null,null,null,null,null,null,null,null,null,null,null,null,null,null,null,null,null,null,null,null,null,null,null,null,null,null,null,null,null,null,null,null,null,null,null,null,null,null,null,null,null,null,null,null,null,null,null,null,null,null,"500468","CALHA DE CHAPA GALVANIZADA Nº 26 D = 050 CM","MT",0,0,0,0,0,0,0,0,13.234500000000001]
["500488","MURO DE DIVISA PADRAO EM ALVENARIA - H = 1,50 M","MT","000040","ESCAVACAO MANUAL DE VALA","M3","-",6.25E-2,30.466799999999999,1.904175,0.77500000000000002,{"$f":"(SUMPRODUCT((PLANILHA_TAREFA[Ativo]=TRUE)*(PLANILHA_TAREFA[Qte Total])*(PLANILHA_TAREFA[Comp.]=A397)*PLANILHA_TAREFA[Quant.])+IF(ISERR(GETPIVOTDATA(\"Quant \",'Curva ABC - Insumos'!$A$3,\"Insumo\",A397)),0,GETPIVOTDATA(\"Quant \",'Curva ABC - Insumos'!$A$3,\"Insumo\",A397)))","v":12.4},23.61177,0,0,0,0,0,0,0,0,0,0,0,0,0,0,0,1.904175,0,0,0,0,0,0,0,0,0,0,0,0,0,0,0,0,0,0,0,0,0,0,0,0,0,0,0,0,0,0,0,0,0,0,0,0,0,0,0,0,0,0,0,0,0,0,0,0,0,0,0,0,0,0,0,0,0,0,0,0,0,0,0,0,0,0,0,0,0,0,0,0,0,0,0,0,0,0,0,0,0,0,0,0,0,0,0,0,0,0,0,0,null,null,null,null,null,null,null,null,null,null,null,null,null,null,null,null,null,null,null,null,null,null,null,null,null,null,null,null,null,null,null,null,null,null,null,null,null,null,null,null,null,null,null,null,null,null,null,null,null,null,null,null,null,null,null,null,null,null,null,null,null,null,null,null,null,null,null,null,null,null,null,null,null,null,null,null,null,null,null,null,null,null,null,null,null,null,null,null,null,null,null,null,null,null,null,null,null,null,null,null,null,null,null,null,null,null,null,null,null,null,null,null,null,null,null,null,null,null,null,null,null,null,null,null,null,null,null,null,null,null,null,null,null,null,null,"500488","MURO DE DIVISA PADRAO EM ALVENARIA - H = 1,50 M","MT",0,0,0,0,0,0,1.904175,0,0]
["500488","MURO DE DIVISA PADRAO EM ALVENARIA - H = 1,50 M","MT","000150","REATERRO APILOADO DE VALA","M3","-",3.125E-2,14.458079999999999,0.45181499999999997,0.38750000000000001,{"$f":"(SUMPRODUCT((PLANILHA_TAREFA[Ativo]=TRUE)*(PLANILHA_TAREFA[Qte Total])*(PLANILHA_TAREFA[Comp.]=A400)*PLANILHA_TAREFA[Quant.])+IF(ISERR(GETPIVOTDATA(\"Quant \",'Curva ABC - Insumos'!$A$3,\"Insumo\",A400)),0,GETPIVOTDATA(\"Quant \",'Curva ABC - Insumos'!$A$3,\"Insumo\",A400)))","v":12.4},5.602506,0,0,0,0,0,0,0,0,0,0,0,0,0,0,0,0.45181499999999997,0,0,0,0,0,0,0,0,0,0,0,0,0,0,0,0,0,0,0,0,0,0,0,0,0,0,0,0,0,0,0,0,0,0,0,0,0,0,0,0,0,0,0,0,0,0,0,0,0,0,0,0,0,0,0,0,0,0,0,0,0,0,0,0,0,0,0,0,0,0,0,0,0,0,0,0,0,0,0,0,0,0,0,0,0,0,0,0,0,0,0,0,null,null,null,null,null,null,null,null,null,null,null,null,null,null,null,null,null,null,null,null,null,null,null,null,null,null,null,null,null,null,null,null,null,null,null,null,null,null,null,null,null,null,null,null,null,null,null,null,null,null,null,null,null,null,null,null,null,null,null,null,null,null,null,null,null,null,null,null,null,null,null,null,null,null,null,null,null,null,null,null,null,null,null,null,null,null,null,null,null,null,null,null,null,null,null,null,null,null,null,null,null,null,null,null,null,null,null,null,null,null,null,null,null,null,null,null,null,null,null,null,null,null,null,null,null,null,null,null,null,null,null,null,null,null,null,"500488","MURO DE DIVISA PADRAO EM ALVENARIA - H = 1,50 M","MT",0,0,0,0,0,0,0.45181499999999997,0,0]
["500488","MURO DE DIVISA PADRAO EM ALVENARIA - H = 1,50 M","MT","001000","FORMA DE TABUA FUNDACAO","M2","-",0.3125,27.304600000000001,8.5326874999999998,3.875,{"$f":"(SUMPRODUCT((PLANILHA_TAREFA[Ativo]=TRUE)*(PLANILHA_TAREFA[Qte Total])*(PLANILHA_TAREFA[Comp.]=A405)*PLANILHA_TAREFA[Quant.])+IF(ISERR(GETPIVOTDATA(\"Quant \",'Curva ABC - Insumos'!$A$3,\"Insumo\",A405)),0,GETPIVOTDATA(\"Quant \",'Curva ABC - Insumos'!$A$3,\"Insumo\",A405)))","v":12.4},105.805325,0,0,0,0,0,0,0,0,0,0,0,0,0,0,0,6.5959687500000008,0,1.9367187499999998,0,0,0,0,0,0,0,0,0,0,0,0,0,0,0,0,0,0,0,0,0,0,0,0,0,0,0,0,0,0,0,0,0,0,0,0,0,0,0,0,0,0,0,0,0,0,0,0,0,0,0,0,0,0,0,0,0,0,0,0,0,0,0,0,0,0,0,0,0,0,0,0,0,0,0,0,0,0,0,0,0,0,0,0,0,0,0,0,0,0,null,null,null,null,null,null,null,null,null,null,null,null,null,null,null,null,null,null,null,null,null,null,null,null,null,null,null,null,null,null,null,null,null,null,null,null,null,null,null,null,null,null,null,null,null,null,null,null,null,null,null,null,null,null,null,null,null,null,null,null,null,null,null,null,null,null,null,null,null,null,null,null,null,null,null,null,null,null,null,null,null,null,null,null,null,null,null,null,null,null,null,null,null,null,null,null,null,null,null,null,null,null,null,null,null,null,null,null,null,null,null,null,null,null,null,null,null,null,null,null,null,null,null,null,null,null,null,null,null,null,null,null,null,null,null,"500488","MURO DE DIVISA PADRAO EM ALVENARIA - H = 1,50 M","MT",0,0,0,0,0,0,6.5959687500000008,0,1.9367187499999998]
["500488","MURO DE DIVISA PADRAO EM ALVENARIA - H = 1,50 M","MT","003015","LOCACAO DE MUROS","MT","-",1,0.32368400000000003,0.32368400000000003,12.4,{"$f":"(SUMPRODUCT((PLANILHA_TAREFA[Ativo]=TRUE)*(PLANILHA_TAREFA[Qte Total])*(PLANILHA_TAREFA[Comp.]=A410)*PLANILHA_TAREFA[Quant.])+IF(ISERR(GETPIVOTDATA(\"Quant \",'Curva ABC - Insumos'!$A$3,\"Insumo\",A410)),0,GETPIVOTDATA(\"Quant \",'Curva ABC - Insumos'!$A$3,\"Insumo\",A410)))","v":12.4},4.0136816000000008,0,0,0,0,0,0,0,0,0,0,0,0,0,6.1100000000000002E-2,0,0.26258400000000004,0,0,0,0,0,0,0,0,0,0,0,0,0,0,0,0,0,0,0,0,0,0,0,0,0,0,0,0,0,0,0,0,0,0,0,0,0,0,0,0,0,0,0,0,0,0,0,0,0,0,0,0,0,0,0,0,0,0,0,0,0,0,0,0,0,0,0,0,0,0,0,0,0,0,0,0,0,0,0,0,0,0,0,0,0,0,0,0,0,0,0,0,null,null,null,null,null,null,null,null,null,null,null,null,null,null,null,null,null,null,null,null,null,null,null,null,null,null,null,null,null,null,null,null,null,null,null,null,null,null,null,null,null,null,null,null,null,null,null,null,null,null,null,null,null,null,null,null,null,null,null,null,null,null,null,null,null,null,null,null,null,null,null,null,null,null,null,null,null,null,null,null,null,null,null,null,null,null,null,null,null,null,null,null,null,null,null,null,null,null,null,null,null,null,null,null,null,null,null,null,null,null,null,null,null,null,null,null,null,null,null,null,null,null,null,null,null,null,null,null,null,null,null,null,null,null,null,"500488","MURO DE DIVISA PADRAO EM ALVENARIA - H = 1,50 M","MT",0,0,0,0,6.1100000000000002E-2,0,0.26258400000000004,0,0]
["600226","CALHA TIPO PINGADEIRA EM CHAPA GALVANIZADA Nº 26 D = 030 CM","MT","M10078","PREGO 18 X 27 MM","KG","Mat.",7.0000000000000007E-2,4.95,0.34650000000000003,2.7398000000000002,{"$f":"(SUMPRODUCT((PLANILHA_TAREFA[Ativo]=TRUE)*(PLANILHA_TAREFA[Qte Total])*(PLANILHA_TAREFA[Comp.]=A415)*PLANILHA_TAREFA[Quant.])+IF(ISERR(GETPIVOTDATA(\"Quant \",'Curva ABC - Insumos'!$A$3,\"Insumo\",A415)),0,GETPIVOTDATA(\"Quant \",'Curva ABC - Insumos'!$A$3,\"Insumo\",A415)))","v":39.14},13.562010000000001,0,0,0,0,0,0,0,0,9.4552499999999995,0,0,0,0,0,0,0,0,0,0,0,0,0,0,0,0,0,0,0,0,0,0,0,0,0,0,0,0,0,0,0,0,0,0,0,0,0,0,0,0,0,0,0,0,0,0,0,0,0,0,0,0,0,0,0,0,0,0,0,0,0,0,0,0,0,0,0,0,0,0,0,0,0,0,0,0,0,0,0,0,0,0,0,0,0,0,0,0,0,0,0,0,0,0,0,0,0,0,0,null,null,null,null,null,null,null,null,null,null,null,null,null,null,null,null,null,null,null,null,null,null,null,null,null,null,null,null,null,null,null,null,null,null,null,null,null,null,null,null,null,null,null,null,null,null,null,null,null,null,null,null,null,null,null,null,null,null,null,null,null,null,null,null,null,null,null,null,null,null,null,null,null,null,null,null,null,null,null,null,null,null,null,null,null,null,null,null,null,null,null,null,null,null,null,null,null,null,null,null,null,null,null,null,null,null,null,null,null,null,null,null,null,null,null,null,null,null,null,null,null,null,null,null,null,null,null,null,null,null,null,null,null,null,null,"600226","CALHA TIPO PINGADEIRA EM CHAPA GALVANIZADA Nº 26 D = 030 CM","MT",0,0,0,0,0,0,0,0,9.4552499999999995]
["600237","INSTALACAO ELETRICA - ENTRADA DE ENERGIA","UN","F20001","AJUDANTE GERAL","H","M.O.",6,9.8279999999999994,58.967999999999996,6,{"$f":"(SUMPRODUCT((PLANILHA_TAREFA[Ativo]=TRUE)*(PLANILHA_TAREFA[Qte Total])*(PLANILHA_TAREFA[Comp.]=A416)*PLANILHA_TAREFA[Quant.])+IF(ISERR(GETPIVOTDATA(\"Quant \",'Curva ABC - Insumos'!$A$3,\"Insumo\",A416)),0,GETPIVOTDATA(\"Quant \",'Curva ABC - Insumos'!$A$3,\"Insumo\",A416)))","v":1},58.967999999999996,0,0,0,0,0,0,5.8420384615384613,0,18.945192307692306,0,0,0,0,0,0,0,0,0,0,0,0,0,0,0,0,0,0,0,0,0,0,0,0,0,0,0,0,0,0,0,0,0,0,0,0,0,0,0,0,0,0,0,0,0,0,0,0,0,0,0,0,0,0,0,0,0,0,0,0,0,0,0,0,0,0,0,0,0,0,0,0,0,0,0,0,0,0,0,0,0,0,0,0,0,0,0,0,0,0,0,0,0,0,0,0,0,0,0,null,null,null,null,null,null,null,null,null,null,null,null,null,null,null,null,null,null,null,null,null,null,null,null,null,null,null,null,null,null,null,null,null,null,null,null,null,null,null,null,null,null,null,null,null,null,null,null,null,null,null,null,null,null,null,null,null,null,null,null,null,null,null,null,null,null,null,null,null,null,null,null,null,null,null,null,null,null,null,null,null,null,null,null,null,null,null,null,null,null,null,null,null,null,null,null,null,null,null,null,null,null,null,null,null,null,null,null,null,null,null,null,null,null,null,null,null,null,null,null,null,null,null,null,null,null,null,null,null,null,null,null,null,null,null,"600237","INSTALACAO ELETRICA - ENTRADA DE ENERGIA","UN",0,0,0,0,0,0,5.8420384615384613,0,18.945192307692306]
["600237","INSTALACAO ELETRICA - ENTRADA DE ENERGIA","UN","M12284","BENGALA PVC 4 M - 1\"","UN","Mat.",1,5.15,5.15,1,{"$f":"(SUMPRODUCT((PLANILHA_TAREFA[Ativo]=TRUE)*(PLANILHA_TAREFA[Qte Total])*(PLANILHA_TAREFA[Comp.]=A421)*PLANILHA_TAREFA[Quant.])+IF(ISERR(GETPIVOTDATA(\"Quant \",'Curva ABC - Insumos'!$A$3,\"Insumo\",A421)),0,GETPIVOTDATA(\"Quant \",'Curva ABC - Insumos'!$A$3,\"Insumo\",A421)))","v":1},5.15,0,0,0,0,0,0,5.8420384615384613,0,18.945192307692306,0,0,0,0,0,0,0,0,0,0,0,0,0,0,0,0,0,0,0,0,0,0,0,0,0,0,0,0,0,0,0,0,0,0,0,0,0,0,0,0,0,0,0,0,0,0,0,0,0,0,0,0,0,0,0,0,0,0,0,0,0,0,0,0,0,0,0,0,0,0,0,0,0,0,0,0,0,0,0,0,0,0,0,0,0,0,0,0,0,0,0,0,0,0,0,0,0,0,0,null,null,null,null,null,null,null,null,null,null,null,null,null,null,null,null,null,null,null,null,null,null,null,null,null,null,null,null,null,null,null,null,null,null,null,null,null,null,null,null,null,null,null,null,null,null,null,null,null,null,null,null,null,null,null,null,null,null,null,null,null,null,null,null,null,null,null,null,null,null,null,null,null,null,null,null,null,null,null,null,null,null,null,null,null,null,null,null,null,null,null,null,null,null,null,null,null,null,null,null,null,null,null,null,null,null,null,null,null,null,null,null,null,null,null,null,null,null,null,null,null,null,null,null,null,null,null,null,null,null,null,null,null,null,null,"600237","INSTALACAO ELETRICA - ENTRADA DE ENERGIA","UN",0,0,0,0,0,0,5.8420384615384613,0,18.945192307692306]
["600237","INSTALACAO ELETRICA - ENTRADA DE ENERGIA","UN","M80210","CAIXA DE MEDICAO TIPO IV","UN","Mat.",1,88.4,88.4,1,{"$f":"(SUMPRODUCT((PLANILHA_TAREFA[Ativo]=TRUE)*(PLANILHA_TAREFA[Qte Total])*(PLANILHA_TAREFA[Comp.]=A426)*PLANILHA_TAREFA[Quant.])+IF(ISERR(GETPIVOTDATA(\"Quant \",'Curva ABC - Insumos'!$A$3,\"Insumo\",A426)),0,GETPIVOTDATA(\"Quant \",'Curva ABC - Insumos'!$A$3,\"Insumo\",A426)))","v":1},88.4,0,0,0,0,0,0,5.8420384615384613,0,18.945192307692306,0,0,0,0,0,0,0,0,0,0,0,0,0,0,0,0,0,0,0,0,0,0,0,0,0,0,0,0,0,0,0,0,0,0,0,0,0,0,0,0,0,0,0,0,0,0,0,0,0,0,0,0,0,0,0,0,0,0,0,0,0,0,0,0,0,0,0,0,0,0,0,0,0,0,0,0,0,0,0,0,0,0,0,0,0,0,0,0,0,0,0,0,0,0,0,0,0,0,0,null,null,null,null,null,null,null,null,null,null,null,null,null,null,null,null,null,null,null,null,null,null,null,null,null,null,null,null,null,null,null,null,null,null,null,null,null,null,null,null,null,null,null,null,null,null,null,null,null,null,null,null,null,null,null,null,null,null,null,null,null,null,null,null,null,null,null,null,null,null,null,null,null,null,null,null,null,null,null,null,null,null,null,null,null,null,null,null,null,null,null,null,null,null,null,null,null,null,null,null,null,null,null,null,null,null,null,null,null,null,null,null,null,null,null,null,null,null,null,null,null,null,null,null,null,null,null,null,null,null,null,null,null,null,null,"600237","INSTALACAO ELETRICA - ENTRADA DE ENERGIA","UN",0,0,0,0,0,0,5.8420384615384613,0,18.945192307692306]
["600237","INSTALACAO ELETRICA - ENTRADA DE ENERGIA","UN","M80258","BUCHA DE ALUMINIO - 1.1/4\"","UN","Mat.",1,0.82,0.82,1,{"$f":"(SUMPRODUCT((PLANILHA_TAREFA[Ativo]=TRUE)*(PLANILHA_TAREFA[Qte Total])*(PLANILHA_TAREFA[Comp.]=A428)*PLANILHA_TAREFA[Quant.])+IF(ISERR(GETPIVOTDATA(\"Quant \",'Curva ABC - Insumos'!$A$3,\"Insumo\",A428)),0,GETPIVOTDATA(\"Quant \",'Curva ABC - Insumos'!$A$3,\"Insumo\",A428)))","v":1},0.82,0,0,0,0,0,0,5.8420384615384613,0,18.945192307692306,0,0,0,0,0,0,0,0,0,0,0,0,0,0,0,0,0,0,0,0,0,0,0,0,0,0,0,0,0,0,0,0,0,0,0,0,0,0,0,0,0,0,0,0,0,0,0,0,0,0,0,0,0,0,0,0,0,0,0,0,0,0,0,0,0,0,0,0,0,0,0,0,0,0,0,0,0,0,0,0,0,0,0,0,0,0,0,0,0,0,0,0,0,0,0,0,0,0,0,null,null,null,null,null,null,null,null,null,null,null,null,null,null,null,null,null,null,null,null,null,null,null,null,null,null,null,null,null,null,null,null,null,null,null,null,null,null,null,null,null,null,null,null,null,null,null,null,null,null,null,null,null,null,null,null,null,null,null,null,null,null,null,null,null,null,null,null,null,null,null,null,null,null,null,null,null,null,null,null,null,null,null,null,null,null,null,null,null,null,null,null,null,null,null,null,null,null,null,null,null,null,null,null,null,null,null,null,null,null,null,null,null,null,null,null,null,null,null,null,null,null,null,null,null,null,null,null,null,null,null,null,null,null,null,"600237","INSTALACAO ELETRICA - ENTRADA DE ENERGIA","UN",0,0,0,0,0,0,5.8420384615384613,0,18.945192307692306]
["600237","INSTALACAO ELETRICA - ENTRADA DE ENERGIA","UN","M12380","CONECTOR P/ CABO SPLIT BOLD 16 MM²","UN","Mat.",1,3.83,3.83,1,{"$f":"(SUMPRODUCT((PLANILHA_TAREFA[Ativo]=TRUE)*(PLANILHA_TAREFA[Qte Total])*(PLANILHA_TAREFA[Comp.]=A431)*PLANILHA_TAREFA[Quant.])+IF(ISERR(GETPIVOTDATA(\"Quant \",'Curva ABC - Insumos'!$A$3,\"Insumo\",A431)),0,GETPIVOTDATA(\"Quant \",'Curva ABC - Insumos'!$A$3,\"Insumo\",A431)))","v":1},3.83,0,0,0,0,0,0,5.8420384615384613,0,18.945192307692306,0,0,0,0,0,0,0,0,0,0,0,0,0,0,0,0,0,0,0,0,0,0,0,0,0,0,0,0,0,0,0,0,0,0,0,0,0,0,0,0,0,0,0,0,0,0,0,0,0,0,0,0,0,0,0,0,0,0,0,0,0,0,0,0,0,0,0,0,0,0,0,0,0,0,0,0,0,0,0,0,0,0,0,0,0,0,0,0,0,0,0,0,0,0,0,0,0,0,0,null,null,null,null,null,null,null,null,null,null,null,null,null,null,null,null,null,null,null,null,null,null,null,null,null,null,null,null,null,null,null,null,null,null,null,null,null,null,null,null,null,null,null,null,null,null,null,null,null,null,null,null,null,null,null,null,null,null,null,null,null,null,null,null,null,null,null,null,null,null,null,null,null,null,null,null,null,null,null,null,null,null,null,null,null,null,null,null,null,null,null,null,null,null,null,null,null,null,null,null,null,null,null,null,null,null,null,null,null,null,null,null,null,null,null,null,null,null,null,null,null,null,null,null,null,null,null,null,null,null,null,null,null,null,null,"600237","INSTALACAO ELETRICA - ENTRADA DE ENERGIA","UN",0,0,0,0,0,0,5.8420384615384613,0,18.945192307692306]
["600237","INSTALACAO ELETRICA - ENTRADA DE ENERGIA","UN","M80207","MASSA CALAFETADORA  ","KG","Mat.",0.5,16.3,8.15,0.5,{"$f":"(SUMPRODUCT((PLANILHA_TAREFA[Ativo]=TRUE)*(PLANILHA_TAREFA[Qte Total])*(PLANILHA_TAREFA[Comp.]=A436)*PLANILHA_TAREFA[Quant.])+IF(ISERR(GETPIVOTDATA(\"Quant \",'Curva ABC - Insumos'!$A$3,\"Insumo\",A436)),0,GETPIVOTDATA(\"Quant \",'Curva ABC - Insumos'!$A$3,\"Insumo\",A436)))","v":1},8.15,0,0,0,0,0,0,5.8420384615384613,0,18.945192307692306,0,0,0,0,0,0,0,0,0,0,0,0,0,0,0,0,0,0,0,0,0,0,0,0,0,0,0,0,0,0,0,0,0,0,0,0,0,0,0,0,0,0,0,0,0,0,0,0,0,0,0,0,0,0,0,0,0,0,0,0,0,0,0,0,0,0,0,0,0,0,0,0,0,0,0,0,0,0,0,0,0,0,0,0,0,0,0,0,0,0,0,0,0,0,0,0,0,0,0,null,null,null,null,null,null,null,null,null,null,null,null,null,null,null,null,null,null,null,null,null,null,null,null,null,null,null,null,null,null,null,null,null,null,null,null,null,null,null,null,null,null,null,null,null,null,null,null,null,null,null,null,null,null,null,null,null,null,null,null,null,null,null,null,null,null,null,null,null,null,null,null,null,null,null,null,null,null,null,null,null,null,null,null,null,null,null,null,null,null,null,null,null,null,null,null,null,null,null,null,null,null,null,null,null,null,null,null,null,null,null,null,null,null,null,null,null,null,null,null,null,null,null,null,null,null,null,null,null,null,null,null,null,null,null,"600237","INSTALACAO ELETRICA - ENTRADA DE ENERGIA","UN",0,0,0,0,0,0,5.8420384615384613,0,18.945192307692306]
["600237","INSTALACAO ELETRICA - ENTRADA DE ENERGIA","UN","M13043","ARAME DE ACO GALVANIZADO Nº 14","KG","Mat.",1,5.43,5.43,1,{"$f":"(SUMPRODUCT((PLANILHA_TAREFA[Ativo]=TRUE)*(PLANILHA_TAREFA[Qte Total])*(PLANILHA_TAREFA[Comp.]=A441)*PLANILHA_TAREFA[Quant.])+IF(ISERR(GETPIVOTDATA(\"Quant \",'Curva ABC - Insumos'!$A$3,\"Insumo\",A441)),0,GETPIVOTDATA(\"Quant \",'Curva ABC - Insumos'!$A$3,\"Insumo\",A441)))","v":1},5.43,0,0,0,0,0,0,5.8420384615384613,0,18.945192307692306,0,0,0,0,0,0,0,0,0,0,0,0,0,0,0,0,0,0,0,0,0,0,0,0,0,0,0,0,0,0,0,0,0,0,0,0,0,0,0,0,0,0,0,0,0,0,0,0,0,0,0,0,0,0,0,0,0,0,0,0,0,0,0,0,0,0,0,0,0,0,0,0,0,0,0,0,0,0,0,0,0,0,0,0,0,0,0,0,0,0,0,0,0,0,0,0,0,0,0,null,null,null,null,null,null,null,null,null,null,null,null,null,null,null,null,null,null,null,null,null,null,null,null,null,null,null,null,null,null,null,null,null,null,null,null,null,null,null,null,null,null,null,null,null,null,null,null,null,null,null,null,null,null,null,null,null,null,null,null,null,null,null,null,null,null,null,null,null,null,null,null,null,null,null,null,null,null,null,null,null,null,null,null,null,null,null,null,null,null,null,null,null,null,null,null,null,null,null,null,null,null,null,null,null,null,null,null,null,null,null,null,null,null,null,null,null,null,null,null,null,null,null,null,null,null,null,null,null,null,null,null,null,null,null,"600237","INSTALACAO ELETRICA - ENTRADA DE ENERGIA","UN",0,0,0,0,0,0,5.8420384615384613,0,18.945192307692306]
["600238","INSTALACAO ELETRICA - TUBULACAO + CAIXAS","UN","M12281","ELETRODUTO DE POLIETILENO SEMI RIGIDO - SELO VERMELHO - 3/4\"","MT","Mat.",132.25,0.75,99.1875,132.25,{"$f":"(SUMPRODUCT((PLANILHA_TAREFA[Ativo]=TRUE)*(PLANILHA_TAREFA[Qte Total])*(PLANILHA_TAREFA[Comp.]=A446)*PLANILHA_TAREFA[Quant.])+IF(ISERR(GETPIVOTDATA(\"Quant \",'Curva ABC - Insumos'!$A$3,\"Insumo\",A446)),0,GETPIVOTDATA(\"Quant \",'Curva ABC - Insumos'!$A$3,\"Insumo\",A446)))","v":1},99.1875,0,0,0,0,0,0,45.705600000000004,0,24.355714285714289,0,0,0,0,0,0,0,0,0,0,0,0,0,0,0,0,0,0,0,0,0,0,0,0,0,0,0,0,0,0,0,0,0,0,0,0,0,0,0,0,0,0,0,0,0,0,0,0,0,0,0,0,0,0,0,0,0,0,0,0,0,0,0,0,0,0,0,0,0,0,0,0,0,0,0,0,0,0,0,0,0,0,0,0,0,0,0,0,0,0,0,0,0,0,0,0,0,0,0,null,null,null,null,null,null,null,null,null,null,null,null,null,null,null,null,null,null,null,null,null,null,null,null,null,null,null,null,null,null,null,null,null,null,null,null,null,null,null,null,null,null,null,null,null,null,null,null,null,null,null,null,null,null,null,null,null,null,null,null,null,null,null,null,null,null,null,null,null,null,null,null,null,null,null,null,null,null,null,null,null,null,null,null,null,null,null,null,null,null,null,null,null,null,null,null,null,null,null,null,null,null,null,null,null,null,null,null,null,null,null,null,null,null,null,null,null,null,null,null,null,null,null,null,null,null,null,null,null,null,null,null,null,null,null,"600238","INSTALACAO ELETRICA - TUBULACAO + CAIXAS","UN",0,0,0,0,0,0,45.705600000000004,0,24.355714285714289]
["600238","INSTALACAO ELETRICA - TUBULACAO + CAIXAS","UN","M12423","CAIXA METALICA OCTOGONAL ESTAMPADA C/ FUNDO MOVEL","UN","Mat.",6,3.5,21,6,{"$f":"(SUMPRODUCT((PLANILHA_TAREFA[Ativo]=TRUE)*(PLANILHA_TAREFA[Qte Total])*(PLANILHA_TAREFA[Comp.]=A447)*PLANILHA_TAREFA[Quant.])+IF(ISERR(GETPIVOTDATA(\"Quant \",'Curva ABC - Insumos'!$A$3,\"Insumo\",A447)),0,GETPIVOTDATA(\"Quant \",'Curva ABC - Insumos'!$A$3,\"Insumo\",A447)))","v":1},21,0,0,0,0,0,0,45.705600000000004,0,24.355714285714289,0,0,0,0,0,0,0,0,0,0,0,0,0,0,0,0,0,0,0,0,0,0,0,0,0,0,0,0,0,0,0,0,0,0,0,0,0,0,0,0,0,0,0,0,0,0,0,0,0,0,0,0,0,0,0,0,0,0,0,0,0,0,0,0,0,0,0,0,0,0,0,0,0,0,0,0,0,0,0,0,0,0,0,0,0,0,0,0,0,0,0,0,0,0,0,0,0,0,0,null,null,null,null,null,null,null,null,null,null,null,null,null,null,null,null,null,null,null,null,null,null,null,null,null,null,null,null,null,null,null,null,null,null,null,null,null,null,null,null,null,null,null,null,null,null,null,null,null,null,null,null,null,null,null,null,null,null,null,null,null,null,null,null,null,null,null,null,null,null,null,null,null,null,null,null,null,null,null,null,null,null,null,null,null,null,null,null,null,null,null,null,null,null,null,null,null,null,null,null,null,null,null,null,null,null,null,null,null,null,null,null,null,null,null,null,null,null,null,null,null,null,null,null,null,null,null,null,null,null,null,null,null,null,null,"600238","INSTALACAO ELETRICA - TUBULACAO + CAIXAS","UN",0,0,0,0,0,0,45.705600000000004,0,24.355714285714289]
["600239","INSTALACAO ELETRICA - FIACAO","UN","M12056","FITA ISOLANTE","MT","Mat.",40,0.56000000000000005,22.400000000000002,40,{"$f":"(SUMPRODUCT((PLANILHA_TAREFA[Ativo]=TRUE)*(PLANILHA_TAREFA[Qte Total])*(PLANILHA_TAREFA[Comp.]=A452)*PLANILHA_TAREFA[Quant.])+IF(ISERR(GETPIVOTDATA(\"Quant \",'Curva ABC - Insumos'!$A$3,\"Insumo\",A452)),0,GETPIVOTDATA(\"Quant \",'Curva ABC - Insumos'!$A$3,\"Insumo\",A452)))","v":1},22.400000000000002,0,0,0,0,0,0,14.811999999999999,0,46.632444444444445,0,0,0,0,0,0,0,0,0,0,0,0,0,0,0,0,0,0,0,0,0,0,0,0,0,0,0,0,0,0,0,0,0,0,0,0,0,0,0,0,0,0,0,0,0,0,0,0,0,0,0,0,0,0,0,0,0,0,0,0,0,0,0,0,0,0,0,0,0,0,0,0,0,0,0,0,0,0,0,0,0,0,0,0,0,0,0,0,0,0,0,0,0,0,0,0,0,0,0,null,null,null,null,null,null,null,null,null,null,null,null,null,null,null,null,null,null,null,null,null,null,null,null,null,null,null,null,null,null,null,null,null,null,null,null,null,null,null,null,null,null,null,null,null,null,null,null,null,null,null,null,null,null,null,null,null,null,null,null,null,null,null,null,null,null,null,null,null,null,null,null,null,null,null,null,null,null,null,null,null,null,null,null,null,null,null,null,null,null,null,null,null,null,null,null,null,null,null,null,null,null,null,null,null,null,null,null,null,null,null,null,null,null,null,null,null,null,null,null,null,null,null,null,null,null,null,null,null,null,null,null,null,null,null,"600239","INSTALACAO ELETRICA - FIACAO","UN",0,0,0,0,0,0,14.811999999999999,0,46.632444444444445]
["600239","INSTALACAO ELETRICA - FIACAO","UN","F20001","AJUDANTE GERAL","H","M.O.",6,9.8279999999999994,58.967999999999996,6,{"$f":"(SUMPRODUCT((PLANILHA_TAREFA[Ativo]=TRUE)*(PLANILHA_TAREFA[Qte Total])*(PLANILHA_TAREFA[Comp.]=A455)*PLANILHA_TAREFA[Quant.])+IF(ISERR(GETPIVOTDATA(\"Quant \",'Curva ABC - Insumos'!$A$3,\"Insumo\",A455)),0,GETPIVOTDATA(\"Quant \",'Curva ABC - Insumos'!$A$3,\"Insumo\",A455)))","v":1},58.967999999999996,0,0,0,0,0,0,14.811999999999999,0,46.632444444444445,0,0,0,0,0,0,0,0,0,0,0,0,0,0,0,0,0,0,0,0,0,0,0,0,0,0,0,0,0,0,0,0,0,0,0,0,0,0,0,0,0,0,0,0,0,0,0,0,0,0,0,0,0,0,0,0,0,0,0,0,0,0,0,0,0,0,0,0,0,0,0,0,0,0,0,0,0,0,0,0,0,0,0,0,0,0,0,0,0,0,0,0,0,0,0,0,0,0,0,null,null,null,null,null,null,null,null,null,null,null,null,null,null,null,null,null,null,null,null,null,null,null,null,null,null,null,null,null,null,null,null,null,null,null,null,null,null,null,null,null,null,null,null,null,null,null,null,null,null,null,null,null,null,null,null,null,null,null,null,null,null,null,null,null,null,null,null,null,null,null,null,null,null,null,null,null,null,null,null,null,null,null,null,null,null,null,null,null,null,null,null,null,null,null,null,null,null,null,null,null,null,null,null,null,null,null,null,null,null,null,null,null,null,null,null,null,null,null,null,null,null,null,null,null,null,null,null,null,null,null,null,null,null,null,"600239","INSTALACAO ELETRICA - FIACAO","UN",0,0,0,0,0,0,14.811999999999999,0,46.632444444444445]
["600240","INSTALACAO ELETRICA - ILUMINACAO, TOMADAS E INTERRUPTORES","UN","M16334","PLAFONIER C/ SOQUETE","UN","Mat.",8,1.97,15.76,8,{"$f":"(SUMPRODUCT((PLANILHA_TAREFA[Ativo]=TRUE)*(PLANILHA_TAREFA[Qte Total])*(PLANILHA_TAREFA[Comp.]=A461)*PLANILHA_TAREFA[Quant.])+IF(ISERR(GETPIVOTDATA(\"Quant \",'Curva ABC - Insumos'!$A$3,\"Insumo\",A461)),0,GETPIVOTDATA(\"Quant \",'Curva ABC - Insumos'!$A$3,\"Insumo\",A461)))","v":1},15.76,0,0,0,0,0,0,8.1466000000000012,0,21.454666666666672,0,0,0,0,0,0,0,0,0,0,0,0,0,0,0,0,0,0,0,0,0,0,0,0,0,0,0,0,0,0,0,0,0,0,0,0,0,0,0,0,0,0,0,0,0,0,0,0,0,0,0,0,0,0,0,0,0,0,0,0,0,0,0,0,0,0,0,0,0,0,0,0,0,0,0,0,0,0,0,0,0,0,0,0,0,0,0,0,0,0,0,0,0,0,0,0,0,0,0,null,null,null,null,null,null,null,null,null,null,null,null,null,null,null,null,null,null,null,null,null,null,null,null,null,null,null,null,null,null,null,null,null,null,null,null,null,null,null,null,null,null,null,null,null,null,null,null,null,null,null,null,null,null,null,null,null,null,null,null,null,null,null,null,null,null,null,null,null,null,null,null,null,null,null,null,null,null,null,null,null,null,null,null,null,null,null,null,null,null,null,null,null,null,null,null,null,null,null,null,null,null,null,null,null,null,null,null,null,null,null,null,null,null,null,null,null,null,null,null,null,null,null,null,null,null,null,null,null,null,null,null,null,null,null,"600240","INSTALACAO ELETRICA - ILUMINACAO, TOMADAS E INTERRUPTORES","UN",0,0,0,0,0,0,8.1466000000000012,0,21.454666666666672]
["600240","INSTALACAO ELETRICA - ILUMINACAO, TOMADAS E INTERRUPTORES","UN","M11294","PARAFUSO - 3,5 X 25 MM - AUTO ATARRACHANTE","UN","Mat.",16,1,16,16,{"$f":"(SUMPRODUCT((PLANILHA_TAREFA[Ativo]=TRUE)*(PLANILHA_TAREFA[Qte Total])*(PLANILHA_TAREFA[Comp.]=A462)*PLANILHA_TAREFA[Quant.])+IF(ISERR(GETPIVOTDATA(\"Quant \",'Curva ABC - Insumos'!$A$3,\"Insumo\",A462)),0,GETPIVOTDATA(\"Quant \",'Curva ABC - Insumos'!$A$3,\"Insumo\",A462)))","v":1},16,0,0,0,0,0,0,8.1466000000000012,0,21.454666666666672,0,0,0,0,0,0,0,0,0,0,0,0,0,0,0,0,0,0,0,0,0,0,0,0,0,0,0,0,0,0,0,0,0,0,0,0,0,0,0,0,0,0,0,0,0,0,0,0,0,0,0,0,0,0,0,0,0,0,0,0,0,0,0,0,0,0,0,0,0,0,0,0,0,0,0,0,0,0,0,0,0,0,0,0,0,0,0,0,0,0,0,0,0,0,0,0,0,0,0,null,null,null,null,null,null,null,null,null,null,null,null,null,null,null,null,null,null,null,null,null,null,null,null,null,null,null,null,null,null,null,null,null,null,null,null,null,null,null,null,null,null,null,null,null,null,null,null,null,null,null,null,null,null,null,null,null,null,null,null,null,null,null,null,null,null,null,null,null,null,null,null,null,null,null,null,null,null,null,null,null,null,null,null,null,null,null,null,null,null,null,null,null,null,null,null,null,null,null,null,null,null,null,null,null,null,null,null,null,null,null,null,null,null,null,null,null,null,null,null,null,null,null,null,null,null,null,null,null,null,null,null,null,null,null,"600240","INSTALACAO ELETRICA - ILUMINACAO, TOMADAS E INTERRUPTORES","UN",0,0,0,0,0,0,8.1466000000000012,0,21.454666666666672]
["600240","INSTALACAO ELETRICA - ILUMINACAO, TOMADAS E INTERRUPTORES","UN","M16320","CONJUNTO - 4 X 2\" - (1 PLACA CEGA C/ FURO CENTRAL)","UN","Mat.",1,0.76,0.76,1,{"$f":"(SUMPRODUCT((PLANILHA_TAREFA[Ativo]=TRUE)*(PLANILHA_TAREFA[Qte Total])*(PLANILHA_TAREFA[Comp.]=A467)*PLANILHA_TAREFA[Quant.])+IF(ISERR(GETPIVOTDATA(\"Quant \",'Curva ABC - Insumos'!$A$3,\"Insumo\",A467)),0,GETPIVOTDATA(\"Quant \",'Curva ABC - Insumos'!$A$3,\"Insumo\",A467)))","v":1},0.76,0,0,0,0,0,0,8.1466000000000012,0,21.454666666666672,0,0,0,0,0,0,0,0,0,0,0,0,0,0,0,0,0,0,0,0,0,0,0,0,0,0,0,0,0,0,0,0,0,0,0,0,0,0,0,0,0,0,0,0,0,0,0,0,0,0,0,0,0,0,0,0,0,0,0,0,0,0,0,0,0,0,0,0,0,0,0,0,0,0,0,0,0,0,0,0,0,0,0,0,0,0,0,0,0,0,0,0,0,0,0,0,0,0,0,null,null,null,null,null,null,null,null,null,null,null,null,null,null,null,null,null,null,null,null,null,null,null,null,null,null,null,null,null,null,null,null,null,null,null,null,null,null,null,null,null,null,null,null,null,null,null,null,null,null,null,null,null,null,null,null,null,null,null,null,null,null,null,null,null,null,null,null,null,null,null,null,null,null,null,null,null,null,null,null,null,null,null,null,null,null,null,null,null,null,null,null,null,null,null,null,null,null,null,null,null,null,null,null,null,null,null,null,null,null,null,null,null,null,null,null,null,null,null,null,null,null,null,null,null,null,null,null,null,null,null,null,null,null,null,"600240","INSTALACAO ELETRICA - ILUMINACAO, TOMADAS E INTERRUPTORES","UN",0,0,0,0,0,0,8.1466000000000012,0,21.454666666666672]
["600240","INSTALACAO ELETRICA - ILUMINACAO, TOMADAS E INTERRUPTORES","UN","F20001","AJUDANTE GERAL","H","M.O.",5.5,9.8279999999999994,54.053999999999995,5.5,{"$f":"(SUMPRODUCT((PLANILHA_TAREFA[Ativo]=TRUE)*(PLANILHA_TAREFA[Qte Total])*(PLANILHA_TAREFA[Comp.]=A472)*PLANILHA_TAREFA[Quant.])+IF(ISERR(GETPIVOTDATA(\"Quant \",'Curva ABC - Insumos'!$A$3,\"Insumo\",A472)),0,GETPIVOTDATA(\"Quant \",'Curva ABC - Insumos'!$A$3,\"Insumo\",A472)))","v":1},54.053999999999995,0,0,0,0,0,0,8.1466000000000012,0,21.454666666666672,0,0,0,0,0,0,0,0,0,0,0,0,0,0,0,0,0,0,0,0,0,0,0,0,0,0,0,0,0,0,0,0,0,0,0,0,0,0,0,0,0,0,0,0,0,0,0,0,0,0,0,0,0,0,0,0,0,0,0,0,0,0,0,0,0,0,0,0,0,0,0,0,0,0,0,0,0,0,0,0,0,0,0,0,0,0,0,0,0,0,0,0,0,0,0,0,0,0,0,null,null,null,null,null,null,null,null,null,null,null,null,null,null,null,null,null,null,null,null,null,null,null,null,null,null,null,null,null,null,null,null,null,null,null,null,null,null,null,null,null,null,null,null,null,null,null,null,null,null,null,null,null,null,null,null,null,null,null,null,null,null,null,null,null,null,null,null,null,null,null,null,null,null,null,null,null,null,null,null,null,null,null,null,null,null,null,null,null,null,null,null,null,null,null,null,null,null,null,null,null,null,null,null,null,null,null,null,null,null,null,null,null,null,null,null,null,null,null,null,null,null,null,null,null,null,null,null,null,null,null,null,null,null,null,"600240","INSTALACAO ELETRICA - ILUMINACAO, TOMADAS E INTERRUPTORES","UN",0,0,0,0,0,0,8.1466000000000012,0,21.454666666666672]
["600241","INSTALACAO ELETRICA - QUADRO DE DISTRIBUICAO","UN","M12125","QUADRO DE DISTRIBUICAO EM PVC P/12 DISJUTORES - VAZIO","UN","Mat.",1,69.23,69.23,1,{"$f":"(SUMPRODUCT((PLANILHA_TAREFA[Ativo]=TRUE)*(PLANILHA_TAREFA[Qte Total])*(PLANILHA_TAREFA[Comp.]=A477)*PLANILHA_TAREFA[Quant.])+IF(ISERR(GETPIVOTDATA(\"Quant \",'Curva ABC - Insumos'!$A$3,\"Insumo\",A477)),0,GETPIVOTDATA(\"Quant \",'Curva ABC - Insumos'!$A$3,\"Insumo\",A477)))","v":1},69.23,0,0,0,0,0,0,2.4995250000000002,0,21.923333333333332,0,0,0,0,0,0,0,0,0,0,0,0,0,0,0,0,0,0,0,0,0,0,0,0,0,0,0,0,0,0,0,0,0,0,0,0,0,0,0,0,0,0,0,0,0,0,0,0,0,0,0,0,0,0,0,0,0,0,0,0,0,0,0,0,0,0,0,0,0,0,0,0,0,0,0,0,0,0,0,0,0,0,0,0,0,0,0,0,0,0,0,0,0,0,0,0,0,0,0,null,null,null,null,null,null,null,null,null,null,null,null,null,null,null,null,null,null,null,null,null,null,null,null,null,null,null,null,null,null,null,null,null,null,null,null,null,null,null,null,null,null,null,null,null,null,null,null,null,null,null,null,null,null,null,null,null,null,null,null,null,null,null,null,null,null,null,null,null,null,null,null,null,null,null,null,null,null,null,null,null,null,null,null,null,null,null,null,null,null,null,null,null,null,null,null,null,null,null,null,null,null,null,null,null,null,null,null,null,null,null,null,null,null,null,null,null,null,null,null,null,null,null,null,null,null,null,null,null,null,null,null,null,null,null,"600241","INSTALACAO ELETRICA - QUADRO DE DISTRIBUICAO","UN",0,0,0,0,0,0,2.4995250000000002,0,21.923333333333332]
["600241","INSTALACAO ELETRICA - QUADRO DE DISTRIBUICAO","UN","M12127","BARRAMENTO BIFASICO 02 X 06 - 80A, P/ DISJ. DIN","UN","Mat.",1,9.6,9.6,1,{"$f":"(SUMPRODUCT((PLANILHA_TAREFA[Ativo]=TRUE)*(PLANILHA_TAREFA[Qte Total])*(PLANILHA_TAREFA[Comp.]=A478)*PLANILHA_TAREFA[Quant.])+IF(ISERR(GETPIVOTDATA(\"Quant \",'Curva ABC - Insumos'!$A$3,\"Insumo\",A478)),0,GETPIVOTDATA(\"Quant \",'Curva ABC - Insumos'!$A$3,\"Insumo\",A478)))","v":1},9.6,0,0,0,0,0,0,2.4995250000000002,0,21.923333333333332,0,0,0,0,0,0,0,0,0,0,0,0,0,0,0,0,0,0,0,0,0,0,0,0,0,0,0,0,0,0,0,0,0,0,0,0,0,0,0,0,0,0,0,0,0,0,0,0,0,0,0,0,0,0,0,0,0,0,0,0,0,0,0,0,0,0,0,0,0,0,0,0,0,0,0,0,0,0,0,0,0,0,0,0,0,0,0,0,0,0,0,0,0,0,0,0,0,0,0,null,null,null,null,null,null,null,null,null,null,null,null,null,null,null,null,null,null,null,null,null,null,null,null,null,null,null,null,null,null,null,null,null,null,null,null,null,null,null,null,null,null,null,null,null,null,null,null,null,null,null,null,null,null,null,null,null,null,null,null,null,null,null,null,null,null,null,null,null,null,null,null,null,null,null,null,null,null,null,null,null,null,null,null,null,null,null,null,null,null,null,null,null,null,null,null,null,null,null,null,null,null,null,null,null,null,null,null,null,null,null,null,null,null,null,null,null,null,null,null,null,null,null,null,null,null,null,null,null,null,null,null,null,null,null,"600241","INSTALACAO ELETRICA - QUADRO DE DISTRIBUICAO","UN",0,0,0,0,0,0,2.4995250000000002,0,21.923333333333332]
["600241","INSTALACAO ELETRICA - QUADRO DE DISTRIBUICAO","UN","F20004","ELETRICISTA","H","M.O.",1.35,12.39,16.726500000000001,1.35,{"$f":"(SUMPRODUCT((PLANILHA_TAREFA[Ativo]=TRUE)*(PLANILHA_TAREFA[Qte Total])*(PLANILHA_TAREFA[Comp.]=A483)*PLANILHA_TAREFA[Quant.])+IF(ISERR(GETPIVOTDATA(\"Quant \",'Curva ABC - Insumos'!$A$3,\"Insumo\",A483)),0,GETPIVOTDATA(\"Quant \",'Curva ABC - Insumos'!$A$3,\"Insumo\",A483)))","v":1},16.726500000000001,0,0,0,0,0,0,2.4995250000000002,0,21.923333333333332,0,0,0,0,0,0,0,0,0,0,0,0,0,0,0,0,0,0,0,0,0,0,0,0,0,0,0,0,0,0,0,0,0,0,0,0,0,0,0,0,0,0,0,0,0,0,0,0,0,0,0,0,0,0,0,0,0,0,0,0,0,0,0,0,0,0,0,0,0,0,0,0,0,0,0,0,0,0,0,0,0,0,0,0,0,0,0,0,0,0,0,0,0,0,0,0,0,0,0,null,null,null,null,null,null,null,null,null,null,null,null,null,null,null,null,null,null,null,null,null,null,null,null,null,null,null,null,null,null,null,null,null,null,null,null,null,null,null,null,null,null,null,null,null,null,null,null,null,null,null,null,null,null,null,null,null,null,null,null,null,null,null,null,null,null,null,null,null,null,null,null,null,null,null,null,null,null,null,null,null,null,null,null,null,null,null,null,null,null,null,null,null,null,null,null,null,null,null,null,null,null,null,null,null,null,null,null,null,null,null,null,null,null,null,null,null,null,null,null,null,null,null,null,null,null,null,null,null,null,null,null,null,null,null,"600241","INSTALACAO ELETRICA - QUADRO DE DISTRIBUICAO","UN",0,0,0,0,0,0,2.4995250000000002,0,21.923333333333332]
["600242","INSTALACAO HIDRAULICA - ENTRADA DE AGUA FRIA","UN","M11072","TORNEIRA BOIA P/ CAIXA D'AGUA - PVC - DE - 050 MM","UN","Mat.",1,80.040000000000006,80.040000000000006,1,{"$f":"(SUMPRODUCT((PLANILHA_TAREFA[Ativo]=TRUE)*(PLANILHA_TAREFA[Qte Total])*(PLANILHA_TAREFA[Comp.]=A486)*PLANILHA_TAREFA[Quant.])+IF(ISERR(GETPIVOTDATA(\"Quant \",'Curva ABC - Insumos'!$A$3,\"Insumo\",A486)),0,GETPIVOTDATA(\"Quant \",'Curva ABC - Insumos'!$A$3,\"Insumo\",A486)))","v":1},80.040000000000006,0,0,0,0,0,0,9.6037304999999993,0,36.904983333333334,0,0,0,0,0,0,0,0,0,0,0,0,0,0,0,0,0,0,0,0,0,0,0,0,0,0,0,0,0,0,0,0,0,0,0,0,0,0,0,0,0,0,0,0,0,0,0,0,0,0,0,0,0,0,0,0,0,0,0,0,0,0,0,0,0,0,0,0,0,0,0,0,0,0,0,0,0,0,0,0,0,0,0,0,0,0,0,0,0,0,0,0,0,0,0,0,0,0,0,null,null,null,null,null,null,null,null,null,null,null,null,null,null,null,null,null,null,null,null,null,null,null,null,null,null,null,null,null,null,null,null,null,null,null,null,null,null,null,null,null,null,null,null,null,null,null,null,null,null,null,null,null,null,null,null,null,null,null,null,null,null,null,null,null,null,null,null,null,null,null,null,null,null,null,null,null,null,null,null,null,null,null,null,null,null,null,null,null,null,null,null,null,null,null,null,null,null,null,null,null,null,null,null,null,null,null,null,null,null,null,null,null,null,null,null,null,null,null,null,null,null,null,null,null,null,null,null,null,null,null,null,null,null,null,"600242","INSTALACAO HIDRAULICA - ENTRADA DE AGUA FRIA","UN",0,0,0,0,0,0,9.6037304999999993,0,36.904983333333334]
["600242","INSTALACAO HIDRAULICA - ENTRADA DE AGUA FRIA","UN","M11002","ADAPTADOR CURTO P/ REGISTRO - PVC SOLDAVEL -  BR - DE - 025 X 3/4\" - AGUA FRIA","UN","Mat.",1,0.31,0.31,1,{"$f":"(SUMPRODUCT((PLANILHA_TAREFA[Ativo]=TRUE)*(PLANILHA_TAREFA[Qte Total])*(PLANILHA_TAREFA[Comp.]=A492)*PLANILHA_TAREFA[Quant.])+IF(ISERR(GETPIVOTDATA(\"Quant \",'Curva ABC - Insumos'!$A$3,\"Insumo\",A492)),0,GETPIVOTDATA(\"Quant \",'Curva ABC - Insumos'!$A$3,\"Insumo\",A492)))","v":1},0.31,0,0,0,0,0,0,9.6037304999999993,0,36.904983333333334,0,0,0,0,0,0,0,0,0,0,0,0,0,0,0,0,0,0,0,0,0,0,0,0,0,0,0,0,0,0,0,0,0,0,0,0,0,0,0,0,0,0,0,0,0,0,0,0,0,0,0,0,0,0,0,0,0,0,0,0,0,0,0,0,0,0,0,0,0,0,0,0,0,0,0,0,0,0,0,0,0,0,0,0,0,0,0,0,0,0,0,0,0,0,0,0,0,0,0,null,null,null,null,null,null,null,null,null,null,null,null,null,null,null,null,null,null,null,null,null,null,null,null,null,null,null,null,null,null,null,null,null,null,null,null,null,null,null,null,null,null,null,null,null,null,null,null,null,null,null,null,null,null,null,null,null,null,null,null,null,null,null,null,null,null,null,null,null,null,null,null,null,null,null,null,null,null,null,null,null,null,null,null,null,null,null,null,null,null,null,null,null,null,null,null,null,null,null,null,null,null,null,null,null,null,null,null,null,null,null,null,null,null,null,null,null,null,null,null,null,null,null,null,null,null,null,null,null,null,null,null,null,null,null,"600242","INSTALACAO HIDRAULICA - ENTRADA DE AGUA FRIA","UN",0,0,0,0,0,0,9.6037304999999993,0,36.904983333333334]
["600242","INSTALACAO HIDRAULICA - ENTRADA DE AGUA FRIA","UN","M11038","TEE - PVC SOLDAVEL - 3B-JE - DE - 025 MM - AGUA FRIA","UN","Mat.",1,0.42,0.42,1,{"$f":"(SUMPRODUCT((PLANILHA_TAREFA[Ativo]=TRUE)*(PLANILHA_TAREFA[Qte Total])*(PLANILHA_TAREFA[Comp.]=A493)*PLANILHA_TAREFA[Quant.])+IF(ISERR(GETPIVOTDATA(\"Quant \",'Curva ABC - Insumos'!$A$3,\"Insumo\",A493)),0,GETPIVOTDATA(\"Quant \",'Curva ABC - Insumos'!$A$3,\"Insumo\",A493)))","v":1},0.42,0,0,0,0,0,0,9.6037304999999993,0,36.904983333333334,0,0,0,0,0,0,0,0,0,0,0,0,0,0,0,0,0,0,0,0,0,0,0,0,0,0,0,0,0,0,0,0,0,0,0,0,0,0,0,0,0,0,0,0,0,0,0,0,0,0,0,0,0,0,0,0,0,0,0,0,0,0,0,0,0,0,0,0,0,0,0,0,0,0,0,0,0,0,0,0,0,0,0,0,0,0,0,0,0,0,0,0,0,0,0,0,0,0,0,null,null,null,null,null,null,null,null,null,null,null,null,null,null,null,null,null,null,null,null,null,null,null,null,null,null,null,null,null,null,null,null,null,null,null,null,null,null,null,null,null,null,null,null,null,null,null,null,null,null,null,null,null,null,null,null,null,null,null,null,null,null,null,null,null,null,null,null,null,null,null,null,null,null,null,null,null,null,null,null,null,null,null,null,null,null,null,null,null,null,null,null,null,null,null,null,null,null,null,null,null,null,null,null,null,null,null,null,null,null,null,null,null,null,null,null,null,null,null,null,null,null,null,null,null,null,null,null,null,null,null,null,null,null,null,"600242","INSTALACAO HIDRAULICA - ENTRADA DE AGUA FRIA","UN",0,0,0,0,0,0,9.6037304999999993,0,36.904983333333334]
["600243","INSTALACAO HIDRAULICA - DISTRIBUICAO DE AGUA","UN","M11010","JOELHO 90º00' - PVC SOLDAVEL - 2B - DE - 032 MM - AGUA FRIA","UN","Mat.",3,0.8,2.4000000000000004,3,{"$f":"(SUMPRODUCT((PLANILHA_TAREFA[Ativo]=TRUE)*(PLANILHA_TAREFA[Qte Total])*(PLANILHA_TAREFA[Comp.]=A498)*PLANILHA_TAREFA[Quant.])+IF(ISERR(GETPIVOTDATA(\"Quant \",'Curva ABC - Insumos'!$A$3,\"Insumo\",A498)),0,GETPIVOTDATA(\"Quant \",'Curva ABC - Insumos'!$A$3,\"Insumo\",A498)))","v":1},2.4000000000000004,0,0,0,0,0,0,7.0357000000000003,0,4.8952333333333335,0,0,0,0,0,0,0,0,0,0,0,0,0,0,0,0,0,0,0,0,0,0,0,0,0,0,0,0,0,0,0,0,0,0,0,0,0,0,0,0,0,0,0,0,0,0,0,0,0,0,0,0,0,0,0,0,0,0,0,0,0,0,0,0,0,0,0,0,0,0,0,0,0,0,0,0,0,0,0,0,0,0,0,0,0,0,0,0,0,0,0,0,0,0,0,0,0,0,0,null,null,null,null,null,null,null,null,null,null,null,null,null,null,null,null,null,null,null,null,null,null,null,null,null,null,null,null,null,null,null,null,null,null,null,null,null,null,null,null,null,null,null,null,null,null,null,null,null,null,null,null,null,null,null,null,null,null,null,null,null,null,null,null,null,null,null,null,null,null,null,null,null,null,null,null,null,null,null,null,null,null,null,null,null,null,null,null,null,null,null,null,null,null,null,null,null,null,null,null,null,null,null,null,null,null,null,null,null,null,null,null,null,null,null,null,null,null,null,null,null,null,null,null,null,null,null,null,null,null,null,null,null,null,null,"600243","INSTALACAO HIDRAULICA - DISTRIBUICAO DE AGUA","UN",0,0,0,0,0,0,7.0357000000000003,0,4.8952333333333335]
["600243","INSTALACAO HIDRAULICA - DISTRIBUICAO DE AGUA","UN","M11114","LUVA DE REDUCAO - PVC SOLDAVEL - PB - DE - 032 X 025 MM - AGUA FRIA","UN","Mat.",1,0.99,0.99,1,{"$f":"(SUMPRODUCT((PLANILHA_TAREFA[Ativo]=TRUE)*(PLANILHA_TAREFA[Qte Total])*(PLANILHA_TAREFA[Comp.]=A503)*PLANILHA_TAREFA[Quant.])+IF(ISERR(GETPIVOTDATA(\"Quant \",'Curva ABC - Insumos'!$A$3,\"Insumo\",A503)),0,GETPIVOTDATA(\"Quant \",'Curva ABC - Insumos'!$A$3,\"Insumo\",A503)))","v":1},0.99,0,0,0,0,0,0,7.0357000000000003,0,4.8952333333333335,0,0,0,0,0,0,0,0,0,0,0,0,0,0,0,0,0,0,0,0,0,0,0,0,0,0,0,0,0,0,0,0,0,0,0,0,0,0,0,0,0,0,0,0,0,0,0,0,0,0,0,0,0,0,0,0,0,0,0,0,0,0,0,0,0,0,0,0,0,0,0,0,0,0,0,0,0,0,0,0,0,0,0,0,0,0,0,0,0,0,0,0,0,0,0,0,0,0,0,null,null,null,null,null,null,null,null,null,null,null,null,null,null,null,null,null,null,null,null,null,null,null,null,null,null,null,null,null,null,null,null,null,null,null,null,null,null,null,null,null,null,null,null,null,null,null,null,null,null,null,null,null,null,null,null,null,null,null,null,null,null,null,null,null,null,null,null,null,null,null,null,null,null,null,null,null,null,null,null,null,null,null,null,null,null,null,null,null,null,null,null,null,null,null,null,null,null,null,null,null,null,null,null,null,null,null,null,null,null,null,null,null,null,null,null,null,null,null,null,null,null,null,null,null,null,null,null,null,null,null,null,null,null,null,"600243","INSTALACAO HIDRAULICA - DISTRIBUICAO DE AGUA","UN",0,0,0,0,0,0,7.0357000000000003,0,4.8952333333333335]
["600243","INSTALACAO HIDRAULICA - DISTRIBUICAO DE AGUA","UN","M11002","ADAPTADOR CURTO P/ REGISTRO - PVC SOLDAVEL -  BR - DE - 025 X 3/4\" - AGUA FRIA","UN","Mat.",3,0.31,0.92999999999999994,3,{"$f":"(SUMPRODUCT((PLANILHA_TAREFA[Ativo]=TRUE)*(PLANILHA_TAREFA[Qte Total])*(PLANILHA_TAREFA[Comp.]=A508)*PLANILHA_TAREFA[Quant.])+IF(ISERR(GETPIVOTDATA(\"Quant \",'Curva ABC - Insumos'!$A$3,\"Insumo\",A508)),0,GETPIVOTDATA(\"Quant \",'Curva ABC - Insumos'!$A$3,\"Insumo\",A508)))","v":1},0.92999999999999994,0,0,0,0,0,0,7.0357000000000003,0,4.8952333333333335,0,0,0,0,0,0,0,0,0,0,0,0,0,0,0,0,0,0,0,0,0,0,0,0,0,0,0,0,0,0,0,0,0,0,0,0,0,0,0,0,0,0,0,0,0,0,0,0,0,0,0,0,0,0,0,0,0,0,0,0,0,0,0,0,0,0,0,0,0,0,0,0,0,0,0,0,0,0,0,0,0,0,0,0,0,0,0,0,0,0,0,0,0,0,0,0,0,0,0,null,null,null,null,null,null,null,null,null,null,null,null,null,null,null,null,null,null,null,null,null,null,null,null,null,null,null,null,null,null,null,null,null,null,null,null,null,null,null,null,null,null,null,null,null,null,null,null,null,null,null,null,null,null,null,null,null,null,null,null,null,null,null,null,null,null,null,null,null,null,null,null,null,null,null,null,null,null,null,null,null,null,null,null,null,null,null,null,null,null,null,null,null,null,null,null,null,null,null,null,null,null,null,null,null,null,null,null,null,null,null,null,null,null,null,null,null,null,null,null,null,null,null,null,null,null,null,null,null,null,null,null,null,null,null,"600243","INSTALACAO HIDRAULICA - DISTRIBUICAO DE AGUA","UN",0,0,0,0,0,0,7.0357000000000003,0,4.8952333333333335]
["600243","INSTALACAO HIDRAULICA - DISTRIBUICAO DE AGUA","UN","M11049","TUBO - PVC SOLDAVEL - PB - DE - 032 MM - AGUA FRIA","MT","Mat.",4.3099999999999996,2.82,12.154199999999998,4.3099999999999996,{"$f":"(SUMPRODUCT((PLANILHA_TAREFA[Ativo]=TRUE)*(PLANILHA_TAREFA[Qte Total])*(PLANILHA_TAREFA[Comp.]=A509)*PLANILHA_TAREFA[Quant.])+IF(ISERR(GETPIVOTDATA(\"Quant \",'Curva ABC - Insumos'!$A$3,\"Insumo\",A509)),0,GETPIVOTDATA(\"Quant \",'Curva ABC - Insumos'!$A$3,\"Insumo\",A509)))","v":1},12.154199999999998,0,0,0,0,0,0,7.0357000000000003,0,4.8952333333333335,0,0,0,0,0,0,0,0,0,0,0,0,0,0,0,0,0,0,0,0,0,0,0,0,0,0,0,0,0,0,0,0,0,0,0,0,0,0,0,0,0,0,0,0,0,0,0,0,0,0,0,0,0,0,0,0,0,0,0,0,0,0,0,0,0,0,0,0,0,0,0,0,0,0,0,0,0,0,0,0,0,0,0,0,0,0,0,0,0,0,0,0,0,0,0,0,0,0,0,null,null,null,null,null,null,null,null,null,null,null,null,null,null,null,null,null,null,null,null,null,null,null,null,null,null,null,null,null,null,null,null,null,null,null,null,null,null,null,null,null,null,null,null,null,null,null,null,null,null,null,null,null,null,null,null,null,null,null,null,null,null,null,null,null,null,null,null,null,null,null,null,null,null,null,null,null,null,null,null,null,null,null,null,null,null,null,null,null,null,null,null,null,null,null,null,null,null,null,null,null,null,null,null,null,null,null,null,null,null,null,null,null,null,null,null,null,null,null,null,null,null,null,null,null,null,null,null,null,null,null,null,null,null,null,"600243","INSTALACAO HIDRAULICA - DISTRIBUICAO DE AGUA","UN",0,0,0,0,0,0,7.0357000000000003,0,4.8952333333333335]
["600243","INSTALACAO HIDRAULICA - DISTRIBUICAO DE AGUA","UN","M11025","ADESIVO PLASTICO P/ PVC 850 ML","UN","Mat.",0.02,17.09,0.34179999999999999,0.02,{"$f":"(SUMPRODUCT((PLANILHA_TAREFA[Ativo]=TRUE)*(PLANILHA_TAREFA[Qte Total])*(PLANILHA_TAREFA[Comp.]=A514)*PLANILHA_TAREFA[Quant.])+IF(ISERR(GETPIVOTDATA(\"Quant \",'Curva ABC - Insumos'!$A$3,\"Insumo\",A514)),0,GETPIVOTDATA(\"Quant \",'Curva ABC - Insumos'!$A$3,\"Insumo\",A514)))","v":1},0.34179999999999999,0,0,0,0,0,0,7.0357000000000003,0,4.8952333333333335,0,0,0,0,0,0,0,0,0,0,0,0,0,0,0,0,0,0,0,0,0,0,0,0,0,0,0,0,0,0,0,0,0,0,0,0,0,0,0,0,0,0,0,0,0,0,0,0,0,0,0,0,0,0,0,0,0,0,0,0,0,0,0,0,0,0,0,0,0,0,0,0,0,0,0,0,0,0,0,0,0,0,0,0,0,0,0,0,0,0,0,0,0,0,0,0,0,0,0,null,null,null,null,null,null,null,null,null,null,null,null,null,null,null,null,null,null,null,null,null,null,null,null,null,null,null,null,null,null,null,null,null,null,null,null,null,null,null,null,null,null,null,null,null,null,null,null,null,null,null,null,null,null,null,null,null,null,null,null,null,null,null,null,null,null,null,null,null,null,null,null,null,null,null,null,null,null,null,null,null,null,null,null,null,null,null,null,null,null,null,null,null,null,null,null,null,null,null,null,null,null,null,null,null,null,null,null,null,null,null,null,null,null,null,null,null,null,null,null,null,null,null,null,null,null,null,null,null,null,null,null,null,null,null,"600243","INSTALACAO HIDRAULICA - DISTRIBUICAO DE AGUA","UN",0,0,0,0,0,0,7.0357000000000003,0,4.8952333333333335]
["600244","INSTALACAO HIDRAULICA - CAIXA D'AGUA","UN","F20001","AJUDANTE GERAL","H","M.O.",3.99,9.8279999999999994,39.213720000000002,3.99,{"$f":"(SUMPRODUCT((PLANILHA_TAREFA[Ativo]=TRUE)*(PLANILHA_TAREFA[Qte Total])*(PLANILHA_TAREFA[Comp.]=A517)*PLANILHA_TAREFA[Quant.])+IF(ISERR(GETPIVOTDATA(\"Quant \",'Curva ABC - Insumos'!$A$3,\"Insumo\",A517)),0,GETPIVOTDATA(\"Quant \",'Curva ABC - Insumos'!$A$3,\"Insumo\",A517)))","v":1},39.213720000000002,0,0,0,0,0,0,9.8499800000000004,0,20.793477777777774,0,0,0,0,0,0,0,0,0,0,0,0,0,0,0,0,0,0,0,0,0,0,0,0,0,0,0,0,0,0,0,0,0,0,0,0,0,0,0,0,0,0,0,0,0,0,0,0,0,0,0,0,0,0,0,0,0,0,0,0,0,0,0,0,0,0,0,0,0,0,0,0,0,0,0,0,0,0,0,0,0,0,0,0,0,0,0,0,0,0,0,0,0,0,0,0,0,0,0,null,null,null,null,null,null,null,null,null,null,null,null,null,null,null,null,null,null,null,null,null,null,null,null,null,null,null,null,null,null,null,null,null,null,null,null,null,null,null,null,null,null,null,null,null,null,null,null,null,null,null,null,null,null,null,null,null,null,null,null,null,null,null,null,null,null,null,null,null,null,null,null,null,null,null,null,null,null,null,null,null,null,null,null,null,null,null,null,null,null,null,null,null,null,null,null,null,null,null,null,null,null,null,null,null,null,null,null,null,null,null,null,null,null,null,null,null,null,null,null,null,null,null,null,null,null,null,null,null,null,null,null,null,null,null,"600244","INSTALACAO HIDRAULICA - CAIXA D'AGUA","UN",0,0,0,0,0,0,9.8499800000000004,0,20.793477777777774]
["600244","INSTALACAO HIDRAULICA - CAIXA D'AGUA","UN","M16243","JOELHO 90º00' - PVC SOLDAVEL - 2B - DE - 025 MM - AGUA FRIA","UN","Mat.",1,0.28000000000000003,0.28000000000000003,1,{"$f":"(SUMPRODUCT((PLANILHA_TAREFA[Ativo]=TRUE)*(PLANILHA_TAREFA[Qte Total])*(PLANILHA_TAREFA[Comp.]=A523)*PLANILHA_TAREFA[Quant.])+IF(ISERR(GETPIVOTDATA(\"Quant \",'Curva ABC - Insumos'!$A$3,\"Insumo\",A523)),0,GETPIVOTDATA(\"Quant \",'Curva ABC - Insumos'!$A$3,\"Insumo\",A523)))","v":1},0.28000000000000003,0,0,0,0,0,0,9.8499800000000004,0,20.793477777777774,0,0,0,0,0,0,0,0,0,0,0,0,0,0,0,0,0,0,0,0,0,0,0,0,0,0,0,0,0,0,0,0,0,0,0,0,0,0,0,0,0,0,0,0,0,0,0,0,0,0,0,0,0,0,0,0,0,0,0,0,0,0,0,0,0,0,0,0,0,0,0,0,0,0,0,0,0,0,0,0,0,0,0,0,0,0,0,0,0,0,0,0,0,0,0,0,0,0,0,null,null,null,null,null,null,null,null,null,null,null,null,null,null,null,null,null,null,null,null,null,null,null,null,null,null,null,null,null,null,null,null,null,null,null,null,null,null,null,null,null,null,null,null,null,null,null,null,null,null,null,null,null,null,null,null,null,null,null,null,null,null,null,null,null,null,null,null,null,null,null,null,null,null,null,null,null,null,null,null,null,null,null,null,null,null,null,null,null,null,null,null,null,null,null,null,null,null,null,null,null,null,null,null,null,null,null,null,null,null,null,null,null,null,null,null,null,null,null,null,null,null,null,null,null,null,null,null,null,null,null,null,null,null,null,"600244","INSTALACAO HIDRAULICA - CAIXA D'AGUA","UN",0,0,0,0,0,0,9.8499800000000004,0,20.793477777777774]
["600245","INSTALACAO HIDRAULICA - ESGOTO EXTERNO","UN","600284","CAIXA DE GORDURA PRE-MOLDADA V = 23,5 L","UN","-",1,143.68605460000001,{"$f":"IF(ISERR(I524)=TRUE,0,I524)*H524","v":143.68605460000001},{"$f":"L524*H524","v":1},{"$f":"(SUMPRODUCT((PLANILHA_TAREFA[Ativo]=TRUE)*(PLANILHA_TAREFA[Qte Total])*(PLANILHA_TAREFA[Comp.]=A524)*PLANILHA_TAREFA[Quant.])+IF(ISERR(GETPIVOTDATA(\"Quant \",'Curva ABC - Insumos'!$A$3,\"Insumo\",A524)),0,GETPIVOTDATA(\"Quant \",'Curva ABC - Insumos'!$A$3,\"Insumo\",A524)))","v":1},{"$f":"IF(ISERR(I524)=TRUE,0,I524)*K524","v":143.68605460000001},0,0,0,0,0,0,12.590200000000001,0,31.732833333333332,0,0,0,0,0,0,0,0,0,0,0.89999999999999991,0,0,0,0,75.753354600000009,0,67.032700000000006,0,0,0,0,0,0,0,0,0,0,0,0,0,0,0,0,0,0,0,0,0,0,0,0,0,0,0,0,0,0,0,0,0,0,0,0,0,0,0,0,0,0,0,0,0,0,0,0,0,0,0,0,0,0,0,0,0,0,0,0,0,0,0,0,0,0,0,0,0,0,0,0,0,0,0,0,0,0,0,0,0,null,null,null,null,null,null,null,null,null,null,null,null,null,null,null,null,null,null,null,null,null,null,null,null,null,null,null,null,null,null,null,null,null,null,null,null,null,null,null,null,null,null,null,null,null,null,null,null,null,null,null,null,null,null,null,null,null,null,null,null,null,null,null,null,null,null,null,null,null,null,null,null,null,null,null,null,null,null,null,null,null,null,null,null,null,null,null,null,null,null,null,null,null,null,null,null,null,null,null,null,null,null,null,null,null,null,null,null,null,null,null,null,null,null,null,null,null,null,null,null,null,null,null,null,null,null,null,null,null,null,null,null,null,null,null,"600245","INSTALACAO HIDRAULICA - ESGOTO EXTERNO","UN",0,0.89999999999999991,0,0,0,0,88.343554600000004,0,98.765533333333337]
["600245","INSTALACAO HIDRAULICA - ESGOTO EXTERNO","UN","M16289","JUNCAO SIMPLES - PVC BRANCO NORMAL - DE - 075 X 050MM - ESGOTO","UN","Mat.",1,4.68,4.68,1,{"$f":"(SUMPRODUCT((PLANILHA_TAREFA[Ativo]=TRUE)*(PLANILHA_TAREFA[Qte Total])*(PLANILHA_TAREFA[Comp.]=A529)*PLANILHA_TAREFA[Quant.])+IF(ISERR(GETPIVOTDATA(\"Quant \",'Curva ABC - Insumos'!$A$3,\"Insumo\",A529)),0,GETPIVOTDATA(\"Quant \",'Curva ABC - Insumos'!$A$3,\"Insumo\",A529)))","v":1},4.68,0,0,0,0,0,0,12.590200000000001,0,31.732833333333332,0,0,0,0,0,0,0,0,0,0,0,0,0,0,0,0,0,0,0,0,0,0,0,0,0,0,0,0,0,0,0,0,0,0,0,0,0,0,0,0,0,0,0,0,0,0,0,0,0,0,0,0,0,0,0,0,0,0,0,0,0,0,0,0,0,0,0,0,0,0,0,0,0,0,0,0,0,0,0,0,0,0,0,0,0,0,0,0,0,0,0,0,0,0,0,0,0,0,0,null,null,null,null,null,null,null,null,null,null,null,null,null,null,null,null,null,null,null,null,null,null,null,null,null,null,null,null,null,null,null,null,null,null,null,null,null,null,null,null,null,null,null,null,null,null,null,null,null,null,null,null,null,null,null,null,null,null,null,null,null,null,null,null,null,null,null,null,null,null,null,null,null,null,null,null,null,null,null,null,null,null,null,null,null,null,null,null,null,null,null,null,null,null,null,null,null,null,null,null,null,null,null,null,null,null,null,null,null,null,null,null,null,null,null,null,null,null,null,null,null,null,null,null,null,null,null,null,null,null,null,null,null,null,null,"600245","INSTALACAO HIDRAULICA - ESGOTO EXTERNO","UN",0,0,0,0,0,0,12.590200000000001,0,31.732833333333332]
["600245","INSTALACAO HIDRAULICA - ESGOTO EXTERNO","UN","M11087","ANEL BORRACHA - PVC BRANCO NORMAL - JE - DE - 050 MM - ESGOTO","UN","Mat.",3,0.24,0.72,3,{"$f":"(SUMPRODUCT((PLANILHA_TAREFA[Ativo]=TRUE)*(PLANILHA_TAREFA[Qte Total])*(PLANILHA_TAREFA[Comp.]=A534)*PLANILHA_TAREFA[Quant.])+IF(ISERR(GETPIVOTDATA(\"Quant \",'Curva ABC - Insumos'!$A$3,\"Insumo\",A534)),0,GETPIVOTDATA(\"Quant \",'Curva ABC - Insumos'!$A$3,\"Insumo\",A534)))","v":1},0.72,0,0,0,0,0,0,12.590200000000001,0,31.732833333333332,0,0,0,0,0,0,0,0,0,0,0,0,0,0,0,0,0,0,0,0,0,0,0,0,0,0,0,0,0,0,0,0,0,0,0,0,0,0,0,0,0,0,0,0,0,0,0,0,0,0,0,0,0,0,0,0,0,0,0,0,0,0,0,0,0,0,0,0,0,0,0,0,0,0,0,0,0,0,0,0,0,0,0,0,0,0,0,0,0,0,0,0,0,0,0,0,0,0,0,null,null,null,null,null,null,null,null,null,null,null,null,null,null,null,null,null,null,null,null,null,null,null,null,null,null,null,null,null,null,null,null,null,null,null,null,null,null,null,null,null,null,null,null,null,null,null,null,null,null,null,null,null,null,null,null,null,null,null,null,null,null,null,null,null,null,null,null,null,null,null,null,null,null,null,null,null,null,null,null,null,null,null,null,null,null,null,null,null,null,null,null,null,null,null,null,null,null,null,null,null,null,null,null,null,null,null,null,null,null,null,null,null,null,null,null,null,null,null,null,null,null,null,null,null,null,null,null,null,null,null,null,null,null,null,"600245","INSTALACAO HIDRAULICA - ESGOTO EXTERNO","UN",0,0,0,0,0,0,12.590200000000001,0,31.732833333333332]
["600246","INSTALACAO HIDRAULICA - ESGOTO INTERNO","UN","F20005","ENCANADOR ","H","M.O.",8.0749999999999993,12.39,100.04925,8.0749999999999993,{"$f":"(SUMPRODUCT((PLANILHA_TAREFA[Ativo]=TRUE)*(PLANILHA_TAREFA[Qte Total])*(PLANILHA_TAREFA[Comp.]=A539)*PLANILHA_TAREFA[Quant.])+IF(ISERR(GETPIVOTDATA(\"Quant \",'Curva ABC - Insumos'!$A$3,\"Insumo\",A539)),0,GETPIVOTDATA(\"Quant \",'Curva ABC - Insumos'!$A$3,\"Insumo\",A539)))","v":1},100.04925,0,0,0,0,0,0,11.213146875,0,7.6534374999999999,0,0,0,0,0,0,0,0,0,0,0,0,0,0,0,0,0,0,0,0,0,0,0,0,0,0,0,0,0,0,0,0,0,0,0,0,0,0,0,0,0,0,0,0,0,0,0,0,0,0,0,0,0,0,0,0,0,0,0,0,0,0,0,0,0,0,0,0,0,0,0,0,0,0,0,0,0,0,0,0,0,0,0,0,0,0,0,0,0,0,0,0,0,0,0,0,0,0,0,null,null,null,null,null,null,null,null,null,null,null,null,null,null,null,null,null,null,null,null,null,null,null,null,null,null,null,null,null,null,null,null,null,null,null,null,null,null,null,null,null,null,null,null,null,null,null,null,null,null,null,null,null,null,null,null,null,null,null,null,null,null,null,null,null,null,null,null,null,null,null,null,null,null,null,null,null,null,null,null,null,null,null,null,null,null,null,null,null,null,null,null,null,null,null,null,null,null,null,null,null,null,null,null,null,null,null,null,null,null,null,null,null,null,null,null,null,null,null,null,null,null,null,null,null,null,null,null,null,null,null,null,null,null,null,"600246","INSTALACAO HIDRAULICA - ESGOTO INTERNO","UN",0,0,0,0,0,0,11.213146875,0,7.6534374999999999]
["600246","INSTALACAO HIDRAULICA - ESGOTO INTERNO","UN","M11015","CURVA 90º00' CURTA - PVC BRANCO NORMAL - DE - 100 MM - ESGOTO","UN","Mat.",1,8.1199999999999992,8.1199999999999992,1,{"$f":"(SUMPRODUCT((PLANILHA_TAREFA[Ativo]=TRUE)*(PLANILHA_TAREFA[Qte Total])*(PLANILHA_TAREFA[Comp.]=A540)*PLANILHA_TAREFA[Quant.])+IF(ISERR(GETPIVOTDATA(\"Quant \",'Curva ABC - Insumos'!$A$3,\"Insumo\",A540)),0,GETPIVOTDATA(\"Quant \",'Curva ABC - Insumos'!$A$3,\"Insumo\",A540)))","v":1},8.1199999999999992,0,0,0,0,0,0,11.213146875,0,7.6534374999999999,0,0,0,0,0,0,0,0,0,0,0,0,0,0,0,0,0,0,0,0,0,0,0,0,0,0,0,0,0,0,0,0,0,0,0,0,0,0,0,0,0,0,0,0,0,0,0,0,0,0,0,0,0,0,0,0,0,0,0,0,0,0,0,0,0,0,0,0,0,0,0,0,0,0,0,0,0,0,0,0,0,0,0,0,0,0,0,0,0,0,0,0,0,0,0,0,0,0,0,null,null,null,null,null,null,null,null,null,null,null,null,null,null,null,null,null,null,null,null,null,null,null,null,null,null,null,null,null,null,null,null,null,null,null,null,null,null,null,null,null,null,null,null,null,null,null,null,null,null,null,null,null,null,null,null,null,null,null,null,null,null,null,null,null,null,null,null,null,null,null,null,null,null,null,null,null,null,null,null,null,null,null,null,null,null,null,null,null,null,null,null,null,null,null,null,null,null,null,null,null,null,null,null,null,null,null,null,null,null,null,null,null,null,null,null,null,null,null,null,null,null,null,null,null,null,null,null,null,null,null,null,null,null,null,"600246","INSTALACAO HIDRAULICA - ESGOTO INTERNO","UN",0,0,0,0,0,0,11.213146875,0,7.6534374999999999]
["600246","INSTALACAO HIDRAULICA - ESGOTO INTERNO","UN","M11089","ANEL BORRACHA - PVC BRANCO NORMAL - JE - DE - 100 MM - ESGOTO","UN","Mat.",2,0.38,0.76,2,{"$f":"(SUMPRODUCT((PLANILHA_TAREFA[Ativo]=TRUE)*(PLANILHA_TAREFA[Qte Total])*(PLANILHA_TAREFA[Comp.]=A545)*PLANILHA_TAREFA[Quant.])+IF(ISERR(GETPIVOTDATA(\"Quant \",'Curva ABC - Insumos'!$A$3,\"Insumo\",A545)),0,GETPIVOTDATA(\"Quant \",'Curva ABC - Insumos'!$A$3,\"Insumo\",A545)))","v":1},0.76,0,0,0,0,0,0,11.213146875,0,7.6534374999999999,0,0,0,0,0,0,0,0,0,0,0,0,0,0,0,0,0,0,0,0,0,0,0,0,0,0,0,0,0,0,0,0,0,0,0,0,0,0,0,0,0,0,0,0,0,0,0,0,0,0,0,0,0,0,0,0,0,0,0,0,0,0,0,0,0,0,0,0,0,0,0,0,0,0,0,0,0,0,0,0,0,0,0,0,0,0,0,0,0,0,0,0,0,0,0,0,0,0,0,null,null,null,null,null,null,null,null,null,null,null,null,null,null,null,null,null,null,null,null,null,null,null,null,null,null,null,null,null,null,null,null,null,null,null,null,null,null,null,null,null,null,null,null,null,null,null,null,null,null,null,null,null,null,null,null,null,null,null,null,null,null,null,null,null,null,null,null,null,null,null,null,null,null,null,null,null,null,null,null,null,null,null,null,null,null,null,null,null,null,null,null,null,null,null,null,null,null,null,null,null,null,null,null,null,null,null,null,null,null,null,null,null,null,null,null,null,null,null,null,null,null,null,null,null,null,null,null,null,null,null,null,null,null,null,"600246","INSTALACAO HIDRAULICA - ESGOTO INTERNO","UN",0,0,0,0,0,0,11.213146875,0,7.6534374999999999]
["600246","INSTALACAO HIDRAULICA - ESGOTO INTERNO","UN","M11051","TUBO - PVC BRANCO NORMAL - PB - DE - 050 MM - ESGOTO\n","MT","Mat.",8.2200000000000006,3.74,30.742800000000003,8.2200000000000006,{"$f":"(SUMPRODUCT((PLANILHA_TAREFA[Ativo]=TRUE)*(PLANILHA_TAREFA[Qte Total])*(PLANILHA_TAREFA[Comp.]=A548)*PLANILHA_TAREFA[Quant.])+IF(ISERR(GETPIVOTDATA(\"Quant \",'Curva ABC - Insumos'!$A$3,\"Insumo\",A548)),0,GETPIVOTDATA(\"Quant \",'Curva ABC - Insumos'!$A$3,\"Insumo\",A548)))","v":1},30.742800000000003,0,0,0,0,0,0,11.213146875,0,7.6534374999999999,0,0,0,0,0,0,0,0,0,0,0,0,0,0,0,0,0,0,0,0,0,0,0,0,0,0,0,0,0,0,0,0,0,0,0,0,0,0,0,0,0,0,0,0,0,0,0,0,0,0,0,0,0,0,0,0,0,0,0,0,0,0,0,0,0,0,0,0,0,0,0,0,0,0,0,0,0,0,0,0,0,0,0,0,0,0,0,0,0,0,0,0,0,0,0,0,0,0,0,null,null,null,null,null,null,null,null,null,null,null,null,null,null,null,null,null,null,null,null,null,null,null,null,null,null,null,null,null,null,null,null,null,null,null,null,null,null,null,null,null,null,null,null,null,null,null,null,null,null,null,null,null,null,null,null,null,null,null,null,null,null,null,null,null,null,null,null,null,null,null,null,null,null,null,null,null,null,null,null,null,null,null,null,null,null,null,null,null,null,null,null,null,null,null,null,null,null,null,null,null,null,null,null,null,null,null,null,null,null,null,null,null,null,null,null,null,null,null,null,null,null,null,null,null,null,null,null,null,null,null,null,null,null,null,"600246","INSTALACAO HIDRAULICA - ESGOTO INTERNO","UN",0,0,0,0,0,0,11.213146875,0,7.6534374999999999]
["600284","CAIXA DE GORDURA PRE-MOLDADA V = 23,5 L","UN","000150","REATERRO APILOADO DE VALA","M3","-",0.27,14.458079999999999,3.9036816000000001,0,{"$f":"(SUMPRODUCT((PLANILHA_TAREFA[Ativo]=TRUE)*(PLANILHA_TAREFA[Qte Total])*(PLANILHA_TAREFA[Comp.]=A554)*PLANILHA_TAREFA[Quant.])+IF(ISERR(GETPIVOTDATA(\"Quant \",'Curva ABC - Insumos'!$A$3,\"Insumo\",A554)),0,GETPIVOTDATA(\"Quant \",'Curva ABC - Insumos'!$A$3,\"Insumo\",A554)))","v":0},0,0,0,0,0,0,0,0,0,0,0,0,0,0,0,0,3.9036816000000001,0,0,0,0,0,0,0,0,0,0,0,0,0,0,0,0,0,0,0,0,0,0,0,0,0,0,0,0,0,0,0,0,0,0,0,0,0,0,0,0,0,0,0,0,0,0,0,0,0,0,0,0,0,0,0,0,0,0,0,0,0,0,0,0,0,0,0,0,0,0,0,0,0,0,0,0,0,0,0,0,0,0,0,0,0,0,0,0,0,0,0,0,null,null,null,null,null,null,null,null,null,null,null,null,null,null,null,null,null,null,null,null,null,null,null,null,null,null,null,null,null,null,null,null,null,null,null,null,null,null,null,null,null,null,null,null,null,null,null,null,null,null,null,null,null,null,null,null,null,null,null,null,null,null,null,null,null,null,null,null,null,null,null,null,null,null,null,null,null,null,null,null,null,null,null,null,null,null,null,null,null,null,null,null,null,null,null,null,null,null,null,null,null,null,null,null,null,null,null,null,null,null,null,null,null,null,null,null,null,null,null,null,null,null,null,null,null,null,null,null,null,null,null,null,null,null,null,"600284","CAIXA DE GORDURA PRE-MOLDADA V = 23,5 L","UN",0,0,0,0,0,0,3.9036816000000001,0,0]
["600284","CAIXA DE GORDURA PRE-MOLDADA V = 23,5 L","UN","003013","CONCRETO USINADO 25,0 MPA SLUMP CONVENCIONAL C/ LANCAMENTO","M3","-",0.03,335.70850000000002,10.071255000000001,0,{"$f":"(SUMPRODUCT((PLANILHA_TAREFA[Ativo]=TRUE)*(PLANILHA_TAREFA[Qte Total])*(PLANILHA_TAREFA[Comp.]=A555)*PLANILHA_TAREFA[Quant.])+IF(ISERR(GETPIVOTDATA(\"Quant \",'Curva ABC - Insumos'!$A$3,\"Insumo\",A555)),0,GETPIVOTDATA(\"Quant \",'Curva ABC - Insumos'!$A$3,\"Insumo\",A555)))","v":0},0,0,0,0,0,0,0,0,0,0,0,0.89999999999999991,0,0,0,0,2.0024550000000003,0,7.1688000000000001,0,0,0,0,0,0,0,0,0,0,0,0,0,0,0,0,0,0,0,0,0,0,0,0,0,0,0,0,0,0,0,0,0,0,0,0,0,0,0,0,0,0,0,0,0,0,0,0,0,0,0,0,0,0,0,0,0,0,0,0,0,0,0,0,0,0,0,0,0,0,0,0,0,0,0,0,0,0,0,0,0,0,0,0,0,0,0,0,0,0,null,null,null,null,null,null,null,null,null,null,null,null,null,null,null,null,null,null,null,null,null,null,null,null,null,null,null,null,null,null,null,null,null,null,null,null,null,null,null,null,null,null,null,null,null,null,null,null,null,null,null,null,null,null,null,null,null,null,null,null,null,null,null,null,null,null,null,null,null,null,null,null,null,null,null,null,null,null,null,null,null,null,null,null,null,null,null,null,null,null,null,null,null,null,null,null,null,null,null,null,null,null,null,null,null,null,null,null,null,null,null,null,null,null,null,null,null,null,null,null,null,null,null,null,null,null,null,null,null,null,null,null,null,null,null,"600284","CAIXA DE GORDURA PRE-MOLDADA V = 23,5 L","UN",0,0.89999999999999991,0,0,0,0,2.0024550000000003,0,7.1688000000000001]
["600284","CAIXA DE GORDURA PRE-MOLDADA V = 23,5 L","UN","600285","PLUG PVC BRANCO 075 MM - ESGOTO","UN","-",1,2.7814000000000001,2.7814000000000001,0,{"$f":"(SUMPRODUCT((PLANILHA_TAREFA[Ativo]=TRUE)*(PLANILHA_TAREFA[Qte Total])*(PLANILHA_TAREFA[Comp.]=A560)*PLANILHA_TAREFA[Quant.])+IF(ISERR(GETPIVOTDATA(\"Quant \",'Curva ABC - Insumos'!$A$3,\"Insumo\",A560)),0,GETPIVOTDATA(\"Quant \",'Curva ABC - Insumos'!$A$3,\"Insumo\",A560)))","v":0},0,0,0,0,0,0,0,0,0,0,0,0,0,0,0,0,0.4914,0,2.29,0,0,0,0,0,0,0,0,0,0,0,0,0,0,0,0,0,0,0,0,0,0,0,0,0,0,0,0,0,0,0,0,0,0,0,0,0,0,0,0,0,0,0,0,0,0,0,0,0,0,0,0,0,0,0,0,0,0,0,0,0,0,0,0,0,0,0,0,0,0,0,0,0,0,0,0,0,0,0,0,0,0,0,0,0,0,0,0,0,0,null,null,null,null,null,null,null,null,null,null,null,null,null,null,null,null,null,null,null,null,null,null,null,null,null,null,null,null,null,null,null,null,null,null,null,null,null,null,null,null,null,null,null,null,null,null,null,null,null,null,null,null,null,null,null,null,null,null,null,null,null,null,null,null,null,null,null,null,null,null,null,null,null,null,null,null,null,null,null,null,null,null,null,null,null,null,null,null,null,null,null,null,null,null,null,null,null,null,null,null,null,null,null,null,null,null,null,null,null,null,null,null,null,null,null,null,null,null,null,null,null,null,null,null,null,null,null,null,null,null,null,null,null,null,null,"600284","CAIXA DE GORDURA PRE-MOLDADA V = 23,5 L","UN",0,0,0,0,0,0,0.4914,0,2.29]
["600627","IMPERMEABILIZACAO C/ SIKATOP","M2","F20009","SERVENTE","H","M.O.",0.15,9.8279999999999994,1.4742,4.6680000000000001,{"$f":"(SUMPRODUCT((PLANILHA_TAREFA[Ativo]=TRUE)*(PLANILHA_TAREFA[Qte Total])*(PLANILHA_TAREFA[Comp.]=A565)*PLANILHA_TAREFA[Quant.])+IF(ISERR(GETPIVOTDATA(\"Quant \",'Curva ABC - Insumos'!$A$3,\"Insumo\",A565)),0,GETPIVOTDATA(\"Quant \",'Curva ABC - Insumos'!$A$3,\"Insumo\",A565)))","v":31.12},45.877103999999996,0,0,0,0,0,0,1.0783500000000001,0,0.40666666666666668,0,0,0,0,0,0,0,0,0,0,0,0,0,0,0,0,0,0,0,0,0,0,0,0,0,0,0,0,0,0,0,0,0,0,0,0,0,0,0,0,0,0,0,0,0,0,0,0,0,0,0,0,0,0,0,0,0,0,0,0,0,0,0,0,0,0,0,0,0,0,0,0,0,0,0,0,0,0,0,0,0,0,0,0,0,0,0,0,0,0,0,0,0,0,0,0,0,0,0,null,null,null,null,null,null,null,null,null,null,null,null,null,null,null,null,null,null,null,null,null,null,null,null,null,null,null,null,null,null,null,null,null,null,null,null,null,null,null,null,null,null,null,null,null,null,null,null,null,null,null,null,null,null,null,null,null,null,null,null,null,null,null,null,null,null,null,null,null,null,null,null,null,null,null,null,null,null,null,null,null,null,null,null,null,null,null,null,null,null,null,null,null,null,null,null,null,null,null,null,null,null,null,null,null,null,null,null,null,null,null,null,null,null,null,null,null,null,null,null,null,null,null,null,null,null,null,null,null,null,null,null,null,null,null,"600627","IMPERMEABILIZACAO C/ SIKATOP","M2",0,0,0,0,0,0,1.0783500000000001,0,0.40666666666666668]
["600961","VENEZIANA EM ACO GALVANIZADO DE CORRER LATERAL 1,80 X 1,10 M","UN","M10013","AREIA MEDIA","M3","Mat.",1.8499999999999999E-2,40,0.74,1.8499999999999999E-2,{"$f":"(SUMPRODUCT((PLANILHA_TAREFA[Ativo]=TRUE)*(PLANILHA_TAREFA[Qte Total])*(PLANILHA_TAREFA[Comp.]=A570)*PLANILHA_TAREFA[Quant.])+IF(ISERR(GETPIVOTDATA(\"Quant \",'Curva ABC - Insumos'!$A$3,\"Insumo\",A570)),0,GETPIVOTDATA(\"Quant \",'Curva ABC - Insumos'!$A$3,\"Insumo\",A570)))","v":1},0.74,0,0,0,0,0,0,9.9786960000000011,0,35.877033333333337,0,0,0,0,0,0,0,0,0,0,0,0,0,0,0,0,0,0,0,0,0,0,0,0,0,0,0,0,0,0,0,0,0,0,0,0,0,0,0,0,0,0,0,0,0,0,0,0,0,0,0,0,0,0,0,0,0,0,0,0,0,0,0,0,0,0,0,0,0,0,0,0,0,0,0,0,0,0,0,0,0,0,0,0,0,0,0,0,0,0,0,0,0,0,0,0,0,0,0,null,null,null,null,null,null,null,null,null,null,null,null,null,null,null,null,null,null,null,null,null,null,null,null,null,null,null,null,null,null,null,null,null,null,null,null,null,null,null,null,null,null,null,null,null,null,null,null,null,null,null,null,null,null,null,null,null,null,null,null,null,null,null,null,null,null,null,null,null,null,null,null,null,null,null,null,null,null,null,null,null,null,null,null,null,null,null,null,null,null,null,null,null,null,null,null,null,null,null,null,null,null,null,null,null,null,null,null,null,null,null,null,null,null,null,null,null,null,null,null,null,null,null,null,null,null,null,null,null,null,null,null,null,null,null,"600961","VENEZIANA EM ACO GALVANIZADO DE CORRER LATERAL 1,80 X 1,10 M","UN",0,0,0,0,0,0,9.9786960000000011,0,35.877033333333337]
["600961","VENEZIANA EM ACO GALVANIZADO DE CORRER LATERAL 1,80 X 1,10 M","UN","M10018","CAL HIDRATADA","KG","Mat.",1.3859999999999999,0.43,0.59597999999999995,1.3859999999999999,{"$f":"(SUMPRODUCT((PLANILHA_TAREFA[Ativo]=TRUE)*(PLANILHA_TAREFA[Qte Total])*(PLANILHA_TAREFA[Comp.]=A571)*PLANILHA_TAREFA[Quant.])+IF(ISERR(GETPIVOTDATA(\"Quant \",'Curva ABC - Insumos'!$A$3,\"Insumo\",A571)),0,GETPIVOTDATA(\"Quant \",'Curva ABC - Insumos'!$A$3,\"Insumo\",A571)))","v":1},0.59597999999999995,0,0,0,0,0,0,9.9786960000000011,0,35.877033333333337,0,0,0,0,0,0,0,0,0,0,0,0,0,0,0,0,0,0,0,0,0,0,0,0,0,0,0,0,0,0,0,0,0,0,0,0,0,0,0,0,0,0,0,0,0,0,0,0,0,0,0,0,0,0,0,0,0,0,0,0,0,0,0,0,0,0,0,0,0,0,0,0,0,0,0,0,0,0,0,0,0,0,0,0,0,0,0,0,0,0,0,0,0,0,0,0,0,0,0,null,null,null,null,null,null,null,null,null,null,null,null,null,null,null,null,null,null,null,null,null,null,null,null,null,null,null,null,null,null,null,null,null,null,null,null,null,null,null,null,null,null,null,null,null,null,null,null,null,null,null,null,null,null,null,null,null,null,null,null,null,null,null,null,null,null,null,null,null,null,null,null,null,null,null,null,null,null,null,null,null,null,null,null,null,null,null,null,null,null,null,null,null,null,null,null,null,null,null,null,null,null,null,null,null,null,null,null,null,null,null,null,null,null,null,null,null,null,null,null,null,null,null,null,null,null,null,null,null,null,null,null,null,null,null,"600961","VENEZIANA EM ACO GALVANIZADO DE CORRER LATERAL 1,80 X 1,10 M","UN",0,0,0,0,0,0,9.9786960000000011,0,35.877033333333337]
["601051","VITRO MAXIM-AR EM ACO GALVANIZADO 1 FOLHA MOVEL (0,80X0,60M)","UN","M10013","AREIA MEDIA","M3","Mat.",2.3E-3,40,9.1999999999999998E-2,2.3E-3,{"$f":"(SUMPRODUCT((PLANILHA_TAREFA[Ativo]=TRUE)*(PLANILHA_TAREFA[Qte Total])*(PLANILHA_TAREFA[Comp.]=A576)*PLANILHA_TAREFA[Quant.])+IF(ISERR(GETPIVOTDATA(\"Quant \",'Curva ABC - Insumos'!$A$3,\"Insumo\",A576)),0,GETPIVOTDATA(\"Quant \",'Curva ABC - Insumos'!$A$3,\"Insumo\",A576)))","v":1},9.1999999999999998E-2,0,0,0,0,0,0,3.6409100000000003,0,19.234083333333334,0,0,0,0,0,0,0,0,0,0,0,0,0,0,0,0,0,0,0,0,0,0,0,0,0,0,0,0,0,0,0,0,0,0,0,0,0,0,0,0,0,0,0,0,0,0,0,0,0,0,0,0,0,0,0,0,0,0,0,0,0,0,0,0,0,0,0,0,0,0,0,0,0,0,0,0,0,0,0,0,0,0,0,0,0,0,0,0,0,0,0,0,0,0,0,0,0,0,0,null,null,null,null,null,null,null,null,null,null,null,null,null,null,null,null,null,null,null,null,null,null,null,null,null,null,null,null,null,null,null,null,null,null,null,null,null,null,null,null,null,null,null,null,null,null,null,null,null,null,null,null,null,null,null,null,null,null,null,null,null,null,null,null,null,null,null,null,null,null,null,null,null,null,null,null,null,null,null,null,null,null,null,null,null,null,null,null,null,null,null,null,null,null,null,null,null,null,null,null,null,null,null,null,null,null,null,null,null,null,null,null,null,null,null,null,null,null,null,null,null,null,null,null,null,null,null,null,null,null,null,null,null,null,null,"601051","VITRO MAXIM-AR EM ACO GALVANIZADO 1 FOLHA MOVEL (0,80X0,60M)","UN",0,0,0,0,0,0,3.6409100000000003,0,19.234083333333334]
["601051","VITRO MAXIM-AR EM ACO GALVANIZADO 1 FOLHA MOVEL (0,80X0,60M)","UN","F20007","PEDREIRO","H","M.O.",1.3,11.739000000000001,15.260700000000002,1.3,{"$f":"(SUMPRODUCT((PLANILHA_TAREFA[Ativo]=TRUE)*(PLANILHA_TAREFA[Qte Total])*(PLANILHA_TAREFA[Comp.]=A579)*PLANILHA_TAREFA[Quant.])+IF(ISERR(GETPIVOTDATA(\"Quant \",'Curva ABC - Insumos'!$A$3,\"Insumo\",A579)),0,GETPIVOTDATA(\"Quant \",'Curva ABC - Insumos'!$A$3,\"Insumo\",A579)))","v":1},15.260700000000002,0,0,0,0,0,0,3.6409100000000003,0,19.234083333333334,0,0,0,0,0,0,0,0,0,0,0,0,0,0,0,0,0,0,0,0,0,0,0,0,0,0,0,0,0,0,0,0,0,0,0,0,0,0,0,0,0,0,0,0,0,0,0,0,0,0,0,0,0,0,0,0,0,0,0,0,0,0,0,0,0,0,0,0,0,0,0,0,0,0,0,0,0,0,0,0,0,0,0,0,0,0,0,0,0,0,0,0,0,0,0,0,0,0,0,null,null,null,null,null,null,null,null,null,null,null,null,null,null,null,null,null,null,null,null,null,null,null,null,null,null,null,null,null,null,null,null,null,null,null,null,null,null,null,null,null,null,null,null,null,null,null,null,null,null,null,null,null,null,null,null,null,null,null,null,null,null,null,null,null,null,null,null,null,null,null,null,null,null,null,null,null,null,null,null,null,null,null,null,null,null,null,null,null,null,null,null,null,null,null,null,null,null,null,null,null,null,null,null,null,null,null,null,null,null,null,null,null,null,null,null,null,null,null,null,null,null,null,null,null,null,null,null,null,null,null,null,null,null,null,"601051","VITRO MAXIM-AR EM ACO GALVANIZADO 1 FOLHA MOVEL (0,80X0,60M)","UN",0,0,0,0,0,0,3.6409100000000003,0,19.234083333333334]
["601063","SOLEIRA DE ARDOSIA E=2CM L=15CM","MT","F20007","PEDREIRO","H","M.O.",0.4,11.739000000000001,4.6956000000000007,0.64000000000000012,{"$f":"(SUMPRODUCT((PLANILHA_TAREFA[Ativo]=TRUE)*(PLANILHA_TAREFA[Qte Total])*(PLANILHA_TAREFA[Comp.]=A585)*PLANILHA_TAREFA[Quant.])+IF(ISERR(GETPIVOTDATA(\"Quant \",'Curva ABC - Insumos'!$A$3,\"Insumo\",A585)),0,GETPIVOTDATA(\"Quant \",'Curva ABC - Insumos'!$A$3,\"Insumo\",A585)))","v":1.6},7.5129600000000023,0,0,0,0,0,0,1.2885600000000001,0,1.7852428571428571,0,0,0,0,0,0,0,0,0,0,0,0,0,0,0,0,0,0,0,0,0,0,0,0,0,0,0,0,0,0,0,0,0,0,0,0,0,0,0,0,0,0,0,0,0,0,0,0,0,0,0,0,0,0,0,0,0,0,0,0,0,0,0,0,0,0,0,0,0,0,0,0,0,0,0,0,0,0,0,0,0,0,0,0,0,0,0,0,0,0,0,0,0,0,0,0,0,0,0,null,null,null,null,null,null,null,null,null,null,null,null,null,null,null,null,null,null,null,null,null,null,null,null,null,null,null,null,null,null,null,null,null,null,null,null,null,null,null,null,null,null,null,null,null,null,null,null,null,null,null,null,null,null,null,null,null,null,null,null,null,null,null,null,null,null,null,null,null,null,null,null,null,null,null,null,null,null,null,null,null,null,null,null,null,null,null,null,null,null,null,null,null,null,null,null,null,null,null,null,null,null,null,null,null,null,null,null,null,null,null,null,null,null,null,null,null,null,null,null,null,null,null,null,null,null,null,null,null,null,null,null,null,null,null,"601063","SOLEIRA DE ARDOSIA E=2CM L=15CM","MT",0,0,0,0,0,0,1.2885600000000001,0,1.7852428571428571]
["601063","SOLEIRA DE ARDOSIA E=2CM L=15CM","MT","M10082","IMPERMEABILIZANTE - VEDACIT","L","Mat.",0.06,1.89,0.11339999999999999,9.6000000000000002E-2,{"$f":"(SUMPRODUCT((PLANILHA_TAREFA[Ativo]=TRUE)*(PLANILHA_TAREFA[Qte Total])*(PLANILHA_TAREFA[Comp.]=A586)*PLANILHA_TAREFA[Quant.])+IF(ISERR(GETPIVOTDATA(\"Quant \",'Curva ABC - Insumos'!$A$3,\"Insumo\",A586)),0,GETPIVOTDATA(\"Quant \",'Curva ABC - Insumos'!$A$3,\"Insumo\",A586)))","v":1.6},0.18143999999999999,0,0,0,0,0,0,1.2885600000000001,0,1.7852428571428571,0,0,0,0,0,0,0,0,0,0,0,0,0,0,0,0,0,0,0,0,0,0,0,0,0,0,0,0,0,0,0,0,0,0,0,0,0,0,0,0,0,0,0,0,0,0,0,0,0,0,0,0,0,0,0,0,0,0,0,0,0,0,0,0,0,0,0,0,0,0,0,0,0,0,0,0,0,0,0,0,0,0,0,0,0,0,0,0,0,0,0,0,0,0,0,0,0,0,0,null,null,null,null,null,null,null,null,null,null,null,null,null,null,null,null,null,null,null,null,null,null,null,null,null,null,null,null,null,null,null,null,null,null,null,null,null,null,null,null,null,null,null,null,null,null,null,null,null,null,null,null,null,null,null,null,null,null,null,null,null,null,null,null,null,null,null,null,null,null,null,null,null,null,null,null,null,null,null,null,null,null,null,null,null,null,null,null,null,null,null,null,null,null,null,null,null,null,null,null,null,null,null,null,null,null,null,null,null,null,null,null,null,null,null,null,null,null,null,null,null,null,null,null,null,null,null,null,null,null,null,null,null,null,null,"601063","SOLEIRA DE ARDOSIA E=2CM L=15CM","MT",0,0,0,0,0,0,1.2885600000000001,0,1.7852428571428571]
["601077","BIT DE ARDOSIA E=2CM L=4CM","MT","F20007","PEDREIRO","H","M.O.",0.4,11.739000000000001,4.6956000000000007,0.82,{"$f":"(SUMPRODUCT((PLANILHA_TAREFA[Ativo]=TRUE)*(PLANILHA_TAREFA[Qte Total])*(PLANILHA_TAREFA[Comp.]=A591)*PLANILHA_TAREFA[Quant.])+IF(ISERR(GETPIVOTDATA(\"Quant \",'Curva ABC - Insumos'!$A$3,\"Insumo\",A591)),0,GETPIVOTDATA(\"Quant \",'Curva ABC - Insumos'!$A$3,\"Insumo\",A591)))","v":2.0499999999999998},9.6259800000000002,0,0,0,0,0,0,1.2885600000000001,0,0.52904285714285715,0,0,0,0,0,0,0,0,0,0,0,0,0,0,0,0,0,0,0,0,0,0,0,0,0,0,0,0,0,0,0,0,0,0,0,0,0,0,0,0,0,0,0,0,0,0,0,0,0,0,0,0,0,0,0,0,0,0,0,0,0,0,0,0,0,0,0,0,0,0,0,0,0,0,0,0,0,0,0,0,0,0,0,0,0,0,0,0,0,0,0,0,0,0,0,0,0,0,0,null,null,null,null,null,null,null,null,null,null,null,null,null,null,null,null,null,null,null,null,null,null,null,null,null,null,null,null,null,null,null,null,null,null,null,null,null,null,null,null,null,null,null,null,null,null,null,null,null,null,null,null,null,null,null,null,null,null,null,null,null,null,null,null,null,null,null,null,null,null,null,null,null,null,null,null,null,null,null,null,null,null,null,null,null,null,null,null,null,null,null,null,null,null,null,null,null,null,null,null,null,null,null,null,null,null,null,null,null,null,null,null,null,null,null,null,null,null,null,null,null,null,null,null,null,null,null,null,null,null,null,null,null,null,null,"601077","BIT DE ARDOSIA E=2CM L=4CM","MT",0,0,0,0,0,0,1.2885600000000001,0,0.52904285714285715]
["611154","ESTRUTURA METALICA P/ TELHA  CERAMICA (EQUIP. COMUNITARIOS)","M2","M91402","ESTRUTURA METALICA P/ TELHA DE CERAMICA (EQUIPAMENTOS COMUNITARIOS)","M2","Mat.",1,80,80,56.03,{"$f":"(SUMPRODUCT((PLANILHA_TAREFA[Ativo]=TRUE)*(PLANILHA_TAREFA[Qte Total])*(PLANILHA_TAREFA[Comp.]=A596)*PLANILHA_TAREFA[Quant.])+IF(ISERR(GETPIVOTDATA(\"Quant \",'Curva ABC - Insumos'!$A$3,\"Insumo\",A596)),0,GETPIVOTDATA(\"Quant \",'Curva ABC - Insumos'!$A$3,\"Insumo\",A596)))","v":56.03},4482.3999999999996,0,0,0,0,0,0,0,0,80,0,0,0,0,0,0,0,0,0,0,0,0,0,0,0,0,0,0,0,0,0,0,0,0,0,0,0,0,0,0,0,0,0,0,0,0,0,0,0,0,0,0,0,0,0,0,0,0,0,0,0,0,0,0,0,0,0,0,0,0,0,0,0,0,0,0,0,0,0,0,0,0,0,0,0,0,0,0,0,0,0,0,0,0,0,0,0,0,0,0,0,0,0,0,0,0,0,0,0,null,null,null,null,null,null,null,null,null,null,null,null,null,null,null,null,null,null,null,null,null,null,null,null,null,null,null,null,null,null,null,null,null,null,null,null,null,null,null,null,null,null,null,null,null,null,null,null,null,null,null,null,null,null,null,null,null,null,null,null,null,null,null,null,null,null,null,null,null,null,null,null,null,null,null,null,null,null,null,null,null,null,null,null,null,null,null,null,null,null,null,null,null,null,null,null,null,null,null,null,null,null,null,null,null,null,null,null,null,null,null,null,null,null,null,null,null,null,null,null,null,null,null,null,null,null,null,null,null,null,null,null,null,null,null,"611154","ESTRUTURA METALICA P/ TELHA  CERAMICA (EQUIP. COMUNITARIOS)","M2",0,0,0,0,0,0,0,0,80]
["611364","VITRO ACO GALVANIZADO DE CORRER LATERAL 2,00 X 1,10 M","UN","F20009","SERVENTE","H","M.O.",2.0390000000000001,9.8279999999999994,20.039292,2.0390000000000001,{"$f":"(SUMPRODUCT((PLANILHA_TAREFA[Ativo]=TRUE)*(PLANILHA_TAREFA[Qte Total])*(PLANILHA_TAREFA[Comp.]=A601)*PLANILHA_TAREFA[Quant.])+IF(ISERR(GETPIVOTDATA(\"Quant \",'Curva ABC - Insumos'!$A$3,\"Insumo\",A601)),0,GETPIVOTDATA(\"Quant \",'Curva ABC - Insumos'!$A$3,\"Insumo\",A601)))","v":1},20.039292,0,0,0,0,0,0,11.087622000000001,0,18.940393333333333,0,0,0,0,0,0,0,0,0,0,0,0,0,0,0,0,0,0,0,0,0,0,0,0,0,0,0,0,0,0,0,0,0,0,0,0,0,0,0,0,0,0,0,0,0,0,0,0,0,0,0,0,0,0,0,0,0,0,0,0,0,0,0,0,0,0,0,0,0,0,0,0,0,0,0,0,0,0,0,0,0,0,0,0,0,0,0,0,0,0,0,0,0,0,0,0,0,0,0,null,null,null,null,null,null,null,null,null,null,null,null,null,null,null,null,null,null,null,null,null,null,null,null,null,null,null,null,null,null,null,null,null,null,null,null,null,null,null,null,null,null,null,null,null,null,null,null,null,null,null,null,null,null,null,null,null,null,null,null,null,null,null,null,null,null,null,null,null,null,null,null,null,null,null,null,null,null,null,null,null,null,null,null,null,null,null,null,null,null,null,null,null,null,null,null,null,null,null,null,null,null,null,null,null,null,null,null,null,null,null,null,null,null,null,null,null,null,null,null,null,null,null,null,null,null,null,null,null,null,null,null,null,null,null,"611364","VITRO ACO GALVANIZADO DE CORRER LATERAL 2,00 X 1,10 M","UN",0,0,0,0,0,0,11.087622000000001,0,18.940393333333333]
["611364","VITRO ACO GALVANIZADO DE CORRER LATERAL 2,00 X 1,10 M","UN","M91156-1","VITRO ACO GALVANIZADO DE CORRER LATERAL 2,00 X 1,10 M","UN","Mat.",1,110,110,1,{"$f":"(SUMPRODUCT((PLANILHA_TAREFA[Ativo]=TRUE)*(PLANILHA_TAREFA[Qte Total])*(PLANILHA_TAREFA[Comp.]=A602)*PLANILHA_TAREFA[Quant.])+IF(ISERR(GETPIVOTDATA(\"Quant \",'Curva ABC - Insumos'!$A$3,\"Insumo\",A602)),0,GETPIVOTDATA(\"Quant \",'Curva ABC - Insumos'!$A$3,\"Insumo\",A602)))","v":1},110,0,0,0,0,0,0,11.087622000000001,0,18.940393333333333,0,0,0,0,0,0,0,0,0,0,0,0,0,0,0,0,0,0,0,0,0,0,0,0,0,0,0,0,0,0,0,0,0,0,0,0,0,0,0,0,0,0,0,0,0,0,0,0,0,0,0,0,0,0,0,0,0,0,0,0,0,0,0,0,0,0,0,0,0,0,0,0,0,0,0,0,0,0,0,0,0,0,0,0,0,0,0,0,0,0,0,0,0,0,0,0,0,0,0,null,null,null,null,null,null,null,null,null,null,null,null,null,null,null,null,null,null,null,null,null,null,null,null,null,null,null,null,null,null,null,null,null,null,null,null,null,null,null,null,null,null,null,null,null,null,null,null,null,null,null,null,null,null,null,null,null,null,null,null,null,null,null,null,null,null,null,null,null,null,null,null,null,null,null,null,null,null,null,null,null,null,null,null,null,null,null,null,null,null,null,null,null,null,null,null,null,null,null,null,null,null,null,null,null,null,null,null,null,null,null,null,null,null,null,null,null,null,null,null,null,null,null,null,null,null,null,null,null,null,null,null,null,null,null,"611364","VITRO ACO GALVANIZADO DE CORRER LATERAL 2,00 X 1,10 M","UN",0,0,0,0,0,0,11.087622000000001,0,18.940393333333333]
["611365","LIGACAO DOMICILIAR - AGUA POTAVEL","UN","M16243","JOELHO 90º00' - PVC SOLDAVEL - 2B - DE - 025 MM - AGUA FRIA","UN","Mat.",1,0.28000000000000003,0.28000000000000003,1,{"$f":"(SUMPRODUCT((PLANILHA_TAREFA[Ativo]=TRUE)*(PLANILHA_TAREFA[Qte Total])*(PLANILHA_TAREFA[Comp.]=A607)*PLANILHA_TAREFA[Quant.])+IF(ISERR(GETPIVOTDATA(\"Quant \",'Curva ABC - Insumos'!$A$3,\"Insumo\",A607)),0,GETPIVOTDATA(\"Quant \",'Curva ABC - Insumos'!$A$3,\"Insumo\",A607)))","v":1},0.28000000000000003,0,0,0,0,0,0,14.071399999999999,0,3.8771666666666662,0,0,0,0,0,0,0,0,0,0,0,0,0,0,0,0,0,0,0,0,0,0,0,0,0,0,0,0,0,0,0,0,0,0,0,0,0,0,0,0,0,0,0,0,0,0,0,0,0,0,0,0,0,0,0,0,0,0,0,0,0,0,0,0,0,0,0,0,0,0,0,0,0,0,0,0,0,0,0,0,0,0,0,0,0,0,0,0,0,0,0,0,0,0,0,0,0,0,0,null,null,null,null,null,null,null,null,null,null,null,null,null,null,null,null,null,null,null,null,null,null,null,null,null,null,null,null,null,null,null,null,null,null,null,null,null,null,null,null,null,null,null,null,null,null,null,null,null,null,null,null,null,null,null,null,null,null,null,null,null,null,null,null,null,null,null,null,null,null,null,null,null,null,null,null,null,null,null,null,null,null,null,null,null,null,null,null,null,null,null,null,null,null,null,null,null,null,null,null,null,null,null,null,null,null,null,null,null,null,null,null,null,null,null,null,null,null,null,null,null,null,null,null,null,null,null,null,null,null,null,null,null,null,null,"611365","LIGACAO DOMICILIAR - AGUA POTAVEL","UN",0,0,0,0,0,0,14.071399999999999,0,3.8771666666666662]
["611366","LIGACAO DOMICILIAR - ESGOTO SANITARIO","UN","F20005","ENCANADOR ","H","M.O.",{"$f":"0.35+0.25+0.24*15.15","v":4.2359999999999998},12.39,52.48404,4.2359999999999998,{"$f":"(SUMPRODUCT((PLANILHA_TAREFA[Ativo]=TRUE)*(PLANILHA_TAREFA[Qte Total])*(PLANILHA_TAREFA[Comp.]=A610)*PLANILHA_TAREFA[Quant.])+IF(ISERR(GETPIVOTDATA(\"Quant \",'Curva ABC - Insumos'!$A$3,\"Insumo\",A610)),0,GETPIVOTDATA(\"Quant \",'Curva ABC - Insumos'!$A$3,\"Insumo\",A610)))","v":1},52.48404,0,0,0,0,0,0,18.823089599999996,0,41.458500000000001,0,0,0,0,0,0,0,0,0,0,0,0,0,0,0,0,0,0,0,0,0,0,0,0,0,0,0,0,0,0,0,0,0,0,0,0,0,0,0,0,0,0,0,0,0,0,0,0,0,0,0,0,0,0,0,0,0,0,0,0,0,0,0,0,0,0,0,0,0,0,0,0,0,0,0,0,0,0,0,0,0,0,0,0,0,0,0,0,0,0,0,0,0,0,0,0,0,0,0,null,null,null,null,null,null,null,null,null,null,null,null,null,null,null,null,null,null,null,null,null,null,null,null,null,null,null,null,null,null,null,null,null,null,null,null,null,null,null,null,null,null,null,null,null,null,null,null,null,null,null,null,null,null,null,null,null,null,null,null,null,null,null,null,null,null,null,null,null,null,null,null,null,null,null,null,null,null,null,null,null,null,null,null,null,null,null,null,null,null,null,null,null,null,null,null,null,null,null,null,null,null,null,null,null,null,null,null,null,null,null,null,null,null,null,null,null,null,null,null,null,null,null,null,null,null,null,null,null,null,null,null,null,null,null,"611366","LIGACAO DOMICILIAR - ESGOTO SANITARIO","UN",0,0,0,0,0,0,18.823089599999996,0,41.458500000000001]
["611366","LIGACAO DOMICILIAR - ESGOTO SANITARIO","UN","M16412","TUBO - PVC VINILFORT (OCRE) JEI - PB - DE - 100 MM - ESGOTO","MT","Mat.",{"$f":"15*1.01","v":15.15},11.95,181.04249999999999,15.15,{"$f":"(SUMPRODUCT((PLANILHA_TAREFA[Ativo]=TRUE)*(PLANILHA_TAREFA[Qte Total])*(PLANILHA_TAREFA[Comp.]=A611)*PLANILHA_TAREFA[Quant.])+IF(ISERR(GETPIVOTDATA(\"Quant \",'Curva ABC - Insumos'!$A$3,\"Insumo\",A611)),0,GETPIVOTDATA(\"Quant \",'Curva ABC - Insumos'!$A$3,\"Insumo\",A611)))","v":1},181.04249999999999,0,0,0,0,0,0,18.823089599999996,0,41.458500000000001,0,0,0,0,0,0,0,0,0,0,0,0,0,0,0,0,0,0,0,0,0,0,0,0,0,0,0,0,0,0,0,0,0,0,0,0,0,0,0,0,0,0,0,0,0,0,0,0,0,0,0,0,0,0,0,0,0,0,0,0,0,0,0,0,0,0,0,0,0,0,0,0,0,0,0,0,0,0,0,0,0,0,0,0,0,0,0,0,0,0,0,0,0,0,0,0,0,0,0,null,null,null,null,null,null,null,null,null,null,null,null,null,null,null,null,null,null,null,null,null,null,null,null,null,null,null,null,null,null,null,null,null,null,null,null,null,null,null,null,null,null,null,null,null,null,null,null,null,null,null,null,null,null,null,null,null,null,null,null,null,null,null,null,null,null,null,null,null,null,null,null,null,null,null,null,null,null,null,null,null,null,null,null,null,null,null,null,null,null,null,null,null,null,null,null,null,null,null,null,null,null,null,null,null,null,null,null,null,null,null,null,null,null,null,null,null,null,null,null,null,null,null,null,null,null,null,null,null,null,null,null,null,null,null,"611366","LIGACAO DOMICILIAR - ESGOTO SANITARIO","UN",0,0,0,0,0,0,18.823089599999996,0,41.458500000000001]
["611366","LIGACAO DOMICILIAR - ESGOTO SANITARIO","UN","M16417","SELIM ELASTICO 90°00' - PVC VINILFORT (OCRE) - DE - 150 X 100 MM - ESGOTO","UN","Mat.",1,15.75,15.75,1,{"$f":"(SUMPRODUCT((PLANILHA_TAREFA[Ativo]=TRUE)*(PLANILHA_TAREFA[Qte Total])*(PLANILHA_TAREFA[Comp.]=A612)*PLANILHA_TAREFA[Quant.])+IF(ISERR(GETPIVOTDATA(\"Quant \",'Curva ABC - Insumos'!$A$3,\"Insumo\",A612)),0,GETPIVOTDATA(\"Quant \",'Curva ABC - Insumos'!$A$3,\"Insumo\",A612)))","v":1},15.75,0,0,0,0,0,0,18.823089599999996,0,41.458500000000001,0,0,0,0,0,0,0,0,0,0,0,0,0,0,0,0,0,0,0,0,0,0,0,0,0,0,0,0,0,0,0,0,0,0,0,0,0,0,0,0,0,0,0,0,0,0,0,0,0,0,0,0,0,0,0,0,0,0,0,0,0,0,0,0,0,0,0,0,0,0,0,0,0,0,0,0,0,0,0,0,0,0,0,0,0,0,0,0,0,0,0,0,0,0,0,0,0,0,0,null,null,null,null,null,null,null,null,null,null,null,null,null,null,null,null,null,null,null,null,null,null,null,null,null,null,null,null,null,null,null,null,null,null,null,null,null,null,null,null,null,null,null,null,null,null,null,null,null,null,null,null,null,null,null,null,null,null,null,null,null,null,null,null,null,null,null,null,null,null,null,null,null,null,null,null,null,null,null,null,null,null,null,null,null,null,null,null,null,null,null,null,null,null,null,null,null,null,null,null,null,null,null,null,null,null,null,null,null,null,null,null,null,null,null,null,null,null,null,null,null,null,null,null,null,null,null,null,null,null,null,null,null,null,null,"611366","LIGACAO DOMICILIAR - ESGOTO SANITARIO","UN",0,0,0,0,0,0,18.823089599999996,0,41.458500000000001]
["611366","LIGACAO DOMICILIAR - ESGOTO SANITARIO","UN","M11177","CURVA 45º00' CURTA - PVC VINILFORT (OCRE) - PB-JEI - DE - 100 MM - ESGOTO","UN","Mat.",1,10.5,10.5,1,{"$f":"(SUMPRODUCT((PLANILHA_TAREFA[Ativo]=TRUE)*(PLANILHA_TAREFA[Qte Total])*(PLANILHA_TAREFA[Comp.]=A613)*PLANILHA_TAREFA[Quant.])+IF(ISERR(GETPIVOTDATA(\"Quant \",'Curva ABC - Insumos'!$A$3,\"Insumo\",A613)),0,GETPIVOTDATA(\"Quant \",'Curva ABC - Insumos'!$A$3,\"Insumo\",A613)))","v":1},10.5,0,0,0,0,0,0,18.823089599999996,0,41.458500000000001,0,0,0,0,0,0,0,0,0,0,0,0,0,0,0,0,0,0,0,0,0,0,0,0,0,0,0,0,0,0,0,0,0,0,0,0,0,0,0,0,0,0,0,0,0,0,0,0,0,0,0,0,0,0,0,0,0,0,0,0,0,0,0,0,0,0,0,0,0,0,0,0,0,0,0,0,0,0,0,0,0,0,0,0,0,0,0,0,0,0,0,0,0,0,0,0,0,0,0,null,null,null,null,null,null,null,null,null,null,null,null,null,null,null,null,null,null,null,null,null,null,null,null,null,null,null,null,null,null,null,null,null,null,null,null,null,null,null,null,null,null,null,null,null,null,null,null,null,null,null,null,null,null,null,null,null,null,null,null,null,null,null,null,null,null,null,null,null,null,null,null,null,null,null,null,null,null,null,null,null,null,null,null,null,null,null,null,null,null,null,null,null,null,null,null,null,null,null,null,null,null,null,null,null,null,null,null,null,null,null,null,null,null,null,null,null,null,null,null,null,null,null,null,null,null,null,null,null,null,null,null,null,null,null,"611366","LIGACAO DOMICILIAR - ESGOTO SANITARIO","UN",0,0,0,0,0,0,18.823089599999996,0,41.458500000000001]
[null,null,null,null,{"$error":"#N/A"},{"$error":"#N/A"},"-",null,{"$error":"#REF!"},0,0,{"$f":"(SUMPRODUCT((PLANILHA_TAREFA[Ativo]=TRUE)*(PLANILHA_TAREFA[Qte Total])*(PLANILHA_TAREFA[Comp.]=A614)*PLANILHA_TAREFA[Quant.])+IF(ISERR(GETPIVOTDATA(\"Quant \",'Curva ABC - Insumos'!$A$3,\"Insumo\",A614)),0,GETPIVOTDATA(\"Quant \",'Curva ABC - Insumos'!$A$3,\"Insumo\",A614)))","v":1},0,0,0,0,0,0,0,0,0,0,0,0,0,0,0,0,0,0,0,0,0,0,0,0,0,0,0,0,0,0,0,0,0,0,0,0,0,0,0,0,0,0,0,0,0,0,0,0,0,0,0,0,0,0,0,0,0,0,0,0,0,0,0,0,0,0,0,0,0,0,0,0,0,0,0,0,0,0,0,0,0,0,0,0,0,0,0,0,0,0,0,0,0,0,0,0,0,0,0,0,0,0,0,0,0,0,0,0,0,null,null,null,null,null,null,null,null,null,null,null,null,null,null,null,null,null,null,null,null,null,null,null,null,null,null,null,null,null,null,null,null,null,null,null,null,null,null,null,null,null,null,null,null,null,null,null,null,null,null,null,null,null,null,null,null,null,null,null,null,null,null,null,null,null,null,null,null,null,null,null,null,null,null,null,null,null,null,null,null,null,null,null,null,null,null,null,null,null,null,null,null,null,null,null,null,null,null,null,null,null,null,null,null,null,null,null,null,null,null,null,null,null,null,null,null,null,null,null,null,null,null,null,null,null,null,null,null,null,null,null,null,null,null,null,0,0,0,0,0,0,0,0,0,0,0,0]
[null,null,null,null,{"$error":"#N/A"},{"$error":"#N/A"},"-",null,{"$error":"#REF!"},0,0,{"$f":"(SUMPRODUCT((PLANILHA_TAREFA[Ativo]=TRUE)*(PLANILHA_TAREFA[Qte Total])*(PLANILHA_TAREFA[Comp.]=A615)*PLANILHA_TAREFA[Quant.])+IF(ISERR(GETPIVOTDATA(\"Quant \",'Curva ABC - Insumos'!$A$3,\"Insumo\",A615)),0,GETPIVOTDATA(\"Quant \",'Curva ABC - Insumos'!$A$3,\"Insumo\",A615)))","v":1},0,0,0,0,0,0,0,0,0,0,0,0,0,0,0,0,0,0,0,0,0,0,0,0,0,0,0,0,0,0,0,0,0,0,0,0,0,0,0,0,0,0,0,0,0,0,0,0,0,0,0,0,0,0,0,0,0,0,0,0,0,0,0,0,0,0,0,0,0,0,0,0,0,0,0,0,0,0,0,0,0,0,0,0,0,0,0,0,0,0,0,0,0,0,0,0,0,0,0,0,0,0,0,0,0,0,0,0,0,null,null,null,null,null,null,null,null,null,null,null,null,null,null,null,null,null,null,null,null,null,null,null,null,null,null,null,null,null,null,null,null,null,null,null,null,null,null,null,null,null,null,null,null,null,null,null,null,null,null,null,null,null,null,null,null,null,null,null,null,null,null,null,null,null,null,null,null,null,null,null,null,null,null,null,null,null,null,null,null,null,null,null,null,null,null,null,null,null,null,null,null,null,null,null,null,null,null,null,null,null,null,null,null,null,null,null,null,null,null,null,null,null,null,null,null,null,null,null,null,null,null,null,null,null,null,null,null,null,null,null,null,null,null,null,0,0,0,0,0,0,0,0,0,0,0,0]
[null,null,null,null,{"$error":"#N/A"},{"$error":"#N/A"},"-",null,{"$error":"#REF!"},0,0,{"$f":"(SUMPRODUCT((PLANILHA_TAREFA[Ativo]=TRUE)*(PLANILHA_TAREFA[Qte Total])*(PLANILHA_TAREFA[Comp.]=A616)*PLANILHA_TAREFA[Quant.])+IF(ISERR(GETPIVOTDATA(\"Quant \",'Curva ABC - Insumos'!$A$3,\"Insumo\",A616)),0,GETPIVOTDATA(\"Quant \",'Curva ABC - Insumos'!$A$3,\"Insumo\",A616)))","v":1},0,0,0,0,0,0,0,0,0,0,0,0,0,0,0,0,0,0,0,0,0,0,0,0,0,0,0,0,0,0,0,0,0,0,0,0,0,0,0,0,0,0,0,0,0,0,0,0,0,0,0,0,0,0,0,0,0,0,0,0,0,0,0,0,0,0,0,0,0,0,0,0,0,0,0,0,0,0,0,0,0,0,0,0,0,0,0,0,0,0,0,0,0,0,0,0,0,0,0,0,0,0,0,0,0,0,0,0,0,null,null,null,null,null,null,null,null,null,null,null,null,null,null,null,null,null,null,null,null,null,null,null,null,null,null,null,null,null,null,null,null,null,null,null,null,null,null,null,null,null,null,null,null,null,null,null,null,null,null,null,null,null,null,null,null,null,null,null,null,null,null,null,null,null,null,null,null,null,null,null,null,null,null,null,null,null,null,null,null,null,null,null,null,null,null,null,null,null,null,null,null,null,null,null,null,null,null,null,null,null,null,null,null,null,null,null,null,null,null,null,null,null,null,null,null,null,null,null,null,null,null,null,null,null,null,null,null,null,null,null,null,null,null,null,0,0,0,0,0,0,0,0,0,0,0,0]
[null,null,null,null,{"$error":"#N/A"},{"$error":"#N/A"},"-",null,{"$error":"#REF!"},0,0,{"$f":"(SUMPRODUCT((PLANILHA_TAREFA[Ativo]=TRUE)*(PLANILHA_TAREFA[Qte Total])*(PLANILHA_TAREFA[Comp.]=A617)*PLANILHA_TAREFA[Quant.])+IF(ISERR(GETPIVOTDATA(\"Quant \",'Curva ABC - Insumos'!$A$3,\"Insumo\",A617)),0,GETPIVOTDATA(\"Quant \",'Curva ABC - Insumos'!$A$3,\"Insumo\",A617)))","v":1},0,0,0,0,0,0,0,0,0,0,0,0,0,0,0,0,0,0,0,0,0,0,0,0,0,0,0,0,0,0,0,0,0,0,0,0,0,0,0,0,0,0,0,0,0,0,0,0,0,0,0,0,0,0,0,0,0,0,0,0,0,0,0,0,0,0,0,0,0,0,0,0,0,0,0,0,0,0,0,0,0,0,0,0,0,0,0,0,0,0,0,0,0,0,0,0,0,0,0,0,0,0,0,0,0,0,0,0,0,null,null,null,null,null,null,null,null,null,null,null,null,null,null,null,null,null,null,null,null,null,null,null,null,null,null,null,null,null,null,null,null,null,null,null,null,null,null,null,null,null,null,null,null,null,null,null,null,null,null,null,null,null,null,null,null,null,null,null,null,null,null,null,null,null,null,null,null,null,null,null,null,null,null,null,null,null,null,null,null,null,null,null,null,null,null,null,null,null,null,null,null,null,null,null,null,null,null,null,null,null,null,null,null,null,null,null,null,null,null,null,null,null,null,null,null,null,null,null,null,null,null,null,null,null,null,null,null,null,null,null,null,null,null,null,0,0,0,0,0,0,0,0,0,0,0,0]
[null,null,null,null,{"$error":"#N/A"},{"$error":"#N/A"},"-",null,{"$error":"#REF!"},0,0,{"$f":"(SUMPRODUCT((PLANILHA_TAREFA[Ativo]=TRUE)*(PLANILHA_TAREFA[Qte Total])*(PLANILHA_TAREFA[Comp.]=A618)*PLANILHA_TAREFA[Quant.])+IF(ISERR(GETPIVOTDATA(\"Quant \",'Curva ABC - Insumos'!$A$3,\"Insumo\",A618)),0,GETPIVOTDATA(\"Quant \",'Curva ABC - Insumos'!$A$3,\"Insumo\",A618)))","v":1},0,0,0,0,0,0,0,0,0,0,0,0,0,0,0,0,0,0,0,0,0,0,0,0,0,0,0,0,0,0,0,0,0,0,0,0,0,0,0,0,0,0,0,0,0,0,0,0,0,0,0,0,0,0,0,0,0,0,0,0,0,0,0,0,0,0,0,0,0,0,0,0,0,0,0,0,0,0,0,0,0,0,0,0,0,0,0,0,0,0,0,0,0,0,0,0,0,0,0,0,0,0,0,0,0,0,0,0,0,null,null,null,null,null,null,null,null,null,null,null,null,null,null,null,null,null,null,null,null,null,null,null,null,null,null,null,null,null,null,null,null,null,null,null,null,null,null,null,null,null,null,null,null,null,null,null,null,null,null,null,null,null,null,null,null,null,null,null,null,null,null,null,null,null,null,null,null,null,null,null,null,null,null,null,null,null,null,null,null,null,null,null,null,null,null,null,null,null,null,null,null,null,null,null,null,null,null,null,null,null,null,null,null,null,null,null,null,null,null,null,null,null,null,null,null,null,null,null,null,null,null,null,null,null,null,null,null,null,null,null,null,null,null,null,0,0,0,0,0,0,0,0,0,0,0,0]
[null,null,null,null,{"$error":"#N/A"},{"$error":"#N/A"},"-",null,{"$error":"#REF!"},0,0,{"$f":"(SUMPRODUCT((PLANILHA_TAREFA[Ativo]=TRUE)*(PLANILHA_TAREFA[Qte Total])*(PLANILHA_TAREFA[Comp.]=A619)*PLANILHA_TAREFA[Quant.])+IF(ISERR(GETPIVOTDATA(\"Quant \",'Curva ABC - Insumos'!$A$3,\"Insumo\",A619)),0,GETPIVOTDATA(\"Quant \",'Curva ABC - Insumos'!$A$3,\"Insumo\",A619)))","v":1},0,0,0,0,0,0,0,0,0,0,0,0,0,0,0,0,0,0,0,0,0,0,0,0,0,0,0,0,0,0,0,0,0,0,0,0,0,0,0,0,0,0,0,0,0,0,0,0,0,0,0,0,0,0,0,0,0,0,0,0,0,0,0,0,0,0,0,0,0,0,0,0,0,0,0,0,0,0,0,0,0,0,0,0,0,0,0,0,0,0,0,0,0,0,0,0,0,0,0,0,0,0,0,0,0,0,0,0,0,null,null,null,null,null,null,null,null,null,null,null,null,null,null,null,null,null,null,null,null,null,null,null,null,null,null,null,null,null,null,null,null,null,null,null,null,null,null,null,null,null,null,null,null,null,null,null,null,null,null,null,null,null,null,null,null,null,null,null,null,null,null,null,null,null,null,null,null,null,null,null,null,null,null,null,null,null,null,null,null,null,null,null,null,null,null,null,null,null,null,null,null,null,null,null,null,null,null,null,null,null,null,null,null,null,null,null,null,null,null,null,null,null,null,null,null,null,null,null,null,null,null,null,null,null,null,null,null,null,null,null,null,null,null,null,0,0,0,0,0,0,0,0,0,0,0,0]
[null,null,null,null,{"$error":"#N/A"},{"$error":"#N/A"},"-",null,{"$error":"#REF!"},0,0,{"$f":"(SUMPRODUCT((PLANILHA_TAREFA[Ativo]=TRUE)*(PLANILHA_TAREFA[Qte Total])*(PLANILHA_TAREFA[Comp.]=A620)*PLANILHA_TAREFA[Quant.])+IF(ISERR(GETPIVOTDATA(\"Quant \",'Curva ABC - Insumos'!$A$3,\"Insumo\",A620)),0,GETPIVOTDATA(\"Quant \",'Curva ABC - Insumos'!$A$3,\"Insumo\",A620)))","v":1},0,0,0,0,0,0,0,0,0,0,0,0,0,0,0,0,0,0,0,0,0,0,0,0,0,0,0,0,0,0,0,0,0,0,0,0,0,0,0,0,0,0,0,0,0,0,0,0,0,0,0,0,0,0,0,0,0,0,0,0,0,0,0,0,0,0,0,0,0,0,0,0,0,0,0,0,0,0,0,0,0,0,0,0,0,0,0,0,0,0,0,0,0,0,0,0,0,0,0,0,0,0,0,0,0,0,0,0,0,null,null,null,null,null,null,null,null,null,null,null,null,null,null,null,null,null,null,null,null,null,null,null,null,null,null,null,null,null,null,null,null,null,null,null,null,null,null,null,null,null,null,null,null,null,null,null,null,null,null,null,null,null,null,null,null,null,null,null,null,null,null,null,null,null,null,null,null,null,null,null,null,null,null,null,null,null,null,null,null,null,null,null,null,null,null,null,null,null,null,null,null,null,null,null,null,null,null,null,null,null,null,null,null,null,null,null,null,null,null,null,null,null,null,null,null,null,null,null,null,null,null,null,null,null,null,null,null,null,null,null,null,null,null,null,0,0,0,0,0,0,0,0,0,0,0,0]
[null,null,null,null,{"$error":"#N/A"},{"$error":"#N/A"},"-",null,{"$error":"#REF!"},0,0,{"$f":"(SUMPRODUCT((PLANILHA_TAREFA[Ativo]=TRUE)*(PLANILHA_TAREFA[Qte Total])*(PLANILHA_TAREFA[Comp.]=A621)*PLANILHA_TAREFA[Quant.])+IF(ISERR(GETPIVOTDATA(\"Quant \",'Curva ABC - Insumos'!$A$3,\"Insumo\",A621)),0,GETPIVOTDATA(\"Quant \",'Curva ABC - Insumos'!$A$3,\"Insumo\",A621)))","v":1},0,0,0,0,0,0,0,0,0,0,0,0,0,0,0,0,0,0,0,0,0,0,0,0,0,0,0,0,0,0,0,0,0,0,0,0,0,0,0,0,0,0,0,0,0,0,0,0,0,0,0,0,0,0,0,0,0,0,0,0,0,0,0,0,0,0,0,0,0,0,0,0,0,0,0,0,0,0,0,0,0,0,0,0,0,0,0,0,0,0,0,0,0,0,0,0,0,0,0,0,0,0,0,0,0,0,0,0,0,null,null,null,null,null,null,null,null,null,null,null,null,null,null,null,null,null,null,null,null,null,null,null,null,null,null,null,null,null,null,null,null,null,null,null,null,null,null,null,null,null,null,null,null,null,null,null,null,null,null,null,null,null,null,null,null,null,null,null,null,null,null,null,null,null,null,null,null,null,null,null,null,null,null,null,null,null,null,null,null,null,null,null,null,null,null,null,null,null,null,null,null,null,null,null,null,null,null,null,null,null,null,null,null,null,null,null,null,null,null,null,null,null,null,null,null,null,null,null,null,null,null,null,null,null,null,null,null,null,null,null,null,null,null,null,0,0,0,0,0,0,0,0,0,0,0,0]
[null,null,null,null,{"$error":"#N/A"},{"$error":"#N/A"},"-",null,{"$error":"#REF!"},0,0,{"$f":"(SUMPRODUCT((PLANILHA_TAREFA[Ativo]=TRUE)*(PLANILHA_TAREFA[Qte Total])*(PLANILHA_TAREFA[Comp.]=A622)*PLANILHA_TAREFA[Quant.])+IF(ISERR(GETPIVOTDATA(\"Quant \",'Curva ABC - Insumos'!$A$3,\"Insumo\",A622)),0,GETPIVOTDATA(\"Quant \",'Curva ABC - Insumos'!$A$3,\"Insumo\",A622)))","v":1},0,0,0,0,0,0,0,0,0,0,0,0,0,0,0,0,0,0,0,0,0,0,0,0,0,0,0,0,0,0,0,0,0,0,0,0,0,0,0,0,0,0,0,0,0,0,0,0,0,0,0,0,0,0,0,0,0,0,0,0,0,0,0,0,0,0,0,0,0,0,0,0,0,0,0,0,0,0,0,0,0,0,0,0,0,0,0,0,0,0,0,0,0,0,0,0,0,0,0,0,0,0,0,0,0,0,0,0,0,null,null,null,null,null,null,null,null,null,null,null,null,null,null,null,null,null,null,null,null,null,null,null,null,null,null,null,null,null,null,null,null,null,null,null,null,null,null,null,null,null,null,null,null,null,null,null,null,null,null,null,null,null,null,null,null,null,null,null,null,null,null,null,null,null,null,null,null,null,null,null,null,null,null,null,null,null,null,null,null,null,null,null,null,null,null,null,null,null,null,null,null,null,null,null,null,null,null,null,null,null,null,null,null,null,null,null,null,null,null,null,null,null,null,null,null,null,null,null,null,null,null,null,null,null,null,null,null,null,null,null,null,null,null,null,0,0,0,0,0,0,0,0,0,0,0,0]
[null,null,null,null,{"$error":"#N/A"},{"$error":"#N/A"},"-",null,{"$error":"#REF!"},0,0,{"$f":"(SUMPRODUCT((PLANILHA_TAREFA[Ativo]=TRUE)*(PLANILHA_TAREFA[Qte Total])*(PLANILHA_TAREFA[Comp.]=A623)*PLANILHA_TAREFA[Quant.])+IF(ISERR(GETPIVOTDATA(\"Quant \",'Curva ABC - Insumos'!$A$3,\"Insumo\",A623)),0,GETPIVOTDATA(\"Quant \",'Curva ABC - Insumos'!$A$3,\"Insumo\",A623)))","v":1},0,0,0,0,0,0,0,0,0,0,0,0,0,0,0,0,0,0,0,0,0,0,0,0,0,0,0,0,0,0,0,0,0,0,0,0,0,0,0,0,0,0,0,0,0,0,0,0,0,0,0,0,0,0,0,0,0,0,0,0,0,0,0,0,0,0,0,0,0,0,0,0,0,0,0,0,0,0,0,0,0,0,0,0,0,0,0,0,0,0,0,0,0,0,0,0,0,0,0,0,0,0,0,0,0,0,0,0,0,null,null,null,null,null,null,null,null,null,null,null,null,null,null,null,null,null,null,null,null,null,null,null,null,null,null,null,null,null,null,null,null,null,null,null,null,null,null,null,null,null,null,null,null,null,null,null,null,null,null,null,null,null,null,null,null,null,null,null,null,null,null,null,null,null,null,null,null,null,null,null,null,null,null,null,null,null,null,null,null,null,null,null,null,null,null,null,null,null,null,null,null,null,null,null,null,null,null,null,null,null,null,null,null,null,null,null,null,null,null,null,null,null,null,null,null,null,null,null,null,null,null,null,null,null,null,null,null,null,null,null,null,null,null,null,0,0,0,0,0,0,0,0,0,0,0,0]
[null,null,null,null,{"$error":"#N/A"},{"$error":"#N/A"},"-",null,{"$error":"#REF!"},0,0,{"$f":"(SUMPRODUCT((PLANILHA_TAREFA[Ativo]=TRUE)*(PLANILHA_TAREFA[Qte Total])*(PLANILHA_TAREFA[Comp.]=A624)*PLANILHA_TAREFA[Quant.])+IF(ISERR(GETPIVOTDATA(\"Quant \",'Curva ABC - Insumos'!$A$3,\"Insumo\",A624)),0,GETPIVOTDATA(\"Quant \",'Curva ABC - Insumos'!$A$3,\"Insumo\",A624)))","v":1},0,0,0,0,0,0,0,0,0,0,0,0,0,0,0,0,0,0,0,0,0,0,0,0,0,0,0,0,0,0,0,0,0,0,0,0,0,0,0,0,0,0,0,0,0,0,0,0,0,0,0,0,0,0,0,0,0,0,0,0,0,0,0,0,0,0,0,0,0,0,0,0,0,0,0,0,0,0,0,0,0,0,0,0,0,0,0,0,0,0,0,0,0,0,0,0,0,0,0,0,0,0,0,0,0,0,0,0,0,null,null,null,null,null,null,null,null,null,null,null,null,null,null,null,null,null,null,null,null,null,null,null,null,null,null,null,null,null,null,null,null,null,null,null,null,null,null,null,null,null,null,null,null,null,null,null,null,null,null,null,null,null,null,null,null,null,null,null,null,null,null,null,null,null,null,null,null,null,null,null,null,null,null,null,null,null,null,null,null,null,null,null,null,null,null,null,null,null,null,null,null,null,null,null,null,null,null,null,null,null,null,null,null,null,null,null,null,null,null,null,null,null,null,null,null,null,null,null,null,null,null,null,null,null,null,null,null,null,null,null,null,null,null,null,0,0,0,0,0,0,0,0,0,0,0,0]
[null,null,null,null,{"$error":"#N/A"},{"$error":"#N/A"},"-",null,{"$error":"#REF!"},0,0,{"$f":"(SUMPRODUCT((PLANILHA_TAREFA[Ativo]=TRUE)*(PLANILHA_TAREFA[Qte Total])*(PLANILHA_TAREFA[Comp.]=A625)*PLANILHA_TAREFA[Quant.])+IF(ISERR(GETPIVOTDATA(\"Quant \",'Curva ABC - Insumos'!$A$3,\"Insumo\",A625)),0,GETPIVOTDATA(\"Quant \",'Curva ABC - Insumos'!$A$3,\"Insumo\",A625)))","v":1},0,0,0,0,0,0,0,0,0,0,0,0,0,0,0,0,0,0,0,0,0,0,0,0,0,0,0,0,0,0,0,0,0,0,0,0,0,0,0,0,0,0,0,0,0,0,0,0,0,0,0,0,0,0,0,0,0,0,0,0,0,0,0,0,0,0,0,0,0,0,0,0,0,0,0,0,0,0,0,0,0,0,0,0,0,0,0,0,0,0,0,0,0,0,0,0,0,0,0,0,0,0,0,0,0,0,0,0,0,null,null,null,null,null,null,null,null,null,null,null,null,null,null,null,null,null,null,null,null,null,null,null,null,null,null,null,null,null,null,null,null,null,null,null,null,null,null,null,null,null,null,null,null,null,null,null,null,null,null,null,null,null,null,null,null,null,null,null,null,null,null,null,null,null,null,null,null,null,null,null,null,null,null,null,null,null,null,null,null,null,null,null,null,null,null,null,null,null,null,null,null,null,null,null,null,null,null,null,null,null,null,null,null,null,null,null,null,null,null,null,null,null,null,null,null,null,null,null,null,null,null,null,null,null,null,null,null,null,null,null,null,null,null,null,0,0,0,0,0,0,0,0,0,0,0,0]
[null,null,null,null,{"$error":"#N/A"},{"$error":"#N/A"},"-",null,{"$error":"#REF!"},0,0,{"$f":"(SUMPRODUCT((PLANILHA_TAREFA[Ativo]=TRUE)*(PLANILHA_TAREFA[Qte Total])*(PLANILHA_TAREFA[Comp.]=A626)*PLANILHA_TAREFA[Quant.])+IF(ISERR(GETPIVOTDATA(\"Quant \",'Curva ABC - Insumos'!$A$3,\"Insumo\",A626)),0,GETPIVOTDATA(\"Quant \",'Curva ABC - Insumos'!$A$3,\"Insumo\",A626)))","v":1},0,0,0,0,0,0,0,0,0,0,0,0,0,0,0,0,0,0,0,0,0,0,0,0,0,0,0,0,0,0,0,0,0,0,0,0,0,0,0,0,0,0,0,0,0,0,0,0,0,0,0,0,0,0,0,0,0,0,0,0,0,0,0,0,0,0,0,0,0,0,0,0,0,0,0,0,0,0,0,0,0,0,0,0,0,0,0,0,0,0,0,0,0,0,0,0,0,0,0,0,0,0,0,0,0,0,0,0,0,null,null,null,null,null,null,null,null,null,null,null,null,null,null,null,null,null,null,null,null,null,null,null,null,null,null,null,null,null,null,null,null,null,null,null,null,null,null,null,null,null,null,null,null,null,null,null,null,null,null,null,null,null,null,null,null,null,null,null,null,null,null,null,null,null,null,null,null,null,null,null,null,null,null,null,null,null,null,null,null,null,null,null,null,null,null,null,null,null,null,null,null,null,null,null,null,null,null,null,null,null,null,null,null,null,null,null,null,null,null,null,null,null,null,null,null,null,null,null,null,null,null,null,null,null,null,null,null,null,null,null,null,null,null,null,0,0,0,0,0,0,0,0,0,0,0,0]
[null,null,null,null,{"$error":"#N/A"},{"$error":"#N/A"},"-",null,{"$error":"#REF!"},0,0,{"$f":"(SUMPRODUCT((PLANILHA_TAREFA[Ativo]=TRUE)*(PLANILHA_TAREFA[Qte Total])*(PLANILHA_TAREFA[Comp.]=A627)*PLANILHA_TAREFA[Quant.])+IF(ISERR(GETPIVOTDATA(\"Quant \",'Curva ABC - Insumos'!$A$3,\"Insumo\",A627)),0,GETPIVOTDATA(\"Quant \",'Curva ABC - Insumos'!$A$3,\"Insumo\",A627)))","v":1},0,0,0,0,0,0,0,0,0,0,0,0,0,0,0,0,0,0,0,0,0,0,0,0,0,0,0,0,0,0,0,0,0,0,0,0,0,0,0,0,0,0,0,0,0,0,0,0,0,0,0,0,0,0,0,0,0,0,0,0,0,0,0,0,0,0,0,0,0,0,0,0,0,0,0,0,0,0,0,0,0,0,0,0,0,0,0,0,0,0,0,0,0,0,0,0,0,0,0,0,0,0,0,0,0,0,0,0,0,null,null,null,null,null,null,null,null,null,null,null,null,null,null,null,null,null,null,null,null,null,null,null,null,null,null,null,null,null,null,null,null,null,null,null,null,null,null,null,null,null,null,null,null,null,null,null,null,null,null,null,null,null,null,null,null,null,null,null,null,null,null,null,null,null,null,null,null,null,null,null,null,null,null,null,null,null,null,null,null,null,null,null,null,null,null,null,null,null,null,null,null,null,null,null,null,null,null,null,null,null,null,null,null,null,null,null,null,null,null,null,null,null,null,null,null,null,null,null,null,null,null,null,null,null,null,null,null,null,null,null,null,null,null,null,0,0,0,0,0,0,0,0,0,0,0,0]
[null,null,null,null,{"$error":"#N/A"},{"$error":"#N/A"},"-",null,{"$error":"#REF!"},0,0,{"$f":"(SUMPRODUCT((PLANILHA_TAREFA[Ativo]=TRUE)*(PLANILHA_TAREFA[Qte Total])*(PLANILHA_TAREFA[Comp.]=A628)*PLANILHA_TAREFA[Quant.])+IF(ISERR(GETPIVOTDATA(\"Quant \",'Curva ABC - Insumos'!$A$3,\"Insumo\",A628)),0,GETPIVOTDATA(\"Quant \",'Curva ABC - Insumos'!$A$3,\"Insumo\",A628)))","v":1},0,0,0,0,0,0,0,0,0,0,0,0,0,0,0,0,0,0,0,0,0,0,0,0,0,0,0,0,0,0,0,0,0,0,0,0,0,0,0,0,0,0,0,0,0,0,0,0,0,0,0,0,0,0,0,0,0,0,0,0,0,0,0,0,0,0,0,0,0,0,0,0,0,0,0,0,0,0,0,0,0,0,0,0,0,0,0,0,0,0,0,0,0,0,0,0,0,0,0,0,0,0,0,0,0,0,0,0,0,null,null,null,null,null,null,null,null,null,null,null,null,null,null,null,null,null,null,null,null,null,null,null,null,null,null,null,null,null,null,null,null,null,null,null,null,null,null,null,null,null,null,null,null,null,null,null,null,null,null,null,null,null,null,null,null,null,null,null,null,null,null,null,null,null,null,null,null,null,null,null,null,null,null,null,null,null,null,null,null,null,null,null,null,null,null,null,null,null,null,null,null,null,null,null,null,null,null,null,null,null,null,null,null,null,null,null,null,null,null,null,null,null,null,null,null,null,null,null,null,null,null,null,null,null,null,null,null,null,null,null,null,null,null,null,0,0,0,0,0,0,0,0,0,0,0,0]
[null,null,null,null,{"$error":"#N/A"},{"$error":"#N/A"},"-",null,{"$error":"#REF!"},0,0,{"$f":"(SUMPRODUCT((PLANILHA_TAREFA[Ativo]=TRUE)*(PLANILHA_TAREFA[Qte Total])*(PLANILHA_TAREFA[Comp.]=A629)*PLANILHA_TAREFA[Quant.])+IF(ISERR(GETPIVOTDATA(\"Quant \",'Curva ABC - Insumos'!$A$3,\"Insumo\",A629)),0,GETPIVOTDATA(\"Quant \",'Curva ABC - Insumos'!$A$3,\"Insumo\",A629)))","v":1},0,0,0,0,0,0,0,0,0,0,0,0,0,0,0,0,0,0,0,0,0,0,0,0,0,0,0,0,0,0,0,0,0,0,0,0,0,0,0,0,0,0,0,0,0,0,0,0,0,0,0,0,0,0,0,0,0,0,0,0,0,0,0,0,0,0,0,0,0,0,0,0,0,0,0,0,0,0,0,0,0,0,0,0,0,0,0,0,0,0,0,0,0,0,0,0,0,0,0,0,0,0,0,0,0,0,0,0,0,null,null,null,null,null,null,null,null,null,null,null,null,null,null,null,null,null,null,null,null,null,null,null,null,null,null,null,null,null,null,null,null,null,null,null,null,null,null,null,null,null,null,null,null,null,null,null,null,null,null,null,null,null,null,null,null,null,null,null,null,null,null,null,null,null,null,null,null,null,null,null,null,null,null,null,null,null,null,null,null,null,null,null,null,null,null,null,null,null,null,null,null,null,null,null,null,null,null,null,null,null,null,null,null,null,null,null,null,null,null,null,null,null,null,null,null,null,null,null,null,null,null,null,null,null,null,null,null,null,null,null,null,null,null,null,0,0,0,0,0,0,0,0,0,0,0,0]
[null,null,null,null,{"$error":"#N/A"},{"$error":"#N/A"},"-",null,{"$error":"#REF!"},0,0,{"$f":"(SUMPRODUCT((PLANILHA_TAREFA[Ativo]=TRUE)*(PLANILHA_TAREFA[Qte Total])*(PLANILHA_TAREFA[Comp.]=A630)*PLANILHA_TAREFA[Quant.])+IF(ISERR(GETPIVOTDATA(\"Quant \",'Curva ABC - Insumos'!$A$3,\"Insumo\",A630)),0,GETPIVOTDATA(\"Quant \",'Curva ABC - Insumos'!$A$3,\"Insumo\",A630)))","v":1},0,0,0,0,0,0,0,0,0,0,0,0,0,0,0,0,0,0,0,0,0,0,0,0,0,0,0,0,0,0,0,0,0,0,0,0,0,0,0,0,0,0,0,0,0,0,0,0,0,0,0,0,0,0,0,0,0,0,0,0,0,0,0,0,0,0,0,0,0,0,0,0,0,0,0,0,0,0,0,0,0,0,0,0,0,0,0,0,0,0,0,0,0,0,0,0,0,0,0,0,0,0,0,0,0,0,0,0,0,null,null,null,null,null,null,null,null,null,null,null,null,null,null,null,null,null,null,null,null,null,null,null,null,null,null,null,null,null,null,null,null,null,null,null,null,null,null,null,null,null,null,null,null,null,null,null,null,null,null,null,null,null,null,null,null,null,null,null,null,null,null,null,null,null,null,null,null,null,null,null,null,null,null,null,null,null,null,null,null,null,null,null,null,null,null,null,null,null,null,null,null,null,null,null,null,null,null,null,null,null,null,null,null,null,null,null,null,null,null,null,null,null,null,null,null,null,null,null,null,null,null,null,null,null,null,null,null,null,null,null,null,null,null,null,0,0,0,0,0,0,0,0,0,0,0,0]
[null,null,null,null,{"$error":"#N/A"},{"$error":"#N/A"},"-",null,{"$error":"#REF!"},0,0,{"$f":"(SUMPRODUCT((PLANILHA_TAREFA[Ativo]=TRUE)*(PLANILHA_TAREFA[Qte Total])*(PLANILHA_TAREFA[Comp.]=A631)*PLANILHA_TAREFA[Quant.])+IF(ISERR(GETPIVOTDATA(\"Quant \",'Curva ABC - Insumos'!$A$3,\"Insumo\",A631)),0,GETPIVOTDATA(\"Quant \",'Curva ABC - Insumos'!$A$3,\"Insumo\",A631)))","v":1},0,0,0,0,0,0,0,0,0,0,0,0,0,0,0,0,0,0,0,0,0,0,0,0,0,0,0,0,0,0,0,0,0,0,0,0,0,0,0,0,0,0,0,0,0,0,0,0,0,0,0,0,0,0,0,0,0,0,0,0,0,0,0,0,0,0,0,0,0,0,0,0,0,0,0,0,0,0,0,0,0,0,0,0,0,0,0,0,0,0,0,0,0,0,0,0,0,0,0,0,0,0,0,0,0,0,0,0,0,null,null,null,null,null,null,null,null,null,null,null,null,null,null,null,null,null,null,null,null,null,null,null,null,null,null,null,null,null,null,null,null,null,null,null,null,null,null,null,null,null,null,null,null,null,null,null,null,null,null,null,null,null,null,null,null,null,null,null,null,null,null,null,null,null,null,null,null,null,null,null,null,null,null,null,null,null,null,null,null,null,null,null,null,null,null,null,null,null,null,null,null,null,null,null,null,null,null,null,null,null,null,null,null,null,null,null,null,null,null,null,null,null,null,null,null,null,null,null,null,null,null,null,null,null,null,null,null,null,null,null,null,null,null,null,0,0,0,0,0,0,0,0,0,0,0,0]
[null,null,null,null,{"$error":"#N/A"},{"$error":"#N/A"},"-",null,{"$error":"#REF!"},0,0,{"$f":"(SUMPRODUCT((PLANILHA_TAREFA[Ativo]=TRUE)*(PLANILHA_TAREFA[Qte Total])*(PLANILHA_TAREFA[Comp.]=A632)*PLANILHA_TAREFA[Quant.])+IF(ISERR(GETPIVOTDATA(\"Quant \",'Curva ABC - Insumos'!$A$3,\"Insumo\",A632)),0,GETPIVOTDATA(\"Quant \",'Curva ABC - Insumos'!$A$3,\"Insumo\",A632)))","v":1},0,0,0,0,0,0,0,0,0,0,0,0,0,0,0,0,0,0,0,0,0,0,0,0,0,0,0,0,0,0,0,0,0,0,0,0,0,0,0,0,0,0,0,0,0,0,0,0,0,0,0,0,0,0,0,0,0,0,0,0,0,0,0,0,0,0,0,0,0,0,0,0,0,0,0,0,0,0,0,0,0,0,0,0,0,0,0,0,0,0,0,0,0,0,0,0,0,0,0,0,0,0,0,0,0,0,0,0,0,null,null,null,null,null,null,null,null,null,null,null,null,null,null,null,null,null,null,null,null,null,null,null,null,null,null,null,null,null,null,null,null,null,null,null,null,null,null,null,null,null,null,null,null,null,null,null,null,null,null,null,null,null,null,null,null,null,null,null,null,null,null,null,null,null,null,null,null,null,null,null,null,null,null,null,null,null,null,null,null,null,null,null,null,null,null,null,null,null,null,null,null,null,null,null,null,null,null,null,null,null,null,null,null,null,null,null,null,null,null,null,null,null,null,null,null,null,null,null,null,null,null,null,null,null,null,null,null,null,null,null,null,null,null,null,0,0,0,0,0,0,0,0,0,0,0,0]
[null,null,null,null,{"$error":"#N/A"},{"$error":"#N/A"},"-",null,{"$error":"#REF!"},0,0,{"$f":"(SUMPRODUCT((PLANILHA_TAREFA[Ativo]=TRUE)*(PLANILHA_TAREFA[Qte Total])*(PLANILHA_TAREFA[Comp.]=A633)*PLANILHA_TAREFA[Quant.])+IF(ISERR(GETPIVOTDATA(\"Quant \",'Curva ABC - Insumos'!$A$3,\"Insumo\",A633)),0,GETPIVOTDATA(\"Quant \",'Curva ABC - Insumos'!$A$3,\"Insumo\",A633)))","v":1},0,0,0,0,0,0,0,0,0,0,0,0,0,0,0,0,0,0,0,0,0,0,0,0,0,0,0,0,0,0,0,0,0,0,0,0,0,0,0,0,0,0,0,0,0,0,0,0,0,0,0,0,0,0,0,0,0,0,0,0,0,0,0,0,0,0,0,0,0,0,0,0,0,0,0,0,0,0,0,0,0,0,0,0,0,0,0,0,0,0,0,0,0,0,0,0,0,0,0,0,0,0,0,0,0,0,0,0,0,null,null,null,null,null,null,null,null,null,null,null,null,null,null,null,null,null,null,null,null,null,null,null,null,null,null,null,null,null,null,null,null,null,null,null,null,null,null,null,null,null,null,null,null,null,null,null,null,null,null,null,null,null,null,null,null,null,null,null,null,null,null,null,null,null,null,null,null,null,null,null,null,null,null,null,null,null,null,null,null,null,null,null,null,null,null,null,null,null,null,null,null,null,null,null,null,null,null,null,null,null,null,null,null,null,null,null,null,null,null,null,null,null,null,null,null,null,null,null,null,null,null,null,null,null,null,null,null,null,null,null,null,null,null,null,0,0,0,0,0,0,0,0,0,0,0,0]
[null,null,null,null,{"$error":"#N/A"},{"$error":"#N/A"},"-",null,{"$error":"#REF!"},0,0,{"$f":"(SUMPRODUCT((PLANILHA_TAREFA[Ativo]=TRUE)*(PLANILHA_TAREFA[Qte Total])*(PLANILHA_TAREFA[Comp.]=A634)*PLANILHA_TAREFA[Quant.])+IF(ISERR(GETPIVOTDATA(\"Quant \",'Curva ABC - Insumos'!$A$3,\"Insumo\",A634)),0,GETPIVOTDATA(\"Quant \",'Curva ABC - Insumos'!$A$3,\"Insumo\",A634)))","v":1},0,0,0,0,0,0,0,0,0,0,0,0,0,0,0,0,0,0,0,0,0,0,0,0,0,0,0,0,0,0,0,0,0,0,0,0,0,0,0,0,0,0,0,0,0,0,0,0,0,0,0,0,0,0,0,0,0,0,0,0,0,0,0,0,0,0,0,0,0,0,0,0,0,0,0,0,0,0,0,0,0,0,0,0,0,0,0,0,0,0,0,0,0,0,0,0,0,0,0,0,0,0,0,0,0,0,0,0,0,null,null,null,null,null,null,null,null,null,null,null,null,null,null,null,null,null,null,null,null,null,null,null,null,null,null,null,null,null,null,null,null,null,null,null,null,null,null,null,null,null,null,null,null,null,null,null,null,null,null,null,null,null,null,null,null,null,null,null,null,null,null,null,null,null,null,null,null,null,null,null,null,null,null,null,null,null,null,null,null,null,null,null,null,null,null,null,null,null,null,null,null,null,null,null,null,null,null,null,null,null,null,null,null,null,null,null,null,null,null,null,null,null,null,null,null,null,null,null,null,null,null,null,null,null,null,null,null,null,null,null,null,null,null,null,0,0,0,0,0,0,0,0,0,0,0,0]
[null,null,null,null,{"$error":"#N/A"},{"$error":"#N/A"},"-",null,{"$error":"#REF!"},0,0,{"$f":"(SUMPRODUCT((PLANILHA_TAREFA[Ativo]=TRUE)*(PLANILHA_TAREFA[Qte Total])*(PLANILHA_TAREFA[Comp.]=A635)*PLANILHA_TAREFA[Quant.])+IF(ISERR(GETPIVOTDATA(\"Quant \",'Curva ABC - Insumos'!$A$3,\"Insumo\",A635)),0,GETPIVOTDATA(\"Quant \",'Curva ABC - Insumos'!$A$3,\"Insumo\",A635)))","v":1},0,0,0,0,0,0,0,0,0,0,0,0,0,0,0,0,0,0,0,0,0,0,0,0,0,0,0,0,0,0,0,0,0,0,0,0,0,0,0,0,0,0,0,0,0,0,0,0,0,0,0,0,0,0,0,0,0,0,0,0,0,0,0,0,0,0,0,0,0,0,0,0,0,0,0,0,0,0,0,0,0,0,0,0,0,0,0,0,0,0,0,0,0,0,0,0,0,0,0,0,0,0,0,0,0,0,0,0,0,null,null,null,null,null,null,null,null,null,null,null,null,null,null,null,null,null,null,null,null,null,null,null,null,null,null,null,null,null,null,null,null,null,null,null,null,null,null,null,null,null,null,null,null,null,null,null,null,null,null,null,null,null,null,null,null,null,null,null,null,null,null,null,null,null,null,null,null,null,null,null,null,null,null,null,null,null,null,null,null,null,null,null,null,null,null,null,null,null,null,null,null,null,null,null,null,null,null,null,null,null,null,null,null,null,null,null,null,null,null,null,null,null,null,null,null,null,null,null,null,null,null,null,null,null,null,null,null,null,null,null,null,null,null,null,0,0,0,0,0,0,0,0,0,0,0,0]
[null,null,null,null,{"$error":"#N/A"},{"$error":"#N/A"},"-",null,{"$error":"#REF!"},0,0,{"$f":"(SUMPRODUCT((PLANILHA_TAREFA[Ativo]=TRUE)*(PLANILHA_TAREFA[Qte Total])*(PLANILHA_TAREFA[Comp.]=A636)*PLANILHA_TAREFA[Quant.])+IF(ISERR(GETPIVOTDATA(\"Quant \",'Curva ABC - Insumos'!$A$3,\"Insumo\",A636)),0,GETPIVOTDATA(\"Quant \",'Curva ABC - Insumos'!$A$3,\"Insumo\",A636)))","v":1},0,0,0,0,0,0,0,0,0,0,0,0,0,0,0,0,0,0,0,0,0,0,0,0,0,0,0,0,0,0,0,0,0,0,0,0,0,0,0,0,0,0,0,0,0,0,0,0,0,0,0,0,0,0,0,0,0,0,0,0,0,0,0,0,0,0,0,0,0,0,0,0,0,0,0,0,0,0,0,0,0,0,0,0,0,0,0,0,0,0,0,0,0,0,0,0,0,0,0,0,0,0,0,0,0,0,0,0,0,null,null,null,null,null,null,null,null,null,null,null,null,null,null,null,null,null,null,null,null,null,null,null,null,null,null,null,null,null,null,null,null,null,null,null,null,null,null,null,null,null,null,null,null,null,null,null,null,null,null,null,null,null,null,null,null,null,null,null,null,null,null,null,null,null,null,null,null,null,null,null,null,null,null,null,null,null,null,null,null,null,null,null,null,null,null,null,null,null,null,null,null,null,null,null,null,null,null,null,null,null,null,null,null,null,null,null,null,null,null,null,null,null,null,null,null,null,null,null,null,null,null,null,null,null,null,null,null,null,null,null,null,null,null,null,0,0,0,0,0,0,0,0,0,0,0,0]
[null,null,null,null,{"$error":"#N/A"},{"$error":"#N/A"},"-",null,{"$error":"#REF!"},0,0,{"$f":"(SUMPRODUCT((PLANILHA_TAREFA[Ativo]=TRUE)*(PLANILHA_TAREFA[Qte Total])*(PLANILHA_TAREFA[Comp.]=A637)*PLANILHA_TAREFA[Quant.])+IF(ISERR(GETPIVOTDATA(\"Quant \",'Curva ABC - Insumos'!$A$3,\"Insumo\",A637)),0,GETPIVOTDATA(\"Quant \",'Curva ABC - Insumos'!$A$3,\"Insumo\",A637)))","v":1},0,0,0,0,0,0,0,0,0,0,0,0,0,0,0,0,0,0,0,0,0,0,0,0,0,0,0,0,0,0,0,0,0,0,0,0,0,0,0,0,0,0,0,0,0,0,0,0,0,0,0,0,0,0,0,0,0,0,0,0,0,0,0,0,0,0,0,0,0,0,0,0,0,0,0,0,0,0,0,0,0,0,0,0,0,0,0,0,0,0,0,0,0,0,0,0,0,0,0,0,0,0,0,0,0,0,0,0,0,null,null,null,null,null,null,null,null,null,null,null,null,null,null,null,null,null,null,null,null,null,null,null,null,null,null,null,null,null,null,null,null,null,null,null,null,null,null,null,null,null,null,null,null,null,null,null,null,null,null,null,null,null,null,null,null,null,null,null,null,null,null,null,null,null,null,null,null,null,null,null,null,null,null,null,null,null,null,null,null,null,null,null,null,null,null,null,null,null,null,null,null,null,null,null,null,null,null,null,null,null,null,null,null,null,null,null,null,null,null,null,null,null,null,null,null,null,null,null,null,null,null,null,null,null,null,null,null,null,null,null,null,null,null,null,0,0,0,0,0,0,0,0,0,0,0,0]
[null,null,null,null,{"$error":"#N/A"},{"$error":"#N/A"},"-",null,{"$error":"#REF!"},0,0,{"$f":"(SUMPRODUCT((PLANILHA_TAREFA[Ativo]=TRUE)*(PLANILHA_TAREFA[Qte Total])*(PLANILHA_TAREFA[Comp.]=A638)*PLANILHA_TAREFA[Quant.])+IF(ISERR(GETPIVOTDATA(\"Quant \",'Curva ABC - Insumos'!$A$3,\"Insumo\",A638)),0,GETPIVOTDATA(\"Quant \",'Curva ABC - Insumos'!$A$3,\"Insumo\",A638)))","v":1},0,0,0,0,0,0,0,0,0,0,0,0,0,0,0,0,0,0,0,0,0,0,0,0,0,0,0,0,0,0,0,0,0,0,0,0,0,0,0,0,0,0,0,0,0,0,0,0,0,0,0,0,0,0,0,0,0,0,0,0,0,0,0,0,0,0,0,0,0,0,0,0,0,0,0,0,0,0,0,0,0,0,0,0,0,0,0,0,0,0,0,0,0,0,0,0,0,0,0,0,0,0,0,0,0,0,0,0,0,null,null,null,null,null,null,null,null,null,null,null,null,null,null,null,null,null,null,null,null,null,null,null,null,null,null,null,null,null,null,null,null,null,null,null,null,null,null,null,null,null,null,null,null,null,null,null,null,null,null,null,null,null,null,null,null,null,null,null,null,null,null,null,null,null,null,null,null,null,null,null,null,null,null,null,null,null,null,null,null,null,null,null,null,null,null,null,null,null,null,null,null,null,null,null,null,null,null,null,null,null,null,null,null,null,null,null,null,null,null,null,null,null,null,null,null,null,null,null,null,null,null,null,null,null,null,null,null,null,null,null,null,null,null,null,0,0,0,0,0,0,0,0,0,0,0,0]
[null,null,null,null,{"$error":"#N/A"},{"$error":"#N/A"},"-",null,{"$error":"#REF!"},0,0,{"$f":"(SUMPRODUCT((PLANILHA_TAREFA[Ativo]=TRUE)*(PLANILHA_TAREFA[Qte Total])*(PLANILHA_TAREFA[Comp.]=A639)*PLANILHA_TAREFA[Quant.])+IF(ISERR(GETPIVOTDATA(\"Quant \",'Curva ABC - Insumos'!$A$3,\"Insumo\",A639)),0,GETPIVOTDATA(\"Quant \",'Curva ABC - Insumos'!$A$3,\"Insumo\",A639)))","v":1},0,0,0,0,0,0,0,0,0,0,0,0,0,0,0,0,0,0,0,0,0,0,0,0,0,0,0,0,0,0,0,0,0,0,0,0,0,0,0,0,0,0,0,0,0,0,0,0,0,0,0,0,0,0,0,0,0,0,0,0,0,0,0,0,0,0,0,0,0,0,0,0,0,0,0,0,0,0,0,0,0,0,0,0,0,0,0,0,0,0,0,0,0,0,0,0,0,0,0,0,0,0,0,0,0,0,0,0,0,null,null,null,null,null,null,null,null,null,null,null,null,null,null,null,null,null,null,null,null,null,null,null,null,null,null,null,null,null,null,null,null,null,null,null,null,null,null,null,null,null,null,null,null,null,null,null,null,null,null,null,null,null,null,null,null,null,null,null,null,null,null,null,null,null,null,null,null,null,null,null,null,null,null,null,null,null,null,null,null,null,null,null,null,null,null,null,null,null,null,null,null,null,null,null,null,null,null,null,null,null,null,null,null,null,null,null,null,null,null,null,null,null,null,null,null,null,null,null,null,null,null,null,null,null,null,null,null,null,null,null,null,null,null,null,0,0,0,0,0,0,0,0,0,0,0,0]
[null,null,null,null,{"$error":"#N/A"},{"$error":"#N/A"},"-",null,{"$error":"#REF!"},0,0,{"$f":"(SUMPRODUCT((PLANILHA_TAREFA[Ativo]=TRUE)*(PLANILHA_TAREFA[Qte Total])*(PLANILHA_TAREFA[Comp.]=A640)*PLANILHA_TAREFA[Quant.])+IF(ISERR(GETPIVOTDATA(\"Quant \",'Curva ABC - Insumos'!$A$3,\"Insumo\",A640)),0,GETPIVOTDATA(\"Quant \",'Curva ABC - Insumos'!$A$3,\"Insumo\",A640)))","v":1},0,0,0,0,0,0,0,0,0,0,0,0,0,0,0,0,0,0,0,0,0,0,0,0,0,0,0,0,0,0,0,0,0,0,0,0,0,0,0,0,0,0,0,0,0,0,0,0,0,0,0,0,0,0,0,0,0,0,0,0,0,0,0,0,0,0,0,0,0,0,0,0,0,0,0,0,0,0,0,0,0,0,0,0,0,0,0,0,0,0,0,0,0,0,0,0,0,0,0,0,0,0,0,0,0,0,0,0,0,null,null,null,null,null,null,null,null,null,null,null,null,null,null,null,null,null,null,null,null,null,null,null,null,null,null,null,null,null,null,null,null,null,null,null,null,null,null,null,null,null,null,null,null,null,null,null,null,null,null,null,null,null,null,null,null,null,null,null,null,null,null,null,null,null,null,null,null,null,null,null,null,null,null,null,null,null,null,null,null,null,null,null,null,null,null,null,null,null,null,null,null,null,null,null,null,null,null,null,null,null,null,null,null,null,null,null,null,null,null,null,null,null,null,null,null,null,null,null,null,null,null,null,null,null,null,null,null,null,null,null,null,null,null,null,0,0,0,0,0,0,0,0,0,0,0,0]

{"sheet":"Insumos","index":11,"n_rows":233,"n_cols":6,"rows_kept":233,"cut":false,"hidden":false,"merged":[]}
[]
[]
[]
[]
[]
[]
[]
[]
["Código","Descrição","Unidade","Tipo","Valor","Valor\nc/ Fator"]
["V30650","TAXA DE BOMBA ","VB","Diver",30,{"$f":"IF(D10=\"\",0,VLOOKUP(D10,TIPOS[],COLUMN(TIPOS[Fator])-COLUMN(TIPOS[Código])+1,FALSE)*E10)","v":30}]
["M30467","TERRAPLENAGEM - LIMPEZA,BEM COMO,REMOCAO DO SOLO VEGETAL NA ESP.MEDIA DE 10CM,CARGA E TRAN","M2","Empre",2,{"$f":"IF(D11=\"\",0,VLOOKUP(D11,TIPOS[],COLUMN(TIPOS[Fator])-COLUMN(TIPOS[Código])+1,FALSE)*E11)","v":2}]
["T30012","TERRAPLENAGEM - CORTE DE MATERIAL DE 1ª CATEGORIA","M3","Empre",4.58,{"$f":"IF(D12=\"\",0,VLOOKUP(D12,TIPOS[],COLUMN(TIPOS[Fator])-COLUMN(TIPOS[Código])+1,FALSE)*E12)","v":4.58}]
["E14000","EQUIPAMENTO - UTILITARIO FURGAO - 0,7 TON","H","Eq.Loc.",6.11,{"$f":"IF(D13=\"\",0,VLOOKUP(D13,TIPOS[],COLUMN(TIPOS[Fator])-COLUMN(TIPOS[Código])+1,FALSE)*E13)","v":6.11}]
["E14016","BETONEIRA ","H","Eq.Loc.",1.25,{"$f":"IF(D14=\"\",0,VLOOKUP(D14,TIPOS[],COLUMN(TIPOS[Fator])-COLUMN(TIPOS[Código])+1,FALSE)*E14)","v":1.25}]
["F20001","AJUDANTE GERAL","H","M.O.",4.68,{"$f":"IF(D15=\"\",0,VLOOKUP(D15,TIPOS[],COLUMN(TIPOS[Fator])-COLUMN(TIPOS[Código])+1,FALSE)*E15)","v":9.8279999999999994}]
["F20003","CARPINTEIRO","H","M.O.",5.9,{"$f":"IF(D16=\"\",0,VLOOKUP(D16,TIPOS[],COLUMN(TIPOS[Fator])-COLUMN(TIPOS[Código])+1,FALSE)*E16)","v":12.39}]
["F20004","ELETRICISTA","H","M.O.",5.9,{"$f":"IF(D17=\"\",0,VLOOKUP(D17,TIPOS[],COLUMN(TIPOS[Fator])-COLUMN(TIPOS[Código])+1,FALSE)*E17)","v":12.39}]
["F20005","ENCANADOR ","H","M.O.",5.9,{"$f":"IF(D18=\"\",0,VLOOKUP(D18,TIPOS[],COLUMN(TIPOS[Fator])-COLUMN(TIPOS[Código])+1,FALSE)*E18)","v":12.39}]
["F20006","FERREIRO","H","M.O.",5.9,{"$f":"IF(D19=\"\",0,VLOOKUP(D19,TIPOS[],COLUMN(TIPOS[Fator])-COLUMN(TIPOS[Código])+1,FALSE)*E19)","v":12.39}]
["F20007","PEDREIRO","H","M.O.",5.59,{"$f":"IF(D20=\"\",0,VLOOKUP(D20,TIPOS[],COLUMN(TIPOS[Fator])-COLUMN(TIPOS[Código])+1,FALSE)*E20)","v":11.739000000000001}]
["F20008","PINTOR ","H","M.O.",5.9,{"$f":"IF(D21=\"\",0,VLOOKUP(D21,TIPOS[],COLUMN(TIPOS[Fator])-COLUMN(TIPOS[Código])+1,FALSE)*E21)","v":12.39}]
["F20009","SERVENTE","H","M.O.",4.68,{"$f":"IF(D22=\"\",0,VLOOKUP(D22,TIPOS[],COLUMN(TIPOS[Fator])-COLUMN(TIPOS[Código])+1,FALSE)*E22)","v":9.8279999999999994}]
["F20012","TELHADISTA","H","M.O.",5.9,{"$f":"IF(D23=\"\",0,VLOOKUP(D23,TIPOS[],COLUMN(TIPOS[Fator])-COLUMN(TIPOS[Código])+1,FALSE)*E23)","v":12.39}]
["F20013","TOPOGRAFO","H","M.O.",12.81,{"$f":"IF(D24=\"\",0,VLOOKUP(D24,TIPOS[],COLUMN(TIPOS[Fator])-COLUMN(TIPOS[Código])+1,FALSE)*E24)","v":26.901000000000003}]
["F20014","AJUDANTE DE TOPOGRAFO","H","M.O.",6.15,{"$f":"IF(D25=\"\",0,VLOOKUP(D25,TIPOS[],COLUMN(TIPOS[Fator])-COLUMN(TIPOS[Código])+1,FALSE)*E25)","v":12.915000000000001}]
["M10002","PONTALETE DE MADEIRA DE LEI - 03 X 03\" - 07,0 X 07,0 CM","MT","Mat.",2.54,{"$f":"IF(D26=\"\",0,VLOOKUP(D26,TIPOS[],COLUMN(TIPOS[Fator])-COLUMN(TIPOS[Código])+1,FALSE)*E26)","v":2.54}]
["M10003","RIPA DE MADEIRA DE LEI - 05,0 X 01,5 CM","MT","Mat.",1.6,{"$f":"IF(D27=\"\",0,VLOOKUP(D27,TIPOS[],COLUMN(TIPOS[Fator])-COLUMN(TIPOS[Código])+1,FALSE)*E27)","v":1.6}]
["M10007","TABUA DE MADEIRA DE LEI 01 X 12\"' - 02,5 X 30,0 CM\n","MT","Mat.",4.82,{"$f":"IF(D28=\"\",0,VLOOKUP(D28,TIPOS[],COLUMN(TIPOS[Fator])-COLUMN(TIPOS[Código])+1,FALSE)*E28)","v":4.82}]
["M10011","SARRAFO DE MADEIRA DE LEI - 01 X 04\" - 02,5 X 10,0 CM\n","MT","Mat.",1.27,{"$f":"IF(D29=\"\",0,VLOOKUP(D29,TIPOS[],COLUMN(TIPOS[Fator])-COLUMN(TIPOS[Código])+1,FALSE)*E29)","v":1.27}]
["M10013","AREIA MEDIA","M3","Mat.",40,{"$f":"IF(D30=\"\",0,VLOOKUP(D30,TIPOS[],COLUMN(TIPOS[Fator])-COLUMN(TIPOS[Código])+1,FALSE)*E30)","v":40}]
["M10015","PEDRA - BRITA Nº1","M3","Mat.",35,{"$f":"IF(D31=\"\",0,VLOOKUP(D31,TIPOS[],COLUMN(TIPOS[Fator])-COLUMN(TIPOS[Código])+1,FALSE)*E31)","v":35}]
["M10016","PEDRA - BRITA Nº2","M3","Mat.",35,{"$f":"IF(D32=\"\",0,VLOOKUP(D32,TIPOS[],COLUMN(TIPOS[Fator])-COLUMN(TIPOS[Código])+1,FALSE)*E32)","v":35}]
["M10017","PEDRA - PEDRISCO","M3","Mat.",40,{"$f":"IF(D33=\"\",0,VLOOKUP(D33,TIPOS[],COLUMN(TIPOS[Fator])-COLUMN(TIPOS[Código])+1,FALSE)*E33)","v":40}]
["M10018","CAL HIDRATADA","KG","Mat.",0.43,{"$f":"IF(D34=\"\",0,VLOOKUP(D34,TIPOS[],COLUMN(TIPOS[Fator])-COLUMN(TIPOS[Código])+1,FALSE)*E34)","v":0.43}]
["M10020","CIMENTO","KG","Mat.",0.38,{"$f":"IF(D35=\"\",0,VLOOKUP(D35,TIPOS[],COLUMN(TIPOS[Fator])-COLUMN(TIPOS[Código])+1,FALSE)*E35)","v":0.38}]
["M10028","ARAME RECOZIDO ","KG","Mat.",3.95,{"$f":"IF(D36=\"\",0,VLOOKUP(D36,TIPOS[],COLUMN(TIPOS[Fator])-COLUMN(TIPOS[Código])+1,FALSE)*E36)","v":3.95}]
["M10030","BLOCO DE CONCRETO VEDACAO - 14,0 X 19,0 X 39,0 CM - 03,0 MPA","UN","Mat.",1.94,{"$f":"IF(D37=\"\",0,VLOOKUP(D37,TIPOS[],COLUMN(TIPOS[Fator])-COLUMN(TIPOS[Código])+1,FALSE)*E37)","v":1.94}]
["M10033","TIJOLO DE BARRO 05,0 X 10,0 X 20,0 CM","UN","Mat.",0.2,{"$f":"IF(D38=\"\",0,VLOOKUP(D38,TIPOS[],COLUMN(TIPOS[Fator])-COLUMN(TIPOS[Código])+1,FALSE)*E38)","v":0.2}]
["M10034","LAJE PRE E=8CM  ","M2","Mat.",22,{"$f":"IF(D39=\"\",0,VLOOKUP(D39,TIPOS[],COLUMN(TIPOS[Fator])-COLUMN(TIPOS[Código])+1,FALSE)*E39)","v":22}]
["M10038","BLOCO DE CONCRETO CANALETA VEDACAO - 14,0 X 19,0 X 39,0 CM - 03,0 MPA","UN","Mat.",2.4700000000000002,{"$f":"IF(D40=\"\",0,VLOOKUP(D40,TIPOS[],COLUMN(TIPOS[Fator])-COLUMN(TIPOS[Código])+1,FALSE)*E40)","v":2.4700000000000002}]
["M10039","BLOCO DE CONCRETO CANALETA VEDACAO - 19,0 X 19,0 X 19,0 CM - 03,0 MPA","UN","Mat.",1.96,{"$f":"IF(D41=\"\",0,VLOOKUP(D41,TIPOS[],COLUMN(TIPOS[Fator])-COLUMN(TIPOS[Código])+1,FALSE)*E41)","v":1.96}]
["M10060","PINTURA - LATEX ACRILICO","L","Mat.",5.33,{"$f":"IF(D42=\"\",0,VLOOKUP(D42,TIPOS[],COLUMN(TIPOS[Fator])-COLUMN(TIPOS[Código])+1,FALSE)*E42)","v":5.33}]
["M10062","FECHADURA P/ PORTA INTERNA YALE","UN","Mat.",39.700000000000003,{"$f":"IF(D43=\"\",0,VLOOKUP(D43,TIPOS[],COLUMN(TIPOS[Fator])-COLUMN(TIPOS[Código])+1,FALSE)*E43)","v":39.700000000000003}]
["M10062","FECHADURA P/ PORTA INTERNA YALE","UN","Mat.",39.700000000000003,{"$f":"IF(D44=\"\",0,VLOOKUP(D44,TIPOS[],COLUMN(TIPOS[Fator])-COLUMN(TIPOS[Código])+1,FALSE)*E44)","v":39.700000000000003}]
["M10063","FECHADURA P/ PORTA INTERNA GORGES","UN","Mat.",27.2,{"$f":"IF(D45=\"\",0,VLOOKUP(D45,TIPOS[],COLUMN(TIPOS[Fator])-COLUMN(TIPOS[Código])+1,FALSE)*E45)","v":27.2}]
["M10063","FECHADURA P/ PORTA INTERNA GORGES","UN","Mat.",27.2,{"$f":"IF(D46=\"\",0,VLOOKUP(D46,TIPOS[],COLUMN(TIPOS[Fator])-COLUMN(TIPOS[Código])+1,FALSE)*E46)","v":27.2}]
["M10064","FECHADURA P/ BANHEIRO","UN","Mat.",27.3,{"$f":"IF(D47=\"\",0,VLOOKUP(D47,TIPOS[],COLUMN(TIPOS[Fator])-COLUMN(TIPOS[Código])+1,FALSE)*E47)","v":27.3}]
["M10064","FECHADURA P/ BANHEIRO","UN","Mat.",27.2,{"$f":"IF(D48=\"\",0,VLOOKUP(D48,TIPOS[],COLUMN(TIPOS[Fator])-COLUMN(TIPOS[Código])+1,FALSE)*E48)","v":27.2}]
["M10065","PINTURA - AGUA RAZ","L","Mat.",6.28,{"$f":"IF(D49=\"\",0,VLOOKUP(D49,TIPOS[],COLUMN(TIPOS[Fator])-COLUMN(TIPOS[Código])+1,FALSE)*E49)","v":6.28}]
["M10067","LIXA P/ MADEIRA","UN","Mat.",0.22,{"$f":"IF(D50=\"\",0,VLOOKUP(D50,TIPOS[],COLUMN(TIPOS[Fator])-COLUMN(TIPOS[Código])+1,FALSE)*E50)","v":0.22}]
["M10068","LIXA P/ FERRO ","UN","Mat.",1.07,{"$f":"IF(D51=\"\",0,VLOOKUP(D51,TIPOS[],COLUMN(TIPOS[Fator])-COLUMN(TIPOS[Código])+1,FALSE)*E51)","v":1.07}]
["M10071","PINTURA - ZARCAO","L","Mat.",7.97,{"$f":"IF(D52=\"\",0,VLOOKUP(D52,TIPOS[],COLUMN(TIPOS[Fator])-COLUMN(TIPOS[Código])+1,FALSE)*E52)","v":7.97}]
["M10078","PREGO 18 X 27 MM","KG","Mat.",4.95,{"$f":"IF(D53=\"\",0,VLOOKUP(D53,TIPOS[],COLUMN(TIPOS[Fator])-COLUMN(TIPOS[Código])+1,FALSE)*E53)","v":4.95}]
["M10080","PREGO 15 X 15 MM","KG","Mat.",5.7,{"$f":"IF(D54=\"\",0,VLOOKUP(D54,TIPOS[],COLUMN(TIPOS[Fator])-COLUMN(TIPOS[Código])+1,FALSE)*E54)","v":5.7}]
["M10082","IMPERMEABILIZANTE - VEDACIT","L","Mat.",1.89,{"$f":"IF(D55=\"\",0,VLOOKUP(D55,TIPOS[],COLUMN(TIPOS[Fator])-COLUMN(TIPOS[Código])+1,FALSE)*E55)","v":1.89}]
["M10085","PINTURA - FUNDO (BRANCO FOSCO)","L","Mat.",13.8,{"$f":"IF(D56=\"\",0,VLOOKUP(D56,TIPOS[],COLUMN(TIPOS[Fator])-COLUMN(TIPOS[Código])+1,FALSE)*E56)","v":13.8}]
["M10086","PINTURA - SELADOR ACRILICO","L","Mat.",3.78,{"$f":"IF(D57=\"\",0,VLOOKUP(D57,TIPOS[],COLUMN(TIPOS[Fator])-COLUMN(TIPOS[Código])+1,FALSE)*E57)","v":3.78}]
["M10090","ACO CA-50 - 08,0 MM","KG","Mat.",3.59,{"$f":"IF(D58=\"\",0,VLOOKUP(D58,TIPOS[],COLUMN(TIPOS[Fator])-COLUMN(TIPOS[Código])+1,FALSE)*E58)","v":3.59}]
["M10091","ACO CA-50 - 06,3 MM","KG","Mat.",3.59,{"$f":"IF(D59=\"\",0,VLOOKUP(D59,TIPOS[],COLUMN(TIPOS[Fator])-COLUMN(TIPOS[Código])+1,FALSE)*E59)","v":3.59}]
["M10143","CONCRETO USINADO 15,0 MPA - SLUMP CONVENCIONAL","M3","Mat.",228.26,{"$f":"IF(D60=\"\",0,VLOOKUP(D60,TIPOS[],COLUMN(TIPOS[Fator])-COLUMN(TIPOS[Código])+1,FALSE)*E60)","v":228.26}]
["M10156","PINTURA - TINTA ESMALTE","L","Mat.",12.12,{"$f":"IF(D61=\"\",0,VLOOKUP(D61,TIPOS[],COLUMN(TIPOS[Fator])-COLUMN(TIPOS[Código])+1,FALSE)*E61)","v":12.12}]
["M10203","ACO CA-50 - (MEDIA)","KG","Mat.",4,{"$f":"IF(D62=\"\",0,VLOOKUP(D62,TIPOS[],COLUMN(TIPOS[Fator])-COLUMN(TIPOS[Código])+1,FALSE)*E62)","v":4}]
["M10220","REJUNTE","KG","Mat.",1.67,{"$f":"IF(D63=\"\",0,VLOOKUP(D63,TIPOS[],COLUMN(TIPOS[Fator])-COLUMN(TIPOS[Código])+1,FALSE)*E63)","v":1.67}]
["M10227","AZULEJO BRANCO 15 X 15 CM","M2","Mat.",7.5,{"$f":"IF(D64=\"\",0,VLOOKUP(D64,TIPOS[],COLUMN(TIPOS[Fator])-COLUMN(TIPOS[Código])+1,FALSE)*E64)","v":7.5}]
["M10458","CONECTOR P/ HASTE DE ATERRAMENTO - 5/8'' - 2 CABOS","UN","Mat.",7.04,{"$f":"IF(D65=\"\",0,VLOOKUP(D65,TIPOS[],COLUMN(TIPOS[Fator])-COLUMN(TIPOS[Código])+1,FALSE)*E65)","v":7.04}]
["M10746","CONCRETO USINADO 20,0 MPA - SLUMP CONVENCIONAL","M3","Mat.",233.7,{"$f":"IF(D66=\"\",0,VLOOKUP(D66,TIPOS[],COLUMN(TIPOS[Fator])-COLUMN(TIPOS[Código])+1,FALSE)*E66)","v":233.7}]
["M10799","CIMENTO COLANTE  ","KG","Mat.",0.3,{"$f":"IF(D67=\"\",0,VLOOKUP(D67,TIPOS[],COLUMN(TIPOS[Fator])-COLUMN(TIPOS[Código])+1,FALSE)*E67)","v":0.3}]
["M10815","PINTURA - TEXTURA ACRILICA","KG","Mat.",2.76,{"$f":"IF(D68=\"\",0,VLOOKUP(D68,TIPOS[],COLUMN(TIPOS[Fator])-COLUMN(TIPOS[Código])+1,FALSE)*E68)","v":2.76}]
["M11002","ADAPTADOR CURTO P/ REGISTRO - PVC SOLDAVEL -  BR - DE - 025 X 3/4\" - AGUA FRIA","UN","Mat.",0.31,{"$f":"IF(D69=\"\",0,VLOOKUP(D69,TIPOS[],COLUMN(TIPOS[Fator])-COLUMN(TIPOS[Código])+1,FALSE)*E69)","v":0.31}]
["M11004","ADAPTADOR CURTO P/ REGISTRO - PVC SOLDAVEL -  BR - DE - 032 X 1\" - AGUA FRIA","UN","Mat.",0.59,{"$f":"IF(D70=\"\",0,VLOOKUP(D70,TIPOS[],COLUMN(TIPOS[Fator])-COLUMN(TIPOS[Código])+1,FALSE)*E70)","v":0.59}]
["M11010","JOELHO 90º00' - PVC SOLDAVEL - 2B - DE - 032 MM - AGUA FRIA","UN","Mat.",0.8,{"$f":"IF(D71=\"\",0,VLOOKUP(D71,TIPOS[],COLUMN(TIPOS[Fator])-COLUMN(TIPOS[Código])+1,FALSE)*E71)","v":0.8}]
["M11015","CURVA 90º00' CURTA - PVC BRANCO NORMAL - DE - 100 MM - ESGOTO","UN","Mat.",8.1199999999999992,{"$f":"IF(D72=\"\",0,VLOOKUP(D72,TIPOS[],COLUMN(TIPOS[Fator])-COLUMN(TIPOS[Código])+1,FALSE)*E72)","v":8.1199999999999992}]
["M11020","JOELHO 90º00' C/ BUCHA EM LATAO - PVC SOLDAVEL - BR - DE - 025 MM X 1/2\" - AGUA FRIA","UN","Mat.",2.4,{"$f":"IF(D73=\"\",0,VLOOKUP(D73,TIPOS[],COLUMN(TIPOS[Fator])-COLUMN(TIPOS[Código])+1,FALSE)*E73)","v":2.4}]
["M11025","ADESIVO PLASTICO P/ PVC 850 ML","UN","Mat.",17.09,{"$f":"IF(D74=\"\",0,VLOOKUP(D74,TIPOS[],COLUMN(TIPOS[Fator])-COLUMN(TIPOS[Código])+1,FALSE)*E74)","v":17.09}]
["M11037","REGISTRO DE PRESSAO - ACAB. CROMADO - 3/4\" C/ CANOPLA","UN","Mat.",23.41,{"$f":"IF(D75=\"\",0,VLOOKUP(D75,TIPOS[],COLUMN(TIPOS[Fator])-COLUMN(TIPOS[Código])+1,FALSE)*E75)","v":23.41}]
["M11038","TEE - PVC SOLDAVEL - 3B-JE - DE - 025 MM - AGUA FRIA","UN","Mat.",0.42,{"$f":"IF(D76=\"\",0,VLOOKUP(D76,TIPOS[],COLUMN(TIPOS[Fator])-COLUMN(TIPOS[Código])+1,FALSE)*E76)","v":0.42}]
["M11039","TEE C/ BUCHA EM LATAO - PVC SOLDAVEL - DE - 025 MM X 3/4\" - AGUA FRIA","UN","Mat.",4.05,{"$f":"IF(D77=\"\",0,VLOOKUP(D77,TIPOS[],COLUMN(TIPOS[Fator])-COLUMN(TIPOS[Código])+1,FALSE)*E77)","v":4.05}]
["M11048","TUBO - PVC SOLDAVEL - PB - DE - 025 MM - AGUA FRIA","MT","Mat.",1.61,{"$f":"IF(D78=\"\",0,VLOOKUP(D78,TIPOS[],COLUMN(TIPOS[Fator])-COLUMN(TIPOS[Código])+1,FALSE)*E78)","v":1.61}]
["M11049","TUBO - PVC SOLDAVEL - PB - DE - 032 MM - AGUA FRIA","MT","Mat.",2.82,{"$f":"IF(D79=\"\",0,VLOOKUP(D79,TIPOS[],COLUMN(TIPOS[Fator])-COLUMN(TIPOS[Código])+1,FALSE)*E79)","v":2.82}]
["M11051","TUBO - PVC BRANCO NORMAL - PB - DE - 050 MM - ESGOTO\n","MT","Mat.",3.74,{"$f":"IF(D80=\"\",0,VLOOKUP(D80,TIPOS[],COLUMN(TIPOS[Fator])-COLUMN(TIPOS[Código])+1,FALSE)*E80)","v":3.74}]
["M11056","TUBO DE LIGACAO FLEXIVEL","UN","Mat.",4.12,{"$f":"IF(D81=\"\",0,VLOOKUP(D81,TIPOS[],COLUMN(TIPOS[Fator])-COLUMN(TIPOS[Código])+1,FALSE)*E81)","v":4.12}]
["M11058","BACIA SANITARIA C/ CAIXA ACOPLADA - PADRAO BAIXO","UN","Mat.",225,{"$f":"IF(D82=\"\",0,VLOOKUP(D82,TIPOS[],COLUMN(TIPOS[Fator])-COLUMN(TIPOS[Código])+1,FALSE)*E82)","v":225}]
["M11063","PARAFUSO CROMADO COMPLETO P/ FIXACAO DE APARELHO SANITARIO","UN","Mat.",13.5,{"$f":"IF(D83=\"\",0,VLOOKUP(D83,TIPOS[],COLUMN(TIPOS[Fator])-COLUMN(TIPOS[Código])+1,FALSE)*E83)","v":13.5}]
["M11068","SIFAO PVC P/ PIA - 1.1/2\"","UN","Mat.",8.65,{"$f":"IF(D84=\"\",0,VLOOKUP(D84,TIPOS[],COLUMN(TIPOS[Fator])-COLUMN(TIPOS[Código])+1,FALSE)*E84)","v":8.65}]
["M11072","TORNEIRA BOIA P/ CAIXA D'AGUA - PVC - DE - 050 MM","UN","Mat.",80.040000000000006,{"$f":"IF(D85=\"\",0,VLOOKUP(D85,TIPOS[],COLUMN(TIPOS[Fator])-COLUMN(TIPOS[Código])+1,FALSE)*E85)","v":80.040000000000006}]
["M11073","TORNEIRA CURTA P/ LAVATORIO 1193 C23 - 1/2\"","UN","Mat.",18.2,{"$f":"IF(D86=\"\",0,VLOOKUP(D86,TIPOS[],COLUMN(TIPOS[Fator])-COLUMN(TIPOS[Código])+1,FALSE)*E86)","v":18.2}]
["M11076","FITA VEDA ROSCA - 18 MM","MT","Mat.",0.04,{"$f":"IF(D87=\"\",0,VLOOKUP(D87,TIPOS[],COLUMN(TIPOS[Fator])-COLUMN(TIPOS[Código])+1,FALSE)*E87)","v":0.04}]
["M11083","TEE - PVC SOLDAVEL - DE - 032 MM - AGUA FRIA","UN","Mat.",1.3,{"$f":"IF(D88=\"\",0,VLOOKUP(D88,TIPOS[],COLUMN(TIPOS[Fator])-COLUMN(TIPOS[Código])+1,FALSE)*E88)","v":1.3}]
["M11084","LUBRIFICANTE P/ PVC","L","Mat.",11.62,{"$f":"IF(D89=\"\",0,VLOOKUP(D89,TIPOS[],COLUMN(TIPOS[Fator])-COLUMN(TIPOS[Código])+1,FALSE)*E89)","v":11.62}]
["M11085","SOLUCAO LIMPADORA P/ PVC","L","Mat.",16.920000000000002,{"$f":"IF(D90=\"\",0,VLOOKUP(D90,TIPOS[],COLUMN(TIPOS[Fator])-COLUMN(TIPOS[Código])+1,FALSE)*E90)","v":16.920000000000002}]
["M11087","ANEL BORRACHA - PVC BRANCO NORMAL - JE - DE - 050 MM - ESGOTO","UN","Mat.",0.24,{"$f":"IF(D91=\"\",0,VLOOKUP(D91,TIPOS[],COLUMN(TIPOS[Fator])-COLUMN(TIPOS[Código])+1,FALSE)*E91)","v":0.24}]
["M11089","ANEL BORRACHA - PVC BRANCO NORMAL - JE - DE - 100 MM - ESGOTO","UN","Mat.",0.38,{"$f":"IF(D92=\"\",0,VLOOKUP(D92,TIPOS[],COLUMN(TIPOS[Fator])-COLUMN(TIPOS[Código])+1,FALSE)*E92)","v":0.38}]
["M11099","CAIXA SIFONADA MONT. C/ GRELHA E PORTA GRELHA - PVC BRANCO NORMAL - DE - 150 X 150 X 050 MM - ESGOTO","UN","Mat.",20.38,{"$f":"IF(D93=\"\",0,VLOOKUP(D93,TIPOS[],COLUMN(TIPOS[Fator])-COLUMN(TIPOS[Código])+1,FALSE)*E93)","v":20.38}]
["M11102","TEE C/ BUCHA EM LATAO - PVC SOLDAVEL - DE - 025 MM X 1/2\" - AGUA FRIA","UN","Mat.",3.96,{"$f":"IF(D94=\"\",0,VLOOKUP(D94,TIPOS[],COLUMN(TIPOS[Fator])-COLUMN(TIPOS[Código])+1,FALSE)*E94)","v":3.96}]
["M11114","LUVA DE REDUCAO - PVC SOLDAVEL - PB - DE - 032 X 025 MM - AGUA FRIA","UN","Mat.",0.99,{"$f":"IF(D95=\"\",0,VLOOKUP(D95,TIPOS[],COLUMN(TIPOS[Fator])-COLUMN(TIPOS[Código])+1,FALSE)*E95)","v":0.99}]
["M11165","TUBO - PVC BRANCO NORMAL - PB - DE - 040 MM - ESGOTO","MT","Mat.",1.91,{"$f":"IF(D96=\"\",0,VLOOKUP(D96,TIPOS[],COLUMN(TIPOS[Fator])-COLUMN(TIPOS[Código])+1,FALSE)*E96)","v":1.91}]
["M11177","CURVA 45º00' CURTA - PVC VINILFORT (OCRE) - PB-JEI - DE - 100 MM - ESGOTO","UN","Mat.",10.5,{"$f":"IF(D97=\"\",0,VLOOKUP(D97,TIPOS[],COLUMN(TIPOS[Fator])-COLUMN(TIPOS[Código])+1,FALSE)*E97)","v":10.5}]
["M11194","REDUCAO EXCENTRICA - PVC BRANCO NORMAL - DE - 075 X 050 MM - ESGOTO","UN","Mat.",2.2799999999999998,{"$f":"IF(D98=\"\",0,VLOOKUP(D98,TIPOS[],COLUMN(TIPOS[Fator])-COLUMN(TIPOS[Código])+1,FALSE)*E98)","v":2.2799999999999998}]
["M11267","VALVULA - PVC - 1 X 2\" - S/LADRAO P/ LAVATORIO","UN","Mat.",7.2,{"$f":"IF(D99=\"\",0,VLOOKUP(D99,TIPOS[],COLUMN(TIPOS[Fator])-COLUMN(TIPOS[Código])+1,FALSE)*E99)","v":7.2}]
["M11285","PLUG - PVC ROSCAVEL - DE - 1/2 \" - AGUA FRIA","UN","Mat.",0.2,{"$f":"IF(D100=\"\",0,VLOOKUP(D100,TIPOS[],COLUMN(TIPOS[Fator])-COLUMN(TIPOS[Código])+1,FALSE)*E100)","v":0.2}]
["M11294","PARAFUSO - 3,5 X 25 MM - AUTO ATARRACHANTE","UN","Mat.",1,{"$f":"IF(D101=\"\",0,VLOOKUP(D101,TIPOS[],COLUMN(TIPOS[Fator])-COLUMN(TIPOS[Código])+1,FALSE)*E101)","v":1}]
["M11368","BOLSA P/ SAIDA DO VASO SANITARIO 100MM - ESG","UN","Mat.",1.64,{"$f":"IF(D102=\"\",0,VLOOKUP(D102,TIPOS[],COLUMN(TIPOS[Fator])-COLUMN(TIPOS[Código])+1,FALSE)*E102)","v":1.64}]
["M11460","REGISTRO DE GAVETA - ACAB. CROMADO - 3/4\" C/ CANOPLA","UN","Mat.",21.67,{"$f":"IF(D103=\"\",0,VLOOKUP(D103,TIPOS[],COLUMN(TIPOS[Fator])-COLUMN(TIPOS[Código])+1,FALSE)*E103)","v":21.67}]
["M11789","LUVA - PVC ROSCAVEL - DE - 3/4\" - AGUA FRIA","UN","Mat.",0.68,{"$f":"IF(D104=\"\",0,VLOOKUP(D104,TIPOS[],COLUMN(TIPOS[Fator])-COLUMN(TIPOS[Código])+1,FALSE)*E104)","v":0.68}]
["M11804","VALVULA AMERICANA PVC P/ PIA - 1.1/2''","UN","Mat.",12.12,{"$f":"IF(D105=\"\",0,VLOOKUP(D105,TIPOS[],COLUMN(TIPOS[Fator])-COLUMN(TIPOS[Código])+1,FALSE)*E105)","v":12.12}]
["M11807","ASSENTO PARA BACIA SANITARIA  ","UN","Mat.",14.08,{"$f":"IF(D106=\"\",0,VLOOKUP(D106,TIPOS[],COLUMN(TIPOS[Fator])-COLUMN(TIPOS[Código])+1,FALSE)*E106)","v":14.08}]
["M11809","TORNEIRA CROMADA CURTA P/ TANQUE 1128 - 1/2 X 3/4\" ","UN","Mat.",14.2,{"$f":"IF(D107=\"\",0,VLOOKUP(D107,TIPOS[],COLUMN(TIPOS[Fator])-COLUMN(TIPOS[Código])+1,FALSE)*E107)","v":14.2}]
["M11810","TORNEIRA CROMADA LONGA P/ PIA C23 - 1/2\"","UN","Mat.",26.15,{"$f":"IF(D108=\"\",0,VLOOKUP(D108,TIPOS[],COLUMN(TIPOS[Fator])-COLUMN(TIPOS[Código])+1,FALSE)*E108)","v":26.15}]
["M12010","CONJUNTO - 4 X 2\" - (1 INT SIMPLES)","UN","Mat.",1.94,{"$f":"IF(D109=\"\",0,VLOOKUP(D109,TIPOS[],COLUMN(TIPOS[Fator])-COLUMN(TIPOS[Código])+1,FALSE)*E109)","v":1.94}]
["M12013","CONJUNTO - 4 X 2\" - (2 INT SIMPLES)","UN","Mat.",3.88,{"$f":"IF(D110=\"\",0,VLOOKUP(D110,TIPOS[],COLUMN(TIPOS[Fator])-COLUMN(TIPOS[Código])+1,FALSE)*E110)","v":3.88}]
["M12025","FIO DE COBRE ISOLADO - 750V - # 02,5MM²\n","MT","Mat.",0.68,{"$f":"IF(D111=\"\",0,VLOOKUP(D111,TIPOS[],COLUMN(TIPOS[Fator])-COLUMN(TIPOS[Código])+1,FALSE)*E111)","v":0.68}]
["M12026","FIO DE COBRE ISOLADO - 750V - # 01,5MM²","MT","Mat.",0.42,{"$f":"IF(D112=\"\",0,VLOOKUP(D112,TIPOS[],COLUMN(TIPOS[Fator])-COLUMN(TIPOS[Código])+1,FALSE)*E112)","v":0.42}]
["M12039","FIO DE COBRE ISOLADO - 750V - # 06,0MM²","MT","Mat.",1.8,{"$f":"IF(D113=\"\",0,VLOOKUP(D113,TIPOS[],COLUMN(TIPOS[Fator])-COLUMN(TIPOS[Código])+1,FALSE)*E113)","v":1.8}]
["M12044","CABO TELEFONICO - CCI - 01 PAR","MT","Mat.",0.26,{"$f":"IF(D114=\"\",0,VLOOKUP(D114,TIPOS[],COLUMN(TIPOS[Fator])-COLUMN(TIPOS[Código])+1,FALSE)*E114)","v":0.26}]
["M12045","HASTE DE ATERRAMENTO COBRE 5/8'' X 2,4 M","UN","Mat.",12.63,{"$f":"IF(D115=\"\",0,VLOOKUP(D115,TIPOS[],COLUMN(TIPOS[Fator])-COLUMN(TIPOS[Código])+1,FALSE)*E115)","v":12.63}]
["M12056","FITA ISOLANTE","MT","Mat.",0.56000000000000005,{"$f":"IF(D116=\"\",0,VLOOKUP(D116,TIPOS[],COLUMN(TIPOS[Fator])-COLUMN(TIPOS[Código])+1,FALSE)*E116)","v":0.56000000000000005}]
["M12066","SUPORTE P/ DISJUNTORES","UN","Mat.",1.24,{"$f":"IF(D117=\"\",0,VLOOKUP(D117,TIPOS[],COLUMN(TIPOS[Fator])-COLUMN(TIPOS[Código])+1,FALSE)*E117)","v":1.24}]
["M12083","FIO DE COBRE ISOLADO - 750V - # 16,0MM²","MT","Mat.",3.01,{"$f":"IF(D118=\"\",0,VLOOKUP(D118,TIPOS[],COLUMN(TIPOS[Fator])-COLUMN(TIPOS[Código])+1,FALSE)*E118)","v":3.01}]
["M12125","QUADRO DE DISTRIBUICAO EM PVC P/12 DISJUTORES - VAZIO","UN","Mat.",69.23,{"$f":"IF(D119=\"\",0,VLOOKUP(D119,TIPOS[],COLUMN(TIPOS[Fator])-COLUMN(TIPOS[Código])+1,FALSE)*E119)","v":69.23}]
["M12127","BARRAMENTO BIFASICO 02 X 06 - 80A, P/ DISJ. DIN","UN","Mat.",9.6,{"$f":"IF(D120=\"\",0,VLOOKUP(D120,TIPOS[],COLUMN(TIPOS[Fator])-COLUMN(TIPOS[Código])+1,FALSE)*E120)","v":9.6}]
["M12143","CONJUNTO - 4 X 2\" - (1 TOMADA 20A 2P+T)","UN","Mat.",2.74,{"$f":"IF(D121=\"\",0,VLOOKUP(D121,TIPOS[],COLUMN(TIPOS[Fator])-COLUMN(TIPOS[Código])+1,FALSE)*E121)","v":2.74}]
["M12144","CONJUNTO - 4 X 2\" - (1 CIGARRA 60 HZ)","UN","Mat.",11.04,{"$f":"IF(D122=\"\",0,VLOOKUP(D122,TIPOS[],COLUMN(TIPOS[Fator])-COLUMN(TIPOS[Código])+1,FALSE)*E122)","v":11.04}]
["M12145","CONJUNTO - 4 X 2\" - (1 INT PULSADOR - TIPO CAMPANHIA)","UN","Mat.",1.94,{"$f":"IF(D123=\"\",0,VLOOKUP(D123,TIPOS[],COLUMN(TIPOS[Fator])-COLUMN(TIPOS[Código])+1,FALSE)*E123)","v":1.94}]
["M12221","CURVA 90º00' P/ ELETRODUTO - PVC ROSCAVEL - DE - 1\" - ELETRICA","UN","Mat.",1.72,{"$f":"IF(D124=\"\",0,VLOOKUP(D124,TIPOS[],COLUMN(TIPOS[Fator])-COLUMN(TIPOS[Código])+1,FALSE)*E124)","v":1.72}]
["M12281","ELETRODUTO DE POLIETILENO SEMI RIGIDO - SELO VERMELHO - 3/4\"","MT","Mat.",0.75,{"$f":"IF(D125=\"\",0,VLOOKUP(D125,TIPOS[],COLUMN(TIPOS[Fator])-COLUMN(TIPOS[Código])+1,FALSE)*E125)","v":0.75}]
["M12284","BENGALA PVC 4 M - 1\"","UN","Mat.",5.15,{"$f":"IF(D126=\"\",0,VLOOKUP(D126,TIPOS[],COLUMN(TIPOS[Fator])-COLUMN(TIPOS[Código])+1,FALSE)*E126)","v":5.15}]
["M12289","GLOBO LEITOSO DE VIDRO","UN","Mat.",31.5,{"$f":"IF(D127=\"\",0,VLOOKUP(D127,TIPOS[],COLUMN(TIPOS[Fator])-COLUMN(TIPOS[Código])+1,FALSE)*E127)","v":31.5}]
["M12334","POSTE DE CONCRETO DUPLO ''T'' - 07,5 M - CAPACIDADE 90 KGF","UN","Mat.",175.6,{"$f":"IF(D128=\"\",0,VLOOKUP(D128,TIPOS[],COLUMN(TIPOS[Fator])-COLUMN(TIPOS[Código])+1,FALSE)*E128)","v":175.6}]
["M12352","CABO DE COBRE NU # 10,0 MM²","MT","Mat.",3.38,{"$f":"IF(D129=\"\",0,VLOOKUP(D129,TIPOS[],COLUMN(TIPOS[Fator])-COLUMN(TIPOS[Código])+1,FALSE)*E129)","v":3.38}]
["M12380","CONECTOR P/ CABO SPLIT BOLD 16 MM²","UN","Mat.",3.83,{"$f":"IF(D130=\"\",0,VLOOKUP(D130,TIPOS[],COLUMN(TIPOS[Fator])-COLUMN(TIPOS[Código])+1,FALSE)*E130)","v":3.83}]
["M12396","LUVA P/ ELETRODUTO - PVC ROSCAVEL - DE - 1\" - ELETRICA","UN","Mat.",0.85,{"$f":"IF(D131=\"\",0,VLOOKUP(D131,TIPOS[],COLUMN(TIPOS[Fator])-COLUMN(TIPOS[Código])+1,FALSE)*E131)","v":0.85}]
["M12421","CAIXA DE PVC 4X4'' - EMBUTIR","UN","Mat.",1.97,{"$f":"IF(D132=\"\",0,VLOOKUP(D132,TIPOS[],COLUMN(TIPOS[Fator])-COLUMN(TIPOS[Código])+1,FALSE)*E132)","v":1.97}]
["M12422","CAIXA DE PVC 4X2'' - EMBUTIR","UN","Mat.",1.24,{"$f":"IF(D133=\"\",0,VLOOKUP(D133,TIPOS[],COLUMN(TIPOS[Fator])-COLUMN(TIPOS[Código])+1,FALSE)*E133)","v":1.24}]
["M12423","CAIXA METALICA OCTOGONAL ESTAMPADA C/ FUNDO MOVEL","UN","Mat.",3.5,{"$f":"IF(D134=\"\",0,VLOOKUP(D134,TIPOS[],COLUMN(TIPOS[Fator])-COLUMN(TIPOS[Código])+1,FALSE)*E134)","v":3.5}]
["M12471","CONJUNTO - 4 X 2\" - (1 TOMADA RJ-11, P/ TELEFONE)","UN","Mat.",2.89,{"$f":"IF(D135=\"\",0,VLOOKUP(D135,TIPOS[],COLUMN(TIPOS[Fator])-COLUMN(TIPOS[Código])+1,FALSE)*E135)","v":2.89}]
["M12494","DISJUNTOR - DIN - MON - 040A","UN","Mat.",8.57,{"$f":"IF(D136=\"\",0,VLOOKUP(D136,TIPOS[],COLUMN(TIPOS[Fator])-COLUMN(TIPOS[Código])+1,FALSE)*E136)","v":8.57}]
["M12498","TERMINAL PRESSAO TA P/ CABO 16 MM²","UN","Mat.",2.31,{"$f":"IF(D137=\"\",0,VLOOKUP(D137,TIPOS[],COLUMN(TIPOS[Fator])-COLUMN(TIPOS[Código])+1,FALSE)*E137)","v":2.31}]
["M12720","CONJUNTO - 4 X 2\" - (2 TOMADA 20A 2P+T)","UN","Mat.",5.48,{"$f":"IF(D138=\"\",0,VLOOKUP(D138,TIPOS[],COLUMN(TIPOS[Fator])-COLUMN(TIPOS[Código])+1,FALSE)*E138)","v":5.48}]
["M13041","CONCRETO USINADO 25,0 MPA - SLUMP CONVENCIONAL","M3","Mat.",232,{"$f":"IF(D139=\"\",0,VLOOKUP(D139,TIPOS[],COLUMN(TIPOS[Fator])-COLUMN(TIPOS[Código])+1,FALSE)*E139)","v":232}]
["M13043","ARAME DE ACO GALVANIZADO Nº 14","KG","Mat.",5.43,{"$f":"IF(D140=\"\",0,VLOOKUP(D140,TIPOS[],COLUMN(TIPOS[Fator])-COLUMN(TIPOS[Código])+1,FALSE)*E140)","v":5.43}]
["M13136","TEE - PVC SERIE \"R\" - 3B-JE - DE - 075 X 075 MM - ESGOTO","UN","Mat.",9.92,{"$f":"IF(D141=\"\",0,VLOOKUP(D141,TIPOS[],COLUMN(TIPOS[Fator])-COLUMN(TIPOS[Código])+1,FALSE)*E141)","v":9.92}]
["M15049","PISO CERAMICO 30 X 30 CM\n","M2","Mat.",7.5,{"$f":"IF(D142=\"\",0,VLOOKUP(D142,TIPOS[],COLUMN(TIPOS[Fator])-COLUMN(TIPOS[Código])+1,FALSE)*E142)","v":7.5}]
["M15092","TELA SOLDAVEL Q-092","M2","Mat.",6.09,{"$f":"IF(D143=\"\",0,VLOOKUP(D143,TIPOS[],COLUMN(TIPOS[Fator])-COLUMN(TIPOS[Código])+1,FALSE)*E143)","v":6.09}]
["M15175","TELHA DE FIBROCIMENTO OND E = 5 MM","M2","Mat.",10.38,{"$f":"IF(D144=\"\",0,VLOOKUP(D144,TIPOS[],COLUMN(TIPOS[Fator])-COLUMN(TIPOS[Código])+1,FALSE)*E144)","v":10.38}]
["M15433","SILICONE INCOLOR EM BISNAGA 300 GR","UN","Mat.",11,{"$f":"IF(D145=\"\",0,VLOOKUP(D145,TIPOS[],COLUMN(TIPOS[Fator])-COLUMN(TIPOS[Código])+1,FALSE)*E145)","v":11}]
["M16005","IMPERMEABILIZANTE - SIKATOP","KG","Mat.",2,{"$f":"IF(D146=\"\",0,VLOOKUP(D146,TIPOS[],COLUMN(TIPOS[Fator])-COLUMN(TIPOS[Código])+1,FALSE)*E146)","v":2}]
["M16021","PARAFUSO 8 x 110 mm P/ TELHA DE FIBROCIMENTO","UN","Mat.",1,{"$f":"IF(D147=\"\",0,VLOOKUP(D147,TIPOS[],COLUMN(TIPOS[Fator])-COLUMN(TIPOS[Código])+1,FALSE)*E147)","v":1}]
["M16023","CALHA TIPO RUFO DE CHAPA GALVANIZADA Nº 26 D = 030 CM (COLOCADO)","MT","Mat.",15.38,{"$f":"IF(D148=\"\",0,VLOOKUP(D148,TIPOS[],COLUMN(TIPOS[Fator])-COLUMN(TIPOS[Código])+1,FALSE)*E148)","v":15.38}]
["M16034","PORTA DE MADEIRA - 0,80 X 2,10 M - 1F C/ MIOLO SEMI-OCO E=3,5 CM","UN","Mat.",70,{"$f":"IF(D149=\"\",0,VLOOKUP(D149,TIPOS[],COLUMN(TIPOS[Fator])-COLUMN(TIPOS[Código])+1,FALSE)*E149)","v":70}]
["M16035","PORTA DE MADEIRA - 0,70 X 2,10 M - 1F C/ MIOLO SEMI-OCO E=3,5 CM","UN","Mat.",65,{"$f":"IF(D150=\"\",0,VLOOKUP(D150,TIPOS[],COLUMN(TIPOS[Fator])-COLUMN(TIPOS[Código])+1,FALSE)*E150)","v":65}]
["M16039","PINTURA - LATEX PVA","L","Mat.",3.94,{"$f":"IF(D151=\"\",0,VLOOKUP(D151,TIPOS[],COLUMN(TIPOS[Fator])-COLUMN(TIPOS[Código])+1,FALSE)*E151)","v":3.94}]
["M16042","VIDRO LISO","M2","Mat.",94.26,{"$f":"IF(D152=\"\",0,VLOOKUP(D152,TIPOS[],COLUMN(TIPOS[Fator])-COLUMN(TIPOS[Código])+1,FALSE)*E152)","v":94.26}]
["M16044","ENGATE CROMADO  ","UN","Mat.",8.07,{"$f":"IF(D153=\"\",0,VLOOKUP(D153,TIPOS[],COLUMN(TIPOS[Fator])-COLUMN(TIPOS[Código])+1,FALSE)*E153)","v":8.07}]
["M16045","LAVATORIO LOUCA C/ COLUNA","UN","Mat.",50.29,{"$f":"IF(D154=\"\",0,VLOOKUP(D154,TIPOS[],COLUMN(TIPOS[Fator])-COLUMN(TIPOS[Código])+1,FALSE)*E154)","v":50.29}]
["M16049","TUBO DESPEJO ","UN","Mat.",2.42,{"$f":"IF(D155=\"\",0,VLOOKUP(D155,TIPOS[],COLUMN(TIPOS[Fator])-COLUMN(TIPOS[Código])+1,FALSE)*E155)","v":2.42}]
["M16051","PES CONCRETO ","UN","Mat.",25,{"$f":"IF(D156=\"\",0,VLOOKUP(D156,TIPOS[],COLUMN(TIPOS[Fator])-COLUMN(TIPOS[Código])+1,FALSE)*E156)","v":25}]
["M16053","PIA DE GRANITO 1,20 X 0,60M COM CUBA DE INOX","UN","Mat.",189,{"$f":"IF(D157=\"\",0,VLOOKUP(D157,TIPOS[],COLUMN(TIPOS[Fator])-COLUMN(TIPOS[Código])+1,FALSE)*E157)","v":189}]
["M16063","VENEZIANA DE CORRER METALICO 1,50 X 1,10 M","UN","Mat.",160,{"$f":"IF(D158=\"\",0,VLOOKUP(D158,TIPOS[],COLUMN(TIPOS[Fator])-COLUMN(TIPOS[Código])+1,FALSE)*E158)","v":160}]
["M16073","ALCAPAO METALICO 0,60 X 0,60 M","UN","Mat.",66.099999999999994,{"$f":"IF(D159=\"\",0,VLOOKUP(D159,TIPOS[],COLUMN(TIPOS[Fator])-COLUMN(TIPOS[Código])+1,FALSE)*E159)","v":66.099999999999994}]
["M16092","PORTAO P/ PEDESTRE METALON 30 X 20","M2","Mat.",206,{"$f":"IF(D160=\"\",0,VLOOKUP(D160,TIPOS[],COLUMN(TIPOS[Fator])-COLUMN(TIPOS[Código])+1,FALSE)*E160)","v":206}]
["M16243","JOELHO 90º00' - PVC SOLDAVEL - 2B - DE - 025 MM - AGUA FRIA","UN","Mat.",0.28000000000000003,{"$f":"IF(D161=\"\",0,VLOOKUP(D161,TIPOS[],COLUMN(TIPOS[Fator])-COLUMN(TIPOS[Código])+1,FALSE)*E161)","v":0.28000000000000003}]
["M16287","TUBO - PVC BRANCO NORMAL - PB - DE - 075 MM - ESGOTO","MT","Mat.",4.49,{"$f":"IF(D162=\"\",0,VLOOKUP(D162,TIPOS[],COLUMN(TIPOS[Fator])-COLUMN(TIPOS[Código])+1,FALSE)*E162)","v":4.49}]
["M16288","TUBO - PVC BRANCO NORMAL - PB - DE - 100 MM - ESGOTO","MT","Mat.",5.74,{"$f":"IF(D163=\"\",0,VLOOKUP(D163,TIPOS[],COLUMN(TIPOS[Fator])-COLUMN(TIPOS[Código])+1,FALSE)*E163)","v":5.74}]
["M16289","JUNCAO SIMPLES - PVC BRANCO NORMAL - DE - 075 X 050MM - ESGOTO","UN","Mat.",4.68,{"$f":"IF(D164=\"\",0,VLOOKUP(D164,TIPOS[],COLUMN(TIPOS[Fator])-COLUMN(TIPOS[Código])+1,FALSE)*E164)","v":4.68}]
["M16296","JOELHO 45º00' - PVC BRANCO NORMAL - DE - 040 MM - ESGOTO","UN","Mat.",0.87,{"$f":"IF(D165=\"\",0,VLOOKUP(D165,TIPOS[],COLUMN(TIPOS[Fator])-COLUMN(TIPOS[Código])+1,FALSE)*E165)","v":0.87}]
["M16297","JOELHO 90º00' - PVC BRANCO NORMAL - DE - 040 MM - ESGOTO","UN","Mat.",0.71,{"$f":"IF(D166=\"\",0,VLOOKUP(D166,TIPOS[],COLUMN(TIPOS[Fator])-COLUMN(TIPOS[Código])+1,FALSE)*E166)","v":0.71}]
["M16298","JOELHO 45º00' - PVC BRANCO NORMAL - DE - 050 MM - ESGOTO","UN","Mat.",1.31,{"$f":"IF(D167=\"\",0,VLOOKUP(D167,TIPOS[],COLUMN(TIPOS[Fator])-COLUMN(TIPOS[Código])+1,FALSE)*E167)","v":1.31}]
["M16299","JOELHO 90º00' - PVC BRANCO NORMAL - DE - 050 MM - ESGOTO","UN","Mat.",2.2999999999999998,{"$f":"IF(D168=\"\",0,VLOOKUP(D168,TIPOS[],COLUMN(TIPOS[Fator])-COLUMN(TIPOS[Código])+1,FALSE)*E168)","v":2.2999999999999998}]
["M16320","CONJUNTO - 4 X 2\" - (1 PLACA CEGA C/ FURO CENTRAL)","UN","Mat.",0.76,{"$f":"IF(D169=\"\",0,VLOOKUP(D169,TIPOS[],COLUMN(TIPOS[Fator])-COLUMN(TIPOS[Código])+1,FALSE)*E169)","v":0.76}]
["M16331","DISPOSITIVO DIFERENCIAL RESIDUAL - 2P - 63A - 30 mA","UN","Mat.",58.7,{"$f":"IF(D170=\"\",0,VLOOKUP(D170,TIPOS[],COLUMN(TIPOS[Fator])-COLUMN(TIPOS[Código])+1,FALSE)*E170)","v":58.7}]
["M16332","DISJUNTOR - DIN - MON - 010 / 030A","UN","Mat.",6.08,{"$f":"IF(D171=\"\",0,VLOOKUP(D171,TIPOS[],COLUMN(TIPOS[Fator])-COLUMN(TIPOS[Código])+1,FALSE)*E171)","v":6.08}]
["M16333","DISJUNTOR - DIN - MON - 015 / 030A","UN","Mat.",5.85,{"$f":"IF(D172=\"\",0,VLOOKUP(D172,TIPOS[],COLUMN(TIPOS[Fator])-COLUMN(TIPOS[Código])+1,FALSE)*E172)","v":5.85}]
["M16334","PLAFONIER C/ SOQUETE","UN","Mat.",1.97,{"$f":"IF(D173=\"\",0,VLOOKUP(D173,TIPOS[],COLUMN(TIPOS[Fator])-COLUMN(TIPOS[Código])+1,FALSE)*E173)","v":1.97}]
["M16338","TABUA DE MADEIRA DE LEI 01 X 09\"' - 02,5 X 22,5 CM","MT","Mat.",2.39,{"$f":"IF(D174=\"\",0,VLOOKUP(D174,TIPOS[],COLUMN(TIPOS[Fator])-COLUMN(TIPOS[Código])+1,FALSE)*E174)","v":2.39}]
["M16412","TUBO - PVC VINILFORT (OCRE) JEI - PB - DE - 100 MM - ESGOTO","MT","Mat.",11.95,{"$f":"IF(D175=\"\",0,VLOOKUP(D175,TIPOS[],COLUMN(TIPOS[Fator])-COLUMN(TIPOS[Código])+1,FALSE)*E175)","v":11.95}]
["M16417","SELIM ELASTICO 90°00' - PVC VINILFORT (OCRE) - DE - 150 X 100 MM - ESGOTO","UN","Mat.",15.75,{"$f":"IF(D176=\"\",0,VLOOKUP(D176,TIPOS[],COLUMN(TIPOS[Fator])-COLUMN(TIPOS[Código])+1,FALSE)*E176)","v":15.75}]
["M16427","HIDROMETRO 3/4\" - Q = 01,5 M³/H","UN","Mat.",78.959999999999994,{"$f":"IF(D177=\"\",0,VLOOKUP(D177,TIPOS[],COLUMN(TIPOS[Fator])-COLUMN(TIPOS[Código])+1,FALSE)*E177)","v":78.959999999999994}]
["M16456","PINTURA - SELADOR ACRILICO P/ TEXTURA","L","Mat.",2.4300000000000002,{"$f":"IF(D178=\"\",0,VLOOKUP(D178,TIPOS[],COLUMN(TIPOS[Fator])-COLUMN(TIPOS[Código])+1,FALSE)*E178)","v":2.4300000000000002}]
["M19064","ELETRODUTO DE POLIETILENO SEMI RIGIDO - SELO AZUL - 1\"","MT","Mat.",1.25,{"$f":"IF(D179=\"\",0,VLOOKUP(D179,TIPOS[],COLUMN(TIPOS[Fator])-COLUMN(TIPOS[Código])+1,FALSE)*E179)","v":1.25}]
["M30002","GRAMA EM PLACAS","M2","Mat.",5.43,{"$f":"IF(D180=\"\",0,VLOOKUP(D180,TIPOS[],COLUMN(TIPOS[Fator])-COLUMN(TIPOS[Código])+1,FALSE)*E180)","v":5.43}]
["M30187","TERRAPLENAGEM - FORNEC. DE MAT. P/ ATERRO, INCLUINDO CORTE,CARGA,TRANS","M3","Mat.",25.3,{"$f":"IF(D181=\"\",0,VLOOKUP(D181,TIPOS[],COLUMN(TIPOS[Fator])-COLUMN(TIPOS[Código])+1,FALSE)*E181)","v":25.3}]
["M50058","TORNEIRA P/ JARDIM AMARELA 1\"","UN","Mat.",14.63,{"$f":"IF(D182=\"\",0,VLOOKUP(D182,TIPOS[],COLUMN(TIPOS[Fator])-COLUMN(TIPOS[Código])+1,FALSE)*E182)","v":14.63}]
["M50341","LONA PLASTICA PRETA ","M2","Mat.",0.35,{"$f":"IF(D183=\"\",0,VLOOKUP(D183,TIPOS[],COLUMN(TIPOS[Fator])-COLUMN(TIPOS[Código])+1,FALSE)*E183)","v":0.35}]
["M53255","CONJUNTO DE VEDACAO P/ TELHA KALHETAO ","UN","Mat.",0.7,{"$f":"IF(D184=\"\",0,VLOOKUP(D184,TIPOS[],COLUMN(TIPOS[Fator])-COLUMN(TIPOS[Código])+1,FALSE)*E184)","v":0.7}]
["M53499","SUPORTE METALICO P/ TANQUE DE MARMORE SINTETICO","UN","Mat.",25,{"$f":"IF(D185=\"\",0,VLOOKUP(D185,TIPOS[],COLUMN(TIPOS[Fator])-COLUMN(TIPOS[Código])+1,FALSE)*E185)","v":25}]
["M53502","TANQUE - MARMORE SINTETICO","UN","Mat.",112.9,{"$f":"IF(D186=\"\",0,VLOOKUP(D186,TIPOS[],COLUMN(TIPOS[Fator])-COLUMN(TIPOS[Código])+1,FALSE)*E186)","v":112.9}]
["M53503","SIFAO PVC P/ TANQUE SANFONADO","UN","Mat.",5.42,{"$f":"IF(D187=\"\",0,VLOOKUP(D187,TIPOS[],COLUMN(TIPOS[Fator])-COLUMN(TIPOS[Código])+1,FALSE)*E187)","v":5.42}]
["M53504","VALVULA P/ TANQUE - 1.1/4","UN","Mat.",8.4700000000000006,{"$f":"IF(D188=\"\",0,VLOOKUP(D188,TIPOS[],COLUMN(TIPOS[Fator])-COLUMN(TIPOS[Código])+1,FALSE)*E188)","v":8.4700000000000006}]
["M80194","ADAPTADOR P/ MAQUINA DE LAVAR - 38 MM","UN","Mat.",9.07,{"$f":"IF(D189=\"\",0,VLOOKUP(D189,TIPOS[],COLUMN(TIPOS[Fator])-COLUMN(TIPOS[Código])+1,FALSE)*E189)","v":9.07}]
["M80205","ARMACAO TIPO C1 P/ HASTE METALICA - C/ ISOLADOR E ROLDANA","UN","Mat.",6.3,{"$f":"IF(D190=\"\",0,VLOOKUP(D190,TIPOS[],COLUMN(TIPOS[Fator])-COLUMN(TIPOS[Código])+1,FALSE)*E190)","v":6.3}]
["M80207","MASSA CALAFETADORA  ","KG","Mat.",16.3,{"$f":"IF(D191=\"\",0,VLOOKUP(D191,TIPOS[],COLUMN(TIPOS[Fator])-COLUMN(TIPOS[Código])+1,FALSE)*E191)","v":16.3}]
["M80208","DISJUNTOR - DIN - MON - 070A","UN","Mat.",13.4,{"$f":"IF(D192=\"\",0,VLOOKUP(D192,TIPOS[],COLUMN(TIPOS[Fator])-COLUMN(TIPOS[Código])+1,FALSE)*E192)","v":13.4}]
["M80210","CAIXA DE MEDICAO TIPO IV","UN","Mat.",88.4,{"$f":"IF(D193=\"\",0,VLOOKUP(D193,TIPOS[],COLUMN(TIPOS[Fator])-COLUMN(TIPOS[Código])+1,FALSE)*E193)","v":88.4}]
["M80211","CAIXA DE INSPECAO PVC ATERRAMENTO CONICA C/ TAMPA - 175 X 50 MM","UN","Mat.",2.67,{"$f":"IF(D194=\"\",0,VLOOKUP(D194,TIPOS[],COLUMN(TIPOS[Fator])-COLUMN(TIPOS[Código])+1,FALSE)*E194)","v":2.67}]
["M80213","DISJUNTOR - DIN - MON - 010 / 030A","UN","Mat.",5.85,{"$f":"IF(D195=\"\",0,VLOOKUP(D195,TIPOS[],COLUMN(TIPOS[Fator])-COLUMN(TIPOS[Código])+1,FALSE)*E195)","v":5.85}]
["M80223","CAIXA D'AGUA POLIETILENO - 500 L","UN","Mat.",137.19999999999999,{"$f":"IF(D196=\"\",0,VLOOKUP(D196,TIPOS[],COLUMN(TIPOS[Fator])-COLUMN(TIPOS[Código])+1,FALSE)*E196)","v":137.19999999999999}]
["M80225","CAIXA DE INSPECAO PRE MOLD. 0,45 X 0,45 X 0,45 M","UN","Mat.",60,{"$f":"IF(D197=\"\",0,VLOOKUP(D197,TIPOS[],COLUMN(TIPOS[Fator])-COLUMN(TIPOS[Código])+1,FALSE)*E197)","v":60}]
["M80258","BUCHA DE ALUMINIO - 1.1/4\"","UN","Mat.",0.82,{"$f":"IF(D198=\"\",0,VLOOKUP(D198,TIPOS[],COLUMN(TIPOS[Fator])-COLUMN(TIPOS[Código])+1,FALSE)*E198)","v":0.82}]
["M80259","ARRUELA DE ALUMINIO 1.1/4\"","UN","Mat.",0.41,{"$f":"IF(D199=\"\",0,VLOOKUP(D199,TIPOS[],COLUMN(TIPOS[Fator])-COLUMN(TIPOS[Código])+1,FALSE)*E199)","v":0.41}]
["M80268","PARAFUSO 1/2 X 8\" C/ PORCA E ARRUELA P/ CAIXA  ","UN","Mat.",1,{"$f":"IF(D200=\"\",0,VLOOKUP(D200,TIPOS[],COLUMN(TIPOS[Fator])-COLUMN(TIPOS[Código])+1,FALSE)*E200)","v":1}]
["M80269","PARAFUSO 1/2 x 5\" C/ PORCA E ARRUELA P/ PRESBOW ","UN","Mat.",1,{"$f":"IF(D201=\"\",0,VLOOKUP(D201,TIPOS[],COLUMN(TIPOS[Fator])-COLUMN(TIPOS[Código])+1,FALSE)*E201)","v":1}]
["M80270","BARRA DE ESTANHO ","BR","Mat.",4.83,{"$f":"IF(D202=\"\",0,VLOOKUP(D202,TIPOS[],COLUMN(TIPOS[Fator])-COLUMN(TIPOS[Código])+1,FALSE)*E202)","v":4.83}]
["M80271","BARRAMENTO N+T P/ 12 DISJUNTORES ","UN","Mat.",38.909999999999997,{"$f":"IF(D203=\"\",0,VLOOKUP(D203,TIPOS[],COLUMN(TIPOS[Fator])-COLUMN(TIPOS[Código])+1,FALSE)*E203)","v":38.909999999999997}]
["M80275","CAIXA SECA C/ GRELHA PLASTICA - PVC BRANCO NORMAL - DE - 100 X 100 X 040 MM - ESGOTO","UN","Mat.",5.23,{"$f":"IF(D204=\"\",0,VLOOKUP(D204,TIPOS[],COLUMN(TIPOS[Fator])-COLUMN(TIPOS[Código])+1,FALSE)*E204)","v":5.23}]
["M80278","BUCHA DE ALUMINIO - 1\"","UN","Mat.",0.54,{"$f":"IF(D205=\"\",0,VLOOKUP(D205,TIPOS[],COLUMN(TIPOS[Fator])-COLUMN(TIPOS[Código])+1,FALSE)*E205)","v":0.54}]
["M80279","ARRUELA DE ALUMINIO 1\"","UN","Mat.",0.24,{"$f":"IF(D206=\"\",0,VLOOKUP(D206,TIPOS[],COLUMN(TIPOS[Fator])-COLUMN(TIPOS[Código])+1,FALSE)*E206)","v":0.24}]
["M80280","CAIXA SIFONADA QUADRADA C/ ANTI-ESPUMA - PVC BRANCO NORMAL - DE - 150 X 150 X 050 MM - ESGOTO","UN","Mat.",20.38,{"$f":"IF(D207=\"\",0,VLOOKUP(D207,TIPOS[],COLUMN(TIPOS[Fator])-COLUMN(TIPOS[Código])+1,FALSE)*E207)","v":20.38}]
["M80283","CAIXA DE PROTECAO DE HIDROMETRO C/ KIT DE INSTALACAO","UN","Mat.",252.1,{"$f":"IF(D208=\"\",0,VLOOKUP(D208,TIPOS[],COLUMN(TIPOS[Fator])-COLUMN(TIPOS[Código])+1,FALSE)*E208)","v":252.1}]
["M80285","FORMA METALICA P/ RADIER","M2","Mat.",83,{"$f":"IF(D209=\"\",0,VLOOKUP(D209,TIPOS[],COLUMN(TIPOS[Fator])-COLUMN(TIPOS[Código])+1,FALSE)*E209)","v":83}]
["M80302","PINGADEIRA EM CHAPA GALVANIZADA N°26 D=30CM","MT","Mat.",17.68,{"$f":"IF(D210=\"\",0,VLOOKUP(D210,TIPOS[],COLUMN(TIPOS[Fator])-COLUMN(TIPOS[Código])+1,FALSE)*E210)","v":17.68}]
["M90008","CHAPA - 18 MM - PLASTIFICADO","M2","Mat.",28.8,{"$f":"IF(D211=\"\",0,VLOOKUP(D211,TIPOS[],COLUMN(TIPOS[Fator])-COLUMN(TIPOS[Código])+1,FALSE)*E211)","v":28.8}]
["M90241","PLACA DE IDENTIFICACAO - NUMERACAO DE CASAS","UN","Mat.",10,{"$f":"IF(D212=\"\",0,VLOOKUP(D212,TIPOS[],COLUMN(TIPOS[Fator])-COLUMN(TIPOS[Código])+1,FALSE)*E212)","v":10}]
["M90248","CALHA DE CHAPA GALVANIZADA Nº 26 D = 050 CM (COLOCADO)","MT","Mat.",25.2,{"$f":"IF(D213=\"\",0,VLOOKUP(D213,TIPOS[],COLUMN(TIPOS[Fator])-COLUMN(TIPOS[Código])+1,FALSE)*E213)","v":25.2}]
["M90253","PLUG - PVC BRANCO NORMAL - DE - 075 MM - ESGOTO","UN","Mat.",2.29,{"$f":"IF(D214=\"\",0,VLOOKUP(D214,TIPOS[],COLUMN(TIPOS[Fator])-COLUMN(TIPOS[Código])+1,FALSE)*E214)","v":2.29}]
["M90270","CONJUNTO - 4 X 4\" - (1 TOMADA TELEFONE + 1 CONX ANTENA)","UN","Mat.",9.4,{"$f":"IF(D215=\"\",0,VLOOKUP(D215,TIPOS[],COLUMN(TIPOS[Fator])-COLUMN(TIPOS[Código])+1,FALSE)*E215)","v":9.4}]
["M90342","ADAPTADOR CURTO P/ CAIXA D'AGUA C/ FLANGES - PVC SOLDAVEL - DE - 025 X 3/4\" - AGUA FRIA","UN","Mat.",7.73,{"$f":"IF(D216=\"\",0,VLOOKUP(D216,TIPOS[],COLUMN(TIPOS[Fator])-COLUMN(TIPOS[Código])+1,FALSE)*E216)","v":7.73}]
["M90343","ADAPTADOR CURTO P/ CAIXA D'AGUA C/ FLANGES - PVC SOLDAVEL - DE - 032 X 1\" - AGUA FRIA","UN","Mat.",7.14,{"$f":"IF(D217=\"\",0,VLOOKUP(D217,TIPOS[],COLUMN(TIPOS[Fator])-COLUMN(TIPOS[Código])+1,FALSE)*E217)","v":7.14}]
["M90492","ANEL BORRACHA - PVC BRANCO NORMAL - JE - DE - 075 MM - ESGOTO","UN","Mat.",0.32,{"$f":"IF(D218=\"\",0,VLOOKUP(D218,TIPOS[],COLUMN(TIPOS[Fator])-COLUMN(TIPOS[Código])+1,FALSE)*E218)","v":0.32}]
["M90922","IMPERMEABILIZANTE - IGOLFLEX","L","Mat.",11.34,{"$f":"IF(D219=\"\",0,VLOOKUP(D219,TIPOS[],COLUMN(TIPOS[Fator])-COLUMN(TIPOS[Código])+1,FALSE)*E219)","v":11.34}]
["M91050","COLAR DE TOMADA DE PP C/ SAIDA ROSCAVEL 50MM X 1''","UN","Mat.",3.5,{"$f":"IF(D220=\"\",0,VLOOKUP(D220,TIPOS[],COLUMN(TIPOS[Fator])-COLUMN(TIPOS[Código])+1,FALSE)*E220)","v":3.5}]
["M91156","VENEZIANA ACO GALVANIZADO DE CORRER LATERAL 1,80 X 1,10 M","UN","Mat.",212,{"$f":"IF(D221=\"\",0,VLOOKUP(D221,TIPOS[],COLUMN(TIPOS[Fator])-COLUMN(TIPOS[Código])+1,FALSE)*E221)","v":212}]
["M91156-1","VITRO ACO GALVANIZADO DE CORRER LATERAL 2,00 X 1,10 M","UN","Mat.",110,{"$f":"IF(D222=\"\",0,VLOOKUP(D222,TIPOS[],COLUMN(TIPOS[Fator])-COLUMN(TIPOS[Código])+1,FALSE)*E222)","v":110}]
["M91258","VITRO MAXIM-AR EM ACO GALVANIZADO 1 FOLHA MOVEL (0,80X0,60M)","UN","Mat.",115,{"$f":"IF(D223=\"\",0,VLOOKUP(D223,TIPOS[],COLUMN(TIPOS[Fator])-COLUMN(TIPOS[Código])+1,FALSE)*E223)","v":115}]
["M91272","SOLEIRA DE ARDOSIA E=2CM L=15CM","MT","Mat.",11.03,{"$f":"IF(D224=\"\",0,VLOOKUP(D224,TIPOS[],COLUMN(TIPOS[Fator])-COLUMN(TIPOS[Código])+1,FALSE)*E224)","v":11.03}]
["M91290","BIT DE ARDOSIA E=2CM L=4CM","MT","Mat.",2.94,{"$f":"IF(D225=\"\",0,VLOOKUP(D225,TIPOS[],COLUMN(TIPOS[Fator])-COLUMN(TIPOS[Código])+1,FALSE)*E225)","v":2.94}]
["M91342","ARGAMASSA DE ASSENTAMENTO MULTIPLO USO RESISTENCIA 03,5 MPA","KG","Mat.",0.35,{"$f":"IF(D226=\"\",0,VLOOKUP(D226,TIPOS[],COLUMN(TIPOS[Fator])-COLUMN(TIPOS[Código])+1,FALSE)*E226)","v":0.35}]
["M91402","ESTRUTURA METALICA P/ TELHA DE CERAMICA (EQUIPAMENTOS COMUNITARIOS)","M2","Mat.",80,{"$f":"IF(D227=\"\",0,VLOOKUP(D227,TIPOS[],COLUMN(TIPOS[Fator])-COLUMN(TIPOS[Código])+1,FALSE)*E227)","v":80}]
["M91617","BATENTE EM MADEIRA - 0,70 X 2,10 M - REQUADRO 055 MM","UN","Mat.",61.49,{"$f":"IF(D228=\"\",0,VLOOKUP(D228,TIPOS[],COLUMN(TIPOS[Fator])-COLUMN(TIPOS[Código])+1,FALSE)*E228)","v":61.49}]
["M91619","BATENTE EM MADEIRA - 0,80 X 2,10 M - REQUADRO 055 MM","UN","Mat.",61.49,{"$f":"IF(D229=\"\",0,VLOOKUP(D229,TIPOS[],COLUMN(TIPOS[Fator])-COLUMN(TIPOS[Código])+1,FALSE)*E229)","v":61.49}]
["M91626","ARGAMASSA PRONTA ENSACADA PARA REVESTIMENTO (CIMENTO+AREIA+CAL)","KG","Mat.",0.24,{"$f":"IF(D230=\"\",0,VLOOKUP(D230,TIPOS[],COLUMN(TIPOS[Fator])-COLUMN(TIPOS[Código])+1,FALSE)*E230)","v":0.24}]
[null,null,null,null,null,{"$f":"IF(D231=\"\",0,VLOOKUP(D231,TIPOS[],COLUMN(TIPOS[Fator])-COLUMN(TIPOS[Código])+1,FALSE)*E231)","v":0}]
[null,null,null,null,null,{"$f":"IF(D232=\"\",0,VLOOKUP(D232,TIPOS[],COLUMN(TIPOS[Fator])-COLUMN(TIPOS[Código])+1,FALSE)*E232)","v":0}]
[null,null,null,null,null,{"$f":"IF(D233=\"\",0,VLOOKUP(D233,TIPOS[],COLUMN(TIPOS[Fator])-COLUMN(TIPOS[Código])+1,FALSE)*E233)","v":0}]

{"sheet":"Tipos","index":12,"n_rows":16,"n_cols":4,"rows_kept":16,"cut":false,"hidden":false,"merged":[]}
[]
[]
[]
[]
[]
[]
["Código","Descrição","Fator","Utilizado"]
["Depre","DEPRECIACAO",1,{"$f":"COUNTIF(INSUMOS[Tipo],A8)>1","v":false}]
["Diver","DIVERSOS",1,{"$f":"COUNTIF(INSUMOS[Tipo],A9)>1","v":false}]
["Empre","EMPREITADA",1,{"$f":"COUNTIF(INSUMOS[Tipo],A10)>1","v":true}]
["Eq.Aq.","EQUIPAMENTO - AQUISICAO",1,{"$f":"COUNTIF(INSUMOS[Tipo],A11)>1","v":false}]
["Eq.Loc.","EQUIPAMENTO - LOCACAO",1,{"$f":"COUNTIF(INSUMOS[Tipo],A12)>1","v":true}]
["Juros","JUROS",1,{"$f":"COUNTIF(INSUMOS[Tipo],A13)>1","v":false}]
["M.O.","MAO DE OBRA",2.1,{"$f":"COUNTIF(INSUMOS[Tipo],A14)>1","v":true}]
["Manut","MANUTENCAO",1,{"$f":"COUNTIF(INSUMOS[Tipo],A15)>1","v":false}]
["Mat.","MATERIAIS",1,{"$f":"COUNTIF(INSUMOS[Tipo],A16)>1","v":true}]

{"sheet":"Sobre","index":13,"n_rows":7,"n_cols":1,"rows_kept":7,"cut":false,"hidden":false,"merged":[[6,0,6,12]]}
[]
["Desenvolvido por: Engº Civil Filipe Pereira"]
["E-mail: filipebarcelospereira@yahoo.com.br"]
["http://br.linkedin.com/pub/filipe-pereira/25/2b8/b53"]
["Cel: +55 17 98129-8763"]
[]
["Entre em contato e solicite a versão 1.3 Completa!\npor apenas R$ 250,00"]